{"text_format":"1","workbook":"xlsx","n_sheets":62,"sheets":["MPJ","MMA","MLC","INFO","MsPJ","MsPJ1","MsPJ2","MsPJ3","MsPJ4","MsPJ5","MsPJ6","MsPJ7","MsLC","MsLC1","MsLC2","MsLC3","MsM","MsM1","MsM2","MsA","MsA1","MsA2","MsA3","MsA4","MsA5","MsA6","Composições","Composições - Aditivo","Orçamento","Orçamento - Aditivo","Orçamento - Licitação","MsA2X","MsA2XADT","MsA3X","Impressão - BDI1","Impressão - BDI2","Impressão - COT1","Impressão - COT1 Aditivo","Impressão - COT2","Impressão - COT2 Aditivo","Impressão - CRO","Impressão - CRO Aditivo","Impressão - CRO Licitação","Impressão - CPU","Impressão - CPU Aditivo","Impressão - LOC","Impressão - LOC Aditivo","Impressão - LOC Licitação","Impressão - LOC PAV Medição","Impressão - LOC DRE Medição","Impressão - LOC SAN Medição","Impressão - MDC","Impressão - MDC Aditivo","Impressão - ORC","Impressão - ORC Aditivo","Impressão - ORC Licitação","Impressão - ORC Medição","Controle","Municípios","Tipos de Obra","Menu Geral","Menu Secundário"],"not_rendered":{"charts":0,"images":3,"macros":1,"external_links":0,"defined_names":18,"comments":4,"pivot_tables":0},"unopened":[],"bounds":{"document_bytes":16777216,"sheet_cells":100000,"rows_first":2000,"rows_last":500,"rows_between":2000,"halvings":0,"cell_chars":16384,"cell_head_chars":4096},"cells_cut":0,"cells_raw":0,"read":"whole","date_system":"1900"}

{"sheet":"MPJ","index":0,"n_rows":0,"n_cols":0,"rows_kept":0,"cut":false,"hidden":false,"merged":[]}

{"sheet":"MMA","index":1,"n_rows":0,"n_cols":0,"rows_kept":0,"cut":false,"hidden":false,"merged":[]}

{"sheet":"MLC","index":2,"n_rows":0,"n_cols":0,"rows_kept":0,"cut":false,"hidden":false,"merged":[]}

{"sheet":"INFO","index":3,"n_rows":0,"n_cols":0,"rows_kept":0,"cut":false,"hidden":false,"merged":[]}

{"sheet":"MsPJ","index":4,"n_rows":18,"n_cols":15,"rows_kept":18,"cut":false,"hidden":false,"merged":[[1,11,3,14]]}
[]
[null,null,null,null,null,null,null,null,null,null,null,"DADOS DO PROJETO"]
[]
[]
[]
[null,null,null,null,null,null,null,null,null,null,null,null,"Município",538,"Ouro Fino"]
[]
[null,null,null,null,null,null,null,null,null,null,null,null,"Prefeito",null,"Henrique Rossi Wolf"]
[]
[null,null,null,null,null,null,null,null,null,null,null,null,"Projeto",null,"Adutora de Água Bruta Barragem Gargatá"]
[]
[null,null,null,null,null,null,null,null,null,null,null,null,"Responsável Técnico",null,"Ronaldo Pereira de Almeida"]
[]
[null,null,null,null,null,null,null,null,null,null,null,null,"Nº CREA/CAU",null,"103382/D"]
[]
[null,null,null,null,null,null,null,null,null,null,null,null,"Data do Orçamento",null,"04/08/2023"]
[]
[null,null,null,null,null,null,null,null,null,null,null,null,"Regime Previdenciário Previsto para a Obra",null,"Não Desonerado"]

{"sheet":"MsPJ1","index":5,"n_rows":385,"n_cols":24,"rows_kept":385,"cut":false,"hidden":false,"merged":[[1,11,3,21]]}
[]
[null,null,null,null,null,null,null,null,null,null,null,"MEMÓRIA DE CÁLCULO"]
[]
[]
[]
[]
[]
[null,null,null,null,null,null,null,null,null,null,null,"Itens do Orçamento"]
[null,null,null,null,null,null,null,null,null,null,null,"ITEM","CÓDIGO","DESCRIÇÃO",null,null,null,null,null,null,"UNIDADE","QUANTIDADE",null,"MEMÓRIA DE CÁLCULO"]
[null,null,null,null,null,null,null,null,null,null,null,"1","","REDE ADUTORA DE ÁGUA BRUTA ",null,null,null,null,null,null,""]
[null,null,null,null,null,null,null,null,null,null,null,"1.1","","MOVIMENTAÇÃO DE SOLO E PAVIMENTOS",null,null,null,null,null,null,""]
[null,null,null,null,null,null,null,null,null,null,null,"1.1.1",65000037,"DEMOLICAO PAVIMENTO ASFALTICO COM FAIXAS MENORES OU IGUAIS A 2,00M",null,null,null,null,null,null,"M2",180,null," 180comp x 1,0larg = 180,0 m²"]
[null,null,null,null,null,null,null,null,null,null,null,"1.1.2",65000038,"REMOCAO PAVIMENTO EM PARALELEPIPEDO, POLIEDRICO E PRE-MOLDADO DE CONCRETO",null,null,null,null,null,null,"M2",370,null," 370,0comp x 1,0larg = 370,0 m²"]
[null,null,null,null,null,null,null,null,null,null,null,"1.1.3",65000160,"ESCAVACAO MECANICA DE VALAS (SOLO SECO), PROFUNDIDADE ATE 1,50 M",null,null,null,null,null,null,"M3",1310.4000000000001,null,"1.260comp x 0,8larg x 1,3prof = 1.310,40 m³"]
[null,null,null,null,null,null,null,null,null,null,null,"1.1.4",65000152,"ESCAVACAO MANUAL DE VALAS (SOLO SECO), PROFUNDIDADE ATE 1.50 M",null,null,null,null,null,null,"M3",121.52,null,"117comp x 0,8larg x 1,3prof = 121,52 m³"]
[null,null,null,null,null,null,null,null,null,null,null,"1.1.5",65000174,"ATERRO DE VALAS E CAVAS DE FUNDACAO, C/ CONTROLE DO GRAU DE COMPACTACAO DE NO MINIMO 97% DO PROCTOR NORMAL",null,null,null,null,null,null,"M3",1310.4000000000001,null,"1.260comp x 0,8larg x 1,3prof = 1.310,40 m³"]
[null,null,null,null,null,null,null,null,null,null,null,"1.1.6",65000484,"RECOMPOSICAO DE PAVIMENTO EM POLIEDRICO, COM REAPROVEITAMENTO DO MATERIAL DEMOLIDO",null,null,null,null,null,null,"M2",370,null,"Área de demolição de pavimento poliedros de concreto = 370 m²"]
[null,null,null,null,null,null,null,null,null,null,null,"1.1.7",65002965,"RECOMPOSICAO DE PAVIMENTO ASFALTICO EM AREAS ACIMA DE 1,0M2",null,null,null,null,null,null,"M2",180,null,"Área de demolição de pavimento asfáltico = 180,0 m²"]
[null,null,null,null,null,null,null,null,null,null,null,"1.2","","FUNDAÇÕES E ESTRUTURAS",null,null,null,null,null,null,""]
[null,null,null,null,null,null,null,null,null,null,null,"1.2.1",65003905,"CAIXA PARA PROTECAO DE APARELHOS (1,50X2,00)M EM BLOCOS CONCRETO PREENCHIDOS COM CONCRETO MAGRO - ADICIONAL DE ALTURA",null,null,null,null,null,null,"M",2,null,"Conforme Projeto Hidráulico"]
[null,null,null,null,null,null,null,null,null,null,null,"1.3","","ASSENTAMENTO E INSTALAÇÕES ",null,null,null,null,null,null,""]
[null,null,null,null,null,null,null,null,null,null,null,"1.3.1",65000378,"ASSENTAMENTO DE TUBOS E CONEXOES PVC JE DN 200",null,null,null,null,null,null,"M",1260,null,"Conforme Projeto Hidráulico "]
[null,null,null,null,null,null,null,null,null,null,null,"1.3.2",65000394,"ASSENTAMENTO DE TUBOS E CONEXOES DE FERRO FUNDIDO, JUNTA ELASTICA, DN 200",null,null,null,null,null,null,"M",25,null,"Conforme Projeto Hidráulico "]
[null,null,null,null,null,null,null,null,null,null,null,"1.3.3",65002365,"INSTALACAO DE CONJUNTO MOTOBOMBA COM POTENCIA ACIMA DE 25CV ATE 60CV",null,null,null,null,null,null,"UN",2,null,"Conforme Projeto Hidráulico"]
[null,null,null,null,null,null,null,null,null,null,null,"1.4","","MATERIAIS ",null,null,null,null,null,null,""]
[null,null,null,null,null,null,null,null,null,null,null,"1.4.1",25002534,"TUBO PVC DEFOFO PB JE DN200X6M",null,null,null,null,null,null,"M",1260,null,"Conforme Projeto Hidráulico"]
[null,null,null,null,null,null,null,null,null,null,null,"1.4.2",25040213,"TUBO FOFO PB EMIN 6,00MM DN 200XCMIN5,5M",null,null,null,null,null,null,"M",1,null,"Conforme Projeto Hidráulico"]
[null,null,null,null,null,null,null,null,null,null,null,"1.4.3",25000067,"CURVA 22º30' FOFO BB JE DN 200",null,null,null,null,null,null,"UN",7,null,"Conforme Projeto Hidráulico"]
[null,null,null,null,null,null,null,null,null,null,null,"1.4.4",25000078,"CURVA 45º FOFO BB JE DN 200",null,null,null,null,null,null,"UN",22,null,"Conforme Projeto Hidráulico"]
[null,null,null,null,null,null,null,null,null,null,null,"1.4.5",25000089,"CURVA 90º FOFO BB JE DN 200",null,null,null,null,null,null,"UN",4,null,"Conforme Projeto Hidráulico"]
[null,null,null,null,null,null,null,null,null,null,null,"1.4.6",25000557,"TE RED.FOFO FFF PN16 DN 200X 150",null,null,null,null,null,null,"UN",1,null,"Conforme Projeto Hidráulico"]
[null,null,null,null,null,null,null,null,null,null,null,"1.4.7",25043080,"VENTOSA TRIPLICE FUNC.AGUA FF PN40 DN100",null,null,null,null,null,null,"UN",1,null,"Conforme Projeto Hidráulico"]
[null,null,null,null,null,null,null,null,null,null,null,"2","","ELEVATÓRIA E MATERIAIS ",null,null,null,null,null,null,""]
[null,null,null,null,null,null,null,null,null,null,null,"2.1","COT-012","CONJUNTO MOTOBOMBA ANFÍBIA, ROTOR RADIAL MONOBLOCO, SELO MECÂNICO, IPW68, MOTOR 50CV, POTÊNCIA REQUERIDA 38CV",null,null,null,null,null,null,"UN",2,null,"Conforme Projeto Hidráulico"]
[null,null,null,null,null,null,null,null,null,null,null,"2.2","COT-013","COMPORTA DESLIZANTE DE PAREDE",null,null,null,null,null,null,"UN",1,null,"Conforme Projeto Hidráulico"]
[null,null,null,null,null,null,null,null,null,null,null,"2.3","COT-014","TOCO FD FF16 DN 150X1000",null,null,null,null,null,null,"UN",2,null,"Conforme Projeto Hidráulico"]
[null,null,null,null,null,null,null,null,null,null,null,"2.4",25000030,"COLAR DE TOMADA FOFO DN125 X 1/2\"",null,null,null,null,null,null,"UN",2,null,"Conforme Projeto Hidráulico"]
[null,null,null,null,null,null,null,null,null,null,null,"2.5","COT-010","JUNTA DE DESMONTAGEM TRAVADA AXIALMENTE C/ TIRANTES DN 200",null,null,null,null,null,null,"UN",2,null,"Conforme Projeto Hidráulico"]
[null,null,null,null,null,null,null,null,null,null,null,"2.6",25003044,"VALVULA RET.FOFO PORT.UN.FF PN16 DN200",null,null,null,null,null,null,"UN",2,null,"Conforme Projeto Hidráulico"]
[null,null,null,null,null,null,null,null,null,null,null,"2.7",25003283,"REGISTRO FOFO CBOR.FC S15 PN10 DN200",null,null,null,null,null,null,"UN",3,null,"Conforme Projeto Hidráulico"]
[null,null,null,null,null,null,null,null,null,null,null,"2.8",25000110,"CURVA 45º FOFO FF PN16 DN 200",null,null,null,null,null,null,"UN",2,null,"Conforme Projeto Hidráulico"]
[null,null,null,null,null,null,null,null,null,null,null,"2.9",25004149,"TUBO FOFO FF EM 6,00 PN16 DN200X1,00",null,null,null,null,null,null,"UN",6,null,"Conforme Projeto Hidráulico"]
[null,null,null,null,null,null,null,null,null,null,null,"2.10",25000290,"JUNCAO FOFO FFF PN16 DN 200",null,null,null,null,null,null,"UN",1,null,"Conforme Projeto Hidráulico"]
[null,null,null,null,null,null,null,null,null,null,null,"2.11",25000189,"EXTREMIDADE FOFO BF JE PN16 DN 200",null,null,null,null,null,null,"UN",6,null,"Conforme Projeto Hidráulico"]
[null,null,null,null,null,null,null,null,null,null,null,"2.12",25000477,"TE FOFO FFF PN25 DN 200",null,null,null,null,null,null,"UN",1,null,"Conforme Projeto Hidráulico"]
[null,null,null,null,null,null,null,null,null,null,null,"2.13",25000181,"COLAR DE TOMADA FOFO DN200 X 1/2\"",null,null,null,null,null,null,"UN",2,null,"Conforme Projeto Hidráulico"]
[null,null,null,null,null,null,null,null,null,null,null,"2.14","COT-015","TOCO FD FFF16 DN 100X1000",null,null,null,null,null,null,"UN",1,null,"Conforme Projeto Hidráulico"]
[null,null,null,null,null,null,null,null,null,null,null,"2.15",25000135,"CURVA 90º FOFO FF PN16 DN 100",null,null,null,null,null,null,"UN",2,null,"Conforme Projeto Hidráulico"]
[null,null,null,null,null,null,null,null,null,null,null,"2.16",25003281,"REGISTRO FOFO CBOR.FV S15 PN10/16 DN100",null,null,null,null,null,null,"UN",1,null,"Conforme Projeto Hidráulico"]
[null,null,null,null,null,null,null,null,null,null,null,"2.17",25013794,"VIGA I  4\"X2.5/8\"X6,43MM",null,null,null,null,null,null,"UN",1,null,"Conforme Projeto Hidráulico"]
[null,null,null,null,null,null,null,null,null,null,null,"2.18",25003566,"ARRUELA BORRACHA FLANGE PN10 DN100",null,null,null,null,null,null,"UN",5,null,"Conforme Projeto Hidráulico"]
[null,null,null,null,null,null,null,null,null,null,null,"2.19",25003568,"ARRUELA BORRACHA FLANGE PN10 DN150",null,null,null,null,null,null,"UN",6,null,"Conforme Projeto Hidráulico"]
[null,null,null,null,null,null,null,null,null,null,null,"2.20",25003569,"ARRUELA BORRACHA FLANGE PN10 DN200",null,null,null,null,null,null,"UN",15,null,"Conforme Projeto Hidráulico"]
[null,null,null,null,null,null,null,null,null,null,null,"2.21",25025390,"PARAFUSO C/PORCAS P/FLANGE PN10 DN16x80",null,null,null,null,null,null,"UN",40,null,"Conforme Projeto Hidráulico"]
[null,null,null,null,null,null,null,null,null,null,null,"2.22",35001037,"PARAFUSO C/PORCAS P/ FLANGES-PPF DN20x90",null,null,null,null,null,null,"UN",252,null,"Conforme Projeto Hidráulico"]
[null,null,null,null,null,null,null,null,null,null,null,"2.23",25002140,"TUBO PVC PB JEI CL15 DN100X6M",null,null,null,null,null,null,"M",60,null,"Conforme Projeto Hidráulico"]
[null,null,null,null,null,null,null,null,null,null,null,"2.24","ED-50810","JANELA TIPO VENEZIANA EM CHAPA 14 - PADRÃO SEDS",null,null,null,null,null,null,"M2",1,null,"Conforme Projeto Hidráulico"]
[null,null,null,null,null,null,null,null,null,null,null,"3","","SUBSTAÇÃO ABRIGADA N° 5 CEMIG",null,null,null,null,null,null,""]
[null,null,null,null,null,null,null,null,null,null,null,"3.1",39891,"BUCHA DE REDUCAO DE COBRE (REF 600-2) SEM ANEL DE SOLDA, PONTA X BOLSA, 54 X 42 MM",null,null,null,null,null,null,"UN",1,null,"Conforme Projeto elétrico"]
[null,null,null,null,null,null,null,null,null,null,null,"3.2",35001512,"CONECTOR PARAF FEND FURO 10MM2, 16-70MM2",null,null,null,null,null,null,"UN",20,null,"Conforme Projeto elétrico"]
[null,null,null,null,null,null,null,null,null,null,null,"3.3","COT-016","CHAVE SECCIONADORA SOB CARGA TRIFÁSICA 200A/15KV, NBL MINÍMO 95KV",null,null,null,null,null,null,"UN",1,null,"Conforme Projeto elétrico"]
[null,null,null,null,null,null,null,null,null,null,null,"3.4","COT-022","CAVALETE AÇO PINTADO ANTICORROSIVO PARA 3TP E 3 TC",null,null,null,null,null,null,"UN",1,null,"Conforme Projeto elétrico"]
[null,null,null,null,null,null,null,null,null,null,null,"3.5",3394,"ISOLADOR DE PORCELANA, TIPO BUCHA, PARA TENSAO DE *15* KV",null,null,null,null,null,null,"UN",1,null,"Conforme Projeto elétrico"]
[null,null,null,null,null,null,null,null,null,null,null,"3.6","COT-017","GRADE DE PROTEÇÃO COM TELA ZINCADA N12",null,null,null,null,null,null,"UN",2,null,"Conforme Projeto elétrico"]
[null,null,null,null,null,null,null,null,null,null,null,"3.7","COT-018","TELA MECANICA TIPO VENEZIANAPARA VENTILAÇÃO INTERNA",null,null,null,null,null,null,"UN",4,null,"Conforme Projeto elétrico"]
[null,null,null,null,null,null,null,null,null,null,null,"3.8","COT-019","MUFLA TERMINAL PARA CONDUTOR DE COBRE 15KV USO INTERNO",null,null,null,null,null,null,"UN",3,null,"Conforme Projeto elétrico"]
[null,null,null,null,null,null,null,null,null,null,null,"3.9",35001847,"SUPORTE ACO GALV C/ BORRACHA CABO/MUFLA",null,null,null,null,null,null,"UN",1,null,"Conforme Projeto elétrico"]
[null,null,null,null,null,null,null,null,null,null,null,"3.10",3406,"ISOLADOR DE PORCELANA, TIPO PINO MONOCORPO, PARA TENSAO DE *15* KV",null,null,null,null,null,null,"UN",3,null,"Conforme Projeto elétrico"]
[null,null,null,null,null,null,null,null,null,null,null,"3.11",35001829,"BARRAMENTO COBRE VERGALHAO 3/8\" PC 3M",null,null,null,null,null,null,"UN",10,null,"Conforme Projeto elétrico"]
[null,null,null,null,null,null,null,null,null,null,null,"3.12",35001522,"CAIXA MEDIDOR POLIF, P.CEMIG CM-3LVP",null,null,null,null,null,null,"UN",1,null,"Conforme Projeto elétrico"]
[null,null,null,null,null,null,null,null,null,null,null,"3.13","ED-20649","CAIXA PARA MEDIÇÃO, TIPO CM-9, DIMENSÕES CONFORME PADRÃO CEMIG, EXCLUSIVE DISJUNTOR, INCLUSIVE INSTALAÇÃO",null,null,null,null,null,null,"UN",1,null,"Conforme Projeto elétrico"]
[null,null,null,null,null,null,null,null,null,null,null,"3.14",986,"CABO DE COBRE, RIGIDO, CLASSE 2, ISOLACAO EM PVC/A, ANTICHAMA BWF-B, 1 CONDUTOR, 450/750 V, SECAO NOMINAL 25 MM2",null,null,null,null,null,null,"M",30,null,"Conforme Projeto elétrico"]
[null,null,null,null,null,null,null,null,null,null,null,"3.15",864,"CABO DE COBRE NU 70 MM2 MEIO-DURO",null,null,null,null,null,null,"M",20,null,"Conforme Projeto elétrico"]
[null,null,null,null,null,null,null,null,null,null,null,"3.16",2683,"ELETRODUTO DE PVC RIGIDO ROSCAVEL DE 4 \", SEM LUVA",null,null,null,null,null,null,"M",6,null,"Conforme Projeto elétrico"]
[null,null,null,null,null,null,null,null,null,null,null,"3.17",1895,"LUVA EM PVC RIGIDO ROSCAVEL, DE 4\", PARA ELETRODUTO",null,null,null,null,null,null,"UN",2,null,"Conforme Projeto elétrico"]
[null,null,null,null,null,null,null,null,null,null,null,"3.18",1878,"CURVA 90 GRAUS, LONGA, DE PVC RIGIDO ROSCAVEL, DE 4\", PARA ELETRODUTO",null,null,null,null,null,null,"UN",2,null,"Conforme Projeto elétrico"]
[null,null,null,null,null,null,null,null,null,null,null,"3.19",35001416,"ELET ACO GALV 4\" BSP, 3,75MM NBR5598",null,null,null,null,null,null,"UN",2,null,"Conforme Projeto elétrico"]
[null,null,null,null,null,null,null,null,null,null,null,"3.20",35000389,"LUVA SIMPLES F.G CL10 Ø4\"",null,null,null,null,null,null,"UN",2,null,"Conforme Projeto elétrico"]
[null,null,null,null,null,null,null,null,null,null,null,"3.21",35001534,"BUCHA E ARRUELA PAR Ø50mm",null,null,null,null,null,null,"CJ",1,null,"Conforme Projeto elétrico"]
[null,null,null,null,null,null,null,null,null,null,null,"3.22",35000166,"CURVA 90 GR RL PVC PBA JE DN100 DE110 MM",null,null,null,null,null,null,"UN",1,null,"Conforme Projeto elétrico"]
[null,null,null,null,null,null,null,null,null,null,null,"3.23",10892,"EXTINTOR DE INCENDIO PORTATIL COM CARGA DE PO QUIMICO SECO (PQS) DE 6 KG, CLASSE BC",null,null,null,null,null,null,"UN",1,null,"Conforme Projeto elétrico"]
[null,null,null,null,null,null,null,null,null,null,null,"3.24","COT-020","PLATAFORMA BASCULANTE DE MADEIRA",null,null,null,null,null,null,"UN",1,null,"Conforme Projeto elétrico"]
[null,null,null,null,null,null,null,null,null,null,null,"3.25",35000136,"GRADE MODULAR SINALIZACAO-P-COPASA 177/-",null,null,null,null,null,null,"UN",3,null,"Conforme Projeto elétrico"]
[null,null,null,null,null,null,null,null,null,null,null,"3.26",35001282,"PORTA VENEZIANA ALUMINIO S/ VENTILACAO",null,null,null,null,null,null,"M2",1,null,"Conforme Projeto elétrico"]
[null,null,null,null,null,null,null,null,null,null,null,"3.27",35001582,"LAMPADA TUB T8 LED 1650 LUMENS 100-240V",null,null,null,null,null,null,"UN",4,null,"Conforme Projeto elétrico"]
[null,null,null,null,null,null,null,null,null,null,null,"3.28",38774,"LUMINARIA DE EMERGENCIA 30 LEDS, POTENCIA 2 W, BATERIA DE LITIO, AUTONOMIA DE 6 HORAS",null,null,null,null,null,null,"UN",1,null,"Conforme Projeto elétrico"]
[null,null,null,null,null,null,null,null,null,null,null,"3.29",2593,"CONDULETE DE ALUMINIO TIPO LR, PARA ELETRODUTO ROSCAVEL DE 3/4\", COM TAMPA CEGA",null,null,null,null,null,null,"UN",2,null,"Conforme Projeto elétrico"]
[null,null,null,null,null,null,null,null,null,null,null,"3.30",2593,"CONDULETE DE ALUMINIO TIPO LR, PARA ELETRODUTO ROSCAVEL DE 3/4\", COM TAMPA CEGA",null,null,null,null,null,null,"UN",1,null,"Conforme Projeto elétrico"]
[null,null,null,null,null,null,null,null,null,null,null,"3.31",2574,"CONDULETE DE ALUMINIO TIPO T, PARA ELETRODUTO ROSCAVEL DE 3/4\", COM TAMPA CEGA",null,null,null,null,null,null,"UN",1,null,"Conforme Projeto elétrico"]
[null,null,null,null,null,null,null,null,null,null,null,"3.32",12128,"INTERRUPTOR SIMPLES 10A, 250V, CONJUNTO MONTADO PARA SOBREPOR 4\" X 2\" (CAIXA + MODULO)",null,null,null,null,null,null,"UN",1,null,"Conforme Projeto elétrico"]
[null,null,null,null,null,null,null,null,null,null,null,"3.33",35001398,"ELET ACO GALV 3/4\" BSP, 2,25MM NBR5598",null,null,null,null,null,null,"UN",1,null,"Conforme Projeto elétrico"]
[null,null,null,null,null,null,null,null,null,null,null,"3.34",35001407,"ELET ACO GALV 1 1/2\" BSP, 3,00MM NBR5598",null,null,null,null,null,null,"UN",4,null,"Conforme Projeto elétrico"]
[null,null,null,null,null,null,null,null,null,null,null,"3.35",3939,"LUVA DE FERRO GALVANIZADO, COM ROSCA BSP, DE 1 1/2\"",null,null,null,null,null,null,"UN",6,null,"Conforme Projeto elétrico"]
[null,null,null,null,null,null,null,null,null,null,null,"3.36",35001429,"CURVA 90G ACO GALV 1 1/2\" BSP NBR5598",null,null,null,null,null,null,"UN",2,null,"Conforme Projeto elétrico"]
[null,null,null,null,null,null,null,null,null,null,null,"3.37",35001573,"TOMADA 2P+T 20A-250V C/TAMPA NBR-14136",null,null,null,null,null,null,"CJ",1,null,"Conforme Projeto elétrico"]
[null,null,null,null,null,null,null,null,null,null,null,"3.38",35001590,"TOMADA 2P+T 10A-250V C/TAMPA NBR-14136",null,null,null,null,null,null,"CJ",1,null,"Conforme Projeto elétrico"]
[null,null,null,null,null,null,null,null,null,null,null,"3.39",867,"CABO DE COBRE NU 50 MM2 MEIO-DURO",null,null,null,null,null,null,"M",15,null,"Conforme Projeto elétrico"]
[null,null,null,null,null,null,null,null,null,null,null,"3.40",868,"CABO DE COBRE NU 25 MM2 MEIO-DURO",null,null,null,null,null,null,"M",30,null,"Conforme Projeto elétrico"]
[null,null,null,null,null,null,null,null,null,null,null,"3.41",11862,"CONECTOR METALICO TIPO PARAFUSO FENDIDO (SPLIT BOLT), PARA CABOS ATE 50 MM2",null,null,null,null,null,null,"UN",12,null,"Conforme Projeto elétrico"]
[null,null,null,null,null,null,null,null,null,null,null,"3.42",35001502,"CAIXA SUSPENSA INSP ATER.P/ELETODUTO Ø1\"",null,null,null,null,null,null,"UN",4,null,"Conforme Projeto elétrico"]
[null,null,null,null,null,null,null,null,null,null,null,"3.43",11991,"HASTE DE ATERRAMENTO EM ACO GALVANIZADO TIPO CANTONEIRA COM 2,00 M DE COMPRIMENTO, 25 X 25 MM E CHAPA DE 3/16\"",null,null,null,null,null,null,"UN",4,null,"Conforme Projeto elétrico"]
[null,null,null,null,null,null,null,null,null,null,null,"3.44",977,"CABO DE COBRE, FLEXIVEL, CLASSE 4 OU 5, ISOLACAO EM PVC/A, ANTICHAMA BWF-B, COBERTURA PVC-ST1, ANTICHAMA BWF-B, 1 CONDUTOR, 0,6/1 KV, SECAO NOMINAL 70 MM2",null,null,null,null,null,null,"M",45,null,"Conforme Projeto elétrico"]
[null,null,null,null,null,null,null,null,null,null,null,"3.45",977,"CABO DE COBRE, FLEXIVEL, CLASSE 4 OU 5, ISOLACAO EM PVC/A, ANTICHAMA BWF-B, COBERTURA PVC-ST1, ANTICHAMA BWF-B, 1 CONDUTOR, 0,6/1 KV, SECAO NOMINAL 70 MM2",null,null,null,null,null,null,"M",15,null,"Conforme Projeto elétrico"]
[null,null,null,null,null,null,null,null,null,null,null,"3.46",1019,"CABO DE COBRE, FLEXIVEL, CLASSE 4 OU 5, ISOLACAO EM PVC/A, ANTICHAMA BWF-B, COBERTURA PVC-ST1, ANTICHAMA BWF-B, 1 CONDUTOR, 0,6/1 KV, SECAO NOMINAL 35 MM2",null,null,null,null,null,null,"M",15,null,"Conforme Projeto elétrico"]
[null,null,null,null,null,null,null,null,null,null,null,"3.47",1022,"CABO DE COBRE, FLEXIVEL, CLASSE 4 OU 5, ISOLACAO EM PVC/A, ANTICHAMA BWF-B, COBERTURA PVC-ST1, ANTICHAMA BWF-B, 1 CONDUTOR, 0,6/1 KV, SECAO NOMINAL 2,5 MM2",null,null,null,null,null,null,"M",30,null,"Conforme Projeto elétrico"]
[null,null,null,null,null,null,null,null,null,null,null,"3.48",1022,"CABO DE COBRE, FLEXIVEL, CLASSE 4 OU 5, ISOLACAO EM PVC/A, ANTICHAMA BWF-B, COBERTURA PVC-ST1, ANTICHAMA BWF-B, 1 CONDUTOR, 0,6/1 KV, SECAO NOMINAL 2,5 MM2",null,null,null,null,null,null,"M",20,null,"Conforme Projeto elétrico"]
[null,null,null,null,null,null,null,null,null,null,null,"3.49",1022,"CABO DE COBRE, FLEXIVEL, CLASSE 4 OU 5, ISOLACAO EM PVC/A, ANTICHAMA BWF-B, COBERTURA PVC-ST1, ANTICHAMA BWF-B, 1 CONDUTOR, 0,6/1 KV, SECAO NOMINAL 2,5 MM2",null,null,null,null,null,null,"M",20,null,"Conforme Projeto elétrico"]
[null,null,null,null,null,null,null,null,null,null,null,"4","","DISTRIBUIÇÃO DE FORÇA E CONTROLE DE ILUMINAÇÃO EXTERNO",null,null,null,null,null,null,""]
[null,null,null,null,null,null,null,null,null,null,null,"4.1",39248,"ELETRODUTO/DUTO PEAD FLEXIVEL PAREDE SIMPLES, CORRUGACAO HELICOIDAL, COR PRETA, SEM ROSCA, DE 4\", PARA CABEAMENTO SUBTERRANEO (NBR 15715)",null,null,null,null,null,null,"M",15,null,"Conforme Projeto elétrico"]
[null,null,null,null,null,null,null,null,null,null,null,"4.2",2446,"ELETRODUTO/DUTO PEAD FLEXIVEL PAREDE SIMPLES, CORRUGACAO HELICOIDAL, COR PRETA, SEM ROSCA, DE 2\",  PARA CABEAMENTO SUBTERRANEO (NBR 15715)",null,null,null,null,null,null,"M",20,null,"Conforme Projeto elétrico"]
[null,null,null,null,null,null,null,null,null,null,null,"4.3",35001411,"ELET ACO GALV 2 1/2\" BSP, 3,35MM NBR5598",null,null,null,null,null,null,"UN",5,null,"Conforme Projeto elétrico"]
[null,null,null,null,null,null,null,null,null,null,null,"4.4",35001401,"ELET ACO GALV 1\" BSP 2,65MM 3,0M NBR5598",null,null,null,null,null,null,"UN",6,null,"Conforme Projeto elétrico"]
[null,null,null,null,null,null,null,null,null,null,null,"4.5",35001431,"CURVA 90G ACO GALV 2 1/2\" BSP NBR5598",null,null,null,null,null,null,"UN",2,null,"Conforme Projeto elétrico"]
[null,null,null,null,null,null,null,null,null,null,null,"4.6",35001427,"CURVA 90G ACO GALV 1\" BSP NBR5598",null,null,null,null,null,null,"UN",2,null,"Conforme Projeto elétrico"]
[null,null,null,null,null,null,null,null,null,null,null,"4.7",996,"CABO DE COBRE, FLEXIVEL, CLASSE 4 OU 5, ISOLACAO EM PVC/A, ANTICHAMA BWF-B, COBERTURA PVC-ST1, ANTICHAMA BWF-B, 1 CONDUTOR, 0,6/1 KV, SECAO NOMINAL 25 MM2",null,null,null,null,null,null,"M",150,null,"Conforme Projeto elétrico"]
[null,null,null,null,null,null,null,null,null,null,null,"4.8",1017,"CABO DE COBRE, FLEXIVEL, CLASSE 4 OU 5, ISOLACAO EM PVC/A, ANTICHAMA BWF-B, COBERTURA PVC-ST1, ANTICHAMA BWF-B, 1 CONDUTOR, 0,6/1 KV, SECAO NOMINAL 120 MM2",null,null,null,null,null,null,"M",50,null,"Conforme Projeto elétrico"]
[null,null,null,null,null,null,null,null,null,null,null,"4.9",1022,"CABO DE COBRE, FLEXIVEL, CLASSE 4 OU 5, ISOLACAO EM PVC/A, ANTICHAMA BWF-B, COBERTURA PVC-ST1, ANTICHAMA BWF-B, 1 CONDUTOR, 0,6/1 KV, SECAO NOMINAL 2,5 MM2",null,null,null,null,null,null,"M",50,null,"Conforme Projeto elétrico"]
[null,null,null,null,null,null,null,null,null,null,null,"4.10",1022,"CABO DE COBRE, FLEXIVEL, CLASSE 4 OU 5, ISOLACAO EM PVC/A, ANTICHAMA BWF-B, COBERTURA PVC-ST1, ANTICHAMA BWF-B, 1 CONDUTOR, 0,6/1 KV, SECAO NOMINAL 2,5 MM2",null,null,null,null,null,null,"M",25,null,"Conforme Projeto elétrico"]
[null,null,null,null,null,null,null,null,null,null,null,"4.11",35001382,"CABO INST BL IND 2Px1,0MM2 300V NBR10300",null,null,null,null,null,null,"M",50,null,"Conforme Projeto elétrico"]
[null,null,null,null,null,null,null,null,null,null,null,"4.12",35001382,"CABO INST BL IND 2Px1,0MM2 300V NBR10300",null,null,null,null,null,null,"M",20,null,"Conforme Projeto elétrico"]
[null,null,null,null,null,null,null,null,null,null,null,"4.13",35001382,"CABO INST BL IND 2Px1,0MM2 300V NBR10300",null,null,null,null,null,null,"M",20,null,"Conforme Projeto elétrico"]
[null,null,null,null,null,null,null,null,null,null,null,"4.14",65004061,"CAIXA DE PASSAGEM 80X80X120 CM PARA REDE DE DUTOS ELETRICOS",null,null,null,null,null,null,"UN",1,null,"Conforme Projeto elétrico"]
[null,null,null,null,null,null,null,null,null,null,null,"4.15",65004058,"CAIXA DE PASSAGEM 30X30X50 CM PARA REDE DE DUTOS ELETRICOS",null,null,null,null,null,null,"UN",1,null,"Conforme Projeto elétrico"]
[null,null,null,null,null,null,null,null,null,null,null,"4.16",5052,"POSTE CONICO CONTINUO EM ACO GALVANIZADO, CURVO, BRACO SIMPLES, FLANGEADO, H = 7 M, DIAMETRO INFERIOR = *125* MM",null,null,null,null,null,null,"UN",1,null,"Conforme Projeto elétrico"]
[null,null,null,null,null,null,null,null,null,null,null,"4.17",2510,"RELE FOTOELETRICO INTERNO E EXTERNO BIVOLT 1000 W, DE CONECTOR, SEM BASE",null,null,null,null,null,null,"UN",1,null,"Conforme Projeto elétrico"]
[null,null,null,null,null,null,null,null,null,null,null,"4.18",2512,"BRACO P/ LUMINARIA PUBLICA 1 X 1,50M ROMAGNOLE OU EQUIV",null,null,null,null,null,null,"UN",1,null,"Conforme Projeto elétrico"]
[null,null,null,null,null,null,null,null,null,null,null,"4.19",35001546,"CINTA ACO ZINCADO Ø127MM C/PARAFUSO",null,null,null,null,null,null,"UN",1,null,"Conforme Projeto elétrico"]
[null,null,null,null,null,null,null,null,null,null,null,"4.20",3749,"LAMPADA VAPOR MERCURIO 250 W (BASE E40)",null,null,null,null,null,null,"UN",1,null,"Conforme Projeto elétrico"]
[null,null,null,null,null,null,null,null,null,null,null,"4.21",35001598,"REFLETOR MULTILED 2900LM 90LM/W IP66",null,null,null,null,null,null,"UN",2,null,"Conforme Projeto elétrico"]
[null,null,null,null,null,null,null,null,null,null,null,"4.22",38064,"INTERRUPTOR BIPOLAR 10A, 250V, CONJUNTO MONTADO PARA EMBUTIR 4\" X 2\" (PLACA + SUPORTE + MODULO)",null,null,null,null,null,null,"UN",1,null,"Conforme Projeto elétrico"]
[null,null,null,null,null,null,null,null,null,null,null,"5","","DISTRIBUIÇÃO DE FORÇA E CONTROLE E ILUMINAÇÃO INTERNO (SALA ELÉTRICA)",null,null,null,null,null,null,""]
[null,null,null,null,null,null,null,null,null,null,null,"5.1",35001411,"ELET ACO GALV 2 1/2\" BSP, 3,35MM NBR5598",null,null,null,null,null,null,"UN",10,null,"Conforme Projeto elétrico"]
[null,null,null,null,null,null,null,null,null,null,null,"5.2",3913,"LUVA DE FERRO GALVANIZADO, COM ROSCA BSP, DE 2 1/2\"",null,null,null,null,null,null,"UN",8,null,"Conforme Projeto elétrico"]
[null,null,null,null,null,null,null,null,null,null,null,"5.3",35001431,"CURVA 90G ACO GALV 2 1/2\" BSP NBR5598",null,null,null,null,null,null,"UN",4,null,"Conforme Projeto elétrico"]
[null,null,null,null,null,null,null,null,null,null,null,"5.4",35001409,"ELET ACO GALV 2\" BSP 3,0MM, 3,0M NBR5598",null,null,null,null,null,null,"UN",5,null,"Conforme Projeto elétrico"]
[null,null,null,null,null,null,null,null,null,null,null,"5.5",3912,"LUVA DE FERRO GALVANIZADO, COM ROSCA BSP, DE 2\"",null,null,null,null,null,null,"UN",5,null,"Conforme Projeto elétrico"]
[null,null,null,null,null,null,null,null,null,null,null,"5.6",35001430,"CURVA 90G ACO GALV 2\" BSP NBR5598",null,null,null,null,null,null,"UN",2,null,"Conforme Projeto elétrico"]
[null,null,null,null,null,null,null,null,null,null,null,"5.7",35001401,"ELET ACO GALV 1\" BSP 2,65MM 3,0M NBR5598",null,null,null,null,null,null,"UN",10,null,"Conforme Projeto elétrico"]
[null,null,null,null,null,null,null,null,null,null,null,"5.8",3910,"LUVA DE FERRO GALVANIZADO, COM ROSCA BSP, DE 1\"",null,null,null,null,null,null,"UN",5,null,"Conforme Projeto elétrico"]
[null,null,null,null,null,null,null,null,null,null,null,"5.9",35001427,"CURVA 90G ACO GALV 1\" BSP NBR5598",null,null,null,null,null,null,"UN",6,null,"Conforme Projeto elétrico"]
[null,null,null,null,null,null,null,null,null,null,null,"5.10",2681,"ELETRODUTO DE PVC RIGIDO ROSCAVEL DE 2 \", SEM LUVA",null,null,null,null,null,null,"M",5,null,"Conforme Projeto elétrico"]
[null,null,null,null,null,null,null,null,null,null,null,"5.11",2674,"ELETRODUTO DE PVC RIGIDO ROSCAVEL DE 3/4 \", SEM LUVA",null,null,null,null,null,null,"M",30,null,"Conforme Projeto elétrico"]
[null,null,null,null,null,null,null,null,null,null,null,"5.12",1894,"LUVA EM PVC RIGIDO ROSCAVEL, DE 2\", PARA ELETRODUTO",null,null,null,null,null,null,"UN",2,null,"Conforme Projeto elétrico"]
[null,null,null,null,null,null,null,null,null,null,null,"5.13",1891,"LUVA EM PVC RIGIDO ROSCAVEL, DE 3/4\", PARA ELETRODUTO",null,null,null,null,null,null,"UN",15,null,"Conforme Projeto elétrico"]
[null,null,null,null,null,null,null,null,null,null,null,"5.14",1876,"CURVA 90 GRAUS, LONGA, DE PVC RIGIDO ROSCAVEL, DE 2\", PARA ELETRODUTO",null,null,null,null,null,null,"UN",1,null,"Conforme Projeto elétrico"]
[null,null,null,null,null,null,null,null,null,null,null,"5.15",1879,"CURVA 90 GRAUS, LONGA, DE PVC RIGIDO ROSCAVEL, DE 3/4\", PARA ELETRODUTO",null,null,null,null,null,null,"UN",2,null,"Conforme Projeto elétrico"]
[null,null,null,null,null,null,null,null,null,null,null,"5.16",977,"CABO DE COBRE, FLEXIVEL, CLASSE 4 OU 5, ISOLACAO EM PVC/A, ANTICHAMA BWF-B, COBERTURA PVC-ST1, ANTICHAMA BWF-B, 1 CONDUTOR, 0,6/1 KV, SECAO NOMINAL 70 MM2",null,null,null,null,null,null,"M",15,null,"Conforme Projeto elétrico"]
[null,null,null,null,null,null,null,null,null,null,null,"5.17",1019,"CABO DE COBRE, FLEXIVEL, CLASSE 4 OU 5, ISOLACAO EM PVC/A, ANTICHAMA BWF-B, COBERTURA PVC-ST1, ANTICHAMA BWF-B, 1 CONDUTOR, 0,6/1 KV, SECAO NOMINAL 35 MM2",null,null,null,null,null,null,"M",5,null,"Conforme Projeto elétrico"]
[null,null,null,null,null,null,null,null,null,null,null,"5.18",996,"CABO DE COBRE, FLEXIVEL, CLASSE 4 OU 5, ISOLACAO EM PVC/A, ANTICHAMA BWF-B, COBERTURA PVC-ST1, ANTICHAMA BWF-B, 1 CONDUTOR, 0,6/1 KV, SECAO NOMINAL 25 MM2",null,null,null,null,null,null,"M",30,null,"Conforme Projeto elétrico"]
[null,null,null,null,null,null,null,null,null,null,null,"5.19",995,"CABO DE COBRE, FLEXIVEL, CLASSE 4 OU 5, ISOLACAO EM PVC/A, ANTICHAMA BWF-B, COBERTURA PVC-ST1, ANTICHAMA BWF-B, 1 CONDUTOR, 0,6/1 KV, SECAO NOMINAL 16 MM2",null,null,null,null,null,null,"M",30,null,"Conforme Projeto elétrico"]
[null,null,null,null,null,null,null,null,null,null,null,"5.20",995,"CABO DE COBRE, FLEXIVEL, CLASSE 4 OU 5, ISOLACAO EM PVC/A, ANTICHAMA BWF-B, COBERTURA PVC-ST1, ANTICHAMA BWF-B, 1 CONDUTOR, 0,6/1 KV, SECAO NOMINAL 16 MM2",null,null,null,null,null,null,"M",5,null,"Conforme Projeto elétrico"]
[null,null,null,null,null,null,null,null,null,null,null,"5.21",995,"CABO DE COBRE, FLEXIVEL, CLASSE 4 OU 5, ISOLACAO EM PVC/A, ANTICHAMA BWF-B, COBERTURA PVC-ST1, ANTICHAMA BWF-B, 1 CONDUTOR, 0,6/1 KV, SECAO NOMINAL 16 MM2",null,null,null,null,null,null,"M",15,null,"Conforme Projeto elétrico"]
[null,null,null,null,null,null,null,null,null,null,null,"5.22",35001382,"CABO INST BL IND 2Px1,0MM2 300V NBR10300",null,null,null,null,null,null,"M",20,null,"Conforme Projeto elétrico"]
[null,null,null,null,null,null,null,null,null,null,null,"5.23",1022,"CABO DE COBRE, FLEXIVEL, CLASSE 4 OU 5, ISOLACAO EM PVC/A, ANTICHAMA BWF-B, COBERTURA PVC-ST1, ANTICHAMA BWF-B, 1 CONDUTOR, 0,6/1 KV, SECAO NOMINAL 2,5 MM2",null,null,null,null,null,null,"M",100,null,"Conforme Projeto elétrico"]
[null,null,null,null,null,null,null,null,null,null,null,"5.24",1022,"CABO DE COBRE, FLEXIVEL, CLASSE 4 OU 5, ISOLACAO EM PVC/A, ANTICHAMA BWF-B, COBERTURA PVC-ST1, ANTICHAMA BWF-B, 1 CONDUTOR, 0,6/1 KV, SECAO NOMINAL 2,5 MM2",null,null,null,null,null,null,"M",100,null,"Conforme Projeto elétrico"]
[null,null,null,null,null,null,null,null,null,null,null,"5.25",1022,"CABO DE COBRE, FLEXIVEL, CLASSE 4 OU 5, ISOLACAO EM PVC/A, ANTICHAMA BWF-B, COBERTURA PVC-ST1, ANTICHAMA BWF-B, 1 CONDUTOR, 0,6/1 KV, SECAO NOMINAL 2,5 MM2",null,null,null,null,null,null,"M",50,null,"Conforme Projeto elétrico"]
[null,null,null,null,null,null,null,null,null,null,null,"5.26",2593,"CONDULETE DE ALUMINIO TIPO LR, PARA ELETRODUTO ROSCAVEL DE 3/4\", COM TAMPA CEGA",null,null,null,null,null,null,"UN",4,null,"Conforme Projeto elétrico"]
[null,null,null,null,null,null,null,null,null,null,null,"5.27",2593,"CONDULETE DE ALUMINIO TIPO LR, PARA ELETRODUTO ROSCAVEL DE 3/4\", COM TAMPA CEGA",null,null,null,null,null,null,"UN",4,null,"Conforme Projeto elétrico"]
[null,null,null,null,null,null,null,null,null,null,null,"5.28",2574,"CONDULETE DE ALUMINIO TIPO T, PARA ELETRODUTO ROSCAVEL DE 3/4\", COM TAMPA CEGA",null,null,null,null,null,null,"UN",8,null,"Conforme Projeto elétrico"]
[null,null,null,null,null,null,null,null,null,null,null,"5.29",2580,"CONDULETE DE ALUMINIO TIPO X, PARA ELETRODUTO ROSCAVEL DE 3/4\", COM TAMPA CEGA",null,null,null,null,null,null,"UN",2,null,"Conforme Projeto elétrico"]
[null,null,null,null,null,null,null,null,null,null,null,"5.30",2571,"CONDULETE DE ALUMINIO TIPO LR, PARA ELETRODUTO ROSCAVEL DE 2\", COM TAMPA CEGA",null,null,null,null,null,null,"UN",2,null,"Conforme Projeto elétrico"]
[null,null,null,null,null,null,null,null,null,null,null,"5.31",2571,"CONDULETE DE ALUMINIO TIPO LR, PARA ELETRODUTO ROSCAVEL DE 2\", COM TAMPA CEGA",null,null,null,null,null,null,"UN",2,null,"Conforme Projeto elétrico"]
[null,null,null,null,null,null,null,null,null,null,null,"5.32",12129,"INTERRUPTOR SIMPLES 10A, 250V, CONJUNTO MONTADO PARA SOBREPOR 4\" X 2\" (CAIXA + 2 MODULOS)",null,null,null,null,null,null,"UN",2,null,"Conforme Projeto elétrico"]
[null,null,null,null,null,null,null,null,null,null,null,"5.33",35001582,"LAMPADA TUB T8 LED 1650 LUMENS 100-240V",null,null,null,null,null,null,"UN",4,null,"Conforme Projeto elétrico"]
[null,null,null,null,null,null,null,null,null,null,null,"5.34",38774,"LUMINARIA DE EMERGENCIA 30 LEDS, POTENCIA 2 W, BATERIA DE LITIO, AUTONOMIA DE 6 HORAS",null,null,null,null,null,null,"UN",1,null,"Conforme Projeto elétrico"]
[null,null,null,null,null,null,null,null,null,null,null,"5.35",38774,"LUMINARIA DE EMERGENCIA 30 LEDS, POTENCIA 2 W, BATERIA DE LITIO, AUTONOMIA DE 6 HORAS",null,null,null,null,null,null,"UN",2,null,"Conforme Projeto elétrico"]
[null,null,null,null,null,null,null,null,null,null,null,"5.36",35001590,"TOMADA 2P+T 10A-250V C/TAMPA NBR-14136",null,null,null,null,null,null,"CJ",2,null,"Conforme Projeto elétrico"]
[null,null,null,null,null,null,null,null,null,null,null,"5.37",35001593,"TOMADA INDUST SOBREPOR 3P 16A-500V IP44",null,null,null,null,null,null,"UN",1,null,"Conforme Projeto elétrico"]
[null,null,null,null,null,null,null,null,null,null,null,"5.38",35001590,"TOMADA 2P+T 10A-250V C/TAMPA NBR-14136",null,null,null,null,null,null,"CJ",5,null,"Conforme Projeto elétrico"]
[null,null,null,null,null,null,null,null,null,null,null,"5.39",35001590,"TOMADA 2P+T 10A-250V C/TAMPA NBR-14136",null,null,null,null,null,null,"CJ",1,null,"Conforme Projeto elétrico"]
[null,null,null,null,null,null,null,null,null,null,null,"5.40",35001573,"TOMADA 2P+T 20A-250V C/TAMPA NBR-14136",null,null,null,null,null,null,"CJ",1,null,"Conforme Projeto elétrico"]
[null,null,null,null,null,null,null,null,null,null,null,"5.41",35001585,"PERFILADO AÇO PERF 38X38X3000 16 PRE-ZI",null,null,null,null,null,null,"UN",5,null,"Conforme Projeto elétrico"]
[null,null,null,null,null,null,null,null,null,null,null,"5.42",65000345,"CANALETA EM CONCRETO PARA PASSAGEM DE CABOS (0,50 X 0,50) M",null,null,null,null,null,null,"M",5,null,"Conforme Projeto elétrico"]
[null,null,null,null,null,null,null,null,null,null,null,"6","","SISTEM DE ATERRAMENTO E SPDA (SALA ELÉTRICA E SUBESTAÇÃO)",null,null,null,null,null,null,""]
[null,null,null,null,null,null,null,null,null,null,null,"6.1",11854,"CONECTOR METALICO TIPO PARAFUSO FENDIDO (SPLIT BOLT), PARA CABOS ATE 35 MM2",null,null,null,null,null,null,"UN",10,null,"Conforme Projeto elétrico"]
[null,null,null,null,null,null,null,null,null,null,null,"6.2",11862,"CONECTOR METALICO TIPO PARAFUSO FENDIDO (SPLIT BOLT), PARA CABOS ATE 50 MM2",null,null,null,null,null,null,"UN",10,null,"Conforme Projeto elétrico"]
[null,null,null,null,null,null,null,null,null,null,null,"6.3",1597,"CONECTOR DE ALUMINIO TIPO PRENSA CABO, BITOLA 3/8\", PARA CABOS DE DIAMETRO DE 9 A 10 MM",null,null,null,null,null,null,"UN",5,null,"Conforme Projeto elétrico"]
[null,null,null,null,null,null,null,null,null,null,null,"6.4",867,"CABO DE COBRE NU 50 MM2 MEIO-DURO",null,null,null,null,null,null,"M",75,null,"Conforme Projeto elétrico"]
[null,null,null,null,null,null,null,null,null,null,null,"6.5",863,"CABO DE COBRE NU 35 MM2 MEIO-DURO",null,null,null,null,null,null,"M",50,null,"Conforme Projeto elétrico"]
[null,null,null,null,null,null,null,null,null,null,null,"6.6",857,"CABO DE COBRE NU 16 MM2 MEIO-DURO",null,null,null,null,null,null,"M",10,null,"Conforme Projeto elétrico"]
[null,null,null,null,null,null,null,null,null,null,null,"6.7",11991,"HASTE DE ATERRAMENTO EM ACO GALVANIZADO TIPO CANTONEIRA COM 2,00 M DE COMPRIMENTO, 25 X 25 MM E CHAPA DE 3/16\"",null,null,null,null,null,null,"UN",10,null,"Conforme Projeto elétrico"]
[null,null,null,null,null,null,null,null,null,null,null,"6.8",34643,"CAIXA DE INSPECAO PARA ATERRAMENTO E PARA RAIOS, EM POLIPROPILENO,  DIAMETRO = 300 MM X ALTURA = 400 MM",null,null,null,null,null,null,"UN",10,null,"Conforme Projeto elétrico"]
[null,null,null,null,null,null,null,null,null,null,null,"6.9","COT-021","TERMINAL AÉREO DE AÇO GALVANIZADO DIÂMETRO 3/8\", COMPRIMENTO 300MM",null,null,null,null,null,null,"UN",4,null,"Conforme Projeto elétrico"]
[null,null,null,null,null,null,null,null,null,null,null,"6.10",3384,"SUPORTE GUIA SIMPLES COM ROLDANA EM POLIPROPILENO PARA CHUMBAR, H = 20 CM",null,null,null,null,null,null,"UN",2,null,"Conforme Projeto elétrico"]
[null,null,null,null,null,null,null,null,null,null,null,"6.11",1602,"CONECTOR DE ALUMINIO TIPO PRENSA CABO, BITOLA 1 1/2\", PARA CABOS DE DIAMETRO DE 37 A 40 MM",null,null,null,null,null,null,"UN",6,null,"Conforme Projeto elétrico"]
[null,null,null,null,null,null,null,null,null,null,null,"6.12","ED-51053","CAIXA DE EQUALIZAÇÃO PARA USO INTERNO COM 9 TERMINAIS 210X210X90MM EM AÇO",null,null,null,null,null,null,"U",1,null,"Conforme Projeto elétrico"]
[null,null,null,null,null,null,null,null,null,null,null,"6.13",2681,"ELETRODUTO DE PVC RIGIDO ROSCAVEL DE 2 \", SEM LUVA",null,null,null,null,null,null,"M",8,null,"Conforme Projeto elétrico"]
[null,null,null,null,null,null,null,null,null,null,null,"6.14",1894,"LUVA EM PVC RIGIDO ROSCAVEL, DE 2\", PARA ELETRODUTO",null,null,null,null,null,null,"UN",8,null,"Conforme Projeto elétrico"]
[null,null,null,null,null,null,null,null,null,null,null,"6.15",39132,"ABRACADEIRA EM ACO PARA AMARRACAO DE ELETRODUTOS, TIPO D, COM 2\" E CUNHA DE FIXACAO",null,null,null,null,null,null,"UN",16,null,"Conforme Projeto elétrico"]
[null,null,null,null,null,null,null,null,null,null,null,"7","","EQUIPAMENTOS (CONFORME RELAÇÃODE EQUIPAMENTOS E PROJETOS IPI INCLUSO)",null,null,null,null,null,null,""]
[null,null,null,null,null,null,null,null,null,null,null,"7.1","COT-001","QGBT 440V",null,null,null,null,null,null,"UN",1,null,"Conforme Projeto elétrico"]
[null,null,null,null,null,null,null,null,null,null,null,"7.2","COT-002","QDC 220V",null,null,null,null,null,null,"UN",1,null,"Conforme Projeto elétrico"]
[null,null,null,null,null,null,null,null,null,null,null,"7.3","COT-003","PDA (PAINEL DE AUTOMAÇÃO COM CLP)",null,null,null,null,null,null,"UN",1,null,"Conforme Projeto elétrico"]
[null,null,null,null,null,null,null,null,null,null,null,"7.4","COT-004","QCM-01 50 CV/440V INVERSOR DE FREQUENCIA TRIFÁSICO 76A",null,null,null,null,null,null,"UN",1,null,"Conforme Projeto elétrico"]
[null,null,null,null,null,null,null,null,null,null,null,"7.5","COT-005","QCM-02 50CV/440V - INVERSOR DE FREQUÊNCIA TRIFÁSICO 76A",null,null,null,null,null,null,"UN",1,null,"Conforme Projeto elétrico"]
[null,null,null,null,null,null,null,null,null,null,null,"7.6","COT-006","SENSOR DE NÍVEL HIDROSTÁTICO 0~10 METROS, SAÍDA 4~20MA",null,null,null,null,null,null,"UN",1,null,"Conforme Projeto elétrico"]
[null,null,null,null,null,null,null,null,null,null,null,"7.7","COT-007","SISTEMA DE RÁDIO ENLACE PARA COMUNICAÇÃO EAB/ETA",null,null,null,null,null,null,"CJ",2,null,"Conforme Projeto elétrico"]
[null,null,null,null,null,null,null,null,null,null,null,"7.8","COT-008","TRANSFORMADOR 112,5 KVA - 13,8KV/0,44KV - 15KV",null,null,null,null,null,null,"UN",1,null,"Conforme Projeto elétrico"]
[null,null,null,null,null,null,null,null,null,null,null,"7.9","COT-009","TRASFORMADOR 15 KVA - 0,44V/0,22KV - 1KV",null,null,null,null,null,null,"UN",1,null,"Conforme Projeto elétrico"]
[null,null,null,null,null,null,null,null,null,null,null,"8","","MÃO DE OBRA REFERENTE AS INSTALAÇÕES",null,null,null,null,null,null,""]
[null,null,null,null,null,null,null,null,null,null,null,"8.1","","EQUIPAMENTOS E PAINÉIS ELÉTRICOS",null,null,null,null,null,null,""]
[null,null,null,null,null,null,null,null,null,null,null,"8.1.1",4083,"ENCARREGADO GERAL DE OBRAS (HORISTA)",null,null,null,null,null,null,"H",160,null,"Conforme orçamento Projeto elétrico"]
[null,null,null,null,null,null,null,null,null,null,null,"8.1.2",2436,"ELETRICISTA (HORISTA)",null,null,null,null,null,null,"H",160,null,"Conforme orçamento Projeto elétrico"]
[null,null,null,null,null,null,null,null,null,null,null,"8.1.3",247,"AJUDANTE DE ELETRICISTA (HORISTA)",null,null,null,null,null,null,"H",160,null,"Conforme orçamento Projeto elétrico"]
[null,null,null,null,null,null,null,null,null,null,null,"8.1.4",6111,"SERVENTE DE OBRAS",null,null,null,null,null,null,"H",160,null,"Conforme orçamento Projeto elétrico"]
[null,null,null,null,null,null,null,null,null,null,null,"8.2","","SUBESTAÇÃO ABRIGADA Nº 05 CEMIG",null,null,null,null,null,null,""]
[null,null,null,null,null,null,null,null,null,null,null,"8.2.1",4083,"ENCARREGADO GERAL DE OBRAS (HORISTA)",null,null,null,null,null,null,"H",100,null,"Conforme orçamento Projeto elétrico"]
[null,null,null,null,null,null,null,null,null,null,null,"8.2.2",2436,"ELETRICISTA (HORISTA)",null,null,null,null,null,null,"H",100,null,"Conforme orçamento Projeto elétrico"]
[null,null,null,null,null,null,null,null,null,null,null,"8.2.3",247,"AJUDANTE DE ELETRICISTA (HORISTA)",null,null,null,null,null,null,"H",100,null,"Conforme orçamento Projeto elétrico"]
[null,null,null,null,null,null,null,null,null,null,null,"8.2.4",6111,"SERVENTE DE OBRAS",null,null,null,null,null,null,"H",100,null,"Conforme orçamento Projeto elétrico"]
[null,null,null,null,null,null,null,null,null,null,null,"8.3",""," DISTRIBUIÇÃO DE FORÇA E CONTROLE E ILUMINAÇÃO EXTERNO",null,null,null,null,null,null,""]
[null,null,null,null,null,null,null,null,null,null,null,"8.3.1",4083,"ENCARREGADO GERAL DE OBRAS (HORISTA)",null,null,null,null,null,null,"H",80,null,"Conforme orçamento Projeto elétrico"]
[null,null,null,null,null,null,null,null,null,null,null,"8.3.2",2436,"ELETRICISTA (HORISTA)",null,null,null,null,null,null,"H",80,null,"Conforme orçamento Projeto elétrico"]
[null,null,null,null,null,null,null,null,null,null,null,"8.3.3",247,"AJUDANTE DE ELETRICISTA (HORISTA)",null,null,null,null,null,null,"H",80,null,"Conforme orçamento Projeto elétrico"]
[null,null,null,null,null,null,null,null,null,null,null,"8.3.4",6111,"SERVENTE DE OBRAS",null,null,null,null,null,null,"H",80,null,"Conforme orçamento Projeto elétrico"]
[null,null,null,null,null,null,null,null,null,null,null,"8.4","","DISTRIBUIÇÃO DE FORÇA E CONTROLE E ILUMINAÇÃO INTERNO (SALA ELÉTRICA)",null,null,null,null,null,null,""]
[null,null,null,null,null,null,null,null,null,null,null,"8.4.1",4083,"ENCARREGADO GERAL DE OBRAS (HORISTA)",null,null,null,null,null,null,"H",48,null,"Conforme orçamento Projeto elétrico"]
[null,null,null,null,null,null,null,null,null,null,null,"8.4.2",2436,"ELETRICISTA (HORISTA)",null,null,null,null,null,null,"H",48,null,"Conforme orçamento Projeto elétrico"]
[null,null,null,null,null,null,null,null,null,null,null,"8.4.3",247,"AJUDANTE DE ELETRICISTA (HORISTA)",null,null,null,null,null,null,"H",48,null,"Conforme orçamento Projeto elétrico"]
[null,null,null,null,null,null,null,null,null,null,null,"8.4.4",6111,"SERVENTE DE OBRAS",null,null,null,null,null,null,"H",48,null,"Conforme orçamento Projeto elétrico"]
[null,null,null,null,null,null,null,null,null,null,null,"8.5","","SISTEMA DE ATERRAMENTO E SPDA",null,null,null,null,null,null,""]
[null,null,null,null,null,null,null,null,null,null,null,"8.5.1",4083,"ENCARREGADO GERAL DE OBRAS (HORISTA)",null,null,null,null,null,null,"H",60,null,"Conforme orçamento Projeto elétrico"]
[null,null,null,null,null,null,null,null,null,null,null,"8.5.2",2436,"ELETRICISTA (HORISTA)",null,null,null,null,null,null,"H",60,null,"Conforme orçamento Projeto elétrico"]
[null,null,null,null,null,null,null,null,null,null,null,"8.5.3",247,"AJUDANTE DE ELETRICISTA (HORISTA)",null,null,null,null,null,null,"H",60,null,"Conforme orçamento Projeto elétrico"]
[null,null,null,null,null,null,null,null,null,null,null,"8.5.4",6111,"SERVENTE DE OBRAS",null,null,null,null,null,null,"H",60,null,"Conforme orçamento Projeto elétrico"]
[null,null,null,null,null,null,null,null,null,null,null,"9","","ESTRUTURAL E ALVENARIA SUBSTAÇÃO ELEVATÓRIA",null,null,null,null,null,null,""]
[null,null,null,null,null,null,null,null,null,null,null,"9.1","","IDENTIFICAÇÃO DA OBRA",null,null,null,null,null,null,""]
[null,null,null,null,null,null,null,null,null,null,null,"9.1.1","ED-28427","FORNECIMENTO E COLOCAÇÃO DE PLACA DE OBRA EM CHAPA GALVANIZADA #26, ESP. 0,45MM, DIMENSÃO (3X1,5)M, PLOTADA COM ADESIVO VINÍLICO, AFIXADA COM REBITES 4,8X40MM, EM ESTRUTURA METÁLICA DE METALON 20X20MM, ESP. 1,25MM, INCLUSIVE SUPORTE EM EUCALIPTO AUTOCLAVADO PINTADO COM TINTA PVA DUAS (2) DEMÃOS",null,null,null,null,null,null,"UN",1,null,"1 placa"]
[null,null,null,null,null,null,null,null,null,null,null,"9.2","","INFRAESTRUTUA",null,null,null,null,null,null,""]
[null,null,null,null,null,null,null,null,null,null,null,"9.2.1","","ESTACAS/BROCAS",null,null,null,null,null,null,""]
[null,null,null,null,null,null,null,null,null,null,null,"9.2.1.1","ED-19753","MOBILIZAÇÃO E DESMOBILIZAÇÃO DE EQUIPAMENTO PARA ESTACA TIPO HÉLICE CONTÍNUA  (CUSTO FIXO), INCLUSIVE CARGA E DESGARGA, EXCLUSIVE TRANSPORTE EM QUILÔMETRO RODADO (CUSTO VARIÁVEL)",null,null,null,null,null,null,"UN",1,null,"1 taxa "]
[null,null,null,null,null,null,null,null,null,null,null,"9.2.1.2",100651,"ESTACA HÉLICE CONTÍNUA, DIÂMETRO DE 30 CM, INCLUSO CONCRETO FCK=30MPA E ARMADURA MÍNIMA (EXCLUSIVE BOMBEAMENTO, MOBILIZAÇÃO E DESMOBILIZAÇÃO). AF_12/2019_PA",null,null,null,null,null,null,"M",168,null,"14 estacas x 12,00m = 168,00m"]
[null,null,null,null,null,null,null,null,null,null,null,"9.2.1.3",92915,"ARMAÇÃO DE ESTRUTURAS DIVERSAS DE CONCRETO ARMADO, EXCETO VIGAS, PILARES, LAJES E FUNDAÇÕES, UTILIZANDO AÇO CA-60 DE 5,0 MM - MONTAGEM. AF_06/2022",null,null,null,null,null,null,"KG",26.2,null,"Conforme Projeto Estrutural: "]
[null,null,null,null,null,null,null,null,null,null,null,"9.2.1.4",92919,"ARMAÇÃO DE ESTRUTURAS DIVERSAS DE CONCRETO ARMADO, EXCETO VIGAS, PILARES, LAJES E FUNDAÇÕES, UTILIZANDO AÇO CA-50 DE 10,0 MM - MONTAGEM. AF_06/2022",null,null,null,null,null,null,"KG",114,null,"Conforme Projeto Estrutural: "]
[null,null,null,null,null,null,null,null,null,null,null,"9.2.1.5",100977,"CARGA, MANOBRA E DESCARGA DE SOLOS E MATERIAIS GRANULARES EM CAMINHÃO BASCULANTE 6 M³ - CARGA COM ESCAVADEIRA HIDRÁULICA (CAÇAMBA DE 1,20 M³ / 155 HP) E DESCARGA LIVRE (UNIDADE: M3). AF_07/2020",null,null,null,null,null,null,"M3",11.88,null,"0,0707 m² x 168,00m = 11,88m³"]
[null,null,null,null,null,null,null,null,null,null,null,"9.2.1.6",97914,"TRANSPORTE COM CAMINHÃO BASCULANTE DE 6 M³, EM VIA URBANA PAVIMENTADA, DMT ATÉ 30 KM (UNIDADE: M3XKM). AF_07/2020",null,null,null,null,null,null,"M3XKM",178.16,null,"11,88m³ x 15,00km = 178,16m³xkm"]
[null,null,null,null,null,null,null,null,null,null,null,"9.2.2","","BLOCOS DE FUNDAÇÃO",null,null,null,null,null,null,""]
[null,null,null,null,null,null,null,null,null,null,null,"9.2.2.1",96523,"ESCAVAÇÃO MANUAL PARA BLOCO DE COROAMENTO OU SAPATA (INCLUINDO ESCAVAÇÃO PARA COLOCAÇÃO DE FÔRMAS). AF_06/2017",null,null,null,null,null,null,"M3",1.94,null,"Conforme Projeto Estrutural: "]
[null,null,null,null,null,null,null,null,null,null,null,"9.2.2.2",96540,"FABRICAÇÃO, MONTAGEM E DESMONTAGEM DE FÔRMA PARA BLOCO DE COROAMENTO, EM CHAPA DE MADEIRA COMPENSADA RESINADA, E=17 MM, 4 UTILIZAÇÕES. AF_06/2017",null,null,null,null,null,null,"M2",11.52,null,"Conforme Projeto Estrutural: "]
[null,null,null,null,null,null,null,null,null,null,null,"9.2.2.3",100324,"LASTRO COM MATERIAL GRANULAR (PEDRA BRITADA N.1 E PEDRA BRITADA N.2), APLICADO EM PISOS OU LAJES SOBRE SOLO, ESPESSURA DE *10 CM*. AF_07/2019",null,null,null,null,null,null,"M3",0.54,null,"5,40m² x 0,10m = 0,54m³"]
[null,null,null,null,null,null,null,null,null,null,null,"9.2.2.4",96545,"ARMAÇÃO DE BLOCO, VIGA BALDRAME OU SAPATA UTILIZANDO AÇO CA-50 DE 8 MM - MONTAGEM. AF_06/2017",null,null,null,null,null,null,"KG",130.30000000000001,null,"Conforme Projeto Estrutural: "]
[null,null,null,null,null,null,null,null,null,null,null,"9.2.2.5",96557,"CONCRETAGEM DE BLOCOS DE COROAMENTO E VIGAS BALDRAMES, FCK 30 MPA, COM USO DE BOMBA \u0096 LANÇAMENTO, ADENSAMENTO E ACABAMENTO. AF_06/2017",null,null,null,null,null,null,"M3",1.94,null,"Conforme Projeto Estrutural: "]
[null,null,null,null,null,null,null,null,null,null,null,"9.2.2.6",98562,"IMPERMEABILIZAÇÃO DE FLOREIRA OU VIGA BALDRAME COM ARGAMASSA DE CIMENTO E AREIA, COM ADITIVO IMPERMEABILIZANTE, E = 2 CM. AF_06/2018",null,null,null,null,null,null,"M2",5.4,null,"6 blocos x 1,50m x 0,60m = 5,40m²"]
[null,null,null,null,null,null,null,null,null,null,null,"9.2.2.7",98557,"IMPERMEABILIZAÇÃO DE SUPERFÍCIE COM EMULSÃO ASFÁLTICA, 2 DEMÃOS AF_06/2018",null,null,null,null,null,null,"M2",5.4,null,"6 blocos x 1,50m x 0,60m = 5,40m²"]
[null,null,null,null,null,null,null,null,null,null,null,"9.2.3","","VIGAS",null,null,null,null,null,null,""]
[null,null,null,null,null,null,null,null,null,null,null,"9.2.3.1",96527,"ESCAVAÇÃO MANUAL DE VALA PARA VIGA BALDRAME (INCLUINDO ESCAVAÇÃO PARA COLOCAÇÃO DE FÔRMAS). AF_06/2017",null,null,null,null,null,null,"M3",1.45,null,"Conforme Projeto Estrutural: "]
[null,null,null,null,null,null,null,null,null,null,null,"9.2.3.2",96542,"FABRICAÇÃO, MONTAGEM E DESMONTAGEM DE FÔRMA PARA VIGA BALDRAME, EM CHAPA DE MADEIRA COMPENSADA RESINADA, E=17 MM, 4 UTILIZAÇÕES. AF_06/2017",null,null,null,null,null,null,"M2",20.100000000000001,null,"Conforme Projeto Estrutural: "]
[null,null,null,null,null,null,null,null,null,null,null,"9.2.3.3",100324,"LASTRO COM MATERIAL GRANULAR (PEDRA BRITADA N.1 E PEDRA BRITADA N.2), APLICADO EM PISOS OU LAJES SOBRE SOLO, ESPESSURA DE *10 CM*. AF_07/2019",null,null,null,null,null,null,"M3",0.48,null,"4,83m² x 0,10m = 0,48m³"]
[null,null,null,null,null,null,null,null,null,null,null,"9.2.3.4",96546,"ARMAÇÃO DE BLOCO, VIGA BALDRAME OU SAPATA UTILIZANDO AÇO CA-50 DE 10 MM - MONTAGEM. AF_06/2017",null,null,null,null,null,null,"KG",60.6,null,"Conforme Projeto Estrutural: "]
[null,null,null,null,null,null,null,null,null,null,null,"9.2.3.5",96547,"ARMAÇÃO DE BLOCO, VIGA BALDRAME OU SAPATA UTILIZANDO AÇO CA-50 DE 12,5 MM - MONTAGEM. AF_06/2017",null,null,null,null,null,null,"KG",29,null,"Conforme Projeto Estrutural: "]
[null,null,null,null,null,null,null,null,null,null,null,"9.2.3.6",96543,"ARMAÇÃO DE BLOCO, VIGA BALDRAME E SAPATA UTILIZANDO AÇO CA-60 DE 5 MM - MONTAGEM. AF_06/2017",null,null,null,null,null,null,"KG",26.1,null,"Conforme Projeto Estrutural: "]
[null,null,null,null,null,null,null,null,null,null,null,"9.2.3.7",96557,"CONCRETAGEM DE BLOCOS DE COROAMENTO E VIGAS BALDRAMES, FCK 30 MPA, COM USO DE BOMBA \u0096 LANÇAMENTO, ADENSAMENTO E ACABAMENTO. AF_06/2017",null,null,null,null,null,null,"M3",1.45,null,"Conforme Projeto Estrutural: "]
[null,null,null,null,null,null,null,null,null,null,null,"9.2.3.8",98557,"IMPERMEABILIZAÇÃO DE SUPERFÍCIE COM EMULSÃO ASFÁLTICA, 2 DEMÃOS AF_06/2018",null,null,null,null,null,null,"M2",4.83,null,"1,45m³ / 0,30m = 4,83m²"]
[null,null,null,null,null,null,null,null,null,null,null,"9.2.3.9",98562,"IMPERMEABILIZAÇÃO DE FLOREIRA OU VIGA BALDRAME COM ARGAMASSA DE CIMENTO E AREIA, COM ADITIVO IMPERMEABILIZANTE, E = 2 CM. AF_06/2018",null,null,null,null,null,null,"M2",4.83,null,"1,45m³ / 0,30m = 4,83m²"]
[null,null,null,null,null,null,null,null,null,null,null,"9.3","","SUPRAESTRUTURA",null,null,null,null,null,null,""]
[null,null,null,null,null,null,null,null,null,null,null,"9.3.1","","PILARES",null,null,null,null,null,null,""]
[null,null,null,null,null,null,null,null,null,null,null,"9.3.1.1",92443,"MONTAGEM E DESMONTAGEM DE FÔRMA DE PILARES RETANGULARES E ESTRUTURAS SIMILARES, PÉ-DIREITO SIMPLES, EM CHAPA DE MADEIRA COMPENSADA PLASTIFICADA, 18 UTILIZAÇÕES. AF_09/2020",null,null,null,null,null,null,"M2",15.6,null,"Conforme Projeto Estrutural: "]
[null,null,null,null,null,null,null,null,null,null,null,"9.3.1.2",104108,"ARMAÇÃO DE PILAR OU VIGA DE ESTRUTURA DE CONCRETO ARMADO EMBUTIDA EM ALVENARIA DE VEDAÇÃO UTILIZANDO AÇO CA-50 DE 10,0 MM - MONTAGEM. AF_06/2022",null,null,null,null,null,null,"KG",36.799999999999997,null,"Conforme Projeto Estrutural: "]
[null,null,null,null,null,null,null,null,null,null,null,"9.3.1.3",104107,"ARMAÇÃO DE PILAR OU VIGA DE ESTRUTURA DE CONCRETO ARMADO EMBUTIDA EM ALVENARIA DE VEDAÇÃO UTILIZANDO AÇO CA-50 DE 12,5 MM - MONTAGEM. AF_06/2022",null,null,null,null,null,null,"KG",51,null,"Conforme Projeto Estrutural: "]
[null,null,null,null,null,null,null,null,null,null,null,"9.3.1.4",104106,"ARMAÇÃO DE PILAR OU VIGA DE ESTRUTURA DE CONCRETO ARMADO EMBUTIDA EM ALVENARIA DE VEDAÇÃO UTILIZANDO AÇO CA-50 DE 16,0 MM - MONTAGEM. AF_06/2022",null,null,null,null,null,null,"KG",8,null,"Conforme Projeto Estrutural: "]
[null,null,null,null,null,null,null,null,null,null,null,"9.3.1.5",104111,"ARMAÇÃO DE PILAR OU VIGA DE ESTRUTURA DE CONCRETO ARMADO EMBUTIDA EM ALVENARIA DE VEDAÇÃO UTILIZANDO AÇO CA-60 DE 5,0 MM - MONTAGEM. AF_06/2022",null,null,null,null,null,null,"KG",51,null,"Conforme Projeto Estrutural: "]
[null,null,null,null,null,null,null,null,null,null,null,"9.3.1.6","ED-49788","FORNECIMENTO DE CONCRETO ESTRUTURAL, PREPARADO EM OBRA COM BETONEIRA, COM FCK 30MPA, INCLUSIVE LANÇAMENTO, ADENSAMENTO E ACABAMENTO (FUNDAÇÃO)",null,null,null,null,null,null,"M3",0.74,null,"Conforme Projeto Estrutural: "]
[null,null,null,null,null,null,null,null,null,null,null,"9.3.2","","VIGAS",null,null,null,null,null,null,""]
[null,null,null,null,null,null,null,null,null,null,null,"9.3.2.1",92480,"MONTAGEM E DESMONTAGEM DE FÔRMA DE VIGA, ESCORAMENTO METÁLICO, PÉ-DIREITO SIMPLES, EM CHAPA DE MADEIRA PLASTIFICADA, 18 UTILIZAÇÕES. AF_09/2020",null,null,null,null,null,null,"M2",12.43,null,"Conforme Projeto Estrutural: "]
[null,null,null,null,null,null,null,null,null,null,null,"9.3.2.2",104108,"ARMAÇÃO DE PILAR OU VIGA DE ESTRUTURA DE CONCRETO ARMADO EMBUTIDA EM ALVENARIA DE VEDAÇÃO UTILIZANDO AÇO CA-50 DE 10,0 MM - MONTAGEM. AF_06/2022",null,null,null,null,null,null,"KG",42.3,null,"Conforme Projeto Estrutural: "]
[null,null,null,null,null,null,null,null,null,null,null,"9.3.2.3",104107,"ARMAÇÃO DE PILAR OU VIGA DE ESTRUTURA DE CONCRETO ARMADO EMBUTIDA EM ALVENARIA DE VEDAÇÃO UTILIZANDO AÇO CA-50 DE 12,5 MM - MONTAGEM. AF_06/2022",null,null,null,null,null,null,"KG",31.1,null,"Conforme Projeto Estrutural: "]
[null,null,null,null,null,null,null,null,null,null,null,"9.3.2.4",104111,"ARMAÇÃO DE PILAR OU VIGA DE ESTRUTURA DE CONCRETO ARMADO EMBUTIDA EM ALVENARIA DE VEDAÇÃO UTILIZANDO AÇO CA-60 DE 5,0 MM - MONTAGEM. AF_06/2022",null,null,null,null,null,null,"KG",20.2,null,"Conforme Projeto Estrutural: "]
[null,null,null,null,null,null,null,null,null,null,null,"9.3.2.5","ED-49788","FORNECIMENTO DE CONCRETO ESTRUTURAL, PREPARADO EM OBRA COM BETONEIRA, COM FCK 30MPA, INCLUSIVE LANÇAMENTO, ADENSAMENTO E ACABAMENTO (FUNDAÇÃO)",null,null,null,null,null,null,"M3",1.1200000000000001,null,"Conforme Projeto Estrutural: "]
[null,null,null,null,null,null,null,null,null,null,null,"9.3.3","","LAJE RESPALDO",null,null,null,null,null,null,""]
[null,null,null,null,null,null,null,null,null,null,null,"9.3.3.1","ED-50258","LAJE PRÉ-MOLDADA UNIDIRECIONAL COM ENCHIMENTO EM POLIESTIRENO EXPANDIDO (EPS), CAPEAMENTO DE 4CM, SOBRECARGA DE 250KG/M2, ALTURA TOTAL DE 11CM E VÃO LIVRE MÁXIMO DE 5M, INCLUSIVE CONCRETO ESTRUTURAL, USINADO BOMBEADO COM FCK DE 20MPA, EXCLUSIVE TELA ARMADA E CIMBRAMENTO",null,null,null,null,null,null,"M2",24.5,null,"Conforme Projeto Estrutural: "]
[null,null,null,null,null,null,null,null,null,null,null,"9.3.3.2",92770,"ARMAÇÃO DE LAJE DE ESTRUTURA CONVENCIONAL DE CONCRETO ARMADO UTILIZANDO AÇO CA-50 DE 8,0 MM - MONTAGEM. AF_06/2022",null,null,null,null,null,null,"KG",30.6,null,"Conforme Projeto Estrutural: "]
[null,null,null,null,null,null,null,null,null,null,null,"9.3.3.3",92771,"ARMAÇÃO DE LAJE DE ESTRUTURA CONVENCIONAL DE CONCRETO ARMADO UTILIZANDO AÇO CA-50 DE 10,0 MM - MONTAGEM. AF_06/2022",null,null,null,null,null,null,"KG",4.5999999999999996,null,"Conforme Projeto Estrutural: "]
[null,null,null,null,null,null,null,null,null,null,null,"9.3.3.4",21141,"TELA DE ACO SOLDADA NERVURADA, CA-60, Q-92, (1,48 KG/M2), DIAMETRO DO FIO = 4,2 MM, LARGURA = 2,45 X 60 M DE COMPRIMENTO, ESPACAMENTO DA MALHA = 15  X 15 CM",null,null,null,null,null,null,"M2",24.5,null,"Conforme Projeto Estrutural: "]
[null,null,null,null,null,null,null,null,null,null,null,"9.3.3.5","ED-19637","CIMBRAMENTO PARA LAJE PRÉ-MOLDADA COM ESCORAMENTO METÁLICO, TIPO \"A\", ALTURA DE (200 ATÉ 310)CM, INCLUSIVE DESCARGA, MONTAGEM, DESMONTAGEM E CARGA",null,null,null,null,null,null,"M2XMÊS",68.599999999999994,null,"24,50m² x 2,80m = 68,60m²xmês"]
[null,null,null,null,null,null,null,null,null,null,null,"9.4","","ALVENARIA E PAINÉIS",null,null,null,null,null,null,""]
[null,null,null,null,null,null,null,null,null,null,null,"9.4.1","","ALVENARIA",null,null,null,null,null,null,""]
[null,null,null,null,null,null,null,null,null,null,null,"9.4.1.1",103327,"ALVENARIA DE VEDAÇÃO DE BLOCOS CERÂMICOS FURADOS NA VERTICAL DE 19X19X39 CM (ESPESSURA 19 CM) E ARGAMASSA DE ASSENTAMENTO COM PREPARO MANUAL. AF_12/2021",null,null,null,null,null,null,"M2",93.14,null,"25,42m x 2,80m + 21,96m x 1,00m = 93,14m²"]
[null,null,null,null,null,null,null,null,null,null,null,"9.4.2","","IMPERMEABILIZAÇÃO",null,null,null,null,null,null,""]
[null,null,null,null,null,null,null,null,null,null,null,"9.4.2.1",98561,"IMPERMEABILIZAÇÃO DE PAREDES COM ARGAMASSA DE CIMENTO E AREIA, COM ADITIVO IMPERMEABILIZANTE, E = 2CM. AF_06/2018",null,null,null,null,null,null,"M2",79.13,null,"(21,56m + 12,24m + 18,95m) x 1,50m = 79,13m²"]
[null,null,null,null,null,null,null,null,null,null,null,"9.5","","REVESTIMENTOS",null,null,null,null,null,null,""]
[null,null,null,null,null,null,null,null,null,null,null,"9.5.1","","PISO",null,null,null,null,null,null,""]
[null,null,null,null,null,null,null,null,null,null,null,"9.5.1.1",100577,"REGULARIZAÇÃO E COMPACTAÇÃO DE SUBLEITO DE SOLO PREDOMINANTEMENTE ARENOSO. AF_11/2019",null,null,null,null,null,null,"M2",22.04,null,"Conforme Projeto Estrutural: "]
[null,null,null,null,null,null,null,null,null,null,null,"9.5.1.2",97087,"CAMADA SEPARADORA PARA EXECUÇÃO DE RADIER, PISO DE CONCRETO OU LAJE SOBRE SOLO, EM LONA PLÁSTICA. AF_09/2021",null,null,null,null,null,null,"M2",22.04,null,"Conforme Projeto Estrutural: "]
[null,null,null,null,null,null,null,null,null,null,null,"9.5.1.3",96624,"LASTRO COM MATERIAL GRANULAR (PEDRA BRITADA N.2), APLICADO EM PISOS OU LAJES SOBRE SOLO, ESPESSURA DE *10 CM*. AF_08/2017",null,null,null,null,null,null,"M3",2.2000000000000002,null,"22,04m² x 0,10m = 2,20m³"]
[null,null,null,null,null,null,null,null,null,null,null,"9.5.1.4","ED-9319","PISO EM CONCRETO, USINADO CONVENCIONAL, FCK 15MPA, COM TELA SOLDADA NERVURADA TIPO Q-61, ACABAMENTO POLIDO EM NÍVEL ZERO, ESP. 5CM, INCLUSIVE FORNECIMENTO, LANÇAMENTO, ADENSAMENTO, EXCLUSIVE JUNTA DE DILATAÇÃO",null,null,null,null,null,null,"M2",22.04,null,"Conforme Projeto Estrutural: "]
[null,null,null,null,null,null,null,null,null,null,null,"9.5.1.5",88477,"CONTRAPISO COM ARGAMASSA AUTONIVELANTE, APLICADO SOBRE LAJE, ADERIDO, ESPESSURA 3CM. AF_07/2021",null,null,null,null,null,null,"M2",22.04,null,"Conforme Projeto Estrutural: "]
[null,null,null,null,null,null,null,null,null,null,null,"9.5.2","","PAREDES",null,null,null,null,null,null,""]
[null,null,null,null,null,null,null,null,null,null,null,"9.5.2.1",87878,"CHAPISCO APLICADO EM ALVENARIAS E ESTRUTURAS DE CONCRETO INTERNAS, COM COLHER DE PEDREIRO.  ARGAMASSA TRAÇO 1:3 COM PREPARO MANUAL. AF_10/2022",null,null,null,null,null,null,"M2",174.85,null,"((6,79+6,79+3,99+3,99)+(2,51+2,51+3,61+3,61)+(3,71+3,61+1,56+2,30+0,19+2,30+1,905+3,61))x3,3=174,85m²"]
[null,null,null,null,null,null,null,null,null,null,null,"9.5.2.2",87825,"EMBOÇO OU MASSA ÚNICA EM ARGAMASSA TRAÇO 1:2:8, PREPARO MECÂNICO COM BETONEIRA 400 L, APLICADA MANUALMENTE NAS PAREDES INTERNAS DA SACADA, ESPESSURA DE 25 MM, SEM USO DE TELA METÁLICA DE REFORÇO CONTRA FISSURAÇÃO. AF_08/2022",null,null,null,null,null,null,"M2",174.85,null,"((6,79+6,79+3,99+3,99)+(2,51+2,51+3,61+3,61)+(3,71+3,61+1,56+2,30+0,19+2,30+1,905+3,61))x3,3=174,85m²"]
[null,null,null,null,null,null,null,null,null,null,null,"9.5.3","","TETO",null,null,null,null,null,null,""]
[null,null,null,null,null,null,null,null,null,null,null,"9.5.3.1",87886,"CHAPISCO APLICADO NO TETO OU EM ESTRUTURA, COM DESEMPENADEIRA DENTADA. ARGAMASSA INDUSTRIALIZADA COM PREPARO MANUAL. AF_10/2022",null,null,null,null,null,null,"M2",22.04,null,"Conforme Projeto Estrutural: "]
[null,null,null,null,null,null,null,null,null,null,null,"9.5.3.2",90407,"MASSA ÚNICA, PARA RECEBIMENTO DE PINTURA, EM ARGAMASSA TRAÇO 1:2:8, PREPARO MANUAL, APLICADA MANUALMENTE EM TETO, ESPESSURA DE 20MM, COM EXECUÇÃO DE TALISCAS. AF_03/2015",null,null,null,null,null,null,"M2",22.04,null,"Conforme Projeto Estrutural: "]
[null,null,null,null,null,null,null,null,null,null,null,"10","","ELEVATÓRIA",null,null,null,null,null,null,""]
[null,null,null,null,null,null,null,null,null,null,null,"10.1","","INFRAESTRUTURA",null,null,null,null,null,null,""]
[null,null,null,null,null,null,null,null,null,null,null,"10.1.1","","ESTACAS/BROCAS",null,null,null,null,null,null,""]
[null,null,null,null,null,null,null,null,null,null,null,"10.1.1.1",100651,"ESTACA HÉLICE CONTÍNUA, DIÂMETRO DE 30 CM, INCLUSO CONCRETO FCK=30MPA E ARMADURA MÍNIMA (EXCLUSIVE BOMBEAMENTO, MOBILIZAÇÃO E DESMOBILIZAÇÃO). AF_12/2019_PA",null,null,null,null,null,null,"M",216,null,"18 estacas x 12,00m = 216,00m"]
[null,null,null,null,null,null,null,null,null,null,null,"10.1.1.2",92915,"ARMAÇÃO DE ESTRUTURAS DIVERSAS DE CONCRETO ARMADO, EXCETO VIGAS, PILARES, LAJES E FUNDAÇÕES, UTILIZANDO AÇO CA-60 DE 5,0 MM - MONTAGEM. AF_06/2022",null,null,null,null,null,null,"KG",33.700000000000003,null,"Conforme Projeto Estrutural: "]
[null,null,null,null,null,null,null,null,null,null,null,"10.1.1.3",92919,"ARMAÇÃO DE ESTRUTURAS DIVERSAS DE CONCRETO ARMADO, EXCETO VIGAS, PILARES, LAJES E FUNDAÇÕES, UTILIZANDO AÇO CA-50 DE 10,0 MM - MONTAGEM. AF_06/2022",null,null,null,null,null,null,"KG",147.6,null,"Conforme Projeto Estrutural: "]
[null,null,null,null,null,null,null,null,null,null,null,"10.1.1.4",100977,"CARGA, MANOBRA E DESCARGA DE SOLOS E MATERIAIS GRANULARES EM CAMINHÃO BASCULANTE 6 M³ - CARGA COM ESCAVADEIRA HIDRÁULICA (CAÇAMBA DE 1,20 M³ / 155 HP) E DESCARGA LIVRE (UNIDADE: M3). AF_07/2020",null,null,null,null,null,null,"M3",15.27,null,"216,00m x 0,0707m = 15,27m³"]
[null,null,null,null,null,null,null,null,null,null,null,"10.1.1.5",97914,"TRANSPORTE COM CAMINHÃO BASCULANTE DE 6 M³, EM VIA URBANA PAVIMENTADA, DMT ATÉ 30 KM (UNIDADE: M3XKM). AF_07/2020",null,null,null,null,null,null,"M3XKM",229.07,null,"15,27m³ x 15,00km = 229,07m³xkm"]
[null,null,null,null,null,null,null,null,null,null,null,"10.1.2","","BLOCOS DE FUNDAÇÃO",null,null,null,null,null,null,""]
[null,null,null,null,null,null,null,null,null,null,null,"10.1.2.1",96523,"ESCAVAÇÃO MANUAL PARA BLOCO DE COROAMENTO OU SAPATA (INCLUINDO ESCAVAÇÃO PARA COLOCAÇÃO DE FÔRMAS). AF_06/2017",null,null,null,null,null,null,"M3",3.88,null,"Conforme Projeto Estrutural: "]
[null,null,null,null,null,null,null,null,null,null,null,"10.1.2.2",96540,"FABRICAÇÃO, MONTAGEM E DESMONTAGEM DE FÔRMA PARA BLOCO DE COROAMENTO, EM CHAPA DE MADEIRA COMPENSADA RESINADA, E=17 MM, 4 UTILIZAÇÕES. AF_06/2017",null,null,null,null,null,null,"M2",11.52,null,"Conforme Projeto Estrutural: "]
[null,null,null,null,null,null,null,null,null,null,null,"10.1.2.3",100324,"LASTRO COM MATERIAL GRANULAR (PEDRA BRITADA N.1 E PEDRA BRITADA N.2), APLICADO EM PISOS OU LAJES SOBRE SOLO, ESPESSURA DE *10 CM*. AF_07/2019",null,null,null,null,null,null,"M3",0.67,null,"6,66m² x 0,10m = 0,67m³"]
[null,null,null,null,null,null,null,null,null,null,null,"10.1.2.4",96544,"ARMAÇÃO DE BLOCO, VIGA BALDRAME OU SAPATA UTILIZANDO AÇO CA-50 DE 6,3 MM - MONTAGEM. AF_06/2017",null,null,null,null,null,null,"KG",13.7,null,"Conforme Projeto Estrutural: "]
[null,null,null,null,null,null,null,null,null,null,null,"10.1.2.5",96545,"ARMAÇÃO DE BLOCO, VIGA BALDRAME OU SAPATA UTILIZANDO AÇO CA-50 DE 8 MM - MONTAGEM. AF_06/2017",null,null,null,null,null,null,"KG",139.69999999999999,null,"Conforme Projeto Estrutural: "]
[null,null,null,null,null,null,null,null,null,null,null,"10.1.2.6",96546,"ARMAÇÃO DE BLOCO, VIGA BALDRAME OU SAPATA UTILIZANDO AÇO CA-50 DE 10 MM - MONTAGEM. AF_06/2017",null,null,null,null,null,null,"KG",5.9,null,"Conforme Projeto Estrutural: "]
[null,null,null,null,null,null,null,null,null,null,null,"10.1.2.7",96557,"CONCRETAGEM DE BLOCOS DE COROAMENTO E VIGAS BALDRAMES, FCK 30 MPA, COM USO DE BOMBA \u0096 LANÇAMENTO, ADENSAMENTO E ACABAMENTO. AF_06/2017",null,null,null,null,null,null,"M3",3.88,null,"Conforme Projeto Estrutural: "]
[null,null,null,null,null,null,null,null,null,null,null,"10.1.2.8",98562,"IMPERMEABILIZAÇÃO DE FLOREIRA OU VIGA BALDRAME COM ARGAMASSA DE CIMENTO E AREIA, COM ADITIVO IMPERMEABILIZANTE, E = 2 CM. AF_06/2018",null,null,null,null,null,null,"M2",6.66,null,"3 blocos x 1,50m x 0,60m + 11 blocos x 0,60m x 0,60m = 6,66m²"]
[null,null,null,null,null,null,null,null,null,null,null,"10.1.2.9",98557,"IMPERMEABILIZAÇÃO DE SUPERFÍCIE COM EMULSÃO ASFÁLTICA, 2 DEMÃOS AF_06/2018",null,null,null,null,null,null,"M2",6.66,null,"3 blocos x 1,50m x 0,60m + 11 blocos x 0,60m x 0,60m = 6,66m²"]
[null,null,null,null,null,null,null,null,null,null,null,"10.1.3","","RADIER",null,null,null,null,null,null,""]
[null,null,null,null,null,null,null,null,null,null,null,"10.1.3.1",100575,"REGULARIZAÇÃO DE SUPERFÍCIES COM MOTONIVELADORA. AF_11/2019",null,null,null,null,null,null,"M2",25.97,null,"Conforme Projeto Estrutural: "]
[null,null,null,null,null,null,null,null,null,null,null,"10.1.3.2",96624,"LASTRO COM MATERIAL GRANULAR (PEDRA BRITADA N.2), APLICADO EM PISOS OU LAJES SOBRE SOLO, ESPESSURA DE *10 CM*. AF_08/2017",null,null,null,null,null,null,"M3",2.6,null,"25,97m² x 0,10m= 2,60m³"]
[null,null,null,null,null,null,null,null,null,null,null,"10.1.3.3",97087,"CAMADA SEPARADORA PARA EXECUÇÃO DE RADIER, PISO DE CONCRETO OU LAJE SOBRE SOLO, EM LONA PLÁSTICA. AF_09/2021",null,null,null,null,null,null,"M2",25.97,null,"Conforme Projeto Estrutural: "]
[null,null,null,null,null,null,null,null,null,null,null,"10.1.3.4",92770,"ARMAÇÃO DE LAJE DE ESTRUTURA CONVENCIONAL DE CONCRETO ARMADO UTILIZANDO AÇO CA-50 DE 8,0 MM - MONTAGEM. AF_06/2022",null,null,null,null,null,null,"KG",496.5,null,"Conforme Projeto Estrutural: "]
[null,null,null,null,null,null,null,null,null,null,null,"10.1.3.5",7155,"TELA DE ACO SOLDADA NERVURADA, CA-60, Q-138, (2,20 KG/M2), DIAMETRO DO FIO = 4,2 MM, LARGURA = 2,45 M, ESPACAMENTO DA MALHA = 10  X 10 CM",null,null,null,null,null,null,"M2",25.97,null,"Conforme Projeto Estrutural: "]
[null,null,null,null,null,null,null,null,null,null,null,"10.1.3.6",97102,"EXECUÇÃO DE RADIER, ESPESSURA DE 15 CM, FCK = 30 MPA, COM USO DE FORMAS EM MADEIRA SERRADA. AF_09/2021",null,null,null,null,null,null,"M2",25.97,null,"Conforme Projeto Estrutural: "]
[null,null,null,null,null,null,null,null,null,null,null,"10.1.3.7",88477,"CONTRAPISO COM ARGAMASSA AUTONIVELANTE, APLICADO SOBRE LAJE, ADERIDO, ESPESSURA 3CM. AF_07/2021",null,null,null,null,null,null,"M2",25.97,null,"Conforme Projeto Estrutural: "]
[null,null,null,null,null,null,null,null,null,null,null,"10.1.4","","CAIXA DE APOIO PARA MOTORES",null,null,null,null,null,null,""]
[null,null,null,null,null,null,null,null,null,null,null,"10.1.4.1","ED-9320","PISO EM CONCRETO, USINADO CONVENCIONAL, FCK 15MPA, COM TELA SOLDADA NERVURADA TIPO Q-138, ACABAMENTO POLÍDO EM NÍVEL ZERO, ESP. 10CM, INCLUSIVE FORNECIMENTO, LANÇAMENTO, ADENSAMENTO, EXCLUSIVE JUNTA DE DILATAÇÃO",null,null,null,null,null,null,"M2",3,null,"1,00m x 1,50m x 2 caixas = 3,00m²"]
[null,null,null,null,null,null,null,null,null,null,null,"10.1.5","","VIGA",null,null,null,null,null,null,""]
[null,null,null,null,null,null,null,null,null,null,null,"10.1.5.1",96527,"ESCAVAÇÃO MANUAL DE VALA PARA VIGA BALDRAME (INCLUINDO ESCAVAÇÃO PARA COLOCAÇÃO DE FÔRMAS). AF_06/2017",null,null,null,null,null,null,"M3",0.04,null,"Conforme Projeto Estrutural: "]
[null,null,null,null,null,null,null,null,null,null,null,"10.1.5.2",96542,"FABRICAÇÃO, MONTAGEM E DESMONTAGEM DE FÔRMA PARA VIGA BALDRAME, EM CHAPA DE MADEIRA COMPENSADA RESINADA, E=17 MM, 4 UTILIZAÇÕES. AF_06/2017",null,null,null,null,null,null,"M2",0.56999999999999995,null,"Conforme Projeto Estrutural: "]
[null,null,null,null,null,null,null,null,null,null,null,"10.1.5.3",100324,"LASTRO COM MATERIAL GRANULAR (PEDRA BRITADA N.1 E PEDRA BRITADA N.2), APLICADO EM PISOS OU LAJES SOBRE SOLO, ESPESSURA DE *10 CM*. AF_07/2019",null,null,null,null,null,null,"M3",0.01,null,"0,13m² x 0,10m = 0,01m³"]
[null,null,null,null,null,null,null,null,null,null,null,"10.1.5.4",96546,"ARMAÇÃO DE BLOCO, VIGA BALDRAME OU SAPATA UTILIZANDO AÇO CA-50 DE 10 MM - MONTAGEM. AF_06/2017",null,null,null,null,null,null,"KG",3.9,null,"Conforme Projeto Estrutural: "]
[null,null,null,null,null,null,null,null,null,null,null,"10.1.5.5",96543,"ARMAÇÃO DE BLOCO, VIGA BALDRAME E SAPATA UTILIZANDO AÇO CA-60 DE 5 MM - MONTAGEM. AF_06/2017",null,null,null,null,null,null,"KG",1.3,null,"Conforme Projeto Estrutural: "]
[null,null,null,null,null,null,null,null,null,null,null,"10.1.5.6",96557,"CONCRETAGEM DE BLOCOS DE COROAMENTO E VIGAS BALDRAMES, FCK 30 MPA, COM USO DE BOMBA \u0096 LANÇAMENTO, ADENSAMENTO E ACABAMENTO. AF_06/2017",null,null,null,null,null,null,"M3",0.04,null,"Conforme Projeto Estrutural: "]
[null,null,null,null,null,null,null,null,null,null,null,"10.1.5.7",98557,"IMPERMEABILIZAÇÃO DE SUPERFÍCIE COM EMULSÃO ASFÁLTICA, 2 DEMÃOS AF_06/2018",null,null,null,null,null,null,"M2",0.13,null,"0,04m³ / 0,30m = 0,13m²"]
[null,null,null,null,null,null,null,null,null,null,null,"10.1.5.8",98562,"IMPERMEABILIZAÇÃO DE FLOREIRA OU VIGA BALDRAME COM ARGAMASSA DE CIMENTO E AREIA, COM ADITIVO IMPERMEABILIZANTE, E = 2 CM. AF_06/2018",null,null,null,null,null,null,"M2",0.13,null,"0,04m³ / 0,30m = 0,13m²"]
[null,null,null,null,null,null,null,null,null,null,null,"10.1.6","","PAREDES DE CONTENÇÃO",null,null,null,null,null,null,""]
[null,null,null,null,null,null,null,null,null,null,null,"10.1.6.1",96527,"ESCAVAÇÃO MANUAL DE VALA PARA VIGA BALDRAME (INCLUINDO ESCAVAÇÃO PARA COLOCAÇÃO DE FÔRMAS). AF_06/2017",null,null,null,null,null,null,"M3",0.5,null,"4,98m² x 0,10m = 0,50m³"]
[null,null,null,null,null,null,null,null,null,null,null,"10.1.6.2",92269,"FABRICAÇÃO DE FÔRMA PARA PILARES E ESTRUTURAS SIMILARES, EM MADEIRA SERRADA, E=25 MM. AF_09/2020",null,null,null,null,null,null,"M2",152.86000000000001,null,"Conforme Projeto Estrutural: "]
[null,null,null,null,null,null,null,null,null,null,null,"10.1.6.3",100324,"LASTRO COM MATERIAL GRANULAR (PEDRA BRITADA N.1 E PEDRA BRITADA N.2), APLICADO EM PISOS OU LAJES SOBRE SOLO, ESPESSURA DE *10 CM*. AF_07/2019",null,null,null,null,null,null,"M3",0.5,null,"4,98m² x 0,10m = 0,50m³"]
[null,null,null,null,null,null,null,null,null,null,null,"10.1.6.4",92771,"ARMAÇÃO DE LAJE DE ESTRUTURA CONVENCIONAL DE CONCRETO ARMADO UTILIZANDO AÇO CA-50 DE 10,0 MM - MONTAGEM. AF_06/2022",null,null,null,null,null,null,"KG",1238.9000000000001,null,"Conforme Projeto Estrutural: "]
[null,null,null,null,null,null,null,null,null,null,null,"10.1.6.5",96557,"CONCRETAGEM DE BLOCOS DE COROAMENTO E VIGAS BALDRAMES, FCK 30 MPA, COM USO DE BOMBA \u0096 LANÇAMENTO, ADENSAMENTO E ACABAMENTO. AF_06/2017",null,null,null,null,null,null,"M3",14.04,null,"Conforme Projeto Estrutural: "]
[null,null,null,null,null,null,null,null,null,null,null,"10.1.6.6",98557,"IMPERMEABILIZAÇÃO DE SUPERFÍCIE COM EMULSÃO ASFÁLTICA, 2 DEMÃOS AF_06/2018",null,null,null,null,null,null,"M2",4.9800000000000004,null,"Conforme Projeto Estrutural: "]
[null,null,null,null,null,null,null,null,null,null,null,"10.1.6.7",98562,"IMPERMEABILIZAÇÃO DE FLOREIRA OU VIGA BALDRAME COM ARGAMASSA DE CIMENTO E AREIA, COM ADITIVO IMPERMEABILIZANTE, E = 2 CM. AF_06/2018",null,null,null,null,null,null,"M2",4.9800000000000004,null,"Conforme Projeto Estrutural: "]
[null,null,null,null,null,null,null,null,null,null,null,"10.2","","SUPRAESTRUTURA",null,null,null,null,null,null,""]
[null,null,null,null,null,null,null,null,null,null,null,"10.2.1","","PILARES",null,null,null,null,null,null,""]
[null,null,null,null,null,null,null,null,null,null,null,"10.2.1.1",92443,"MONTAGEM E DESMONTAGEM DE FÔRMA DE PILARES RETANGULARES E ESTRUTURAS SIMILARES, PÉ-DIREITO SIMPLES, EM CHAPA DE MADEIRA COMPENSADA PLASTIFICADA, 18 UTILIZAÇÕES. AF_09/2020",null,null,null,null,null,null,"M2",45.54,null,"Conforme Projeto Estrutural: "]
[null,null,null,null,null,null,null,null,null,null,null,"10.2.1.2",92760,"ARMAÇÃO DE PILAR OU VIGA DE ESTRUTURA CONVENCIONAL DE CONCRETO ARMADO UTILIZANDO AÇO CA-50 DE 6,3 MM - MONTAGEM. AF_06/2022",null,null,null,null,null,null,"KG",10.9,null,"Conforme Projeto Estrutural: "]
[null,null,null,null,null,null,null,null,null,null,null,"10.2.1.3",92762,"ARMAÇÃO DE PILAR OU VIGA DE ESTRUTURA CONVENCIONAL DE CONCRETO ARMADO UTILIZANDO AÇO CA-50 DE 10,0 MM - MONTAGEM. AF_06/2022",null,null,null,null,null,null,"KG",166.4,null,"Conforme Projeto Estrutural: "]
[null,null,null,null,null,null,null,null,null,null,null,"10.2.1.4",92764,"ARMAÇÃO DE PILAR OU VIGA DE ESTRUTURA CONVENCIONAL DE CONCRETO ARMADO UTILIZANDO AÇO CA-50 DE 16,0 MM - MONTAGEM. AF_06/2022",null,null,null,null,null,null,"KG",51.5,null,"Conforme Projeto Estrutural: "]
[null,null,null,null,null,null,null,null,null,null,null,"10.2.1.5",92765,"ARMAÇÃO DE PILAR OU VIGA DE ESTRUTURA CONVENCIONAL DE CONCRETO ARMADO UTILIZANDO AÇO CA-50 DE 20,0 MM - MONTAGEM. AF_06/2022",null,null,null,null,null,null,"KG",83.2,null,"Conforme Projeto Estrutural: "]
[null,null,null,null,null,null,null,null,null,null,null,"10.2.1.6",92759,"ARMAÇÃO DE PILAR OU VIGA DE ESTRUTURA CONVENCIONAL DE CONCRETO ARMADO UTILIZANDO AÇO CA-60 DE 5,0 MM - MONTAGEM. AF_06/2022",null,null,null,null,null,null,"KG",55.1,null,"Conforme Projeto Estrutural: "]
[null,null,null,null,null,null,null,null,null,null,null,"10.2.1.7","ED-49788","FORNECIMENTO DE CONCRETO ESTRUTURAL, PREPARADO EM OBRA COM BETONEIRA, COM FCK 30MPA, INCLUSIVE LANÇAMENTO, ADENSAMENTO E ACABAMENTO (FUNDAÇÃO)",null,null,null,null,null,null,"M3",2.16,null,"Conforme Projeto Estrutural: "]
[null,null,null,null,null,null,null,null,null,null,null,"10.2.2","","VIGAS",null,null,null,null,null,null,""]
[null,null,null,null,null,null,null,null,null,null,null,"10.2.2.1",92480,"MONTAGEM E DESMONTAGEM DE FÔRMA DE VIGA, ESCORAMENTO METÁLICO, PÉ-DIREITO SIMPLES, EM CHAPA DE MADEIRA PLASTIFICADA, 18 UTILIZAÇÕES. AF_09/2020",null,null,null,null,null,null,"M2",18.54,null,"Conforme Projeto Estrutural: "]
[null,null,null,null,null,null,null,null,null,null,null,"10.2.2.2",104108,"ARMAÇÃO DE PILAR OU VIGA DE ESTRUTURA DE CONCRETO ARMADO EMBUTIDA EM ALVENARIA DE VEDAÇÃO UTILIZANDO AÇO CA-50 DE 10,0 MM - MONTAGEM. AF_06/2022",null,null,null,null,null,null,"KG",85,null,"Conforme Projeto Estrutural: "]
[null,null,null,null,null,null,null,null,null,null,null,"10.2.2.3",104107,"ARMAÇÃO DE PILAR OU VIGA DE ESTRUTURA DE CONCRETO ARMADO EMBUTIDA EM ALVENARIA DE VEDAÇÃO UTILIZANDO AÇO CA-50 DE 12,5 MM - MONTAGEM. AF_06/2022",null,null,null,null,null,null,"KG",30.9,null,"Conforme Projeto Estrutural: "]
[null,null,null,null,null,null,null,null,null,null,null,"10.2.2.4",104111,"ARMAÇÃO DE PILAR OU VIGA DE ESTRUTURA DE CONCRETO ARMADO EMBUTIDA EM ALVENARIA DE VEDAÇÃO UTILIZANDO AÇO CA-60 DE 5,0 MM - MONTAGEM. AF_06/2022",null,null,null,null,null,null,"KG",39,null,"Conforme Projeto Estrutural: "]
[null,null,null,null,null,null,null,null,null,null,null,"10.2.2.5","ED-49788","FORNECIMENTO DE CONCRETO ESTRUTURAL, PREPARADO EM OBRA COM BETONEIRA, COM FCK 30MPA, INCLUSIVE LANÇAMENTO, ADENSAMENTO E ACABAMENTO (FUNDAÇÃO)",null,null,null,null,null,null,"M3",1.97,null,"Conforme Projeto Estrutural: "]
[null,null,null,null,null,null,null,null,null,null,null,"10.3","","LAJE DE PISO",null,null,null,null,null,null,""]
[null,null,null,null,null,null,null,null,null,null,null,"10.3.1",103760,"MONTAGEM E DESMONTAGEM DE FÔRMA DE LAJE MACIÇA, PÉ-DIREITO SIMPLES, EM CHAPA DE MADEIRA COMPENSADA RESINADA E CIMBRAMENTO DE MADEIRA, 2 UTILIZAÇÕES. AF_03/2022",null,null,null,null,null,null,"M2",3.79,null,"Conforme Projeto Estrutural: "]
[null,null,null,null,null,null,null,null,null,null,null,"10.3.2",92770,"ARMAÇÃO DE LAJE DE ESTRUTURA CONVENCIONAL DE CONCRETO ARMADO UTILIZANDO AÇO CA-50 DE 8,0 MM - MONTAGEM. AF_06/2022",null,null,null,null,null,null,"KG",30.6,null,"Conforme Projeto Estrutural: "]
[null,null,null,null,null,null,null,null,null,null,null,"10.3.3",92771,"ARMAÇÃO DE LAJE DE ESTRUTURA CONVENCIONAL DE CONCRETO ARMADO UTILIZANDO AÇO CA-50 DE 10,0 MM - MONTAGEM. AF_06/2022",null,null,null,null,null,null,"KG",4.5999999999999996,null,"Conforme Projeto Estrutural: "]
[null,null,null,null,null,null,null,null,null,null,null,"10.3.4",7155,"TELA DE ACO SOLDADA NERVURADA, CA-60, Q-138, (2,20 KG/M2), DIAMETRO DO FIO = 4,2 MM, LARGURA = 2,45 M, ESPACAMENTO DA MALHA = 10  X 10 CM",null,null,null,null,null,null,"M2",3.79,null,"Conforme Projeto Estrutural: "]
[null,null,null,null,null,null,null,null,null,null,null,"10.3.5","ED-49788","FORNECIMENTO DE CONCRETO ESTRUTURAL, PREPARADO EM OBRA COM BETONEIRA, COM FCK 30MPA, INCLUSIVE LANÇAMENTO, ADENSAMENTO E ACABAMENTO (FUNDAÇÃO)",null,null,null,null,null,null,"M3",0.56000000000000005,null,"Conforme Projeto Estrutural: "]
[null,null,null,null,null,null,null,null,null,null,null,"10.3.6",88477,"CONTRAPISO COM ARGAMASSA AUTONIVELANTE, APLICADO SOBRE LAJE, ADERIDO, ESPESSURA 3CM. AF_07/2021",null,null,null,null,null,null,"M2",3.79,null,"Conforme Projeto Estrutural: "]
[null,null,null,null,null,null,null,null,null,null,null,"10.4","","ESCADA",null,null,null,null,null,null,""]
[null,null,null,null,null,null,null,null,null,null,null,"10.4.1",103760,"MONTAGEM E DESMONTAGEM DE FÔRMA DE LAJE MACIÇA, PÉ-DIREITO SIMPLES, EM CHAPA DE MADEIRA COMPENSADA RESINADA E CIMBRAMENTO DE MADEIRA, 2 UTILIZAÇÕES. AF_03/2022",null,null,null,null,null,null,"M2",10.82,null,"Conforme Projeto Estrutural: "]
[null,null,null,null,null,null,null,null,null,null,null,"10.4.2",92770,"ARMAÇÃO DE LAJE DE ESTRUTURA CONVENCIONAL DE CONCRETO ARMADO UTILIZANDO AÇO CA-50 DE 8,0 MM - MONTAGEM. AF_06/2022",null,null,null,null,null,null,"KG",58.9,null,"Conforme Projeto Estrutural: "]
[null,null,null,null,null,null,null,null,null,null,null,"10.4.3",92771,"ARMAÇÃO DE LAJE DE ESTRUTURA CONVENCIONAL DE CONCRETO ARMADO UTILIZANDO AÇO CA-50 DE 10,0 MM - MONTAGEM. AF_06/2022",null,null,null,null,null,null,"KG",3.6,null,"Conforme Projeto Estrutural: "]
[null,null,null,null,null,null,null,null,null,null,null,"10.4.4","ED-49788","FORNECIMENTO DE CONCRETO ESTRUTURAL, PREPARADO EM OBRA COM BETONEIRA, COM FCK 30MPA, INCLUSIVE LANÇAMENTO, ADENSAMENTO E ACABAMENTO (FUNDAÇÃO)",null,null,null,null,null,null,"M3",0.94,null,"Conforme Projeto Estrutural: "]
[null,null,null,null,null,null,null,null,null,null,null,"10.5","","LAJE DE RESPALDO",null,null,null,null,null,null,""]
[null,null,null,null,null,null,null,null,null,null,null,"10.5.1","ED-50258","LAJE PRÉ-MOLDADA UNIDIRECIONAL COM ENCHIMENTO EM POLIESTIRENO EXPANDIDO (EPS), CAPEAMENTO DE 4CM, SOBRECARGA DE 250KG/M2, ALTURA TOTAL DE 11CM E VÃO LIVRE MÁXIMO DE 5M, INCLUSIVE CONCRETO ESTRUTURAL, USINADO BOMBEADO COM FCK DE 20MPA, EXCLUSIVE TELA ARMADA E CIMBRAMENTO",null,null,null,null,null,null,"M2",38.79,null,"Conforme Projeto Estrutural: "]
[null,null,null,null,null,null,null,null,null,null,null,"10.5.2",92770,"ARMAÇÃO DE LAJE DE ESTRUTURA CONVENCIONAL DE CONCRETO ARMADO UTILIZANDO AÇO CA-50 DE 8,0 MM - MONTAGEM. AF_06/2022",null,null,null,null,null,null,"KG",100.7,null,"Conforme Projeto Estrutural: "]
[null,null,null,null,null,null,null,null,null,null,null,"10.5.3",92771,"ARMAÇÃO DE LAJE DE ESTRUTURA CONVENCIONAL DE CONCRETO ARMADO UTILIZANDO AÇO CA-50 DE 10,0 MM - MONTAGEM. AF_06/2022",null,null,null,null,null,null,"KG",4.8,null,"Conforme Projeto Estrutural: "]
[null,null,null,null,null,null,null,null,null,null,null,"10.5.4",21141,"TELA DE ACO SOLDADA NERVURADA, CA-60, Q-92, (1,48 KG/M2), DIAMETRO DO FIO = 4,2 MM, LARGURA = 2,45 X 60 M DE COMPRIMENTO, ESPACAMENTO DA MALHA = 15  X 15 CM",null,null,null,null,null,null,"M2",38.79,null,"Conforme Projeto Estrutural: "]
[null,null,null,null,null,null,null,null,null,null,null,"10.5.5","ED-19637","CIMBRAMENTO PARA LAJE PRÉ-MOLDADA COM ESCORAMENTO METÁLICO, TIPO \"A\", ALTURA DE (200 ATÉ 310)CM, INCLUSIVE DESCARGA, MONTAGEM, DESMONTAGEM E CARGA",null,null,null,null,null,null,"M2XMÊS",38.79,null,"38,79m² x 1 mês = 38,79m²xmês"]
[null,null,null,null,null,null,null,null,null,null,null,"10.6","","ALVENARIA E PAINÉIS",null,null,null,null,null,null,""]
[null,null,null,null,null,null,null,null,null,null,null,"10.6.1","","ALVENARIA",null,null,null,null,null,null,""]
[null,null,null,null,null,null,null,null,null,null,null,"10.6.1.1",103327,"ALVENARIA DE VEDAÇÃO DE BLOCOS CERÂMICOS FURADOS NA VERTICAL DE 19X19X39 CM (ESPESSURA 19 CM) E ARGAMASSA DE ASSENTAMENTO COM PREPARO MANUAL. AF_12/2021",null,null,null,null,null,null,"M2",88.79,null,"(20,89m x 2,96m + 26,96m x 1,00m) = 88,79m²"]
[null,null,null,null,null,null,null,null,null,null,null,"10.6.2","","IMPERMEABILIZAÇÃO E DRENO EM ARRIMO",null,null,null,null,null,null,""]
[null,null,null,null,null,null,null,null,null,null,null,"10.6.2.1",98561,"IMPERMEABILIZAÇÃO DE PAREDES COM ARGAMASSA DE CIMENTO E AREIA, COM ADITIVO IMPERMEABILIZANTE, E = 2CM. AF_06/2018",null,null,null,null,null,null,"M2",145.71,null,"(22,96m + 18,04m + 11,04m) x 2,80m = 145,71m²"]
[null,null,null,null,null,null,null,null,null,null,null,"10.6.2.2","ED-49813","LASTRO DE BRITA COM PEDRA BRITADA NÚMERO 2 E 3, INCLUSIVE ADENSAMENTO E APILOAMENTO MANUAL",null,null,null,null,null,null,"M3",19.29,null,"(22,96m x 2,80m x 0,30m) = 19,29m³"]
[null,null,null,null,null,null,null,null,null,null,null,"10.6.2.3","RO-40980","MANTA GEOTÊXTIL NÃO TECIDA, A/180, OP/20 OU SIMILAR, RESISTÊNCIA À TRAÇÃO DE 12 KN/M2 (INCLUINDO FORNECIMENTO, TRANSPORTE E COLOCAÇÃO)",null,null,null,null,null,null,"M2",142.35,null,"22,96m x (2,80m x 2 lados + 0,30m x 2 lados) = 142,35m²"]
[null,null,null,null,null,null,null,null,null,null,null,"10.6.2.4","ED-48689","FORNECIMENTO E ASSENTAMENTO DE TUBO PVC FLEXÍVEL CORRUGADO, PERFURADO, DN 100 MM (4\"), PARA DRENAGEM",null,null,null,null,null,null,"M",27.96,null,"22,96m + 5,00m  = 27,96m"]
[null,null,null,null,null,null,null,null,null,null,null,"10.7","","REVESTIMENTOS",null,null,null,null,null,null,""]
[null,null,null,null,null,null,null,null,null,null,null,"10.7.1","","PAREDES",null,null,null,null,null,null,""]
[null,null,null,null,null,null,null,null,null,null,null,"10.7.1.1",87878,"CHAPISCO APLICADO EM ALVENARIAS E ESTRUTURAS DE CONCRETO INTERNAS, COM COLHER DE PEDREIRO.  ARGAMASSA TRAÇO 1:3 COM PREPARO MANUAL. AF_10/2022",null,null,null,null,null,null,"M2",256.71199999999999,null,"(((7,09+7,09+4,39+4,39))+(5,01+5,01+4,01+4,01)+(1,51+1,51+4,01+4,01))2,8)+(((7,09+7,09+4,39+4,39)+(6,71+6,71+4,01+4,01)x2,5)=256,712m²"]
[null,null,null,null,null,null,null,null,null,null,null,"10.7.1.2",87825,"EMBOÇO OU MASSA ÚNICA EM ARGAMASSA TRAÇO 1:2:8, PREPARO MECÂNICO COM BETONEIRA 400 L, APLICADA MANUALMENTE NAS PAREDES INTERNAS DA SACADA, ESPESSURA DE 25 MM, SEM USO DE TELA METÁLICA DE REFORÇO CONTRA FISSURAÇÃO. AF_08/2022",null,null,null,null,null,null,"M2",256.71199999999999,null,"(((7,09+7,09+4,39+4,39))+(5,01+5,01+4,01+4,01)+(1,51+1,51+4,01+4,01))2,8)+(((7,09+7,09+4,39+4,39)+(6,71+6,71+4,01+4,01)x2,5)=256,712m²"]
[null,null,null,null,null,null,null,null,null,null,null,"10.7.2","","TETO",null,null,null,null,null,null,""]
[null,null,null,null,null,null,null,null,null,null,null,"10.7.2.1",87886,"CHAPISCO APLICADO NO TETO OU EM ESTRUTURA, COM DESEMPENADEIRA DENTADA. ARGAMASSA INDUSTRIALIZADA COM PREPARO MANUAL. AF_10/2022",null,null,null,null,null,null,"M2",39.39,null,"Conforme Projeto Estrutural: "]
[null,null,null,null,null,null,null,null,null,null,null,"10.7.2.2",90407,"MASSA ÚNICA, PARA RECEBIMENTO DE PINTURA, EM ARGAMASSA TRAÇO 1:2:8, PREPARO MANUAL, APLICADA MANUALMENTE EM TETO, ESPESSURA DE 20MM, COM EXECUÇÃO DE TALISCAS. AF_03/2015",null,null,null,null,null,null,"M2",39.39,null,"Conforme Projeto Estrutural: "]

{"sheet":"MsPJ2","index":6,"n_rows":78,"n_cols":22,"rows_kept":78,"cut":false,"hidden":false,"merged":[[78,11,83,20],[65,11,66,20],[68,11,69,20],[71,11,71,20],[74,13,75,13],[74,14,74,17],[74,18,75,18],[75,14,75,17],[77,11,77,20],[59,11,59,18],[60,11,60,18],[61,11,61,18],[62,11,62,18],[73,11,73,20],[63,11,63,18],[54,11,54,18],[55,11,55,18],[56,11,56,18],[57,11,57,18],[58,11,58,18],[35,11,35,20],[43,11,45,20],[51,11,51,20],[53,11,53,18],[36,11,41,20],[19,11,19,18],[20,11,20,18],[31,11,31,20],[32,13,33,13],[32,14,32,17],[32,18,33,18],[33,14,33,17],[21,11,21,18],[23,11,24,20],[26,11,27,20],[29,11,29,20],[14,11,14,18],[15,11,15,18],[16,11,16,18],[17,11,17,18],[18,11,18,18],[1,11,3,20],[9,11,9,20],[11,11,11,18],[12,11,12,18],[13,11,13,18]]}
[]
[null,null,null,null,null,null,null,null,null,null,null,"BDI 1 - BENEFÍCIOS E DESPESAS INDIRETAS 1",null,null,null,null,null,null,null,null,null,"BDI1"]
[]
[]
[]
[null,null,null,null,null,null,null,null,null,null,null,"Conforme legislação tributária municipal, definir estimativa de percentual da base de cálculo para o ISS:  ",null,null,null,null,null,null,null,null,100]
[null,null,null,null,null,null,null,null,null,null,null,"Sobre a base de cálculo, definir a respectiva alíquota do ISS (entre 2% e 5%):  ",null,null,null,null,null,null,null,null,5]
[]
[null,null,null,null,null,null,null,null,null,null,null,"Tipo de obra"]
[null,null,null,null,null,null,null,null,null,null,2,"Construção de Redes de Abastecimento de Água, Coleta de Esgoto"]
[]
[null,null,null,null,null,null,null,null,null,null,null,"Itens",null,null,null,null,null,null,null,"Siglas","% Adotado"]
[null,null,null,null,null,null,null,null,null,null,null,"Administração Central",null,null,null,null,null,null,null,"AC",4.01]
[null,null,null,null,null,null,null,null,null,null,null,"Seguro e Garantia",null,null,null,null,null,null,null,"SG",0.4]
[null,null,null,null,null,null,null,null,null,null,null,"Risco",null,null,null,null,null,null,null,"R",0.56000000000000005]
[null,null,null,null,null,null,null,null,null,null,null,"Despesas Financeiras",null,null,null,null,null,null,null,"DF",1.1100000000000001]
[null,null,null,null,null,null,null,null,null,null,null,"Lucro",null,null,null,null,null,null,null,"L",7.3]
[null,null,null,null,null,null,null,null,null,null,null,"Tributos (impostos COFINS 3%, e  PIS 0,65%)",null,null,null,null,null,null,null,"CP",3.65]
[null,null,null,null,null,null,null,null,null,null,null,"Tributos (ISS, variável de acordo com o município)",null,null,null,null,null,null,null,"ISS",5]
[null,null,null,null,null,null,null,null,null,null,null,"Tributos (Contribuição Previdenciária sobre a Receita Bruta - 0% ou 4,5% - Desoneração)",null,null,null,null,null,null,null,"CPRB",0]
[null,null,null,null,null,null,null,null,null,null,null,"BDI SEM desoneração (Fórmula Acórdão TCU)",null,null,null,null,null,null,null,"BDI PAD",24.67]
[]
[]
[null,null,null,null,null,null,null,null,null,null,null,"Declaro para os devidos fins que, conforme legislação tributária municipal, a base de cálculo deste tipo de obra corresponde a 100%, com a respectiva alíquota de 5%."]
[]
[]
[null,null,null,null,null,null,null,null,null,null,null,"Declaro para os devidos fins que o regime de Contribuição Previdenciária sobre a Receita Bruta adotado para elaboração do orçamento foi SEM DESONERAÇÃO, e que esta é a alternativa mais adequada para a Administração Pública."]
[]
[]
[]
[]
[null,null,null,null,null,null,null,null,null,null,null,"Os valores de BDI foram calculados com o emprego da fórmula:"]
[null,null,null,null,null,null,null,null,null,null,null,null,null,"BDI =","(1 + AC + SG + R) * (1 + DF) * (1 + L)",null,null,null,-1]
[null,null,null,null,null,null,null,null,null,null,null,null,null,null,"(1-CP-ISS-CPRB)"]
[]
[null,null,null,null,null,null,null,null,null,null,null,"Observações"]
[]
[]
[]
[]
[]
[]
[null,null,null,null,null,null,null,null,null,null,7]
[null,null,null,null,null,null,null,null,null,null,null,"BDI 2 - BENEFÍCIOS E DESPESAS INDIRETAS 2"]
[]
[]
[]
[null,null,null,null,null,null,null,null,null,null,null,"Conforme legislação tributária municipal, definir estimativa de percentual da base de cálculo para o ISS:  "]
[null,null,null,null,null,null,null,null,null,null,null,"Sobre a base de cálculo, definir a respectiva alíquota do ISS (entre 2% e 5%):  "]
[]
[null,null,null,null,null,null,null,null,null,null,null,"Tipo de obra"]
[]
[]
[null,null,null,null,null,null,null,null,null,null,null,"Itens",null,null,null,null,null,null,null,"Siglas","% Adotado"]
[]
[]
[]
[]
[]
[null,null,null,null,null,null,null,null,null,null,null,"Tributos (impostos COFINS 3%, e  PIS 0,65%)",null,null,null,null,null,null,null,"CP"]
[null,null,null,null,null,null,null,null,null,null,null,"Tributos (ISS, variável de acordo com o município)",null,null,null,null,null,null,null,"ISS"]
[null,null,null,null,null,null,null,null,null,null,null,"Tributos (Contribuição Previdenciária sobre a Receita Bruta - 0% ou 4,5% - Desoneração)",null,null,null,null,null,null,null,"CPRB"]
[null,null,null,null,null,null,null,null,null,null,null,"BDI SEM desoneração (Fórmula Acórdão TCU)",null,null,null,null,null,null,null,"BDI PAD"]
[]
[]
[]
[]
[]
[]
[]
[]
[]
[]
[null,null,null,null,null,null,null,null,null,null,null,"Os valores de BDI foram calculados com o emprego da fórmula:"]
[null,null,null,null,null,null,null,null,null,null,null,null,null,"BDI =",null,null,null,null,-1]
[null,null,null,null,null,null,null,null,null,null,null,null,null,null,"(1-CP-ISS-CPRB)"]
[]
[null,null,null,null,null,null,null,null,null,null,null,"Observações"]

{"sheet":"MsPJ3","index":7,"n_rows":394,"n_cols":32,"rows_kept":394,"cut":false,"hidden":false,"merged":[[16,23,16,24],[16,25,16,26],[1,11,3,26]]}
[]
[null,null,null,null,null,null,null,null,null,null,null,"ORÇAMENTO"]
[]
[]
[null,null,null,null,null,null,null,null,null,null,null,null,null,null,null,null,null,null,null,null,null,null,null,null,null,null,"BDI1 = 24,67"]
[null,null,null,null,null,null,null,null,null,null,null,null,null,null,null,null,null,null,null,null,null,null,null,null,null,null,"BDI2 = 0,00"]
[]
[null,null,null,null,null,null,null,null,null,null,null,"Referências"]
[null,null,null,null,null,null,null,null,null,null,null,"SUDECAP 02_2023"]
[null,null,null,null,null,null,null,null,null,null,null,"SINAPI 05_2023"]
[null,null,null,null,null,null,null,null,null,null,null,"SEINFRA SUL 01_2023"]
[null,null,null,null,null,null,null,null,null,null,null,"DNIT 01_2023"]
[null,null,null,null,null,null,null,null,null,null,null,"COPASA SUL 05_2023"]
[]
[]
[null,null,null,null,null,null,null,null,null,null,null,"Itens do Orçamento",null,null,null,null,null,null,null,null,null,null,null,null,1350730.53,null,1683941.32,null,"BDI1 = 24,67","BDI2 = 0,00"]
[null,null,null,null,null,null,null,null,null,null,null,"ITEM","CÓDIGO","DESCRIÇÃO",null,null,null,null,null,null,"UNIDADE","QUANTIDADE","BDI","PREÇO (R$) SEM BDI",null,"PREÇO (R$) COM BDI",null,null,"DIFERENÇA ","VALOR","DIFERENÇA EM "]
[null,null,null,null,null,null,null,null,null,null,null,null,null,null,null,null,null,null,null,null,null,null,null,"VALOR UNIT.","TOTAL","VALOR UNIT.","TOTAL",null,"DE VALOR","UNIT. REF.","PERCENTUAL","REFERÊNCIA"]
[null,null,null,null,null,null,null,null,null,null,null,"1","","REDE ADUTORA DE ÁGUA BRUTA ",null,null,null,null,null,null,"",null,null,null,347126.4,null,432753.88,"",null,null,null,""]
[null,null,null,null,null,null,null,null,null,null,null,"1.1","","MOVIMENTAÇÃO DE SOLO E PAVIMENTOS",null,null,null,null,null,null,"",null,null,null,128731.29000000001,null,160488.18,"",null,null,null,""]
[null,null,null,null,null,null,null,null,null,null,null,"1.1.1",65000037,"DEMOLICAO PAVIMENTO ASFALTICO COM FAIXAS MENORES OU IGUAIS A 2,00M",null,null,null,null,null,null,"M2",180,"BDI1",14.2,2556,17.7,3186,"COPASA SUL 05_2023",0,14.2,0,"COPASA SUL 05_2023"]
[null,null,null,null,null,null,null,null,null,null,null,"1.1.2",65000038,"REMOCAO PAVIMENTO EM PARALELEPIPEDO, POLIEDRICO E PRE-MOLDADO DE CONCRETO",null,null,null,null,null,null,"M2",370,"BDI1",17.14,6341.8,21.37,7906.9,"COPASA SUL 05_2023",0,17.14,0,"COPASA SUL 05_2023"]
[null,null,null,null,null,null,null,null,null,null,null,"1.1.3",65000160,"ESCAVACAO MECANICA DE VALAS (SOLO SECO), PROFUNDIDADE ATE 1,50 M",null,null,null,null,null,null,"M3",1310.4000000000001,"BDI1",12.75,16707.599999999999,15.9,20835.36,"COPASA SUL 05_2023",0,12.75,0,"COPASA SUL 05_2023"]
[null,null,null,null,null,null,null,null,null,null,null,"1.1.4",65000152,"ESCAVACAO MANUAL DE VALAS (SOLO SECO), PROFUNDIDADE ATE 1.50 M",null,null,null,null,null,null,"M3",121.52,"BDI1",58.02,7050.59,72.33,8789.5400000000009,"COPASA SUL 05_2023",0,58.02,0,"COPASA SUL 05_2023"]
[null,null,null,null,null,null,null,null,null,null,null,"1.1.5",65000174,"ATERRO DE VALAS E CAVAS DE FUNDACAO, C/ CONTROLE DO GRAU DE COMPACTACAO DE NO MINIMO 97% DO PROCTOR NORMAL",null,null,null,null,null,null,"M3",1310.4000000000001,"BDI1",32.24,42247.3,40.19,52664.98,"COPASA SUL 05_2023",0,32.24,0,"COPASA SUL 05_2023"]
[null,null,null,null,null,null,null,null,null,null,null,"1.1.6",65000484,"RECOMPOSICAO DE PAVIMENTO EM POLIEDRICO, COM REAPROVEITAMENTO DO MATERIAL DEMOLIDO",null,null,null,null,null,null,"M2",370,"BDI1",95.84,35460.800000000003,119.48,44207.6,"COPASA SUL 05_2023",0,95.84,0,"COPASA SUL 05_2023"]
[null,null,null,null,null,null,null,null,null,null,null,"1.1.7",65002965,"RECOMPOSICAO DE PAVIMENTO ASFALTICO EM AREAS ACIMA DE 1,0M2",null,null,null,null,null,null,"M2",180,"BDI1",102.04,18367.2,127.21,22897.8,"COPASA SUL 05_2023",0,102.04,0,"COPASA SUL 05_2023"]
[null,null,null,null,null,null,null,null,null,null,null,"1.2","","FUNDAÇÕES E ESTRUTURAS",null,null,null,null,null,null,"",null,null,null,4066.04,null,5069.1400000000003,"",null,null,null,""]
[null,null,null,null,null,null,null,null,null,null,null,"1.2.1",65003905,"CAIXA PARA PROTECAO DE APARELHOS (1,50X2,00)M EM BLOCOS CONCRETO PREENCHIDOS COM CONCRETO MAGRO - ADICIONAL DE ALTURA",null,null,null,null,null,null,"M",2,"BDI1",2033.02,4066.04,2534.5700000000002,5069.1400000000003,"COPASA SUL 05_2023",0,2033.02,0,"COPASA SUL 05_2023"]
[null,null,null,null,null,null,null,null,null,null,null,"1.3","","ASSENTAMENTO E INSTALAÇÕES ",null,null,null,null,null,null,"",null,null,null,12905.45,null,16083.09,"",null,null,null,""]
[null,null,null,null,null,null,null,null,null,null,null,"1.3.1",65000378,"ASSENTAMENTO DE TUBOS E CONEXOES PVC JE DN 200",null,null,null,null,null,null,"M",1260,"BDI1",6.87,8656.2000000000007,8.56,10785.6,"COPASA SUL 05_2023",0,6.87,0,"COPASA SUL 05_2023"]
[null,null,null,null,null,null,null,null,null,null,null,"1.3.2",65000394,"ASSENTAMENTO DE TUBOS E CONEXOES DE FERRO FUNDIDO, JUNTA ELASTICA, DN 200",null,null,null,null,null,null,"M",25,"BDI1",15.25,381.25,19.010000000000002,475.25,"COPASA SUL 05_2023",0,15.25,0,"COPASA SUL 05_2023"]
[null,null,null,null,null,null,null,null,null,null,null,"1.3.3",65002365,"INSTALACAO DE CONJUNTO MOTOBOMBA COM POTENCIA ACIMA DE 25CV ATE 60CV",null,null,null,null,null,null,"UN",2,"BDI1",1934,3868,2411.12,4822.24,"COPASA SUL 05_2023",0,1934,0,"COPASA SUL 05_2023"]
[null,null,null,null,null,null,null,null,null,null,null,"1.4","","MATERIAIS ",null,null,null,null,null,null,"",null,null,null,201423.62,null,251113.47000000003,"",null,null,null,""]
[null,null,null,null,null,null,null,null,null,null,null,"1.4.1",25002534,"TUBO PVC DEFOFO PB JE DN200X6M",null,null,null,null,null,null,"M",1260,"BDI1",144.35,181881,179.96,226749.6,"COPASA SUL 05_2023",0,144.35,0,"COPASA SUL 05_2023"]
[null,null,null,null,null,null,null,null,null,null,null,"1.4.2",25040213,"TUBO FOFO PB EMIN 6,00MM DN 200XCMIN5,5M",null,null,null,null,null,null,"M",1,"BDI1",504.49,504.49,628.95000000000005,628.95000000000005,"COPASA SUL 05_2023",0,504.49,0,"COPASA SUL 05_2023"]
[null,null,null,null,null,null,null,null,null,null,null,"1.4.3",25000067,"CURVA 22º30' FOFO BB JE DN 200",null,null,null,null,null,null,"UN",7,"BDI1",430.74,3015.18,537,3759,"COPASA SUL 05_2023",0,430.74,0,"COPASA SUL 05_2023"]
[null,null,null,null,null,null,null,null,null,null,null,"1.4.4",25000078,"CURVA 45º FOFO BB JE DN 200",null,null,null,null,null,null,"UN",22,"BDI1",455.15,10013.299999999999,567.44000000000005,12483.68,"COPASA SUL 05_2023",0,455.15,0,"COPASA SUL 05_2023"]
[null,null,null,null,null,null,null,null,null,null,null,"1.4.5",25000089,"CURVA 90º FOFO BB JE DN 200",null,null,null,null,null,null,"UN",4,"BDI1",588.16,2352.64,733.26,2933.04,"COPASA SUL 05_2023",0,588.16,0,"COPASA SUL 05_2023"]
[null,null,null,null,null,null,null,null,null,null,null,"1.4.6",25000557,"TE RED.FOFO FFF PN16 DN 200X 150",null,null,null,null,null,null,"UN",1,"BDI1",1315.72,1315.72,1640.31,1640.31,"COPASA SUL 05_2023",0,1315.72,0,"COPASA SUL 05_2023"]
[null,null,null,null,null,null,null,null,null,null,null,"1.4.7",25043080,"VENTOSA TRIPLICE FUNC.AGUA FF PN40 DN100",null,null,null,null,null,null,"UN",1,"BDI1",2341.29,2341.29,2918.89,2918.89,"COPASA SUL 05_2023",0,2341.29,0,"COPASA SUL 05_2023"]
[null,null,null,null,null,null,null,null,null,null,null,"2","","ELEVATÓRIA E MATERIAIS ",null,null,null,null,null,null,"",null,null,null,351787.64999999991,null,438573.12000000011,"",null,null,null,""]
[null,null,null,null,null,null,null,null,null,null,null,"2.1","COT-012","CONJUNTO MOTOBOMBA ANFÍBIA, ROTOR RADIAL MONOBLOCO, SELO MECÂNICO, IPW68, MOTOR 50CV, POTÊNCIA REQUERIDA 38CV",null,null,null,null,null,null,"UN",2,"BDI1",139284.25,278568.5,173645.67,347291.34,"COTAÇÕES",null,null,null,""]
[null,null,null,null,null,null,null,null,null,null,null,"2.2","COT-013","COMPORTA DESLIZANTE DE PAREDE",null,null,null,null,null,null,"UN",1,"BDI1",28980,28980,36129.370000000003,36129.370000000003,"COTAÇÕES",null,null,null,""]
[null,null,null,null,null,null,null,null,null,null,null,"2.3","COT-014","TOCO FD FF16 DN 150X1000",null,null,null,null,null,null,"UN",2,"BDI1",1566.7,3133.4,1953.2,3906.4,"COTAÇÕES",null,null,null,""]
[null,null,null,null,null,null,null,null,null,null,null,"2.4",25000030,"COLAR DE TOMADA FOFO DN125 X 1/2\"",null,null,null,null,null,null,"UN",2,"BDI1",65.95,131.9,82.22,164.44,"COPASA SUL 05_2023",0,65.95,0,"COPASA SUL 05_2023"]
[null,null,null,null,null,null,null,null,null,null,null,"2.5","COT-010","JUNTA DE DESMONTAGEM TRAVADA AXIALMENTE C/ TIRANTES DN 200",null,null,null,null,null,null,"UN",2,"BDI1",1488.4,2976.8,1855.59,3711.18,"COTAÇÕES",null,null,null,""]
[null,null,null,null,null,null,null,null,null,null,null,"2.6",25003044,"VALVULA RET.FOFO PORT.UN.FF PN16 DN200",null,null,null,null,null,null,"UN",2,"BDI1",2035.59,4071.18,2537.77,5075.54,"COPASA SUL 05_2023",0,2035.59,0,"COPASA SUL 05_2023"]
[null,null,null,null,null,null,null,null,null,null,null,"2.7",25003283,"REGISTRO FOFO CBOR.FC S15 PN10 DN200",null,null,null,null,null,null,"UN",3,"BDI1",1876.24,5628.72,2339.11,7017.33,"COPASA SUL 05_2023",0,1876.24,0,"COPASA SUL 05_2023"]
[null,null,null,null,null,null,null,null,null,null,null,"2.8",25000110,"CURVA 45º FOFO FF PN16 DN 200",null,null,null,null,null,null,"UN",2,"BDI1",823.06,1646.12,1026.1099999999999,2052.2199999999998,"COPASA SUL 05_2023",0,823.06,0,"COPASA SUL 05_2023"]
[null,null,null,null,null,null,null,null,null,null,null,"2.9",25004149,"TUBO FOFO FF EM 6,00 PN16 DN200X1,00",null,null,null,null,null,null,"UN",6,"BDI1",1771.99,10631.94,2209.14,13254.84,"COPASA SUL 05_2023",0,1771.99,0,"COPASA SUL 05_2023"]
[null,null,null,null,null,null,null,null,null,null,null,"2.10",25000290,"JUNCAO FOFO FFF PN16 DN 200",null,null,null,null,null,null,"UN",1,"BDI1",1423.22,1423.22,1774.33,1774.33,"COPASA SUL 05_2023",0,1423.22,0,"COPASA SUL 05_2023"]
[null,null,null,null,null,null,null,null,null,null,null,"2.11",25000189,"EXTREMIDADE FOFO BF JE PN16 DN 200",null,null,null,null,null,null,"UN",6,"BDI1",397.79,2386.7399999999998,495.92,2975.52,"COPASA SUL 05_2023",0,397.79,0,"COPASA SUL 05_2023"]
[null,null,null,null,null,null,null,null,null,null,null,"2.12",25000477,"TE FOFO FFF PN25 DN 200",null,null,null,null,null,null,"UN",1,"BDI1",1060.52,1060.52,1322.15,1322.15,"COPASA SUL 05_2023",0,1060.52,0,"COPASA SUL 05_2023"]
[null,null,null,null,null,null,null,null,null,null,null,"2.13",25000181,"COLAR DE TOMADA FOFO DN200 X 1/2\"",null,null,null,null,null,null,"UN",2,"BDI1",106.54,213.08,132.82,265.64,"COPASA SUL 05_2023",0,106.54,0,"COPASA SUL 05_2023"]
[null,null,null,null,null,null,null,null,null,null,null,"2.14","COT-015","TOCO FD FFF16 DN 100X1000",null,null,null,null,null,null,"UN",1,"BDI1",1289.48,1289.48,1607.59,1607.59,"COTAÇÕES",null,null,null,""]
[null,null,null,null,null,null,null,null,null,null,null,"2.15",25000135,"CURVA 90º FOFO FF PN16 DN 100",null,null,null,null,null,null,"UN",2,"BDI1",248.68,497.36,310.02999999999997,620.05999999999995,"COPASA SUL 05_2023",0,248.68,0,"COPASA SUL 05_2023"]
[null,null,null,null,null,null,null,null,null,null,null,"2.16",25003281,"REGISTRO FOFO CBOR.FV S15 PN10/16 DN100",null,null,null,null,null,null,"UN",1,"BDI1",751.01,751.01,936.28,936.28,"COPASA SUL 05_2023",0,751.01,0,"COPASA SUL 05_2023"]
[null,null,null,null,null,null,null,null,null,null,null,"2.17",25013794,"VIGA I  4\"X2.5/8\"X6,43MM",null,null,null,null,null,null,"UN",1,"BDI1",1572.73,1572.73,1960.72,1960.72,"COPASA SUL 05_2023",0,1572.73,0,"COPASA SUL 05_2023"]
[null,null,null,null,null,null,null,null,null,null,null,"2.18",25003566,"ARRUELA BORRACHA FLANGE PN10 DN100",null,null,null,null,null,null,"UN",5,"BDI1",3.25,16.25,4.05,20.25,"COPASA SUL 05_2023",0,3.25,0,"COPASA SUL 05_2023"]
[null,null,null,null,null,null,null,null,null,null,null,"2.19",25003568,"ARRUELA BORRACHA FLANGE PN10 DN150",null,null,null,null,null,null,"UN",6,"BDI1",5.83,34.979999999999997,7.27,43.62,"COPASA SUL 05_2023",0,5.83,0,"COPASA SUL 05_2023"]
[null,null,null,null,null,null,null,null,null,null,null,"2.20",25003569,"ARRUELA BORRACHA FLANGE PN10 DN200",null,null,null,null,null,null,"UN",15,"BDI1",6.35,95.25,7.92,118.8,"COPASA SUL 05_2023",0,6.35,0,"COPASA SUL 05_2023"]
[null,null,null,null,null,null,null,null,null,null,null,"2.21",25025390,"PARAFUSO C/PORCAS P/FLANGE PN10 DN16x80",null,null,null,null,null,null,"UN",40,"BDI1",9.07,362.8,11.31,452.4,"COPASA SUL 05_2023",0,9.07,0,"COPASA SUL 05_2023"]
[null,null,null,null,null,null,null,null,null,null,null,"2.22",35001037,"PARAFUSO C/PORCAS P/ FLANGES-PPF DN20x90",null,null,null,null,null,null,"UN",252,"BDI1",12.13,3056.76,15.12,3810.24,"COPASA SUL 05_2023",0,12.13,0,"COPASA SUL 05_2023"]
[null,null,null,null,null,null,null,null,null,null,null,"2.23",25002140,"TUBO PVC PB JEI CL15 DN100X6M",null,null,null,null,null,null,"M",60,"BDI1",43.05,2583,53.67,3220.2,"COPASA SUL 05_2023",0,43.05,0,"COPASA SUL 05_2023"]
[null,null,null,null,null,null,null,null,null,null,null,"2.24","ED-50810","JANELA TIPO VENEZIANA EM CHAPA 14 - PADRÃO SEDS",null,null,null,null,null,null,"M2",1,"BDI1",675.91,675.91,842.66,842.66,"SEINFRA SUL 01_2023",0,675.91,0,"SEINFRA SUL 01_2023"]
[null,null,null,null,null,null,null,null,null,null,null,"3","","SUBSTAÇÃO ABRIGADA N° 5 CEMIG",null,null,null,null,null,null,"",null,null,null,42171.080000000016,null,52574.5,"",null,null,null,""]
[null,null,null,null,null,null,null,null,null,null,null,"3.1",39891,"BUCHA DE REDUCAO DE COBRE (REF 600-2) SEM ANEL DE SOLDA, PONTA X BOLSA, 54 X 42 MM",null,null,null,null,null,null,"UN",1,"BDI1",48.06,48.06,59.92,59.92,"SINAPI 05_2023",0,48.06,0,"SINAPI 05_2023"]
[null,null,null,null,null,null,null,null,null,null,null,"3.2",35001512,"CONECTOR PARAF FEND FURO 10MM2, 16-70MM2",null,null,null,null,null,null,"UN",20,"BDI1",4.99,99.8,6.22,124.4,"COPASA SUL 05_2023",0,4.99,0,"COPASA SUL 05_2023"]
[null,null,null,null,null,null,null,null,null,null,null,"3.3","COT-016","CHAVE SECCIONADORA SOB CARGA TRIFÁSICA 200A/15KV, NBL MINÍMO 95KV",null,null,null,null,null,null,"UN",1,"BDI1",3187.9,3187.9,3974.35,3974.35,"COTAÇÕES",null,null,null,""]
[null,null,null,null,null,null,null,null,null,null,null,"3.4","COT-022","CAVALETE AÇO PINTADO ANTICORROSIVO PARA 3TP E 3 TC",null,null,null,null,null,null,"UN",1,"BDI1",2310,2310,2879.88,2879.88,"COTAÇÕES",null,null,null,""]
[null,null,null,null,null,null,null,null,null,null,null,"3.5",3394,"ISOLADOR DE PORCELANA, TIPO BUCHA, PARA TENSAO DE *15* KV",null,null,null,null,null,null,"UN",1,"BDI1",720.51,720.51,898.26,898.26,"SINAPI 05_2023",0,720.51,0,"SINAPI 05_2023"]
[null,null,null,null,null,null,null,null,null,null,null,"3.6","COT-017","GRADE DE PROTEÇÃO COM TELA ZINCADA N12",null,null,null,null,null,null,"UN",2,"BDI1",4431.5,8863,5524.75,11049.5,"COTAÇÕES",null,null,null,""]
[null,null,null,null,null,null,null,null,null,null,null,"3.7","COT-018","TELA MECANICA TIPO VENEZIANAPARA VENTILAÇÃO INTERNA",null,null,null,null,null,null,"UN",4,"BDI1",1300,5200,1620.71,6482.84,"COTAÇÕES",null,null,null,""]
[null,null,null,null,null,null,null,null,null,null,null,"3.8","COT-019","MUFLA TERMINAL PARA CONDUTOR DE COBRE 15KV USO INTERNO",null,null,null,null,null,null,"UN",3,"BDI1",455.73,1367.19,568.16,1704.48,"COTAÇÕES",null,null,null,""]
[null,null,null,null,null,null,null,null,null,null,null,"3.9",35001847,"SUPORTE ACO GALV C/ BORRACHA CABO/MUFLA",null,null,null,null,null,null,"UN",1,"BDI1",55,55,68.569999999999993,68.569999999999993,"COPASA SUL 05_2023",0,55,0,"COPASA SUL 05_2023"]
[null,null,null,null,null,null,null,null,null,null,null,"3.10",3406,"ISOLADOR DE PORCELANA, TIPO PINO MONOCORPO, PARA TENSAO DE *15* KV",null,null,null,null,null,null,"UN",3,"BDI1",41.78,125.34,52.09,156.27000000000001,"SINAPI 05_2023",0,41.78,0,"SINAPI 05_2023"]
[null,null,null,null,null,null,null,null,null,null,null,"3.11",35001829,"BARRAMENTO COBRE VERGALHAO 3/8\" PC 3M",null,null,null,null,null,null,"UN",10,"BDI1",341.46,3414.6,425.7,4257,"COPASA SUL 05_2023",0,341.46,0,"COPASA SUL 05_2023"]
[null,null,null,null,null,null,null,null,null,null,null,"3.12",35001522,"CAIXA MEDIDOR POLIF, P.CEMIG CM-3LVP",null,null,null,null,null,null,"UN",1,"BDI1",466.27,466.27,581.29999999999995,581.29999999999995,"COPASA SUL 05_2023",0,466.27,0,"COPASA SUL 05_2023"]
[null,null,null,null,null,null,null,null,null,null,null,"3.13","ED-20649","CAIXA PARA MEDIÇÃO, TIPO CM-9, DIMENSÕES CONFORME PADRÃO CEMIG, EXCLUSIVE DISJUNTOR, INCLUSIVE INSTALAÇÃO",null,null,null,null,null,null,"UN",1,"BDI1",2636.08,2636.08,3286.4,3286.4,"SEINFRA SUL 01_2023",0,2636.08,0,"SEINFRA SUL 01_2023"]
[null,null,null,null,null,null,null,null,null,null,null,"3.14",986,"CABO DE COBRE, RIGIDO, CLASSE 2, ISOLACAO EM PVC/A, ANTICHAMA BWF-B, 1 CONDUTOR, 450/750 V, SECAO NOMINAL 25 MM2",null,null,null,null,null,null,"M",30,"BDI1",22.87,686.1,28.51,855.3,"SINAPI 05_2023",0,22.87,0,"SINAPI 05_2023"]
[null,null,null,null,null,null,null,null,null,null,null,"3.15",864,"CABO DE COBRE NU 70 MM2 MEIO-DURO",null,null,null,null,null,null,"M",20,"BDI1",63.82,1276.4000000000001,79.56,1591.2,"SINAPI 05_2023",0,63.82,0,"SINAPI 05_2023"]
[null,null,null,null,null,null,null,null,null,null,null,"3.16",2683,"ELETRODUTO DE PVC RIGIDO ROSCAVEL DE 4 \", SEM LUVA",null,null,null,null,null,null,"M",6,"BDI1",58.36,350.16,72.760000000000005,436.56,"SINAPI 05_2023",0,58.36,0,"SINAPI 05_2023"]
[null,null,null,null,null,null,null,null,null,null,null,"3.17",1895,"LUVA EM PVC RIGIDO ROSCAVEL, DE 4\", PARA ELETRODUTO",null,null,null,null,null,null,"UN",2,"BDI1",31.11,62.22,38.78,77.56,"SINAPI 05_2023",0,31.11,0,"SINAPI 05_2023"]
[null,null,null,null,null,null,null,null,null,null,null,"3.18",1878,"CURVA 90 GRAUS, LONGA, DE PVC RIGIDO ROSCAVEL, DE 4\", PARA ELETRODUTO",null,null,null,null,null,null,"UN",2,"BDI1",54.75,109.5,68.260000000000005,136.52000000000001,"SINAPI 05_2023",0,54.75,0,"SINAPI 05_2023"]
[null,null,null,null,null,null,null,null,null,null,null,"3.19",35001416,"ELET ACO GALV 4\" BSP, 3,75MM NBR5598",null,null,null,null,null,null,"UN",2,"BDI1",331.85,663.7,413.72,827.44,"COPASA SUL 05_2023",0,331.85,0,"COPASA SUL 05_2023"]
[null,null,null,null,null,null,null,null,null,null,null,"3.20",35000389,"LUVA SIMPLES F.G CL10 Ø4\"",null,null,null,null,null,null,"UN",2,"BDI1",98.32,196.64,122.58,245.16,"COPASA SUL 05_2023",0,98.32,0,"COPASA SUL 05_2023"]
[null,null,null,null,null,null,null,null,null,null,null,"3.21",35001534,"BUCHA E ARRUELA PAR Ø50mm",null,null,null,null,null,null,"CJ",1,"BDI1",1.74,1.74,2.17,2.17,"COPASA SUL 05_2023",0,1.74,0,"COPASA SUL 05_2023"]
[null,null,null,null,null,null,null,null,null,null,null,"3.22",35000166,"CURVA 90 GR RL PVC PBA JE DN100 DE110 MM",null,null,null,null,null,null,"UN",1,"BDI1",86.8,86.8,108.21,108.21,"COPASA SUL 05_2023",0,86.8,0,"COPASA SUL 05_2023"]
[null,null,null,null,null,null,null,null,null,null,null,"3.23",10892,"EXTINTOR DE INCENDIO PORTATIL COM CARGA DE PO QUIMICO SECO (PQS) DE 6 KG, CLASSE BC",null,null,null,null,null,null,"UN",1,"BDI1",180,180,224.41,224.41,"SINAPI 05_2023",0,180,0,"SINAPI 05_2023"]
[null,null,null,null,null,null,null,null,null,null,null,"3.24","COT-020","PLATAFORMA BASCULANTE DE MADEIRA",null,null,null,null,null,null,"UN",1,"BDI1",640,640,797.89,797.89,"COTAÇÕES",null,null,null,""]
[null,null,null,null,null,null,null,null,null,null,null,"3.25",35000136,"GRADE MODULAR SINALIZACAO-P-COPASA 177/-",null,null,null,null,null,null,"UN",3,"BDI1",481.5,1444.5,600.29,1800.87,"COPASA SUL 05_2023",0,481.5,0,"COPASA SUL 05_2023"]
[null,null,null,null,null,null,null,null,null,null,null,"3.26",35001282,"PORTA VENEZIANA ALUMINIO S/ VENTILACAO",null,null,null,null,null,null,"M2",1,"BDI1",285.89,285.89,356.42,356.42,"COPASA SUL 05_2023",0,285.89,0,"COPASA SUL 05_2023"]
[null,null,null,null,null,null,null,null,null,null,null,"3.27",35001582,"LAMPADA TUB T8 LED 1650 LUMENS 100-240V",null,null,null,null,null,null,"UN",4,"BDI1",16,64,19.95,79.8,"COPASA SUL 05_2023",0,16,0,"COPASA SUL 05_2023"]
[null,null,null,null,null,null,null,null,null,null,null,"3.28",38774,"LUMINARIA DE EMERGENCIA 30 LEDS, POTENCIA 2 W, BATERIA DE LITIO, AUTONOMIA DE 6 HORAS",null,null,null,null,null,null,"UN",1,"BDI1",21.43,21.43,26.72,26.72,"SINAPI 05_2023",0,21.43,0,"SINAPI 05_2023"]
[null,null,null,null,null,null,null,null,null,null,null,"3.29",2593,"CONDULETE DE ALUMINIO TIPO LR, PARA ELETRODUTO ROSCAVEL DE 3/4\", COM TAMPA CEGA",null,null,null,null,null,null,"UN",2,"BDI1",12.63,25.26,15.75,31.5,"SINAPI 05_2023",0,12.63,0,"SINAPI 05_2023"]
[null,null,null,null,null,null,null,null,null,null,null,"3.30",2593,"CONDULETE DE ALUMINIO TIPO LR, PARA ELETRODUTO ROSCAVEL DE 3/4\", COM TAMPA CEGA",null,null,null,null,null,null,"UN",1,"BDI1",12.63,12.63,15.75,15.75,"SINAPI 05_2023",0,12.63,0,"SINAPI 05_2023"]
[null,null,null,null,null,null,null,null,null,null,null,"3.31",2574,"CONDULETE DE ALUMINIO TIPO T, PARA ELETRODUTO ROSCAVEL DE 3/4\", COM TAMPA CEGA",null,null,null,null,null,null,"UN",1,"BDI1",14.57,14.57,18.16,18.16,"SINAPI 05_2023",0,14.57,0,"SINAPI 05_2023"]
[null,null,null,null,null,null,null,null,null,null,null,"3.32",12128,"INTERRUPTOR SIMPLES 10A, 250V, CONJUNTO MONTADO PARA SOBREPOR 4\" X 2\" (CAIXA + MODULO)",null,null,null,null,null,null,"UN",1,"BDI1",9.69,9.69,12.08,12.08,"SINAPI 05_2023",0,9.69,0,"SINAPI 05_2023"]
[null,null,null,null,null,null,null,null,null,null,null,"3.33",35001398,"ELET ACO GALV 3/4\" BSP, 2,25MM NBR5598",null,null,null,null,null,null,"UN",1,"BDI1",70,70,87.27,87.27,"COPASA SUL 05_2023",0,70,0,"COPASA SUL 05_2023"]
[null,null,null,null,null,null,null,null,null,null,null,"3.34",35001407,"ELET ACO GALV 1 1/2\" BSP, 3,00MM NBR5598",null,null,null,null,null,null,"UN",4,"BDI1",124.31,497.24,154.97999999999999,619.91999999999996,"COPASA SUL 05_2023",0,124.31,0,"COPASA SUL 05_2023"]
[null,null,null,null,null,null,null,null,null,null,null,"3.35",3939,"LUVA DE FERRO GALVANIZADO, COM ROSCA BSP, DE 1 1/2\"",null,null,null,null,null,null,"UN",6,"BDI1",20.9,125.4,26.06,156.36000000000001,"SINAPI 05_2023",0,20.9,0,"SINAPI 05_2023"]
[null,null,null,null,null,null,null,null,null,null,null,"3.36",35001429,"CURVA 90G ACO GALV 1 1/2\" BSP NBR5598",null,null,null,null,null,null,"UN",2,"BDI1",35.72,71.44,44.53,89.06,"COPASA SUL 05_2023",0,35.72,0,"COPASA SUL 05_2023"]
[null,null,null,null,null,null,null,null,null,null,null,"3.37",35001573,"TOMADA 2P+T 20A-250V C/TAMPA NBR-14136",null,null,null,null,null,null,"CJ",1,"BDI1",10.83,10.83,13.5,13.5,"COPASA SUL 05_2023",0,10.83,0,"COPASA SUL 05_2023"]
[null,null,null,null,null,null,null,null,null,null,null,"3.38",35001590,"TOMADA 2P+T 10A-250V C/TAMPA NBR-14136",null,null,null,null,null,null,"CJ",1,"BDI1",4.9000000000000004,4.9000000000000004,6.11,6.11,"COPASA SUL 05_2023",0,4.9000000000000004,0,"COPASA SUL 05_2023"]
[null,null,null,null,null,null,null,null,null,null,null,"3.39",867,"CABO DE COBRE NU 50 MM2 MEIO-DURO",null,null,null,null,null,null,"M",15,"BDI1",48.32,724.8,60.24,903.6,"SINAPI 05_2023",0,48.32,0,"SINAPI 05_2023"]
[null,null,null,null,null,null,null,null,null,null,null,"3.40",868,"CABO DE COBRE NU 25 MM2 MEIO-DURO",null,null,null,null,null,null,"M",30,"BDI1",23.03,690.9,28.71,861.3,"SINAPI 05_2023",0,23.03,0,"SINAPI 05_2023"]
[null,null,null,null,null,null,null,null,null,null,null,"3.41",11862,"CONECTOR METALICO TIPO PARAFUSO FENDIDO (SPLIT BOLT), PARA CABOS ATE 50 MM2",null,null,null,null,null,null,"UN",12,"BDI1",17.28,207.36,21.54,258.48,"SINAPI 05_2023",0,17.28,0,"SINAPI 05_2023"]
[null,null,null,null,null,null,null,null,null,null,null,"3.42",35001502,"CAIXA SUSPENSA INSP ATER.P/ELETODUTO Ø1\"",null,null,null,null,null,null,"UN",4,"BDI1",42.91,171.64,53.5,214,"COPASA SUL 05_2023",0,42.91,0,"COPASA SUL 05_2023"]
[null,null,null,null,null,null,null,null,null,null,null,"3.43",11991,"HASTE DE ATERRAMENTO EM ACO GALVANIZADO TIPO CANTONEIRA COM 2,00 M DE COMPRIMENTO, 25 X 25 MM E CHAPA DE 3/16\"",null,null,null,null,null,null,"UN",4,"BDI1",119.51,478.04,148.99,595.96,"SINAPI 05_2023",0,119.51,0,"SINAPI 05_2023"]
[null,null,null,null,null,null,null,null,null,null,null,"3.44",977,"CABO DE COBRE, FLEXIVEL, CLASSE 4 OU 5, ISOLACAO EM PVC/A, ANTICHAMA BWF-B, COBERTURA PVC-ST1, ANTICHAMA BWF-B, 1 CONDUTOR, 0,6/1 KV, SECAO NOMINAL 70 MM2",null,null,null,null,null,null,"M",45,"BDI1",64.290000000000006,2893.05,80.150000000000006,3606.75,"SINAPI 05_2023",0,64.290000000000006,0,"SINAPI 05_2023"]
[null,null,null,null,null,null,null,null,null,null,null,"3.45",977,"CABO DE COBRE, FLEXIVEL, CLASSE 4 OU 5, ISOLACAO EM PVC/A, ANTICHAMA BWF-B, COBERTURA PVC-ST1, ANTICHAMA BWF-B, 1 CONDUTOR, 0,6/1 KV, SECAO NOMINAL 70 MM2",null,null,null,null,null,null,"M",15,"BDI1",64.290000000000006,964.35,80.150000000000006,1202.25,"SINAPI 05_2023",0,64.290000000000006,0,"SINAPI 05_2023"]
[null,null,null,null,null,null,null,null,null,null,null,"3.46",1019,"CABO DE COBRE, FLEXIVEL, CLASSE 4 OU 5, ISOLACAO EM PVC/A, ANTICHAMA BWF-B, COBERTURA PVC-ST1, ANTICHAMA BWF-B, 1 CONDUTOR, 0,6/1 KV, SECAO NOMINAL 35 MM2",null,null,null,null,null,null,"M",15,"BDI1",31.07,466.05,38.729999999999997,580.95000000000005,"SINAPI 05_2023",0,31.07,0,"SINAPI 05_2023"]
[null,null,null,null,null,null,null,null,null,null,null,"3.47",1022,"CABO DE COBRE, FLEXIVEL, CLASSE 4 OU 5, ISOLACAO EM PVC/A, ANTICHAMA BWF-B, COBERTURA PVC-ST1, ANTICHAMA BWF-B, 1 CONDUTOR, 0,6/1 KV, SECAO NOMINAL 2,5 MM2",null,null,null,null,null,null,"M",30,"BDI1",2.4300000000000002,72.900000000000006,3.03,90.9,"SINAPI 05_2023",0,2.4300000000000002,0,"SINAPI 05_2023"]
[null,null,null,null,null,null,null,null,null,null,null,"3.48",1022,"CABO DE COBRE, FLEXIVEL, CLASSE 4 OU 5, ISOLACAO EM PVC/A, ANTICHAMA BWF-B, COBERTURA PVC-ST1, ANTICHAMA BWF-B, 1 CONDUTOR, 0,6/1 KV, SECAO NOMINAL 2,5 MM2",null,null,null,null,null,null,"M",20,"BDI1",2.4300000000000002,48.6,3.03,60.6,"SINAPI 05_2023",0,2.4300000000000002,0,"SINAPI 05_2023"]
[null,null,null,null,null,null,null,null,null,null,null,"3.49",1022,"CABO DE COBRE, FLEXIVEL, CLASSE 4 OU 5, ISOLACAO EM PVC/A, ANTICHAMA BWF-B, COBERTURA PVC-ST1, ANTICHAMA BWF-B, 1 CONDUTOR, 0,6/1 KV, SECAO NOMINAL 2,5 MM2",null,null,null,null,null,null,"M",20,"BDI1",2.4300000000000002,48.6,3.03,60.6,"SINAPI 05_2023",0,2.4300000000000002,0,"SINAPI 05_2023"]
[null,null,null,null,null,null,null,null,null,null,null,"4","","DISTRIBUIÇÃO DE FORÇA E CONTROLE DE ILUMINAÇÃO EXTERNO",null,null,null,null,null,null,"",null,null,null,14295.680000000002,null,17821.829999999998,"",null,null,null,""]
[null,null,null,null,null,null,null,null,null,null,null,"4.1",39248,"ELETRODUTO/DUTO PEAD FLEXIVEL PAREDE SIMPLES, CORRUGACAO HELICOIDAL, COR PRETA, SEM ROSCA, DE 4\", PARA CABEAMENTO SUBTERRANEO (NBR 15715)",null,null,null,null,null,null,"M",15,"BDI1",13.37,200.55,16.670000000000002,250.05,"SINAPI 05_2023",0,13.37,0,"SINAPI 05_2023"]
[null,null,null,null,null,null,null,null,null,null,null,"4.2",2446,"ELETRODUTO/DUTO PEAD FLEXIVEL PAREDE SIMPLES, CORRUGACAO HELICOIDAL, COR PRETA, SEM ROSCA, DE 2\",  PARA CABEAMENTO SUBTERRANEO (NBR 15715)",null,null,null,null,null,null,"M",20,"BDI1",6.85,137,8.5399999999999991,170.8,"SINAPI 05_2023",0,6.85,0,"SINAPI 05_2023"]
[null,null,null,null,null,null,null,null,null,null,null,"4.3",35001411,"ELET ACO GALV 2 1/2\" BSP, 3,35MM NBR5598",null,null,null,null,null,null,"UN",5,"BDI1",200.04,1000.2,249.39,1246.95,"COPASA SUL 05_2023",0,200.04,0,"COPASA SUL 05_2023"]
[null,null,null,null,null,null,null,null,null,null,null,"4.4",35001401,"ELET ACO GALV 1\" BSP 2,65MM 3,0M NBR5598",null,null,null,null,null,null,"UN",6,"BDI1",92.99,557.94000000000005,115.93,695.58,"COPASA SUL 05_2023",0,92.99,0,"COPASA SUL 05_2023"]
[null,null,null,null,null,null,null,null,null,null,null,"4.5",35001431,"CURVA 90G ACO GALV 2 1/2\" BSP NBR5598",null,null,null,null,null,null,"UN",2,"BDI1",174.31,348.62,217.31,434.62,"COPASA SUL 05_2023",0,174.31,0,"COPASA SUL 05_2023"]
[null,null,null,null,null,null,null,null,null,null,null,"4.6",35001427,"CURVA 90G ACO GALV 1\" BSP NBR5598",null,null,null,null,null,null,"UN",2,"BDI1",9.1,18.2,11.34,22.68,"COPASA SUL 05_2023",0,9.1,0,"COPASA SUL 05_2023"]
[null,null,null,null,null,null,null,null,null,null,null,"4.7",996,"CABO DE COBRE, FLEXIVEL, CLASSE 4 OU 5, ISOLACAO EM PVC/A, ANTICHAMA BWF-B, COBERTURA PVC-ST1, ANTICHAMA BWF-B, 1 CONDUTOR, 0,6/1 KV, SECAO NOMINAL 25 MM2",null,null,null,null,null,null,"M",150,"BDI1",21.99,3298.5,27.41,4111.5,"SINAPI 05_2023",0,21.99,0,"SINAPI 05_2023"]
[null,null,null,null,null,null,null,null,null,null,null,"4.8",1017,"CABO DE COBRE, FLEXIVEL, CLASSE 4 OU 5, ISOLACAO EM PVC/A, ANTICHAMA BWF-B, COBERTURA PVC-ST1, ANTICHAMA BWF-B, 1 CONDUTOR, 0,6/1 KV, SECAO NOMINAL 120 MM2",null,null,null,null,null,null,"M",50,"BDI1",109.15,5457.5,136.08000000000001,6804,"SINAPI 05_2023",0,109.15,0,"SINAPI 05_2023"]
[null,null,null,null,null,null,null,null,null,null,null,"4.9",1022,"CABO DE COBRE, FLEXIVEL, CLASSE 4 OU 5, ISOLACAO EM PVC/A, ANTICHAMA BWF-B, COBERTURA PVC-ST1, ANTICHAMA BWF-B, 1 CONDUTOR, 0,6/1 KV, SECAO NOMINAL 2,5 MM2",null,null,null,null,null,null,"M",50,"BDI1",2.4300000000000002,121.5,3.03,151.5,"SINAPI 05_2023",0,2.4300000000000002,0,"SINAPI 05_2023"]
[null,null,null,null,null,null,null,null,null,null,null,"4.10",1022,"CABO DE COBRE, FLEXIVEL, CLASSE 4 OU 5, ISOLACAO EM PVC/A, ANTICHAMA BWF-B, COBERTURA PVC-ST1, ANTICHAMA BWF-B, 1 CONDUTOR, 0,6/1 KV, SECAO NOMINAL 2,5 MM2",null,null,null,null,null,null,"M",25,"BDI1",2.4300000000000002,60.75,3.03,75.75,"SINAPI 05_2023",0,2.4300000000000002,0,"SINAPI 05_2023"]
[null,null,null,null,null,null,null,null,null,null,null,"4.11",35001382,"CABO INST BL IND 2Px1,0MM2 300V NBR10300",null,null,null,null,null,null,"M",50,"BDI1",3.65,182.5,4.55,227.5,"COPASA SUL 05_2023",0,3.65,0,"COPASA SUL 05_2023"]
[null,null,null,null,null,null,null,null,null,null,null,"4.12",35001382,"CABO INST BL IND 2Px1,0MM2 300V NBR10300",null,null,null,null,null,null,"M",20,"BDI1",3.65,73,4.55,91,"COPASA SUL 05_2023",0,3.65,0,"COPASA SUL 05_2023"]
[null,null,null,null,null,null,null,null,null,null,null,"4.13",35001382,"CABO INST BL IND 2Px1,0MM2 300V NBR10300",null,null,null,null,null,null,"M",20,"BDI1",3.65,73,4.55,91,"COPASA SUL 05_2023",0,3.65,0,"COPASA SUL 05_2023"]
[null,null,null,null,null,null,null,null,null,null,null,"4.14",65004061,"CAIXA DE PASSAGEM 80X80X120 CM PARA REDE DE DUTOS ELETRICOS",null,null,null,null,null,null,"UN",1,"BDI1",919.84,919.84,1146.76,1146.76,"COPASA SUL 05_2023",0,919.84,0,"COPASA SUL 05_2023"]
[null,null,null,null,null,null,null,null,null,null,null,"4.15",65004058,"CAIXA DE PASSAGEM 30X30X50 CM PARA REDE DE DUTOS ELETRICOS",null,null,null,null,null,null,"UN",1,"BDI1",159.69,159.69,199.09,199.09,"COPASA SUL 05_2023",0,159.69,0,"COPASA SUL 05_2023"]
[null,null,null,null,null,null,null,null,null,null,null,"4.16",5052,"POSTE CONICO CONTINUO EM ACO GALVANIZADO, CURVO, BRACO SIMPLES, FLANGEADO, H = 7 M, DIAMETRO INFERIOR = *125* MM",null,null,null,null,null,null,"UN",1,"BDI1",1447.5,1447.5,1804.6,1804.6,"SINAPI 05_2023",0,1447.5,0,"SINAPI 05_2023"]
[null,null,null,null,null,null,null,null,null,null,null,"4.17",2510,"RELE FOTOELETRICO INTERNO E EXTERNO BIVOLT 1000 W, DE CONECTOR, SEM BASE",null,null,null,null,null,null,"UN",1,"BDI1",34.29,34.29,42.75,42.75,"SINAPI 05_2023",0,34.29,0,"SINAPI 05_2023"]
[null,null,null,null,null,null,null,null,null,null,null,"4.18",2512,"BRACO P/ LUMINARIA PUBLICA 1 X 1,50M ROMAGNOLE OU EQUIV",null,null,null,null,null,null,"UN",1,"BDI1",37.71,37.71,47.01,47.01,"SINAPI 05_2023",0,37.71,0,"SINAPI 05_2023"]
[null,null,null,null,null,null,null,null,null,null,null,"4.19",35001546,"CINTA ACO ZINCADO Ø127MM C/PARAFUSO",null,null,null,null,null,null,"UN",1,"BDI1",56.28,56.28,70.16,70.16,"COPASA SUL 05_2023",0,56.28,0,"COPASA SUL 05_2023"]
[null,null,null,null,null,null,null,null,null,null,null,"4.20",3749,"LAMPADA VAPOR MERCURIO 250 W (BASE E40)",null,null,null,null,null,null,"UN",1,"BDI1",32,32,39.89,39.89,"SINAPI 05_2023",0,32,0,"SINAPI 05_2023"]
[null,null,null,null,null,null,null,null,null,null,null,"4.21",35001598,"REFLETOR MULTILED 2900LM 90LM/W IP66",null,null,null,null,null,null,"UN",2,"BDI1",29.33,58.66,36.57,73.14,"COPASA SUL 05_2023",0,29.33,0,"COPASA SUL 05_2023"]
[null,null,null,null,null,null,null,null,null,null,null,"4.22",38064,"INTERRUPTOR BIPOLAR 10A, 250V, CONJUNTO MONTADO PARA EMBUTIR 4\" X 2\" (PLACA + SUPORTE + MODULO)",null,null,null,null,null,null,"UN",1,"BDI1",20.45,20.45,25.5,25.5,"SINAPI 05_2023",0,20.45,0,"SINAPI 05_2023"]
[null,null,null,null,null,null,null,null,null,null,null,"5","","DISTRIBUIÇÃO DE FORÇA E CONTROLE E ILUMINAÇÃO INTERNO (SALA ELÉTRICA)",null,null,null,null,null,null,"",null,null,null,12106.4,null,15092.909999999996,"",null,null,null,""]
[null,null,null,null,null,null,null,null,null,null,null,"5.1",35001411,"ELET ACO GALV 2 1/2\" BSP, 3,35MM NBR5598",null,null,null,null,null,null,"UN",10,"BDI1",200.04,2000.4,249.39,2493.9,"COPASA SUL 05_2023",0,200.04,0,"COPASA SUL 05_2023"]
[null,null,null,null,null,null,null,null,null,null,null,"5.2",3913,"LUVA DE FERRO GALVANIZADO, COM ROSCA BSP, DE 2 1/2\"",null,null,null,null,null,null,"UN",8,"BDI1",58.4,467.2,72.81,582.48,"SINAPI 05_2023",0,58.4,0,"SINAPI 05_2023"]
[null,null,null,null,null,null,null,null,null,null,null,"5.3",35001431,"CURVA 90G ACO GALV 2 1/2\" BSP NBR5598",null,null,null,null,null,null,"UN",4,"BDI1",174.31,697.24,217.31,869.24,"COPASA SUL 05_2023",0,174.31,0,"COPASA SUL 05_2023"]
[null,null,null,null,null,null,null,null,null,null,null,"5.4",35001409,"ELET ACO GALV 2\" BSP 3,0MM, 3,0M NBR5598",null,null,null,null,null,null,"UN",5,"BDI1",153.15,765.75,190.93,954.65,"COPASA SUL 05_2023",0,153.15,0,"COPASA SUL 05_2023"]
[null,null,null,null,null,null,null,null,null,null,null,"5.5",3912,"LUVA DE FERRO GALVANIZADO, COM ROSCA BSP, DE 2\"",null,null,null,null,null,null,"UN",5,"BDI1",32.01,160.05000000000001,39.909999999999997,199.55,"SINAPI 05_2023",0,32.01,0,"SINAPI 05_2023"]
[null,null,null,null,null,null,null,null,null,null,null,"5.6",35001430,"CURVA 90G ACO GALV 2\" BSP NBR5598",null,null,null,null,null,null,"UN",2,"BDI1",47.55,95.1,59.28,118.56,"COPASA SUL 05_2023",0,47.55,0,"COPASA SUL 05_2023"]
[null,null,null,null,null,null,null,null,null,null,null,"5.7",35001401,"ELET ACO GALV 1\" BSP 2,65MM 3,0M NBR5598",null,null,null,null,null,null,"UN",10,"BDI1",92.99,929.9,115.93,1159.3,"COPASA SUL 05_2023",0,92.99,0,"COPASA SUL 05_2023"]
[null,null,null,null,null,null,null,null,null,null,null,"5.8",3910,"LUVA DE FERRO GALVANIZADO, COM ROSCA BSP, DE 1\"",null,null,null,null,null,null,"UN",5,"BDI1",12.22,61.1,15.23,76.150000000000006,"SINAPI 05_2023",0,12.22,0,"SINAPI 05_2023"]
[null,null,null,null,null,null,null,null,null,null,null,"5.9",35001427,"CURVA 90G ACO GALV 1\" BSP NBR5598",null,null,null,null,null,null,"UN",6,"BDI1",9.1,54.6,11.34,68.040000000000006,"COPASA SUL 05_2023",0,9.1,0,"COPASA SUL 05_2023"]
[null,null,null,null,null,null,null,null,null,null,null,"5.10",2681,"ELETRODUTO DE PVC RIGIDO ROSCAVEL DE 2 \", SEM LUVA",null,null,null,null,null,null,"M",5,"BDI1",20.239999999999998,101.2,25.23,126.15,"SINAPI 05_2023",0,20.239999999999998,0,"SINAPI 05_2023"]
[null,null,null,null,null,null,null,null,null,null,null,"5.11",2674,"ELETRODUTO DE PVC RIGIDO ROSCAVEL DE 3/4 \", SEM LUVA",null,null,null,null,null,null,"M",30,"BDI1",5.41,162.30000000000001,6.74,202.2,"SINAPI 05_2023",0,5.41,0,"SINAPI 05_2023"]
[null,null,null,null,null,null,null,null,null,null,null,"5.12",1894,"LUVA EM PVC RIGIDO ROSCAVEL, DE 2\", PARA ELETRODUTO",null,null,null,null,null,null,"UN",2,"BDI1",5.93,11.86,7.39,14.78,"SINAPI 05_2023",0,5.93,0,"SINAPI 05_2023"]
[null,null,null,null,null,null,null,null,null,null,null,"5.13",1891,"LUVA EM PVC RIGIDO ROSCAVEL, DE 3/4\", PARA ELETRODUTO",null,null,null,null,null,null,"UN",15,"BDI1",1.37,20.55,1.71,25.65,"SINAPI 05_2023",0,1.37,0,"SINAPI 05_2023"]
[null,null,null,null,null,null,null,null,null,null,null,"5.14",1876,"CURVA 90 GRAUS, LONGA, DE PVC RIGIDO ROSCAVEL, DE 2\", PARA ELETRODUTO",null,null,null,null,null,null,"UN",1,"BDI1",10.66,10.66,13.29,13.29,"SINAPI 05_2023",0,10.66,0,"SINAPI 05_2023"]
[null,null,null,null,null,null,null,null,null,null,null,"5.15",1879,"CURVA 90 GRAUS, LONGA, DE PVC RIGIDO ROSCAVEL, DE 3/4\", PARA ELETRODUTO",null,null,null,null,null,null,"UN",2,"BDI1",3.17,6.34,3.95,7.9,"SINAPI 05_2023",0,3.17,0,"SINAPI 05_2023"]
[null,null,null,null,null,null,null,null,null,null,null,"5.16",977,"CABO DE COBRE, FLEXIVEL, CLASSE 4 OU 5, ISOLACAO EM PVC/A, ANTICHAMA BWF-B, COBERTURA PVC-ST1, ANTICHAMA BWF-B, 1 CONDUTOR, 0,6/1 KV, SECAO NOMINAL 70 MM2",null,null,null,null,null,null,"M",15,"BDI1",64.290000000000006,964.35,80.150000000000006,1202.25,"SINAPI 05_2023",0,64.290000000000006,0,"SINAPI 05_2023"]
[null,null,null,null,null,null,null,null,null,null,null,"5.17",1019,"CABO DE COBRE, FLEXIVEL, CLASSE 4 OU 5, ISOLACAO EM PVC/A, ANTICHAMA BWF-B, COBERTURA PVC-ST1, ANTICHAMA BWF-B, 1 CONDUTOR, 0,6/1 KV, SECAO NOMINAL 35 MM2",null,null,null,null,null,null,"M",5,"BDI1",31.07,155.35,38.729999999999997,193.65,"SINAPI 05_2023",0,31.07,0,"SINAPI 05_2023"]
[null,null,null,null,null,null,null,null,null,null,null,"5.18",996,"CABO DE COBRE, FLEXIVEL, CLASSE 4 OU 5, ISOLACAO EM PVC/A, ANTICHAMA BWF-B, COBERTURA PVC-ST1, ANTICHAMA BWF-B, 1 CONDUTOR, 0,6/1 KV, SECAO NOMINAL 25 MM2",null,null,null,null,null,null,"M",30,"BDI1",21.99,659.7,27.41,822.3,"SINAPI 05_2023",0,21.99,0,"SINAPI 05_2023"]
[null,null,null,null,null,null,null,null,null,null,null,"5.19",995,"CABO DE COBRE, FLEXIVEL, CLASSE 4 OU 5, ISOLACAO EM PVC/A, ANTICHAMA BWF-B, COBERTURA PVC-ST1, ANTICHAMA BWF-B, 1 CONDUTOR, 0,6/1 KV, SECAO NOMINAL 16 MM2",null,null,null,null,null,null,"M",30,"BDI1",14.18,425.4,17.68,530.4,"SINAPI 05_2023",0,14.18,0,"SINAPI 05_2023"]
[null,null,null,null,null,null,null,null,null,null,null,"5.20",995,"CABO DE COBRE, FLEXIVEL, CLASSE 4 OU 5, ISOLACAO EM PVC/A, ANTICHAMA BWF-B, COBERTURA PVC-ST1, ANTICHAMA BWF-B, 1 CONDUTOR, 0,6/1 KV, SECAO NOMINAL 16 MM2",null,null,null,null,null,null,"M",5,"BDI1",14.18,70.900000000000006,17.68,88.4,"SINAPI 05_2023",0,14.18,0,"SINAPI 05_2023"]
[null,null,null,null,null,null,null,null,null,null,null,"5.21",995,"CABO DE COBRE, FLEXIVEL, CLASSE 4 OU 5, ISOLACAO EM PVC/A, ANTICHAMA BWF-B, COBERTURA PVC-ST1, ANTICHAMA BWF-B, 1 CONDUTOR, 0,6/1 KV, SECAO NOMINAL 16 MM2",null,null,null,null,null,null,"M",15,"BDI1",14.18,212.7,17.68,265.2,"SINAPI 05_2023",0,14.18,0,"SINAPI 05_2023"]
[null,null,null,null,null,null,null,null,null,null,null,"5.22",35001382,"CABO INST BL IND 2Px1,0MM2 300V NBR10300",null,null,null,null,null,null,"M",20,"BDI1",3.65,73,4.55,91,"COPASA SUL 05_2023",0,3.65,0,"COPASA SUL 05_2023"]
[null,null,null,null,null,null,null,null,null,null,null,"5.23",1022,"CABO DE COBRE, FLEXIVEL, CLASSE 4 OU 5, ISOLACAO EM PVC/A, ANTICHAMA BWF-B, COBERTURA PVC-ST1, ANTICHAMA BWF-B, 1 CONDUTOR, 0,6/1 KV, SECAO NOMINAL 2,5 MM2",null,null,null,null,null,null,"M",100,"BDI1",2.4300000000000002,243,3.03,303,"SINAPI 05_2023",0,2.4300000000000002,0,"SINAPI 05_2023"]
[null,null,null,null,null,null,null,null,null,null,null,"5.24",1022,"CABO DE COBRE, FLEXIVEL, CLASSE 4 OU 5, ISOLACAO EM PVC/A, ANTICHAMA BWF-B, COBERTURA PVC-ST1, ANTICHAMA BWF-B, 1 CONDUTOR, 0,6/1 KV, SECAO NOMINAL 2,5 MM2",null,null,null,null,null,null,"M",100,"BDI1",2.4300000000000002,243,3.03,303,"SINAPI 05_2023",0,2.4300000000000002,0,"SINAPI 05_2023"]
[null,null,null,null,null,null,null,null,null,null,null,"5.25",1022,"CABO DE COBRE, FLEXIVEL, CLASSE 4 OU 5, ISOLACAO EM PVC/A, ANTICHAMA BWF-B, COBERTURA PVC-ST1, ANTICHAMA BWF-B, 1 CONDUTOR, 0,6/1 KV, SECAO NOMINAL 2,5 MM2",null,null,null,null,null,null,"M",50,"BDI1",2.4300000000000002,121.5,3.03,151.5,"SINAPI 05_2023",0,2.4300000000000002,0,"SINAPI 05_2023"]
[null,null,null,null,null,null,null,null,null,null,null,"5.26",2593,"CONDULETE DE ALUMINIO TIPO LR, PARA ELETRODUTO ROSCAVEL DE 3/4\", COM TAMPA CEGA",null,null,null,null,null,null,"UN",4,"BDI1",12.63,50.52,15.75,63,"SINAPI 05_2023",0,12.63,0,"SINAPI 05_2023"]
[null,null,null,null,null,null,null,null,null,null,null,"5.27",2593,"CONDULETE DE ALUMINIO TIPO LR, PARA ELETRODUTO ROSCAVEL DE 3/4\", COM TAMPA CEGA",null,null,null,null,null,null,"UN",4,"BDI1",12.63,50.52,15.75,63,"SINAPI 05_2023",0,12.63,0,"SINAPI 05_2023"]
[null,null,null,null,null,null,null,null,null,null,null,"5.28",2574,"CONDULETE DE ALUMINIO TIPO T, PARA ELETRODUTO ROSCAVEL DE 3/4\", COM TAMPA CEGA",null,null,null,null,null,null,"UN",8,"BDI1",14.57,116.56,18.16,145.28,"SINAPI 05_2023",0,14.57,0,"SINAPI 05_2023"]
[null,null,null,null,null,null,null,null,null,null,null,"5.29",2580,"CONDULETE DE ALUMINIO TIPO X, PARA ELETRODUTO ROSCAVEL DE 3/4\", COM TAMPA CEGA",null,null,null,null,null,null,"UN",2,"BDI1",19.23,38.46,23.97,47.94,"SINAPI 05_2023",0,19.23,0,"SINAPI 05_2023"]
[null,null,null,null,null,null,null,null,null,null,null,"5.30",2571,"CONDULETE DE ALUMINIO TIPO LR, PARA ELETRODUTO ROSCAVEL DE 2\", COM TAMPA CEGA",null,null,null,null,null,null,"UN",2,"BDI1",58.94,117.88,73.48,146.96,"SINAPI 05_2023",0,58.94,0,"SINAPI 05_2023"]
[null,null,null,null,null,null,null,null,null,null,null,"5.31",2571,"CONDULETE DE ALUMINIO TIPO LR, PARA ELETRODUTO ROSCAVEL DE 2\", COM TAMPA CEGA",null,null,null,null,null,null,"UN",2,"BDI1",58.94,117.88,73.48,146.96,"SINAPI 05_2023",0,58.94,0,"SINAPI 05_2023"]
[null,null,null,null,null,null,null,null,null,null,null,"5.32",12129,"INTERRUPTOR SIMPLES 10A, 250V, CONJUNTO MONTADO PARA SOBREPOR 4\" X 2\" (CAIXA + 2 MODULOS)",null,null,null,null,null,null,"UN",2,"BDI1",12.8,25.6,15.96,31.92,"SINAPI 05_2023",0,12.8,0,"SINAPI 05_2023"]
[null,null,null,null,null,null,null,null,null,null,null,"5.33",35001582,"LAMPADA TUB T8 LED 1650 LUMENS 100-240V",null,null,null,null,null,null,"UN",4,"BDI1",16,64,19.95,79.8,"COPASA SUL 05_2023",0,16,0,"COPASA SUL 05_2023"]
[null,null,null,null,null,null,null,null,null,null,null,"5.34",38774,"LUMINARIA DE EMERGENCIA 30 LEDS, POTENCIA 2 W, BATERIA DE LITIO, AUTONOMIA DE 6 HORAS",null,null,null,null,null,null,"UN",1,"BDI1",21.43,21.43,26.72,26.72,"SINAPI 05_2023",0,21.43,0,"SINAPI 05_2023"]
[null,null,null,null,null,null,null,null,null,null,null,"5.35",38774,"LUMINARIA DE EMERGENCIA 30 LEDS, POTENCIA 2 W, BATERIA DE LITIO, AUTONOMIA DE 6 HORAS",null,null,null,null,null,null,"UN",2,"BDI1",21.43,42.86,26.72,53.44,"SINAPI 05_2023",0,21.43,0,"SINAPI 05_2023"]
[null,null,null,null,null,null,null,null,null,null,null,"5.36",35001590,"TOMADA 2P+T 10A-250V C/TAMPA NBR-14136",null,null,null,null,null,null,"CJ",2,"BDI1",4.9000000000000004,9.8000000000000007,6.11,12.22,"COPASA SUL 05_2023",0,4.9000000000000004,0,"COPASA SUL 05_2023"]
[null,null,null,null,null,null,null,null,null,null,null,"5.37",35001593,"TOMADA INDUST SOBREPOR 3P 16A-500V IP44",null,null,null,null,null,null,"UN",1,"BDI1",80.91,80.91,100.87,100.87,"COPASA SUL 05_2023",0,80.91,0,"COPASA SUL 05_2023"]
[null,null,null,null,null,null,null,null,null,null,null,"5.38",35001590,"TOMADA 2P+T 10A-250V C/TAMPA NBR-14136",null,null,null,null,null,null,"CJ",5,"BDI1",4.9000000000000004,24.5,6.11,30.55,"COPASA SUL 05_2023",0,4.9000000000000004,0,"COPASA SUL 05_2023"]
[null,null,null,null,null,null,null,null,null,null,null,"5.39",35001590,"TOMADA 2P+T 10A-250V C/TAMPA NBR-14136",null,null,null,null,null,null,"CJ",1,"BDI1",4.9000000000000004,4.9000000000000004,6.11,6.11,"COPASA SUL 05_2023",0,4.9000000000000004,0,"COPASA SUL 05_2023"]
[null,null,null,null,null,null,null,null,null,null,null,"5.40",35001573,"TOMADA 2P+T 20A-250V C/TAMPA NBR-14136",null,null,null,null,null,null,"CJ",1,"BDI1",10.83,10.83,13.5,13.5,"COPASA SUL 05_2023",0,10.83,0,"COPASA SUL 05_2023"]
[null,null,null,null,null,null,null,null,null,null,null,"5.41",35001585,"PERFILADO AÇO PERF 38X38X3000 16 PRE-ZI",null,null,null,null,null,null,"UN",5,"BDI1",38.950000000000003,194.75,48.56,242.8,"COPASA SUL 05_2023",0,38.950000000000003,0,"COPASA SUL 05_2023"]
[null,null,null,null,null,null,null,null,null,null,null,"5.42",65000345,"CANALETA EM CONCRETO PARA PASSAGEM DE CABOS (0,50 X 0,50) M",null,null,null,null,null,null,"M",5,"BDI1",484.37,2421.85,603.86,3019.3,"COPASA SUL 05_2023",0,484.37,0,"COPASA SUL 05_2023"]
[null,null,null,null,null,null,null,null,null,null,null,"6","","SISTEM DE ATERRAMENTO E SPDA (SALA ELÉTRICA E SUBESTAÇÃO)",null,null,null,null,null,null,"",null,null,null,8539.3000000000029,null,10645.890000000003,"",null,null,null,""]
[null,null,null,null,null,null,null,null,null,null,null,"6.1",11854,"CONECTOR METALICO TIPO PARAFUSO FENDIDO (SPLIT BOLT), PARA CABOS ATE 35 MM2",null,null,null,null,null,null,"UN",10,"BDI1",12.31,123.1,15.35,153.5,"SINAPI 05_2023",0,12.31,0,"SINAPI 05_2023"]
[null,null,null,null,null,null,null,null,null,null,null,"6.2",11862,"CONECTOR METALICO TIPO PARAFUSO FENDIDO (SPLIT BOLT), PARA CABOS ATE 50 MM2",null,null,null,null,null,null,"UN",10,"BDI1",17.28,172.8,21.54,215.4,"SINAPI 05_2023",0,17.28,0,"SINAPI 05_2023"]
[null,null,null,null,null,null,null,null,null,null,null,"6.3",1597,"CONECTOR DE ALUMINIO TIPO PRENSA CABO, BITOLA 3/8\", PARA CABOS DE DIAMETRO DE 9 A 10 MM",null,null,null,null,null,null,"UN",5,"BDI1",14.77,73.849999999999994,18.41,92.05,"SINAPI 05_2023",0,14.77,0,"SINAPI 05_2023"]
[null,null,null,null,null,null,null,null,null,null,null,"6.4",867,"CABO DE COBRE NU 50 MM2 MEIO-DURO",null,null,null,null,null,null,"M",75,"BDI1",48.32,3624,60.24,4518,"SINAPI 05_2023",0,48.32,0,"SINAPI 05_2023"]
[null,null,null,null,null,null,null,null,null,null,null,"6.5",863,"CABO DE COBRE NU 35 MM2 MEIO-DURO",null,null,null,null,null,null,"M",50,"BDI1",33.92,1696,42.29,2114.5,"SINAPI 05_2023",0,33.92,0,"SINAPI 05_2023"]
[null,null,null,null,null,null,null,null,null,null,null,"6.6",857,"CABO DE COBRE NU 16 MM2 MEIO-DURO",null,null,null,null,null,null,"M",10,"BDI1",16.16,161.6,20.149999999999999,201.5,"SINAPI 05_2023",0,16.16,0,"SINAPI 05_2023"]
[null,null,null,null,null,null,null,null,null,null,null,"6.7",11991,"HASTE DE ATERRAMENTO EM ACO GALVANIZADO TIPO CANTONEIRA COM 2,00 M DE COMPRIMENTO, 25 X 25 MM E CHAPA DE 3/16\"",null,null,null,null,null,null,"UN",10,"BDI1",119.51,1195.0999999999999,148.99,1489.9,"SINAPI 05_2023",0,119.51,0,"SINAPI 05_2023"]
[null,null,null,null,null,null,null,null,null,null,null,"6.8",34643,"CAIXA DE INSPECAO PARA ATERRAMENTO E PARA RAIOS, EM POLIPROPILENO,  DIAMETRO = 300 MM X ALTURA = 400 MM",null,null,null,null,null,null,"UN",10,"BDI1",36.36,363.6,45.33,453.3,"SINAPI 05_2023",0,36.36,0,"SINAPI 05_2023"]
[null,null,null,null,null,null,null,null,null,null,null,"6.9","COT-021","TERMINAL AÉREO DE AÇO GALVANIZADO DIÂMETRO 3/8\", COMPRIMENTO 300MM",null,null,null,null,null,null,"UN",4,"BDI1",67.7,270.8,84.4,337.6,"COTAÇÕES",null,null,null,""]
[null,null,null,null,null,null,null,null,null,null,null,"6.10",3384,"SUPORTE GUIA SIMPLES COM ROLDANA EM POLIPROPILENO PARA CHUMBAR, H = 20 CM",null,null,null,null,null,null,"UN",2,"BDI1",12.21,24.42,15.22,30.44,"SINAPI 05_2023",0,12.21,0,"SINAPI 05_2023"]
[null,null,null,null,null,null,null,null,null,null,null,"6.11",1602,"CONECTOR DE ALUMINIO TIPO PRENSA CABO, BITOLA 1 1/2\", PARA CABOS DE DIAMETRO DE 37 A 40 MM",null,null,null,null,null,null,"UN",6,"BDI1",59.57,357.42,74.27,445.62,"SINAPI 05_2023",0,59.57,0,"SINAPI 05_2023"]
[null,null,null,null,null,null,null,null,null,null,null,"6.12","ED-51053","CAIXA DE EQUALIZAÇÃO PARA USO INTERNO COM 9 TERMINAIS 210X210X90MM EM AÇO",null,null,null,null,null,null,"U",1,"BDI1",200.21,200.21,249.6,249.6,"SEINFRA SUL 01_2023",0,200.21,0,"SEINFRA SUL 01_2023"]
[null,null,null,null,null,null,null,null,null,null,null,"6.13",2681,"ELETRODUTO DE PVC RIGIDO ROSCAVEL DE 2 \", SEM LUVA",null,null,null,null,null,null,"M",8,"BDI1",20.239999999999998,161.91999999999999,25.23,201.84,"SINAPI 05_2023",0,20.239999999999998,0,"SINAPI 05_2023"]
[null,null,null,null,null,null,null,null,null,null,null,"6.14",1894,"LUVA EM PVC RIGIDO ROSCAVEL, DE 2\", PARA ELETRODUTO",null,null,null,null,null,null,"UN",8,"BDI1",5.93,47.44,7.39,59.12,"SINAPI 05_2023",0,5.93,0,"SINAPI 05_2023"]
[null,null,null,null,null,null,null,null,null,null,null,"6.15",39132,"ABRACADEIRA EM ACO PARA AMARRACAO DE ELETRODUTOS, TIPO D, COM 2\" E CUNHA DE FIXACAO",null,null,null,null,null,null,"UN",16,"BDI1",4.1900000000000004,67.040000000000006,5.22,83.52,"SINAPI 05_2023",0,4.1900000000000004,0,"SINAPI 05_2023"]
[null,null,null,null,null,null,null,null,null,null,null,"7","","EQUIPAMENTOS (CONFORME RELAÇÃODE EQUIPAMENTOS E PROJETOS IPI INCLUSO)",null,null,null,null,null,null,"",null,null,null,223115,null,278157.46999999997,"",null,null,null,""]
[null,null,null,null,null,null,null,null,null,null,null,"7.1","COT-001","QGBT 440V",null,null,null,null,null,null,"UN",1,"BDI1",18100,18100,22565.27,22565.27,"COTAÇÕES",null,null,null,""]
[null,null,null,null,null,null,null,null,null,null,null,"7.2","COT-002","QDC 220V",null,null,null,null,null,null,"UN",1,"BDI1",2510,2510,3129.22,3129.22,"COTAÇÕES",null,null,null,""]
[null,null,null,null,null,null,null,null,null,null,null,"7.3","COT-003","PDA (PAINEL DE AUTOMAÇÃO COM CLP)",null,null,null,null,null,null,"UN",1,"BDI1",26850,26850,33473.89,33473.89,"COTAÇÕES",null,null,null,""]
[null,null,null,null,null,null,null,null,null,null,null,"7.4","COT-004","QCM-01 50 CV/440V INVERSOR DE FREQUENCIA TRIFÁSICO 76A",null,null,null,null,null,null,"UN",1,"BDI1",43380,43380,54081.85,54081.85,"COTAÇÕES",null,null,null,""]
[null,null,null,null,null,null,null,null,null,null,null,"7.5","COT-005","QCM-02 50CV/440V - INVERSOR DE FREQUÊNCIA TRIFÁSICO 76A",null,null,null,null,null,null,"UN",1,"BDI1",43380,43380,54081.85,54081.85,"COTAÇÕES",null,null,null,""]
[null,null,null,null,null,null,null,null,null,null,null,"7.6","COT-006","SENSOR DE NÍVEL HIDROSTÁTICO 0~10 METROS, SAÍDA 4~20MA",null,null,null,null,null,null,"UN",1,"BDI1",1838,1838,2291.4299999999998,2291.4299999999998,"COTAÇÕES",null,null,null,""]
[null,null,null,null,null,null,null,null,null,null,null,"7.7","COT-007","SISTEMA DE RÁDIO ENLACE PARA COMUNICAÇÃO EAB/ETA",null,null,null,null,null,null,"CJ",2,"BDI1",25915,51830,32308.23,64616.46,"COTAÇÕES",null,null,null,""]
[null,null,null,null,null,null,null,null,null,null,null,"7.8","COT-008","TRANSFORMADOR 112,5 KVA - 13,8KV/0,44KV - 15KV",null,null,null,null,null,null,"UN",1,"BDI1",29016,29016,36174.25,36174.25,"COTAÇÕES",null,null,null,""]
[null,null,null,null,null,null,null,null,null,null,null,"7.9","COT-009","TRASFORMADOR 15 KVA - 0,44V/0,22KV - 1KV",null,null,null,null,null,null,"UN",1,"BDI1",6211,6211,7743.25,7743.25,"COTAÇÕES",null,null,null,""]
[null,null,null,null,null,null,null,null,null,null,null,"8","","MÃO DE OBRA REFERENTE AS INSTALAÇÕES",null,null,null,null,null,null,"",null,null,null,47250.559999999998,null,58907.520000000011,"",null,null,null,""]
[null,null,null,null,null,null,null,null,null,null,null,"8.1","","EQUIPAMENTOS E PAINÉIS ELÉTRICOS",null,null,null,null,null,null,"",null,null,null,16875.2,null,21038.400000000001,"",null,null,null,""]
[null,null,null,null,null,null,null,null,null,null,null,"8.1.1",4083,"ENCARREGADO GERAL DE OBRAS (HORISTA)",null,null,null,null,null,null,"H",160,"BDI1",54.04,8646.4,67.37,10779.2,"SINAPI 05_2023",0,54.04,0,"SINAPI 05_2023"]
[null,null,null,null,null,null,null,null,null,null,null,"8.1.2",2436,"ELETRICISTA (HORISTA)",null,null,null,null,null,null,"H",160,"BDI1",21.35,3416,26.62,4259.2,"SINAPI 05_2023",0,21.35,0,"SINAPI 05_2023"]
[null,null,null,null,null,null,null,null,null,null,null,"8.1.3",247,"AJUDANTE DE ELETRICISTA (HORISTA)",null,null,null,null,null,null,"H",160,"BDI1",16.09,2574.4,20.059999999999999,3209.6,"SINAPI 05_2023",0,16.09,0,"SINAPI 05_2023"]
[null,null,null,null,null,null,null,null,null,null,null,"8.1.4",6111,"SERVENTE DE OBRAS",null,null,null,null,null,null,"H",160,"BDI1",13.99,2238.4,17.440000000000001,2790.4,"SINAPI 05_2023",0,13.99,0,"SINAPI 05_2023"]
[null,null,null,null,null,null,null,null,null,null,null,"8.2","","SUBESTAÇÃO ABRIGADA Nº 05 CEMIG",null,null,null,null,null,null,"",null,null,null,10547,null,13149,"",null,null,null,""]
[null,null,null,null,null,null,null,null,null,null,null,"8.2.1",4083,"ENCARREGADO GERAL DE OBRAS (HORISTA)",null,null,null,null,null,null,"H",100,"BDI1",54.04,5404,67.37,6737,"SINAPI 05_2023",0,54.04,0,"SINAPI 05_2023"]
[null,null,null,null,null,null,null,null,null,null,null,"8.2.2",2436,"ELETRICISTA (HORISTA)",null,null,null,null,null,null,"H",100,"BDI1",21.35,2135,26.62,2662,"SINAPI 05_2023",0,21.35,0,"SINAPI 05_2023"]
[null,null,null,null,null,null,null,null,null,null,null,"8.2.3",247,"AJUDANTE DE ELETRICISTA (HORISTA)",null,null,null,null,null,null,"H",100,"BDI1",16.09,1609,20.059999999999999,2006,"SINAPI 05_2023",0,16.09,0,"SINAPI 05_2023"]
[null,null,null,null,null,null,null,null,null,null,null,"8.2.4",6111,"SERVENTE DE OBRAS",null,null,null,null,null,null,"H",100,"BDI1",13.99,1399,17.440000000000001,1744,"SINAPI 05_2023",0,13.99,0,"SINAPI 05_2023"]
[null,null,null,null,null,null,null,null,null,null,null,"8.3",""," DISTRIBUIÇÃO DE FORÇA E CONTROLE E ILUMINAÇÃO EXTERNO",null,null,null,null,null,null,"",null,null,null,8437.6,null,10519.2,"",null,null,null,""]
[null,null,null,null,null,null,null,null,null,null,null,"8.3.1",4083,"ENCARREGADO GERAL DE OBRAS (HORISTA)",null,null,null,null,null,null,"H",80,"BDI1",54.04,4323.2,67.37,5389.6,"SINAPI 05_2023",0,54.04,0,"SINAPI 05_2023"]
[null,null,null,null,null,null,null,null,null,null,null,"8.3.2",2436,"ELETRICISTA (HORISTA)",null,null,null,null,null,null,"H",80,"BDI1",21.35,1708,26.62,2129.6,"SINAPI 05_2023",0,21.35,0,"SINAPI 05_2023"]
[null,null,null,null,null,null,null,null,null,null,null,"8.3.3",247,"AJUDANTE DE ELETRICISTA (HORISTA)",null,null,null,null,null,null,"H",80,"BDI1",16.09,1287.2,20.059999999999999,1604.8,"SINAPI 05_2023",0,16.09,0,"SINAPI 05_2023"]
[null,null,null,null,null,null,null,null,null,null,null,"8.3.4",6111,"SERVENTE DE OBRAS",null,null,null,null,null,null,"H",80,"BDI1",13.99,1119.2,17.440000000000001,1395.2,"SINAPI 05_2023",0,13.99,0,"SINAPI 05_2023"]
[null,null,null,null,null,null,null,null,null,null,null,"8.4","","DISTRIBUIÇÃO DE FORÇA E CONTROLE E ILUMINAÇÃO INTERNO (SALA ELÉTRICA)",null,null,null,null,null,null,"",null,null,null,5062.5599999999995,null,6311.52,"",null,null,null,""]
[null,null,null,null,null,null,null,null,null,null,null,"8.4.1",4083,"ENCARREGADO GERAL DE OBRAS (HORISTA)",null,null,null,null,null,null,"H",48,"BDI1",54.04,2593.92,67.37,3233.76,"SINAPI 05_2023",0,54.04,0,"SINAPI 05_2023"]
[null,null,null,null,null,null,null,null,null,null,null,"8.4.2",2436,"ELETRICISTA (HORISTA)",null,null,null,null,null,null,"H",48,"BDI1",21.35,1024.8,26.62,1277.76,"SINAPI 05_2023",0,21.35,0,"SINAPI 05_2023"]
[null,null,null,null,null,null,null,null,null,null,null,"8.4.3",247,"AJUDANTE DE ELETRICISTA (HORISTA)",null,null,null,null,null,null,"H",48,"BDI1",16.09,772.32,20.059999999999999,962.88,"SINAPI 05_2023",0,16.09,0,"SINAPI 05_2023"]
[null,null,null,null,null,null,null,null,null,null,null,"8.4.4",6111,"SERVENTE DE OBRAS",null,null,null,null,null,null,"H",48,"BDI1",13.99,671.52,17.440000000000001,837.12,"SINAPI 05_2023",0,13.99,0,"SINAPI 05_2023"]
[null,null,null,null,null,null,null,null,null,null,null,"8.5","","SISTEMA DE ATERRAMENTO E SPDA",null,null,null,null,null,null,"",null,null,null,6328.1999999999989,null,7889.4,"",null,null,null,""]
[null,null,null,null,null,null,null,null,null,null,null,"8.5.1",4083,"ENCARREGADO GERAL DE OBRAS (HORISTA)",null,null,null,null,null,null,"H",60,"BDI1",54.04,3242.4,67.37,4042.2,"SINAPI 05_2023",0,54.04,0,"SINAPI 05_2023"]
[null,null,null,null,null,null,null,null,null,null,null,"8.5.2",2436,"ELETRICISTA (HORISTA)",null,null,null,null,null,null,"H",60,"BDI1",21.35,1281,26.62,1597.2,"SINAPI 05_2023",0,21.35,0,"SINAPI 05_2023"]
[null,null,null,null,null,null,null,null,null,null,null,"8.5.3",247,"AJUDANTE DE ELETRICISTA (HORISTA)",null,null,null,null,null,null,"H",60,"BDI1",16.09,965.4,20.059999999999999,1203.5999999999999,"SINAPI 05_2023",0,16.09,0,"SINAPI 05_2023"]
[null,null,null,null,null,null,null,null,null,null,null,"8.5.4",6111,"SERVENTE DE OBRAS",null,null,null,null,null,null,"H",60,"BDI1",13.99,839.4,17.440000000000001,1046.4000000000001,"SINAPI 05_2023",0,13.99,0,"SINAPI 05_2023"]
[null,null,null,null,null,null,null,null,null,null,null,"9","","ESTRUTURAL E ALVENARIA SUBSTAÇÃO ELEVATÓRIA",null,null,null,null,null,null,"",null,null,null,101837.90000000001,null,126960.88999999998,"",null,null,null,""]
[null,null,null,null,null,null,null,null,null,null,null,"9.1","","IDENTIFICAÇÃO DA OBRA",null,null,null,null,null,null,"",null,null,null,1419.25,null,1769.38,"",null,null,null,""]
[null,null,null,null,null,null,null,null,null,null,null,"9.1.1","ED-28427","FORNECIMENTO E COLOCAÇÃO DE PLACA DE OBRA EM CHAPA GALVANIZADA #26, ESP. 0,45MM, DIMENSÃO (3X1,5)M, PLOTADA COM ADESIVO VINÍLICO, AFIXADA COM REBITES 4,8X40MM, EM ESTRUTURA METÁLICA DE METALON 20X20MM, ESP. 1,25MM, INCLUSIVE SUPORTE EM EUCALIPTO AUTOCLAVADO PINTADO COM TINTA PVA DUAS (2) DEMÃOS",null,null,null,null,null,null,"UN",1,"BDI1",1419.25,1419.25,1769.38,1769.38,"SEINFRA SUL 01_2023",0,1419.25,0,"SEINFRA SUL 01_2023"]
[null,null,null,null,null,null,null,null,null,null,null,"9.2","","INFRAESTRUTUA",null,null,null,null,null,null,"",null,null,null,57598.83,null,71808.509999999995,"",null,null,null,""]
[null,null,null,null,null,null,null,null,null,null,null,"9.2.1","","ESTACAS/BROCAS",null,null,null,null,null,null,"",null,null,null,46575.7,null,58065.56,"",null,null,null,""]
[null,null,null,null,null,null,null,null,null,null,null,"9.2.1.1","ED-19753","MOBILIZAÇÃO E DESMOBILIZAÇÃO DE EQUIPAMENTO PARA ESTACA TIPO HÉLICE CONTÍNUA  (CUSTO FIXO), INCLUSIVE CARGA E DESGARGA, EXCLUSIVE TRANSPORTE EM QUILÔMETRO RODADO (CUSTO VARIÁVEL)",null,null,null,null,null,null,"UN",1,"BDI1",19566.46,19566.46,24393.51,24393.51,"SEINFRA SUL 01_2023",0,19566.46,0,"SEINFRA SUL 01_2023"]
[null,null,null,null,null,null,null,null,null,null,null,"9.2.1.2",100651,"ESTACA HÉLICE CONTÍNUA, DIÂMETRO DE 30 CM, INCLUSO CONCRETO FCK=30MPA E ARMADURA MÍNIMA (EXCLUSIVE BOMBEAMENTO, MOBILIZAÇÃO E DESMOBILIZAÇÃO). AF_12/2019_PA",null,null,null,null,null,null,"M",168,"BDI1",146.27000000000001,24573.360000000001,182.35,30634.799999999999,"SINAPI 05_2023",0,146.27000000000001,0,"SINAPI 05_2023"]
[null,null,null,null,null,null,null,null,null,null,null,"9.2.1.3",92915,"ARMAÇÃO DE ESTRUTURAS DIVERSAS DE CONCRETO ARMADO, EXCETO VIGAS, PILARES, LAJES E FUNDAÇÕES, UTILIZANDO AÇO CA-60 DE 5,0 MM - MONTAGEM. AF_06/2022",null,null,null,null,null,null,"KG",26.2,"BDI1",17.16,449.59,21.39,560.41999999999996,"SINAPI 05_2023",0,17.16,0,"SINAPI 05_2023"]
[null,null,null,null,null,null,null,null,null,null,null,"9.2.1.4",92919,"ARMAÇÃO DE ESTRUTURAS DIVERSAS DE CONCRETO ARMADO, EXCETO VIGAS, PILARES, LAJES E FUNDAÇÕES, UTILIZANDO AÇO CA-50 DE 10,0 MM - MONTAGEM. AF_06/2022",null,null,null,null,null,null,"KG",114,"BDI1",12.61,1437.54,15.72,1792.08,"SINAPI 05_2023",0,12.61,0,"SINAPI 05_2023"]
[null,null,null,null,null,null,null,null,null,null,null,"9.2.1.5",100977,"CARGA, MANOBRA E DESCARGA DE SOLOS E MATERIAIS GRANULARES EM CAMINHÃO BASCULANTE 6 M³ - CARGA COM ESCAVADEIRA HIDRÁULICA (CAÇAMBA DE 1,20 M³ / 155 HP) E DESCARGA LIVRE (UNIDADE: M3). AF_07/2020",null,null,null,null,null,null,"M3",11.88,"BDI1",6.9,81.97,8.6,102.17,"SINAPI 05_2023",0,6.9,0,"SINAPI 05_2023"]
[null,null,null,null,null,null,null,null,null,null,null,"9.2.1.6",97914,"TRANSPORTE COM CAMINHÃO BASCULANTE DE 6 M³, EM VIA URBANA PAVIMENTADA, DMT ATÉ 30 KM (UNIDADE: M3XKM). AF_07/2020",null,null,null,null,null,null,"M3XKM",178.16,"BDI1",2.62,466.78,3.27,582.58000000000004,"SINAPI 05_2023",0,2.62,0,"SINAPI 05_2023"]
[null,null,null,null,null,null,null,null,null,null,null,"9.2.2","","BLOCOS DE FUNDAÇÃO",null,null,null,null,null,null,"",null,null,null,5810.54,null,7243.99,"",null,null,null,""]
[null,null,null,null,null,null,null,null,null,null,null,"9.2.2.1",96523,"ESCAVAÇÃO MANUAL PARA BLOCO DE COROAMENTO OU SAPATA (INCLUINDO ESCAVAÇÃO PARA COLOCAÇÃO DE FÔRMAS). AF_06/2017",null,null,null,null,null,null,"M3",1.94,"BDI1",92.95,180.32,115.88,224.81,"SINAPI 05_2023",0,92.95,0,"SINAPI 05_2023"]
[null,null,null,null,null,null,null,null,null,null,null,"9.2.2.2",96540,"FABRICAÇÃO, MONTAGEM E DESMONTAGEM DE FÔRMA PARA BLOCO DE COROAMENTO, EM CHAPA DE MADEIRA COMPENSADA RESINADA, E=17 MM, 4 UTILIZAÇÕES. AF_06/2017",null,null,null,null,null,null,"M2",11.52,"BDI1",143.9,1657.73,179.4,2066.69,"SINAPI 05_2023",0,143.9,0,"SINAPI 05_2023"]
[null,null,null,null,null,null,null,null,null,null,null,"9.2.2.3",100324,"LASTRO COM MATERIAL GRANULAR (PEDRA BRITADA N.1 E PEDRA BRITADA N.2), APLICADO EM PISOS OU LAJES SOBRE SOLO, ESPESSURA DE *10 CM*. AF_07/2019",null,null,null,null,null,null,"M3",0.54,"BDI1",158.05000000000001,85.35,197.04,106.4,"SINAPI 05_2023",0,158.05000000000001,0,"SINAPI 05_2023"]
[null,null,null,null,null,null,null,null,null,null,null,"9.2.2.4",96545,"ARMAÇÃO DE BLOCO, VIGA BALDRAME OU SAPATA UTILIZANDO AÇO CA-50 DE 8 MM - MONTAGEM. AF_06/2017",null,null,null,null,null,null,"KG",130.30000000000001,"BDI1",15.2,1980.56,18.95,2469.1799999999998,"SINAPI 05_2023",0,15.2,0,"SINAPI 05_2023"]
[null,null,null,null,null,null,null,null,null,null,null,"9.2.2.5",96557,"CONCRETAGEM DE BLOCOS DE COROAMENTO E VIGAS BALDRAMES, FCK 30 MPA, COM USO DE BOMBA \u0096 LANÇAMENTO, ADENSAMENTO E ACABAMENTO. AF_06/2017",null,null,null,null,null,null,"M3",1.94,"BDI1",747.04,1449.26,931.33,1806.78,"SINAPI 05_2023",0,747.04,0,"SINAPI 05_2023"]
[null,null,null,null,null,null,null,null,null,null,null,"9.2.2.6",98562,"IMPERMEABILIZAÇÃO DE FLOREIRA OU VIGA BALDRAME COM ARGAMASSA DE CIMENTO E AREIA, COM ADITIVO IMPERMEABILIZANTE, E = 2 CM. AF_06/2018",null,null,null,null,null,null,"M2",5.4,"BDI1",43.18,233.17,53.83,290.68,"SINAPI 05_2023",0,43.18,0,"SINAPI 05_2023"]
[null,null,null,null,null,null,null,null,null,null,null,"9.2.2.7",98557,"IMPERMEABILIZAÇÃO DE SUPERFÍCIE COM EMULSÃO ASFÁLTICA, 2 DEMÃOS AF_06/2018",null,null,null,null,null,null,"M2",5.4,"BDI1",41.51,224.15,51.75,279.45,"SINAPI 05_2023",0,41.51,0,"SINAPI 05_2023"]
[null,null,null,null,null,null,null,null,null,null,null,"9.2.3","","VIGAS",null,null,null,null,null,null,"",null,null,null,5212.5900000000011,null,6498.96,"",null,null,null,""]
[null,null,null,null,null,null,null,null,null,null,null,"9.2.3.1",96527,"ESCAVAÇÃO MANUAL DE VALA PARA VIGA BALDRAME (INCLUINDO ESCAVAÇÃO PARA COLOCAÇÃO DE FÔRMAS). AF_06/2017",null,null,null,null,null,null,"M3",1.45,"BDI1",121.8,176.61,151.85,220.18,"SINAPI 05_2023",0,121.8,0,"SINAPI 05_2023"]
[null,null,null,null,null,null,null,null,null,null,null,"9.2.3.2",96542,"FABRICAÇÃO, MONTAGEM E DESMONTAGEM DE FÔRMA PARA VIGA BALDRAME, EM CHAPA DE MADEIRA COMPENSADA RESINADA, E=17 MM, 4 UTILIZAÇÕES. AF_06/2017",null,null,null,null,null,null,"M2",20.100000000000001,"BDI1",92.29,1855.03,115.06,2312.71,"SINAPI 05_2023",0,92.29,0,"SINAPI 05_2023"]
[null,null,null,null,null,null,null,null,null,null,null,"9.2.3.3",100324,"LASTRO COM MATERIAL GRANULAR (PEDRA BRITADA N.1 E PEDRA BRITADA N.2), APLICADO EM PISOS OU LAJES SOBRE SOLO, ESPESSURA DE *10 CM*. AF_07/2019",null,null,null,null,null,null,"M3",0.48,"BDI1",158.05000000000001,75.86,197.04,94.58,"SINAPI 05_2023",0,158.05000000000001,0,"SINAPI 05_2023"]
[null,null,null,null,null,null,null,null,null,null,null,"9.2.3.4",96546,"ARMAÇÃO DE BLOCO, VIGA BALDRAME OU SAPATA UTILIZANDO AÇO CA-50 DE 10 MM - MONTAGEM. AF_06/2017",null,null,null,null,null,null,"KG",60.6,"BDI1",13.44,814.46,16.760000000000002,1015.66,"SINAPI 05_2023",0,13.44,0,"SINAPI 05_2023"]
[null,null,null,null,null,null,null,null,null,null,null,"9.2.3.5",96547,"ARMAÇÃO DE BLOCO, VIGA BALDRAME OU SAPATA UTILIZANDO AÇO CA-50 DE 12,5 MM - MONTAGEM. AF_06/2017",null,null,null,null,null,null,"KG",29,"BDI1",11.33,328.57,14.13,409.77,"SINAPI 05_2023",0,11.33,0,"SINAPI 05_2023"]
[null,null,null,null,null,null,null,null,null,null,null,"9.2.3.6",96543,"ARMAÇÃO DE BLOCO, VIGA BALDRAME E SAPATA UTILIZANDO AÇO CA-60 DE 5 MM - MONTAGEM. AF_06/2017",null,null,null,null,null,null,"KG",26.1,"BDI1",18,469.8,22.44,585.67999999999995,"SINAPI 05_2023",0,18,0,"SINAPI 05_2023"]
[null,null,null,null,null,null,null,null,null,null,null,"9.2.3.7",96557,"CONCRETAGEM DE BLOCOS DE COROAMENTO E VIGAS BALDRAMES, FCK 30 MPA, COM USO DE BOMBA \u0096 LANÇAMENTO, ADENSAMENTO E ACABAMENTO. AF_06/2017",null,null,null,null,null,null,"M3",1.45,"BDI1",747.04,1083.21,931.33,1350.43,"SINAPI 05_2023",0,747.04,0,"SINAPI 05_2023"]
[null,null,null,null,null,null,null,null,null,null,null,"9.2.3.8",98557,"IMPERMEABILIZAÇÃO DE SUPERFÍCIE COM EMULSÃO ASFÁLTICA, 2 DEMÃOS AF_06/2018",null,null,null,null,null,null,"M2",4.83,"BDI1",41.51,200.49,51.75,249.95,"SINAPI 05_2023",0,41.51,0,"SINAPI 05_2023"]
[null,null,null,null,null,null,null,null,null,null,null,"9.2.3.9",98562,"IMPERMEABILIZAÇÃO DE FLOREIRA OU VIGA BALDRAME COM ARGAMASSA DE CIMENTO E AREIA, COM ADITIVO IMPERMEABILIZANTE, E = 2 CM. AF_06/2018",null,null,null,null,null,null,"M2",4.83,"BDI1",43.18,208.56,53.83,260,"SINAPI 05_2023",0,43.18,0,"SINAPI 05_2023"]
[null,null,null,null,null,null,null,null,null,null,null,"9.3","","SUPRAESTRUTURA",null,null,null,null,null,null,"",null,null,null,13352.08,null,16646.599999999999,"",null,null,null,""]
[null,null,null,null,null,null,null,null,null,null,null,"9.3.1","","PILARES",null,null,null,null,null,null,"",null,null,null,3499.5499999999997,null,4363.28,"",null,null,null,""]
[null,null,null,null,null,null,null,null,null,null,null,"9.3.1.1",92443,"MONTAGEM E DESMONTAGEM DE FÔRMA DE PILARES RETANGULARES E ESTRUTURAS SIMILARES, PÉ-DIREITO SIMPLES, EM CHAPA DE MADEIRA COMPENSADA PLASTIFICADA, 18 UTILIZAÇÕES. AF_09/2020",null,null,null,null,null,null,"M2",15.6,"BDI1",46.56,726.34,58.05,905.58,"SINAPI 05_2023",0,46.56,0,"SINAPI 05_2023"]
[null,null,null,null,null,null,null,null,null,null,null,"9.3.1.2",104108,"ARMAÇÃO DE PILAR OU VIGA DE ESTRUTURA DE CONCRETO ARMADO EMBUTIDA EM ALVENARIA DE VEDAÇÃO UTILIZANDO AÇO CA-50 DE 10,0 MM - MONTAGEM. AF_06/2022",null,null,null,null,null,null,"KG",36.799999999999997,"BDI1",13.36,491.65,16.66,613.09,"SINAPI 05_2023",0,13.36,0,"SINAPI 05_2023"]
[null,null,null,null,null,null,null,null,null,null,null,"9.3.1.3",104107,"ARMAÇÃO DE PILAR OU VIGA DE ESTRUTURA DE CONCRETO ARMADO EMBUTIDA EM ALVENARIA DE VEDAÇÃO UTILIZANDO AÇO CA-50 DE 12,5 MM - MONTAGEM. AF_06/2022",null,null,null,null,null,null,"KG",51,"BDI1",11.31,576.80999999999995,14.1,719.1,"SINAPI 05_2023",0,11.31,0,"SINAPI 05_2023"]
[null,null,null,null,null,null,null,null,null,null,null,"9.3.1.4",104106,"ARMAÇÃO DE PILAR OU VIGA DE ESTRUTURA DE CONCRETO ARMADO EMBUTIDA EM ALVENARIA DE VEDAÇÃO UTILIZANDO AÇO CA-50 DE 16,0 MM - MONTAGEM. AF_06/2022",null,null,null,null,null,null,"KG",8,"BDI1",10.65,85.2,13.28,106.24,"SINAPI 05_2023",0,10.65,0,"SINAPI 05_2023"]
[null,null,null,null,null,null,null,null,null,null,null,"9.3.1.5",104111,"ARMAÇÃO DE PILAR OU VIGA DE ESTRUTURA DE CONCRETO ARMADO EMBUTIDA EM ALVENARIA DE VEDAÇÃO UTILIZANDO AÇO CA-60 DE 5,0 MM - MONTAGEM. AF_06/2022",null,null,null,null,null,null,"KG",51,"BDI1",20.7,1055.7,25.81,1316.31,"SINAPI 05_2023",0,20.7,0,"SINAPI 05_2023"]
[null,null,null,null,null,null,null,null,null,null,null,"9.3.1.6","ED-49788","FORNECIMENTO DE CONCRETO ESTRUTURAL, PREPARADO EM OBRA COM BETONEIRA, COM FCK 30MPA, INCLUSIVE LANÇAMENTO, ADENSAMENTO E ACABAMENTO (FUNDAÇÃO)",null,null,null,null,null,null,"M3",0.74,"BDI1",761.96,563.85,949.94,702.96,"SEINFRA SUL 01_2023",0,761.96,0,"SEINFRA SUL 01_2023"]
[null,null,null,null,null,null,null,null,null,null,null,"9.3.2","","VIGAS",null,null,null,null,null,null,"",null,null,null,3220.8500000000004,null,4015.6500000000005,"",null,null,null,""]
[null,null,null,null,null,null,null,null,null,null,null,"9.3.2.1",92480,"MONTAGEM E DESMONTAGEM DE FÔRMA DE VIGA, ESCORAMENTO METÁLICO, PÉ-DIREITO SIMPLES, EM CHAPA DE MADEIRA PLASTIFICADA, 18 UTILIZAÇÕES. AF_09/2020",null,null,null,null,null,null,"M2",12.43,"BDI1",83.06,1032.44,103.55,1287.1300000000001,"SINAPI 05_2023",0,83.06,0,"SINAPI 05_2023"]
[null,null,null,null,null,null,null,null,null,null,null,"9.3.2.2",104108,"ARMAÇÃO DE PILAR OU VIGA DE ESTRUTURA DE CONCRETO ARMADO EMBUTIDA EM ALVENARIA DE VEDAÇÃO UTILIZANDO AÇO CA-50 DE 10,0 MM - MONTAGEM. AF_06/2022",null,null,null,null,null,null,"KG",42.3,"BDI1",13.36,565.13,16.66,704.72,"SINAPI 05_2023",0,13.36,0,"SINAPI 05_2023"]
[null,null,null,null,null,null,null,null,null,null,null,"9.3.2.3",104107,"ARMAÇÃO DE PILAR OU VIGA DE ESTRUTURA DE CONCRETO ARMADO EMBUTIDA EM ALVENARIA DE VEDAÇÃO UTILIZANDO AÇO CA-50 DE 12,5 MM - MONTAGEM. AF_06/2022",null,null,null,null,null,null,"KG",31.1,"BDI1",11.31,351.74,14.1,438.51,"SINAPI 05_2023",0,11.31,0,"SINAPI 05_2023"]
[null,null,null,null,null,null,null,null,null,null,null,"9.3.2.4",104111,"ARMAÇÃO DE PILAR OU VIGA DE ESTRUTURA DE CONCRETO ARMADO EMBUTIDA EM ALVENARIA DE VEDAÇÃO UTILIZANDO AÇO CA-60 DE 5,0 MM - MONTAGEM. AF_06/2022",null,null,null,null,null,null,"KG",20.2,"BDI1",20.7,418.14,25.81,521.36,"SINAPI 05_2023",0,20.7,0,"SINAPI 05_2023"]
[null,null,null,null,null,null,null,null,null,null,null,"9.3.2.5","ED-49788","FORNECIMENTO DE CONCRETO ESTRUTURAL, PREPARADO EM OBRA COM BETONEIRA, COM FCK 30MPA, INCLUSIVE LANÇAMENTO, ADENSAMENTO E ACABAMENTO (FUNDAÇÃO)",null,null,null,null,null,null,"M3",1.1200000000000001,"BDI1",761.96,853.4,949.94,1063.93,"SEINFRA SUL 01_2023",0,761.96,0,"SEINFRA SUL 01_2023"]
[null,null,null,null,null,null,null,null,null,null,null,"9.3.3","","LAJE RESPALDO",null,null,null,null,null,null,"",null,null,null,6631.68,null,8267.67,"",null,null,null,""]
[null,null,null,null,null,null,null,null,null,null,null,"9.3.3.1","ED-50258","LAJE PRÉ-MOLDADA UNIDIRECIONAL COM ENCHIMENTO EM POLIESTIRENO EXPANDIDO (EPS), CAPEAMENTO DE 4CM, SOBRECARGA DE 250KG/M2, ALTURA TOTAL DE 11CM E VÃO LIVRE MÁXIMO DE 5M, INCLUSIVE CONCRETO ESTRUTURAL, USINADO BOMBEADO COM FCK DE 20MPA, EXCLUSIVE TELA ARMADA E CIMBRAMENTO",null,null,null,null,null,null,"M2",24.5,"BDI1",189.44,4641.28,236.17,5786.16,"SEINFRA SUL 01_2023",0,189.44,0,"SEINFRA SUL 01_2023"]
[null,null,null,null,null,null,null,null,null,null,null,"9.3.3.2",92770,"ARMAÇÃO DE LAJE DE ESTRUTURA CONVENCIONAL DE CONCRETO ARMADO UTILIZANDO AÇO CA-50 DE 8,0 MM - MONTAGEM. AF_06/2022",null,null,null,null,null,null,"KG",30.6,"BDI1",12.53,383.42,15.62,477.97,"SINAPI 05_2023",0,12.53,0,"SINAPI 05_2023"]
[null,null,null,null,null,null,null,null,null,null,null,"9.3.3.3",92771,"ARMAÇÃO DE LAJE DE ESTRUTURA CONVENCIONAL DE CONCRETO ARMADO UTILIZANDO AÇO CA-50 DE 10,0 MM - MONTAGEM. AF_06/2022",null,null,null,null,null,null,"KG",4.5999999999999996,"BDI1",11.2,51.52,13.96,64.22,"SINAPI 05_2023",0,11.2,0,"SINAPI 05_2023"]
[null,null,null,null,null,null,null,null,null,null,null,"9.3.3.4",21141,"TELA DE ACO SOLDADA NERVURADA, CA-60, Q-92, (1,48 KG/M2), DIAMETRO DO FIO = 4,2 MM, LARGURA = 2,45 X 60 M DE COMPRIMENTO, ESPACAMENTO DA MALHA = 15  X 15 CM",null,null,null,null,null,null,"M2",24.5,"BDI1",15.16,371.42,18.899999999999999,463.05,"SINAPI 05_2023",0,15.16,0,"SINAPI 05_2023"]
[null,null,null,null,null,null,null,null,null,null,null,"9.3.3.5","ED-19637","CIMBRAMENTO PARA LAJE PRÉ-MOLDADA COM ESCORAMENTO METÁLICO, TIPO \"A\", ALTURA DE (200 ATÉ 310)CM, INCLUSIVE DESCARGA, MONTAGEM, DESMONTAGEM E CARGA",null,null,null,null,null,null,"M2XMÊS",68.599999999999994,"BDI1",17.260000000000002,1184.04,21.52,1476.27,"SEINFRA SUL 01_2023",0,17.260000000000002,0,"SEINFRA SUL 01_2023"]
[null,null,null,null,null,null,null,null,null,null,null,"9.4","","ALVENARIA E PAINÉIS",null,null,null,null,null,null,"",null,null,null,11973.17,null,14926.779999999999,"",null,null,null,""]
[null,null,null,null,null,null,null,null,null,null,null,"9.4.1","","ALVENARIA",null,null,null,null,null,null,"",null,null,null,8522.31,null,10624.48,"",null,null,null,""]
[null,null,null,null,null,null,null,null,null,null,null,"9.4.1.1",103327,"ALVENARIA DE VEDAÇÃO DE BLOCOS CERÂMICOS FURADOS NA VERTICAL DE 19X19X39 CM (ESPESSURA 19 CM) E ARGAMASSA DE ASSENTAMENTO COM PREPARO MANUAL. AF_12/2021",null,null,null,null,null,null,"M2",93.14,"BDI1",91.5,8522.31,114.07,10624.48,"SINAPI 05_2023",0,91.5,0,"SINAPI 05_2023"]
[null,null,null,null,null,null,null,null,null,null,null,"9.4.2","","IMPERMEABILIZAÇÃO",null,null,null,null,null,null,"",null,null,null,3450.86,null,4302.3,"",null,null,null,""]
[null,null,null,null,null,null,null,null,null,null,null,"9.4.2.1",98561,"IMPERMEABILIZAÇÃO DE PAREDES COM ARGAMASSA DE CIMENTO E AREIA, COM ADITIVO IMPERMEABILIZANTE, E = 2CM. AF_06/2018",null,null,null,null,null,null,"M2",79.13,"BDI1",43.61,3450.86,54.37,4302.3,"SINAPI 05_2023",0,43.61,0,"SINAPI 05_2023"]
[null,null,null,null,null,null,null,null,null,null,null,"9.5","","REVESTIMENTOS",null,null,null,null,null,null,"",null,null,null,17494.570000000003,null,21809.62,"",null,null,null,""]
[null,null,null,null,null,null,null,null,null,null,null,"9.5.1","","PISO",null,null,null,null,null,null,"",null,null,null,3176.6099999999997,null,3960.3500000000004,"",null,null,null,""]
[null,null,null,null,null,null,null,null,null,null,null,"9.5.1.1",100577,"REGULARIZAÇÃO E COMPACTAÇÃO DE SUBLEITO DE SOLO PREDOMINANTEMENTE ARENOSO. AF_11/2019",null,null,null,null,null,null,"M2",22.04,"BDI1",1.1100000000000001,24.46,1.38,30.42,"SINAPI 05_2023",0,1.1100000000000001,0,"SINAPI 05_2023"]
[null,null,null,null,null,null,null,null,null,null,null,"9.5.1.2",97087,"CAMADA SEPARADORA PARA EXECUÇÃO DE RADIER, PISO DE CONCRETO OU LAJE SOBRE SOLO, EM LONA PLÁSTICA. AF_09/2021",null,null,null,null,null,null,"M2",22.04,"BDI1",2.66,58.63,3.32,73.17,"SINAPI 05_2023",0,2.66,0,"SINAPI 05_2023"]
[null,null,null,null,null,null,null,null,null,null,null,"9.5.1.3",96624,"LASTRO COM MATERIAL GRANULAR (PEDRA BRITADA N.2), APLICADO EM PISOS OU LAJES SOBRE SOLO, ESPESSURA DE *10 CM*. AF_08/2017",null,null,null,null,null,null,"M3",2.2000000000000002,"BDI1",158.38,348.44,197.45,434.39,"SINAPI 05_2023",0,158.38,0,"SINAPI 05_2023"]
[null,null,null,null,null,null,null,null,null,null,null,"9.5.1.4","ED-9319","PISO EM CONCRETO, USINADO CONVENCIONAL, FCK 15MPA, COM TELA SOLDADA NERVURADA TIPO Q-61, ACABAMENTO POLIDO EM NÍVEL ZERO, ESP. 5CM, INCLUSIVE FORNECIMENTO, LANÇAMENTO, ADENSAMENTO, EXCLUSIVE JUNTA DE DILATAÇÃO",null,null,null,null,null,null,"M2",22.04,"BDI1",91.85,2024.37,114.51,2523.8000000000002,"SEINFRA SUL 01_2023",0,91.85,0,"SEINFRA SUL 01_2023"]
[null,null,null,null,null,null,null,null,null,null,null,"9.5.1.5",88477,"CONTRAPISO COM ARGAMASSA AUTONIVELANTE, APLICADO SOBRE LAJE, ADERIDO, ESPESSURA 3CM. AF_07/2021",null,null,null,null,null,null,"M2",22.04,"BDI1",32.700000000000003,720.71,40.770000000000003,898.57,"SINAPI 05_2023",0,32.700000000000003,0,"SINAPI 05_2023"]
[null,null,null,null,null,null,null,null,null,null,null,"9.5.2","","PAREDES",null,null,null,null,null,null,"",null,null,null,12832.240000000002,null,15997.029999999999,"",null,null,null,""]
[null,null,null,null,null,null,null,null,null,null,null,"9.5.2.1",87878,"CHAPISCO APLICADO EM ALVENARIAS E ESTRUTURAS DE CONCRETO INTERNAS, COM COLHER DE PEDREIRO.  ARGAMASSA TRAÇO 1:3 COM PREPARO MANUAL. AF_10/2022",null,null,null,null,null,null,"M2",174.85,"BDI1",4.72,825.29,5.88,1028.1199999999999,"SINAPI 05_2023",0,4.72,0,"SINAPI 05_2023"]
[null,null,null,null,null,null,null,null,null,null,null,"9.5.2.2",87825,"EMBOÇO OU MASSA ÚNICA EM ARGAMASSA TRAÇO 1:2:8, PREPARO MECÂNICO COM BETONEIRA 400 L, APLICADA MANUALMENTE NAS PAREDES INTERNAS DA SACADA, ESPESSURA DE 25 MM, SEM USO DE TELA METÁLICA DE REFORÇO CONTRA FISSURAÇÃO. AF_08/2022",null,null,null,null,null,null,"M2",174.85,"BDI1",68.67,12006.95,85.61,14968.91,"SINAPI 05_2023",0,68.67,0,"SINAPI 05_2023"]
[null,null,null,null,null,null,null,null,null,null,null,"9.5.3","","TETO",null,null,null,null,null,null,"",null,null,null,1485.72,null,1852.24,"",null,null,null,""]
[null,null,null,null,null,null,null,null,null,null,null,"9.5.3.1",87886,"CHAPISCO APLICADO NO TETO OU EM ESTRUTURA, COM DESEMPENADEIRA DENTADA. ARGAMASSA INDUSTRIALIZADA COM PREPARO MANUAL. AF_10/2022",null,null,null,null,null,null,"M2",22.04,"BDI1",15.26,336.33,19.02,419.2,"SINAPI 05_2023",0,15.26,0,"SINAPI 05_2023"]
[null,null,null,null,null,null,null,null,null,null,null,"9.5.3.2",90407,"MASSA ÚNICA, PARA RECEBIMENTO DE PINTURA, EM ARGAMASSA TRAÇO 1:2:8, PREPARO MANUAL, APLICADA MANUALMENTE EM TETO, ESPESSURA DE 20MM, COM EXECUÇÃO DE TALISCAS. AF_03/2015",null,null,null,null,null,null,"M2",22.04,"BDI1",52.15,1149.3900000000001,65.02,1433.04,"SINAPI 05_2023",0,52.15,0,"SINAPI 05_2023"]
[null,null,null,null,null,null,null,null,null,null,null,"10","","ELEVATÓRIA",null,null,null,null,null,null,"",null,null,null,202500.56,null,252453.30999999997,"",null,null,null,""]
[null,null,null,null,null,null,null,null,null,null,null,"10.1","","INFRAESTRUTURA",null,null,null,null,null,null,"",null,null,null,133978.56,null,167027.24,"",null,null,null,""]
[null,null,null,null,null,null,null,null,null,null,null,"10.1.1","","ESTACAS/BROCAS",null,null,null,null,null,null,"",null,null,null,34739.370000000003,null,43309.089999999989,"",null,null,null,""]
[null,null,null,null,null,null,null,null,null,null,null,"10.1.1.1",100651,"ESTACA HÉLICE CONTÍNUA, DIÂMETRO DE 30 CM, INCLUSO CONCRETO FCK=30MPA E ARMADURA MÍNIMA (EXCLUSIVE BOMBEAMENTO, MOBILIZAÇÃO E DESMOBILIZAÇÃO). AF_12/2019_PA",null,null,null,null,null,null,"M",216,"BDI1",146.27000000000001,31594.32,182.35,39387.599999999999,"SINAPI 05_2023",0,146.27000000000001,0,"SINAPI 05_2023"]
[null,null,null,null,null,null,null,null,null,null,null,"10.1.1.2",92915,"ARMAÇÃO DE ESTRUTURAS DIVERSAS DE CONCRETO ARMADO, EXCETO VIGAS, PILARES, LAJES E FUNDAÇÕES, UTILIZANDO AÇO CA-60 DE 5,0 MM - MONTAGEM. AF_06/2022",null,null,null,null,null,null,"KG",33.700000000000003,"BDI1",17.16,578.29,21.39,720.84,"SINAPI 05_2023",0,17.16,0,"SINAPI 05_2023"]
[null,null,null,null,null,null,null,null,null,null,null,"10.1.1.3",92919,"ARMAÇÃO DE ESTRUTURAS DIVERSAS DE CONCRETO ARMADO, EXCETO VIGAS, PILARES, LAJES E FUNDAÇÕES, UTILIZANDO AÇO CA-50 DE 10,0 MM - MONTAGEM. AF_06/2022",null,null,null,null,null,null,"KG",147.6,"BDI1",12.61,1861.24,15.72,2320.27,"SINAPI 05_2023",0,12.61,0,"SINAPI 05_2023"]
[null,null,null,null,null,null,null,null,null,null,null,"10.1.1.4",100977,"CARGA, MANOBRA E DESCARGA DE SOLOS E MATERIAIS GRANULARES EM CAMINHÃO BASCULANTE 6 M³ - CARGA COM ESCAVADEIRA HIDRÁULICA (CAÇAMBA DE 1,20 M³ / 155 HP) E DESCARGA LIVRE (UNIDADE: M3). AF_07/2020",null,null,null,null,null,null,"M3",15.27,"BDI1",6.9,105.36,8.6,131.32,"SINAPI 05_2023",0,6.9,0,"SINAPI 05_2023"]
[null,null,null,null,null,null,null,null,null,null,null,"10.1.1.5",97914,"TRANSPORTE COM CAMINHÃO BASCULANTE DE 6 M³, EM VIA URBANA PAVIMENTADA, DMT ATÉ 30 KM (UNIDADE: M3XKM). AF_07/2020",null,null,null,null,null,null,"M3XKM",229.07,"BDI1",2.62,600.16,3.27,749.06,"SINAPI 05_2023",0,2.62,0,"SINAPI 05_2023"]
[null,null,null,null,null,null,null,null,null,null,null,"10.1.2","","BLOCOS DE FUNDAÇÃO",null,null,null,null,null,null,"",null,null,null,8016.03,null,9993.6,"",null,null,null,""]
[null,null,null,null,null,null,null,null,null,null,null,"10.1.2.1",96523,"ESCAVAÇÃO MANUAL PARA BLOCO DE COROAMENTO OU SAPATA (INCLUINDO ESCAVAÇÃO PARA COLOCAÇÃO DE FÔRMAS). AF_06/2017",null,null,null,null,null,null,"M3",3.88,"BDI1",92.95,360.65,115.88,449.61,"SINAPI 05_2023",0,92.95,0,"SINAPI 05_2023"]
[null,null,null,null,null,null,null,null,null,null,null,"10.1.2.2",96540,"FABRICAÇÃO, MONTAGEM E DESMONTAGEM DE FÔRMA PARA BLOCO DE COROAMENTO, EM CHAPA DE MADEIRA COMPENSADA RESINADA, E=17 MM, 4 UTILIZAÇÕES. AF_06/2017",null,null,null,null,null,null,"M2",11.52,"BDI1",143.9,1657.73,179.4,2066.69,"SINAPI 05_2023",0,143.9,0,"SINAPI 05_2023"]
[null,null,null,null,null,null,null,null,null,null,null,"10.1.2.3",100324,"LASTRO COM MATERIAL GRANULAR (PEDRA BRITADA N.1 E PEDRA BRITADA N.2), APLICADO EM PISOS OU LAJES SOBRE SOLO, ESPESSURA DE *10 CM*. AF_07/2019",null,null,null,null,null,null,"M3",0.67,"BDI1",158.05000000000001,105.89,197.04,132.02000000000001,"SINAPI 05_2023",0,158.05000000000001,0,"SINAPI 05_2023"]
[null,null,null,null,null,null,null,null,null,null,null,"10.1.2.4",96544,"ARMAÇÃO DE BLOCO, VIGA BALDRAME OU SAPATA UTILIZANDO AÇO CA-50 DE 6,3 MM - MONTAGEM. AF_06/2017",null,null,null,null,null,null,"KG",13.7,"BDI1",16.53,226.46,20.61,282.36,"SINAPI 05_2023",0,16.53,0,"SINAPI 05_2023"]
[null,null,null,null,null,null,null,null,null,null,null,"10.1.2.5",96545,"ARMAÇÃO DE BLOCO, VIGA BALDRAME OU SAPATA UTILIZANDO AÇO CA-50 DE 8 MM - MONTAGEM. AF_06/2017",null,null,null,null,null,null,"KG",139.69999999999999,"BDI1",15.2,2123.44,18.95,2647.31,"SINAPI 05_2023",0,15.2,0,"SINAPI 05_2023"]
[null,null,null,null,null,null,null,null,null,null,null,"10.1.2.6",96546,"ARMAÇÃO DE BLOCO, VIGA BALDRAME OU SAPATA UTILIZANDO AÇO CA-50 DE 10 MM - MONTAGEM. AF_06/2017",null,null,null,null,null,null,"KG",5.9,"BDI1",13.44,79.3,16.760000000000002,98.88,"SINAPI 05_2023",0,13.44,0,"SINAPI 05_2023"]
[null,null,null,null,null,null,null,null,null,null,null,"10.1.2.7",96557,"CONCRETAGEM DE BLOCOS DE COROAMENTO E VIGAS BALDRAMES, FCK 30 MPA, COM USO DE BOMBA \u0096 LANÇAMENTO, ADENSAMENTO E ACABAMENTO. AF_06/2017",null,null,null,null,null,null,"M3",3.88,"BDI1",747.04,2898.52,931.33,3613.56,"SINAPI 05_2023",0,747.04,0,"SINAPI 05_2023"]
[null,null,null,null,null,null,null,null,null,null,null,"10.1.2.8",98562,"IMPERMEABILIZAÇÃO DE FLOREIRA OU VIGA BALDRAME COM ARGAMASSA DE CIMENTO E AREIA, COM ADITIVO IMPERMEABILIZANTE, E = 2 CM. AF_06/2018",null,null,null,null,null,null,"M2",6.66,"BDI1",43.18,287.58,53.83,358.51,"SINAPI 05_2023",0,43.18,0,"SINAPI 05_2023"]
[null,null,null,null,null,null,null,null,null,null,null,"10.1.2.9",98557,"IMPERMEABILIZAÇÃO DE SUPERFÍCIE COM EMULSÃO ASFÁLTICA, 2 DEMÃOS AF_06/2018",null,null,null,null,null,null,"M2",6.66,"BDI1",41.51,276.45999999999998,51.75,344.66,"SINAPI 05_2023",0,41.51,0,"SINAPI 05_2023"]
[null,null,null,null,null,null,null,null,null,null,null,"10.1.3","","RADIER",null,null,null,null,null,null,"",null,null,null,14424.449999999999,null,17982.78,"",null,null,null,""]
[null,null,null,null,null,null,null,null,null,null,null,"10.1.3.1",100575,"REGULARIZAÇÃO DE SUPERFÍCIES COM MOTONIVELADORA. AF_11/2019",null,null,null,null,null,null,"M2",25.97,"BDI1",0.12,3.12,0.15,3.9,"SINAPI 05_2023",0,0.12,0,"SINAPI 05_2023"]
[null,null,null,null,null,null,null,null,null,null,null,"10.1.3.2",96624,"LASTRO COM MATERIAL GRANULAR (PEDRA BRITADA N.2), APLICADO EM PISOS OU LAJES SOBRE SOLO, ESPESSURA DE *10 CM*. AF_08/2017",null,null,null,null,null,null,"M3",2.6,"BDI1",158.38,411.79,197.45,513.37,"SINAPI 05_2023",0,158.38,0,"SINAPI 05_2023"]
[null,null,null,null,null,null,null,null,null,null,null,"10.1.3.3",97087,"CAMADA SEPARADORA PARA EXECUÇÃO DE RADIER, PISO DE CONCRETO OU LAJE SOBRE SOLO, EM LONA PLÁSTICA. AF_09/2021",null,null,null,null,null,null,"M2",25.97,"BDI1",2.66,69.08,3.32,86.22,"SINAPI 05_2023",0,2.66,0,"SINAPI 05_2023"]
[null,null,null,null,null,null,null,null,null,null,null,"10.1.3.4",92770,"ARMAÇÃO DE LAJE DE ESTRUTURA CONVENCIONAL DE CONCRETO ARMADO UTILIZANDO AÇO CA-50 DE 8,0 MM - MONTAGEM. AF_06/2022",null,null,null,null,null,null,"KG",496.5,"BDI1",12.53,6221.14,15.62,7755.33,"SINAPI 05_2023",0,12.53,0,"SINAPI 05_2023"]
[null,null,null,null,null,null,null,null,null,null,null,"10.1.3.5",7155,"TELA DE ACO SOLDADA NERVURADA, CA-60, Q-138, (2,20 KG/M2), DIAMETRO DO FIO = 4,2 MM, LARGURA = 2,45 M, ESPACAMENTO DA MALHA = 10  X 10 CM",null,null,null,null,null,null,"M2",25.97,"BDI1",22.6,586.91999999999996,28.18,731.83,"SINAPI 05_2023",0,22.6,0,"SINAPI 05_2023"]
[null,null,null,null,null,null,null,null,null,null,null,"10.1.3.6",97102,"EXECUÇÃO DE RADIER, ESPESSURA DE 15 CM, FCK = 30 MPA, COM USO DE FORMAS EM MADEIRA SERRADA. AF_09/2021",null,null,null,null,null,null,"M2",25.97,"BDI1",241.94,6283.18,301.63,7833.33,"SINAPI 05_2023",0,241.94,0,"SINAPI 05_2023"]
[null,null,null,null,null,null,null,null,null,null,null,"10.1.3.7",88477,"CONTRAPISO COM ARGAMASSA AUTONIVELANTE, APLICADO SOBRE LAJE, ADERIDO, ESPESSURA 3CM. AF_07/2021",null,null,null,null,null,null,"M2",25.97,"BDI1",32.700000000000003,849.22,40.770000000000003,1058.8,"SINAPI 05_2023",0,32.700000000000003,0,"SINAPI 05_2023"]
[null,null,null,null,null,null,null,null,null,null,null,"10.1.4","","CAIXA DE APOIO PARA MOTORES",null,null,null,null,null,null,"",null,null,null,420.24,null,523.91999999999996,"",null,null,null,""]
[null,null,null,null,null,null,null,null,null,null,null,"10.1.4.1","ED-9320","PISO EM CONCRETO, USINADO CONVENCIONAL, FCK 15MPA, COM TELA SOLDADA NERVURADA TIPO Q-138, ACABAMENTO POLÍDO EM NÍVEL ZERO, ESP. 10CM, INCLUSIVE FORNECIMENTO, LANÇAMENTO, ADENSAMENTO, EXCLUSIVE JUNTA DE DILATAÇÃO",null,null,null,null,null,null,"M2",3,"BDI1",140.08000000000001,420.24,174.64,523.91999999999996,"SEINFRA SUL 01_2023",0,140.08000000000001,0,"SEINFRA SUL 01_2023"]
[null,null,null,null,null,null,null,null,null,null,null,"10.1.5","","VIGA",null,null,null,null,null,null,"",null,null,null,175.77,null,219.13000000000002,"",null,null,null,""]
[null,null,null,null,null,null,null,null,null,null,null,"10.1.5.1",96527,"ESCAVAÇÃO MANUAL DE VALA PARA VIGA BALDRAME (INCLUINDO ESCAVAÇÃO PARA COLOCAÇÃO DE FÔRMAS). AF_06/2017",null,null,null,null,null,null,"M3",0.04,"BDI1",121.8,4.87,151.85,6.07,"SINAPI 05_2023",0,121.8,0,"SINAPI 05_2023"]
[null,null,null,null,null,null,null,null,null,null,null,"10.1.5.2",96542,"FABRICAÇÃO, MONTAGEM E DESMONTAGEM DE FÔRMA PARA VIGA BALDRAME, EM CHAPA DE MADEIRA COMPENSADA RESINADA, E=17 MM, 4 UTILIZAÇÕES. AF_06/2017",null,null,null,null,null,null,"M2",0.56999999999999995,"BDI1",92.29,52.61,115.06,65.58,"SINAPI 05_2023",0,92.29,0,"SINAPI 05_2023"]
[null,null,null,null,null,null,null,null,null,null,null,"10.1.5.3",100324,"LASTRO COM MATERIAL GRANULAR (PEDRA BRITADA N.1 E PEDRA BRITADA N.2), APLICADO EM PISOS OU LAJES SOBRE SOLO, ESPESSURA DE *10 CM*. AF_07/2019",null,null,null,null,null,null,"M3",0.01,"BDI1",158.05000000000001,1.58,197.04,1.97,"SINAPI 05_2023",0,158.05000000000001,0,"SINAPI 05_2023"]
[null,null,null,null,null,null,null,null,null,null,null,"10.1.5.4",96546,"ARMAÇÃO DE BLOCO, VIGA BALDRAME OU SAPATA UTILIZANDO AÇO CA-50 DE 10 MM - MONTAGEM. AF_06/2017",null,null,null,null,null,null,"KG",3.9,"BDI1",13.44,52.42,16.760000000000002,65.36,"SINAPI 05_2023",0,13.44,0,"SINAPI 05_2023"]
[null,null,null,null,null,null,null,null,null,null,null,"10.1.5.5",96543,"ARMAÇÃO DE BLOCO, VIGA BALDRAME E SAPATA UTILIZANDO AÇO CA-60 DE 5 MM - MONTAGEM. AF_06/2017",null,null,null,null,null,null,"KG",1.3,"BDI1",18,23.4,22.44,29.17,"SINAPI 05_2023",0,18,0,"SINAPI 05_2023"]
[null,null,null,null,null,null,null,null,null,null,null,"10.1.5.6",96557,"CONCRETAGEM DE BLOCOS DE COROAMENTO E VIGAS BALDRAMES, FCK 30 MPA, COM USO DE BOMBA \u0096 LANÇAMENTO, ADENSAMENTO E ACABAMENTO. AF_06/2017",null,null,null,null,null,null,"M3",0.04,"BDI1",747.04,29.88,931.33,37.25,"SINAPI 05_2023",0,747.04,0,"SINAPI 05_2023"]
[null,null,null,null,null,null,null,null,null,null,null,"10.1.5.7",98557,"IMPERMEABILIZAÇÃO DE SUPERFÍCIE COM EMULSÃO ASFÁLTICA, 2 DEMÃOS AF_06/2018",null,null,null,null,null,null,"M2",0.13,"BDI1",41.51,5.4,51.75,6.73,"SINAPI 05_2023",0,41.51,0,"SINAPI 05_2023"]
[null,null,null,null,null,null,null,null,null,null,null,"10.1.5.8",98562,"IMPERMEABILIZAÇÃO DE FLOREIRA OU VIGA BALDRAME COM ARGAMASSA DE CIMENTO E AREIA, COM ADITIVO IMPERMEABILIZANTE, E = 2 CM. AF_06/2018",null,null,null,null,null,null,"M2",0.13,"BDI1",43.18,5.61,53.83,7,"SINAPI 05_2023",0,43.18,0,"SINAPI 05_2023"]
[null,null,null,null,null,null,null,null,null,null,null,"10.1.6","","PAREDES DE CONTENÇÃO",null,null,null,null,null,null,"",null,null,null,76202.7,null,94998.720000000001,"",null,null,null,""]
[null,null,null,null,null,null,null,null,null,null,null,"10.1.6.1",96527,"ESCAVAÇÃO MANUAL DE VALA PARA VIGA BALDRAME (INCLUINDO ESCAVAÇÃO PARA COLOCAÇÃO DE FÔRMAS). AF_06/2017",null,null,null,null,null,null,"M3",0.5,"BDI1",121.8,60.9,151.85,75.92,"SINAPI 05_2023",0,121.8,0,"SINAPI 05_2023"]
[null,null,null,null,null,null,null,null,null,null,null,"10.1.6.2",92269,"FABRICAÇÃO DE FÔRMA PARA PILARES E ESTRUTURAS SIMILARES, EM MADEIRA SERRADA, E=25 MM. AF_09/2020",null,null,null,null,null,null,"M2",152.86000000000001,"BDI1",335.45,51276.89,418.21,63927.58,"SINAPI 05_2023",0,335.45,0,"SINAPI 05_2023"]
[null,null,null,null,null,null,null,null,null,null,null,"10.1.6.3",100324,"LASTRO COM MATERIAL GRANULAR (PEDRA BRITADA N.1 E PEDRA BRITADA N.2), APLICADO EM PISOS OU LAJES SOBRE SOLO, ESPESSURA DE *10 CM*. AF_07/2019",null,null,null,null,null,null,"M3",0.5,"BDI1",158.05000000000001,79.03,197.04,98.52,"SINAPI 05_2023",0,158.05000000000001,0,"SINAPI 05_2023"]
[null,null,null,null,null,null,null,null,null,null,null,"10.1.6.4",92771,"ARMAÇÃO DE LAJE DE ESTRUTURA CONVENCIONAL DE CONCRETO ARMADO UTILIZANDO AÇO CA-50 DE 10,0 MM - MONTAGEM. AF_06/2022",null,null,null,null,null,null,"KG",1238.9000000000001,"BDI1",11.2,13875.68,13.96,17295.04,"SINAPI 05_2023",0,11.2,0,"SINAPI 05_2023"]
[null,null,null,null,null,null,null,null,null,null,null,"10.1.6.5",96557,"CONCRETAGEM DE BLOCOS DE COROAMENTO E VIGAS BALDRAMES, FCK 30 MPA, COM USO DE BOMBA \u0096 LANÇAMENTO, ADENSAMENTO E ACABAMENTO. AF_06/2017",null,null,null,null,null,null,"M3",14.04,"BDI1",747.04,10488.44,931.33,13075.87,"SINAPI 05_2023",0,747.04,0,"SINAPI 05_2023"]
[null,null,null,null,null,null,null,null,null,null,null,"10.1.6.6",98557,"IMPERMEABILIZAÇÃO DE SUPERFÍCIE COM EMULSÃO ASFÁLTICA, 2 DEMÃOS AF_06/2018",null,null,null,null,null,null,"M2",4.9800000000000004,"BDI1",41.51,206.72,51.75,257.72000000000003,"SINAPI 05_2023",0,41.51,0,"SINAPI 05_2023"]
[null,null,null,null,null,null,null,null,null,null,null,"10.1.6.7",98562,"IMPERMEABILIZAÇÃO DE FLOREIRA OU VIGA BALDRAME COM ARGAMASSA DE CIMENTO E AREIA, COM ADITIVO IMPERMEABILIZANTE, E = 2 CM. AF_06/2018",null,null,null,null,null,null,"M2",4.9800000000000004,"BDI1",43.18,215.04,53.83,268.07,"SINAPI 05_2023",0,43.18,0,"SINAPI 05_2023"]
[null,null,null,null,null,null,null,null,null,null,null,"10.2","","SUPRAESTRUTURA",null,null,null,null,null,null,"",null,null,null,13379.73,null,16681.239999999998,"",null,null,null,""]
[null,null,null,null,null,null,null,null,null,null,null,"10.2.1","","PILARES",null,null,null,null,null,null,"",null,null,null,8046.3600000000006,null,10031.66,"",null,null,null,""]
[null,null,null,null,null,null,null,null,null,null,null,"10.2.1.1",92443,"MONTAGEM E DESMONTAGEM DE FÔRMA DE PILARES RETANGULARES E ESTRUTURAS SIMILARES, PÉ-DIREITO SIMPLES, EM CHAPA DE MADEIRA COMPENSADA PLASTIFICADA, 18 UTILIZAÇÕES. AF_09/2020",null,null,null,null,null,null,"M2",45.54,"BDI1",46.56,2120.34,58.05,2643.6,"SINAPI 05_2023",0,46.56,0,"SINAPI 05_2023"]
[null,null,null,null,null,null,null,null,null,null,null,"10.2.1.2",92760,"ARMAÇÃO DE PILAR OU VIGA DE ESTRUTURA CONVENCIONAL DE CONCRETO ARMADO UTILIZANDO AÇO CA-50 DE 6,3 MM - MONTAGEM. AF_06/2022",null,null,null,null,null,null,"KG",10.9,"BDI1",13.81,150.53,17.22,187.7,"SINAPI 05_2023",0,13.81,0,"SINAPI 05_2023"]
[null,null,null,null,null,null,null,null,null,null,null,"10.2.1.3",92762,"ARMAÇÃO DE PILAR OU VIGA DE ESTRUTURA CONVENCIONAL DE CONCRETO ARMADO UTILIZANDO AÇO CA-50 DE 10,0 MM - MONTAGEM. AF_06/2022",null,null,null,null,null,null,"KG",166.4,"BDI1",11.63,1935.23,14.5,2412.8000000000002,"SINAPI 05_2023",0,11.63,0,"SINAPI 05_2023"]
[null,null,null,null,null,null,null,null,null,null,null,"10.2.1.4",92764,"ARMAÇÃO DE PILAR OU VIGA DE ESTRUTURA CONVENCIONAL DE CONCRETO ARMADO UTILIZANDO AÇO CA-50 DE 16,0 MM - MONTAGEM. AF_06/2022",null,null,null,null,null,null,"KG",51.5,"BDI1",9.52,490.28,11.87,611.29999999999995,"SINAPI 05_2023",0,9.52,0,"SINAPI 05_2023"]
[null,null,null,null,null,null,null,null,null,null,null,"10.2.1.5",92765,"ARMAÇÃO DE PILAR OU VIGA DE ESTRUTURA CONVENCIONAL DE CONCRETO ARMADO UTILIZANDO AÇO CA-50 DE 20,0 MM - MONTAGEM. AF_06/2022",null,null,null,null,null,null,"KG",83.2,"BDI1",10.86,903.55,13.54,1126.53,"SINAPI 05_2023",0,10.86,0,"SINAPI 05_2023"]
[null,null,null,null,null,null,null,null,null,null,null,"10.2.1.6",92759,"ARMAÇÃO DE PILAR OU VIGA DE ESTRUTURA CONVENCIONAL DE CONCRETO ARMADO UTILIZANDO AÇO CA-60 DE 5,0 MM - MONTAGEM. AF_06/2022",null,null,null,null,null,null,"KG",55.1,"BDI1",14.53,800.6,18.11,997.86,"SINAPI 05_2023",0,14.53,0,"SINAPI 05_2023"]
[null,null,null,null,null,null,null,null,null,null,null,"10.2.1.7","ED-49788","FORNECIMENTO DE CONCRETO ESTRUTURAL, PREPARADO EM OBRA COM BETONEIRA, COM FCK 30MPA, INCLUSIVE LANÇAMENTO, ADENSAMENTO E ACABAMENTO (FUNDAÇÃO)",null,null,null,null,null,null,"M3",2.16,"BDI1",761.96,1645.83,949.94,2051.87,"SEINFRA SUL 01_2023",0,761.96,0,"SEINFRA SUL 01_2023"]
[null,null,null,null,null,null,null,null,null,null,null,"10.2.2","","VIGAS",null,null,null,null,null,null,"",null,null,null,5333.369999999999,null,6649.58,"",null,null,null,""]
[null,null,null,null,null,null,null,null,null,null,null,"10.2.2.1",92480,"MONTAGEM E DESMONTAGEM DE FÔRMA DE VIGA, ESCORAMENTO METÁLICO, PÉ-DIREITO SIMPLES, EM CHAPA DE MADEIRA PLASTIFICADA, 18 UTILIZAÇÕES. AF_09/2020",null,null,null,null,null,null,"M2",18.54,"BDI1",83.06,1539.93,103.55,1919.82,"SINAPI 05_2023",0,83.06,0,"SINAPI 05_2023"]
[null,null,null,null,null,null,null,null,null,null,null,"10.2.2.2",104108,"ARMAÇÃO DE PILAR OU VIGA DE ESTRUTURA DE CONCRETO ARMADO EMBUTIDA EM ALVENARIA DE VEDAÇÃO UTILIZANDO AÇO CA-50 DE 10,0 MM - MONTAGEM. AF_06/2022",null,null,null,null,null,null,"KG",85,"BDI1",13.36,1135.5999999999999,16.66,1416.1,"SINAPI 05_2023",0,13.36,0,"SINAPI 05_2023"]
[null,null,null,null,null,null,null,null,null,null,null,"10.2.2.3",104107,"ARMAÇÃO DE PILAR OU VIGA DE ESTRUTURA DE CONCRETO ARMADO EMBUTIDA EM ALVENARIA DE VEDAÇÃO UTILIZANDO AÇO CA-50 DE 12,5 MM - MONTAGEM. AF_06/2022",null,null,null,null,null,null,"KG",30.9,"BDI1",11.31,349.48,14.1,435.69,"SINAPI 05_2023",0,11.31,0,"SINAPI 05_2023"]
[null,null,null,null,null,null,null,null,null,null,null,"10.2.2.4",104111,"ARMAÇÃO DE PILAR OU VIGA DE ESTRUTURA DE CONCRETO ARMADO EMBUTIDA EM ALVENARIA DE VEDAÇÃO UTILIZANDO AÇO CA-60 DE 5,0 MM - MONTAGEM. AF_06/2022",null,null,null,null,null,null,"KG",39,"BDI1",20.7,807.3,25.81,1006.59,"SINAPI 05_2023",0,20.7,0,"SINAPI 05_2023"]
[null,null,null,null,null,null,null,null,null,null,null,"10.2.2.5","ED-49788","FORNECIMENTO DE CONCRETO ESTRUTURAL, PREPARADO EM OBRA COM BETONEIRA, COM FCK 30MPA, INCLUSIVE LANÇAMENTO, ADENSAMENTO E ACABAMENTO (FUNDAÇÃO)",null,null,null,null,null,null,"M3",1.97,"BDI1",761.96,1501.06,949.94,1871.38,"SEINFRA SUL 01_2023",0,761.96,0,"SEINFRA SUL 01_2023"]
[null,null,null,null,null,null,null,null,null,null,null,"10.3","","LAJE DE PISO",null,null,null,null,null,null,"",null,null,null,1595.2600000000002,null,1988.8,"",null,null,null,""]
[null,null,null,null,null,null,null,null,null,null,null,"10.3.1",103760,"MONTAGEM E DESMONTAGEM DE FÔRMA DE LAJE MACIÇA, PÉ-DIREITO SIMPLES, EM CHAPA DE MADEIRA COMPENSADA RESINADA E CIMBRAMENTO DE MADEIRA, 2 UTILIZAÇÕES. AF_03/2022",null,null,null,null,null,null,"M2",3.79,"BDI1",138.27000000000001,524.04,172.38,653.32000000000005,"SINAPI 05_2023",0,138.27000000000001,0,"SINAPI 05_2023"]
[null,null,null,null,null,null,null,null,null,null,null,"10.3.2",92770,"ARMAÇÃO DE LAJE DE ESTRUTURA CONVENCIONAL DE CONCRETO ARMADO UTILIZANDO AÇO CA-50 DE 8,0 MM - MONTAGEM. AF_06/2022",null,null,null,null,null,null,"KG",30.6,"BDI1",12.53,383.42,15.62,477.97,"SINAPI 05_2023",0,12.53,0,"SINAPI 05_2023"]
[null,null,null,null,null,null,null,null,null,null,null,"10.3.3",92771,"ARMAÇÃO DE LAJE DE ESTRUTURA CONVENCIONAL DE CONCRETO ARMADO UTILIZANDO AÇO CA-50 DE 10,0 MM - MONTAGEM. AF_06/2022",null,null,null,null,null,null,"KG",4.5999999999999996,"BDI1",11.2,51.52,13.96,64.22,"SINAPI 05_2023",0,11.2,0,"SINAPI 05_2023"]
[null,null,null,null,null,null,null,null,null,null,null,"10.3.4",7155,"TELA DE ACO SOLDADA NERVURADA, CA-60, Q-138, (2,20 KG/M2), DIAMETRO DO FIO = 4,2 MM, LARGURA = 2,45 M, ESPACAMENTO DA MALHA = 10  X 10 CM",null,null,null,null,null,null,"M2",3.79,"BDI1",22.6,85.65,28.18,106.8,"SINAPI 05_2023",0,22.6,0,"SINAPI 05_2023"]
[null,null,null,null,null,null,null,null,null,null,null,"10.3.5","ED-49788","FORNECIMENTO DE CONCRETO ESTRUTURAL, PREPARADO EM OBRA COM BETONEIRA, COM FCK 30MPA, INCLUSIVE LANÇAMENTO, ADENSAMENTO E ACABAMENTO (FUNDAÇÃO)",null,null,null,null,null,null,"M3",0.56000000000000005,"BDI1",761.96,426.7,949.94,531.97,"SEINFRA SUL 01_2023",0,761.96,0,"SEINFRA SUL 01_2023"]
[null,null,null,null,null,null,null,null,null,null,null,"10.3.6",88477,"CONTRAPISO COM ARGAMASSA AUTONIVELANTE, APLICADO SOBRE LAJE, ADERIDO, ESPESSURA 3CM. AF_07/2021",null,null,null,null,null,null,"M2",3.79,"BDI1",32.700000000000003,123.93,40.770000000000003,154.52000000000001,"SINAPI 05_2023",0,32.700000000000003,0,"SINAPI 05_2023"]
[null,null,null,null,null,null,null,null,null,null,null,"10.4","","ESCADA",null,null,null,null,null,null,"",null,null,null,2990.66,null,3728.3700000000003,"",null,null,null,""]
[null,null,null,null,null,null,null,null,null,null,null,"10.4.1",103760,"MONTAGEM E DESMONTAGEM DE FÔRMA DE LAJE MACIÇA, PÉ-DIREITO SIMPLES, EM CHAPA DE MADEIRA COMPENSADA RESINADA E CIMBRAMENTO DE MADEIRA, 2 UTILIZAÇÕES. AF_03/2022",null,null,null,null,null,null,"M2",10.82,"BDI1",138.27000000000001,1496.08,172.38,1865.15,"SINAPI 05_2023",0,138.27000000000001,0,"SINAPI 05_2023"]
[null,null,null,null,null,null,null,null,null,null,null,"10.4.2",92770,"ARMAÇÃO DE LAJE DE ESTRUTURA CONVENCIONAL DE CONCRETO ARMADO UTILIZANDO AÇO CA-50 DE 8,0 MM - MONTAGEM. AF_06/2022",null,null,null,null,null,null,"KG",58.9,"BDI1",12.53,738.02,15.62,920.02,"SINAPI 05_2023",0,12.53,0,"SINAPI 05_2023"]
[null,null,null,null,null,null,null,null,null,null,null,"10.4.3",92771,"ARMAÇÃO DE LAJE DE ESTRUTURA CONVENCIONAL DE CONCRETO ARMADO UTILIZANDO AÇO CA-50 DE 10,0 MM - MONTAGEM. AF_06/2022",null,null,null,null,null,null,"KG",3.6,"BDI1",11.2,40.32,13.96,50.26,"SINAPI 05_2023",0,11.2,0,"SINAPI 05_2023"]
[null,null,null,null,null,null,null,null,null,null,null,"10.4.4","ED-49788","FORNECIMENTO DE CONCRETO ESTRUTURAL, PREPARADO EM OBRA COM BETONEIRA, COM FCK 30MPA, INCLUSIVE LANÇAMENTO, ADENSAMENTO E ACABAMENTO (FUNDAÇÃO)",null,null,null,null,null,null,"M3",0.94,"BDI1",761.96,716.24,949.94,892.94,"SEINFRA SUL 01_2023",0,761.96,0,"SEINFRA SUL 01_2023"]
[null,null,null,null,null,null,null,null,null,null,null,"10.5","","LAJE DE RESPALDO",null,null,null,null,null,null,"",null,null,null,9921.49,null,12368.86,"",null,null,null,""]
[null,null,null,null,null,null,null,null,null,null,null,"10.5.1","ED-50258","LAJE PRÉ-MOLDADA UNIDIRECIONAL COM ENCHIMENTO EM POLIESTIRENO EXPANDIDO (EPS), CAPEAMENTO DE 4CM, SOBRECARGA DE 250KG/M2, ALTURA TOTAL DE 11CM E VÃO LIVRE MÁXIMO DE 5M, INCLUSIVE CONCRETO ESTRUTURAL, USINADO BOMBEADO COM FCK DE 20MPA, EXCLUSIVE TELA ARMADA E CIMBRAMENTO",null,null,null,null,null,null,"M2",38.79,"BDI1",189.44,7348.38,236.17,9161.0300000000007,"SEINFRA SUL 01_2023",0,189.44,0,"SEINFRA SUL 01_2023"]
[null,null,null,null,null,null,null,null,null,null,null,"10.5.2",92770,"ARMAÇÃO DE LAJE DE ESTRUTURA CONVENCIONAL DE CONCRETO ARMADO UTILIZANDO AÇO CA-50 DE 8,0 MM - MONTAGEM. AF_06/2022",null,null,null,null,null,null,"KG",100.7,"BDI1",12.53,1261.77,15.62,1572.93,"SINAPI 05_2023",0,12.53,0,"SINAPI 05_2023"]
[null,null,null,null,null,null,null,null,null,null,null,"10.5.3",92771,"ARMAÇÃO DE LAJE DE ESTRUTURA CONVENCIONAL DE CONCRETO ARMADO UTILIZANDO AÇO CA-50 DE 10,0 MM - MONTAGEM. AF_06/2022",null,null,null,null,null,null,"KG",4.8,"BDI1",11.2,53.76,13.96,67.010000000000005,"SINAPI 05_2023",0,11.2,0,"SINAPI 05_2023"]
[null,null,null,null,null,null,null,null,null,null,null,"10.5.4",21141,"TELA DE ACO SOLDADA NERVURADA, CA-60, Q-92, (1,48 KG/M2), DIAMETRO DO FIO = 4,2 MM, LARGURA = 2,45 X 60 M DE COMPRIMENTO, ESPACAMENTO DA MALHA = 15  X 15 CM",null,null,null,null,null,null,"M2",38.79,"BDI1",15.16,588.05999999999995,18.899999999999999,733.13,"SINAPI 05_2023",0,15.16,0,"SINAPI 05_2023"]
[null,null,null,null,null,null,null,null,null,null,null,"10.5.5","ED-19637","CIMBRAMENTO PARA LAJE PRÉ-MOLDADA COM ESCORAMENTO METÁLICO, TIPO \"A\", ALTURA DE (200 ATÉ 310)CM, INCLUSIVE DESCARGA, MONTAGEM, DESMONTAGEM E CARGA",null,null,null,null,null,null,"M2XMÊS",38.79,"BDI1",17.260000000000002,669.52,21.52,834.76,"SEINFRA SUL 01_2023",0,17.260000000000002,0,"SEINFRA SUL 01_2023"]
[null,null,null,null,null,null,null,null,null,null,null,"10.6","","ALVENARIA E PAINÉIS",null,null,null,null,null,null,"",null,null,null,19139.490000000002,null,23861.88,"",null,null,null,""]
[null,null,null,null,null,null,null,null,null,null,null,"10.6.1","","ALVENARIA",null,null,null,null,null,null,"",null,null,null,8124.29,null,10128.280000000001,"",null,null,null,""]
[null,null,null,null,null,null,null,null,null,null,null,"10.6.1.1",103327,"ALVENARIA DE VEDAÇÃO DE BLOCOS CERÂMICOS FURADOS NA VERTICAL DE 19X19X39 CM (ESPESSURA 19 CM) E ARGAMASSA DE ASSENTAMENTO COM PREPARO MANUAL. AF_12/2021",null,null,null,null,null,null,"M2",88.79,"BDI1",91.5,8124.29,114.07,10128.280000000001,"SINAPI 05_2023",0,91.5,0,"SINAPI 05_2023"]
[null,null,null,null,null,null,null,null,null,null,null,"10.6.2","","IMPERMEABILIZAÇÃO E DRENO EM ARRIMO",null,null,null,null,null,null,"",null,null,null,11015.2,null,13733.6,"",null,null,null,""]
[null,null,null,null,null,null,null,null,null,null,null,"10.6.2.1",98561,"IMPERMEABILIZAÇÃO DE PAREDES COM ARGAMASSA DE CIMENTO E AREIA, COM ADITIVO IMPERMEABILIZANTE, E = 2CM. AF_06/2018",null,null,null,null,null,null,"M2",145.71,"BDI1",43.61,6354.41,54.37,7922.25,"SINAPI 05_2023",0,43.61,0,"SINAPI 05_2023"]
[null,null,null,null,null,null,null,null,null,null,null,"10.6.2.2","ED-49813","LASTRO DE BRITA COM PEDRA BRITADA NÚMERO 2 E 3, INCLUSIVE ADENSAMENTO E APILOAMENTO MANUAL",null,null,null,null,null,null,"M3",19.29,"BDI1",178.95,3451.95,223.1,4303.6000000000004,"SEINFRA SUL 01_2023",0,178.95,0,"SEINFRA SUL 01_2023"]
[null,null,null,null,null,null,null,null,null,null,null,"10.6.2.3","RO-40980","MANTA GEOTÊXTIL NÃO TECIDA, A/180, OP/20 OU SIMILAR, RESISTÊNCIA À TRAÇÃO DE 12 KN/M2 (INCLUINDO FORNECIMENTO, TRANSPORTE E COLOCAÇÃO)",null,null,null,null,null,null,"M2",142.35,"BDI1",4.4400000000000004,632.03,5.54,788.62,"SEINFRA SUL 01_2023",0,4.4400000000000004,0,"SEINFRA SUL 01_2023"]
[null,null,null,null,null,null,null,null,null,null,null,"10.6.2.4","ED-48689","FORNECIMENTO E ASSENTAMENTO DE TUBO PVC FLEXÍVEL CORRUGADO, PERFURADO, DN 100 MM (4\"), PARA DRENAGEM",null,null,null,null,null,null,"M",27.96,"BDI1",20.63,576.80999999999995,25.72,719.13,"SEINFRA SUL 01_2023",0,20.63,0,"SEINFRA SUL 01_2023"]
[null,null,null,null,null,null,null,null,null,null,null,"10.7","","REVESTIMENTOS",null,null,null,null,null,null,"",null,null,null,21495.37,null,26796.920000000002,"",null,null,null,""]
[null,null,null,null,null,null,null,null,null,null,null,"10.7.1","","PAREDES",null,null,null,null,null,null,"",null,null,null,18840.09,null,23486.58,"",null,null,null,""]
[null,null,null,null,null,null,null,null,null,null,null,"10.7.1.1",87878,"CHAPISCO APLICADO EM ALVENARIAS E ESTRUTURAS DE CONCRETO INTERNAS, COM COLHER DE PEDREIRO.  ARGAMASSA TRAÇO 1:3 COM PREPARO MANUAL. AF_10/2022",null,null,null,null,null,null,"M2",256.71199999999999,"BDI1",4.72,1211.68,5.88,1509.47,"SINAPI 05_2023",0,4.72,0,"SINAPI 05_2023"]
[null,null,null,null,null,null,null,null,null,null,null,"10.7.1.2",87825,"EMBOÇO OU MASSA ÚNICA EM ARGAMASSA TRAÇO 1:2:8, PREPARO MECÂNICO COM BETONEIRA 400 L, APLICADA MANUALMENTE NAS PAREDES INTERNAS DA SACADA, ESPESSURA DE 25 MM, SEM USO DE TELA METÁLICA DE REFORÇO CONTRA FISSURAÇÃO. AF_08/2022",null,null,null,null,null,null,"M2",256.71199999999999,"BDI1",68.67,17628.41,85.61,21977.11,"SINAPI 05_2023",0,68.67,0,"SINAPI 05_2023"]
[null,null,null,null,null,null,null,null,null,null,null,"10.7.2","","TETO",null,null,null,null,null,null,"",null,null,null,2655.28,null,3310.34,"",null,null,null,""]
[null,null,null,null,null,null,null,null,null,null,null,"10.7.2.1",87886,"CHAPISCO APLICADO NO TETO OU EM ESTRUTURA, COM DESEMPENADEIRA DENTADA. ARGAMASSA INDUSTRIALIZADA COM PREPARO MANUAL. AF_10/2022",null,null,null,null,null,null,"M2",39.39,"BDI1",15.26,601.09,19.02,749.2,"SINAPI 05_2023",0,15.26,0,"SINAPI 05_2023"]
[null,null,null,null,null,null,null,null,null,null,null,"10.7.2.2",90407,"MASSA ÚNICA, PARA RECEBIMENTO DE PINTURA, EM ARGAMASSA TRAÇO 1:2:8, PREPARO MANUAL, APLICADA MANUALMENTE EM TETO, ESPESSURA DE 20MM, COM EXECUÇÃO DE TALISCAS. AF_03/2015",null,null,null,null,null,null,"M2",39.39,"BDI1",52.15,2054.19,65.02,2561.14,"SINAPI 05_2023",0,52.15,0,"SINAPI 05_2023"]

{"sheet":"MsPJ4","index":8,"n_rows":23,"n_cols":33,"rows_kept":23,"cut":false,"hidden":false,"merged":[[8,17,8,18],[1,11,3,18]]}
[]
[null,null,null,null,null,null,null,null,null,null,null,"CRONOGRAMA FÍSICO-FINANCEIRO"]
[]
[]
[]
[]
[]
[null,null,null,null,null,null,null,null,null,null,null,"Itens do Orçamento"]
[null,null,null,null,null,null,null,null,null,null,null,"ITEM","DESCRIÇÃO",null,null,null,null,"VALOR DOS SERVIÇOS",null,null,null,"MÊS 1",null,"MÊS 2",null,"MÊS 3",null,"MÊS 4",null,"MÊS 5",null,null,"TOTAL"]
[null,null,null,null,null,null,null,null,null,null,null,null,null,null,null,null,null,"R$","PESO %",null,"R$","PESO %","R$","PESO %","R$","PESO %","R$","PESO %","R$","PESO %",null,"R$","PESO %"]
[null,null,null,null,null,null,null,null,null,null,null,"1","REDE ADUTORA DE ÁGUA BRUTA ",null,null,null,null,432753.88,25.698869364402793,null,{"$f":"R11*V11/100","v":216376.94},50,{"$f":"R11*X11/100","v":216376.94},50,{"$f":"R11*Z11/100","v":0},null,{"$f":"R11*AB11/100","v":0},null,{"$f":"R11*AD11/100","v":0},null,null,{"$f":"0+U11+W11+Y11+AA11+AC11","v":432753.88},{"$f":"0+V11+X11+Z11+AB11+AD11","v":100}]
[null,null,null,null,null,null,null,null,null,null,null,"2","ELEVATÓRIA E MATERIAIS ",null,null,null,null,438573.12000000011,26.044441976161025,null,131571.93600000005,30,131571.93600000005,30,87714.624000000025,20,87714.624000000025,20,0,null,null,438573.12000000011,100]
[null,null,null,null,null,null,null,null,null,null,null,"3","SUBSTAÇÃO ABRIGADA N° 5 CEMIG",null,null,null,null,52574.5,3.1221099794617544,null,0,null,15772.35,30,15772.35,30,10514.9,20,10514.9,20,null,52574.5,100]
[null,null,null,null,null,null,null,null,null,null,null,"4","DISTRIBUIÇÃO DE FORÇA E CONTROLE DE ILUMINAÇÃO EXTERNO",null,null,null,null,17821.829999999998,1.058340322690104,null,0,null,5346.5489999999991,30,5346.5489999999991,30,3564.366,20,3564.366,20,null,17821.829999999998,100]
[null,null,null,null,null,null,null,null,null,null,null,"5","DISTRIBUIÇÃO DE FORÇA E CONTROLE E ILUMINAÇÃO INTERNO (SALA ELÉTRICA)",null,null,null,null,15092.909999999996,0.89628479453191368,null,0,null,4527.8729999999987,30,4527.8729999999987,30,3018.5819999999994,20,3018.5819999999994,20,null,15092.909999999996,100]
[null,null,null,null,null,null,null,null,null,null,null,"6","SISTEM DE ATERRAMENTO E SPDA (SALA ELÉTRICA E SUBESTAÇÃO)",null,null,null,null,10645.890000000003,0.63220077051140966,null,0,null,3193.7670000000007,30,3193.7670000000007,30,2129.1780000000003,20,2129.1780000000003,20,null,10645.890000000001,100]
[null,null,null,null,null,null,null,null,null,null,null,"7","EQUIPAMENTOS (CONFORME RELAÇÃODE EQUIPAMENTOS E PROJETOS IPI INCLUSO)",null,null,null,null,278157.46999999997,16.51824007739177,null,83447.240999999995,30,83447.240999999995,30,55631.493999999992,20,27815.746999999996,10,27815.746999999996,10,null,278157.46999999997,100]
[null,null,null,null,null,null,null,null,null,null,null,"8","MÃO DE OBRA REFERENTE AS INSTALAÇÕES",null,null,null,null,58907.520000000011,3.4981931555667276,null,0,null,17672.256000000005,30,17672.256000000005,30,11781.504000000001,20,11781.504000000001,20,null,58907.520000000011,100]
[null,null,null,null,null,null,null,null,null,null,null,"9","ESTRUTURAL E ALVENARIA SUBSTAÇÃO ELEVATÓRIA",null,null,null,null,126960.88999999998,7.5395079681280093,null,73434.178775999986,57.84,21786.488723999999,17.16,9306.2332370000004,7.33,22433.989262999999,17.670000000000002,0,null,null,126960.88999999998,100]
[null,null,null,null,null,null,null,null,null,null,null,"10","ELEVATÓRIA",null,null,null,null,252453.30999999997,14.991811591154491,null,163463.51822499998,64.75,45365.859806999993,17.97,11032.209647,4.37,32591.722320999997,12.91,0,null,null,252453.31,100]
[]
[null,null,null,null,null,null,null,null,null,null,null,null,"TOTAL",null,null,null,null,{"$f":"SUM(R11:R20)","v":1683941.32},{"$f":"SUM(S11:S20)","v":100},null,{"$f":"SUM(U11:U20)","v":668293.81400100002},{"$f":"(U22/R22)*100","v":39.686288712305014},{"$f":"SUM(W11:W20)","v":545061.26053099998},{"$f":"(W22/R22)*100","v":32.368186115357034},{"$f":"SUM(Y11:Y20)","v":210197.35588400002},{"$f":"(Y22/R22)*100","v":12.482463218136367},{"$f":"SUM(AA11:AA20)","v":201564.61258400002},{"$f":"(AA22/R22)*100","v":11.969812141910028},{"$f":"SUM(AC11:AC20)","v":58824.276999999995},{"$f":"(AC22/R22)*100","v":3.4932498122915585}]
[null,null,null,null,null,null,null,null,null,null,null,null,"TOTAL ACUMULADO",null,null,null,null,{"$f":"AC23","v":1683941.3199999998},{"$f":"(R23/R22)*100","v":99.999999999999986},null,{"$f":"U22","v":668293.81400100002},{"$f":"(U23/R22)*100","v":39.686288712305014},{"$f":"W22+U23","v":1213355.0745319999},{"$f":"(W23/R22)*100","v":72.054474827662034},{"$f":"Y22+W23","v":1423552.4304159998},{"$f":"(Y23/R22)*100","v":84.536938045798408},{"$f":"AA22+Y23","v":1625117.0429999998},{"$f":"(AA23/R22)*100","v":96.50675018770842},{"$f":"AC22+AA23","v":1683941.3199999998},{"$f":"(AC23/R22)*100","v":99.999999999999986}]

{"sheet":"MsPJ5","index":9,"n_rows":12,"n_cols":28,"rows_kept":12,"cut":false,"hidden":false,"merged":[[1,11,3,23],[10,22,10,23]]}
[]
[null,null,null,null,null,null,null,null,null,null,null,"COMPOSIÇÕES"]
[]
[]
[]
[]
[]
[null,null,null,null,null,null,null,null,null,null,null,"Referências"]
[]
[]
[null,null,null,null,null,null,null,null,null,null,null,"Composições"]
[null,null,null,null,null,null,null,null,null,null,null,"NÍVEL","CÓDIGO","DESCRIÇÃO",null,null,null,null,null,null,"UNIDADE","QUANTIDADE","VALOR","TOTAL",null,"DIFERENÇA\nVALOR","DIFERENÇA PERCENTUAL","REFERÊNCIA"]

{"sheet":"MsPJ6","index":10,"n_rows":185,"n_cols":21,"rows_kept":185,"cut":false,"hidden":false,"merged":[[1,11,3,20]]}
[]
[null,null,null,null,null,null,null,null,null,null,null,"COTAÇÕES"]
[]
[]
[]
[]
[]
[]
[]
[]
[]
[null,null,null,null,null,null,null,null,null,null,null,"Índices de Retroação"]
[null,null,null,null,null,null,null,null,null,null,null,"NOME","DESCRIÇÃO",null,null,null,"DATA BASE","ÍNDICE DT BASE","DT COTAÇÃO","ÍNDICE DT COT","COEFICIENTE"]
[]
[]
[null,null,null,null,null,null,null,null,null,null,null,"Empresas Fornecedoras"]
[null,null,null,null,null,null,null,null,null,null,null,"CNPJ","NOME",null,null,null,null,"TELEFONE",null,"CONTATO"]
[null,null,null,null,null,null,null,null,null,null,null,"18.671.271/0001-34","FLEX TELECOMUNICAÇÕES LTDA",null,null,null,null,"(31)3561-5078",null,"LUCAS KIFFER KUSTER"]
[null,null,null,null,null,null,null,null,null,null,null,"25.131.235/0001-43","MACRE ENERGIA E AUTOMÇÃO LTDA",null,null,null,null,"(34)9178-9622",null,"MAURÍCIO DE SOUZA FILHO"]
[null,null,null,null,null,null,null,null,null,null,null,"31.479.216/0001-05","ELÉTRICA MG",null,null,null,null,"(31)9541-8170",null,"MARCÍLIO LUIZ"]
[null,null,null,null,null,null,null,null,null,null,null,"34.086.617/0001-93","REDE SANEAMENTO",null,null,null,null,"(31)9976-6781",null,"FABIANA"]
[null,null,null,null,null,null,null,null,null,null,null,"15.362.871/0001-22","CARVALHO SANEAMENTO",null,null,null,null,"(19)3897-5405",null,"MONTE MOR"]
[null,null,null,null,null,null,null,null,null,null,null,"66.832.825/0001-80","HIDROTAM TUBOS E CONEXÕES",null,null,null,null,"(19)3673-1978",null,"VENDAS"]
[null,null,null,null,null,null,null,null,null,null,null,"82.992.686/0001-09","SIDRASUL",null,null,null,null,"(31)3321-0692",null,"VITOR LIMA"]
[null,null,null,null,null,null,null,null,null,null,null,"11.463.372/0001-70","MANTIQUEIRA CONSTRUÇÕES E PROJETOS DE ENERGIA RENO",null,null,null,null,"(35)9135-6163",null,"RONALDO"]
[null,null,null,null,null,null,null,null,null,null,null,"23.729.444/0001-68","HELIBOMBAS",null,null,null,null,"(16)3333-5252",null,"ALEXANDRE DURAZZO"]
[null,null,null,null,null,null,null,null,null,null,null,"17.521.368/0001-06","VALCOM INDUSTRIA E COMERCIO DE EQUIPAMENTOS",null,null,null,null,"(15)3329-3960",null,"CARLOS SILVA"]
[null,null,null,null,null,null,null,null,null,null,null,"31.866.667/0001-03","DIM EQUIPAMENTOS",null,null,null,null,"(12)8272-0493",null,"VITOR SANTOS"]
[null,null,null,null,null,null,null,null,null,null,null,"43.169.448/0001-46","ÁGUAS DA SERRA",null,null,null,null,"(34)3213-7653",null,"BRENO FERREIRA"]
[]
[]
[null,null,null,null,null,null,null,null,null,null,null,"Cotações"]
[null,null,null,null,null,null,null,null,null,null,null,"CÓDIGO","DESCRIÇÃO",null,null,null,null,"UNIDADE","MEDIANA",null,"ÍNDICE RETRO"]
[null,null,null,null,null,null,null,null,null,null,null,"COT-001","QGBT 440V",null,null,null,null,"UN",18100]
[null,null,null,null,null,null,null,null,null,null,null,null,"EMPRESA",null,null,null,null,null,"VALOR COTAÇÃO (R$)",null,"DT COTAÇÃO"]
[null,null,null,null,null,null,null,null,null,null,null,null,"31.479.216/0001-05",null,"ELÉTRICA MG",null,null,null,17300,null,"24/07/2023"]
[null,null,null,null,null,null,null,null,null,null,null,null,"25.131.235/0001-43",null,"MACRE ENERGIA E AUTOMÇÃO LTDA",null,null,null,18100,null,"24/07/2023"]
[null,null,null,null,null,null,null,null,null,null,null,null,"18.671.271/0001-34",null,"FLEX TELECOMUNICAÇÕES LTDA",null,null,null,18787.8,null,"24/07/2023"]
[]
[null,null,null,null,null,null,null,null,null,null,null,"CÓDIGO","DESCRIÇÃO",null,null,null,null,"UNIDADE","MEDIANA",null,"ÍNDICE RETRO"]
[null,null,null,null,null,null,null,null,null,null,null,"COT-002","QDC 220V",null,null,null,null,"UN",2510]
[null,null,null,null,null,null,null,null,null,null,null,null,"EMPRESA",null,null,null,null,null,"VALOR COTAÇÃO (R$)",null,"DT COTAÇÃO"]
[null,null,null,null,null,null,null,null,null,null,null,null,"18.671.271/0001-34",null,"FLEX TELECOMUNICAÇÕES LTDA",null,null,null,2649.84,null,"24/07/2023"]
[null,null,null,null,null,null,null,null,null,null,null,null,"25.131.235/0001-43",null,"MACRE ENERGIA E AUTOMÇÃO LTDA",null,null,null,2510,null,"24/07/2023"]
[null,null,null,null,null,null,null,null,null,null,null,null,"31.479.216/0001-05",null,"ELÉTRICA MG",null,null,null,2440,null,"24/07/2023"]
[]
[null,null,null,null,null,null,null,null,null,null,null,"CÓDIGO","DESCRIÇÃO",null,null,null,null,"UNIDADE","MEDIANA",null,"ÍNDICE RETRO"]
[null,null,null,null,null,null,null,null,null,null,null,"COT-003","PDA (PAINEL DE AUTOMAÇÃO COM CLP)",null,null,null,null,"UN",26850]
[null,null,null,null,null,null,null,null,null,null,null,null,"EMPRESA",null,null,null,null,null,"VALOR COTAÇÃO (R$)",null,"DT COTAÇÃO"]
[null,null,null,null,null,null,null,null,null,null,null,null,"18.671.271/0001-34",null,"FLEX TELECOMUNICAÇÕES LTDA",null,null,null,28996.2,null,"24/07/2023"]
[null,null,null,null,null,null,null,null,null,null,null,null,"25.131.235/0001-43",null,"MACRE ENERGIA E AUTOMÇÃO LTDA",null,null,null,26850,null,"24/07/2023"]
[null,null,null,null,null,null,null,null,null,null,null,null,"31.479.216/0001-05",null,"ELÉTRICA MG",null,null,null,26700,null,"24/07/2023"]
[]
[null,null,null,null,null,null,null,null,null,null,null,"CÓDIGO","DESCRIÇÃO",null,null,null,null,"UNIDADE","MEDIANA",null,"ÍNDICE RETRO"]
[null,null,null,null,null,null,null,null,null,null,null,"COT-004","QCM-01 50 CV/440V INVERSOR DE FREQUENCIA TRIFÁSICO 76A",null,null,null,null,"UN",43380]
[null,null,null,null,null,null,null,null,null,null,null,null,"EMPRESA",null,null,null,null,null,"VALOR COTAÇÃO (R$)",null,"DT COTAÇÃO"]
[null,null,null,null,null,null,null,null,null,null,null,null,"18.671.271/0001-34",null,"FLEX TELECOMUNICAÇÕES LTDA",null,null,null,46285.32,null,"24/07/2023"]
[null,null,null,null,null,null,null,null,null,null,null,null,"25.131.235/0001-43",null,"MACRE ENERGIA E AUTOMÇÃO LTDA",null,null,null,43380,null,"24/07/2023"]
[null,null,null,null,null,null,null,null,null,null,null,null,"31.479.216/0001-05",null,"ELÉTRICA MG",null,null,null,42620,null,"24/07/2023"]
[]
[null,null,null,null,null,null,null,null,null,null,null,"CÓDIGO","DESCRIÇÃO",null,null,null,null,"UNIDADE","MEDIANA",null,"ÍNDICE RETRO"]
[null,null,null,null,null,null,null,null,null,null,null,"COT-005","QCM-02 50CV/440V - INVERSOR DE FREQUÊNCIA TRIFÁSICO 76A",null,null,null,null,"UN",43380]
[null,null,null,null,null,null,null,null,null,null,null,null,"EMPRESA",null,null,null,null,null,"VALOR COTAÇÃO (R$)",null,"DT COTAÇÃO"]
[null,null,null,null,null,null,null,null,null,null,null,null,"18.671.271/0001-34",null,"FLEX TELECOMUNICAÇÕES LTDA",null,null,null,46285.32,null,"24/07/2023"]
[null,null,null,null,null,null,null,null,null,null,null,null,"25.131.235/0001-43",null,"MACRE ENERGIA E AUTOMÇÃO LTDA",null,null,null,43380,null,"24/07/2023"]
[null,null,null,null,null,null,null,null,null,null,null,null,"31.479.216/0001-05",null,"ELÉTRICA MG",null,null,null,42620,null,"24/07/2023"]
[]
[null,null,null,null,null,null,null,null,null,null,null,"CÓDIGO","DESCRIÇÃO",null,null,null,null,"UNIDADE","MEDIANA",null,"ÍNDICE RETRO"]
[null,null,null,null,null,null,null,null,null,null,null,"COT-006","SENSOR DE NÍVEL HIDROSTÁTICO 0~10 METROS, SAÍDA 4~20MA",null,null,null,null,"UN",1838]
[null,null,null,null,null,null,null,null,null,null,null,null,"EMPRESA",null,null,null,null,null,"VALOR COTAÇÃO (R$)",null,"DT COTAÇÃO"]
[null,null,null,null,null,null,null,null,null,null,null,null,"18.671.271/0001-34",null,"FLEX TELECOMUNICAÇÕES LTDA",null,null,null,1954.8,null,"24/07/2023"]
[null,null,null,null,null,null,null,null,null,null,null,null,"25.131.235/0001-43",null,"MACRE ENERGIA E AUTOMÇÃO LTDA",null,null,null,1838,null,"24/07/2023"]
[null,null,null,null,null,null,null,null,null,null,null,null,"31.479.216/0001-05",null,"ELÉTRICA MG",null,null,null,1800,null,"24/07/2023"]
[]
[null,null,null,null,null,null,null,null,null,null,null,"CÓDIGO","DESCRIÇÃO",null,null,null,null,"UNIDADE","MEDIANA",null,"ÍNDICE RETRO"]
[null,null,null,null,null,null,null,null,null,null,null,"COT-007","SISTEMA DE RÁDIO ENLACE PARA COMUNICAÇÃO EAB/ETA",null,null,null,null,"CJ",25915]
[null,null,null,null,null,null,null,null,null,null,null,null,"EMPRESA",null,null,null,null,null,"VALOR COTAÇÃO (R$)",null,"DT COTAÇÃO"]
[null,null,null,null,null,null,null,null,null,null,null,null,"18.671.271/0001-34",null,"FLEX TELECOMUNICAÇÕES LTDA",null,null,null,28094.82,null,"24/07/2023"]
[null,null,null,null,null,null,null,null,null,null,null,null,"25.131.235/0001-43",null,"MACRE ENERGIA E AUTOMÇÃO LTDA",null,null,null,25915,null,"24/07/2023"]
[null,null,null,null,null,null,null,null,null,null,null,null,"31.479.216/0001-05",null,"ELÉTRICA MG",null,null,null,25870,null,"24/07/2023"]
[]
[null,null,null,null,null,null,null,null,null,null,null,"CÓDIGO","DESCRIÇÃO",null,null,null,null,"UNIDADE","MEDIANA",null,"ÍNDICE RETRO"]
[null,null,null,null,null,null,null,null,null,null,null,"COT-008","TRANSFORMADOR 112,5 KVA - 13,8KV/0,44KV - 15KV",null,null,null,null,"UN",29016]
[null,null,null,null,null,null,null,null,null,null,null,null,"EMPRESA",null,null,null,null,null,"VALOR COTAÇÃO (R$)",null,"DT COTAÇÃO"]
[null,null,null,null,null,null,null,null,null,null,null,null,"18.671.271/0001-34",null,"FLEX TELECOMUNICAÇÕES LTDA",null,null,null,30060.48,null,"24/07/2023"]
[null,null,null,null,null,null,null,null,null,null,null,null,"25.131.235/0001-43",null,"MACRE ENERGIA E AUTOMÇÃO LTDA",null,null,null,29016,null,"24/07/2023"]
[null,null,null,null,null,null,null,null,null,null,null,null,"31.479.216/0001-05",null,"ELÉTRICA MG",null,null,null,27680,null,"24/07/2023"]
[]
[null,null,null,null,null,null,null,null,null,null,null,"CÓDIGO","DESCRIÇÃO",null,null,null,null,"UNIDADE","MEDIANA",null,"ÍNDICE RETRO"]
[null,null,null,null,null,null,null,null,null,null,null,"COT-009","TRASFORMADOR 15 KVA - 0,44V/0,22KV - 1KV",null,null,null,null,"UN",6211]
[null,null,null,null,null,null,null,null,null,null,null,null,"EMPRESA",null,null,null,null,null,"VALOR COTAÇÃO (R$)",null,"DT COTAÇÃO"]
[null,null,null,null,null,null,null,null,null,null,null,null,"18.671.271/0001-34",null,"FLEX TELECOMUNICAÇÕES LTDA",null,null,null,6450.84,null,"24/07/2023"]
[null,null,null,null,null,null,null,null,null,null,null,null,"25.131.235/0001-43",null,"MACRE ENERGIA E AUTOMÇÃO LTDA",null,null,null,6211,null,"24/07/2023"]
[null,null,null,null,null,null,null,null,null,null,null,null,"31.479.216/0001-05",null,"ELÉTRICA MG",null,null,null,5940,null,"24/07/2023"]
[]
[null,null,null,null,null,null,null,null,null,null,null,"CÓDIGO","DESCRIÇÃO",null,null,null,null,"UNIDADE","MEDIANA",null,"ÍNDICE RETRO"]
[null,null,null,null,null,null,null,null,null,null,null,"COT-010","JUNTA DE DESMONTAGEM TRAVADA AXIALMENTE C/ TIRANTES DN 200",null,null,null,null,"UN",1488.4]
[null,null,null,null,null,null,null,null,null,null,null,null,"EMPRESA",null,null,null,null,null,"VALOR COTAÇÃO (R$)",null,"DT COTAÇÃO"]
[null,null,null,null,null,null,null,null,null,null,null,null,"66.832.825/0001-80",null,"HIDROTAM TUBOS E CONEXÕES",null,null,null,1488.4,null,"24/07/2023"]
[null,null,null,null,null,null,null,null,null,null,null,null,"34.086.617/0001-93",null,"REDE SANEAMENTO",null,null,null,2719.83,null,"21/07/2023"]
[null,null,null,null,null,null,null,null,null,null,null,null,"15.362.871/0001-22",null,"CARVALHO SANEAMENTO",null,null,null,1184.3399999999999,null,"25/07/2023"]
[]
[null,null,null,null,null,null,null,null,null,null,null,"CÓDIGO","DESCRIÇÃO",null,null,null,null,"UNIDADE","MEDIANA",null,"ÍNDICE RETRO"]
[null,null,null,null,null,null,null,null,null,null,null,"COT-011","CURVA FD FLANGEADA DN100X90",null,null,null,null,"UN",387.4]
[null,null,null,null,null,null,null,null,null,null,null,null,"EMPRESA",null,null,null,null,null,"VALOR COTAÇÃO (R$)",null,"DT COTAÇÃO"]
[null,null,null,null,null,null,null,null,null,null,null,null,"34.086.617/0001-93",null,"REDE SANEAMENTO",null,null,null,488.66,null,"21/07/2023"]
[null,null,null,null,null,null,null,null,null,null,null,null,"66.832.825/0001-80",null,"HIDROTAM TUBOS E CONEXÕES",null,null,null,387.4,null,"24/07/2023"]
[null,null,null,null,null,null,null,null,null,null,null,null,"15.362.871/0001-22",null,"CARVALHO SANEAMENTO",null,null,null,384.1,null,"25/07/2023"]
[]
[null,null,null,null,null,null,null,null,null,null,null,"CÓDIGO","DESCRIÇÃO",null,null,null,null,"UNIDADE","MEDIANA",null,"ÍNDICE RETRO"]
[null,null,null,null,null,null,null,null,null,null,null,"COT-012","CONJUNTO MOTOBOMBA ANFÍBIA, ROTOR RADIAL MONOBLOCO, SELO MECÂNICO, IPW68, MOTOR 50CV, POTÊNCIA REQUERIDA 38CV",null,null,null,null,"UN",139284.25]
[null,null,null,null,null,null,null,null,null,null,null,null,"EMPRESA",null,null,null,null,null,"VALOR COTAÇÃO (R$)",null,"DT COTAÇÃO"]
[null,null,null,null,null,null,null,null,null,null,null,null,"11.463.372/0001-70",null,"MANTIQUEIRA CONSTRUÇÕES E PROJETOS DE ENERGIA RENO",null,null,null,135000,null,"02/08/2023"]
[null,null,null,null,null,null,null,null,null,null,null,null,"82.992.686/0001-09",null,"SIDRASUL",null,null,null,343530,null,"24/04/2023"]
[null,null,null,null,null,null,null,null,null,null,null,null,"23.729.444/0001-68",null,"HELIBOMBAS",null,null,null,139284.25,null,"14/04/2023"]
[]
[null,null,null,null,null,null,null,null,null,null,null,"CÓDIGO","DESCRIÇÃO",null,null,null,null,"UNIDADE","MEDIANA",null,"ÍNDICE RETRO"]
[null,null,null,null,null,null,null,null,null,null,null,"COT-013","COMPORTA DESLIZANTE DE PAREDE",null,null,null,null,"UN",28980]
[null,null,null,null,null,null,null,null,null,null,null,null,"EMPRESA",null,null,null,null,null,"VALOR COTAÇÃO (R$)",null,"DT COTAÇÃO"]
[null,null,null,null,null,null,null,null,null,null,null,null,"31.866.667/0001-03",null,"DIM EQUIPAMENTOS",null,null,null,19200,null,"01/08/2023"]
[null,null,null,null,null,null,null,null,null,null,null,null,"11.463.372/0001-70",null,"MANTIQUEIRA CONSTRUÇÕES E PROJETOS DE ENERGIA RENO",null,null,null,30000,null,"01/08/2023"]
[null,null,null,null,null,null,null,null,null,null,null,null,"17.521.368/0001-06",null,"VALCOM INDUSTRIA E COMERCIO DE EQUIPAMENTOS",null,null,null,28980,null,"01/08/2023"]
[]
[null,null,null,null,null,null,null,null,null,null,null,"CÓDIGO","DESCRIÇÃO",null,null,null,null,"UNIDADE","MEDIANA",null,"ÍNDICE RETRO"]
[null,null,null,null,null,null,null,null,null,null,null,"COT-014","TOCO FD FF16 DN 150X1000",null,null,null,null,"UN",1566.7]
[null,null,null,null,null,null,null,null,null,null,null,null,"EMPRESA",null,null,null,null,null,"VALOR COTAÇÃO (R$)",null,"DT COTAÇÃO"]
[null,null,null,null,null,null,null,null,null,null,null,null,"43.169.448/0001-46",null,"ÁGUAS DA SERRA",null,null,null,1566.7,null,"01/08/2023"]
[null,null,null,null,null,null,null,null,null,null,null,null,"15.362.871/0001-22",null,"CARVALHO SANEAMENTO",null,null,null,1034,null,"25/07/2023"]
[null,null,null,null,null,null,null,null,null,null,null,null,"66.832.825/0001-80",null,"HIDROTAM TUBOS E CONEXÕES",null,null,null,1830,null,"02/08/2023"]
[]
[null,null,null,null,null,null,null,null,null,null,null,"CÓDIGO","DESCRIÇÃO",null,null,null,null,"UNIDADE","MEDIANA",null,"ÍNDICE RETRO"]
[null,null,null,null,null,null,null,null,null,null,null,"COT-015","TOCO FD FFF16 DN 100X1000",null,null,null,null,"UN",1289.48]
[null,null,null,null,null,null,null,null,null,null,null,null,"EMPRESA",null,null,null,null,null,"VALOR COTAÇÃO (R$)",null,"DT COTAÇÃO"]
[null,null,null,null,null,null,null,null,null,null,null,null,"43.169.448/0001-46",null,"ÁGUAS DA SERRA",null,null,null,1289.48,null,"01/08/2023"]
[null,null,null,null,null,null,null,null,null,null,null,null,"15.362.871/0001-22",null,"CARVALHO SANEAMENTO",null,null,null,777,null,"25/07/2023"]
[null,null,null,null,null,null,null,null,null,null,null,null,"66.832.825/0001-80",null,"HIDROTAM TUBOS E CONEXÕES",null,null,null,1368,null,"02/08/2023"]
[]
[null,null,null,null,null,null,null,null,null,null,null,"CÓDIGO","DESCRIÇÃO",null,null,null,null,"UNIDADE","MEDIANA",null,"ÍNDICE RETRO"]
[null,null,null,null,null,null,null,null,null,null,null,"COT-016","CHAVE SECCIONADORA SOB CARGA TRIFÁSICA 200A/15KV, NBL MINÍMO 95KV",null,null,null,null,"UN",3187.9]
[null,null,null,null,null,null,null,null,null,null,null,null,"EMPRESA",null,null,null,null,null,"VALOR COTAÇÃO (R$)",null,"DT COTAÇÃO"]
[null,null,null,null,null,null,null,null,null,null,null,null,"31.479.216/0001-05",null,"ELÉTRICA MG",null,null,null,2846,null,"01/08/2023"]
[null,null,null,null,null,null,null,null,null,null,null,null,"25.131.235/0001-43",null,"MACRE ENERGIA E AUTOMÇÃO LTDA",null,null,null,6100,null,"02/08/2023"]
[null,null,null,null,null,null,null,null,null,null,null,null,"18.671.271/0001-34",null,"FLEX TELECOMUNICAÇÕES LTDA",null,null,null,3187.9,null,"01/08/2023"]
[]
[null,null,null,null,null,null,null,null,null,null,null,"CÓDIGO","DESCRIÇÃO",null,null,null,null,"UNIDADE","MEDIANA",null,"ÍNDICE RETRO"]
[null,null,null,null,null,null,null,null,null,null,null,"COT-017","GRADE DE PROTEÇÃO COM TELA ZINCADA N12",null,null,null,null,"UN",4431.5]
[null,null,null,null,null,null,null,null,null,null,null,null,"EMPRESA",null,null,null,null,null,"VALOR COTAÇÃO (R$)",null,"DT COTAÇÃO"]
[null,null,null,null,null,null,null,null,null,null,null,null,"31.479.216/0001-05",null,"ELÉTRICA MG",null,null,null,4431.5,null,"01/08/2023"]
[null,null,null,null,null,null,null,null,null,null,null,null,"25.131.235/0001-43",null,"MACRE ENERGIA E AUTOMÇÃO LTDA",null,null,null,2475,null,"02/08/2023"]
[null,null,null,null,null,null,null,null,null,null,null,null,"18.671.271/0001-34",null,"FLEX TELECOMUNICAÇÕES LTDA",null,null,null,4808.17,null,"01/08/2023"]
[]
[null,null,null,null,null,null,null,null,null,null,null,"CÓDIGO","DESCRIÇÃO",null,null,null,null,"UNIDADE","MEDIANA",null,"ÍNDICE RETRO"]
[null,null,null,null,null,null,null,null,null,null,null,"COT-018","TELA MECANICA TIPO VENEZIANAPARA VENTILAÇÃO INTERNA",null,null,null,null,"UN",1300]
[null,null,null,null,null,null,null,null,null,null,null,null,"EMPRESA",null,null,null,null,null,"VALOR COTAÇÃO (R$)",null,"DT COTAÇÃO"]
[null,null,null,null,null,null,null,null,null,null,null,null,"18.671.271/0001-34",null,"FLEX TELECOMUNICAÇÕES LTDA",null,null,null,1335.14,null,"01/08/2023"]
[null,null,null,null,null,null,null,null,null,null,null,null,"25.131.235/0001-43",null,"MACRE ENERGIA E AUTOMÇÃO LTDA",null,null,null,1300,null,"02/08/2023"]
[null,null,null,null,null,null,null,null,null,null,null,null,"31.479.216/0001-05",null,"ELÉTRICA MG",null,null,null,1207.5,null,"01/08/2023"]
[]
[null,null,null,null,null,null,null,null,null,null,null,"CÓDIGO","DESCRIÇÃO",null,null,null,null,"UNIDADE","MEDIANA",null,"ÍNDICE RETRO"]
[null,null,null,null,null,null,null,null,null,null,null,"COT-019","MUFLA TERMINAL PARA CONDUTOR DE COBRE 15KV USO INTERNO",null,null,null,null,"UN",455.73]
[null,null,null,null,null,null,null,null,null,null,null,null,"EMPRESA",null,null,null,null,null,"VALOR COTAÇÃO (R$)",null,"DT COTAÇÃO"]
[null,null,null,null,null,null,null,null,null,null,null,null,"31.479.216/0001-05",null,"ELÉTRICA MG",null,null,null,420,null,"01/08/2023"]
[null,null,null,null,null,null,null,null,null,null,null,null,"25.131.235/0001-43",null,"MACRE ENERGIA E AUTOMÇÃO LTDA",null,null,null,485,null,"02/08/2023"]
[null,null,null,null,null,null,null,null,null,null,null,null,"18.671.271/0001-34",null,"FLEX TELECOMUNICAÇÕES LTDA",null,null,null,455.73,null,"01/08/2023"]
[]
[null,null,null,null,null,null,null,null,null,null,null,"CÓDIGO","DESCRIÇÃO",null,null,null,null,"UNIDADE","MEDIANA",null,"ÍNDICE RETRO"]
[null,null,null,null,null,null,null,null,null,null,null,"COT-020","PLATAFORMA BASCULANTE DE MADEIRA",null,null,null,null,"UN",640]
[null,null,null,null,null,null,null,null,null,null,null,null,"EMPRESA",null,null,null,null,null,"VALOR COTAÇÃO (R$)",null,"DT COTAÇÃO"]
[null,null,null,null,null,null,null,null,null,null,null,null,"18.671.271/0001-34",null,"FLEX TELECOMUNICAÇÕES LTDA",null,null,null,695.5,null,"01/08/2023"]
[null,null,null,null,null,null,null,null,null,null,null,null,"25.131.235/0001-43",null,"MACRE ENERGIA E AUTOMÇÃO LTDA",null,null,null,635,null,"02/08/2023"]
[null,null,null,null,null,null,null,null,null,null,null,null,"31.479.216/0001-05",null,"ELÉTRICA MG",null,null,null,640,null,"01/08/2023"]
[]
[null,null,null,null,null,null,null,null,null,null,null,"CÓDIGO","DESCRIÇÃO",null,null,null,null,"UNIDADE","MEDIANA",null,"ÍNDICE RETRO"]
[null,null,null,null,null,null,null,null,null,null,null,"COT-021","TERMINAL AÉREO DE AÇO GALVANIZADO DIÂMETRO 3/8\", COMPRIMENTO 300MM",null,null,null,null,"UN",67.7]
[null,null,null,null,null,null,null,null,null,null,null,null,"EMPRESA",null,null,null,null,null,"VALOR COTAÇÃO (R$)",null,"DT COTAÇÃO"]
[null,null,null,null,null,null,null,null,null,null,null,null,"18.671.271/0001-34",null,"FLEX TELECOMUNICAÇÕES LTDA",null,null,null,67.7,null,"01/08/2023"]
[null,null,null,null,null,null,null,null,null,null,null,null,"25.131.235/0001-43",null,"MACRE ENERGIA E AUTOMÇÃO LTDA",null,null,null,267,null,"02/08/2023"]
[null,null,null,null,null,null,null,null,null,null,null,null,"31.479.216/0001-05",null,"ELÉTRICA MG",null,null,null,61.93,null,"01/08/2023"]
[]
[null,null,null,null,null,null,null,null,null,null,null,"CÓDIGO","DESCRIÇÃO",null,null,null,null,"UNIDADE","MEDIANA",null,"ÍNDICE RETRO"]
[null,null,null,null,null,null,null,null,null,null,null,"COT-022","CAVALETE AÇO PINTADO ANTICORROSIVO PARA 3TP E 3 TC",null,null,null,null,"UN",2310]
[null,null,null,null,null,null,null,null,null,null,null,null,"EMPRESA",null,null,null,null,null,"VALOR COTAÇÃO (R$)",null,"DT COTAÇÃO"]
[null,null,null,null,null,null,null,null,null,null,null,null,"31.479.216/0001-05",null,"ELÉTRICA MG",null,null,null,2178,null,"01/08/2023"]
[null,null,null,null,null,null,null,null,null,null,null,null,"25.131.235/0001-43",null,"MACRE ENERGIA E AUTOMÇÃO LTDA",null,null,null,2310,null,"02/08/2023"]
[null,null,null,null,null,null,null,null,null,null,null,null,"18.671.271/0001-34",null,"FLEX TELECOMUNICAÇÕES LTDA",null,null,null,2670,null,"01/08/2023"]

{"sheet":"MsPJ7","index":11,"n_rows":12,"n_cols":26,"rows_kept":12,"cut":false,"hidden":false,"merged":[[11,11,11,18],[7,19,7,21],[7,22,7,23],[1,11,3,25],[7,24,7,25],[7,11,9,11],[7,12,9,15],[7,16,9,18]]}
[]
[null,null,null,null,null,null,null,null,null,null,null,"LOCALIZAÇÃO"]
[]
[]
[]
[]
[]
[null,null,null,null,null,null,null,null,null,null,null,"Item","Rua / Avenida / Trecho",null,null,null,"Bairro",null,null,"Pavimentação",null,null,"Rede de Drenagem",null,"Rede de Saneamento"]
[null,null,null,null,null,null,null,null,null,null,null,null,null,null,null,null,null,null,null,"Comprimento","Largura","Área","Comprimento","Diâmetro","Comprimento","Diâmetro"]
[null,null,null,null,null,null,null,null,null,null,null,null,null,null,null,null,null,null,null,"(m)","(m)","(m2)","(m)","(mm)","(m)","(mm)"]
[]
[null,null,null,null,null,null,null,null,null,null,null,"Total"]

{"sheet":"MsLC","index":12,"n_rows":26,"n_cols":14,"rows_kept":26,"cut":false,"hidden":false,"merged":[[1,11,3,14]]}
[]
[null,null,null,null,null,null,null,null,null,null,null,"DADOS DA LICITAÇÃO"]
[]
[]
[]
[null,null,null,null,null,null,null,null,null,null,null,null,"Município",0]
[]
[null,null,null,null,null,null,null,null,null,null,null,null,"Obra"]
[]
[null,null,null,null,null,null,null,null,null,null,null,null,"Data da Assinatura Contrato Licitado"]
[]
[null,null,null,null,null,null,null,null,null,null,null,null,"Representante do Município"]
[]
[null,null,null,null,null,null,null,null,null,null,null,null,"Empresa Contratada"]
[]
[null,null,null,null,null,null,null,null,null,null,null,null,"Nº Contrato Licitado"]
[]
[null,null,null,null,null,null,null,null,null,null,null,null,"Representante da Empresa"]
[]
[null,null,null,null,null,null,null,null,null,null,null,null,"BDI 1"]
[]
[null,null,null,null,null,null,null,null,null,null,null,null,"BDI 2"]
[]
[null,null,null,null,null,null,null,null,null,null,null,null,"Regime Previdenciário Previsto para a Obra"]
[]
[null,null,null,null,null,null,null,null,null,null,null,null,"Data de Validade do Contrato Licitado"]

{"sheet":"MsLC1","index":13,"n_rows":29,"n_cols":24,"rows_kept":29,"cut":false,"hidden":false,"merged":[[13,21,13,22],[14,21,14,22],[1,11,3,22]]}
[]
[null,null,null,null,null,null,null,null,null,null,null,"ORÇAMENTO"]
[]
[]
[]
[]
[]
[null,null,null,null,null,null,null,null,null,null,null,"Informações Gerais"]
[null,null,null,null,null,null,null,null,null,null,null,"Município: c1",null,null,null,null,null,null,null,"Empresa Vencedora: c4"]
[null,null,null,null,null,null,null,null,null,null,null,"Obra: c2",null,null,null,null,null,null,null,"Nº do Contrato Licitado: c5"]
[null,null,null,null,null,null,null,null,null,null,null,"Data: 25/03/2020",null,null,null,null,null,null,null,"Representante da Empresa: c6"]
[null,null,null,null,null,null,null,null,null,null,null,"Representante do Município: c3"]
[]
[null,null,null,null,null,null,null,null,null,null,null,"Itens do Orçamento"]
[null,null,null,null,null,null,null,null,null,null,null,"ITEM","DESCRIÇÃO",null,null,null,null,null,null,"UNIDADE","QUANTIDADE","PREÇO (R$) COM BDI"]
[null,null,null,null,null,null,null,null,null,null,null,null,null,null,null,null,null,null,null,null,null,"UNITÁRIO","TOTAL"]
[null,null,null,null,null,null,null,null,null,null,null,null,null,null,null,null,null,null,null,null,null,null,null,""]
[null,null,null,null,null,null,null,null,null,null,null,null,null,null,null,null,null,null,null,null,null,null,null,"COMPOSIÇÕES"]
[null,null,null,null,null,null,null,null,null,null,null,null,null,null,null,null,null,null,null,null,null,null,null,""]
[null,null,null,null,null,null,null,null,null,null,null,null,null,null,null,null,null,null,null,null,null,null,null,"COTAÇÕES"]
[null,null,null,null,null,null,null,null,null,null,null,null,null,null,null,null,null,null,null,null,null,null,null,""]
[null,null,null,null,null,null,null,null,null,null,null,null,null,null,null,null,null,null,null,null,null,null,null,""]
[null,null,null,null,null,null,null,null,null,null,null,null,null,null,null,null,null,null,null,null,null,null,null,"SETOP Central 04_2019"]
[null,null,null,null,null,null,null,null,null,null,null,null,null,null,null,null,null,null,null,null,null,null,null,"SINAPI 07_2019"]
[null,null,null,null,null,null,null,null,null,null,null,null,null,null,null,null,null,null,null,null,null,null,null,"SINAPI 07_2019"]
[null,null,null,null,null,null,null,null,null,null,null,null,null,null,null,null,null,null,null,null,null,null,null,""]
[null,null,null,null,null,null,null,null,null,null,null,null,null,null,null,null,null,null,null,null,null,null,null,"SINAPI 07_2019"]
[null,null,null,null,null,null,null,null,null,null,null,null,null,null,null,null,null,null,null,null,null,null,null,"SINAPI 07_2019"]
[null,null,null,null,null,null,null,null,null,null,null,null,null,null,null,null,null,null,null,null,null,null,null,"SETOP Central 04_2019"]

{"sheet":"MsLC2","index":14,"n_rows":10,"n_cols":19,"rows_kept":10,"cut":false,"hidden":false,"merged":[[1,11,3,18],[8,17,8,18]]}
[]
[null,null,null,null,null,null,null,null,null,null,null,"CRONOGRAMA FÍSICO-FINANCEIRO"]
[]
[]
[]
[]
[]
[null,null,null,null,null,null,null,null,null,null,null,"Itens do Orçamento"]
[null,null,null,null,null,null,null,null,null,null,null,"ITEM","DESCRIÇÃO",null,null,null,null,"VALOR DOS SERVIÇOS"]
[null,null,null,null,null,null,null,null,null,null,null,null,null,null,null,null,null,"R$","PESO %"]

{"sheet":"MsLC3","index":15,"n_rows":12,"n_cols":26,"rows_kept":12,"cut":false,"hidden":false,"merged":[[11,11,11,18],[1,11,3,25],[7,11,9,11],[7,12,9,15],[7,16,9,18],[7,19,7,21],[7,22,7,23],[7,24,7,25]]}
[]
[null,null,null,null,null,null,null,null,null,null,null,"LOCALIZAÇÃO"]
[]
[]
[]
[]
[]
[null,null,null,null,null,null,null,null,null,null,null,"Item","Rua / Avenida / Trecho",null,null,null,"Bairro",null,null,"Pavimentação",null,null,"Rede de Drenagem",null,"Rede de Saneamento"]
[null,null,null,null,null,null,null,null,null,null,null,null,null,null,null,null,null,null,null,"Comprimento","Largura","Área","Comprimento","Diâmetro","Comprimento","Diâmetro"]
[null,null,null,null,null,null,null,null,null,null,null,null,null,null,null,null,null,null,null,"(m)","(m)","(m2)","(m)","(mm)","(m)","(mm)"]
[]
[null,null,null,null,null,null,null,null,null,null,null,"Total"]

{"sheet":"MsM","index":16,"n_rows":32,"n_cols":15,"rows_kept":32,"cut":false,"hidden":false,"merged":[[1,11,3,14]]}
[]
[null,null,null,null,null,null,null,null,null,null,null,"DADOS DA MEDIÇÃO"]
[]
[]
[]
[null,null,null,null,null,null,null,null,null,null,null,null,"Município"]
[]
[null,null,null,null,null,null,null,null,null,null,null,null,"Obra"]
[]
[null,null,null,null,null,null,null,null,null,null,null,null,"Responsável Técnico Fiscal"]
[]
[null,null,null,null,null,null,null,null,null,null,null,null,"Nº CREA/CAU"]
[]
[null,null,null,null,null,null,null,null,null,null,null,null,"Contrato BDMG Nº"]
[]
[null,null,null,null,null,null,null,null,null,null,null,null,"Empresa Contratada"]
[]
[null,null,null,null,null,null,null,null,null,null,null,null,"Nº Contrato Licitado"]
[]
[null,null,null,null,null,null,null,null,null,null,null,null,"Responsável Técnico Executor"]
[]
[null,null,null,null,null,null,null,null,null,null,null,null,"Nº CREA/CAU"]
[]
[null,null,null,null,null,null,null,null,null,null,null,null,"Período"]
[null,null,null,null,null,null,null,null,null,null,null,null,null,null,"A"]
[]
[]
[null,null,null,null,null,null,null,null,null,null,null,null,"Data"]
[]
[null,null,null,null,null,null,null,null,null,null,null,null,"Data de Vencimento do Contrato Licitado"]
[]
[null,null,null,null,null,null,null,null,null,null,null,null,"Quantidade de Aditivos Realizados"]

{"sheet":"MsM1","index":17,"n_rows":2,"n_cols":12,"rows_kept":2,"cut":false,"hidden":false,"merged":[[1,11,3,24]]}
[]
[null,null,null,null,null,null,null,null,null,null,null,"LOCALIZAÇÃO"]

{"sheet":"MsM2","index":18,"n_rows":12,"n_cols":21,"rows_kept":12,"cut":false,"hidden":false,"merged":[[1,11,3,20],[11,11,11,17]]}
[]
[null,null,null,null,null,null,null,null,null,null,null,"MEDIÇÃO"]
[]
[]
[]
[]
[]
[null,null,null,null,null,null,null,null,null,null,null,"Itens do Orçamento"]
[null,null,null,null,null,null,null,null,null,null,null,"ITEM","DESCRIÇÃO","UNIDADE","PREÇO\nUNITÁRIO\n\nA","QUANTIDADE\nPREVISTA\nTOTAL\nB","QUANTIDADE\nEXECUTADA\nNESTA MEDIÇÃO\nC","QUANTIDADE\nEXECUTADA\nACUMULADA\nD","VALOR (R$)\nPREVISTO\nTOTAL\nAxB","VALOR (R$)\nEXECUTADO\nNESTA MEDIÇÃO\nAxC","VALOR (R$)\nEXECUTADO\nACUMULADO\nAxD"]
[]
[]
[null,null,null,null,null,null,null,null,null,null,null,"TOTAL"]

{"sheet":"MsA","index":19,"n_rows":20,"n_cols":15,"rows_kept":20,"cut":false,"hidden":false,"merged":[[1,11,3,14]]}
[]
[null,null,null,null,null,null,null,null,null,null,null,"DADOS DO ADITIVO"]
[]
[]
[]
[null,null,null,null,null,null,null,null,null,null,null,null,"Nº do Termo Aditivo"]
[]
[null,null,null,null,null,null,null,null,null,null,null,null,"Tipo de Aditivo",4]
[]
[null,null,null,null,null,null,null,null,null,null,null,null,"Índice de Reajuste"]
[]
[null,null,null,null,null,null,null,null,null,null,null,null,"BDI1",null,""]
[]
[null,null,null,null,null,null,null,null,null,null,null,null,"BDI2",null,""]
[]
[null,null,null,null,null,null,null,null,null,null,null,null,"Regime Previdenciário Previsto para a Obra"]
[]
[null,null,null,null,null,null,null,null,null,null,null,null,"Data da Assinatura do Aditivo"]
[]
[null,null,null,null,null,null,null,null,null,null,null,null,"Data de Vencimento do Contrato Aditado"]

{"sheet":"MsA1","index":20,"n_rows":9,"n_cols":24,"rows_kept":9,"cut":false,"hidden":false,"merged":[[1,11,3,21]]}
[]
[null,null,null,null,null,null,null,null,null,null,null,"MEMÓRIA DE CÁLCULO"]
[]
[]
[]
[]
[]
[null,null,null,null,null,null,null,null,null,null,null,"Itens do Orçamento"]
[null,null,null,null,null,null,null,null,null,null,null,"ITEM","CÓDIGO","DESCRIÇÃO",null,null,null,null,null,null,"UNIDADE","QUANTIDADE",null,"MEMÓRIA DE CÁLCULO"]

{"sheet":"MsA2","index":21,"n_rows":15,"n_cols":25,"rows_kept":15,"cut":false,"hidden":false,"merged":[[1,11,3,24],[14,11,14,22]]}
[]
[null,null,null,null,null,null,null,null,null,null,null,"ORÇAMENTO"]
[]
[]
[null,null,null,null,null,null,null,null,null,null,null,null,null,null,null,null,null,null,null,null,null,null,null,null,"Reajuste de "]
[null,null,null,null,null,null,null,null,null,null,null,null,null,null,null,null,null,null,null,null,null,null,null,null,10]
[null,null,null,null,null,null,null,null,null,null,null,null,null,null,null,null,null,null,null,null,null,null,null,null,"% sobre itens a executar, exceto novos itens."]
[null,null,null,null,null,null,null,null,null,null,null,"Referências"]
[]
[]
[null,null,null,null,null,null,null,null,null,null,null,"Itens do Orçamento"]
[null,null,null,null,null,null,null,null,null,null,null,"ITEM","CÓDIGO","DESCRIÇÃO","UNIDADE","QUANTIDADE\nPREVISTA\nANTERIOR\nA","QUANTIDADE\nADICIONADA /\nSUPRIMIDA\nB","QUANTIDADE\nPREVISTA\nTOTAL\nC","QUANTIDADE\nEXECUTADA\n\nD","QUANTIDADE\nA EXECUTAR\n\nE","VALOR\nUNITÁRIO\nSEM BDI (R$)\nF","VALOR\nUNITÁRIO\nCOM BDI (R$)\nG","VALOR\nUNITÁRIO COM\nREAJUSTE (R$)\nH","VALOR TOTAL\nPREVISTO\nANTERIOR (R$)\nI","VALOR TOTAL\nPREVISTO\nATUAL (R$)\nJ"]
[]
[]
[null,null,null,null,null,null,null,null,null,null,null,"TOTAL MEDIÇÃO"]

{"sheet":"MsA3","index":22,"n_rows":10,"n_cols":19,"rows_kept":10,"cut":false,"hidden":false,"merged":[[1,11,3,18],[8,17,8,18]]}
[]
[null,null,null,null,null,null,null,null,null,null,null,"CRONOGRAMA FÍSICO-FINANCEIRO"]
[]
[]
[]
[]
[]
[null,null,null,null,null,null,null,null,null,null,null,"Itens do Orçamento"]
[null,null,null,null,null,null,null,null,null,null,null,"ITEM","DESCRIÇÃO",null,null,null,null,"VALOR DOS SERVIÇOS"]
[null,null,null,null,null,null,null,null,null,null,null,null,null,null,null,null,null,"R$","PESO %"]

{"sheet":"MsA4","index":23,"n_rows":12,"n_cols":28,"rows_kept":12,"cut":false,"hidden":false,"merged":[[1,11,3,23],[10,22,10,23]]}
[]
[null,null,null,null,null,null,null,null,null,null,null,"COMPOSIÇÕES"]
[]
[]
[]
[]
[]
[null,null,null,null,null,null,null,null,null,null,null,"Referências"]
[]
[]
[null,null,null,null,null,null,null,null,null,null,null,"Composições"]
[null,null,null,null,null,null,null,null,null,null,null,"NÍVEL","CÓDIGO","DESCRIÇÃO",null,null,null,null,null,null,"UNIDADE","QUANTIDADE","VALOR","TOTAL",null,"DIFERENÇA\nVALOR","DIFERENÇA PERCENTUAL","REFERÊNCIA"]

{"sheet":"MsA5","index":24,"n_rows":20,"n_cols":21,"rows_kept":20,"cut":false,"hidden":false,"merged":[[1,11,3,20]]}
[]
[null,null,null,null,null,null,null,null,null,null,null,"COTAÇÕES"]
[]
[]
[]
[]
[]
[]
[]
[]
[]
[null,null,null,null,null,null,null,null,null,null,null,"Índices de Retroação"]
[null,null,null,null,null,null,null,null,null,null,null,"NOME","DESCRIÇÃO",null,null,null,"DATA BASE","ÍNDICE DT BASE","DT COTAÇÃO","ÍNDICE DT COT","COEFICIENTE"]
[]
[]
[null,null,null,null,null,null,null,null,null,null,null,"Empresas Fornecedoras"]
[null,null,null,null,null,null,null,null,null,null,null,"CNPJ","NOME",null,null,null,null,"TELEFONE",null,"CONTATO"]
[]
[]
[null,null,null,null,null,null,null,null,null,null,null,"Cotações"]

{"sheet":"MsA6","index":25,"n_rows":12,"n_cols":33,"rows_kept":12,"cut":false,"hidden":false,"merged":[[11,11,11,18],[7,30,7,31],[7,32,7,33],[7,28,7,29],[8,28,8,29],[9,28,9,29],[8,30,8,31],[9,30,9,31],[8,32,8,33],[10,30,10,31],[7,27,9,27],[11,28,11,29],[11,30,11,31],[11,32,11,33],[10,28,10,29],[10,32,10,33],[9,32,9,33],[1,11,3,25],[7,11,9,11],[7,12,9,15],[7,16,9,18],[7,19,7,21],[7,22,7,23],[7,24,7,25]]}
[]
[null,null,null,null,null,null,null,null,null,null,null,"LOCALIZAÇÃO"]
[]
[]
[]
[]
[]
[null,null,null,null,null,null,null,null,null,null,null,"Item","Rua / Avenida / Trecho",null,null,null,"Bairro",null,null,"Pavimentação",null,null,"Rede de Drenagem",null,"Rede de Saneamento",null,null,"Medição","Pavimentação",null,"Rede de Drenagem",null,"Rede de Saneamento"]
[null,null,null,null,null,null,null,null,null,null,null,null,null,null,null,null,null,null,null,"Comprimento","Largura","Área","Comprimento","Diâmetro","Comprimento","Diâmetro",null,null,"Acumulado",null,"Acumulado",null,"Acumulado"]
[null,null,null,null,null,null,null,null,null,null,null,null,null,null,null,null,null,null,null,"(m)","(m)","(m2)","(m)","(mm)","(m)","(mm)",null,null,"Área (m2)",null,"Comprimento (m)",null,"Comprimento (m)"]
[]
[null,null,null,null,null,null,null,null,null,null,null,"Total"]

{"sheet":"Composições","index":26,"n_rows":7,"n_cols":15,"rows_kept":7,"cut":false,"hidden":false,"merged":[[1,0,3,7]]}
[]
["Importar Dados de Composições"]
[]
[]
[]
[]
["N1","N2","N3","CÓDIGO","DESCRIÇÃO","UNIDADE","QUANTIDADE","VALOR UNITÁRIO",null,"OBSERVAÇÕES","DESCRIÇÃO","UNIDADE","VALOR","TOTAL","NÍVEL"]

{"sheet":"Composições - Aditivo","index":27,"n_rows":7,"n_cols":15,"rows_kept":7,"cut":false,"hidden":false,"merged":[[1,0,3,7]]}
[]
["Importar Dados de Composições - Aditivo"]
[]
[]
[]
[]
["N1","N2","N3","CÓDIGO","DESCRIÇÃO","UNIDADE","QUANTIDADE","VALOR UNITÁRIO",null,"OBSERVAÇÕES","DESCRIÇÃO","UNIDADE","VALOR","TOTAL","NÍVEL"]

{"sheet":"Orçamento","index":28,"n_rows":388,"n_cols":18,"rows_kept":388,"cut":false,"hidden":false,"merged":[[1,0,3,8]]}
[]
["Importar Dados do Orçamento"]
[]
[]
[]
[]
["N1","N2","N3","CÓDIGO","DESCRIÇÃO","UNIDADE","QUANTIDADE","VALOR UNITÁRIO","BDI",null,"OBSERVAÇÕES","DESCRIÇÃO","UNIDADE","VALOR","TOTAL","NÍVEL","VALORBDI","TOTALBDI"]
[1,null,null,null,"REDE ADUTORA DE ÁGUA BRUTA ",null,null,null,null,"","","","",null,347126.4,"1",null,432753.88]
[null,1,null,null,"MOVIMENTAÇÃO DE SOLO E PAVIMENTOS",null,null,null,null,"","","","",null,128731.29000000001,"1.1",null,160488.18]
[null,null,null,65000037,"DEMOLICAO PAVIMENTO ASFALTICO COM FAIXAS MENORES OU IGUAIS A 2,00M","M2",180,14.2,"BDI1","","COPASA SUL 05_2023","DEMOLICAO PAVIMENTO ASFALTICO COM FAIXAS MENORES OU IGUAIS A 2,00M","M2",14.2,2556,"1.1.1",17.703139999999998,3186]
[null,null,null,65000038,"REMOCAO PAVIMENTO EM PARALELEPIPEDO, POLIEDRICO E PRE-MOLDADO DE CONCRETO","M2",370,17.14,"BDI1","","COPASA SUL 05_2023","REMOCAO PAVIMENTO EM PARALELEPIPEDO, POLIEDRICO E PRE-MOLDADO DE CONCRETO","M2",17.14,6341.8,"1.1.2",21.368437999999998,7906.9]
[null,null,null,65000160,"ESCAVACAO MECANICA DE VALAS (SOLO SECO), PROFUNDIDADE ATE 1,50 M","M3",1310.4000000000001,12.75,"BDI1","","COPASA SUL 05_2023","ESCAVACAO MECANICA DE VALAS (SOLO SECO), PROFUNDIDADE ATE 1,50 M","M3",12.75,16707.599999999999,"1.1.3",15.895424999999999,20835.36]
[null,null,null,65000152,"ESCAVACAO MANUAL DE VALAS (SOLO SECO), PROFUNDIDADE ATE 1.50 M","M3",121.52,58.02,"BDI1","","COPASA SUL 05_2023","ESCAVACAO MANUAL DE VALAS (SOLO SECO), PROFUNDIDADE ATE 1.50 M","M3",58.02,7050.59,"1.1.4",72.333534,8789.5400000000009]
[null,null,null,65000174,"ATERRO DE VALAS E CAVAS DE FUNDACAO, C/ CONTROLE DO GRAU DE COMPACTACAO DE NO MINIMO 97% DO PROCTOR NORMAL","M3",1310.4000000000001,32.24,"BDI1","","COPASA SUL 05_2023","ATERRO DE VALAS E CAVAS DE FUNDACAO, C/ CONTROLE DO GRAU DE COMPACTACAO DE NO MINIMO 97% DO PROCTOR NORMAL","M3",32.24,42247.3,"1.1.5",40.193607999999998,52664.98]
[null,null,null,65000484,"RECOMPOSICAO DE PAVIMENTO EM POLIEDRICO, COM REAPROVEITAMENTO DO MATERIAL DEMOLIDO","M2",370,95.84,"BDI1","","COPASA SUL 05_2023","RECOMPOSICAO DE PAVIMENTO EM POLIEDRICO, COM REAPROVEITAMENTO DO MATERIAL DEMOLIDO","M2",95.84,35460.800000000003,"1.1.6",119.483728,44207.6]
[null,null,null,65002965,"RECOMPOSICAO DE PAVIMENTO ASFALTICO EM AREAS ACIMA DE 1,0M2","M2",180,102.04,"BDI1","","COPASA SUL 05_2023","RECOMPOSICAO DE PAVIMENTO ASFALTICO EM AREAS ACIMA DE 1,0M2","M2",102.04,18367.2,"1.1.7",127.213268,22897.8]
[null,2,null,null,"FUNDAÇÕES E ESTRUTURAS",null,null,null,null,"","","","",null,4066.04,"1.2",null,5069.1400000000003]
[null,null,null,65003905,"CAIXA PARA PROTECAO DE APARELHOS (1,50X2,00)M EM BLOCOS CONCRETO PREENCHIDOS COM CONCRETO MAGRO - ADICIONAL DE ALTURA","M",2,2033.02,"BDI1","","COPASA SUL 05_2023","CAIXA PARA PROTECAO DE APARELHOS (1,50X2,00)M EM BLOCOS CONCRETO PREENCHIDOS COM CONCRETO MAGRO - ADICIONAL DE ALTURA","M",2033.02,4066.04,"1.2.1",2534.5660339999999,5069.1400000000003]
[null,3,null,null,"ASSENTAMENTO E INSTALAÇÕES ",null,null,null,null,"","","","",null,12905.45,"1.3",null,16083.09]
[null,null,null,65000378,"ASSENTAMENTO DE TUBOS E CONEXOES PVC JE DN 200","M",1260,6.87,"BDI1","","COPASA SUL 05_2023","ASSENTAMENTO DE TUBOS E CONEXOES PVC JE DN 200","M",6.87,8656.2000000000007,"1.3.1",8.5648289999999996,10785.6]
[null,null,null,65000394,"ASSENTAMENTO DE TUBOS E CONEXOES DE FERRO FUNDIDO, JUNTA ELASTICA, DN 200","M",25,15.25,"BDI1","","COPASA SUL 05_2023","ASSENTAMENTO DE TUBOS E CONEXOES DE FERRO FUNDIDO, JUNTA ELASTICA, DN 200","M",15.25,381.25,"1.3.2",19.012174999999999,475.25]
[null,null,null,65002365,"INSTALACAO DE CONJUNTO MOTOBOMBA COM POTENCIA ACIMA DE 25CV ATE 60CV","UN",2,1934,"BDI1","","COPASA SUL 05_2023","INSTALACAO DE CONJUNTO MOTOBOMBA COM POTENCIA ACIMA DE 25CV ATE 60CV","UN",1934,3868,"1.3.3",2411.1178,4822.24]
[null,4,null,null,"MATERIAIS ",null,null,null,null,"","","","",null,201423.62,"1.4",null,251113.47000000003]
[null,null,null,25002534,"TUBO PVC DEFOFO PB JE DN200X6M","M",1260,144.35,"BDI1","","COPASA SUL 05_2023","TUBO PVC DEFOFO PB JE DN200X6M","M",144.35,181881,"1.4.1",179.96114499999999,226749.6]
[null,null,null,25040213,"TUBO FOFO PB EMIN 6,00MM DN 200XCMIN5,5M","M",1,504.49,"BDI1","","COPASA SUL 05_2023","TUBO FOFO PB EMIN 6,00MM DN 200XCMIN5,5M","M",504.49,504.49,"1.4.2",628.94768299999998,628.95000000000005]
[null,null,null,25000067,"CURVA 22º30' FOFO BB JE DN 200","UN",7,430.74,"BDI1","","COPASA SUL 05_2023","CURVA 22º30' FOFO BB JE DN 200","UN",430.74,3015.18,"1.4.3",537.003558,3759]
[null,null,null,25000078,"CURVA 45º FOFO BB JE DN 200","UN",22,455.15,"BDI1","","COPASA SUL 05_2023","CURVA 45º FOFO BB JE DN 200","UN",455.15,10013.299999999999,"1.4.4",567.43550499999992,12483.68]
[null,null,null,25000089,"CURVA 90º FOFO BB JE DN 200","UN",4,588.16,"BDI1","","COPASA SUL 05_2023","CURVA 90º FOFO BB JE DN 200","UN",588.16,2352.64,"1.4.5",733.25907199999995,2933.04]
[null,null,null,25000557,"TE RED.FOFO FFF PN16 DN 200X 150","UN",1,1315.72,"BDI1","","COPASA SUL 05_2023","TE RED.FOFO FFF PN16 DN 200X 150","UN",1315.72,1315.72,"1.4.6",1640.3081239999999,1640.31]
[null,null,null,25043080,"VENTOSA TRIPLICE FUNC.AGUA FF PN40 DN100","UN",1,2341.29,"BDI1","","COPASA SUL 05_2023","VENTOSA TRIPLICE FUNC.AGUA FF PN40 DN100","UN",2341.29,2341.29,"1.4.7",2918.8862429999999,2918.89]
[2,null,null,null,"ELEVATÓRIA E MATERIAIS ",null,null,null,null,"","","","",null,351787.64999999991,"2",null,438573.12000000011]
[null,null,null,"COT-012","CONJUNTO MOTOBOMBA\nANFÍBIA, ROTOR RADIAL,\nMONOBLOCO, SELO\nMECÂNICO, IPW68, MOTOR\n50CV, POTÊNCIA REQUERIDA\n38CV","UN",2,null,"BDI1","","COTAÇÕES","CONJUNTO MOTOBOMBA ANFÍBIA, ROTOR RADIAL MONOBLOCO, SELO MECÂNICO, IPW68, MOTOR 50CV, POTÊNCIA REQUERIDA 38CV","UN",139284.25,278568.5,"2.1",173645.67447499998,347291.34]
[null,null,null,"COT-013","COMPORTA DESLIZANTE DE PAREDE 1000X1000 MM","UN",1,null,"BDI1","","COTAÇÕES","COMPORTA DESLIZANTE DE PAREDE","UN",28980,28980,"2.2",36129.365999999995,36129.370000000003]
[null,null,null,"COT-014","TOCO FD FFF16 DN 150X1000","UN",2,null,"BDI1","","COTAÇÕES","TOCO FD FF16 DN 150X1000","UN",1566.7,3133.4,"2.3",1953.20489,3906.4]
[null,null,null,25000030,"COLAR DE TOMADA FOFO DN125 X 1/2\"","UN",2,65.95,"BDI1","","COPASA SUL 05_2023","COLAR DE TOMADA FOFO DN125 X 1/2\"","UN",65.95,131.9,"2.4",82.219864999999999,164.44]
[null,null,null,"COT-010","JUNTA DE DESMONTAGEM TRAVADA AXIALMENTE C/ TIRANTES DN 200","UN",2,null,"BDI1","","COTAÇÕES","JUNTA DE DESMONTAGEM TRAVADA AXIALMENTE C/ TIRANTES DN 200","UN",1488.4,2976.8,"2.5",1855.5882799999999,3711.18]
[null,null,null,25003044,"VALVULA RET.FOFO PORT.UN.FF PN16 DN200","UN",2,2035.59,"BDI1","","COPASA SUL 05_2023","VALVULA RET.FOFO PORT.UN.FF PN16 DN200","UN",2035.59,4071.18,"2.6",2537.7700529999997,5075.54]
[null,null,null,25003283,"REGISTRO FOFO CBOR.FC S15 PN10 DN200","UN",3,1876.24,"BDI1","","COPASA SUL 05_2023","REGISTRO FOFO CBOR.FC S15 PN10 DN200","UN",1876.24,5628.72,"2.7",2339.1084080000001,7017.33]
[null,null,null,25000110,"CURVA 45º FOFO FF PN16 DN 200","UN",2,823.06,"BDI1","","COPASA SUL 05_2023","CURVA 45º FOFO FF PN16 DN 200","UN",823.06,1646.12,"2.8",1026.1089019999999,2052.2199999999998]
[null,null,null,25004149,"TUBO FOFO FF EM 6,00 PN16 DN200X1,00","UN",6,1771.99,"BDI1","","COPASA SUL 05_2023","TUBO FOFO FF EM 6,00 PN16 DN200X1,00","UN",1771.99,10631.94,"2.9",2209.1399329999999,13254.84]
[null,null,null,25000290,"JUNCAO FOFO FFF PN16 DN 200","UN",1,1423.22,"BDI1","","COPASA SUL 05_2023","JUNCAO FOFO FFF PN16 DN 200","UN",1423.22,1423.22,"2.10",1774.3283739999999,1774.33]
[null,null,null,25000189,"EXTREMIDADE FOFO BF JE PN16 DN 200","UN",6,397.79,"BDI1","","COPASA SUL 05_2023","EXTREMIDADE FOFO BF JE PN16 DN 200","UN",397.79,2386.7399999999998,"2.11",495.92479299999997,2975.52]
[null,null,null,25000477,"TE FOFO FFF PN25 DN 200","UN",1,1060.52,"BDI1","","COPASA SUL 05_2023","TE FOFO FFF PN25 DN 200","UN",1060.52,1060.52,"2.12",1322.1502839999998,1322.15]
[null,null,null,25000181,"COLAR DE TOMADA FOFO DN200 X 1/2\"","UN",2,106.54,"BDI1","","COPASA SUL 05_2023","COLAR DE TOMADA FOFO DN200 X 1/2\"","UN",106.54,213.08,"2.13",132.823418,265.64]
[null,null,null,"COT-015","TOCO FD FFF16 DN 100X1000","UN",1,null,"BDI1","","COTAÇÕES","TOCO FD FFF16 DN 100X1000","UN",1289.48,1289.48,"2.14",1607.5947159999998,1607.59]
[null,null,null,25000135,"CURVA 90º FOFO FF PN16 DN 100","UN",2,248.68,"BDI1","","COPASA SUL 05_2023","CURVA 90º FOFO FF PN16 DN 100","UN",248.68,497.36,"2.15",310.02935600000001,620.05999999999995]
[null,null,null,25003281,"REGISTRO FOFO CBOR.FV S15 PN10/16 DN100","UN",1,751.01,"BDI1","","COPASA SUL 05_2023","REGISTRO FOFO CBOR.FV S15 PN10/16 DN100","UN",751.01,751.01,"2.16",936.28416699999991,936.28]
[null,null,null,25013794,"VIGA I  4\"X2.5/8\"X6,43MM","UN",1,1572.73,"BDI1","","COPASA SUL 05_2023","VIGA I  4\"X2.5/8\"X6,43MM","UN",1572.73,1572.73,"2.17",1960.722491,1960.72]
[null,null,null,25003566,"ARRUELA BORRACHA FLANGE PN10 DN100","UN",5,3.25,"BDI1","","COPASA SUL 05_2023","ARRUELA BORRACHA FLANGE PN10 DN100","UN",3.25,16.25,"2.18",4.0517750000000001,20.25]
[null,null,null,25003568,"ARRUELA BORRACHA FLANGE PN10 DN150","UN",6,5.83,"BDI1","","COPASA SUL 05_2023","ARRUELA BORRACHA FLANGE PN10 DN150","UN",5.83,34.979999999999997,"2.19",7.2682609999999999,43.62]
[null,null,null,25003569,"ARRUELA BORRACHA FLANGE PN10 DN200","UN",15,6.35,"BDI1","","COPASA SUL 05_2023","ARRUELA BORRACHA FLANGE PN10 DN200","UN",6.35,95.25,"2.20",7.9165449999999993,118.8]
[null,null,null,25025390,"PARAFUSO C/PORCAS P/FLANGE PN10 DN16x80","UN",40,9.07,"BDI1","","COPASA SUL 05_2023","PARAFUSO C/PORCAS P/FLANGE PN10 DN16x80","UN",9.07,362.8,"2.21",11.307568999999999,452.4]
[null,null,null,35001037,"PARAFUSO C/PORCAS P/ FLANGES-PPF DN20x90","UN",252,12.13,"BDI1","","COPASA SUL 05_2023","PARAFUSO C/PORCAS P/ FLANGES-PPF DN20x90","UN",12.13,3056.76,"2.22",15.122471000000001,3810.24]
[null,null,null,25002140,"TUBO PVC PB JEI CL15 DN100X6M","M",60,43.05,"BDI1","","COPASA SUL 05_2023","TUBO PVC PB JEI CL15 DN100X6M","M",43.05,2583,"2.23",53.670434999999991,3220.2]
[null,null,null,"ED-50810","JANELA TIPO VENEZIANA EM CHAPA 14 - PADRÃO SEDS","M2",1,675.91,"BDI1","","SEINFRA SUL 01_2023","JANELA TIPO VENEZIANA EM CHAPA 14 - PADRÃO SEDS","M2",675.91,675.91,"2.24",842.65699699999993,842.66]
[3,null,null,null,"SUBSTAÇÃO ABRIGADA N° 5 CEMIG",null,null,null,null,"","","","",null,42171.080000000016,"3",null,52574.5]
[null,null,null,39891,"BUCHA DE REDUCAO DE COBRE (REF 600-2) SEM ANEL DE SOLDA, PONTA X BOLSA, 54 X 42 MM","UN",1,48.06,"BDI1","","SINAPI 05_2023","BUCHA DE REDUCAO DE COBRE (REF 600-2) SEM ANEL DE SOLDA, PONTA X BOLSA, 54 X 42 MM","UN",48.06,48.06,"3.1",59.916401999999998,59.92]
[null,null,null,35001512,"CONECTOR PARAF FEND FURO 10MM2, 16-70MM2","UN",20,4.99,"BDI1","","COPASA SUL 05_2023","CONECTOR PARAF FEND FURO 10MM2, 16-70MM2","UN",4.99,99.8,"3.2",6.2210330000000003,124.4]
[null,null,null,"COT-016","CHAVE SECCIONADORA SOB CARGA TRIFÁSICA 200A/15KV, NBI MINIMO 95KV","UN",1,null,"BDI1","","COTAÇÕES","CHAVE SECCIONADORA SOB CARGA TRIFÁSICA 200A/15KV, NBL MINÍMO 95KV","UN",3187.9,3187.9,"3.3",3974.35493,3974.35]
[null,null,null,"COT-022","CAVALETE AÇO PINTADO ANTICORROSIVI PARA 3 TP E 3 TC","UN",1,null,"BDI1","","COTAÇÕES","CAVALETE AÇO PINTADO ANTICORROSIVO PARA 3TP E 3 TC","UN",2310,2310,"3.4",2879.877,2879.88]
[null,null,null,3394,"ISOLADOR DE PORCELANA, TIPO BUCHA, PARA TENSAO DE *15* KV","UN",1,720.51,"BDI1","","SINAPI 05_2023","ISOLADOR DE PORCELANA, TIPO BUCHA, PARA TENSAO DE *15* KV","UN",720.51,720.51,"3.5",898.25981699999988,898.26]
[null,null,null,"COT-017","GRADE DE PROTECAO COM TELA ZINCADA Nº12 ","UN",2,null,"BDI1","","COTAÇÕES","GRADE DE PROTEÇÃO COM TELA ZINCADA N12","UN",4431.5,8863,"3.6",5524.7510499999999,11049.5]
[null,null,null,"COT-018","TELA METALICA TIPO VENEZIANA PARA VENTILAÇÃO INTERNA","UN",4,null,"BDI1","","COTAÇÕES","TELA MECANICA TIPO VENEZIANAPARA VENTILAÇÃO INTERNA","UN",1300,5200,"3.7",1620.7099999999998,6482.84]
[null,null,null,"COT-019","MUFLA TERMINAL PARA CONDUTOR DE COBRE 15KV USO INTERNO","UN",3,null,"BDI1","","COTAÇÕES","MUFLA TERMINAL PARA CONDUTOR DE COBRE 15KV USO INTERNO","UN",455.73,1367.19,"3.8",568.158591,1704.48]
[null,null,null,35001847,"SUPORTE ACO GALV C/ BORRACHA CABO/MUFLA","UN",1,55,"BDI1","","COPASA SUL 05_2023","SUPORTE ACO GALV C/ BORRACHA CABO/MUFLA","UN",55,55,"3.9",68.5685,68.569999999999993]
[null,null,null,3406,"ISOLADOR DE PORCELANA, TIPO PINO MONOCORPO, PARA TENSAO DE *15* KV","UN",3,41.78,"BDI1","","SINAPI 05_2023","ISOLADOR DE PORCELANA, TIPO PINO MONOCORPO, PARA TENSAO DE *15* KV","UN",41.78,125.34,"3.10",52.087125999999998,156.27000000000001]
[null,null,null,35001829,"BARRAMENTO COBRE VERGALHAO 3/8\" PC 3M","UN",10,341.46,"BDI1","","COPASA SUL 05_2023","BARRAMENTO COBRE VERGALHAO 3/8\" PC 3M","UN",341.46,3414.6,"3.11",425.69818199999997,4257]
[null,null,null,35001522,"CAIXA MEDIDOR POLIF, P.CEMIG CM-3LVP","UN",1,466.27,"BDI1","","COPASA SUL 05_2023","CAIXA MEDIDOR POLIF, P.CEMIG CM-3LVP","UN",466.27,466.27,"3.12",581.29880899999989,581.29999999999995]
[null,null,null,"ED-20649","CAIXA PARA MEDIÇÃO, TIPO CM-9, DIMENSÕES CONFORME PADRÃO CEMIG, EXCLUSIVE DISJUNTOR, INCLUSIVE INSTALAÇÃO","UN",1,2636.08,"BDI1","","SEINFRA SUL 01_2023","CAIXA PARA MEDIÇÃO, TIPO CM-9, DIMENSÕES CONFORME PADRÃO CEMIG, EXCLUSIVE DISJUNTOR, INCLUSIVE INSTALAÇÃO","UN",2636.08,2636.08,"3.13",3286.4009359999995,3286.4]
[null,null,null,986,"CABO DE COBRE, RIGIDO, CLASSE 2, ISOLACAO EM PVC/A, ANTICHAMA BWF-B, 1 CONDUTOR, 450/750 V, SECAO NOMINAL 25 MM2","M",30,22.87,"BDI1","","SINAPI 05_2023","CABO DE COBRE, RIGIDO, CLASSE 2, ISOLACAO EM PVC/A, ANTICHAMA BWF-B, 1 CONDUTOR, 450/750 V, SECAO NOMINAL 25 MM2","M",22.87,686.1,"3.14",28.512028999999998,855.3]
[null,null,null,864,"CABO DE COBRE NU 70 MM2 MEIO-DURO","M",20,63.82,"BDI1","","SINAPI 05_2023","CABO DE COBRE NU 70 MM2 MEIO-DURO","M",63.82,1276.4000000000001,"3.15",79.564393999999993,1591.2]
[null,null,null,2683,"ELETRODUTO DE PVC RIGIDO ROSCAVEL DE 4 \", SEM LUVA","M",6,58.36,"BDI1","","SINAPI 05_2023","ELETRODUTO DE PVC RIGIDO ROSCAVEL DE 4 \", SEM LUVA","M",58.36,350.16,"3.16",72.757411999999988,436.56]
[null,null,null,1895,"LUVA EM PVC RIGIDO ROSCAVEL, DE 4\", PARA ELETRODUTO","UN",2,31.11,"BDI1","","SINAPI 05_2023","LUVA EM PVC RIGIDO ROSCAVEL, DE 4\", PARA ELETRODUTO","UN",31.11,62.22,"3.17",38.784836999999996,77.56]
[null,null,null,1878,"CURVA 90 GRAUS, LONGA, DE PVC RIGIDO ROSCAVEL, DE 4\", PARA ELETRODUTO","UN",2,54.75,"BDI1","","SINAPI 05_2023","CURVA 90 GRAUS, LONGA, DE PVC RIGIDO ROSCAVEL, DE 4\", PARA ELETRODUTO","UN",54.75,109.5,"3.18",68.256824999999992,136.52000000000001]
[null,null,null,35001416,"ELET ACO GALV 4\" BSP, 3,75MM NBR5598","UN",2,331.85,"BDI1","","COPASA SUL 05_2023","ELET ACO GALV 4\" BSP, 3,75MM NBR5598","UN",331.85,663.7,"3.19",413.71739500000001,827.44]
[null,null,null,35000389,"LUVA SIMPLES F.G CL10 Ø4\"","UN",2,98.32,"BDI1","","COPASA SUL 05_2023","LUVA SIMPLES F.G CL10 Ø4\"","UN",98.32,196.64,"3.20",122.57554399999998,245.16]
[null,null,null,35001534,"BUCHA E ARRUELA PAR Ø50mm","CJ",1,1.74,"BDI1","","COPASA SUL 05_2023","BUCHA E ARRUELA PAR Ø50mm","CJ",1.74,1.74,"3.21",2.1692579999999997,2.17]
[null,null,null,35000166,"CURVA 90 GR RL PVC PBA JE DN100 DE110 MM","UN",1,86.8,"BDI1","","COPASA SUL 05_2023","CURVA 90 GR RL PVC PBA JE DN100 DE110 MM","UN",86.8,86.8,"3.22",108.21355999999999,108.21]
[null,null,null,10892,"EXTINTOR DE INCENDIO PORTATIL COM CARGA DE PO QUIMICO SECO (PQS) DE 6 KG, CLASSE BC","UN",1,180,"BDI1","","SINAPI 05_2023","EXTINTOR DE INCENDIO PORTATIL COM CARGA DE PO QUIMICO SECO (PQS) DE 6 KG, CLASSE BC","UN",180,180,"3.23",224.40599999999998,224.41]
[null,null,null,"COT-020","PLATAFORMA BASCULANTE DE MADEIRA","UN",1,null,"BDI1","","COTAÇÕES","PLATAFORMA BASCULANTE DE MADEIRA","UN",640,640,"3.24",797.88799999999992,797.89]
[null,null,null,35000136,"GRADE MODULAR SINALIZACAO-P-COPASA 177/-","UN",3,481.5,"BDI1","","COPASA SUL 05_2023","GRADE MODULAR SINALIZACAO-P-COPASA 177/-","UN",481.5,1444.5,"3.25",600.28604999999993,1800.87]
[null,null,null,35001282,"PORTA VENEZIANA ALUMINIO S/ VENTILACAO","M2",1,285.89,"BDI1","","COPASA SUL 05_2023","PORTA VENEZIANA ALUMINIO S/ VENTILACAO","M2",285.89,285.89,"3.26",356.41906299999994,356.42]
[null,null,null,35001582,"LAMPADA TUB T8 LED 1650 LUMENS 100-240V","UN",4,16,"BDI1","","COPASA SUL 05_2023","LAMPADA TUB T8 LED 1650 LUMENS 100-240V","UN",16,64,"3.27",19.947199999999999,79.8]
[null,null,null,38774,"LUMINARIA DE EMERGENCIA 30 LEDS, POTENCIA 2 W, BATERIA DE LITIO, AUTONOMIA DE 6 HORAS","UN",1,21.43,"BDI1","","SINAPI 05_2023","LUMINARIA DE EMERGENCIA 30 LEDS, POTENCIA 2 W, BATERIA DE LITIO, AUTONOMIA DE 6 HORAS","UN",21.43,21.43,"3.28",26.716780999999997,26.72]
[null,null,null,2593,"CONDULETE DE ALUMINIO TIPO LR, PARA ELETRODUTO ROSCAVEL DE 3/4\", COM TAMPA CEGA","UN",2,12.63,"BDI1","","SINAPI 05_2023","CONDULETE DE ALUMINIO TIPO LR, PARA ELETRODUTO ROSCAVEL DE 3/4\", COM TAMPA CEGA","UN",12.63,25.26,"3.29",15.745820999999999,31.5]
[null,null,null,2593,"CONDULETE DE ALUMINIO TIPO LR, PARA ELETRODUTO ROSCAVEL DE 3/4\", COM TAMPA CEGA","UN",1,12.63,"BDI1","","SINAPI 05_2023","CONDULETE DE ALUMINIO TIPO LR, PARA ELETRODUTO ROSCAVEL DE 3/4\", COM TAMPA CEGA","UN",12.63,12.63,"3.30",15.745820999999999,15.75]
[null,null,null,2574,"CONDULETE DE ALUMINIO TIPO T, PARA ELETRODUTO ROSCAVEL DE 3/4\", COM TAMPA CEGA","UN",1,14.57,"BDI1","","SINAPI 05_2023","CONDULETE DE ALUMINIO TIPO T, PARA ELETRODUTO ROSCAVEL DE 3/4\", COM TAMPA CEGA","UN",14.57,14.57,"3.31",18.164418999999999,18.16]
[null,null,null,12128,"INTERRUPTOR SIMPLES 10A, 250V, CONJUNTO MONTADO PARA SOBREPOR 4\" X 2\" (CAIXA + MODULO)","UN",1,9.69,"BDI1","","SINAPI 05_2023","INTERRUPTOR SIMPLES 10A, 250V, CONJUNTO MONTADO PARA SOBREPOR 4\" X 2\" (CAIXA + MODULO)","UN",9.69,9.69,"3.32",12.080522999999999,12.08]
[null,null,null,35001398,"ELET ACO GALV 3/4\" BSP, 2,25MM NBR5598","UN",1,70,"BDI1","","COPASA SUL 05_2023","ELET ACO GALV 3/4\" BSP, 2,25MM NBR5598","UN",70,70,"3.33",87.268999999999991,87.27]
[null,null,null,35001407,"ELET ACO GALV 1 1/2\" BSP, 3,00MM NBR5598","UN",4,124.31,"BDI1","","COPASA SUL 05_2023","ELET ACO GALV 1 1/2\" BSP, 3,00MM NBR5598","UN",124.31,497.24,"3.34",154.97727699999999,619.91999999999996]
[null,null,null,3939,"LUVA DE FERRO GALVANIZADO, COM ROSCA BSP, DE 1 1/2\"","UN",6,20.9,"BDI1","","SINAPI 05_2023","LUVA DE FERRO GALVANIZADO, COM ROSCA BSP, DE 1 1/2\"","UN",20.9,125.4,"3.35",26.056029999999996,156.36000000000001]
[null,null,null,35001429,"CURVA 90G ACO GALV 1 1/2\" BSP NBR5598","UN",2,35.72,"BDI1","","COPASA SUL 05_2023","CURVA 90G ACO GALV 1 1/2\" BSP NBR5598","UN",35.72,71.44,"3.36",44.532123999999996,89.06]
[null,null,null,35001573,"TOMADA 2P+T 20A-250V C/TAMPA NBR-14136","CJ",1,10.83,"BDI1","","COPASA SUL 05_2023","TOMADA 2P+T 20A-250V C/TAMPA NBR-14136","CJ",10.83,10.83,"3.37",13.501760999999998,13.5]
[null,null,null,35001590,"TOMADA 2P+T 10A-250V C/TAMPA NBR-14136","CJ",1,4.9000000000000004,"BDI1","","COPASA SUL 05_2023","TOMADA 2P+T 10A-250V C/TAMPA NBR-14136","CJ",4.9000000000000004,4.9000000000000004,"3.38",6.1088300000000002,6.11]
[null,null,null,867,"CABO DE COBRE NU 50 MM2 MEIO-DURO","M",15,48.32,"BDI1","","SINAPI 05_2023","CABO DE COBRE NU 50 MM2 MEIO-DURO","M",48.32,724.8,"3.39",60.240544,903.6]
[null,null,null,868,"CABO DE COBRE NU 25 MM2 MEIO-DURO","M",30,23.03,"BDI1","","SINAPI 05_2023","CABO DE COBRE NU 25 MM2 MEIO-DURO","M",23.03,690.9,"3.40",28.711500999999998,861.3]
[null,null,null,11862,"CONECTOR METALICO TIPO PARAFUSO FENDIDO (SPLIT BOLT), PARA CABOS ATE 50 MM2","UN",12,17.28,"BDI1","","SINAPI 05_2023","CONECTOR METALICO TIPO PARAFUSO FENDIDO (SPLIT BOLT), PARA CABOS ATE 50 MM2","UN",17.28,207.36,"3.41",21.542975999999999,258.48]
[null,null,null,35001502,"CAIXA SUSPENSA INSP ATER.P/ELETODUTO Ø1\"","UN",4,42.91,"BDI1","","COPASA SUL 05_2023","CAIXA SUSPENSA INSP ATER.P/ELETODUTO Ø1\"","UN",42.91,171.64,"3.42",53.495896999999992,214]
[null,null,null,11991,"HASTE DE ATERRAMENTO EM ACO GALVANIZADO TIPO CANTONEIRA COM 2,00 M DE COMPRIMENTO, 25 X 25 MM E CHAPA DE 3/16\"","UN",4,119.51,"BDI1","","SINAPI 05_2023","HASTE DE ATERRAMENTO EM ACO GALVANIZADO TIPO CANTONEIRA COM 2,00 M DE COMPRIMENTO, 25 X 25 MM E CHAPA DE 3/16\"","UN",119.51,478.04,"3.43",148.99311699999998,595.96]
[null,null,null,977,"CABO DE COBRE, FLEXIVEL, CLASSE 4 OU 5, ISOLACAO EM PVC/A, ANTICHAMA BWF-B, COBERTURA PVC-ST1, ANTICHAMA BWF-B, 1 CONDUTOR, 0,6/1 KV, SECAO NOMINAL 70 MM2 COR PRETA","M",45,64.290000000000006,"BDI1","","SINAPI 05_2023","CABO DE COBRE, FLEXIVEL, CLASSE 4 OU 5, ISOLACAO EM PVC/A, ANTICHAMA BWF-B, COBERTURA PVC-ST1, ANTICHAMA BWF-B, 1 CONDUTOR, 0,6/1 KV, SECAO NOMINAL 70 MM2","M",64.290000000000006,2893.05,"3.44",80.150343000000007,3606.75]
[null,null,null,977,"CABO DE COBRE, FLEXIVEL, CLASSE 4 OU 5, ISOLACAO EM PVC/A, ANTICHAMA BWF-B, COBERTURA PVC-ST1, ANTICHAMA BWF-B, 1 CONDUTOR, 0,6/1 KV, SECAO NOMINAL 70 MM2 COR AZUL","M",15,64.290000000000006,"BDI1","","SINAPI 05_2023","CABO DE COBRE, FLEXIVEL, CLASSE 4 OU 5, ISOLACAO EM PVC/A, ANTICHAMA BWF-B, COBERTURA PVC-ST1, ANTICHAMA BWF-B, 1 CONDUTOR, 0,6/1 KV, SECAO NOMINAL 70 MM2","M",64.290000000000006,964.35,"3.45",80.150343000000007,1202.25]
[null,null,null,1019,"CABO DE COBRE, FLEXIVEL, CLASSE 4 OU 5, ISOLACAO EM PVC/A, ANTICHAMA BWF-B, COBERTURA PVC-ST1, ANTICHAMA BWF-B, 1 CONDUTOR, 0,6/1 KV, SECAO NOMINAL 35 MM2","M",15,31.07,"BDI1","","SINAPI 05_2023","CABO DE COBRE, FLEXIVEL, CLASSE 4 OU 5, ISOLACAO EM PVC/A, ANTICHAMA BWF-B, COBERTURA PVC-ST1, ANTICHAMA BWF-B, 1 CONDUTOR, 0,6/1 KV, SECAO NOMINAL 35 MM2","M",31.07,466.05,"3.46",38.734969,580.95000000000005]
[null,null,null,1022,"CABO DE COBRE, FLEXIVEL, CLASSE 4 OU 5, ISOLACAO EM PVC/A, ANTICHAMA BWF-B, COBERTURA PVC-ST1, ANTICHAMA BWF-B, 1 CONDUTOR, 0,6/1 KV, SECAO NOMINAL 2,5 MM2 COR VERDE","M",30,2.4300000000000002,"BDI1","","SINAPI 05_2023","CABO DE COBRE, FLEXIVEL, CLASSE 4 OU 5, ISOLACAO EM PVC/A, ANTICHAMA BWF-B, COBERTURA PVC-ST1, ANTICHAMA BWF-B, 1 CONDUTOR, 0,6/1 KV, SECAO NOMINAL 2,5 MM2","M",2.4300000000000002,72.900000000000006,"3.47",3.0294810000000001,90.9]
[null,null,null,1022,"CABO DE COBRE, FLEXIVEL, CLASSE 4 OU 5, ISOLACAO EM PVC/A, ANTICHAMA BWF-B, COBERTURA PVC-ST1, ANTICHAMA BWF-B, 1 CONDUTOR, 0,6/1 KV, SECAO NOMINAL 2,5 MM2 COR COR AZUL","M",20,2.4300000000000002,"BDI1","","SINAPI 05_2023","CABO DE COBRE, FLEXIVEL, CLASSE 4 OU 5, ISOLACAO EM PVC/A, ANTICHAMA BWF-B, COBERTURA PVC-ST1, ANTICHAMA BWF-B, 1 CONDUTOR, 0,6/1 KV, SECAO NOMINAL 2,5 MM2","M",2.4300000000000002,48.6,"3.48",3.0294810000000001,60.6]
[null,null,null,1022,"CABO DE COBRE, FLEXIVEL, CLASSE 4 OU 5, ISOLACAO EM PVC/A, ANTICHAMA BWF-B, COBERTURA PVC-ST1, ANTICHAMA BWF-B, 1 CONDUTOR, 0,6/1 KV, SECAO NOMINAL 2,5 MM2 COR PRETA","M",20,2.4300000000000002,"BDI1","","SINAPI 05_2023","CABO DE COBRE, FLEXIVEL, CLASSE 4 OU 5, ISOLACAO EM PVC/A, ANTICHAMA BWF-B, COBERTURA PVC-ST1, ANTICHAMA BWF-B, 1 CONDUTOR, 0,6/1 KV, SECAO NOMINAL 2,5 MM2","M",2.4300000000000002,48.6,"3.49",3.0294810000000001,60.6]
[4,null,null,null,"DISTRIBUIÇÃO DE FORÇA E CONTROLE DE ILUMINAÇÃO EXTERNO",null,null,null,null,"","","","",null,14295.680000000002,"4",null,17821.829999999998]
[null,null,null,39248,"ELETRODUTO/DUTO PEAD FLEXIVEL PAREDE SIMPLES, CORRUGACAO HELICOIDAL, COR PRETA, SEM ROSCA, DE 4\", PARA CABEAMENTO SUBTERRANEO (NBR 15715)","M",15,13.37,"BDI1","","SINAPI 05_2023","ELETRODUTO/DUTO PEAD FLEXIVEL PAREDE SIMPLES, CORRUGACAO HELICOIDAL, COR PRETA, SEM ROSCA, DE 4\", PARA CABEAMENTO SUBTERRANEO (NBR 15715)","M",13.37,200.55,"4.1",16.668378999999998,250.05]
[null,null,null,2446,"ELETRODUTO/DUTO PEAD FLEXIVEL PAREDE SIMPLES, CORRUGACAO HELICOIDAL, COR PRETA, SEM ROSCA, DE 2\",  PARA CABEAMENTO SUBTERRANEO (NBR 15715)","M",20,6.85,"BDI1","","SINAPI 05_2023","ELETRODUTO/DUTO PEAD FLEXIVEL PAREDE SIMPLES, CORRUGACAO HELICOIDAL, COR PRETA, SEM ROSCA, DE 2\",  PARA CABEAMENTO SUBTERRANEO (NBR 15715)","M",6.85,137,"4.2",8.5398949999999996,170.8]
[null,null,null,35001411,"ELET ACO GALV 2 1/2\" BSP, 3,35MM NBR5598","UN",5,200.04,"BDI1","","COPASA SUL 05_2023","ELET ACO GALV 2 1/2\" BSP, 3,35MM NBR5598","UN",200.04,1000.2,"4.3",249.38986799999998,1246.95]
[null,null,null,35001401,"ELET ACO GALV 1\" BSP 2,65MM 3,0M NBR5598","UN",6,92.99,"BDI1","","COPASA SUL 05_2023","ELET ACO GALV 1\" BSP 2,65MM 3,0M NBR5598","UN",92.99,557.94000000000005,"4.4",115.93063299999999,695.58]
[null,null,null,35001431,"CURVA 90G ACO GALV 2 1/2\" BSP NBR5598","UN",2,174.31,"BDI1","","COPASA SUL 05_2023","CURVA 90G ACO GALV 2 1/2\" BSP NBR5598","UN",174.31,348.62,"4.5",217.31227699999999,434.62]
[null,null,null,35001427,"CURVA 90G ACO GALV 1\" BSP NBR5598","UN",2,9.1,"BDI1","","COPASA SUL 05_2023","CURVA 90G ACO GALV 1\" BSP NBR5598","UN",9.1,18.2,"4.6",11.344969999999998,22.68]
[null,null,null,996,"CABO DE COBRE, FLEXIVEL, CLASSE 4 OU 5, ISOLACAO EM PVC/A, ANTICHAMA BWF-B, COBERTURA PVC-ST1, ANTICHAMA BWF-B, 1 CONDUTOR, 0,6/1 KV, SECAO NOMINAL 25 MM2","M",150,21.99,"BDI1","","SINAPI 05_2023","CABO DE COBRE, FLEXIVEL, CLASSE 4 OU 5, ISOLACAO EM PVC/A, ANTICHAMA BWF-B, COBERTURA PVC-ST1, ANTICHAMA BWF-B, 1 CONDUTOR, 0,6/1 KV, SECAO NOMINAL 25 MM2","M",21.99,3298.5,"4.7",27.414932999999998,4111.5]
[null,null,null,1017,"CABO DE COBRE, FLEXIVEL, CLASSE 4 OU 5, ISOLACAO EM PVC/A, ANTICHAMA BWF-B, COBERTURA PVC-ST1, ANTICHAMA BWF-B, 1 CONDUTOR, 0,6/1 KV, SECAO NOMINAL 120 MM2","M",50,109.15,"BDI1","","SINAPI 05_2023","CABO DE COBRE, FLEXIVEL, CLASSE 4 OU 5, ISOLACAO EM PVC/A, ANTICHAMA BWF-B, COBERTURA PVC-ST1, ANTICHAMA BWF-B, 1 CONDUTOR, 0,6/1 KV, SECAO NOMINAL 120 MM2","M",109.15,5457.5,"4.8",136.077305,6804]
[null,null,null,1022,"CABO DE COBRE, FLEXIVEL, CLASSE 4 OU 5, ISOLACAO EM PVC/A, ANTICHAMA BWF-B, COBERTURA PVC-ST1, ANTICHAMA BWF-B, 1 CONDUTOR, 0,6/1 KV, SECAO NOMINAL 2,5 MM2","M",50,2.4300000000000002,"BDI1","","SINAPI 05_2023","CABO DE COBRE, FLEXIVEL, CLASSE 4 OU 5, ISOLACAO EM PVC/A, ANTICHAMA BWF-B, COBERTURA PVC-ST1, ANTICHAMA BWF-B, 1 CONDUTOR, 0,6/1 KV, SECAO NOMINAL 2,5 MM2","M",2.4300000000000002,121.5,"4.9",3.0294810000000001,151.5]
[null,null,null,1022,"CABO DE COBRE, FLEXIVEL, CLASSE 4 OU 5, ISOLACAO EM PVC/A, ANTICHAMA BWF-B, COBERTURA PVC-ST1, ANTICHAMA BWF-B, 1 CONDUTOR, 0,6/1 KV, SECAO NOMINAL 2,5 MM2","M",25,2.4300000000000002,"BDI1","","SINAPI 05_2023","CABO DE COBRE, FLEXIVEL, CLASSE 4 OU 5, ISOLACAO EM PVC/A, ANTICHAMA BWF-B, COBERTURA PVC-ST1, ANTICHAMA BWF-B, 1 CONDUTOR, 0,6/1 KV, SECAO NOMINAL 2,5 MM2","M",2.4300000000000002,60.75,"4.10",3.0294810000000001,75.75]
[null,null,null,35001382,"CABO INST BL IND 2Px1,0MM2 300V NBR10300","M",50,3.65,"BDI1","","COPASA SUL 05_2023","CABO INST BL IND 2Px1,0MM2 300V NBR10300","M",3.65,182.5,"4.11",4.5504549999999995,227.5]
[null,null,null,35001382,"CABO INST BL IND 2Px1,0MM2 300V NBR10300","M",20,3.65,"BDI1","","COPASA SUL 05_2023","CABO INST BL IND 2Px1,0MM2 300V NBR10300","M",3.65,73,"4.12",4.5504549999999995,91]
[null,null,null,35001382,"CABO INST BL IND 2Px1,0MM2 300V NBR10300","M",20,3.65,"BDI1","","COPASA SUL 05_2023","CABO INST BL IND 2Px1,0MM2 300V NBR10300","M",3.65,73,"4.13",4.5504549999999995,91]
[null,null,null,65004061,"CAIXA DE PASSAGEM 80X80X120 CM PARA REDE DE DUTOS ELETRICOS","UN",1,919.84,"BDI1","","COPASA SUL 05_2023","CAIXA DE PASSAGEM 80X80X120 CM PARA REDE DE DUTOS ELETRICOS","UN",919.84,919.84,"4.14",1146.7645279999999,1146.76]
[null,null,null,65004058,"CAIXA DE PASSAGEM 30X30X50 CM PARA REDE DE DUTOS ELETRICOS","UN",1,159.69,"BDI1","","COPASA SUL 05_2023","CAIXA DE PASSAGEM 30X30X50 CM PARA REDE DE DUTOS ELETRICOS","UN",159.69,159.69,"4.15",199.08552299999999,199.09]
[null,null,null,5052,"POSTE CONICO CONTINUO EM ACO GALVANIZADO, CURVO, BRACO SIMPLES, FLANGEADO, H = 7 M, DIAMETRO INFERIOR = *125* MM","UN",1,1447.5,"BDI1","","SINAPI 05_2023","POSTE CONICO CONTINUO EM ACO GALVANIZADO, CURVO, BRACO SIMPLES, FLANGEADO, H = 7 M, DIAMETRO INFERIOR = *125* MM","UN",1447.5,1447.5,"4.16",1804.5982499999998,1804.6]
[null,null,null,2510,"RELE FOTOELETRICO INTERNO E EXTERNO BIVOLT 1000 W, DE CONECTOR, SEM BASE","UN",1,34.29,"BDI1","","SINAPI 05_2023","RELE FOTOELETRICO INTERNO E EXTERNO BIVOLT 1000 W, DE CONECTOR, SEM BASE","UN",34.29,34.29,"4.17",42.749342999999996,42.75]
[null,null,null,2512,"BRACO P/ LUMINARIA PUBLICA 1 X 1,50M ROMAGNOLE OU EQUIV","UN",1,37.71,"BDI1","","SINAPI 05_2023","BRACO P/ LUMINARIA PUBLICA 1 X 1,50M ROMAGNOLE OU EQUIV","UN",37.71,37.71,"4.18",47.013056999999996,47.01]
[null,null,null,35001546,"CINTA ACO ZINCADO Ø127MM C/PARAFUSO","UN",1,56.28,"BDI1","","COPASA SUL 05_2023","CINTA ACO ZINCADO Ø127MM C/PARAFUSO","UN",56.28,56.28,"4.19",70.164276000000001,70.16]
[null,null,null,3749,"LAMPADA VAPOR MERCURIO 250 W (BASE E40)","UN",1,32,"BDI1","","SINAPI 05_2023","LAMPADA VAPOR MERCURIO 250 W (BASE E40)","UN",32,32,"4.20",39.894399999999997,39.89]
[null,null,null,35001598,"REFLETOR MULTILED 2900LM 90LM/W IP66","UN",2,29.33,"BDI1","","COPASA SUL 05_2023","REFLETOR MULTILED 2900LM 90LM/W IP66","UN",29.33,58.66,"4.21",36.565710999999993,73.14]
[null,null,null,38064,"INTERRUPTOR BIPOLAR 10A, 250V, CONJUNTO MONTADO PARA EMBUTIR 4\" X 2\" (PLACA + SUPORTE + MODULO)","UN",1,20.45,"BDI1","","SINAPI 05_2023","INTERRUPTOR BIPOLAR 10A, 250V, CONJUNTO MONTADO PARA EMBUTIR 4\" X 2\" (PLACA + SUPORTE + MODULO)","UN",20.45,20.45,"4.22",25.495014999999999,25.5]
[5,null,null,null,"DISTRIBUIÇÃO DE FORÇA E CONTROLE E ILUMINAÇÃO INTERNO (SALA ELÉTRICA)",null,null,null,null,"","","","",null,12106.4,"5",null,15092.909999999996]
[null,null,null,35001411,"ELET ACO GALV 2 1/2\" BSP, 3,35MM NBR5598","UN",10,200.04,"BDI1","","COPASA SUL 05_2023","ELET ACO GALV 2 1/2\" BSP, 3,35MM NBR5598","UN",200.04,2000.4,"5.1",249.38986799999998,2493.9]
[null,null,null,3913,"LUVA DE FERRO GALVANIZADO, COM ROSCA BSP, DE 2 1/2\"","UN",8,58.4,"BDI1","","SINAPI 05_2023","LUVA DE FERRO GALVANIZADO, COM ROSCA BSP, DE 2 1/2\"","UN",58.4,467.2,"5.2",72.807279999999992,582.48]
[null,null,null,35001431,"CURVA 90G ACO GALV 2 1/2\" BSP NBR5598","UN",4,174.31,"BDI1","","COPASA SUL 05_2023","CURVA 90G ACO GALV 2 1/2\" BSP NBR5598","UN",174.31,697.24,"5.3",217.31227699999999,869.24]
[null,null,null,35001409,"ELET ACO GALV 2\" BSP 3,0MM, 3,0M NBR5598","UN",5,153.15,"BDI1","","COPASA SUL 05_2023","ELET ACO GALV 2\" BSP 3,0MM, 3,0M NBR5598","UN",153.15,765.75,"5.4",190.93210500000001,954.65]
[null,null,null,3912,"LUVA DE FERRO GALVANIZADO, COM ROSCA BSP, DE 2\"","UN",5,32.01,"BDI1","","SINAPI 05_2023","LUVA DE FERRO GALVANIZADO, COM ROSCA BSP, DE 2\"","UN",32.01,160.05000000000001,"5.5",39.906866999999998,199.55]
[null,null,null,35001430,"CURVA 90G ACO GALV 2\" BSP NBR5598","UN",2,47.55,"BDI1","","COPASA SUL 05_2023","CURVA 90G ACO GALV 2\" BSP NBR5598","UN",47.55,95.1,"5.6",59.280584999999995,118.56]
[null,null,null,35001401,"ELET ACO GALV 1\" BSP 2,65MM 3,0M NBR5598","UN",10,92.99,"BDI1","","COPASA SUL 05_2023","ELET ACO GALV 1\" BSP 2,65MM 3,0M NBR5598","UN",92.99,929.9,"5.7",115.93063299999999,1159.3]
[null,null,null,3910,"LUVA DE FERRO GALVANIZADO, COM ROSCA BSP, DE 1\"","UN",5,12.22,"BDI1","","SINAPI 05_2023","LUVA DE FERRO GALVANIZADO, COM ROSCA BSP, DE 1\"","UN",12.22,61.1,"5.8",15.234674,76.150000000000006]
[null,null,null,35001427,"CURVA 90G ACO GALV 1\" BSP NBR5598","UN",6,9.1,"BDI1","","COPASA SUL 05_2023","CURVA 90G ACO GALV 1\" BSP NBR5598","UN",9.1,54.6,"5.9",11.344969999999998,68.040000000000006]
[null,null,null,2681,"ELETRODUTO DE PVC RIGIDO ROSCAVEL DE 2 \", SEM LUVA","M",5,20.239999999999998,"BDI1","","SINAPI 05_2023","ELETRODUTO DE PVC RIGIDO ROSCAVEL DE 2 \", SEM LUVA","M",20.239999999999998,101.2,"5.10",25.233207999999998,126.15]
[null,null,null,2674,"ELETRODUTO DE PVC RIGIDO ROSCAVEL DE 3/4 \", SEM LUVA","M",30,5.41,"BDI1","","SINAPI 05_2023","ELETRODUTO DE PVC RIGIDO ROSCAVEL DE 3/4 \", SEM LUVA","M",5.41,162.30000000000001,"5.11",6.7446469999999996,202.2]
[null,null,null,1894,"LUVA EM PVC RIGIDO ROSCAVEL, DE 2\", PARA ELETRODUTO","UN",2,5.93,"BDI1","","SINAPI 05_2023","LUVA EM PVC RIGIDO ROSCAVEL, DE 2\", PARA ELETRODUTO","UN",5.93,11.86,"5.12",7.392930999999999,14.78]
[null,null,null,1891,"LUVA EM PVC RIGIDO ROSCAVEL, DE 3/4\", PARA ELETRODUTO","UN",15,1.37,"BDI1","","SINAPI 05_2023","LUVA EM PVC RIGIDO ROSCAVEL, DE 3/4\", PARA ELETRODUTO","UN",1.37,20.55,"5.13",1.7079789999999999,25.65]
[null,null,null,1876,"CURVA 90 GRAUS, LONGA, DE PVC RIGIDO ROSCAVEL, DE 2\", PARA ELETRODUTO","UN",1,10.66,"BDI1","","SINAPI 05_2023","CURVA 90 GRAUS, LONGA, DE PVC RIGIDO ROSCAVEL, DE 2\", PARA ELETRODUTO","UN",10.66,10.66,"5.14",13.289821999999999,13.29]
[null,null,null,1879,"CURVA 90 GRAUS, LONGA, DE PVC RIGIDO ROSCAVEL, DE 3/4\", PARA ELETRODUTO","UN",2,3.17,"BDI1","","SINAPI 05_2023","CURVA 90 GRAUS, LONGA, DE PVC RIGIDO ROSCAVEL, DE 3/4\", PARA ELETRODUTO","UN",3.17,6.34,"5.15",3.9520389999999996,7.9]
[null,null,null,977,"CABO DE COBRE, FLEXIVEL, CLASSE 4 OU 5, ISOLACAO EM PVC/A, ANTICHAMA BWF-B, COBERTURA PVC-ST1, ANTICHAMA BWF-B, 1 CONDUTOR, 0,6/1 KV, SECAO NOMINAL 70 MM2","M",15,64.290000000000006,"BDI1","","SINAPI 05_2023","CABO DE COBRE, FLEXIVEL, CLASSE 4 OU 5, ISOLACAO EM PVC/A, ANTICHAMA BWF-B, COBERTURA PVC-ST1, ANTICHAMA BWF-B, 1 CONDUTOR, 0,6/1 KV, SECAO NOMINAL 70 MM2","M",64.290000000000006,964.35,"5.16",80.150343000000007,1202.25]
[null,null,null,1019,"CABO DE COBRE, FLEXIVEL, CLASSE 4 OU 5, ISOLACAO EM PVC/A, ANTICHAMA BWF-B, COBERTURA PVC-ST1, ANTICHAMA BWF-B, 1 CONDUTOR, 0,6/1 KV, SECAO NOMINAL 35 MM2","M",5,31.07,"BDI1","","SINAPI 05_2023","CABO DE COBRE, FLEXIVEL, CLASSE 4 OU 5, ISOLACAO EM PVC/A, ANTICHAMA BWF-B, COBERTURA PVC-ST1, ANTICHAMA BWF-B, 1 CONDUTOR, 0,6/1 KV, SECAO NOMINAL 35 MM2","M",31.07,155.35,"5.17",38.734969,193.65]
[null,null,null,996,"CABO DE COBRE, FLEXIVEL, CLASSE 4 OU 5, ISOLACAO EM PVC/A, ANTICHAMA BWF-B, COBERTURA PVC-ST1, ANTICHAMA BWF-B, 1 CONDUTOR, 0,6/1 KV, SECAO NOMINAL 25 MM2","M",30,21.99,"BDI1","","SINAPI 05_2023","CABO DE COBRE, FLEXIVEL, CLASSE 4 OU 5, ISOLACAO EM PVC/A, ANTICHAMA BWF-B, COBERTURA PVC-ST1, ANTICHAMA BWF-B, 1 CONDUTOR, 0,6/1 KV, SECAO NOMINAL 25 MM2","M",21.99,659.7,"5.18",27.414932999999998,822.3]
[null,null,null,995,"CABO DE COBRE, FLEXIVEL, CLASSE 4 OU 5, ISOLACAO EM PVC/A, ANTICHAMA BWF-B, COBERTURA PVC-ST1, ANTICHAMA BWF-B, 1 CONDUTOR, 0,6/1 KV, SECAO NOMINAL 16 MM2","M",30,14.18,"BDI1","","SINAPI 05_2023","CABO DE COBRE, FLEXIVEL, CLASSE 4 OU 5, ISOLACAO EM PVC/A, ANTICHAMA BWF-B, COBERTURA PVC-ST1, ANTICHAMA BWF-B, 1 CONDUTOR, 0,6/1 KV, SECAO NOMINAL 16 MM2","M",14.18,425.4,"5.19",17.678205999999999,530.4]
[null,null,null,995,"CABO DE COBRE, FLEXIVEL, CLASSE 4 OU 5, ISOLACAO EM PVC/A, ANTICHAMA BWF-B, COBERTURA PVC-ST1, ANTICHAMA BWF-B, 1 CONDUTOR, 0,6/1 KV, SECAO NOMINAL 16 MM2","M",5,14.18,"BDI1","","SINAPI 05_2023","CABO DE COBRE, FLEXIVEL, CLASSE 4 OU 5, ISOLACAO EM PVC/A, ANTICHAMA BWF-B, COBERTURA PVC-ST1, ANTICHAMA BWF-B, 1 CONDUTOR, 0,6/1 KV, SECAO NOMINAL 16 MM2","M",14.18,70.900000000000006,"5.20",17.678205999999999,88.4]
[null,null,null,995,"CABO DE COBRE, FLEXIVEL, CLASSE 4 OU 5, ISOLACAO EM PVC/A, ANTICHAMA BWF-B, COBERTURA PVC-ST1, ANTICHAMA BWF-B, 1 CONDUTOR, 0,6/1 KV, SECAO NOMINAL 16 MM2","M",15,14.18,"BDI1","","SINAPI 05_2023","CABO DE COBRE, FLEXIVEL, CLASSE 4 OU 5, ISOLACAO EM PVC/A, ANTICHAMA BWF-B, COBERTURA PVC-ST1, ANTICHAMA BWF-B, 1 CONDUTOR, 0,6/1 KV, SECAO NOMINAL 16 MM2","M",14.18,212.7,"5.21",17.678205999999999,265.2]
[null,null,null,35001382,"CABO INST BL IND 2Px1,0MM2 300V NBR10300","M",20,3.65,"BDI1","","COPASA SUL 05_2023","CABO INST BL IND 2Px1,0MM2 300V NBR10300","M",3.65,73,"5.22",4.5504549999999995,91]
[null,null,null,1022,"CABO DE COBRE, FLEXIVEL, CLASSE 4 OU 5, ISOLACAO EM PVC/A, ANTICHAMA BWF-B, COBERTURA PVC-ST1, ANTICHAMA BWF-B, 1 CONDUTOR, 0,6/1 KV, SECAO NOMINAL 2,5 MM2","M",100,2.4300000000000002,"BDI1","","SINAPI 05_2023","CABO DE COBRE, FLEXIVEL, CLASSE 4 OU 5, ISOLACAO EM PVC/A, ANTICHAMA BWF-B, COBERTURA PVC-ST1, ANTICHAMA BWF-B, 1 CONDUTOR, 0,6/1 KV, SECAO NOMINAL 2,5 MM2","M",2.4300000000000002,243,"5.23",3.0294810000000001,303]
[null,null,null,1022,"CABO DE COBRE, FLEXIVEL, CLASSE 4 OU 5, ISOLACAO EM PVC/A, ANTICHAMA BWF-B, COBERTURA PVC-ST1, ANTICHAMA BWF-B, 1 CONDUTOR, 0,6/1 KV, SECAO NOMINAL 2,5 MM2","M",100,2.4300000000000002,"BDI1","","SINAPI 05_2023","CABO DE COBRE, FLEXIVEL, CLASSE 4 OU 5, ISOLACAO EM PVC/A, ANTICHAMA BWF-B, COBERTURA PVC-ST1, ANTICHAMA BWF-B, 1 CONDUTOR, 0,6/1 KV, SECAO NOMINAL 2,5 MM2","M",2.4300000000000002,243,"5.24",3.0294810000000001,303]
[null,null,null,1022,"CABO DE COBRE, FLEXIVEL, CLASSE 4 OU 5, ISOLACAO EM PVC/A, ANTICHAMA BWF-B, COBERTURA PVC-ST1, ANTICHAMA BWF-B, 1 CONDUTOR, 0,6/1 KV, SECAO NOMINAL 2,5 MM2","M",50,2.4300000000000002,"BDI1","","SINAPI 05_2023","CABO DE COBRE, FLEXIVEL, CLASSE 4 OU 5, ISOLACAO EM PVC/A, ANTICHAMA BWF-B, COBERTURA PVC-ST1, ANTICHAMA BWF-B, 1 CONDUTOR, 0,6/1 KV, SECAO NOMINAL 2,5 MM2","M",2.4300000000000002,121.5,"5.25",3.0294810000000001,151.5]
[null,null,null,2593,"CONDULETE DE ALUMINIO TIPO LR, PARA ELETRODUTO ROSCAVEL DE 3/4\", COM TAMPA CEGA","UN",4,12.63,"BDI1","","SINAPI 05_2023","CONDULETE DE ALUMINIO TIPO LR, PARA ELETRODUTO ROSCAVEL DE 3/4\", COM TAMPA CEGA","UN",12.63,50.52,"5.26",15.745820999999999,63]
[null,null,null,2593,"CONDULETE DE ALUMINIO TIPO LR, PARA ELETRODUTO ROSCAVEL DE 3/4\", COM TAMPA CEGA","UN",4,12.63,"BDI1","","SINAPI 05_2023","CONDULETE DE ALUMINIO TIPO LR, PARA ELETRODUTO ROSCAVEL DE 3/4\", COM TAMPA CEGA","UN",12.63,50.52,"5.27",15.745820999999999,63]
[null,null,null,2574,"CONDULETE DE ALUMINIO TIPO T, PARA ELETRODUTO ROSCAVEL DE 3/4\", COM TAMPA CEGA","UN",8,14.57,"BDI1","","SINAPI 05_2023","CONDULETE DE ALUMINIO TIPO T, PARA ELETRODUTO ROSCAVEL DE 3/4\", COM TAMPA CEGA","UN",14.57,116.56,"5.28",18.164418999999999,145.28]
[null,null,null,2580,"CONDULETE DE ALUMINIO TIPO X, PARA ELETRODUTO ROSCAVEL DE 3/4\", COM TAMPA CEGA","UN",2,19.23,"BDI1","","SINAPI 05_2023","CONDULETE DE ALUMINIO TIPO X, PARA ELETRODUTO ROSCAVEL DE 3/4\", COM TAMPA CEGA","UN",19.23,38.46,"5.29",23.974041,47.94]
[null,null,null,2571,"CONDULETE DE ALUMINIO TIPO LR, PARA ELETRODUTO ROSCAVEL DE 2\", COM TAMPA CEGA","UN",2,58.94,"BDI1","","SINAPI 05_2023","CONDULETE DE ALUMINIO TIPO LR, PARA ELETRODUTO ROSCAVEL DE 2\", COM TAMPA CEGA","UN",58.94,117.88,"5.30",73.480497999999997,146.96]
[null,null,null,2571,"CONDULETE DE ALUMINIO TIPO LR, PARA ELETRODUTO ROSCAVEL DE 2\", COM TAMPA CEGA","UN",2,58.94,"BDI1","","SINAPI 05_2023","CONDULETE DE ALUMINIO TIPO LR, PARA ELETRODUTO ROSCAVEL DE 2\", COM TAMPA CEGA","UN",58.94,117.88,"5.31",73.480497999999997,146.96]
[null,null,null,12129,"INTERRUPTOR SIMPLES 10A, 250V, CONJUNTO MONTADO PARA SOBREPOR 4\" X 2\" (CAIXA + 2 MODULOS)","UN",2,12.8,"BDI1","","SINAPI 05_2023","INTERRUPTOR SIMPLES 10A, 250V, CONJUNTO MONTADO PARA SOBREPOR 4\" X 2\" (CAIXA + 2 MODULOS)","UN",12.8,25.6,"5.32",15.95776,31.92]
[null,null,null,35001582,"LAMPADA TUB T8 LED 1650 LUMENS 100-240V","UN",4,16,"BDI1","","COPASA SUL 05_2023","LAMPADA TUB T8 LED 1650 LUMENS 100-240V","UN",16,64,"5.33",19.947199999999999,79.8]
[null,null,null,38774,"LUMINARIA DE EMERGENCIA 30 LEDS, POTENCIA 2 W, BATERIA DE LITIO, AUTONOMIA DE 6 HORAS","UN",1,21.43,"BDI1","","SINAPI 05_2023","LUMINARIA DE EMERGENCIA 30 LEDS, POTENCIA 2 W, BATERIA DE LITIO, AUTONOMIA DE 6 HORAS","UN",21.43,21.43,"5.34",26.716780999999997,26.72]
[null,null,null,38774,"LUMINARIA DE EMERGENCIA 30 LEDS, POTENCIA 2 W, BATERIA DE LITIO, AUTONOMIA DE 6 HORAS","UN",2,21.43,"BDI1","","SINAPI 05_2023","LUMINARIA DE EMERGENCIA 30 LEDS, POTENCIA 2 W, BATERIA DE LITIO, AUTONOMIA DE 6 HORAS","UN",21.43,42.86,"5.35",26.716780999999997,53.44]
[null,null,null,35001590,"TOMADA 2P+T 10A-250V C/TAMPA NBR-14136","CJ",2,4.9000000000000004,"BDI1","","COPASA SUL 05_2023","TOMADA 2P+T 10A-250V C/TAMPA NBR-14136","CJ",4.9000000000000004,9.8000000000000007,"5.36",6.1088300000000002,12.22]
[null,null,null,35001593,"TOMADA INDUST SOBREPOR 3P 16A-500V IP44","UN",1,80.91,"BDI1","","COPASA SUL 05_2023","TOMADA INDUST SOBREPOR 3P 16A-500V IP44","UN",80.91,80.91,"5.37",100.87049699999999,100.87]
[null,null,null,35001590,"TOMADA 2P+T 10A-250V C/TAMPA NBR-14136","CJ",5,4.9000000000000004,"BDI1","","COPASA SUL 05_2023","TOMADA 2P+T 10A-250V C/TAMPA NBR-14136","CJ",4.9000000000000004,24.5,"5.38",6.1088300000000002,30.55]
[null,null,null,35001590,"TOMADA 2P+T 10A-250V C/TAMPA NBR-14136","CJ",1,4.9000000000000004,"BDI1","","COPASA SUL 05_2023","TOMADA 2P+T 10A-250V C/TAMPA NBR-14136","CJ",4.9000000000000004,4.9000000000000004,"5.39",6.1088300000000002,6.11]
[null,null,null,35001573,"TOMADA 2P+T 20A-250V C/TAMPA NBR-14136","CJ",1,10.83,"BDI1","","COPASA SUL 05_2023","TOMADA 2P+T 20A-250V C/TAMPA NBR-14136","CJ",10.83,10.83,"5.40",13.501760999999998,13.5]
[null,null,null,35001585,"PERFILADO AÇO PERF 38X38X3000 16 PRE-ZI","UN",5,38.950000000000003,"BDI1","","COPASA SUL 05_2023","PERFILADO AÇO PERF 38X38X3000 16 PRE-ZI","UN",38.950000000000003,194.75,"5.41",48.558965000000001,242.8]
[null,null,null,65000345,"CANALETA EM CONCRETO PARA PASSAGEM DE CABOS (0,50 X 0,50) M","M",5,484.37,"BDI1","","COPASA SUL 05_2023","CANALETA EM CONCRETO PARA PASSAGEM DE CABOS (0,50 X 0,50) M","M",484.37,2421.85,"5.42",603.86407899999995,3019.3]
[5,null,null,null,"SISTEM DE ATERRAMENTO E SPDA (SALA ELÉTRICA E SUBESTAÇÃO)",null,null,null,null,"","","","",null,8539.3000000000029,"6",null,10645.890000000003]
[null,null,null,11854,"CONECTOR METALICO TIPO PARAFUSO FENDIDO (SPLIT BOLT), PARA CABOS ATE 35 MM2","UN",10,12.31,"BDI1","","SINAPI 05_2023","CONECTOR METALICO TIPO PARAFUSO FENDIDO (SPLIT BOLT), PARA CABOS ATE 35 MM2","UN",12.31,123.1,"6.1",15.346876999999999,153.5]
[null,null,null,11862,"CONECTOR METALICO TIPO PARAFUSO FENDIDO (SPLIT BOLT), PARA CABOS ATE 50 MM2","UN",10,17.28,"BDI1","","SINAPI 05_2023","CONECTOR METALICO TIPO PARAFUSO FENDIDO (SPLIT BOLT), PARA CABOS ATE 50 MM2","UN",17.28,172.8,"6.2",21.542975999999999,215.4]
[null,null,null,1597,"CONECTOR DE ALUMINIO TIPO PRENSA CABO, BITOLA 3/8\", PARA CABOS DE DIAMETRO DE 9 A 10 MM","UN",5,14.77,"BDI1","","SINAPI 05_2023","CONECTOR DE ALUMINIO TIPO PRENSA CABO, BITOLA 3/8\", PARA CABOS DE DIAMETRO DE 9 A 10 MM","UN",14.77,73.849999999999994,"6.3",18.413758999999999,92.05]
[null,null,null,867,"CABO DE COBRE NU 50 MM2 MEIO-DURO","M",75,48.32,"BDI1","","SINAPI 05_2023","CABO DE COBRE NU 50 MM2 MEIO-DURO","M",48.32,3624,"6.4",60.240544,4518]
[null,null,null,863,"CABO DE COBRE NU 35 MM2 MEIO-DURO","M",50,33.92,"BDI1","","SINAPI 05_2023","CABO DE COBRE NU 35 MM2 MEIO-DURO","M",33.92,1696,"6.5",42.288063999999999,2114.5]
[null,null,null,857,"CABO DE COBRE NU 16 MM2 MEIO-DURO","M",10,16.16,"BDI1","","SINAPI 05_2023","CABO DE COBRE NU 16 MM2 MEIO-DURO","M",16.16,161.6,"6.6",20.146671999999999,201.5]
[null,null,null,11991,"HASTE DE ATERRAMENTO EM ACO GALVANIZADO TIPO CANTONEIRA COM 2,00 M DE COMPRIMENTO, 25 X 25 MM E CHAPA DE 3/16\"","UN",10,119.51,"BDI1","","SINAPI 05_2023","HASTE DE ATERRAMENTO EM ACO GALVANIZADO TIPO CANTONEIRA COM 2,00 M DE COMPRIMENTO, 25 X 25 MM E CHAPA DE 3/16\"","UN",119.51,1195.0999999999999,"6.7",148.99311699999998,1489.9]
[null,null,null,34643,"CAIXA DE INSPECAO PARA ATERRAMENTO E PARA RAIOS, EM POLIPROPILENO,  DIAMETRO = 300 MM X ALTURA = 400 MM","UN",10,36.36,"BDI1","","SINAPI 05_2023","CAIXA DE INSPECAO PARA ATERRAMENTO E PARA RAIOS, EM POLIPROPILENO,  DIAMETRO = 300 MM X ALTURA = 400 MM","UN",36.36,363.6,"6.8",45.330011999999996,453.3]
[null,null,null,"COT-021","TERMINAL AÉREO DE AÇO GALVANIZADO DIÂMETRO 3/8\", COMPRIMENTO 300MM","UN",4,null,"BDI1","","COTAÇÕES","TERMINAL AÉREO DE AÇO GALVANIZADO DIÂMETRO 3/8\", COMPRIMENTO 300MM","UN",67.7,270.8,"6.9",84.401589999999999,337.6]
[null,null,null,3384,"SUPORTE GUIA SIMPLES COM ROLDANA EM POLIPROPILENO PARA CHUMBAR, H = 20 CM","UN",2,12.21,"BDI1","","SINAPI 05_2023","SUPORTE GUIA SIMPLES COM ROLDANA EM POLIPROPILENO PARA CHUMBAR, H = 20 CM","UN",12.21,24.42,"6.10",15.222207000000001,30.44]
[null,null,null,1602,"CONECTOR DE ALUMINIO TIPO PRENSA CABO, BITOLA 1 1/2\", PARA CABOS DE DIAMETRO DE 37 A 40 MM","UN",6,59.57,"BDI1","","SINAPI 05_2023","CONECTOR DE ALUMINIO TIPO PRENSA CABO, BITOLA 1 1/2\", PARA CABOS DE DIAMETRO DE 37 A 40 MM","UN",59.57,357.42,"6.11",74.265918999999997,445.62]
[null,null,null,"ED-51053","CAIXA DE EQUALIZAÇÃO PARA USO INTERNO COM 9 TERMINAIS 210X210X90MM EM AÇO","U",1,200.21,"BDI1","","SEINFRA SUL 01_2023","CAIXA DE EQUALIZAÇÃO PARA USO INTERNO COM 9 TERMINAIS 210X210X90MM EM AÇO","U",200.21,200.21,"6.12",249.60180700000001,249.6]
[null,null,null,2681,"ELETRODUTO DE PVC RIGIDO ROSCAVEL DE 2 \", SEM LUVA","M",8,20.239999999999998,"BDI1","","SINAPI 05_2023","ELETRODUTO DE PVC RIGIDO ROSCAVEL DE 2 \", SEM LUVA","M",20.239999999999998,161.91999999999999,"6.13",25.233207999999998,201.84]
[null,null,null,1894,"LUVA EM PVC RIGIDO ROSCAVEL, DE 2\", PARA ELETRODUTO","UN",8,5.93,"BDI1","","SINAPI 05_2023","LUVA EM PVC RIGIDO ROSCAVEL, DE 2\", PARA ELETRODUTO","UN",5.93,47.44,"6.14",7.392930999999999,59.12]
[null,null,null,39132,"ABRACADEIRA EM ACO PARA AMARRACAO DE ELETRODUTOS, TIPO D, COM 2\" E CUNHA DE FIXACAO","UN",16,4.1900000000000004,"BDI1","","SINAPI 05_2023","ABRACADEIRA EM ACO PARA AMARRACAO DE ELETRODUTOS, TIPO D, COM 2\" E CUNHA DE FIXACAO","UN",4.1900000000000004,67.040000000000006,"6.15",5.2236729999999998,83.52]
[6,null,null,null,"EQUIPAMENTOS (CONFORME RELAÇÃODE EQUIPAMENTOS E PROJETOS IPI INCLUSO)",null,null,null,null,"","","","",null,223115,"7",null,278157.46999999997]
[null,null,null,"COT-001","QGBT 440V","UN",1,null,"BDI1","","COTAÇÕES","QGBT 440V","UN",18100,18100,"7.1",22565.269999999997,22565.27]
[null,null,null,"COT-002","QDC 220V","UN",1,null,"BDI1","","COTAÇÕES","QDC 220V","UN",2510,2510,"7.2",3129.2169999999996,3129.22]
[null,null,null,"COT-003","PDA (PAINEL DE AUTOMAÇÃO COM CLP)","UN",1,null,"BDI1","","COTAÇÕES","PDA (PAINEL DE AUTOMAÇÃO COM CLP)","UN",26850,26850,"7.3",33473.894999999997,33473.89]
[null,null,null,"COT-004","QCM-01 50CV/440V - INVERSOR DE FREQUÊNCIA TRIFÁSICO 76A","UN",1,null,"BDI1","","COTAÇÕES","QCM-01 50 CV/440V INVERSOR DE FREQUENCIA TRIFÁSICO 76A","UN",43380,43380,"7.4",54081.845999999998,54081.85]
[null,null,null,"COT-005","QCM-02 50CV/440V - INVERSOR DE FREQUÊNCIA TRIFÁSICO 76A","UN",1,null,"BDI1","","COTAÇÕES","QCM-02 50CV/440V - INVERSOR DE FREQUÊNCIA TRIFÁSICO 76A","UN",43380,43380,"7.5",54081.845999999998,54081.85]
[null,null,null,"COT-006","SENSOR DE NÍVEL HIDROSTÁTICO 0~10 METROS, SAÍDA 4~20MA","UN",1,null,"BDI1","","COTAÇÕES","SENSOR DE NÍVEL HIDROSTÁTICO 0~10 METROS, SAÍDA 4~20MA","UN",1838,1838,"7.6",2291.4346,2291.4299999999998]
[null,null,null,"COT-007","SISTEMA DE RADIO ENLACE PARA COMUNICAÇÃO EAB/ETA","UN",2,null,"BDI1","","COTAÇÕES","SISTEMA DE RÁDIO ENLACE PARA COMUNICAÇÃO EAB/ETA","CJ",25915,51830,"7.7",32308.230499999998,64616.46]
[null,null,null,"COT-008","TRANSFORMADOR 112,5 KVA - 13,8KV/0,44KV -15KV","UN",1,null,"BDI1","","COTAÇÕES","TRANSFORMADOR 112,5 KVA - 13,8KV/0,44KV - 15KV","UN",29016,29016,"7.8",36174.247199999998,36174.25]
[null,null,null,"COT-009","TRANSFORMADOR 15KVA - 0,44KV/0,22KV - 1KV","UN",1,null,"BDI1","","COTAÇÕES","TRASFORMADOR 15 KVA - 0,44V/0,22KV - 1KV","UN",6211,6211,"7.9",7743.2536999999993,7743.25]
[7,null,null,null,"MÃO DE OBRA REFERENTE AS INSTALAÇÕES",null,null,null,null,"","","","",null,47250.559999999998,"8",null,58907.520000000011]
[null,1,null,null,"EQUIPAMENTOS E PAINÉIS ELÉTRICOS",null,null,null,null,"","","","",null,16875.2,"8.1",null,21038.400000000001]
[null,null,null,4083,"ENCARREGADO GERAL DE OBRAS (HORISTA)","H",160,54.04,"BDI1","","SINAPI 05_2023","ENCARREGADO GERAL DE OBRAS (HORISTA)","H",54.04,8646.4,"8.1.1",67.371668,10779.2]
[null,null,null,2436,"ELETRICISTA (HORISTA)","H",160,21.35,"BDI1","","SINAPI 05_2023","ELETRICISTA (HORISTA)","H",21.35,3416,"8.1.2",26.617045000000001,4259.2]
[null,null,null,247,"AJUDANTE DE ELETRICISTA (HORISTA)","H",160,16.09,"BDI1","","SINAPI 05_2023","AJUDANTE DE ELETRICISTA (HORISTA)","H",16.09,2574.4,"8.1.3",20.059403,3209.6]
[null,null,null,6111,"SERVENTE DE OBRAS","H",160,13.99,"BDI1","","SINAPI 05_2023","SERVENTE DE OBRAS","H",13.99,2238.4,"8.1.4",17.441333,2790.4]
[null,2,null,null,"SUBESTAÇÃO ABRIGADA Nº 05 CEMIG",null,null,null,null,"","","","",null,10547,"8.2",null,13149]
[null,null,null,4083,"ENCARREGADO GERAL DE OBRAS (HORISTA)","H",100,54.04,"BDI1","","SINAPI 05_2023","ENCARREGADO GERAL DE OBRAS (HORISTA)","H",54.04,5404,"8.2.1",67.371668,6737]
[null,null,null,2436,"ELETRICISTA (HORISTA)","H",100,21.35,"BDI1","","SINAPI 05_2023","ELETRICISTA (HORISTA)","H",21.35,2135,"8.2.2",26.617045000000001,2662]
[null,null,null,247,"AJUDANTE DE ELETRICISTA (HORISTA)","H",100,16.09,"BDI1","","SINAPI 05_2023","AJUDANTE DE ELETRICISTA (HORISTA)","H",16.09,1609,"8.2.3",20.059403,2006]
[null,null,null,6111,"SERVENTE DE OBRAS","H",100,13.99,"BDI1","","SINAPI 05_2023","SERVENTE DE OBRAS","H",13.99,1399,"8.2.4",17.441333,1744]
[null,3,null,null," DISTRIBUIÇÃO DE FORÇA E CONTROLE E ILUMINAÇÃO EXTERNO",null,null,null,null,"","","","",null,8437.6,"8.3",null,10519.2]
[null,null,null,4083,"ENCARREGADO GERAL DE OBRAS (HORISTA)","H",80,54.04,"BDI1","","SINAPI 05_2023","ENCARREGADO GERAL DE OBRAS (HORISTA)","H",54.04,4323.2,"8.3.1",67.371668,5389.6]
[null,null,null,2436,"ELETRICISTA (HORISTA)","H",80,21.35,"BDI1","","SINAPI 05_2023","ELETRICISTA (HORISTA)","H",21.35,1708,"8.3.2",26.617045000000001,2129.6]
[null,null,null,247,"AJUDANTE DE ELETRICISTA (HORISTA)","H",80,16.09,"BDI1","","SINAPI 05_2023","AJUDANTE DE ELETRICISTA (HORISTA)","H",16.09,1287.2,"8.3.3",20.059403,1604.8]
[null,null,null,6111,"SERVENTE DE OBRAS","H",80,13.99,"BDI1","","SINAPI 05_2023","SERVENTE DE OBRAS","H",13.99,1119.2,"8.3.4",17.441333,1395.2]
[null,4,null,null,"DISTRIBUIÇÃO DE FORÇA E CONTROLE E ILUMINAÇÃO INTERNO (SALA ELÉTRICA)",null,null,null,null,"","","","",null,5062.5599999999995,"8.4",null,6311.52]
[null,null,null,4083,"ENCARREGADO GERAL DE OBRAS (HORISTA)","H",48,54.04,"BDI1","","SINAPI 05_2023","ENCARREGADO GERAL DE OBRAS (HORISTA)","H",54.04,2593.92,"8.4.1",67.371668,3233.76]
[null,null,null,2436,"ELETRICISTA (HORISTA)","H",48,21.35,"BDI1","","SINAPI 05_2023","ELETRICISTA (HORISTA)","H",21.35,1024.8,"8.4.2",26.617045000000001,1277.76]
[null,null,null,247,"AJUDANTE DE ELETRICISTA (HORISTA)","H",48,16.09,"BDI1","","SINAPI 05_2023","AJUDANTE DE ELETRICISTA (HORISTA)","H",16.09,772.32,"8.4.3",20.059403,962.88]
[null,null,null,6111,"SERVENTE DE OBRAS","H",48,13.99,"BDI1","","SINAPI 05_2023","SERVENTE DE OBRAS","H",13.99,671.52,"8.4.4",17.441333,837.12]
[null,5,null,null,"SISTEMA DE ATERRAMENTO E SPDA",null,null,null,null,"","","","",null,6328.1999999999989,"8.5",null,7889.4]
[null,null,null,4083,"ENCARREGADO GERAL DE OBRAS (HORISTA)","H",60,54.04,"BDI1","","SINAPI 05_2023","ENCARREGADO GERAL DE OBRAS (HORISTA)","H",54.04,3242.4,"8.5.1",67.371668,4042.2]
[null,null,null,2436,"ELETRICISTA (HORISTA)","H",60,21.35,"BDI1","","SINAPI 05_2023","ELETRICISTA (HORISTA)","H",21.35,1281,"8.5.2",26.617045000000001,1597.2]
[null,null,null,247,"AJUDANTE DE ELETRICISTA (HORISTA)","H",60,16.09,"BDI1","","SINAPI 05_2023","AJUDANTE DE ELETRICISTA (HORISTA)","H",16.09,965.4,"8.5.3",20.059403,1203.5999999999999]
[null,null,null,6111,"SERVENTE DE OBRAS","H",60,13.99,"BDI1","","SINAPI 05_2023","SERVENTE DE OBRAS","H",13.99,839.4,"8.5.4",17.441333,1046.4000000000001]
[8,null,null,null,"ESTRUTURAL E ALVENARIA SUBSTAÇÃO ELEVATÓRIA",null,null,null,null,"","","","",null,101837.90000000001,"9",null,126960.88999999998]
[null,1,null,null,"IDENTIFICAÇÃO DA OBRA",null,null,null,null,"","","","",null,1419.25,"9.1",null,1769.38]
[null,null,null,"ED-28427","FORNECIMENTO E COLOCAÇÃO DE PLACA DE OBRA EM CHAPA GALVANIZADA #26, ESP. 0,45MM, DIMENSÃO (3X1,5)M, PLOTADA COM ADESIVO VINÍLICO, AFIXADA COM REBITES 4,8X40MM, EM ESTRUTURA METÁLICA DE METALON 20X20MM, ESP. 1,25MM, INCLUSIVE SUPORTE EM EUCALIPTO AUTOCLAVADO PINTADO COM TINTA PVA DUAS (2) DEMÃOS","UN",1,1419.25,"BDI1","","SEINFRA SUL 01_2023","FORNECIMENTO E COLOCAÇÃO DE PLACA DE OBRA EM CHAPA GALVANIZADA #26, ESP. 0,45MM, DIMENSÃO (3X1,5)M, PLOTADA COM ADESIVO VINÍLICO, AFIXADA COM REBITES 4,8X40MM, EM ESTRUTURA METÁLICA DE METALON 20X20MM, ESP. 1,25MM, INCLUSIVE SUPORTE EM EUCALIPTO AUTOCLAVADO PINTADO COM TINTA PVA DUAS (2) DEMÃOS","UN",1419.25,1419.25,"9.1.1",1769.3789749999999,1769.38]
[null,2,null,null,"INFRAESTRUTUA",null,null,null,null,"","","","",null,57598.83,"9.2",null,71808.509999999995]
[null,null,1,null,"ESTACAS/BROCAS",null,null,null,null,"","","","",null,46575.7,"9.2.1",null,58065.56]
[null,null,null,"ED-19753","MOBILIZAÇÃO E DESMOBILIZAÇÃO DE EQUIPAMENTO PARA ESTACA TIPO HÉLICE CONTÍNUA  (CUSTO FIXO), INCLUSIVE CARGA E DESGARGA, EXCLUSIVE TRANSPORTE EM QUILÔMETRO RODADO (CUSTO VARIÁVEL)","UN",1,19566.46,"BDI1","","SEINFRA SUL 01_2023","MOBILIZAÇÃO E DESMOBILIZAÇÃO DE EQUIPAMENTO PARA ESTACA TIPO HÉLICE CONTÍNUA  (CUSTO FIXO), INCLUSIVE CARGA E DESGARGA, EXCLUSIVE TRANSPORTE EM QUILÔMETRO RODADO (CUSTO VARIÁVEL)","UN",19566.46,19566.46,"9.2.1.1",24393.505681999999,24393.51]
[null,null,null,100651,"ESTACA HÉLICE CONTÍNUA, DIÂMETRO DE 30 CM, INCLUSO CONCRETO FCK=30MPA E ARMADURA MÍNIMA (EXCLUSIVE BOMBEAMENTO, MOBILIZAÇÃO E DESMOBILIZAÇÃO). AF_12/2019_PA","M",168,146.27000000000001,"BDI1","","SINAPI 05_2023","ESTACA HÉLICE CONTÍNUA, DIÂMETRO DE 30 CM, INCLUSO CONCRETO FCK=30MPA E ARMADURA MÍNIMA (EXCLUSIVE BOMBEAMENTO, MOBILIZAÇÃO E DESMOBILIZAÇÃO). AF_12/2019_PA","M",146.27000000000001,24573.360000000001,"9.2.1.2",182.35480899999999,30634.799999999999]
[null,null,null,92915,"ARMAÇÃO DE ESTRUTURAS DIVERSAS DE CONCRETO ARMADO, EXCETO VIGAS, PILARES, LAJES E FUNDAÇÕES, UTILIZANDO AÇO CA-60 DE 5,0 MM - MONTAGEM. AF_06/2022","KG",26.2,17.16,"BDI1","","SINAPI 05_2023","ARMAÇÃO DE ESTRUTURAS DIVERSAS DE CONCRETO ARMADO, EXCETO VIGAS, PILARES, LAJES E FUNDAÇÕES, UTILIZANDO AÇO CA-60 DE 5,0 MM - MONTAGEM. AF_06/2022","KG",17.16,449.59,"9.2.1.3",21.393371999999999,560.41999999999996]
[null,null,null,92919,"ARMAÇÃO DE ESTRUTURAS DIVERSAS DE CONCRETO ARMADO, EXCETO VIGAS, PILARES, LAJES E FUNDAÇÕES, UTILIZANDO AÇO CA-50 DE 10,0 MM - MONTAGEM. AF_06/2022","KG",114,12.61,"BDI1","","SINAPI 05_2023","ARMAÇÃO DE ESTRUTURAS DIVERSAS DE CONCRETO ARMADO, EXCETO VIGAS, PILARES, LAJES E FUNDAÇÕES, UTILIZANDO AÇO CA-50 DE 10,0 MM - MONTAGEM. AF_06/2022","KG",12.61,1437.54,"9.2.1.4",15.720886999999998,1792.08]
[null,null,null,100977,"CARGA, MANOBRA E DESCARGA DE SOLOS E MATERIAIS GRANULARES EM CAMINHÃO BASCULANTE 6 M³ - CARGA COM ESCAVADEIRA HIDRÁULICA (CAÇAMBA DE 1,20 M³ / 155 HP) E DESCARGA LIVRE (UNIDADE: M3). AF_07/2020","M3",11.88,6.9,"BDI1","","SINAPI 05_2023","CARGA, MANOBRA E DESCARGA DE SOLOS E MATERIAIS GRANULARES EM CAMINHÃO BASCULANTE 6 M³ - CARGA COM ESCAVADEIRA HIDRÁULICA (CAÇAMBA DE 1,20 M³ / 155 HP) E DESCARGA LIVRE (UNIDADE: M3). AF_07/2020","M3",6.9,81.97,"9.2.1.5",8.6022300000000005,102.17]
[null,null,null,97914,"TRANSPORTE COM CAMINHÃO BASCULANTE DE 6 M³, EM VIA URBANA PAVIMENTADA, DMT ATÉ 30 KM (UNIDADE: M3XKM). AF_07/2020","M3XKM",178.16,2.62,"BDI1","","SINAPI 05_2023","TRANSPORTE COM CAMINHÃO BASCULANTE DE 6 M³, EM VIA URBANA PAVIMENTADA, DMT ATÉ 30 KM (UNIDADE: M3XKM). AF_07/2020","M3XKM",2.62,466.78,"9.2.1.6",3.2663539999999998,582.58000000000004]
[null,null,2,null,"BLOCOS DE FUNDAÇÃO",null,null,null,null,"","","","",null,5810.54,"9.2.2",null,7243.99]
[null,null,null,96523,"ESCAVAÇÃO MANUAL PARA BLOCO DE COROAMENTO OU SAPATA (INCLUINDO ESCAVAÇÃO PARA COLOCAÇÃO DE FÔRMAS). AF_06/2017","M3",1.94,92.95,"BDI1","","SINAPI 05_2023","ESCAVAÇÃO MANUAL PARA BLOCO DE COROAMENTO OU SAPATA (INCLUINDO ESCAVAÇÃO PARA COLOCAÇÃO DE FÔRMAS). AF_06/2017","M3",92.95,180.32,"9.2.2.1",115.880765,224.81]
[null,null,null,96540,"FABRICAÇÃO, MONTAGEM E DESMONTAGEM DE FÔRMA PARA BLOCO DE COROAMENTO, EM CHAPA DE MADEIRA COMPENSADA RESINADA, E=17 MM, 4 UTILIZAÇÕES. AF_06/2017","M2",11.52,143.9,"BDI1","","SINAPI 05_2023","FABRICAÇÃO, MONTAGEM E DESMONTAGEM DE FÔRMA PARA BLOCO DE COROAMENTO, EM CHAPA DE MADEIRA COMPENSADA RESINADA, E=17 MM, 4 UTILIZAÇÕES. AF_06/2017","M2",143.9,1657.73,"9.2.2.2",179.40012999999999,2066.69]
[null,null,null,100324,"LASTRO COM MATERIAL GRANULAR (PEDRA BRITADA N.1 E PEDRA BRITADA N.2), APLICADO EM PISOS OU LAJES SOBRE SOLO, ESPESSURA DE *10 CM*. AF_07/2019","M3",0.54,158.05000000000001,"BDI1","","SINAPI 05_2023","LASTRO COM MATERIAL GRANULAR (PEDRA BRITADA N.1 E PEDRA BRITADA N.2), APLICADO EM PISOS OU LAJES SOBRE SOLO, ESPESSURA DE *10 CM*. AF_07/2019","M3",158.05000000000001,85.35,"9.2.2.3",197.04093499999999,106.4]
[null,null,null,96545,"ARMAÇÃO DE BLOCO, VIGA BALDRAME OU SAPATA UTILIZANDO AÇO CA-50 DE 8 MM - MONTAGEM. AF_06/2017","KG",130.30000000000001,15.2,"BDI1","","SINAPI 05_2023","ARMAÇÃO DE BLOCO, VIGA BALDRAME OU SAPATA UTILIZANDO AÇO CA-50 DE 8 MM - MONTAGEM. AF_06/2017","KG",15.2,1980.56,"9.2.2.4",18.949839999999998,2469.1799999999998]
[null,null,null,96557,"CONCRETAGEM DE BLOCOS DE COROAMENTO E VIGAS BALDRAMES, FCK 30 MPA, COM USO DE BOMBA \u0096 LANÇAMENTO, ADENSAMENTO E ACABAMENTO. AF_06/2017","M3",1.94,747.04,"BDI1","","SINAPI 05_2023","CONCRETAGEM DE BLOCOS DE COROAMENTO E VIGAS BALDRAMES, FCK 30 MPA, COM USO DE BOMBA \u0096 LANÇAMENTO, ADENSAMENTO E ACABAMENTO. AF_06/2017","M3",747.04,1449.26,"9.2.2.5",931.33476799999994,1806.78]
[null,null,null,98562,"IMPERMEABILIZAÇÃO DE FLOREIRA OU VIGA BALDRAME COM ARGAMASSA DE CIMENTO E AREIA, COM ADITIVO IMPERMEABILIZANTE, E = 2 CM. AF_06/2018","M2",5.4,43.18,"BDI1","","SINAPI 05_2023","IMPERMEABILIZAÇÃO DE FLOREIRA OU VIGA BALDRAME COM ARGAMASSA DE CIMENTO E AREIA, COM ADITIVO IMPERMEABILIZANTE, E = 2 CM. AF_06/2018","M2",43.18,233.17,"9.2.2.6",53.832505999999995,290.68]
[null,null,null,98557,"IMPERMEABILIZAÇÃO DE SUPERFÍCIE COM EMULSÃO ASFÁLTICA, 2 DEMÃOS AF_06/2018","M2",5.4,41.51,"BDI1","","SINAPI 05_2023","IMPERMEABILIZAÇÃO DE SUPERFÍCIE COM EMULSÃO ASFÁLTICA, 2 DEMÃOS AF_06/2018","M2",41.51,224.15,"9.2.2.7",51.750516999999995,279.45]
[null,null,3,null,"VIGAS",null,null,null,null,"","","","",null,5212.5900000000011,"9.2.3",null,6498.96]
[null,null," ",96527,"ESCAVAÇÃO MANUAL DE VALA PARA VIGA BALDRAME (INCLUINDO ESCAVAÇÃO PARA COLOCAÇÃO DE FÔRMAS). AF_06/2017","M3",1.45,121.8,"BDI1","","SINAPI 05_2023","ESCAVAÇÃO MANUAL DE VALA PARA VIGA BALDRAME (INCLUINDO ESCAVAÇÃO PARA COLOCAÇÃO DE FÔRMAS). AF_06/2017","M3",121.8,176.61,"9.2.3.1",151.84805999999998,220.18]
[null,null,null,96542,"FABRICAÇÃO, MONTAGEM E DESMONTAGEM DE FÔRMA PARA VIGA BALDRAME, EM CHAPA DE MADEIRA COMPENSADA RESINADA, E=17 MM, 4 UTILIZAÇÕES. AF_06/2017","M2",20.100000000000001,92.29,"BDI1","","SINAPI 05_2023","FABRICAÇÃO, MONTAGEM E DESMONTAGEM DE FÔRMA PARA VIGA BALDRAME, EM CHAPA DE MADEIRA COMPENSADA RESINADA, E=17 MM, 4 UTILIZAÇÕES. AF_06/2017","M2",92.29,1855.03,"9.2.3.2",115.05794299999999,2312.71]
[null,null,null,100324,"LASTRO COM MATERIAL GRANULAR (PEDRA BRITADA N.1 E PEDRA BRITADA N.2), APLICADO EM PISOS OU LAJES SOBRE SOLO, ESPESSURA DE *10 CM*. AF_07/2019","M3",0.48,158.05000000000001,"BDI1","","SINAPI 05_2023","LASTRO COM MATERIAL GRANULAR (PEDRA BRITADA N.1 E PEDRA BRITADA N.2), APLICADO EM PISOS OU LAJES SOBRE SOLO, ESPESSURA DE *10 CM*. AF_07/2019","M3",158.05000000000001,75.86,"9.2.3.3",197.04093499999999,94.58]
[null,null,null,96546,"ARMAÇÃO DE BLOCO, VIGA BALDRAME OU SAPATA UTILIZANDO AÇO CA-50 DE 10 MM - MONTAGEM. AF_06/2017","KG",60.6,13.44,"BDI1","","SINAPI 05_2023","ARMAÇÃO DE BLOCO, VIGA BALDRAME OU SAPATA UTILIZANDO AÇO CA-50 DE 10 MM - MONTAGEM. AF_06/2017","KG",13.44,814.46,"9.2.3.4",16.755647999999997,1015.66]
[null,null,null,96547,"ARMAÇÃO DE BLOCO, VIGA BALDRAME OU SAPATA UTILIZANDO AÇO CA-50 DE 12,5 MM - MONTAGEM. AF_06/2017","KG",29,11.33,"BDI1","","SINAPI 05_2023","ARMAÇÃO DE BLOCO, VIGA BALDRAME OU SAPATA UTILIZANDO AÇO CA-50 DE 12,5 MM - MONTAGEM. AF_06/2017","KG",11.33,328.57,"9.2.3.5",14.125110999999999,409.77]
[null,null,null,96543,"ARMAÇÃO DE BLOCO, VIGA BALDRAME E SAPATA UTILIZANDO AÇO CA-60 DE 5 MM - MONTAGEM. AF_06/2017","KG",26.1,18,"BDI1","","SINAPI 05_2023","ARMAÇÃO DE BLOCO, VIGA BALDRAME E SAPATA UTILIZANDO AÇO CA-60 DE 5 MM - MONTAGEM. AF_06/2017","KG",18,469.8,"9.2.3.6",22.4406,585.67999999999995]
[null,null,null,96557,"CONCRETAGEM DE BLOCOS DE COROAMENTO E VIGAS BALDRAMES, FCK 30 MPA, COM USO DE BOMBA \u0096 LANÇAMENTO, ADENSAMENTO E ACABAMENTO. AF_06/2017","M3",1.45,747.04,"BDI1","","SINAPI 05_2023","CONCRETAGEM DE BLOCOS DE COROAMENTO E VIGAS BALDRAMES, FCK 30 MPA, COM USO DE BOMBA \u0096 LANÇAMENTO, ADENSAMENTO E ACABAMENTO. AF_06/2017","M3",747.04,1083.21,"9.2.3.7",931.33476799999994,1350.43]
[null,null,null,98557,"IMPERMEABILIZAÇÃO DE SUPERFÍCIE COM EMULSÃO ASFÁLTICA, 2 DEMÃOS AF_06/2018","M2",4.83,41.51,"BDI1","","SINAPI 05_2023","IMPERMEABILIZAÇÃO DE SUPERFÍCIE COM EMULSÃO ASFÁLTICA, 2 DEMÃOS AF_06/2018","M2",41.51,200.49,"9.2.3.8",51.750516999999995,249.95]
[null,null,null,98562,"IMPERMEABILIZAÇÃO DE FLOREIRA OU VIGA BALDRAME COM ARGAMASSA DE CIMENTO E AREIA, COM ADITIVO IMPERMEABILIZANTE, E = 2 CM. AF_06/2018","M2",4.83,43.18,"BDI1","","SINAPI 05_2023","IMPERMEABILIZAÇÃO DE FLOREIRA OU VIGA BALDRAME COM ARGAMASSA DE CIMENTO E AREIA, COM ADITIVO IMPERMEABILIZANTE, E = 2 CM. AF_06/2018","M2",43.18,208.56,"9.2.3.9",53.832505999999995,260]
[null,2,null,null,"SUPRAESTRUTURA",null,null,null,null,"","","","",null,13352.08,"9.3",null,16646.599999999999]
[null,null,1,null,"PILARES",null,null,null,null,"","","","",null,3499.5499999999997,"9.3.1",null,4363.28]
[null,null,null,92443,"MONTAGEM E DESMONTAGEM DE FÔRMA DE PILARES RETANGULARES E ESTRUTURAS SIMILARES, PÉ-DIREITO SIMPLES, EM CHAPA DE MADEIRA COMPENSADA PLASTIFICADA, 18 UTILIZAÇÕES. AF_09/2020","M2",15.6,46.56,"BDI1","","SINAPI 05_2023","MONTAGEM E DESMONTAGEM DE FÔRMA DE PILARES RETANGULARES E ESTRUTURAS SIMILARES, PÉ-DIREITO SIMPLES, EM CHAPA DE MADEIRA COMPENSADA PLASTIFICADA, 18 UTILIZAÇÕES. AF_09/2020","M2",46.56,726.34,"9.3.1.1",58.046351999999999,905.58]
[null,null,null,104108,"ARMAÇÃO DE PILAR OU VIGA DE ESTRUTURA DE CONCRETO ARMADO EMBUTIDA EM ALVENARIA DE VEDAÇÃO UTILIZANDO AÇO CA-50 DE 10,0 MM - MONTAGEM. AF_06/2022","KG",36.799999999999997,13.36,"BDI1","","SINAPI 05_2023","ARMAÇÃO DE PILAR OU VIGA DE ESTRUTURA DE CONCRETO ARMADO EMBUTIDA EM ALVENARIA DE VEDAÇÃO UTILIZANDO AÇO CA-50 DE 10,0 MM - MONTAGEM. AF_06/2022","KG",13.36,491.65,"9.3.1.2",16.655911999999997,613.09]
[null,null,null,104107,"ARMAÇÃO DE PILAR OU VIGA DE ESTRUTURA DE CONCRETO ARMADO EMBUTIDA EM ALVENARIA DE VEDAÇÃO UTILIZANDO AÇO CA-50 DE 12,5 MM - MONTAGEM. AF_06/2022","KG",51,11.31,"BDI1","","SINAPI 05_2023","ARMAÇÃO DE PILAR OU VIGA DE ESTRUTURA DE CONCRETO ARMADO EMBUTIDA EM ALVENARIA DE VEDAÇÃO UTILIZANDO AÇO CA-50 DE 12,5 MM - MONTAGEM. AF_06/2022","KG",11.31,576.80999999999995,"9.3.1.3",14.100177,719.1]
[null,null,null,104106,"ARMAÇÃO DE PILAR OU VIGA DE ESTRUTURA DE CONCRETO ARMADO EMBUTIDA EM ALVENARIA DE VEDAÇÃO UTILIZANDO AÇO CA-50 DE 16,0 MM - MONTAGEM. AF_06/2022","KG",8,10.65,"BDI1","","SINAPI 05_2023","ARMAÇÃO DE PILAR OU VIGA DE ESTRUTURA DE CONCRETO ARMADO EMBUTIDA EM ALVENARIA DE VEDAÇÃO UTILIZANDO AÇO CA-50 DE 16,0 MM - MONTAGEM. AF_06/2022","KG",10.65,85.2,"9.3.1.4",13.277355,106.24]
[null,null,null,104111,"ARMAÇÃO DE PILAR OU VIGA DE ESTRUTURA DE CONCRETO ARMADO EMBUTIDA EM ALVENARIA DE VEDAÇÃO UTILIZANDO AÇO CA-60 DE 5,0 MM - MONTAGEM. AF_06/2022","KG",51,20.7,"BDI1","","SINAPI 05_2023","ARMAÇÃO DE PILAR OU VIGA DE ESTRUTURA DE CONCRETO ARMADO EMBUTIDA EM ALVENARIA DE VEDAÇÃO UTILIZANDO AÇO CA-60 DE 5,0 MM - MONTAGEM. AF_06/2022","KG",20.7,1055.7,"9.3.1.5",25.806689999999996,1316.31]
[null,null,null,"ED-49788","FORNECIMENTO DE CONCRETO ESTRUTURAL, PREPARADO EM OBRA COM BETONEIRA, COM FCK 30MPA, INCLUSIVE LANÇAMENTO, ADENSAMENTO E ACABAMENTO (FUNDAÇÃO)","M3",0.74,761.96,"BDI1","","SEINFRA SUL 01_2023","FORNECIMENTO DE CONCRETO ESTRUTURAL, PREPARADO EM OBRA COM BETONEIRA, COM FCK 30MPA, INCLUSIVE LANÇAMENTO, ADENSAMENTO E ACABAMENTO (FUNDAÇÃO)","M3",761.96,563.85,"9.3.1.6",949.93553199999997,702.96]
[null,null,2,null,"VIGAS",null,null,null,null,"","","","",null,3220.8500000000004,"9.3.2",null,4015.6500000000005]
[null,null,null,92480,"MONTAGEM E DESMONTAGEM DE FÔRMA DE VIGA, ESCORAMENTO METÁLICO, PÉ-DIREITO SIMPLES, EM CHAPA DE MADEIRA PLASTIFICADA, 18 UTILIZAÇÕES. AF_09/2020","M2",12.43,83.06,"BDI1","","SINAPI 05_2023","MONTAGEM E DESMONTAGEM DE FÔRMA DE VIGA, ESCORAMENTO METÁLICO, PÉ-DIREITO SIMPLES, EM CHAPA DE MADEIRA PLASTIFICADA, 18 UTILIZAÇÕES. AF_09/2020","M2",83.06,1032.44,"9.3.2.1",103.55090199999999,1287.1300000000001]
[null,null,null,104108,"ARMAÇÃO DE PILAR OU VIGA DE ESTRUTURA DE CONCRETO ARMADO EMBUTIDA EM ALVENARIA DE VEDAÇÃO UTILIZANDO AÇO CA-50 DE 10,0 MM - MONTAGEM. AF_06/2022","KG",42.3,13.36,"BDI1","","SINAPI 05_2023","ARMAÇÃO DE PILAR OU VIGA DE ESTRUTURA DE CONCRETO ARMADO EMBUTIDA EM ALVENARIA DE VEDAÇÃO UTILIZANDO AÇO CA-50 DE 10,0 MM - MONTAGEM. AF_06/2022","KG",13.36,565.13,"9.3.2.2",16.655911999999997,704.72]
[null,null,null,104107,"ARMAÇÃO DE PILAR OU VIGA DE ESTRUTURA DE CONCRETO ARMADO EMBUTIDA EM ALVENARIA DE VEDAÇÃO UTILIZANDO AÇO CA-50 DE 12,5 MM - MONTAGEM. AF_06/2022","KG",31.1,11.31,"BDI1","","SINAPI 05_2023","ARMAÇÃO DE PILAR OU VIGA DE ESTRUTURA DE CONCRETO ARMADO EMBUTIDA EM ALVENARIA DE VEDAÇÃO UTILIZANDO AÇO CA-50 DE 12,5 MM - MONTAGEM. AF_06/2022","KG",11.31,351.74,"9.3.2.3",14.100177,438.51]
[null,null,null,104111,"ARMAÇÃO DE PILAR OU VIGA DE ESTRUTURA DE CONCRETO ARMADO EMBUTIDA EM ALVENARIA DE VEDAÇÃO UTILIZANDO AÇO CA-60 DE 5,0 MM - MONTAGEM. AF_06/2022","KG",20.2,20.7,"BDI1","","SINAPI 05_2023","ARMAÇÃO DE PILAR OU VIGA DE ESTRUTURA DE CONCRETO ARMADO EMBUTIDA EM ALVENARIA DE VEDAÇÃO UTILIZANDO AÇO CA-60 DE 5,0 MM - MONTAGEM. AF_06/2022","KG",20.7,418.14,"9.3.2.4",25.806689999999996,521.36]
[null,null,null,"ED-49788","FORNECIMENTO DE CONCRETO ESTRUTURAL, PREPARADO EM OBRA COM BETONEIRA, COM FCK 30MPA, INCLUSIVE LANÇAMENTO, ADENSAMENTO E ACABAMENTO (FUNDAÇÃO)","M3",1.1200000000000001,761.96,"BDI1","","SEINFRA SUL 01_2023","FORNECIMENTO DE CONCRETO ESTRUTURAL, PREPARADO EM OBRA COM BETONEIRA, COM FCK 30MPA, INCLUSIVE LANÇAMENTO, ADENSAMENTO E ACABAMENTO (FUNDAÇÃO)","M3",761.96,853.4,"9.3.2.5",949.93553199999997,1063.93]
[null,null,3,null,"LAJE RESPALDO",null,null,null,null,"","","","",null,6631.68,"9.3.3",null,8267.67]
[null,null,null,"ED-50258","LAJE PRÉ-MOLDADA UNIDIRECIONAL COM ENCHIMENTO EM POLIESTIRENO EXPANDIDO (EPS), CAPEAMENTO DE 4CM, SOBRECARGA DE 250KG/M2, ALTURA TOTAL DE 11CM E VÃO LIVRE MÁXIMO DE 5M, INCLUSIVE CONCRETO ESTRUTURAL, USINADO BOMBEADO COM FCK DE 20MPA, EXCLUSIVE TELA ARMADA E CIMBRAMENTO","M2",24.5,189.44,"BDI1","","SEINFRA SUL 01_2023","LAJE PRÉ-MOLDADA UNIDIRECIONAL COM ENCHIMENTO EM POLIESTIRENO EXPANDIDO (EPS), CAPEAMENTO DE 4CM, SOBRECARGA DE 250KG/M2, ALTURA TOTAL DE 11CM E VÃO LIVRE MÁXIMO DE 5M, INCLUSIVE CONCRETO ESTRUTURAL, USINADO BOMBEADO COM FCK DE 20MPA, EXCLUSIVE TELA ARMADA E CIMBRAMENTO","M2",189.44,4641.28,"9.3.3.1",236.17484799999997,5786.16]
[null,null,null,92770,"ARMAÇÃO DE LAJE DE ESTRUTURA CONVENCIONAL DE CONCRETO ARMADO UTILIZANDO AÇO CA-50 DE 8,0 MM - MONTAGEM. AF_06/2022","KG",30.6,12.53,"BDI1","","SINAPI 05_2023","ARMAÇÃO DE LAJE DE ESTRUTURA CONVENCIONAL DE CONCRETO ARMADO UTILIZANDO AÇO CA-50 DE 8,0 MM - MONTAGEM. AF_06/2022","KG",12.53,383.42,"9.3.3.2",15.621150999999998,477.97]
[null,null,null,92771,"ARMAÇÃO DE LAJE DE ESTRUTURA CONVENCIONAL DE CONCRETO ARMADO UTILIZANDO AÇO CA-50 DE 10,0 MM - MONTAGEM. AF_06/2022","KG",4.5999999999999996,11.2,"BDI1","","SINAPI 05_2023","ARMAÇÃO DE LAJE DE ESTRUTURA CONVENCIONAL DE CONCRETO ARMADO UTILIZANDO AÇO CA-50 DE 10,0 MM - MONTAGEM. AF_06/2022","KG",11.2,51.52,"9.3.3.3",13.963039999999998,64.22]
[null,null,null,21141,"TELA DE ACO SOLDADA NERVURADA, CA-60, Q-92, (1,48 KG/M2), DIAMETRO DO FIO = 4,2 MM, LARGURA = 2,45 X 60 M DE COMPRIMENTO, ESPACAMENTO DA MALHA = 15  X 15 CM","M2",24.5,15.16,"BDI1","","SINAPI 05_2023","TELA DE ACO SOLDADA NERVURADA, CA-60, Q-92, (1,48 KG/M2), DIAMETRO DO FIO = 4,2 MM, LARGURA = 2,45 X 60 M DE COMPRIMENTO, ESPACAMENTO DA MALHA = 15  X 15 CM","M2",15.16,371.42,"9.3.3.4",18.899971999999998,463.05]
[null,null,null,"ED-19637","CIMBRAMENTO PARA LAJE PRÉ-MOLDADA COM ESCORAMENTO METÁLICO, TIPO \"A\", ALTURA DE (200 ATÉ 310)CM, INCLUSIVE DESCARGA, MONTAGEM, DESMONTAGEM E CARGA","M2XMÊS",68.599999999999994,17.260000000000002,"BDI1","","SEINFRA SUL 01_2023","CIMBRAMENTO PARA LAJE PRÉ-MOLDADA COM ESCORAMENTO METÁLICO, TIPO \"A\", ALTURA DE (200 ATÉ 310)CM, INCLUSIVE DESCARGA, MONTAGEM, DESMONTAGEM E CARGA","M2XMÊS",17.260000000000002,1184.04,"9.3.3.5",21.518042000000001,1476.27]
[null,3,null,null,"ALVENARIA E PAINÉIS",null,null,null,null,"","","","",null,11973.17,"9.4",null,14926.779999999999]
[null,null,1,null,"ALVENARIA",null,null,null,null,"","","","",null,8522.31,"9.4.1",null,10624.48]
[null,null,null,103327,"ALVENARIA DE VEDAÇÃO DE BLOCOS CERÂMICOS FURADOS NA VERTICAL DE 19X19X39 CM (ESPESSURA 19 CM) E ARGAMASSA DE ASSENTAMENTO COM PREPARO MANUAL. AF_12/2021","M2",93.14,91.5,"BDI1","","SINAPI 05_2023","ALVENARIA DE VEDAÇÃO DE BLOCOS CERÂMICOS FURADOS NA VERTICAL DE 19X19X39 CM (ESPESSURA 19 CM) E ARGAMASSA DE ASSENTAMENTO COM PREPARO MANUAL. AF_12/2021","M2",91.5,8522.31,"9.4.1.1",114.07304999999999,10624.48]
[null,null,2,null,"IMPERMEABILIZAÇÃO",null,null,null,null,"","","","",null,3450.86,"9.4.2",null,4302.3]
[null,null,null,98561,"IMPERMEABILIZAÇÃO DE PAREDES COM ARGAMASSA DE CIMENTO E AREIA, COM ADITIVO IMPERMEABILIZANTE, E = 2CM. AF_06/2018","M2",79.13,43.61,"BDI1","","SINAPI 05_2023","IMPERMEABILIZAÇÃO DE PAREDES COM ARGAMASSA DE CIMENTO E AREIA, COM ADITIVO IMPERMEABILIZANTE, E = 2CM. AF_06/2018","M2",43.61,3450.86,"9.4.2.1",54.368586999999998,4302.3]
[null,4,null,null,"REVESTIMENTOS",null,null,null,null,"","","","",null,17494.570000000003,"9.5",null,21809.62]
[null,null,1,null,"PISO",null,null,null,null,"","","","",null,3176.6099999999997,"9.5.1",null,3960.3500000000004]
[null,null,null,100577,"REGULARIZAÇÃO E COMPACTAÇÃO DE SUBLEITO DE SOLO PREDOMINANTEMENTE ARENOSO. AF_11/2019","M2",22.04,1.1100000000000001,"BDI1","","SINAPI 05_2023","REGULARIZAÇÃO E COMPACTAÇÃO DE SUBLEITO DE SOLO PREDOMINANTEMENTE ARENOSO. AF_11/2019","M2",1.1100000000000001,24.46,"9.5.1.1",1.383837,30.42]
[null,null,null,97087,"CAMADA SEPARADORA PARA EXECUÇÃO DE RADIER, PISO DE CONCRETO OU LAJE SOBRE SOLO, EM LONA PLÁSTICA. AF_09/2021","M2",22.04,2.66,"BDI1","","SINAPI 05_2023","CAMADA SEPARADORA PARA EXECUÇÃO DE RADIER, PISO DE CONCRETO OU LAJE SOBRE SOLO, EM LONA PLÁSTICA. AF_09/2021","M2",2.66,58.63,"9.5.1.2",3.3162219999999998,73.17]
[null,null,null,96624,"LASTRO COM MATERIAL GRANULAR (PEDRA BRITADA N.2), APLICADO EM PISOS OU LAJES SOBRE SOLO, ESPESSURA DE *10 CM*. AF_08/2017","M3",2.2000000000000002,158.38,"BDI1","","SINAPI 05_2023","LASTRO COM MATERIAL GRANULAR (PEDRA BRITADA N.2), APLICADO EM PISOS OU LAJES SOBRE SOLO, ESPESSURA DE *10 CM*. AF_08/2017","M3",158.38,348.44,"9.5.1.3",197.45234599999998,434.39]
[null,null,null,"ED-9319","PISO EM CONCRETO, USINADO CONVENCIONAL, FCK 15MPA, COM TELA SOLDADA NERVURADA TIPO Q-61, ACABAMENTO POLIDO EM NÍVEL ZERO, ESP. 5CM, INCLUSIVE FORNECIMENTO, LANÇAMENTO, ADENSAMENTO, EXCLUSIVE JUNTA DE DILATAÇÃO","M2",22.04,91.85,"BDI1","","SEINFRA SUL 01_2023","PISO EM CONCRETO, USINADO CONVENCIONAL, FCK 15MPA, COM TELA SOLDADA NERVURADA TIPO Q-61, ACABAMENTO POLIDO EM NÍVEL ZERO, ESP. 5CM, INCLUSIVE FORNECIMENTO, LANÇAMENTO, ADENSAMENTO, EXCLUSIVE JUNTA DE DILATAÇÃO","M2",91.85,2024.37,"9.5.1.4",114.50939499999998,2523.8000000000002]
[null,null,null,88477,"CONTRAPISO COM ARGAMASSA AUTONIVELANTE, APLICADO SOBRE LAJE, ADERIDO, ESPESSURA 3CM. AF_07/2021","M2",22.04,32.700000000000003,"BDI1","","SINAPI 05_2023","CONTRAPISO COM ARGAMASSA AUTONIVELANTE, APLICADO SOBRE LAJE, ADERIDO, ESPESSURA 3CM. AF_07/2021","M2",32.700000000000003,720.71,"9.5.1.5",40.767090000000003,898.57]
[null,null,2,null,"PAREDES",null,null,null,null,"","","","",null,12832.240000000002,"9.5.2",null,15997.029999999999]
[null,null,null,87878,"CHAPISCO APLICADO EM ALVENARIAS E ESTRUTURAS DE CONCRETO INTERNAS, COM COLHER DE PEDREIRO.  ARGAMASSA TRAÇO 1:3 COM PREPARO MANUAL. AF_10/2022","M2",174.85,4.72,"BDI1","","SINAPI 05_2023","CHAPISCO APLICADO EM ALVENARIAS E ESTRUTURAS DE CONCRETO INTERNAS, COM COLHER DE PEDREIRO.  ARGAMASSA TRAÇO 1:3 COM PREPARO MANUAL. AF_10/2022","M2",4.72,825.29,"9.5.2.1",5.8844239999999992,1028.1199999999999]
[null,null,null,87825,"EMBOÇO OU MASSA ÚNICA EM ARGAMASSA TRAÇO 1:2:8, PREPARO MECÂNICO COM BETONEIRA 400 L, APLICADA MANUALMENTE NAS PAREDES INTERNAS DA SACADA, ESPESSURA DE 25 MM, SEM USO DE TELA METÁLICA DE REFORÇO CONTRA FISSURAÇÃO. AF_08/2022","M2",174.85,68.67,"BDI1","","SINAPI 05_2023","EMBOÇO OU MASSA ÚNICA EM ARGAMASSA TRAÇO 1:2:8, PREPARO MECÂNICO COM BETONEIRA 400 L, APLICADA MANUALMENTE NAS PAREDES INTERNAS DA SACADA, ESPESSURA DE 25 MM, SEM USO DE TELA METÁLICA DE REFORÇO CONTRA FISSURAÇÃO. AF_08/2022","M2",68.67,12006.95,"9.5.2.2",85.610889,14968.91]
[null,null,3,null,"TETO",null,null,null,null,"","","","",null,1485.72,"9.5.3",null,1852.24]
[null,null,null,87886,"CHAPISCO APLICADO NO TETO OU EM ESTRUTURA, COM DESEMPENADEIRA DENTADA. ARGAMASSA INDUSTRIALIZADA COM PREPARO MANUAL. AF_10/2022","M2",22.04,15.26,"BDI1","","SINAPI 05_2023","CHAPISCO APLICADO NO TETO OU EM ESTRUTURA, COM DESEMPENADEIRA DENTADA. ARGAMASSA INDUSTRIALIZADA COM PREPARO MANUAL. AF_10/2022","M2",15.26,336.33,"9.5.3.1",19.024642,419.2]
[null,null,null,90407,"MASSA ÚNICA, PARA RECEBIMENTO DE PINTURA, EM ARGAMASSA TRAÇO 1:2:8, PREPARO MANUAL, APLICADA MANUALMENTE EM TETO, ESPESSURA DE 20MM, COM EXECUÇÃO DE TALISCAS. AF_03/2015","M2",22.04,52.15,"BDI1","","SINAPI 05_2023","MASSA ÚNICA, PARA RECEBIMENTO DE PINTURA, EM ARGAMASSA TRAÇO 1:2:8, PREPARO MANUAL, APLICADA MANUALMENTE EM TETO, ESPESSURA DE 20MM, COM EXECUÇÃO DE TALISCAS. AF_03/2015","M2",52.15,1149.3900000000001,"9.5.3.2",65.015404999999987,1433.04]
[9,null,null,null,"ELEVATÓRIA",null,null,null,null,"","","","",null,202500.56,"10",null,252453.30999999997]
[null,1,null,null,"INFRAESTRUTURA",null,null,null,null,"","","","",null,133978.56,"10.1",null,167027.24]
[null,null,1,null,"ESTACAS/BROCAS",null,null,null,null,"","","","",null,34739.370000000003,"10.1.1",null,43309.089999999989]
[null,null,null,100651,"ESTACA HÉLICE CONTÍNUA, DIÂMETRO DE 30 CM, INCLUSO CONCRETO FCK=30MPA E ARMADURA MÍNIMA (EXCLUSIVE BOMBEAMENTO, MOBILIZAÇÃO E DESMOBILIZAÇÃO). AF_12/2019_PA","M",216,146.27000000000001,"BDI1","","SINAPI 05_2023","ESTACA HÉLICE CONTÍNUA, DIÂMETRO DE 30 CM, INCLUSO CONCRETO FCK=30MPA E ARMADURA MÍNIMA (EXCLUSIVE BOMBEAMENTO, MOBILIZAÇÃO E DESMOBILIZAÇÃO). AF_12/2019_PA","M",146.27000000000001,31594.32,"10.1.1.1",182.35480899999999,39387.599999999999]
[null,null,null,92915,"ARMAÇÃO DE ESTRUTURAS DIVERSAS DE CONCRETO ARMADO, EXCETO VIGAS, PILARES, LAJES E FUNDAÇÕES, UTILIZANDO AÇO CA-60 DE 5,0 MM - MONTAGEM. AF_06/2022","KG",33.700000000000003,17.16,"BDI1","","SINAPI 05_2023","ARMAÇÃO DE ESTRUTURAS DIVERSAS DE CONCRETO ARMADO, EXCETO VIGAS, PILARES, LAJES E FUNDAÇÕES, UTILIZANDO AÇO CA-60 DE 5,0 MM - MONTAGEM. AF_06/2022","KG",17.16,578.29,"10.1.1.2",21.393371999999999,720.84]
[null,null,null,92919,"ARMAÇÃO DE ESTRUTURAS DIVERSAS DE CONCRETO ARMADO, EXCETO VIGAS, PILARES, LAJES E FUNDAÇÕES, UTILIZANDO AÇO CA-50 DE 10,0 MM - MONTAGEM. AF_06/2022","KG",147.6,12.61,"BDI1","","SINAPI 05_2023","ARMAÇÃO DE ESTRUTURAS DIVERSAS DE CONCRETO ARMADO, EXCETO VIGAS, PILARES, LAJES E FUNDAÇÕES, UTILIZANDO AÇO CA-50 DE 10,0 MM - MONTAGEM. AF_06/2022","KG",12.61,1861.24,"10.1.1.3",15.720886999999998,2320.27]
[null,null,null,100977,"CARGA, MANOBRA E DESCARGA DE SOLOS E MATERIAIS GRANULARES EM CAMINHÃO BASCULANTE 6 M³ - CARGA COM ESCAVADEIRA HIDRÁULICA (CAÇAMBA DE 1,20 M³ / 155 HP) E DESCARGA LIVRE (UNIDADE: M3). AF_07/2020","M3",15.27,6.9,"BDI1","","SINAPI 05_2023","CARGA, MANOBRA E DESCARGA DE SOLOS E MATERIAIS GRANULARES EM CAMINHÃO BASCULANTE 6 M³ - CARGA COM ESCAVADEIRA HIDRÁULICA (CAÇAMBA DE 1,20 M³ / 155 HP) E DESCARGA LIVRE (UNIDADE: M3). AF_07/2020","M3",6.9,105.36,"10.1.1.4",8.6022300000000005,131.32]
[null,null,null,97914,"TRANSPORTE COM CAMINHÃO BASCULANTE DE 6 M³, EM VIA URBANA PAVIMENTADA, DMT ATÉ 30 KM (UNIDADE: M3XKM). AF_07/2020","M3XKM",229.07,2.62,"BDI1","","SINAPI 05_2023","TRANSPORTE COM CAMINHÃO BASCULANTE DE 6 M³, EM VIA URBANA PAVIMENTADA, DMT ATÉ 30 KM (UNIDADE: M3XKM). AF_07/2020","M3XKM",2.62,600.16,"10.1.1.5",3.2663539999999998,749.06]
[null,null,2,null,"BLOCOS DE FUNDAÇÃO",null,null,null,null,"","","","",null,8016.03,"10.1.2",null,9993.6]
[null,null,null,96523,"ESCAVAÇÃO MANUAL PARA BLOCO DE COROAMENTO OU SAPATA (INCLUINDO ESCAVAÇÃO PARA COLOCAÇÃO DE FÔRMAS). AF_06/2017","M3",3.88,92.95,"BDI1","","SINAPI 05_2023","ESCAVAÇÃO MANUAL PARA BLOCO DE COROAMENTO OU SAPATA (INCLUINDO ESCAVAÇÃO PARA COLOCAÇÃO DE FÔRMAS). AF_06/2017","M3",92.95,360.65,"10.1.2.1",115.880765,449.61]
[null,null,null,96540,"FABRICAÇÃO, MONTAGEM E DESMONTAGEM DE FÔRMA PARA BLOCO DE COROAMENTO, EM CHAPA DE MADEIRA COMPENSADA RESINADA, E=17 MM, 4 UTILIZAÇÕES. AF_06/2017","M2",11.52,143.9,"BDI1","","SINAPI 05_2023","FABRICAÇÃO, MONTAGEM E DESMONTAGEM DE FÔRMA PARA BLOCO DE COROAMENTO, EM CHAPA DE MADEIRA COMPENSADA RESINADA, E=17 MM, 4 UTILIZAÇÕES. AF_06/2017","M2",143.9,1657.73,"10.1.2.2",179.40012999999999,2066.69]
[null,null,null,100324,"LASTRO COM MATERIAL GRANULAR (PEDRA BRITADA N.1 E PEDRA BRITADA N.2), APLICADO EM PISOS OU LAJES SOBRE SOLO, ESPESSURA DE *10 CM*. AF_07/2019","M3",0.67,158.05000000000001,"BDI1","","SINAPI 05_2023","LASTRO COM MATERIAL GRANULAR (PEDRA BRITADA N.1 E PEDRA BRITADA N.2), APLICADO EM PISOS OU LAJES SOBRE SOLO, ESPESSURA DE *10 CM*. AF_07/2019","M3",158.05000000000001,105.89,"10.1.2.3",197.04093499999999,132.02000000000001]
[null,null,null,96544,"ARMAÇÃO DE BLOCO, VIGA BALDRAME OU SAPATA UTILIZANDO AÇO CA-50 DE 6,3 MM - MONTAGEM. AF_06/2017","KG",13.7,16.53,"BDI1","","SINAPI 05_2023","ARMAÇÃO DE BLOCO, VIGA BALDRAME OU SAPATA UTILIZANDO AÇO CA-50 DE 6,3 MM - MONTAGEM. AF_06/2017","KG",16.53,226.46,"10.1.2.4",20.607951,282.36]
[null,null,null,96545,"ARMAÇÃO DE BLOCO, VIGA BALDRAME OU SAPATA UTILIZANDO AÇO CA-50 DE 8 MM - MONTAGEM. AF_06/2017","KG",139.69999999999999,15.2,"BDI1","","SINAPI 05_2023","ARMAÇÃO DE BLOCO, VIGA BALDRAME OU SAPATA UTILIZANDO AÇO CA-50 DE 8 MM - MONTAGEM. AF_06/2017","KG",15.2,2123.44,"10.1.2.5",18.949839999999998,2647.31]
[null,null,null,96546,"ARMAÇÃO DE BLOCO, VIGA BALDRAME OU SAPATA UTILIZANDO AÇO CA-50 DE 10 MM - MONTAGEM. AF_06/2017","KG",5.9,13.44,"BDI1","","SINAPI 05_2023","ARMAÇÃO DE BLOCO, VIGA BALDRAME OU SAPATA UTILIZANDO AÇO CA-50 DE 10 MM - MONTAGEM. AF_06/2017","KG",13.44,79.3,"10.1.2.6",16.755647999999997,98.88]
[null,null,null,96557,"CONCRETAGEM DE BLOCOS DE COROAMENTO E VIGAS BALDRAMES, FCK 30 MPA, COM USO DE BOMBA \u0096 LANÇAMENTO, ADENSAMENTO E ACABAMENTO. AF_06/2017","M3",3.88,747.04,"BDI1","","SINAPI 05_2023","CONCRETAGEM DE BLOCOS DE COROAMENTO E VIGAS BALDRAMES, FCK 30 MPA, COM USO DE BOMBA \u0096 LANÇAMENTO, ADENSAMENTO E ACABAMENTO. AF_06/2017","M3",747.04,2898.52,"10.1.2.7",931.33476799999994,3613.56]
[null,null,null,98562,"IMPERMEABILIZAÇÃO DE FLOREIRA OU VIGA BALDRAME COM ARGAMASSA DE CIMENTO E AREIA, COM ADITIVO IMPERMEABILIZANTE, E = 2 CM. AF_06/2018","M2",6.66,43.18,"BDI1","","SINAPI 05_2023","IMPERMEABILIZAÇÃO DE FLOREIRA OU VIGA BALDRAME COM ARGAMASSA DE CIMENTO E AREIA, COM ADITIVO IMPERMEABILIZANTE, E = 2 CM. AF_06/2018","M2",43.18,287.58,"10.1.2.8",53.832505999999995,358.51]
[null,null,null,98557,"IMPERMEABILIZAÇÃO DE SUPERFÍCIE COM EMULSÃO ASFÁLTICA, 2 DEMÃOS AF_06/2018","M2",6.66,41.51,"BDI1","","SINAPI 05_2023","IMPERMEABILIZAÇÃO DE SUPERFÍCIE COM EMULSÃO ASFÁLTICA, 2 DEMÃOS AF_06/2018","M2",41.51,276.45999999999998,"10.1.2.9",51.750516999999995,344.66]
[null,null,3,null,"RADIER",null,null,null,null,"","","","",null,14424.449999999999,"10.1.3",null,17982.78]
[null,null,null,100575,"REGULARIZAÇÃO DE SUPERFÍCIES COM MOTONIVELADORA. AF_11/2019","M2",25.97,0.12,"BDI1","","SINAPI 05_2023","REGULARIZAÇÃO DE SUPERFÍCIES COM MOTONIVELADORA. AF_11/2019","M2",0.12,3.12,"10.1.3.1",0.14960399999999999,3.9]
[null,null,null,96624,"LASTRO COM MATERIAL GRANULAR (PEDRA BRITADA N.2), APLICADO EM PISOS OU LAJES SOBRE SOLO, ESPESSURA DE *10 CM*. AF_08/2017","M3",2.6,158.38,"BDI1","","SINAPI 05_2023","LASTRO COM MATERIAL GRANULAR (PEDRA BRITADA N.2), APLICADO EM PISOS OU LAJES SOBRE SOLO, ESPESSURA DE *10 CM*. AF_08/2017","M3",158.38,411.79,"10.1.3.2",197.45234599999998,513.37]
[null,null,null,97087,"CAMADA SEPARADORA PARA EXECUÇÃO DE RADIER, PISO DE CONCRETO OU LAJE SOBRE SOLO, EM LONA PLÁSTICA. AF_09/2021","M2",25.97,2.66,"BDI1","","SINAPI 05_2023","CAMADA SEPARADORA PARA EXECUÇÃO DE RADIER, PISO DE CONCRETO OU LAJE SOBRE SOLO, EM LONA PLÁSTICA. AF_09/2021","M2",2.66,69.08,"10.1.3.3",3.3162219999999998,86.22]
[null,null,null,92770,"ARMAÇÃO DE LAJE DE ESTRUTURA CONVENCIONAL DE CONCRETO ARMADO UTILIZANDO AÇO CA-50 DE 8,0 MM - MONTAGEM. AF_06/2022","KG",496.5,12.53,"BDI1","","SINAPI 05_2023","ARMAÇÃO DE LAJE DE ESTRUTURA CONVENCIONAL DE CONCRETO ARMADO UTILIZANDO AÇO CA-50 DE 8,0 MM - MONTAGEM. AF_06/2022","KG",12.53,6221.14,"10.1.3.4",15.621150999999998,7755.33]
[null,null,null,7155,"TELA DE ACO SOLDADA NERVURADA, CA-60, Q-138, (2,20 KG/M2), DIAMETRO DO FIO = 4,2 MM, LARGURA = 2,45 M, ESPACAMENTO DA MALHA = 10  X 10 CM","M2",25.97,22.6,"BDI1","","SINAPI 05_2023","TELA DE ACO SOLDADA NERVURADA, CA-60, Q-138, (2,20 KG/M2), DIAMETRO DO FIO = 4,2 MM, LARGURA = 2,45 M, ESPACAMENTO DA MALHA = 10  X 10 CM","M2",22.6,586.91999999999996,"10.1.3.5",28.175419999999999,731.83]
[null,null,null,97102,"EXECUÇÃO DE RADIER, ESPESSURA DE 15 CM, FCK = 30 MPA, COM USO DE FORMAS EM MADEIRA SERRADA. AF_09/2021","M2",25.97,241.94,"BDI1","","SINAPI 05_2023","EXECUÇÃO DE RADIER, ESPESSURA DE 15 CM, FCK = 30 MPA, COM USO DE FORMAS EM MADEIRA SERRADA. AF_09/2021","M2",241.94,6283.18,"10.1.3.6",301.626598,7833.33]
[null,null,null,88477,"CONTRAPISO COM ARGAMASSA AUTONIVELANTE, APLICADO SOBRE LAJE, ADERIDO, ESPESSURA 3CM. AF_07/2021","M2",25.97,32.700000000000003,"BDI1","","SINAPI 05_2023","CONTRAPISO COM ARGAMASSA AUTONIVELANTE, APLICADO SOBRE LAJE, ADERIDO, ESPESSURA 3CM. AF_07/2021","M2",32.700000000000003,849.22,"10.1.3.7",40.767090000000003,1058.8]
[null,null,4,null,"CAIXA DE APOIO PARA MOTORES",null,null,null,null,"","","","",null,420.24,"10.1.4",null,523.91999999999996]
[null,null,null,"ED-9320","PISO EM CONCRETO, USINADO CONVENCIONAL, FCK 15MPA, COM TELA SOLDADA NERVURADA TIPO Q-138, ACABAMENTO POLÍDO EM NÍVEL ZERO, ESP. 10CM, INCLUSIVE FORNECIMENTO, LANÇAMENTO, ADENSAMENTO, EXCLUSIVE JUNTA DE DILATAÇÃO","M2",3,140.08000000000001,"BDI1","","SEINFRA SUL 01_2023","PISO EM CONCRETO, USINADO CONVENCIONAL, FCK 15MPA, COM TELA SOLDADA NERVURADA TIPO Q-138, ACABAMENTO POLÍDO EM NÍVEL ZERO, ESP. 10CM, INCLUSIVE FORNECIMENTO, LANÇAMENTO, ADENSAMENTO, EXCLUSIVE JUNTA DE DILATAÇÃO","M2",140.08000000000001,420.24,"10.1.4.1",174.63773600000002,523.91999999999996]
[null,null,5,null,"VIGA",null,null,null,null,"","","","",null,175.77,"10.1.5",null,219.13000000000002]
[null,null,null,96527,"ESCAVAÇÃO MANUAL DE VALA PARA VIGA BALDRAME (INCLUINDO ESCAVAÇÃO PARA COLOCAÇÃO DE FÔRMAS). AF_06/2017","M3",0.04,121.8,"BDI1","","SINAPI 05_2023","ESCAVAÇÃO MANUAL DE VALA PARA VIGA BALDRAME (INCLUINDO ESCAVAÇÃO PARA COLOCAÇÃO DE FÔRMAS). AF_06/2017","M3",121.8,4.87,"10.1.5.1",151.84805999999998,6.07]
[null,null,null,96542,"FABRICAÇÃO, MONTAGEM E DESMONTAGEM DE FÔRMA PARA VIGA BALDRAME, EM CHAPA DE MADEIRA COMPENSADA RESINADA, E=17 MM, 4 UTILIZAÇÕES. AF_06/2017","M2",0.56999999999999995,92.29,"BDI1","","SINAPI 05_2023","FABRICAÇÃO, MONTAGEM E DESMONTAGEM DE FÔRMA PARA VIGA BALDRAME, EM CHAPA DE MADEIRA COMPENSADA RESINADA, E=17 MM, 4 UTILIZAÇÕES. AF_06/2017","M2",92.29,52.61,"10.1.5.2",115.05794299999999,65.58]
[null,null,null,100324,"LASTRO COM MATERIAL GRANULAR (PEDRA BRITADA N.1 E PEDRA BRITADA N.2), APLICADO EM PISOS OU LAJES SOBRE SOLO, ESPESSURA DE *10 CM*. AF_07/2019","M3",0.01,158.05000000000001,"BDI1","","SINAPI 05_2023","LASTRO COM MATERIAL GRANULAR (PEDRA BRITADA N.1 E PEDRA BRITADA N.2), APLICADO EM PISOS OU LAJES SOBRE SOLO, ESPESSURA DE *10 CM*. AF_07/2019","M3",158.05000000000001,1.58,"10.1.5.3",197.04093499999999,1.97]
[null,null,null,96546,"ARMAÇÃO DE BLOCO, VIGA BALDRAME OU SAPATA UTILIZANDO AÇO CA-50 DE 10 MM - MONTAGEM. AF_06/2017","KG",3.9,13.44,"BDI1","","SINAPI 05_2023","ARMAÇÃO DE BLOCO, VIGA BALDRAME OU SAPATA UTILIZANDO AÇO CA-50 DE 10 MM - MONTAGEM. AF_06/2017","KG",13.44,52.42,"10.1.5.4",16.755647999999997,65.36]
[null,null,null,96543,"ARMAÇÃO DE BLOCO, VIGA BALDRAME E SAPATA UTILIZANDO AÇO CA-60 DE 5 MM - MONTAGEM. AF_06/2017","KG",1.3,18,"BDI1","","SINAPI 05_2023","ARMAÇÃO DE BLOCO, VIGA BALDRAME E SAPATA UTILIZANDO AÇO CA-60 DE 5 MM - MONTAGEM. AF_06/2017","KG",18,23.4,"10.1.5.5",22.4406,29.17]
[null,null,null,96557,"CONCRETAGEM DE BLOCOS DE COROAMENTO E VIGAS BALDRAMES, FCK 30 MPA, COM USO DE BOMBA \u0096 LANÇAMENTO, ADENSAMENTO E ACABAMENTO. AF_06/2017","M3",0.04,747.04,"BDI1","","SINAPI 05_2023","CONCRETAGEM DE BLOCOS DE COROAMENTO E VIGAS BALDRAMES, FCK 30 MPA, COM USO DE BOMBA \u0096 LANÇAMENTO, ADENSAMENTO E ACABAMENTO. AF_06/2017","M3",747.04,29.88,"10.1.5.6",931.33476799999994,37.25]
[null,null,null,98557,"IMPERMEABILIZAÇÃO DE SUPERFÍCIE COM EMULSÃO ASFÁLTICA, 2 DEMÃOS AF_06/2018","M2",0.13,41.51,"BDI1","","SINAPI 05_2023","IMPERMEABILIZAÇÃO DE SUPERFÍCIE COM EMULSÃO ASFÁLTICA, 2 DEMÃOS AF_06/2018","M2",41.51,5.4,"10.1.5.7",51.750516999999995,6.73]
[null,null,null,98562,"IMPERMEABILIZAÇÃO DE FLOREIRA OU VIGA BALDRAME COM ARGAMASSA DE CIMENTO E AREIA, COM ADITIVO IMPERMEABILIZANTE, E = 2 CM. AF_06/2018","M2",0.13,43.18,"BDI1","","SINAPI 05_2023","IMPERMEABILIZAÇÃO DE FLOREIRA OU VIGA BALDRAME COM ARGAMASSA DE CIMENTO E AREIA, COM ADITIVO IMPERMEABILIZANTE, E = 2 CM. AF_06/2018","M2",43.18,5.61,"10.1.5.8",53.832505999999995,7]
[null,null,6,null,"PAREDES DE CONTENÇÃO",null,null,null,null,"","","","",null,76202.7,"10.1.6",null,94998.720000000001]
[null,null,null,96527,"ESCAVAÇÃO MANUAL DE VALA PARA VIGA BALDRAME (INCLUINDO ESCAVAÇÃO PARA COLOCAÇÃO DE FÔRMAS). AF_06/2017","M3",0.5,121.8,"BDI1","","SINAPI 05_2023","ESCAVAÇÃO MANUAL DE VALA PARA VIGA BALDRAME (INCLUINDO ESCAVAÇÃO PARA COLOCAÇÃO DE FÔRMAS). AF_06/2017","M3",121.8,60.9,"10.1.6.1",151.84805999999998,75.92]
[null,null,null,92269,"FABRICAÇÃO DE FÔRMA PARA PILARES E ESTRUTURAS SIMILARES, EM MADEIRA SERRADA, E=25 MM. AF_09/2020","M2",152.86000000000001,335.45,"BDI1","","SINAPI 05_2023","FABRICAÇÃO DE FÔRMA PARA PILARES E ESTRUTURAS SIMILARES, EM MADEIRA SERRADA, E=25 MM. AF_09/2020","M2",335.45,51276.89,"10.1.6.2",418.20551499999993,63927.58]
[null,null,null,100324,"LASTRO COM MATERIAL GRANULAR (PEDRA BRITADA N.1 E PEDRA BRITADA N.2), APLICADO EM PISOS OU LAJES SOBRE SOLO, ESPESSURA DE *10 CM*. AF_07/2019","M3",0.5,158.05000000000001,"BDI1","","SINAPI 05_2023","LASTRO COM MATERIAL GRANULAR (PEDRA BRITADA N.1 E PEDRA BRITADA N.2), APLICADO EM PISOS OU LAJES SOBRE SOLO, ESPESSURA DE *10 CM*. AF_07/2019","M3",158.05000000000001,79.03,"10.1.6.3",197.04093499999999,98.52]
[null,null,null,92771,"ARMAÇÃO DE LAJE DE ESTRUTURA CONVENCIONAL DE CONCRETO ARMADO UTILIZANDO AÇO CA-50 DE 10,0 MM - MONTAGEM. AF_06/2022","KG",1238.9000000000001,11.2,"BDI1","","SINAPI 05_2023","ARMAÇÃO DE LAJE DE ESTRUTURA CONVENCIONAL DE CONCRETO ARMADO UTILIZANDO AÇO CA-50 DE 10,0 MM - MONTAGEM. AF_06/2022","KG",11.2,13875.68,"10.1.6.4",13.963039999999998,17295.04]
[null,null,null,96557,"CONCRETAGEM DE BLOCOS DE COROAMENTO E VIGAS BALDRAMES, FCK 30 MPA, COM USO DE BOMBA \u0096 LANÇAMENTO, ADENSAMENTO E ACABAMENTO. AF_06/2017","M3",14.04,747.04,"BDI1","","SINAPI 05_2023","CONCRETAGEM DE BLOCOS DE COROAMENTO E VIGAS BALDRAMES, FCK 30 MPA, COM USO DE BOMBA \u0096 LANÇAMENTO, ADENSAMENTO E ACABAMENTO. AF_06/2017","M3",747.04,10488.44,"10.1.6.5",931.33476799999994,13075.87]
[null,null,null,98557,"IMPERMEABILIZAÇÃO DE SUPERFÍCIE COM EMULSÃO ASFÁLTICA, 2 DEMÃOS AF_06/2018","M2",4.9800000000000004,41.51,"BDI1","","SINAPI 05_2023","IMPERMEABILIZAÇÃO DE SUPERFÍCIE COM EMULSÃO ASFÁLTICA, 2 DEMÃOS AF_06/2018","M2",41.51,206.72,"10.1.6.6",51.750516999999995,257.72000000000003]
[null,null,null,98562,"IMPERMEABILIZAÇÃO DE FLOREIRA OU VIGA BALDRAME COM ARGAMASSA DE CIMENTO E AREIA, COM ADITIVO IMPERMEABILIZANTE, E = 2 CM. AF_06/2018","M2",4.9800000000000004,43.18,"BDI1","","SINAPI 05_2023","IMPERMEABILIZAÇÃO DE FLOREIRA OU VIGA BALDRAME COM ARGAMASSA DE CIMENTO E AREIA, COM ADITIVO IMPERMEABILIZANTE, E = 2 CM. AF_06/2018","M2",43.18,215.04,"10.1.6.7",53.832505999999995,268.07]
[null,2,null,null,"SUPRAESTRUTURA",null,null,null,null,"","","","",null,13379.73,"10.2",null,16681.239999999998]
[null,null,1,null,"PILARES",null,null,null,null,"","","","",null,8046.3600000000006,"10.2.1",null,10031.66]
[null,null,null,92443,"MONTAGEM E DESMONTAGEM DE FÔRMA DE PILARES RETANGULARES E ESTRUTURAS SIMILARES, PÉ-DIREITO SIMPLES, EM CHAPA DE MADEIRA COMPENSADA PLASTIFICADA, 18 UTILIZAÇÕES. AF_09/2020","M2",45.54,46.56,"BDI1","","SINAPI 05_2023","MONTAGEM E DESMONTAGEM DE FÔRMA DE PILARES RETANGULARES E ESTRUTURAS SIMILARES, PÉ-DIREITO SIMPLES, EM CHAPA DE MADEIRA COMPENSADA PLASTIFICADA, 18 UTILIZAÇÕES. AF_09/2020","M2",46.56,2120.34,"10.2.1.1",58.046351999999999,2643.6]
[null,null,null,92760,"ARMAÇÃO DE PILAR OU VIGA DE ESTRUTURA CONVENCIONAL DE CONCRETO ARMADO UTILIZANDO AÇO CA-50 DE 6,3 MM - MONTAGEM. AF_06/2022","KG",10.9,13.81,"BDI1","","SINAPI 05_2023","ARMAÇÃO DE PILAR OU VIGA DE ESTRUTURA CONVENCIONAL DE CONCRETO ARMADO UTILIZANDO AÇO CA-50 DE 6,3 MM - MONTAGEM. AF_06/2022","KG",13.81,150.53,"10.2.1.2",17.216926999999998,187.7]
[null,null,null,92762,"ARMAÇÃO DE PILAR OU VIGA DE ESTRUTURA CONVENCIONAL DE CONCRETO ARMADO UTILIZANDO AÇO CA-50 DE 10,0 MM - MONTAGEM. AF_06/2022","KG",166.4,11.63,"BDI1","","SINAPI 05_2023","ARMAÇÃO DE PILAR OU VIGA DE ESTRUTURA CONVENCIONAL DE CONCRETO ARMADO UTILIZANDO AÇO CA-50 DE 10,0 MM - MONTAGEM. AF_06/2022","KG",11.63,1935.23,"10.2.1.3",14.499121000000001,2412.8000000000002]
[null,null,null,92764,"ARMAÇÃO DE PILAR OU VIGA DE ESTRUTURA CONVENCIONAL DE CONCRETO ARMADO UTILIZANDO AÇO CA-50 DE 16,0 MM - MONTAGEM. AF_06/2022","KG",51.5,9.52,"BDI1","","SINAPI 05_2023","ARMAÇÃO DE PILAR OU VIGA DE ESTRUTURA CONVENCIONAL DE CONCRETO ARMADO UTILIZANDO AÇO CA-50 DE 16,0 MM - MONTAGEM. AF_06/2022","KG",9.52,490.28,"10.2.1.4",11.868583999999998,611.29999999999995]
[null,null,null,92765,"ARMAÇÃO DE PILAR OU VIGA DE ESTRUTURA CONVENCIONAL DE CONCRETO ARMADO UTILIZANDO AÇO CA-50 DE 20,0 MM - MONTAGEM. AF_06/2022","KG",83.2,10.86,"BDI1","","SINAPI 05_2023","ARMAÇÃO DE PILAR OU VIGA DE ESTRUTURA CONVENCIONAL DE CONCRETO ARMADO UTILIZANDO AÇO CA-50 DE 20,0 MM - MONTAGEM. AF_06/2022","KG",10.86,903.55,"10.2.1.5",13.539161999999999,1126.53]
[null,null,null,92759,"ARMAÇÃO DE PILAR OU VIGA DE ESTRUTURA CONVENCIONAL DE CONCRETO ARMADO UTILIZANDO AÇO CA-60 DE 5,0 MM - MONTAGEM. AF_06/2022","KG",55.1,14.53,"BDI1","","SINAPI 05_2023","ARMAÇÃO DE PILAR OU VIGA DE ESTRUTURA CONVENCIONAL DE CONCRETO ARMADO UTILIZANDO AÇO CA-60 DE 5,0 MM - MONTAGEM. AF_06/2022","KG",14.53,800.6,"10.2.1.6",18.114550999999999,997.86]
[null,null,null,"ED-49788","FORNECIMENTO DE CONCRETO ESTRUTURAL, PREPARADO EM OBRA COM BETONEIRA, COM FCK 30MPA, INCLUSIVE LANÇAMENTO, ADENSAMENTO E ACABAMENTO (FUNDAÇÃO)","M3",2.16,761.96,"BDI1","","SEINFRA SUL 01_2023","FORNECIMENTO DE CONCRETO ESTRUTURAL, PREPARADO EM OBRA COM BETONEIRA, COM FCK 30MPA, INCLUSIVE LANÇAMENTO, ADENSAMENTO E ACABAMENTO (FUNDAÇÃO)","M3",761.96,1645.83,"10.2.1.7",949.93553199999997,2051.87]
[null,null,2,null,"VIGAS",null,null,null,null,"","","","",null,5333.369999999999,"10.2.2",null,6649.58]
[null,null,null,92480,"MONTAGEM E DESMONTAGEM DE FÔRMA DE VIGA, ESCORAMENTO METÁLICO, PÉ-DIREITO SIMPLES, EM CHAPA DE MADEIRA PLASTIFICADA, 18 UTILIZAÇÕES. AF_09/2020","M2",18.54,83.06,"BDI1","","SINAPI 05_2023","MONTAGEM E DESMONTAGEM DE FÔRMA DE VIGA, ESCORAMENTO METÁLICO, PÉ-DIREITO SIMPLES, EM CHAPA DE MADEIRA PLASTIFICADA, 18 UTILIZAÇÕES. AF_09/2020","M2",83.06,1539.93,"10.2.2.1",103.55090199999999,1919.82]
[null,null,null,104108,"ARMAÇÃO DE PILAR OU VIGA DE ESTRUTURA DE CONCRETO ARMADO EMBUTIDA EM ALVENARIA DE VEDAÇÃO UTILIZANDO AÇO CA-50 DE 10,0 MM - MONTAGEM. AF_06/2022","KG",85,13.36,"BDI1","","SINAPI 05_2023","ARMAÇÃO DE PILAR OU VIGA DE ESTRUTURA DE CONCRETO ARMADO EMBUTIDA EM ALVENARIA DE VEDAÇÃO UTILIZANDO AÇO CA-50 DE 10,0 MM - MONTAGEM. AF_06/2022","KG",13.36,1135.5999999999999,"10.2.2.2",16.655911999999997,1416.1]
[null,null,null,104107,"ARMAÇÃO DE PILAR OU VIGA DE ESTRUTURA DE CONCRETO ARMADO EMBUTIDA EM ALVENARIA DE VEDAÇÃO UTILIZANDO AÇO CA-50 DE 12,5 MM - MONTAGEM. AF_06/2022","KG",30.9,11.31,"BDI1","","SINAPI 05_2023","ARMAÇÃO DE PILAR OU VIGA DE ESTRUTURA DE CONCRETO ARMADO EMBUTIDA EM ALVENARIA DE VEDAÇÃO UTILIZANDO AÇO CA-50 DE 12,5 MM - MONTAGEM. AF_06/2022","KG",11.31,349.48,"10.2.2.3",14.100177,435.69]
[null,null,null,104111,"ARMAÇÃO DE PILAR OU VIGA DE ESTRUTURA DE CONCRETO ARMADO EMBUTIDA EM ALVENARIA DE VEDAÇÃO UTILIZANDO AÇO CA-60 DE 5,0 MM - MONTAGEM. AF_06/2022","KG",39,20.7,"BDI1","","SINAPI 05_2023","ARMAÇÃO DE PILAR OU VIGA DE ESTRUTURA DE CONCRETO ARMADO EMBUTIDA EM ALVENARIA DE VEDAÇÃO UTILIZANDO AÇO CA-60 DE 5,0 MM - MONTAGEM. AF_06/2022","KG",20.7,807.3,"10.2.2.4",25.806689999999996,1006.59]
[null,null,null,"ED-49788","FORNECIMENTO DE CONCRETO ESTRUTURAL, PREPARADO EM OBRA COM BETONEIRA, COM FCK 30MPA, INCLUSIVE LANÇAMENTO, ADENSAMENTO E ACABAMENTO (FUNDAÇÃO)","M3",1.97,761.96,"BDI1","","SEINFRA SUL 01_2023","FORNECIMENTO DE CONCRETO ESTRUTURAL, PREPARADO EM OBRA COM BETONEIRA, COM FCK 30MPA, INCLUSIVE LANÇAMENTO, ADENSAMENTO E ACABAMENTO (FUNDAÇÃO)","M3",761.96,1501.06,"10.2.2.5",949.93553199999997,1871.38]
[null,3,null,null,"LAJE DE PISO",null,null,null,null,"","","","",null,1595.2600000000002,"10.3",null,1988.8]
[null,null,null,103760,"MONTAGEM E DESMONTAGEM DE FÔRMA DE LAJE MACIÇA, PÉ-DIREITO SIMPLES, EM CHAPA DE MADEIRA COMPENSADA RESINADA E CIMBRAMENTO DE MADEIRA, 2 UTILIZAÇÕES. AF_03/2022","M2",3.79,138.27000000000001,"BDI1","","SINAPI 05_2023","MONTAGEM E DESMONTAGEM DE FÔRMA DE LAJE MACIÇA, PÉ-DIREITO SIMPLES, EM CHAPA DE MADEIRA COMPENSADA RESINADA E CIMBRAMENTO DE MADEIRA, 2 UTILIZAÇÕES. AF_03/2022","M2",138.27000000000001,524.04,"10.3.1",172.38120900000001,653.32000000000005]
[null,null,null,92770,"ARMAÇÃO DE LAJE DE ESTRUTURA CONVENCIONAL DE CONCRETO ARMADO UTILIZANDO AÇO CA-50 DE 8,0 MM - MONTAGEM. AF_06/2022","KG",30.6,12.53,"BDI1","","SINAPI 05_2023","ARMAÇÃO DE LAJE DE ESTRUTURA CONVENCIONAL DE CONCRETO ARMADO UTILIZANDO AÇO CA-50 DE 8,0 MM - MONTAGEM. AF_06/2022","KG",12.53,383.42,"10.3.2",15.621150999999998,477.97]
[null,null,null,92771,"ARMAÇÃO DE LAJE DE ESTRUTURA CONVENCIONAL DE CONCRETO ARMADO UTILIZANDO AÇO CA-50 DE 10,0 MM - MONTAGEM. AF_06/2022","KG",4.5999999999999996,11.2,"BDI1","","SINAPI 05_2023","ARMAÇÃO DE LAJE DE ESTRUTURA CONVENCIONAL DE CONCRETO ARMADO UTILIZANDO AÇO CA-50 DE 10,0 MM - MONTAGEM. AF_06/2022","KG",11.2,51.52,"10.3.3",13.963039999999998,64.22]
[null,null,null,7155,"TELA DE ACO SOLDADA NERVURADA, CA-60, Q-138, (2,20 KG/M2), DIAMETRO DO FIO = 4,2 MM, LARGURA = 2,45 M, ESPACAMENTO DA MALHA = 10  X 10 CM","M2",3.79,22.6,"BDI1","","SINAPI 05_2023","TELA DE ACO SOLDADA NERVURADA, CA-60, Q-138, (2,20 KG/M2), DIAMETRO DO FIO = 4,2 MM, LARGURA = 2,45 M, ESPACAMENTO DA MALHA = 10  X 10 CM","M2",22.6,85.65,"10.3.4",28.175419999999999,106.8]
[null,null,null,"ED-49788","FORNECIMENTO DE CONCRETO ESTRUTURAL, PREPARADO EM OBRA COM BETONEIRA, COM FCK 30MPA, INCLUSIVE LANÇAMENTO, ADENSAMENTO E ACABAMENTO (FUNDAÇÃO)","M3",0.56000000000000005,761.96,"BDI1","","SEINFRA SUL 01_2023","FORNECIMENTO DE CONCRETO ESTRUTURAL, PREPARADO EM OBRA COM BETONEIRA, COM FCK 30MPA, INCLUSIVE LANÇAMENTO, ADENSAMENTO E ACABAMENTO (FUNDAÇÃO)","M3",761.96,426.7,"10.3.5",949.93553199999997,531.97]
[null,null,null,88477,"CONTRAPISO COM ARGAMASSA AUTONIVELANTE, APLICADO SOBRE LAJE, ADERIDO, ESPESSURA 3CM. AF_07/2021","M2",3.79,32.700000000000003,"BDI1","","SINAPI 05_2023","CONTRAPISO COM ARGAMASSA AUTONIVELANTE, APLICADO SOBRE LAJE, ADERIDO, ESPESSURA 3CM. AF_07/2021","M2",32.700000000000003,123.93,"10.3.6",40.767090000000003,154.52000000000001]
[null,4,null,null,"ESCADA",null,null,null,null,"","","","",null,2990.66,"10.4",null,3728.3700000000003]
[null,null,null,103760,"MONTAGEM E DESMONTAGEM DE FÔRMA DE LAJE MACIÇA, PÉ-DIREITO SIMPLES, EM CHAPA DE MADEIRA COMPENSADA RESINADA E CIMBRAMENTO DE MADEIRA, 2 UTILIZAÇÕES. AF_03/2022","M2",10.82,138.27000000000001,"BDI1","","SINAPI 05_2023","MONTAGEM E DESMONTAGEM DE FÔRMA DE LAJE MACIÇA, PÉ-DIREITO SIMPLES, EM CHAPA DE MADEIRA COMPENSADA RESINADA E CIMBRAMENTO DE MADEIRA, 2 UTILIZAÇÕES. AF_03/2022","M2",138.27000000000001,1496.08,"10.4.1",172.38120900000001,1865.15]
[null,null,null,92770,"ARMAÇÃO DE LAJE DE ESTRUTURA CONVENCIONAL DE CONCRETO ARMADO UTILIZANDO AÇO CA-50 DE 8,0 MM - MONTAGEM. AF_06/2022","KG",58.9,12.53,"BDI1","","SINAPI 05_2023","ARMAÇÃO DE LAJE DE ESTRUTURA CONVENCIONAL DE CONCRETO ARMADO UTILIZANDO AÇO CA-50 DE 8,0 MM - MONTAGEM. AF_06/2022","KG",12.53,738.02,"10.4.2",15.621150999999998,920.02]
[null,null,null,92771,"ARMAÇÃO DE LAJE DE ESTRUTURA CONVENCIONAL DE CONCRETO ARMADO UTILIZANDO AÇO CA-50 DE 10,0 MM - MONTAGEM. AF_06/2022","KG",3.6,11.2,"BDI1","","SINAPI 05_2023","ARMAÇÃO DE LAJE DE ESTRUTURA CONVENCIONAL DE CONCRETO ARMADO UTILIZANDO AÇO CA-50 DE 10,0 MM - MONTAGEM. AF_06/2022","KG",11.2,40.32,"10.4.3",13.963039999999998,50.26]
[null,null,null,"ED-49788","FORNECIMENTO DE CONCRETO ESTRUTURAL, PREPARADO EM OBRA COM BETONEIRA, COM FCK 30MPA, INCLUSIVE LANÇAMENTO, ADENSAMENTO E ACABAMENTO (FUNDAÇÃO)","M3",0.94,761.96,"BDI1","","SEINFRA SUL 01_2023","FORNECIMENTO DE CONCRETO ESTRUTURAL, PREPARADO EM OBRA COM BETONEIRA, COM FCK 30MPA, INCLUSIVE LANÇAMENTO, ADENSAMENTO E ACABAMENTO (FUNDAÇÃO)","M3",761.96,716.24,"10.4.4",949.93553199999997,892.94]
[null,5,null,null,"LAJE DE RESPALDO",null,null,null,null,"","","","",null,9921.49,"10.5",null,12368.86]
[null,null,null,"ED-50258","LAJE PRÉ-MOLDADA UNIDIRECIONAL COM ENCHIMENTO EM POLIESTIRENO EXPANDIDO (EPS), CAPEAMENTO DE 4CM, SOBRECARGA DE 250KG/M2, ALTURA TOTAL DE 11CM E VÃO LIVRE MÁXIMO DE 5M, INCLUSIVE CONCRETO ESTRUTURAL, USINADO BOMBEADO COM FCK DE 20MPA, EXCLUSIVE TELA ARMADA E CIMBRAMENTO","M2",38.79,189.44,"BDI1","","SEINFRA SUL 01_2023","LAJE PRÉ-MOLDADA UNIDIRECIONAL COM ENCHIMENTO EM POLIESTIRENO EXPANDIDO (EPS), CAPEAMENTO DE 4CM, SOBRECARGA DE 250KG/M2, ALTURA TOTAL DE 11CM E VÃO LIVRE MÁXIMO DE 5M, INCLUSIVE CONCRETO ESTRUTURAL, USINADO BOMBEADO COM FCK DE 20MPA, EXCLUSIVE TELA ARMADA E CIMBRAMENTO","M2",189.44,7348.38,"10.5.1",236.17484799999997,9161.0300000000007]
[null,null,null,92770,"ARMAÇÃO DE LAJE DE ESTRUTURA CONVENCIONAL DE CONCRETO ARMADO UTILIZANDO AÇO CA-50 DE 8,0 MM - MONTAGEM. AF_06/2022","KG",100.7,12.53,"BDI1","","SINAPI 05_2023","ARMAÇÃO DE LAJE DE ESTRUTURA CONVENCIONAL DE CONCRETO ARMADO UTILIZANDO AÇO CA-50 DE 8,0 MM - MONTAGEM. AF_06/2022","KG",12.53,1261.77,"10.5.2",15.621150999999998,1572.93]
[null,null,null,92771,"ARMAÇÃO DE LAJE DE ESTRUTURA CONVENCIONAL DE CONCRETO ARMADO UTILIZANDO AÇO CA-50 DE 10,0 MM - MONTAGEM. AF_06/2022","KG",4.8,11.2,"BDI1","","SINAPI 05_2023","ARMAÇÃO DE LAJE DE ESTRUTURA CONVENCIONAL DE CONCRETO ARMADO UTILIZANDO AÇO CA-50 DE 10,0 MM - MONTAGEM. AF_06/2022","KG",11.2,53.76,"10.5.3",13.963039999999998,67.010000000000005]
[null,null,null,21141,"TELA DE ACO SOLDADA NERVURADA, CA-60, Q-92, (1,48 KG/M2), DIAMETRO DO FIO = 4,2 MM, LARGURA = 2,45 X 60 M DE COMPRIMENTO, ESPACAMENTO DA MALHA = 15  X 15 CM","M2",38.79,15.16,"BDI1","","SINAPI 05_2023","TELA DE ACO SOLDADA NERVURADA, CA-60, Q-92, (1,48 KG/M2), DIAMETRO DO FIO = 4,2 MM, LARGURA = 2,45 X 60 M DE COMPRIMENTO, ESPACAMENTO DA MALHA = 15  X 15 CM","M2",15.16,588.05999999999995,"10.5.4",18.899971999999998,733.13]
[null,null,null,"ED-19637","CIMBRAMENTO PARA LAJE PRÉ-MOLDADA COM ESCORAMENTO METÁLICO, TIPO \"A\", ALTURA DE (200 ATÉ 310)CM, INCLUSIVE DESCARGA, MONTAGEM, DESMONTAGEM E CARGA","M2XMÊS",38.79,17.260000000000002,"BDI1","","SEINFRA SUL 01_2023","CIMBRAMENTO PARA LAJE PRÉ-MOLDADA COM ESCORAMENTO METÁLICO, TIPO \"A\", ALTURA DE (200 ATÉ 310)CM, INCLUSIVE DESCARGA, MONTAGEM, DESMONTAGEM E CARGA","M2XMÊS",17.260000000000002,669.52,"10.5.5",21.518042000000001,834.76]
[null,6,null,null,"ALVENARIA E PAINÉIS",null,null,null,null,"","","","",null,19139.490000000002,"10.6",null,23861.88]
[null,null,1,null,"ALVENARIA",null,null,null,null,"","","","",null,8124.29,"10.6.1",null,10128.280000000001]
[null,null,null,103327,"ALVENARIA DE VEDAÇÃO DE BLOCOS CERÂMICOS FURADOS NA VERTICAL DE 19X19X39 CM (ESPESSURA 19 CM) E ARGAMASSA DE ASSENTAMENTO COM PREPARO MANUAL. AF_12/2021","M2",88.79,91.5,"BDI1","","SINAPI 05_2023","ALVENARIA DE VEDAÇÃO DE BLOCOS CERÂMICOS FURADOS NA VERTICAL DE 19X19X39 CM (ESPESSURA 19 CM) E ARGAMASSA DE ASSENTAMENTO COM PREPARO MANUAL. AF_12/2021","M2",91.5,8124.29,"10.6.1.1",114.07304999999999,10128.280000000001]
[null,null,2,null,"IMPERMEABILIZAÇÃO E DRENO EM ARRIMO",null,null,null,null,"","","","",null,11015.2,"10.6.2",null,13733.6]
[null,null,null,98561,"IMPERMEABILIZAÇÃO DE PAREDES COM ARGAMASSA DE CIMENTO E AREIA, COM ADITIVO IMPERMEABILIZANTE, E = 2CM. AF_06/2018","M2",145.71,43.61,"BDI1","","SINAPI 05_2023","IMPERMEABILIZAÇÃO DE PAREDES COM ARGAMASSA DE CIMENTO E AREIA, COM ADITIVO IMPERMEABILIZANTE, E = 2CM. AF_06/2018","M2",43.61,6354.41,"10.6.2.1",54.368586999999998,7922.25]
[null,null,null,"ED-49813","LASTRO DE BRITA COM PEDRA BRITADA NÚMERO 2 E 3, INCLUSIVE ADENSAMENTO E APILOAMENTO MANUAL","M3",19.29,178.95,"BDI1","","SEINFRA SUL 01_2023","LASTRO DE BRITA COM PEDRA BRITADA NÚMERO 2 E 3, INCLUSIVE ADENSAMENTO E APILOAMENTO MANUAL","M3",178.95,3451.95,"10.6.2.2",223.09696499999998,4303.6000000000004]
[null,null,null,"RO-40980","MANTA GEOTÊXTIL NÃO TECIDA, A/180, OP/20 OU SIMILAR, RESISTÊNCIA À TRAÇÃO DE 12 KN/M2 (INCLUINDO FORNECIMENTO, TRANSPORTE E COLOCAÇÃO)","M2",142.35,4.4400000000000004,"BDI1","","SEINFRA SUL 01_2023","MANTA GEOTÊXTIL NÃO TECIDA, A/180, OP/20 OU SIMILAR, RESISTÊNCIA À TRAÇÃO DE 12 KN/M2 (INCLUINDO FORNECIMENTO, TRANSPORTE E COLOCAÇÃO)","M2",4.4400000000000004,632.03,"10.6.2.3",5.5353479999999999,788.62]
[null,null,null,"ED-48689","FORNECIMENTO E ASSENTAMENTO DE TUBO PVC FLEXÍVEL CORRUGADO, PERFURADO, DN 100 MM (4\"), PARA DRENAGEM","M",27.96,20.63,"BDI1","","SEINFRA SUL 01_2023","FORNECIMENTO E ASSENTAMENTO DE TUBO PVC FLEXÍVEL CORRUGADO, PERFURADO, DN 100 MM (4\"), PARA DRENAGEM","M",20.63,576.80999999999995,"10.6.2.4",25.719420999999997,719.13]
[null,7,null,null,"REVESTIMENTOS",null,null,null,null,"","","","",null,21495.37,"10.7",null,26796.920000000002]
[null,null,1,null,"PAREDES",null,null,null,null,"","","","",null,18840.09,"10.7.1",null,23486.58]
[null,null,null,87878,"CHAPISCO APLICADO EM ALVENARIAS E ESTRUTURAS DE CONCRETO INTERNAS, COM COLHER DE PEDREIRO.  ARGAMASSA TRAÇO 1:3 COM PREPARO MANUAL. AF_10/2022","M2",256.71199999999999,4.72,"BDI1","","SINAPI 05_2023","CHAPISCO APLICADO EM ALVENARIAS E ESTRUTURAS DE CONCRETO INTERNAS, COM COLHER DE PEDREIRO.  ARGAMASSA TRAÇO 1:3 COM PREPARO MANUAL. AF_10/2022","M2",4.72,1211.68,"10.7.1.1",5.8844239999999992,1509.47]
[null,null,null,87825,"EMBOÇO OU MASSA ÚNICA EM ARGAMASSA TRAÇO 1:2:8, PREPARO MECÂNICO COM BETONEIRA 400 L, APLICADA MANUALMENTE NAS PAREDES INTERNAS DA SACADA, ESPESSURA DE 25 MM, SEM USO DE TELA METÁLICA DE REFORÇO CONTRA FISSURAÇÃO. AF_08/2022","M2",256.71199999999999,68.67,"BDI1","","SINAPI 05_2023","EMBOÇO OU MASSA ÚNICA EM ARGAMASSA TRAÇO 1:2:8, PREPARO MECÂNICO COM BETONEIRA 400 L, APLICADA MANUALMENTE NAS PAREDES INTERNAS DA SACADA, ESPESSURA DE 25 MM, SEM USO DE TELA METÁLICA DE REFORÇO CONTRA FISSURAÇÃO. AF_08/2022","M2",68.67,17628.41,"10.7.1.2",85.610889,21977.11]
[null,null,2,null,"TETO",null,null,null,null,"","","","",null,2655.28,"10.7.2",null,3310.34]
[null,null,null,87886,"CHAPISCO APLICADO NO TETO OU EM ESTRUTURA, COM DESEMPENADEIRA DENTADA. ARGAMASSA INDUSTRIALIZADA COM PREPARO MANUAL. AF_10/2022","M2",39.39,15.26,"BDI1","","SINAPI 05_2023","CHAPISCO APLICADO NO TETO OU EM ESTRUTURA, COM DESEMPENADEIRA DENTADA. ARGAMASSA INDUSTRIALIZADA COM PREPARO MANUAL. AF_10/2022","M2",15.26,601.09,"10.7.2.1",19.024642,749.2]
[null,null,null,90407,"MASSA ÚNICA, PARA RECEBIMENTO DE PINTURA, EM ARGAMASSA TRAÇO 1:2:8, PREPARO MANUAL, APLICADA MANUALMENTE EM TETO, ESPESSURA DE 20MM, COM EXECUÇÃO DE TALISCAS. AF_03/2015","M2",39.39,52.15,"BDI1","","SINAPI 05_2023","MASSA ÚNICA, PARA RECEBIMENTO DE PINTURA, EM ARGAMASSA TRAÇO 1:2:8, PREPARO MANUAL, APLICADA MANUALMENTE EM TETO, ESPESSURA DE 20MM, COM EXECUÇÃO DE TALISCAS. AF_03/2015","M2",52.15,2054.19,"10.7.2.2",65.015404999999987,2561.14]
[]
[]
[]
[]
[null,null,null,25002534]

{"sheet":"Orçamento - Aditivo","index":29,"n_rows":7,"n_cols":18,"rows_kept":7,"cut":false,"hidden":false,"merged":[[1,0,3,8]]}
[]
["Importar Novos Itens do Orçamento - Aditivo"]
[]
[]
[]
[]
["N1","N2","N3","CÓDIGO","DESCRIÇÃO","UNIDADE","QUANTIDADE","VALOR UNITÁRIO","BDI",null,"OBSERVAÇÕES","DESCRIÇÃO","UNIDADE","VALOR","TOTAL","NÍVEL","VALORBDI","TOTALBDI"]

{"sheet":"Orçamento - Licitação","index":30,"n_rows":7,"n_cols":12,"rows_kept":7,"cut":false,"hidden":false,"merged":[[1,0,3,6]]}
[]
["Importar Dados do Orçamento - Licitação"]
[]
[]
[]
[]
["N1","N2","N3","DESCRIÇÃO","UNIDADE","QUANTIDADE","VALOR UNITÁRIO",null,"OBSERVAÇÕES","NÍVEL","SOMA","FÓRMULA"]

{"sheet":"MsA2X","index":31,"n_rows":12,"n_cols":32,"rows_kept":12,"cut":false,"hidden":false,"merged":[[1,11,3,26],[6,23,6,24],[6,25,6,26]]}
[]
[null,null,null,null,null,null,null,null,null,null,null,"ORÇAMENTO ADITIVO AUXILIAR"]
[]
[]
[null,null,null,null,null,null,null,null,null,null,null,null,null,null,null,null,null,null,null,null,null,null,null,null,null,null,"BDI1 = 24,00"]
[null,null,null,null,null,null,null,null,null,null,null,"Itens do Orçamento",null,null,null,null,null,null,null,null,null,null,null,null,null,null,"BDI2 = 22,49",null,"BDI1 = 24,00","BDI2 = 22,49"]
[null,null,null,null,null,null,null,null,null,null,null,"ITEM","CÓDIGO","DESCRIÇÃO",null,null,null,null,null,null,"UNIDADE","QUANTIDADE","BDI","PREÇO (R$) SEM BDI",null,"PREÇO (R$) COM BDI",null,null,"DIFERENÇA ","VALOR","DIFERENÇA EM "]
[null,null,null,null,null,null,null,null,null,null,null,null,null,null,null,null,null,null,null,null,null,null,null,"VALOR UNIT.","TOTAL","VALOR UNIT.","TOTAL",null,"DE VALOR","UNIT. REF.","PERCENTUAL","REFERÊNCIA"]
[null,null,null,null,null,null,null,null,null,null,null,13,"","NOVOS ITENS 1",null,null,null,null,null,null,"",null,null,null,861,null,1060.69,"","BDI1 = 24,00","BDI2 = 22,49",null,""]
[null,null,null,null,null,null,null,null,null,null,null,"13.1","IIO-PLA-005","FORNECIMENTO E COLOCAÇÃO DE PLACA DE OBRA EM CHAPA GALVANIZADA (3,00 X 1,5 0 M) - EM CHAPA GALVANIZADA 0,26 AFIXADAS COM REBITES 540 E PARAFUSOS 3/8, EM ESTRUTURA METÁLICA VIGA U 2\" ENRIJECIDA COM METALON 20 X 20, SUPORTE EM EUCALIPTO AUTOCLAVADO PINTADAS",null,null,null,null,null,null,"U",1,"BDI1",401,401,497.24,497.24,"SETOP Sul 08_2019",-689.22,1090.22,-63.22,"SETOP Sul 08_2019"]
[null,null,null,null,null,null,null,null,null,null,null,14,"","NOVOS ITENS 2",null,null,null,null,null,null,"",null,null,null,460,null,563.45000000000005,"",null,null,null,""]
[null,null,null,null,null,null,null,null,null,null,null,"14.1","74209/1","PLACA DE OBRA EM CHAPA DE ACO GALVANIZADO",null,null,null,null,null,null,"M2",2,"BDI2",230,460,281.73,563.45000000000005,"SINAPI 11_2019",-141.63999999999999,300.82,-23.54,"SINAPI 11_2019"]

{"sheet":"MsA2XADT","index":32,"n_rows":0,"n_cols":0,"rows_kept":0,"cut":false,"hidden":false,"merged":[]}

{"sheet":"MsA3X","index":33,"n_rows":0,"n_cols":0,"rows_kept":0,"cut":false,"hidden":false,"merged":[]}

{"sheet":"Impressão - BDI1","index":34,"n_rows":43,"n_cols":11,"rows_kept":43,"cut":false,"hidden":false,"merged":[[21,1,21,8],[25,1,25,8],[27,1,27,10],[29,3,29,8],[31,3,32,3],[31,4,31,7],[31,8,32,8],[32,4,32,7],[16,1,16,8],[17,1,17,8],[18,1,18,8],[19,1,19,8],[20,1,20,8],[1,1,1,10],[2,1,2,10],[12,1,12,10],[13,1,13,10],[15,1,15,8],[35,1,36,10],[38,1,39,10],[42,1,42,10],[43,1,58,10],[22,1,22,8],[23,1,23,8],[24,1,24,8]]}
[]
[null,"BDI 1"]
[null,"INFORMAÇÕES GERAIS"]
[null,"Município: Ouro Fino"]
[null,"Projeto: Adutora de Água Bruta Barragem Gargatá"]
[null,"Responsável Técnico: Ronaldo Pereira de Almeida"]
[null,"Nº CREA/CAU: 103382/D"]
[null,"Data: 04/08/2023"]
[]
[null,"Conforme legislação tributária municipal, definir estimativa de percentual da base de cálculo para o ISS:  ",null,null,null,null,null,null,null,null,100]
[null,"Sobre a base de cálculo, definir a respectiva alíquota do ISS (entre 2% e 5%):  ",null,null,null,null,null,null,null,null,5]
[]
[null,"Tipo de Obra"]
[null,"Construção de Redes de Abastecimento de Água, Coleta de Esgoto"]
[]
[null,"Itens",null,null,null,null,null,null,null,"Siglas","% Adotado"]
[null,"Administração Central",null,null,null,null,null,null,null,"AC",4.01]
[null,"Seguro e Garantia",null,null,null,null,null,null,null,"SG",0.4]
[null,"Risco",null,null,null,null,null,null,null,"R",0.56000000000000005]
[null,"Despesas Financeiras",null,null,null,null,null,null,null,"DF",1.1100000000000001]
[null,"Lucro",null,null,null,null,null,null,null,"L",7.3]
[null,"Tributos (impostos COFINS 3%, e  PIS 0,65%)",null,null,null,null,null,null,null,"CP",3.65]
[null,"Tributos (ISS, variável de acordo com o município)",null,null,null,null,null,null,null,"ISS",5]
[null,"Tributos (Contribuição Previdenciária sobre a Receita Bruta - 0% ou 4,5% - Desoneração)",null,null,null,null,null,null,null,"CPRB",0]
[null,"BDI SEM desoneração (Fórmula Acórdão TCU)",null,null,null,null,null,null,null,"BDI PAD",24.67]
[]
[]
[]
[]
[null,null,null,"Os valores de BDI foram calculados com o emprego da fórmula:"]
[]
[null,null,null,"BDI =","(1 + AC + SG + R) * (1 + DF) * (1 + L)",null,null,null,-1]
[null,null,null,null,"(1-CP-ISS-CPRB)"]
[]
[]
[null,"Declaro para os devidos fins que, conforme legislação tributária municipal, a base de cálculo deste tipo de obra corresponde a 100%, com a respectiva alíquota de 5%."]
[]
[]
[null,"Declaro para os devidos fins que o regime de Contribuição Previdenciária sobre a Receita Bruta adotado para elaboração do orçamento foi SEM DESONERAÇÃO, e que esta é a alternativa mais adequada para a Administração Pública."]
[]
[]
[]
[null,"Observações"]

{"sheet":"Impressão - BDI2","index":35,"n_rows":43,"n_cols":11,"rows_kept":43,"cut":false,"hidden":false,"merged":[[31,8,32,8],[32,4,32,7],[38,1,39,10],[42,1,42,10],[43,1,58,10],[35,1,36,10],[31,3,32,3],[31,4,31,7],[23,1,23,8],[24,1,24,8],[25,1,25,8],[27,1,27,10],[29,3,29,8],[22,1,22,8],[1,1,1,10],[2,1,2,10],[12,1,12,10],[13,1,13,10],[15,1,15,8],[16,1,16,8],[17,1,17,8],[18,1,18,8],[19,1,19,8],[20,1,20,8],[21,1,21,8]]}
[]
[null,"BDI 2"]
[null,"INFORMAÇÕES GERAIS"]
[null,"Município: Belo Horizonte"]
[null,"Projeto: Pavimentação do Bairro Horto"]
[null,"Responsável Técnico: Deiwid Breno Gonçalves da Silva"]
[null,"Nº CREA/CAU: 12.345"]
[null,"Data: 16/05/2020"]
[]
[null,"Conforme legislação tributária municipal, definir estimativa de percentual da base de cálculo para o ISS:  ",null,null,null,null,null,null,null,null,100]
[null,"Sobre a base de cálculo, definir a respectiva alíquota do ISS (entre 2% e 5%):  ",null,null,null,null,null,null,null,null,2]
[]
[null,"Tipo de Obra"]
[null,"Fornecimento de Materiais e Equipamentos (aquisição indireta - em conjunto com licitação de obras)"]
[]
[null,"Itens",null,null,null,null,null,null,null,"Siglas","% Adotado"]
[null,"Administração Central",null,null,null,null,null,null,null,"AC",1]
[null,"Seguro e Garantia",null,null,null,null,null,null,null,"SG",0.5]
[null,"Risco",null,null,null,null,null,null,null,"R",0.5]
[null,"Despesas Financeiras",null,null,null,null,null,null,null,"DF",1]
[null,"Lucro",null,null,null,null,null,null,null,"L",5]
[null,"Tributos (impostos COFINS 3%, e  PIS 0,65%)",null,null,null,null,null,null,null,"CP",3.65]
[null,"Tributos (ISS, variável de acordo com o município)",null,null,null,null,null,null,null,"ISS",2]
[null,"Tributos (Contribuição Previdenciária sobre a Receita Bruta - 0% ou 4,5% - Desoneração)",null,null,null,null,null,null,null,"CPRB",0]
[null,"BDI SEM desoneração (Fórmula Acórdão TCU)",null,null,null,null,null,null,null,"BDI PAD",14.65]
[]
[]
[]
[]
[null,null,null,"Os valores de BDI foram calculados com o emprego da fórmula:"]
[]
[null,null,null,"BDI =","(1 + AC + SG + R) * (1 + DF) * (1 + L)",null,null,null,-1]
[null,null,null,null,"(1-CP-ISS-CPRB)"]
[]
[]
[null,"Declaro para os devidos fins que, conforme legislação tributária municipal, a base de cálculo deste tipo de obra corresponde a 100%, com a respectiva alíquota de 2%."]
[]
[]
[null,"Declaro para os devidos fins que o regime de Contribuição Previdenciária sobre a Receita Bruta adotado para elaboração do orçamento foi SEM DESONERAÇÃO, e que esta é a alternativa mais adequada para a Administração Pública."]
[]
[]
[]
[null,"Observações"]

{"sheet":"Impressão - COT1","index":36,"n_rows":18,"n_cols":8,"rows_kept":18,"cut":false,"hidden":false,"merged":[[1,1,1,7],[2,1,2,7],[9,1,9,7],[12,1,12,7],[13,2,13,4],[13,6,13,7],[16,2,16,4],[16,6,16,7],[17,2,17,4],[17,6,17,7],[14,2,14,4],[14,6,14,7],[15,2,15,4],[15,6,15,7]]}
[]
[null,"COTAÇÕES"]
[null,"INFORMAÇÕES GERAIS"]
[null,"Município: Belo Horizonte"]
[null,"Projeto: Pavimentação do Bairro Horto"]
[null,"Responsável Técnico: Deiwid Breno Gonçalves da Silva"]
[null,"Nº CREA/CAU: 12.345"]
[null,"Data: 16/05/2020"]
[]
[null,"Índices de Retroação"]
[null,"Nome","Descrição","Data Base","Índice\nData Base","Data da Cotação","Índice\nData Cotação","Coeficiente"]
[]
[null,"Empresas Fornecedoras"]
[null,"CNPJ","Nome",null,null,"Telefone","Contato"]
[null,"11.111.111/1111-11","Empresa A",null,null,"(11)1111-1111","Atendente 1"]
[null,"22.222.222/2222-22","Empresa B",null,null,"(22)2222-2222","Atendente 2"]
[null,"33.333.333/3333-33","Empresa C",null,null,"(33)3333-3333","Atendente 3"]
[null,"44.444.444/4444-44","Empresa D",null,null,"(44)4444-4444","Atendente 4"]

{"sheet":"Impressão - COT1 Aditivo","index":37,"n_rows":26,"n_cols":8,"rows_kept":26,"cut":false,"hidden":false,"merged":[[17,2,17,4],[17,6,17,7],[1,1,1,7],[2,1,2,7],[10,1,10,7],[15,1,15,7],[16,2,16,4],[16,6,16,7],[18,2,18,4],[18,6,18,7],[19,2,19,4],[19,6,19,7],[20,2,20,4],[20,6,20,7],[24,2,24,4],[24,6,24,7],[25,2,25,4],[25,6,25,7],[21,2,21,4],[21,6,21,7],[22,2,22,4],[22,6,22,7],[23,2,23,4],[23,6,23,7]]}
[]
[null,"COTAÇÕES"]
[null,"INFORMAÇÕES GERAIS"]
[null,"Município: Belo Horizonte",null,null,"Empresa Executora: Empresa de Pavimentações"]
[null,"Obra: Pavimentação da Avenida Teresa Cristina",null,null,"Nº do Contrato Licitado: 12345"]
[null,"Responsável Técnico Fiscal: Breno Oliveira Pierre de Souza",null,null,"Responsável Técnico Executor: Alan Pereira Neto Filho"]
[null,"Nº CREA/CAU: 123456-7",null,null,"Nº CREA/CAU: 789456-1"]
[null,"Contrato BDMG Nº: 256.563",null,null,"Nº do Termo Aditivo: 1"]
[null,"Data: 13/04/2020",null,null,"Tipo de Aditivo: Adição e/ou Supressão de Quantitativos, Prazo e Reajuste"]
[]
[null,"Índices de Retroação"]
[null,"Nome","Descrição","Data Base","Índice\nData Base","Data da Cotação","Índice\nData Cotação","Coeficiente"]
[null,"INPC","ÍNCIDE NACIONAL DE PREÇOS AO CONSUMIDOR","01/03/2020",1.07,"01/02/2020",1.05,1.02]
[null,"IPCA","ÍNDICE DE PREÇOS AO CONSUMIDOR AMPLO","01/03/2020",1.21,"01/02/2020",0,1.21]
[]
[null,"Empresas Fornecedoras"]
[null,"CNPJ","Nome",null,null,"Telefone","Contato"]
[null,"09.111.318/0001-14","Ibilux",null,null,"(19)3813-8800","Mônica"]
[null,"08.761.664/0001-85","Pavers",null,null,"(31)3324-3415","Rodolfo Dutra"]
[null,"26.909.869/0001-47","Pollo Fundidos",null,null,"(37)9812-9590","Arnaldo Antunes"]
[null,"13.661.778/0001-93","Solar Livre",null,null,"(35)3474-0880","Amanda Ferreira"]
[null,"00.860.887/0001-98","Blojaf",null,null,"(31)3514-1200","Robert Vieira"]
[null,"18.947.568/0001-80","Portal Solar",null,null,"(11)5090-5560","Ronaldo Vera"]
[null,"20.303.040/0001-10","Lasled",null,null,"(19)2121-9060","Roberta Antonine"]
[null,"08.821.528/0001-33","World Clean",null,null,"(11)2317-9739","Laura Pontes"]
[null,"02.846.286/0001-56","Metalurgica Dragão",null,null,"(37)3381-1750","Thais Oliveira"]

{"sheet":"Impressão - COT2","index":38,"n_rows":141,"n_cols":6,"rows_kept":141,"cut":false,"hidden":false,"merged":[[1,1,1,5],[2,1,2,5],[32,2,32,3],[24,2,24,3],[25,2,25,3],[26,2,26,3],[29,2,29,3],[31,2,31,3],[11,2,11,3],[12,2,12,3],[13,2,13,3],[14,2,14,3],[17,2,17,3],[18,2,18,3],[19,2,19,3],[20,2,20,3],[23,2,23,3],[30,2,30,3],[35,2,35,3],[36,2,36,3],[37,2,37,3],[38,2,38,3],[41,2,41,3],[42,2,42,3],[43,2,43,3],[44,2,44,3],[47,2,47,3],[48,2,48,3],[49,2,49,3],[50,2,50,3],[53,2,53,3],[54,2,54,3],[55,2,55,3],[56,2,56,3],[59,2,59,3],[60,2,60,3],[61,2,61,3],[62,2,62,3],[65,2,65,3],[66,2,66,3],[67,2,67,3],[68,2,68,3],[71,2,71,3],[72,2,72,3],[73,2,73,3],[74,2,74,3],[77,2,77,3],[78,2,78,3],[79,2,79,3],[80,2,80,3],[83,2,83,3],[84,2,84,3],[85,2,85,3],[86,2,86,3],[89,2,89,3],[90,2,90,3],[91,2,91,3],[92,2,92,3],[95,2,95,3],[96,2,96,3],[97,2,97,3],[98,2,98,3],[101,2,101,3],[102,2,102,3],[103,2,103,3],[104,2,104,3],[107,2,107,3],[108,2,108,3],[109,2,109,3],[110,2,110,3],[113,2,113,3],[114,2,114,3],[115,2,115,3],[116,2,116,3],[119,2,119,3],[120,2,120,3],[121,2,121,3],[122,2,122,3],[125,2,125,3],[126,2,126,3],[127,2,127,3],[128,2,128,3],[131,2,131,3],[139,2,139,3],[140,2,140,3],[132,2,132,3],[133,2,133,3],[134,2,134,3],[137,2,137,3],[138,2,138,3]]}
[]
[null,"COTAÇÕES"]
[null,"INFORMAÇÕES GERAIS"]
[null,"Município: Ouro Fino"]
[null,"Projeto: Adutora de Água Bruta Barragem Gargatá"]
[null,"Responsável Técnico: Ronaldo Pereira de Almeida"]
[null,"Nº CREA/CAU: 103382/D"]
[null,"Data: 04/08/2023"]
[null,"Código","Descrição","Unidade","Média / Mediana","Índice Retro"]
[]
[null,"COT-001","QGBT 440V","UN",18100]
[null,"CNPJ","Empresa",null,"Valor (R$)","Data da Cotação"]
[null,"31.479.216/0001-05","ELÉTRICA MG",null,17300,"24/07/2023"]
[null,"25.131.235/0001-43","MACRE ENERGIA E AUTOMÇÃO LTDA",null,18100,"24/07/2023"]
[null,"18.671.271/0001-34","FLEX TELECOMUNICAÇÕES LTDA",null,18787.8,"24/07/2023"]
[]
[null,"COT-002","QDC 220V","UN",2510]
[null,"CNPJ","Empresa",null,"Valor (R$)","Data da Cotação"]
[null,"18.671.271/0001-34","FLEX TELECOMUNICAÇÕES LTDA",null,2649.84,"24/07/2023"]
[null,"25.131.235/0001-43","MACRE ENERGIA E AUTOMÇÃO LTDA",null,2510,"24/07/2023"]
[null,"31.479.216/0001-05","ELÉTRICA MG",null,2440,"24/07/2023"]
[]
[null,"COT-003","PDA (PAINEL DE AUTOMAÇÃO COM CLP)","UN",26850]
[null,"CNPJ","Empresa",null,"Valor (R$)","Data da Cotação"]
[null,"18.671.271/0001-34","FLEX TELECOMUNICAÇÕES LTDA",null,28996.2,"24/07/2023"]
[null,"25.131.235/0001-43","MACRE ENERGIA E AUTOMÇÃO LTDA",null,26850,"24/07/2023"]
[null,"31.479.216/0001-05","ELÉTRICA MG",null,26700,"24/07/2023"]
[]
[null,"COT-004","QCM-01 50 CV/440V INVERSOR DE FREQUENCIA TRIFÁSICO 76A","UN",43380]
[null,"CNPJ","Empresa",null,"Valor (R$)","Data da Cotação"]
[null,"18.671.271/0001-34","FLEX TELECOMUNICAÇÕES LTDA",null,46285.32,"24/07/2023"]
[null,"25.131.235/0001-43","MACRE ENERGIA E AUTOMÇÃO LTDA",null,43380,"24/07/2023"]
[null,"31.479.216/0001-05","ELÉTRICA MG",null,42620,"24/07/2023"]
[]
[null,"COT-005","QCM-02 50CV/440V - INVERSOR DE FREQUÊNCIA TRIFÁSICO 76A","UN",43380]
[null,"CNPJ","Empresa",null,"Valor (R$)","Data da Cotação"]
[null,"18.671.271/0001-34","FLEX TELECOMUNICAÇÕES LTDA",null,46285.32,"24/07/2023"]
[null,"25.131.235/0001-43","MACRE ENERGIA E AUTOMÇÃO LTDA",null,43380,"24/07/2023"]
[null,"31.479.216/0001-05","ELÉTRICA MG",null,42620,"24/07/2023"]
[]
[null,"COT-006","SENSOR DE NÍVEL HIDROSTÁTICO 0~10 METROS, SAÍDA 4~20MA","UN",1838]
[null,"CNPJ","Empresa",null,"Valor (R$)","Data da Cotação"]
[null,"18.671.271/0001-34","FLEX TELECOMUNICAÇÕES LTDA",null,1954.8,"24/07/2023"]
[null,"25.131.235/0001-43","MACRE ENERGIA E AUTOMÇÃO LTDA",null,1838,"24/07/2023"]
[null,"31.479.216/0001-05","ELÉTRICA MG",null,1800,"24/07/2023"]
[]
[null,"COT-007","SISTEMA DE RÁDIO ENLACE PARA COMUNICAÇÃO EAB/ETA","CJ",25915]
[null,"CNPJ","Empresa",null,"Valor (R$)","Data da Cotação"]
[null,"18.671.271/0001-34","FLEX TELECOMUNICAÇÕES LTDA",null,28094.82,"24/07/2023"]
[null,"25.131.235/0001-43","MACRE ENERGIA E AUTOMÇÃO LTDA",null,25915,"24/07/2023"]
[null,"31.479.216/0001-05","ELÉTRICA MG",null,25870,"24/07/2023"]
[]
[null,"COT-008","TRANSFORMADOR 112,5 KVA - 13,8KV/0,44KV - 15KV","UN",29016]
[null,"CNPJ","Empresa",null,"Valor (R$)","Data da Cotação"]
[null,"18.671.271/0001-34","FLEX TELECOMUNICAÇÕES LTDA",null,30060.48,"24/07/2023"]
[null,"25.131.235/0001-43","MACRE ENERGIA E AUTOMÇÃO LTDA",null,29016,"24/07/2023"]
[null,"31.479.216/0001-05","ELÉTRICA MG",null,27680,"24/07/2023"]
[]
[null,"COT-009","TRASFORMADOR 15 KVA - 0,44V/0,22KV - 1KV","UN",6211]
[null,"CNPJ","Empresa",null,"Valor (R$)","Data da Cotação"]
[null,"18.671.271/0001-34","FLEX TELECOMUNICAÇÕES LTDA",null,6450.84,"24/07/2023"]
[null,"25.131.235/0001-43","MACRE ENERGIA E AUTOMÇÃO LTDA",null,6211,"24/07/2023"]
[null,"31.479.216/0001-05","ELÉTRICA MG",null,5940,"24/07/2023"]
[]
[null,"COT-010","JUNTA DE DESMONTAGEM TRAVADA AXIALMENTE C/ TIRANTES DN 200","UN",1488.4]
[null,"CNPJ","Empresa",null,"Valor (R$)","Data da Cotação"]
[null,"66.832.825/0001-80","HIDROTAM TUBOS E CONEXÕES",null,1488.4,"24/07/2023"]
[null,"34.086.617/0001-93","REDE SANEAMENTO",null,2719.83,"21/07/2023"]
[null,"15.362.871/0001-22","CARVALHO SANEAMENTO",null,1184.3399999999999,"25/07/2023"]
[]
[null,"COT-011","CURVA FD FLANGEADA DN100X90","UN",387.4]
[null,"CNPJ","Empresa",null,"Valor (R$)","Data da Cotação"]
[null,"34.086.617/0001-93","REDE SANEAMENTO",null,488.66,"21/07/2023"]
[null,"66.832.825/0001-80","HIDROTAM TUBOS E CONEXÕES",null,387.4,"24/07/2023"]
[null,"15.362.871/0001-22","CARVALHO SANEAMENTO",null,384.1,"25/07/2023"]
[]
[null,"COT-012","CONJUNTO MOTOBOMBA ANFÍBIA, ROTOR RADIAL MONOBLOCO, SELO MECÂNICO, IPW68, MOTOR 50CV, POTÊNCIA REQUERIDA 38CV","UN",139284.25]
[null,"CNPJ","Empresa",null,"Valor (R$)","Data da Cotação"]
[null,"11.463.372/0001-70","MANTIQUEIRA CONSTRUÇÕES E PROJETOS DE ENERGIA RENO",null,135000,"02/08/2023"]
[null,"82.992.686/0001-09","SIDRASUL",null,343530,"24/04/2023"]
[null,"23.729.444/0001-68","HELIBOMBAS",null,139284.25,"14/04/2023"]
[]
[null,"COT-013","COMPORTA DESLIZANTE DE PAREDE","UN",28980]
[null,"CNPJ","Empresa",null,"Valor (R$)","Data da Cotação"]
[null,"31.866.667/0001-03","DIM EQUIPAMENTOS",null,19200,"01/08/2023"]
[null,"11.463.372/0001-70","MANTIQUEIRA CONSTRUÇÕES E PROJETOS DE ENERGIA RENO",null,30000,"01/08/2023"]
[null,"17.521.368/0001-06","VALCOM INDUSTRIA E COMERCIO DE EQUIPAMENTOS",null,28980,"01/08/2023"]
[]
[null,"COT-014","TOCO FD FF16 DN 150X1000","UN",1566.7]
[null,"CNPJ","Empresa",null,"Valor (R$)","Data da Cotação"]
[null,"43.169.448/0001-46","ÁGUAS DA SERRA",null,1566.7,"01/08/2023"]
[null,"15.362.871/0001-22","CARVALHO SANEAMENTO",null,1034,"25/07/2023"]
[null,"66.832.825/0001-80","HIDROTAM TUBOS E CONEXÕES",null,1830,"02/08/2023"]
[]
[null,"COT-015","TOCO FD FFF16 DN 100X1000","UN",1289.48]
[null,"CNPJ","Empresa",null,"Valor (R$)","Data da Cotação"]
[null,"43.169.448/0001-46","ÁGUAS DA SERRA",null,1289.48,"01/08/2023"]
[null,"15.362.871/0001-22","CARVALHO SANEAMENTO",null,777,"25/07/2023"]
[null,"66.832.825/0001-80","HIDROTAM TUBOS E CONEXÕES",null,1368,"02/08/2023"]
[]
[null,"COT-016","CHAVE SECCIONADORA SOB CARGA TRIFÁSICA 200A/15KV, NBL MINÍMO 95KV","UN",3187.9]
[null,"CNPJ","Empresa",null,"Valor (R$)","Data da Cotação"]
[null,"31.479.216/0001-05","ELÉTRICA MG",null,2846,"01/08/2023"]
[null,"25.131.235/0001-43","MACRE ENERGIA E AUTOMÇÃO LTDA",null,6100,"02/08/2023"]
[null,"18.671.271/0001-34","FLEX TELECOMUNICAÇÕES LTDA",null,3187.9,"01/08/2023"]
[]
[null,"COT-017","GRADE DE PROTEÇÃO COM TELA ZINCADA N12","UN",4431.5]
[null,"CNPJ","Empresa",null,"Valor (R$)","Data da Cotação"]
[null,"31.479.216/0001-05","ELÉTRICA MG",null,4431.5,"01/08/2023"]
[null,"25.131.235/0001-43","MACRE ENERGIA E AUTOMÇÃO LTDA",null,2475,"02/08/2023"]
[null,"18.671.271/0001-34","FLEX TELECOMUNICAÇÕES LTDA",null,4808.17,"01/08/2023"]
[]
[null,"COT-018","TELA MECANICA TIPO VENEZIANAPARA VENTILAÇÃO INTERNA","UN",1300]
[null,"CNPJ","Empresa",null,"Valor (R$)","Data da Cotação"]
[null,"18.671.271/0001-34","FLEX TELECOMUNICAÇÕES LTDA",null,1335.14,"01/08/2023"]
[null,"25.131.235/0001-43","MACRE ENERGIA E AUTOMÇÃO LTDA",null,1300,"02/08/2023"]
[null,"31.479.216/0001-05","ELÉTRICA MG",null,1207.5,"01/08/2023"]
[]
[null,"COT-019","MUFLA TERMINAL PARA CONDUTOR DE COBRE 15KV USO INTERNO","UN",455.73]
[null,"CNPJ","Empresa",null,"Valor (R$)","Data da Cotação"]
[null,"31.479.216/0001-05","ELÉTRICA MG",null,420,"01/08/2023"]
[null,"25.131.235/0001-43","MACRE ENERGIA E AUTOMÇÃO LTDA",null,485,"02/08/2023"]
[null,"18.671.271/0001-34","FLEX TELECOMUNICAÇÕES LTDA",null,455.73,"01/08/2023"]
[]
[null,"COT-020","PLATAFORMA BASCULANTE DE MADEIRA","UN",640]
[null,"CNPJ","Empresa",null,"Valor (R$)","Data da Cotação"]
[null,"18.671.271/0001-34","FLEX TELECOMUNICAÇÕES LTDA",null,695.5,"01/08/2023"]
[null,"25.131.235/0001-43","MACRE ENERGIA E AUTOMÇÃO LTDA",null,635,"02/08/2023"]
[null,"31.479.216/0001-05","ELÉTRICA MG",null,640,"01/08/2023"]
[]
[null,"COT-021","TERMINAL AÉREO DE AÇO GALVANIZADO DIÂMETRO 3/8\", COMPRIMENTO 300MM","UN",67.7]
[null,"CNPJ","Empresa",null,"Valor (R$)","Data da Cotação"]
[null,"18.671.271/0001-34","FLEX TELECOMUNICAÇÕES LTDA",null,67.7,"01/08/2023"]
[null,"25.131.235/0001-43","MACRE ENERGIA E AUTOMÇÃO LTDA",null,267,"02/08/2023"]
[null,"31.479.216/0001-05","ELÉTRICA MG",null,61.93,"01/08/2023"]
[]
[null,"COT-022","CAVALETE AÇO PINTADO ANTICORROSIVO PARA 3TP E 3 TC","UN",2310]
[null,"CNPJ","Empresa",null,"Valor (R$)","Data da Cotação"]
[null,"31.479.216/0001-05","ELÉTRICA MG",null,2178,"01/08/2023"]
[null,"25.131.235/0001-43","MACRE ENERGIA E AUTOMÇÃO LTDA",null,2310,"02/08/2023"]
[null,"18.671.271/0001-34","FLEX TELECOMUNICAÇÕES LTDA",null,2670,"01/08/2023"]

{"sheet":"Impressão - COT2 Aditivo","index":39,"n_rows":52,"n_cols":7,"rows_kept":52,"cut":false,"hidden":false,"merged":[[50,2,50,4],[51,2,51,4],[18,2,18,4],[19,2,19,4],[20,2,20,4],[39,2,39,4],[42,2,42,4],[43,2,43,4],[46,2,46,4],[47,2,47,4],[30,2,30,4],[31,2,31,4],[34,2,34,4],[35,2,35,4],[38,2,38,4],[21,2,21,4],[24,2,24,4],[25,2,25,4],[26,2,26,4],[27,2,27,4],[1,1,1,6],[2,1,2,6],[15,2,15,4],[12,2,12,4],[13,2,13,4],[14,2,14,4],[9,2,9,3]]}
[]
[null,"COTAÇÕES"]
[null,"INFORMAÇÕES GERAIS"]
[null,"Município: Belo Horizonte",null,"Empresa Executora: Empresa de Pavimentações"]
[null,"Obra: Pavimentação da Avenida Teresa Cristina",null,"Nº do Contrato Licitado: 12345"]
[null,"Responsável Técnico Fiscal: Breno Oliveira Pierre de Souza",null,"Responsável Técnico Executor: Alan Pereira Neto Filho"]
[null,"Nº CREA/CAU: 123456-7",null,"Nº CREA/CAU: 789456-1"]
[null,"Contrato BDMG Nº: 256.563",null,"Nº do Termo Aditivo: 1"]
[null,"Data: 13/04/2020",null,"Tipo de Aditivo: Adição e/ou Supressão de Quantitativos, Prazo e Reajuste"]
[null,"Código","Descrição",null,"Unidade","Média / Mediana","Índice Retro"]
[]
[null,"COT-001","POSTE SOLAR GERADOR ENERGIA AUTONOMO COM LUMINÁRIA 12V",null,"un",2600]
[null,"CNPJ","Empresa",null,null,"Valor (R$)","Data da Cotação"]
[null,"09.111.318/0001-14","Ibilux",null,null,2600,"14/11/2019"]
[null,"13.661.778/0001-93","Solar Livre",null,null,2480,"14/11/2019"]
[null,"18.947.568/0001-80","Portal Solar",null,null,2642,"14/11/2019"]
[]
[null,"COT-002","PISO INTERTRAVADO TIPO TANGRAM",null,"m2",1.7]
[null,"CNPJ","Empresa",null,null,"Valor (R$)","Data da Cotação"]
[null,"08.761.664/0001-85","Pavers",null,null,1.83,"14/11/2019"]
[null,"00.860.887/0001-98","Blojaf",null,null,1.7,"14/11/2019"]
[null,"20.303.040/0001-10","Lasled",null,null,1.7,"14/11/2019"]
[]
[null,"COT-003","LIXEIRA REDONDA EM TELA MOEDA - FORNECIMENTO E INSTALAÇÃO",null,"un",200]
[null,"CNPJ","Empresa",null,null,"Valor (R$)","Data da Cotação"]
[null,"26.909.869/0001-47","Pollo Fundidos",null,null,178,"14/11/2019"]
[null,"02.846.286/0001-56","Metalurgica Dragão",null,null,200,"14/11/2019"]
[null,"08.821.528/0001-33","World Clean",null,null,215,"14/11/2019"]
[]
[null,"COT-004","INSTALAÇÕES HIDRÁULICAS",null,"un",1000]
[null,"CNPJ","Empresa",null,null,"Valor (R$)","Data da Cotação"]
[null,"09.111.318/0001-14","Ibilux",null,null,1000,"14/11/2019"]
[]
[null,"COT-005","BICO GEISER",null,"un",1000]
[null,"CNPJ","Empresa",null,null,"Valor (R$)","Data da Cotação"]
[null,"09.111.318/0001-14","Ibilux",null,null,1000,"14/11/2019"]
[]
[null,"COT-006","BICO ARTICULADO",null,"un",400]
[null,"CNPJ","Empresa",null,null,"Valor (R$)","Data da Cotação"]
[null,"09.111.318/0001-14","Ibilux",null,null,400,"14/11/2019"]
[]
[null,"COT-007","CASA DE MÁQUINAS (1,20X1,50X0,50)",null,"un",1000]
[null,"CNPJ","Empresa",null,null,"Valor (R$)","Data da Cotação"]
[null,"09.111.318/0001-14","Ibilux",null,null,1000,"14/11/2019"]
[]
[null,"COT-008","JARDINAGEM E PAISAGISMO",null,"m2",80]
[null,"CNPJ","Empresa",null,null,"Valor (R$)","Data da Cotação"]
[null,"09.111.318/0001-14","Ibilux",null,null,80,"14/11/2019"]
[]
[null,"COT-009","COTAÇÃO TESTE",null,"M2",1.2545999999999999,"INPC"]
[null,"CNPJ","Empresa",null,null,"Valor (R$)","Data da Cotação"]
[null,"09.111.318/0001-14","Ibilux",null,null,1.23,"01/03/2020"]

{"sheet":"Impressão - CRO","index":40,"n_rows":23,"n_cols":179,"rows_kept":23,"cut":false,"hidden":false,"merged":[[8,121,8,122],[8,131,8,132],[8,133,8,134],[3,22,3,23],[8,19,9,19],[8,21,8,22],[8,49,8,50],[8,51,8,52],[8,55,9,55],[8,57,8,58],[8,59,8,60],[8,61,8,62],[8,37,9,37],[8,39,8,40],[8,41,8,42],[8,43,8,44],[8,45,8,46],[8,47,8,48],[8,63,8,64],[8,65,8,66],[8,67,8,68],[8,25,8,26],[8,27,8,28],[8,15,8,16],[8,23,8,24],[8,69,8,70],[8,109,9,109],[8,111,8,112],[8,113,8,114],[8,115,8,116],[8,117,8,118],[8,119,8,120],[8,33,8,34],[1,37,1,52],[1,55,1,70],[2,37,2,52],[2,55,2,70],[3,40,3,41],[3,58,3,59],[1,1,1,16],[2,1,2,16],[2,19,2,34],[1,19,1,34],[1,73,1,88],[1,91,1,106],[2,73,2,88],[2,91,2,106],[3,76,3,77],[3,94,3,95],[8,85,8,86],[8,87,8,88],[8,91,9,91],[8,93,8,94],[8,95,8,96],[8,97,8,98],[8,73,9,73],[8,75,8,76],[8,77,8,78],[8,79,8,80],[8,81,8,82],[8,83,8,84],[8,99,8,100],[8,101,8,102],[8,103,8,104],[8,105,8,106],[1,145,1,160],[1,163,1,178],[2,145,2,160],[2,163,2,178],[3,148,3,149],[3,166,3,167],[1,109,1,124],[1,127,1,142],[2,109,2,124],[2,127,2,142],[3,112,3,113],[3,130,3,131],[8,171,8,172],[8,173,8,174],[8,175,8,176],[8,177,8,178],[8,157,8,158],[8,159,8,160],[8,163,9,163],[8,165,8,166],[8,167,8,168],[8,169,8,170],[21,1,21,2],[22,1,22,2],[8,145,9,145],[8,147,8,148],[8,149,8,150],[8,151,8,152],[8,153,8,154],[8,155,8,156],[8,135,8,136],[8,137,8,138],[8,139,8,140],[8,141,8,142],[8,29,8,30],[8,31,8,32],[8,123,8,124],[8,127,9,127],[8,129,8,130],[8,1,9,1],[8,3,8,4],[8,5,8,6],[8,7,8,8],[8,9,8,10],[8,11,8,12],[8,13,8,14]]}
[]
[null,"CRONOGRAMA FÍSICO E FINANCEIRO",null,null,null,null,null,null,null,null,null,null,null,null,null,null,null,null,null,"CRONOGRAMA FÍSICO E FINANCEIRO",null,null,null,null,null,null,null,null,null,null,null,null,null,null,null,null,null,"CRONOGRAMA FÍSICO E FINANCEIRO",null,null,null,null,null,null,null,null,null,null,null,null,null,null,null,null,null,"CRONOGRAMA FÍSICO E FINANCEIRO",null,null,null,null,null,null,null,null,null,null,null,null,null,null,null,null,null,"CRONOGRAMA FÍSICO E FINANCEIRO",null,null,null,null,null,null,null,null,null,null,null,null,null,null,null,null,null,"CRONOGRAMA FÍSICO E FINANCEIRO",null,null,null,null,null,null,null,null,null,null,null,null,null,null,null,null,null,"CRONOGRAMA FÍSICO E FINANCEIRO",null,null,null,null,null,null,null,null,null,null,null,null,null,null,null,null,null,"CRONOGRAMA FÍSICO E FINANCEIRO",null,null,null,null,null,null,null,null,null,null,null,null,null,null,null,null,null,"CRONOGRAMA FÍSICO E FINANCEIRO",null,null,null,null,null,null,null,null,null,null,null,null,null,null,null,null,null,"CRONOGRAMA FÍSICO E FINANCEIRO"]
[null,"INFORMAÇÕES GERAIS",null,null,null,null,null,null,null,null,null,null,null,null,null,null,null,null,null,"INFORMAÇÕES GERAIS",null,null,null,null,null,null,null,null,null,null,null,null,null,null,null,null,null,"INFORMAÇÕES GERAIS",null,null,null,null,null,null,null,null,null,null,null,null,null,null,null,null,null,"INFORMAÇÕES GERAIS",null,null,null,null,null,null,null,null,null,null,null,null,null,null,null,null,null,"INFORMAÇÕES GERAIS",null,null,null,null,null,null,null,null,null,null,null,null,null,null,null,null,null,"INFORMAÇÕES GERAIS",null,null,null,null,null,null,null,null,null,null,null,null,null,null,null,null,null,"INFORMAÇÕES GERAIS",null,null,null,null,null,null,null,null,null,null,null,null,null,null,null,null,null,"INFORMAÇÕES GERAIS",null,null,null,null,null,null,null,null,null,null,null,null,null,null,null,null,null,"INFORMAÇÕES GERAIS",null,null,null,null,null,null,null,null,null,null,null,null,null,null,null,null,null,"INFORMAÇÕES GERAIS"]
[null,"Município: Ouro Fino",null,null,null,null,null,null,null,null,null,null,null,null,null,null,null,null,null,"Município: Abadia dos Dourados"]
[null,"Projeto: Adutora de Água Bruta Barragem Gargatá",null,null,null,null,null,null,null,null,null,null,null,null,null,null,null,null,null,"Projeto: Construção do Cemitério Municipal"]
[null,"Responsável Técnico: Ronaldo Pereira de Almeida",null,null,null,null,null,null,null,null,null,null,null,null,null,null,null,null,null,"Responsável Técnico: Zeca Diabo"]
[null,"Nº CREA/CAU: 103382/D",null,null,null,null,null,null,null,null,null,null,null,null,null,null,null,null,null,"Nº CREA/CAU: 123.666-01"]
[null,"Data: 04/08/2023",null,null,null,null,null,null,null,null,null,null,null,null,null,null,null,null,null,"Data: 04/12/2019"]
[null,"Item","Descrição","Valor dos Serviços",null,"MÊS 1",null,"MÊS 2",null,"MÊS 3",null,"MÊS 4",null,"MÊS 5",null,"MÊS 6",null,null,null,"Item","Descrição","Valor dos Serviços",null,"MÊS 7",null,"MÊS 8",null,"MÊS 9",null,"MÊS 10",null,"MÊS 11",null,"MÊS 12",null,null,null,"Item","Descrição","Valor dos Serviços",null,"MÊS 13",null,"MÊS 14",null,"MÊS 15",null,"MÊS 16",null,"MÊS 17",null,"MÊS 18",null,null,null,"Item","Descrição","Valor dos Serviços",null,"MÊS 19",null,"MÊS 20",null,"MÊS 21",null,"MÊS 22",null,"MÊS 23",null,"MÊS 24",null,null,null,"Item","Descrição","Valor dos Serviços",null,"MÊS 25",null,"MÊS 26",null,"MÊS 27",null,"MÊS 28",null,"MÊS 29",null,"MÊS 30",null,null,null,"Item","Descrição","Valor dos Serviços",null,"MÊS 31",null,"MÊS 32",null,"MÊS 33",null,"MÊS 34",null,"MÊS 35",null,"MÊS 36",null,null,null,"Item","Descrição","Valor dos Serviços",null,"MÊS 37",null,"MÊS 38",null,"MÊS 39",null,"MÊS 40",null,"MÊS 41",null,"MÊS 42",null,null,null,"Item","Descrição","Valor dos Serviços",null,"MÊS 43",null,"MÊS 44",null,"MÊS 45",null,"MÊS 46",null,"MÊS 47",null,"MÊS 48",null,null,null,"Item","Descrição","Valor dos Serviços",null,"MÊS 49",null,"MÊS 50",null,"MÊS 51",null,"MÊS 52",null,"MÊS 53",null,"MÊS 54",null,null,null,"Item","Descrição","Valor dos Serviços",null,"MÊS 55",null,"MÊS 56",null,"MÊS 57",null,"MÊS 58",null,"MÊS 59",null,"MÊS 60"]
[null,null,"Grandes Itens (Etapas da obra)","R$","Peso %","R$","Peso %","R$","Peso %","R$","Peso %","R$","Peso %","R$","Peso %","R$","Peso %",null,null,null,"Grandes Itens (Etapas da obra)","R$","Peso %","R$","Peso %","R$","Peso %","R$","Peso %","R$","Peso %","R$","Peso %","R$","Peso %",null,null,null,"Grandes Itens (Etapas da obra)","R$","Peso %","R$","Peso %","R$","Peso %","R$","Peso %","R$","Peso %","R$","Peso %","R$","Peso %",null,null,null,"Grandes Itens (Etapas da obra)","R$","Peso %","R$","Peso %","R$","Peso %","R$","Peso %","R$","Peso %","R$","Peso %","R$","Peso %",null,null,null,"Grandes Itens (Etapas da obra)","R$","Peso %","R$","Peso %","R$","Peso %","R$","Peso %","R$","Peso %","R$","Peso %","R$","Peso %",null,null,null,"Grandes Itens (Etapas da obra)","R$","Peso %","R$","Peso %","R$","Peso %","R$","Peso %","R$","Peso %","R$","Peso %","R$","Peso %",null,null,null,"Grandes Itens (Etapas da obra)","R$","Peso %","R$","Peso %","R$","Peso %","R$","Peso %","R$","Peso %","R$","Peso %","R$","Peso %",null,null,null,"Grandes Itens (Etapas da obra)","R$","Peso %","R$","Peso %","R$","Peso %","R$","Peso %","R$","Peso %","R$","Peso %","R$","Peso %",null,null,null,"Grandes Itens (Etapas da obra)","R$","Peso %","R$","Peso %","R$","Peso %","R$","Peso %","R$","Peso %","R$","Peso %","R$","Peso %",null,null,null,"Grandes Itens (Etapas da obra)","R$","Peso %","R$","Peso %","R$","Peso %","R$","Peso %","R$","Peso %","R$","Peso %","R$","Peso %"]
[null,"1","REDE ADUTORA DE ÁGUA BRUTA ",432753.88,25.698869364402793,216376.94,50,216376.94,50,0,null,0,null,0]
[null,"2","ELEVATÓRIA E MATERIAIS ",438573.12000000011,26.044441976161025,131571.93600000005,30,131571.93600000005,30,87714.624000000025,20,87714.624000000025,20,0]
[null,"3","SUBSTAÇÃO ABRIGADA N° 5 CEMIG",52574.5,3.1221099794617544,0,null,15772.35,30,15772.35,30,10514.9,20,10514.9,20]
[null,"4","DISTRIBUIÇÃO DE FORÇA E CONTROLE DE ILUMINAÇÃO EXTERNO",17821.829999999998,1.058340322690104,0,null,5346.5489999999991,30,5346.5489999999991,30,3564.366,20,3564.366,20]
[null,"5","DISTRIBUIÇÃO DE FORÇA E CONTROLE E ILUMINAÇÃO INTERNO (SALA ELÉTRICA)",15092.909999999996,0.89628479453191368,0,null,4527.8729999999987,30,4527.8729999999987,30,3018.5819999999994,20,3018.5819999999994,20]
[null,"6","SISTEM DE ATERRAMENTO E SPDA (SALA ELÉTRICA E SUBESTAÇÃO)",10645.890000000003,0.63220077051140966,0,null,3193.7670000000007,30,3193.7670000000007,30,2129.1780000000003,20,2129.1780000000003,20]
[null,"7","EQUIPAMENTOS (CONFORME RELAÇÃODE EQUIPAMENTOS E PROJETOS IPI INCLUSO)",278157.46999999997,16.51824007739177,83447.240999999995,30,83447.240999999995,30,55631.493999999992,20,27815.746999999996,10,27815.746999999996,10]
[null,"8","MÃO DE OBRA REFERENTE AS INSTALAÇÕES",58907.520000000011,3.4981931555667276,0,null,17672.256000000005,30,17672.256000000005,30,11781.504000000001,20,11781.504000000001,20]
[null,"9","ESTRUTURAL E ALVENARIA SUBSTAÇÃO ELEVATÓRIA",126960.88999999998,7.5395079681280093,73434.178775999986,57.84,21786.488723999999,17.16,9306.2332370000004,7.33,22433.989262999999,17.670000000000002,0]
[null,"10","ELEVATÓRIA",252453.30999999997,14.991811591154491,163463.51822499998,64.75,45365.859806999993,17.97,11032.209647,4.37,32591.722320999997,12.91,0]
[]
[null,"TOTAL",null,1683941.32,100,668293.81400100002,39.686288712305014,545061.26053099998,32.368186115357034,210197.35588400002,12.482463218136367,201564.61258400002,11.969812141910028,58824.276999999995,3.4932498122915585]
[null,"TOTAL ACUMULADO",null,1683941.3199999998,99.999999999999986,668293.81400100002,39.686288712305014,1213355.0745319999,72.054474827662034,1423552.4304159998,84.536938045798408,1625117.0429999998,96.50675018770842,1683941.3199999998,99.999999999999986]

{"sheet":"Impressão - CRO Aditivo","index":41,"n_rows":28,"n_cols":179,"rows_kept":28,"cut":false,"hidden":false,"merged":[[9,137,9,138],[9,139,9,140],[9,141,9,142],[9,145,10,145],[9,147,9,148],[9,149,9,150],[9,123,9,124],[9,127,10,127],[9,129,9,130],[9,131,9,132],[9,133,9,134],[9,135,9,136],[9,177,9,178],[9,165,9,166],[9,167,9,168],[9,169,9,170],[9,171,9,172],[9,173,9,174],[9,175,9,176],[9,151,9,152],[9,153,9,154],[9,155,9,156],[9,157,9,158],[9,159,9,160],[9,163,10,163],[9,111,9,112],[9,113,9,114],[9,115,9,116],[9,117,9,118],[9,119,9,120],[9,121,9,122],[9,97,9,98],[9,99,9,100],[9,101,9,102],[9,103,9,104],[9,105,9,106],[9,109,10,109],[9,49,9,50],[9,51,9,52],[9,55,10,55],[9,83,9,84],[9,85,9,86],[9,87,9,88],[9,91,10,91],[9,93,9,94],[9,95,9,96],[9,69,9,70],[9,73,10,73],[9,75,9,76],[9,77,9,78],[9,79,9,80],[9,81,9,82],[9,29,9,30],[9,31,9,32],[9,33,9,34],[9,37,10,37],[9,39,9,40],[9,41,9,42],[2,163,2,178],[3,22,3,23],[3,40,3,41],[3,58,3,59],[3,76,3,77],[3,94,3,95],[3,112,3,113],[3,130,3,131],[3,148,3,149],[3,166,3,167],[9,57,9,58],[9,59,9,60],[9,61,9,62],[9,63,9,64],[9,65,9,66],[9,67,9,68],[9,45,9,46],[9,47,9,48],[1,109,1,124],[1,127,1,142],[1,145,1,160],[1,163,1,178],[2,19,2,34],[2,37,2,52],[2,55,2,70],[2,73,2,88],[2,91,2,106],[2,109,2,124],[2,127,2,142],[1,1,1,16],[1,19,1,34],[1,37,1,52],[1,55,1,70],[1,73,1,88],[1,91,1,106],[26,1,26,2],[27,1,27,2],[2,145,2,160],[9,1,10,1],[9,3,9,4],[9,5,9,6],[9,7,9,8],[9,9,9,10],[9,11,9,12],[9,13,9,14],[2,1,2,16],[9,15,9,16],[9,19,10,19],[9,21,9,22],[9,23,9,24],[9,25,9,26],[9,27,9,28],[9,43,9,44]]}
[]
[null,"CRONOGRAMA FÍSICO E FINANCEIRO",null,null,null,null,null,null,null,null,null,null,null,null,null,null,null,null,null,"CRONOGRAMA FÍSICO E FINANCEIRO",null,null,null,null,null,null,null,null,null,null,null,null,null,null,null,null,null,"CRONOGRAMA FÍSICO E FINANCEIRO",null,null,null,null,null,null,null,null,null,null,null,null,null,null,null,null,null,"CRONOGRAMA FÍSICO E FINANCEIRO",null,null,null,null,null,null,null,null,null,null,null,null,null,null,null,null,null,"CRONOGRAMA FÍSICO E FINANCEIRO",null,null,null,null,null,null,null,null,null,null,null,null,null,null,null,null,null,"CRONOGRAMA FÍSICO E FINANCEIRO",null,null,null,null,null,null,null,null,null,null,null,null,null,null,null,null,null,"CRONOGRAMA FÍSICO E FINANCEIRO",null,null,null,null,null,null,null,null,null,null,null,null,null,null,null,null,null,"CRONOGRAMA FÍSICO E FINANCEIRO",null,null,null,null,null,null,null,null,null,null,null,null,null,null,null,null,null,"CRONOGRAMA FÍSICO E FINANCEIRO",null,null,null,null,null,null,null,null,null,null,null,null,null,null,null,null,null,"CRONOGRAMA FÍSICO E FINANCEIRO"]
[null,"INFORMAÇÕES GERAIS",null,null,null,null,null,null,null,null,null,null,null,null,null,null,null,null,null,"INFORMAÇÕES GERAIS",null,null,null,null,null,null,null,null,null,null,null,null,null,null,null,null,null,"INFORMAÇÕES GERAIS",null,null,null,null,null,null,null,null,null,null,null,null,null,null,null,null,null,"INFORMAÇÕES GERAIS",null,null,null,null,null,null,null,null,null,null,null,null,null,null,null,null,null,"INFORMAÇÕES GERAIS",null,null,null,null,null,null,null,null,null,null,null,null,null,null,null,null,null,"INFORMAÇÕES GERAIS",null,null,null,null,null,null,null,null,null,null,null,null,null,null,null,null,null,"INFORMAÇÕES GERAIS",null,null,null,null,null,null,null,null,null,null,null,null,null,null,null,null,null,"INFORMAÇÕES GERAIS",null,null,null,null,null,null,null,null,null,null,null,null,null,null,null,null,null,"INFORMAÇÕES GERAIS",null,null,null,null,null,null,null,null,null,null,null,null,null,null,null,null,null,"INFORMAÇÕES GERAIS"]
[null,"Município: Belo Horizonte",null,null,null,null,"Empresa Executora: Empresa de Pavimentações",null,null,null,null,null,null,null,null,null,null,null,null,"Município: Abadia dos Dourados"]
[null,"Obra: Pavimentação da Avenida Teresa Cristina",null,null,null,null,"Nº do Contrato Licitado: 12345",null,null,null,null,null,null,null,null,null,null,null,null,"Projeto: Construção do Cemitério Municipal"]
[null,"Responsável Técnico Fiscal: Breno Oliveira Pierre de Souza",null,null,null,null,"Responsável Técnico Executor: Alan Pereira Neto Filho",null,null,null,null,null,null,null,null,null,null,null,null,"Responsável Técnico: Zeca Diabo"]
[null,"Nº CREA/CAU: 123456-7",null,null,null,null,"Nº CREA/CAU: 789456-1"]
[null,"Contrato BDMG Nº: 256.563",null,null,null,null,"Nº do Termo Aditivo: 1",null,null,null,null,null,null,null,null,null,null,null,null,"Nº CREA/CAU: 123.666-01"]
[null,"Data: 13/04/2020",null,null,null,null,"Tipo de Aditivo: Adição e/ou Supressão de Quantitativos, Prazo e Reajuste",null,null,null,null,null,null,null,null,null,null,null,null,"Data: 04/12/2019"]
[null,"Item","Descrição","Valor dos Serviços",null,"MÊS 1",null,"MÊS 2",null,"MÊS 3",null,"MÊS 4",null,"MÊS 5",null,"MÊS 6",null,null,null,"Item","Descrição","Valor dos Serviços",null,"MÊS 7",null,"MÊS 8",null,"MÊS 9",null,"MÊS 10",null,"MÊS 11",null,"MÊS 12",null,null,null,"Item","Descrição","Valor dos Serviços",null,"MÊS 13",null,"MÊS 14",null,"MÊS 15",null,"MÊS 16",null,"MÊS 17",null,"MÊS 18",null,null,null,"Item","Descrição","Valor dos Serviços",null,"MÊS 19",null,"MÊS 20",null,"MÊS 21",null,"MÊS 22",null,"MÊS 23",null,"MÊS 24",null,null,null,"Item","Descrição","Valor dos Serviços",null,"MÊS 25",null,"MÊS 26",null,"MÊS 27",null,"MÊS 28",null,"MÊS 29",null,"MÊS 30",null,null,null,"Item","Descrição","Valor dos Serviços",null,"MÊS 31",null,"MÊS 32",null,"MÊS 33",null,"MÊS 34",null,"MÊS 35",null,"MÊS 36",null,null,null,"Item","Descrição","Valor dos Serviços",null,"MÊS 37",null,"MÊS 38",null,"MÊS 39",null,"MÊS 40",null,"MÊS 41",null,"MÊS 42",null,null,null,"Item","Descrição","Valor dos Serviços",null,"MÊS 43",null,"MÊS 44",null,"MÊS 45",null,"MÊS 46",null,"MÊS 47",null,"MÊS 48",null,null,null,"Item","Descrição","Valor dos Serviços",null,"MÊS 49",null,"MÊS 50",null,"MÊS 51",null,"MÊS 52",null,"MÊS 53",null,"MÊS 54",null,null,null,"Item","Descrição","Valor dos Serviços",null,"MÊS 55",null,"MÊS 56",null,"MÊS 57",null,"MÊS 58",null,"MÊS 59",null,"MÊS 60"]
[null,null,"Grandes Itens (Etapas da obra)","R$","Peso %","R$","Peso %","R$","Peso %","R$","Peso %","R$","Peso %","R$","Peso %","R$","Peso %",null,null,null,"Grandes Itens (Etapas da obra)","R$","Peso %","R$","Peso %","R$","Peso %","R$","Peso %","R$","Peso %","R$","Peso %","R$","Peso %",null,null,null,"Grandes Itens (Etapas da obra)","R$","Peso %","R$","Peso %","R$","Peso %","R$","Peso %","R$","Peso %","R$","Peso %","R$","Peso %",null,null,null,"Grandes Itens (Etapas da obra)","R$","Peso %","R$","Peso %","R$","Peso %","R$","Peso %","R$","Peso %","R$","Peso %","R$","Peso %",null,null,null,"Grandes Itens (Etapas da obra)","R$","Peso %","R$","Peso %","R$","Peso %","R$","Peso %","R$","Peso %","R$","Peso %","R$","Peso %",null,null,null,"Grandes Itens (Etapas da obra)","R$","Peso %","R$","Peso %","R$","Peso %","R$","Peso %","R$","Peso %","R$","Peso %","R$","Peso %",null,null,null,"Grandes Itens (Etapas da obra)","R$","Peso %","R$","Peso %","R$","Peso %","R$","Peso %","R$","Peso %","R$","Peso %","R$","Peso %",null,null,null,"Grandes Itens (Etapas da obra)","R$","Peso %","R$","Peso %","R$","Peso %","R$","Peso %","R$","Peso %","R$","Peso %","R$","Peso %",null,null,null,"Grandes Itens (Etapas da obra)","R$","Peso %","R$","Peso %","R$","Peso %","R$","Peso %","R$","Peso %","R$","Peso %","R$","Peso %",null,null,null,"Grandes Itens (Etapas da obra)","R$","Peso %","R$","Peso %","R$","Peso %","R$","Peso %","R$","Peso %","R$","Peso %","R$","Peso %"]
[null,1,"SERVIÇOS PRELIMINARES",83919.251200000013,3.7263566552487282,13771.149121920003,16.41,5505.1028787200003,6.56,2752.5514393600001,3.28,61890.447760000003,73.75]
[null,2,"SINALIZAÇÃO HORIZONTAL",112115.26334000002,4.978374469837652,0,0,0,0,0,0,112115.26334000002,100]
[null,3,"SINALIZAÇÃO VERTICAL",72322.621799999994,3.2114190631561153,0,0,0,0,0,0,72322.621799999994,100]
[null,4,"PAVIMENTAÇÃO",963945.67080000008,42.803115069784837,0,0,0,0,0,0,963945.67080000008,100]
[null,5,"DRENAGEM",73201.400000000009,3.2504403955349428,0,0,0,0,0,0,73201.400000000009,100]
[null,6,"PASSEIO / ACESSIBILIDADE ",253688.29252316253,11.264793759293847,0,0,0,0,0,0,253688.29252316253,100]
[null,7,"CALÇAMENTO",399515.95037500001,17.740135895753816,0,0,0,0,0,0,399515.95037500001,100]
[null,8,"FONTE LUMINOSA",65203.455664000001,2.8952990819675204,0,0,0,0,0,0,65203.455664000001,100]
[null,9,"EDIFICAÇÃO PALCO",87590.218720000004,3.8893625693119112,0,0,0,0,0,0,87590.218720000019,100]
[null,10,"INSTALAÇÕES ELÉTRICAS",82710.240000000005,3.6726716322418702,0,0,0,0,0,0,82710.240000000005,100]
[null,11,"URBANIZAÇÃO",40868.902399999999,1.8147457737438759,0,0,0,0,0,0,40868.902399999999,100]
[null,12,"SERVIÇOS FINAIS",15903.636,0.70618623264423575,0,0,0,0,0,0,15903.636,100]
[null,13,"NOVOS ITENS 1",497.24,2.2079481844278867E-2,0,0,0,0,0,0,497.24,100]
[null,14,"NOVOS ITENS 2",563.46,2.5019919636347376E-2,0,0,0,0,0,0,563.46,100]
[]
[null,"TOTAL",null,2252045.6028221631,100,13771.149121920003,0.61149512712631637,5505.1028787200003,0.24444899658431651,2752.5514393600001,0.12222449829215826,2230016.7993821627,99.021831377997188]
[null,"TOTAL ACUMULADO",null,2252045.6028221631,100,13771.149121920003,0.61149512712631637,19276.252000640005,0.85594412371063289,22028.803440000003,0.97816862200279098,2252045.6028221627,99.999999999999972]

{"sheet":"Impressão - CRO Licitação","index":42,"n_rows":19,"n_cols":179,"rows_kept":19,"cut":false,"hidden":false,"merged":[[17,1,17,2],[18,1,18,2],[1,109,1,124],[1,127,1,142],[1,145,1,160],[1,163,1,178],[2,1,2,16],[2,19,2,34],[2,37,2,52],[2,55,2,70],[2,73,2,88],[2,91,2,106],[1,1,1,16],[1,19,1,34],[1,37,1,52],[1,55,1,70],[1,73,1,88],[1,91,1,106],[2,163,2,178],[8,1,9,1],[8,3,8,4],[8,5,8,6],[8,7,8,8],[8,9,8,10],[2,145,2,160],[8,13,8,14],[8,15,8,16],[8,19,9,19],[8,21,8,22],[8,23,8,24],[8,25,8,26],[8,41,8,42],[8,43,8,44],[8,45,8,46],[8,47,8,48],[8,49,8,50],[8,51,8,52],[8,27,8,28],[8,29,8,30],[8,31,8,32],[8,33,8,34],[8,37,9,37],[8,39,8,40],[8,67,8,68],[8,69,8,70],[8,55,9,55],[8,57,8,58],[8,59,8,60],[8,11,8,12],[2,109,2,124],[2,127,2,142],[8,81,8,82],[8,83,8,84],[8,85,8,86],[8,87,8,88],[8,91,9,91],[8,93,8,94],[8,73,9,73],[8,75,8,76],[8,77,8,78],[8,79,8,80],[8,109,9,109],[8,111,8,112],[8,113,8,114],[8,115,8,116],[8,117,8,118],[8,119,8,120],[8,95,8,96],[8,97,8,98],[8,135,8,136],[8,137,8,138],[8,139,8,140],[8,175,8,176],[8,177,8,178],[8,163,9,163],[8,165,8,166],[8,167,8,168],[8,169,8,170],[8,171,8,172],[8,173,8,174],[8,149,8,150],[8,151,8,152],[8,153,8,154],[8,155,8,156],[8,157,8,158],[8,159,8,160],[8,101,8,102],[8,103,8,104],[8,105,8,106],[8,141,8,142],[8,145,9,145],[8,147,8,148],[8,61,8,62],[8,63,8,64],[8,65,8,66],[8,121,8,122],[8,123,8,124],[8,127,9,127],[8,129,8,130],[8,131,8,132],[8,133,8,134],[8,99,8,100]]}
[]
[null,"CRONOGRAMA FÍSICO E FINANCEIRO",null,null,null,null,null,null,null,null,null,null,null,null,null,null,null,null,null,"CRONOGRAMA FÍSICO E FINANCEIRO",null,null,null,null,null,null,null,null,null,null,null,null,null,null,null,null,null,"CRONOGRAMA FÍSICO E FINANCEIRO",null,null,null,null,null,null,null,null,null,null,null,null,null,null,null,null,null,"CRONOGRAMA FÍSICO E FINANCEIRO",null,null,null,null,null,null,null,null,null,null,null,null,null,null,null,null,null,"CRONOGRAMA FÍSICO E FINANCEIRO",null,null,null,null,null,null,null,null,null,null,null,null,null,null,null,null,null,"CRONOGRAMA FÍSICO E FINANCEIRO",null,null,null,null,null,null,null,null,null,null,null,null,null,null,null,null,null,"CRONOGRAMA FÍSICO E FINANCEIRO",null,null,null,null,null,null,null,null,null,null,null,null,null,null,null,null,null,"CRONOGRAMA FÍSICO E FINANCEIRO",null,null,null,null,null,null,null,null,null,null,null,null,null,null,null,null,null,"CRONOGRAMA FÍSICO E FINANCEIRO",null,null,null,null,null,null,null,null,null,null,null,null,null,null,null,null,null,"CRONOGRAMA FÍSICO E FINANCEIRO"]
[null,"INFORMAÇÕES GERAIS",null,null,null,null,null,null,null,null,null,null,null,null,null,null,null,null,null,"INFORMAÇÕES GERAIS",null,null,null,null,null,null,null,null,null,null,null,null,null,null,null,null,null,"INFORMAÇÕES GERAIS",null,null,null,null,null,null,null,null,null,null,null,null,null,null,null,null,null,"INFORMAÇÕES GERAIS",null,null,null,null,null,null,null,null,null,null,null,null,null,null,null,null,null,"INFORMAÇÕES GERAIS",null,null,null,null,null,null,null,null,null,null,null,null,null,null,null,null,null,"INFORMAÇÕES GERAIS",null,null,null,null,null,null,null,null,null,null,null,null,null,null,null,null,null,"INFORMAÇÕES GERAIS",null,null,null,null,null,null,null,null,null,null,null,null,null,null,null,null,null,"INFORMAÇÕES GERAIS",null,null,null,null,null,null,null,null,null,null,null,null,null,null,null,null,null,"INFORMAÇÕES GERAIS",null,null,null,null,null,null,null,null,null,null,null,null,null,null,null,null,null,"INFORMAÇÕES GERAIS"]
[null,"Município: Belo Horizonte",null,null,null,null,"Empresa Vencedora: Empresa que venceu",null,null,null,null,null,null,null,null,null,null,null,null,"Município: Belo Horizonte",null,null,null,null,"Empresa Vencedora: Engesolo"]
[null,"Obra: Pavimentação do Bairro Horto",null,null,null,null,"Nº do Contrato Licitado: 123456",null,null,null,null,null,null,null,null,null,null,null,null,"Obra: Pavimentação da Avenida Teresa Cristina",null,null,null,null,"Nº do Contrato Licitado: 15/2019"]
[null,"Data: 16/05/2020",null,null,null,null,"Representante da Empresa: Fulano de Tal",null,null,null,null,null,null,null,null,null,null,null,null,"Data: 06/03/2020",null,null,null,null,"Representante da Empresa: Wagner Alves Faria"]
[null,"Representante do Município: Alexandre Kalil",null,null,null,null,"BDI1: 14,87%",null,null,null,null,null,null,null,null,null,null,null,null,"Representante do Município: Alexandre Kaliu",null,null,null,null,"BDI1: 99,99%"]
[]
[null,"Item","Descrição","Valor dos Serviços",null,"MÊS 1",null,"MÊS 2",null,"MÊS 3",null,"MÊS 4",null,"MÊS 5",null,"MÊS 6",null,null,null,"Item","Descrição","Valor dos Serviços",null,"MÊS 7",null,"MÊS 8",null,"MÊS 9",null,"MÊS 10",null,"MÊS 11",null,"MÊS 12",null,null,null,"Item","Descrição","Valor dos Serviços",null,"MÊS 13",null,"MÊS 14",null,"MÊS 15",null,"MÊS 16",null,"MÊS 17",null,"MÊS 18",null,null,null,"Item","Descrição","Valor dos Serviços",null,"MÊS 19",null,"MÊS 20",null,"MÊS 21",null,"MÊS 22",null,"MÊS 23",null,"MÊS 24",null,null,null,"Item","Descrição","Valor dos Serviços",null,"MÊS 25",null,"MÊS 26",null,"MÊS 27",null,"MÊS 28",null,"MÊS 29",null,"MÊS 30",null,null,null,"Item","Descrição","Valor dos Serviços",null,"MÊS 31",null,"MÊS 32",null,"MÊS 33",null,"MÊS 34",null,"MÊS 35",null,"MÊS 36",null,null,null,"Item","Descrição","Valor dos Serviços",null,"MÊS 37",null,"MÊS 38",null,"MÊS 39",null,"MÊS 40",null,"MÊS 41",null,"MÊS 42",null,null,null,"Item","Descrição","Valor dos Serviços",null,"MÊS 43",null,"MÊS 44",null,"MÊS 45",null,"MÊS 46",null,"MÊS 47",null,"MÊS 48",null,null,null,"Item","Descrição","Valor dos Serviços",null,"MÊS 49",null,"MÊS 50",null,"MÊS 51",null,"MÊS 52",null,"MÊS 53",null,"MÊS 54",null,null,null,"Item","Descrição","Valor dos Serviços",null,"MÊS 55",null,"MÊS 56",null,"MÊS 57",null,"MÊS 58",null,"MÊS 59",null,"MÊS 60"]
[null,null,"Grandes Itens (Etapas da obra)","R$","Peso %","R$","Peso %","R$","Peso %","R$","Peso %","R$","Peso %","R$","Peso %","R$","Peso %",null,null,null,"Grandes Itens (Etapas da obra)","R$","Peso %","R$","Peso %","R$","Peso %","R$","Peso %","R$","Peso %","R$","Peso %","R$","Peso %",null,null,null,"Grandes Itens (Etapas da obra)","R$","Peso %","R$","Peso %","R$","Peso %","R$","Peso %","R$","Peso %","R$","Peso %","R$","Peso %",null,null,null,"Grandes Itens (Etapas da obra)","R$","Peso %","R$","Peso %","R$","Peso %","R$","Peso %","R$","Peso %","R$","Peso %","R$","Peso %",null,null,null,"Grandes Itens (Etapas da obra)","R$","Peso %","R$","Peso %","R$","Peso %","R$","Peso %","R$","Peso %","R$","Peso %","R$","Peso %",null,null,null,"Grandes Itens (Etapas da obra)","R$","Peso %","R$","Peso %","R$","Peso %","R$","Peso %","R$","Peso %","R$","Peso %","R$","Peso %",null,null,null,"Grandes Itens (Etapas da obra)","R$","Peso %","R$","Peso %","R$","Peso %","R$","Peso %","R$","Peso %","R$","Peso %","R$","Peso %",null,null,null,"Grandes Itens (Etapas da obra)","R$","Peso %","R$","Peso %","R$","Peso %","R$","Peso %","R$","Peso %","R$","Peso %","R$","Peso %",null,null,null,"Grandes Itens (Etapas da obra)","R$","Peso %","R$","Peso %","R$","Peso %","R$","Peso %","R$","Peso %","R$","Peso %","R$","Peso %",null,null,null,"Grandes Itens (Etapas da obra)","R$","Peso %","R$","Peso %","R$","Peso %","R$","Peso %","R$","Peso %","R$","Peso %","R$","Peso %"]
[null,1,"SERVIÇOS PRELIMINARES ",11943.115,0.83858247697599986,1194.3115,10,2388.623,20,3582.9345000000003,30,4777.2460000000001,40]
[null,2,"ADMINISTRAÇÃO",81569.040000000008,5.7273473133059856,8156.9040000000014,10,16313.808000000003,20,24470.712000000003,30,32627.616000000005,40]
[null,3,"PAVIMENTAÇÃO",719508.66929999995,50.520099832187796,71950.866930000004,10,143901.73386000001,20,215852.60079,30,287803.46772000002,40]
[null,4,"DRENAGEM ",499643.71950000006,35.082343919807499,49964.371950000001,10,99928.743900000001,20,149893.11585000003,30,199857.4878,40]
[null,5,"CONTENÇÃO",99608.992199999993,6.9940175078410496,9960.8992199999993,10,19921.798439999999,20,29882.697659999998,30,39843.596879999997,40]
[null,6,"SINALIZAÇÃO",11929.25,0.83760894988166368,1192.925,10,2385.85,20,3578.7750000000001,30,4771.7,40]
[]
[null,"TOTAL",null,1424202.7860000001,100,142420.27859999999,10,284840.55719999998,20,427260.83580000006,30.000000000000004,569681.11439999996,40]
[null,"TOTAL ACUMULADO",null,1424202.7860000001,100,142420.27859999999,10,427260.8358,30,854521.6716,60,1424202.7859999998,99.999999999999986]

{"sheet":"Impressão - CPU","index":43,"n_rows":34,"n_cols":8,"rows_kept":34,"cut":false,"hidden":false,"merged":[[1,1,1,7],[2,1,2,7],[3,6,3,7],[9,1,10,1],[9,2,10,2],[9,3,10,3],[9,4,10,4],[9,5,10,5],[9,6,9,7]]}
[]
[null,"COMPOSIÇÃO DE PREÇOS UNITÁRIOS - CPU"]
[null,"INFORMAÇÕES GERAIS"]
[null,"Município: Belo Horizonte",null,null,null,null,"Referências de Preços"]
[null,"Projeto: Pavimentação do Bairro Horto",null,null,null,1,"SINAPI 12_2019"]
[null,"Responsável Técnico: Deiwid Breno Gonçalves da Silva"]
[null,"Nº CREA/CAU: 12.345"]
[null,"Data: 16/05/2020"]
[]
[null,"Item","Código","Descrição","Unid.","Quantidade Prevista","Preço (R$)"]
[null,null,null,null,null,null,"Unitário","Total"]
[]
[null,1,"CPU-001"," ADMINISTRAÇÃO LOCAL","MÊS",null,null,11303.599999999999]
[null,"1.1","","MÃO DE OBRA","",null,null,11011.699999999999]
[null,"1.1.1",90778,"ENGENHEIRO CIVIL DE OBRA PLENO COM ENCARGOS COMPLEMENTARES","H",70,96.61,6762.7]
[null,"1.1.2",90776,"ENCARREGADO GERAL COM ENCARGOS COMPLEMENTARES","H",70,41.21,2884.7000000000003]
[null,"1.1.3",88326,"VIGIA NOTURNO COM ENCARGOS COMPLEMENTARES","H",70,19.489999999999998,1364.3]
[null,"1.2","","INSUMOS","",null,null,291.89999999999998]
[null,"1.2.1","COT-005","ALUGUEL PICKUP","H",70,4.17,291.89999999999998]
[null,2,"CPU-002","ASSENTAMENTO E FORNECIMENTO DE TUBO DE CONCRETO PARA REDES COLETORAS DE ÁGUAS PLUVIAIS, DIÂMETRO DE 400 MM, JUNTA RÍGIDA, INSTALADO EM LOCAL COM ALTO NÍVEL DE INTERFERÊNCIAS","M",null,null,93.509999999999991]
[null,"2.1","","MÃO DE OBRA","",null,null,40.229999999999997]
[null,"2.1.1",92821,"ASSENTAMENTO DE TUBO DE CONCRETO PARA REDES COLETORAS DE ÁGUAS PLUVIAIS, DIÂMETRO DE 400 MM, JUNTA RÍGIDA, INSTALADO EM LOCAL COM ALTO NÍVEL DE INTERFERÊNCIAS (NÃO INCLUI FORNECIMENTO). AF_12/2015","M",1,40.229999999999997,40.229999999999997]
[null,"2.2","","MATERIAL","",null,null,53.28]
[null,"2.2.1",7761,"TUBO CONCRETO ARMADO, CLASSE PA-2, PB, DN 400 MM, PARA AGUAS PLUVIAIS (NBR 8890)","M ",1,53.28,53.28]
[null,3,"CPU-003","ASSENTAMENTO E FORNECIMENTO DE TUBO DE CONCRETO PARA REDES COLETORAS DE ÁGUAS PLUVIAIS, DIÂMETRO DE 600 MM, JUNTA RÍGIDA, INSTALADO EM LOCAL COM ALTO NÍVEL DE INTERFERÊNCIAS","M",null,null,142.69]
[null,"3.1","","MÃO DE OBRA","",null,null,58.25]
[null,"3.1.1",92824,"ASSENTAMENTO DE TUBO DE CONCRETO PARA REDES COLETORAS DE ÁGUAS PLUVIAIS, DIÂMETRO DE 600 MM, JUNTA RÍGIDA, INSTALADO EM LOCAL COM ALTO NÍVEL DE INTERFERÊNCIAS (NÃO INCLUI FORNECIMENTO). AF_12/2015","M",1,58.25,58.25]
[null,"3.2","","MATERIAL","",null,null,84.44]
[null,"3.2.1",7762,"TUBO CONCRETO ARMADO, CLASSE PA-2, PB, DN 600 MM, PARA AGUAS PLUVIAIS (NBR 8890)","M ",1,84.44,84.44]
[null,4,"CPU-004","ASSENTAMENTO E FORNECIMENTO DE TUBO DE CONCRETO PARA REDES COLETORAS DE ÁGUAS PLUVIAIS, DIÂMETRO DE 800 MM, JUNTA RÍGIDA, INSTALADO EM LOCAL COM ALTO NÍVEL DE INTERFERÊNCIAS","M",null,null,222.81]
[null,"4.1","","MÃO DE OBRA","",null,null,77.7]
[null,"4.1.1",92826,"ASSENTAMENTO DE TUBO DE CONCRETO PARA REDES COLETORAS DE ÁGUAS PLUVIAIS, DIÂMETRO DE 800 MM, JUNTA RÍGIDA, INSTALADO EM LOCAL COM ALTO NÍVEL DE INTERFERÊNCIAS (NÃO INCLUI FORNECIMENTO). AF_12/2015","M",1,77.7,77.7]
[null,"4.2","","MATERIAL","",null,null,145.11000000000001]
[null,"4.2.1",7763,"TUBO CONCRETO ARMADO, CLASSE PA-2, PB, DN 800 MM, PARA AGUAS PLUVIAIS (NBR 8890)","M ",1,145.11000000000001,145.11000000000001]

{"sheet":"Impressão - CPU Aditivo","index":44,"n_rows":27,"n_cols":8,"rows_kept":27,"cut":false,"hidden":false,"merged":[[1,1,1,7],[2,1,2,7],[15,1,16,1],[15,2,16,2],[15,3,16,3],[15,4,16,4],[15,5,16,5],[15,6,15,7]]}
[]
[null,"COMPOSIÇÃO DE PREÇOS UNITÁRIOS - CPU"]
[null,"INFORMAÇÕES GERAIS"]
[null,"Município: Belo Horizonte",null,null,null,null,"Referências de Preços"]
[null,"Obra: Pavimentação da Avenida Teresa Cristina"]
[null,"Responsável Técnico Fiscal: Breno Oliveira Pierre de Souza"]
[null,"Nº CREA/CAU: 123456-7"]
[null,"Contrato BDMG Nº: 256.563"]
[null,"Data: 13/04/2020"]
[null,"Empresa Executora: Empresa de Pavimentações"]
[null,"Nº do Contrato Licitado: 12345",null,"Pavimentação da Avenida Teresa Cristina"]
[null,"Responsável Técnico Executor: Alan Pereira Neto Filho"]
[null,"Nº CREA/CAU: 789456-1"]
[null,"Nº do Termo Aditivo: 1"]
[null,"Tipo de Aditivo: Adição e/ou Supressão de Quantitativos, Prazo e Reajuste"]
[null,"Item","Código","Descrição","Unid.","Quantidade Prevista","Preço (R$)"]
[null,null,null,null,null,null,"Unitário","Total"]
[]
[null,1,"CPU-001","SERVIÇOS PRELIMINARES","um",null,null,15508.063599999998]
[null,"1.1","TER-REG-010","REGULARIZAÇÃO E COMPACTAÇÃO DE TERRENO COM PLACA VIBRATÓRIA","M2",1235.96,2.59,3201.1363999999999]
[null,"1.2","DEM-PIS-065","DEMOLIÇÃO DE PAVIMENTO PARALELEPÍPEDO REJUNTADOS COM AREIA INCLUSIVE AFASTAMENTO E EMPILHAMENTO","M2",828.56,11.87,9835.0071999999982]
[null,"1.3","TRA-CAÇ-015","TRANSPORTE DE MATERIAL DEMOLIDO EM CAÇAMBA","M3",123.596,20,2471.92]
[null,2,"CPU-002","ITEM DOIS","M2",null,null,30129.333999999999]
[null,"2.1","IIO-PLA-005","FORNECIMENTO E COLOCAÇÃO DE PLACA DE OBRA EM CHAPA GALVANIZADA (3,00 X 1,5 0 M) - EM CHAPA GALVANIZADA 0,26 AFIXADAS COM REBITES 540 E PARAFUSOS 3/8, EM ESTRUTURA METÁLICA VIGA U 2\" ENRIJECIDA COM METALON 20 X 20, SUPORTE EM EUCALIPTO AUTOCLAVADO PINTADAS","U",21,1110.6500000000001,23323.65]
[null,"2.2","DEM-PIS-040","DEMOLIÇÃO DE PASSEIO OU LAJE DE CONCRETO COM EQUIPAMENTO PNEUMÁTICO, INCLUSIVE AFASTAMENTO","M2",407.4,7.46,3039.2039999999997]
[null,"2.3","74209/1","PLACA DE OBRA EM CHAPA DE ACO GALVANIZADO","M2",5,306.17,1530.8500000000001]
[null,"2.4","IIO-CON-045","CONTAINER (6,0X2,3X2,5M) COM ISOLAMENTO TÉRMICO - DEPÓSITO E FERRAMENTARIA COM LAVATÓRIO","MÊS",3,745.21,2235.63]

{"sheet":"Impressão - LOC","index":45,"n_rows":19,"n_cols":11,"rows_kept":19,"cut":false,"hidden":false,"merged":[[15,4,15,6],[16,4,16,6],[17,4,17,6],[18,4,18,6],[10,4,10,6],[11,4,11,6],[12,4,12,6],[13,4,13,6],[14,4,14,6],[1,1,1,10],[2,1,2,10],[8,9,8,10],[8,1,9,1],[8,2,9,2],[8,3,9,3],[8,4,8,6],[8,7,8,8],[9,4,9,6]]}
[]
[null,"LOCALIZAÇÃO DAS OBRAS"]
[null,"INFORMAÇÕES GERAIS"]
[null,"Município: Belo Horizonte"]
[null,"Projeto: Pavimentação do Bairro Horto"]
[null,"Responsável Técnico: Deiwid Breno Gonçalves da Silva"]
[null,"Nº CREA/CAU: 12.345"]
[null,"Data: 16/05/2020"]
[null,"Item","Rua/Avenida/Trecho","Bairro","Pavimentação",null,null,"Rede de Drenagem",null,"Rede de Saneamento"]
[null,null,null,null,"Área\n(m²)",null,null,"Comprimento\n(m)","Diâmetro\n(mm)","Comprimento\n(m)","Diâmetro\n(mm)"]
[null,null,"Pavimentação do Bairro Horto",null,32000,null,null,4000,null,5000]
[null,1,"Rua A","Lourdes",7000,null,null,1000,150,1000,200]
[null,2,"Rua B","Lourdes",10000,null,null,1000,200]
[null,3,"Rua C","Funcionários",8000,null,null,null,null,1000,200]
[null,4,"Rua D","Funcioários",null,null,null,1000,200,1000,150]
[null,5,"Rua E","Horto",null,null,null,null,null,1000,200]
[null,6,"Rua F","Horto",7000]
[null,7,"Rua G","Centro",null,null,null,1000,200]
[null,8,"Rua H","Centro",null,null,null,null,null,1000,250]

{"sheet":"Impressão - LOC Aditivo","index":46,"n_rows":18,"n_cols":11,"rows_kept":18,"cut":false,"hidden":false,"merged":[[17,4,17,6],[16,4,16,6],[12,4,12,6],[13,4,13,6],[14,4,14,6],[15,4,15,6],[11,4,11,6],[1,1,1,10],[2,1,2,10],[9,1,10,1],[9,2,10,2],[9,3,10,3],[9,4,9,6],[9,7,9,8],[9,9,9,10],[10,4,10,6]]}
[]
[null,"LOCALIZAÇÃO DAS OBRAS"]
[null,"INFORMAÇÕES GERAIS"]
[null,"Município: Belo Horizonte",null,null,null,null,"Empresa Executora: Empresa de Pavimentações"]
[null,"Obra: Pavimentação da Avenida Teresa Cristina",null,null,null,null,"Nº do Contrato Licitado: 12345"]
[null,"Responsável Técnico Fiscal: Breno Oliveira Pierre de Souza",null,null,null,null,"Responsável Técnico Executor: Alan Pereira Neto Filho"]
[null,"Nº CREA/CAU: 123456-7",null,null,null,null,"Nº CREA/CAU: 789456-1"]
[null,"Contrato BDMG Nº: 256.563",null,null,null,null,"Nº do Termo Aditivo: 1"]
[null,"Data: 13/04/2020",null,null,null,null,"Tipo de Aditivo: Adição e/ou Supressão de Quantitativos, Prazo e Reajuste"]
[null,"Item","Rua/Avenida/Trecho","Bairro","Pavimentação",null,null,"Rede de Drenagem",null,"Rede de Saneamento"]
[null,null,null,null,"Área\n(m²)",null,null,"Comprimento\n(m)","Diâmetro\n(mm)","Comprimento\n(m)","Diâmetro\n(mm)"]
[null,null,"Pavimentação da Avenida Teresa Cristina",null,38050,null,null,3220,null,3230]
[null,1,"Avenida Tereza Cristina","Salgado Filho",12000,null,null,800,200,800,300]
[null,2,"Avenida Tereza Cristina","Betânia",14700,null,null,700,200,700,300]
[null,3,"Avenida Tereza Cristina","Nova Gameleira",null,null,null,900,240]
[null,4,"Avenida Tereza Cristina","Barreiro",null,null,null,null,null,900,150]
[null,5,"Avenida Afonso Pena","Centro",10650,null,null,720,200,730,300]
[null,6,"Teste Aditivo","Bairro do Aditivo",700,null,null,100,200,100,300]

{"sheet":"Impressão - LOC Licitação","index":47,"n_rows":19,"n_cols":11,"rows_kept":19,"cut":false,"hidden":false,"merged":[[16,4,16,6],[10,4,10,6],[11,4,11,6],[12,4,12,6],[13,4,13,6],[14,4,14,6],[1,1,1,10],[2,1,2,10],[8,1,9,1],[8,2,9,2],[8,3,9,3],[8,4,8,6],[8,7,8,8],[8,9,8,10],[9,4,9,6]]}
[]
[null,"LOCALIZAÇÃO DAS OBRAS"]
[null,"INFORMAÇÕES GERAIS"]
[null,"Município: Belo Horizonte",null,null,null,null,"Empresa Vencedora: Empresa que venceu"]
[null,"Obra: Pavimentação do Bairro Horto",null,null,null,null,"Nº do Contrato Licitado: 123456"]
[null,"Data: 16/05/2020",null,null,null,null,"Representante da Empresa: Fulano de Tal"]
[null,"Representante do Município: Alexandre Kalil",null,null,null,null,"BDI1: 14,87%"]
[]
[null,"Item","Rua/Avenida/Trecho","Bairro","Pavimentação",null,null,"Rede de Drenagem",null,"Rede de Saneamento"]
[null,null,null,null,"Área\n(m²)",null,null,"Comprimento\n(m)","Diâmetro\n(mm)","Comprimento\n(m)","Diâmetro\n(mm)"]
[null,null,"c2",null,32000,null,null,4000,null,5000]
[null,1,"Rua A","Lourdes",7000,null,null,1000,150,1000,200]
[null,2,"Rua B","Lourdes",10000,null,null,1000,200]
[null,3,"Rua C","Funcionários",8000,null,null,null,null,1000,200]
[null,4,"Rua D","Funcioários",null,null,null,1000,200,1000,150]
[null,5,"Rua E","Horto",null,null,null,null,null,1000,200]
[null,6,"Rua F","Horto",7000]
[null,7,"Rua G","Centro",null,null,null,1000,200]
[null,8,"Rua H","Centro",null,null,null,null,null,1000,250]

{"sheet":"Impressão - LOC PAV Medição","index":48,"n_rows":15,"n_cols":10,"rows_kept":15,"cut":false,"hidden":false,"merged":[[10,4,10,6],[11,4,11,6],[12,4,12,6],[13,4,13,6],[14,4,14,6],[1,1,1,9],[2,1,2,9],[8,1,9,1],[8,2,9,2],[8,3,9,3],[8,4,8,6],[8,7,8,8],[9,4,9,6]]}
[]
[null,"LOCALIZAÇÃO DAS OBRAS POR MEDIÇÃO - PAVIMENTAÇÃO"]
[null,"INFORMAÇÕES GERAIS"]
[null,"Município: Belo Horizonte",null,"                    Empresa Executora: Empresa de Pavimentações",null,null,null,null,"Medição Nº: 4"]
[null,"Obra: Pavimentação da Avenida Teresa Cristina",null,"                    Nº do Contrato Licitado: 12345",null,null,null,null,"Período: 02/03/2020 A 01/04/2020"]
[null,"Responsável Técnico Fiscal: Breno Oliveira Pierre de Souza",null,"                    Responsável Técnico Executor: Alan Pereira Neto Filho",null,null,null,null,"Data: 07/04/2020"]
[null,"Nº CREA/CAU: 123456-7",null,"                    Nº CREA/CAU: 789456-1"]
[null,"Contrato BDMG Nº: 256.563"]
[null,"Item","Rua/Avenida/Trecho","Bairro","Pavimentação",null,null,"Total Acumulado",null,"Última Medição"]
[null,null,null,null,"Área\n(m²)",null,null,"Área\n(m²)","%\nProjeto","Área\n(m²)"]
[null,null,"Pavimentação da Avenida Teresa Cristina",null,38050,null,null,600,25.97402597402597,0]
[null,1,"Avenida Tereza Cristina","Salgado Filho",12000,null,null,100,12.5,0]
[null,2,"Avenida Tereza Cristina","Betânia",14700,null,null,200,28.571428571428569,0]
[null,5,"Avenida Afonso Pena","Centro",10650,null,null,300,42.25352112676056,0]
[null,6,"Teste Aditivo","Bairro do Aditivo",700,null,null,0,0,0]

{"sheet":"Impressão - LOC DRE Medição","index":49,"n_rows":16,"n_cols":9,"rows_kept":16,"cut":false,"hidden":false,"merged":[[1,1,1,8],[2,1,2,8],[7,4,7,7],[8,1,9,1],[8,2,9,2],[8,3,9,3],[8,4,8,5],[8,6,8,7]]}
[]
[null,"LOCALIZAÇÃO DAS OBRAS POR MEDIÇÃO - DRENAGEM"]
[null,"INFORMAÇÕES GERAIS"]
[null,"Município: Belo Horizonte",null,"                    Empresa Executora: Empresa de Pavimentações",null,null,null,"Medição Nº: 4"]
[null,"Obra: Pavimentação da Avenida Teresa Cristina",null,"                    Nº do Contrato Licitado: 12345",null,null,null,"Período: 02/03/2020 A 01/04/2020"]
[null,"Responsável Técnico Fiscal: Breno Oliveira Pierre de Souza",null,"                    Responsável Técnico Executor: Alan Pereira Neto Filho",null,null,null,"Data: 07/04/2020"]
[null,"Nº CREA/CAU: 123456-7",null,"                    Nº CREA/CAU: 789456-1"]
[null,"Contrato BDMG Nº: 256.563"]
[null,"Item","Rua/Avenida/Trecho","Bairro","Drenagem",null,"Total Acumulado",null,"Última Medição"]
[null,null,null,null,"Comprimento\n(m)","Diâmetro\n(mm)","Comprimento\n(m)","%\nProjeto","Comprimento\n(m)"]
[null,null,"Pavimentação da Avenida Teresa Cristina",null,3220,null,1500,46.58385093167702,0]
[null,1,"Avenida Tereza Cristina","Salgado Filho",800,200,400,50,0]
[null,2,"Avenida Tereza Cristina","Betânia",700,200,0,0,0]
[null,3,"Avenida Tereza Cristina","Nova Gameleira",900,240,500,55.555555555555557,0]
[null,5,"Avenida Afonso Pena","Centro",720,200,600,83.333333333333343,0]
[null,6,"Teste Aditivo","Bairro do Aditivo",100,200,0,0,0]

{"sheet":"Impressão - LOC SAN Medição","index":50,"n_rows":16,"n_cols":9,"rows_kept":16,"cut":false,"hidden":false,"merged":[[1,1,1,8],[2,1,2,8],[7,4,7,7],[8,1,9,1],[8,2,9,2],[8,3,9,3],[8,4,8,5],[8,6,8,7]]}
[]
[null,"LOCALIZAÇÃO DAS OBRAS POR MEDIÇÃO - SANEAMENTO"]
[null,"INFORMAÇÕES GERAIS"]
[null,"Município: Belo Horizonte",null,"                    Empresa Executora: Empresa de Pavimentações",null,null,null,"Medição Nº: 4"]
[null,"Obra: Pavimentação da Avenida Teresa Cristina",null,"                    Nº do Contrato Licitado: 12345",null,null,null,"Período: 02/03/2020 A 01/04/2020"]
[null,"Responsável Técnico Fiscal: Breno Oliveira Pierre de Souza",null,"                    Responsável Técnico Executor: Alan Pereira Neto Filho",null,null,null,"Data: 07/04/2020"]
[null,"Nº CREA/CAU: 123456-7",null,"                    Nº CREA/CAU: 789456-1"]
[null,"Contrato BDMG Nº: 256.563"]
[null,"Item","Rua/Avenida/Trecho","Bairro","Saneamento",null,"Total Acumulado",null,"Última Medição"]
[null,null,null,null,"Comprimento\n(m)","Diâmetro\n(mm)","Comprimento\n(m)","%\nProjeto","Comprimento\n(m)"]
[null,null,"Pavimentação da Avenida Teresa Cristina",null,3230,null,1590,49.226006191950468,0]
[null,1,"Avenida Tereza Cristina","Salgado Filho",800,300,700,87.5,0]
[null,2,"Avenida Tereza Cristina","Betânia",700,300,0,0,0]
[null,4,"Avenida Tereza Cristina","Barreiro",900,150,800,88.888888888888886,0]
[null,5,"Avenida Afonso Pena","Centro",730,300,90,12.328767123287671,0]
[null,6,"Teste Aditivo","Bairro do Aditivo",100,300,0,0,0]

{"sheet":"Impressão - MDC","index":51,"n_rows":385,"n_cols":7,"rows_kept":385,"cut":false,"hidden":false,"merged":[[1,1,1,6],[2,1,2,6]]}
[]
[null,"MEMÓRIA DE CÁLCULO"]
[null,"INFORMAÇÕES GERAIS"]
[null,"Município: Ouro Fino"]
[null,"Projeto: Adutora de Água Bruta Barragem Gargatá"]
[null,"Responsável Técnico: Ronaldo Pereira de Almeida"]
[null,"Nº CREA/CAU: 103382/D"]
[null,"Data: 04/08/2023"]
[null,"Item","Código","Descrição","Unid.","Qtde Prevista","Memória de Cálculo"]
[null,"1","","REDE ADUTORA DE ÁGUA BRUTA ",""]
[null,"1.1","","MOVIMENTAÇÃO DE SOLO E PAVIMENTOS",""]
[null,"1.1.1",65000037,"DEMOLICAO PAVIMENTO ASFALTICO COM FAIXAS MENORES OU IGUAIS A 2,00M","M2",180," 180comp x 1,0larg = 180,0 m²"]
[null,"1.1.2",65000038,"REMOCAO PAVIMENTO EM PARALELEPIPEDO, POLIEDRICO E PRE-MOLDADO DE CONCRETO","M2",370," 370,0comp x 1,0larg = 370,0 m²"]
[null,"1.1.3",65000160,"ESCAVACAO MECANICA DE VALAS (SOLO SECO), PROFUNDIDADE ATE 1,50 M","M3",1310.4000000000001,"1.260comp x 0,8larg x 1,3prof = 1.310,40 m³"]
[null,"1.1.4",65000152,"ESCAVACAO MANUAL DE VALAS (SOLO SECO), PROFUNDIDADE ATE 1.50 M","M3",121.52,"117comp x 0,8larg x 1,3prof = 121,52 m³"]
[null,"1.1.5",65000174,"ATERRO DE VALAS E CAVAS DE FUNDACAO, C/ CONTROLE DO GRAU DE COMPACTACAO DE NO MINIMO 97% DO PROCTOR NORMAL","M3",1310.4000000000001,"1.260comp x 0,8larg x 1,3prof = 1.310,40 m³"]
[null,"1.1.6",65000484,"RECOMPOSICAO DE PAVIMENTO EM POLIEDRICO, COM REAPROVEITAMENTO DO MATERIAL DEMOLIDO","M2",370,"Área de demolição de pavimento poliedros de concreto = 370 m²"]
[null,"1.1.7",65002965,"RECOMPOSICAO DE PAVIMENTO ASFALTICO EM AREAS ACIMA DE 1,0M2","M2",180,"Área de demolição de pavimento asfáltico = 180,0 m²"]
[null,"1.2","","FUNDAÇÕES E ESTRUTURAS",""]
[null,"1.2.1",65003905,"CAIXA PARA PROTECAO DE APARELHOS (1,50X2,00)M EM BLOCOS CONCRETO PREENCHIDOS COM CONCRETO MAGRO - ADICIONAL DE ALTURA","M",2,"Conforme Projeto Hidráulico"]
[null,"1.3","","ASSENTAMENTO E INSTALAÇÕES ",""]
[null,"1.3.1",65000378,"ASSENTAMENTO DE TUBOS E CONEXOES PVC JE DN 200","M",1260,"Conforme Projeto Hidráulico "]
[null,"1.3.2",65000394,"ASSENTAMENTO DE TUBOS E CONEXOES DE FERRO FUNDIDO, JUNTA ELASTICA, DN 200","M",25,"Conforme Projeto Hidráulico "]
[null,"1.3.3",65002365,"INSTALACAO DE CONJUNTO MOTOBOMBA COM POTENCIA ACIMA DE 25CV ATE 60CV","UN",2,"Conforme Projeto Hidráulico"]
[null,"1.4","","MATERIAIS ",""]
[null,"1.4.1",25002534,"TUBO PVC DEFOFO PB JE DN200X6M","M",1260,"Conforme Projeto Hidráulico"]
[null,"1.4.2",25040213,"TUBO FOFO PB EMIN 6,00MM DN 200XCMIN5,5M","M",1,"Conforme Projeto Hidráulico"]
[null,"1.4.3",25000067,"CURVA 22º30' FOFO BB JE DN 200","UN",7,"Conforme Projeto Hidráulico"]
[null,"1.4.4",25000078,"CURVA 45º FOFO BB JE DN 200","UN",22,"Conforme Projeto Hidráulico"]
[null,"1.4.5",25000089,"CURVA 90º FOFO BB JE DN 200","UN",4,"Conforme Projeto Hidráulico"]
[null,"1.4.6",25000557,"TE RED.FOFO FFF PN16 DN 200X 150","UN",1,"Conforme Projeto Hidráulico"]
[null,"1.4.7",25043080,"VENTOSA TRIPLICE FUNC.AGUA FF PN40 DN100","UN",1,"Conforme Projeto Hidráulico"]
[null,"2","","ELEVATÓRIA E MATERIAIS ",""]
[null,"2.1","COT-012","CONJUNTO MOTOBOMBA ANFÍBIA, ROTOR RADIAL MONOBLOCO, SELO MECÂNICO, IPW68, MOTOR 50CV, POTÊNCIA REQUERIDA 38CV","UN",2,"Conforme Projeto Hidráulico"]
[null,"2.2","COT-013","COMPORTA DESLIZANTE DE PAREDE","UN",1,"Conforme Projeto Hidráulico"]
[null,"2.3","COT-014","TOCO FD FF16 DN 150X1000","UN",2,"Conforme Projeto Hidráulico"]
[null,"2.4",25000030,"COLAR DE TOMADA FOFO DN125 X 1/2\"","UN",2,"Conforme Projeto Hidráulico"]
[null,"2.5","COT-010","JUNTA DE DESMONTAGEM TRAVADA AXIALMENTE C/ TIRANTES DN 200","UN",2,"Conforme Projeto Hidráulico"]
[null,"2.6",25003044,"VALVULA RET.FOFO PORT.UN.FF PN16 DN200","UN",2,"Conforme Projeto Hidráulico"]
[null,"2.7",25003283,"REGISTRO FOFO CBOR.FC S15 PN10 DN200","UN",3,"Conforme Projeto Hidráulico"]
[null,"2.8",25000110,"CURVA 45º FOFO FF PN16 DN 200","UN",2,"Conforme Projeto Hidráulico"]
[null,"2.9",25004149,"TUBO FOFO FF EM 6,00 PN16 DN200X1,00","UN",6,"Conforme Projeto Hidráulico"]
[null,"2.10",25000290,"JUNCAO FOFO FFF PN16 DN 200","UN",1,"Conforme Projeto Hidráulico"]
[null,"2.11",25000189,"EXTREMIDADE FOFO BF JE PN16 DN 200","UN",6,"Conforme Projeto Hidráulico"]
[null,"2.12",25000477,"TE FOFO FFF PN25 DN 200","UN",1,"Conforme Projeto Hidráulico"]
[null,"2.13",25000181,"COLAR DE TOMADA FOFO DN200 X 1/2\"","UN",2,"Conforme Projeto Hidráulico"]
[null,"2.14","COT-015","TOCO FD FFF16 DN 100X1000","UN",1,"Conforme Projeto Hidráulico"]
[null,"2.15",25000135,"CURVA 90º FOFO FF PN16 DN 100","UN",2,"Conforme Projeto Hidráulico"]
[null,"2.16",25003281,"REGISTRO FOFO CBOR.FV S15 PN10/16 DN100","UN",1,"Conforme Projeto Hidráulico"]
[null,"2.17",25013794,"VIGA I  4\"X2.5/8\"X6,43MM","UN",1,"Conforme Projeto Hidráulico"]
[null,"2.18",25003566,"ARRUELA BORRACHA FLANGE PN10 DN100","UN",5,"Conforme Projeto Hidráulico"]
[null,"2.19",25003568,"ARRUELA BORRACHA FLANGE PN10 DN150","UN",6,"Conforme Projeto Hidráulico"]
[null,"2.20",25003569,"ARRUELA BORRACHA FLANGE PN10 DN200","UN",15,"Conforme Projeto Hidráulico"]
[null,"2.21",25025390,"PARAFUSO C/PORCAS P/FLANGE PN10 DN16x80","UN",40,"Conforme Projeto Hidráulico"]
[null,"2.22",35001037,"PARAFUSO C/PORCAS P/ FLANGES-PPF DN20x90","UN",252,"Conforme Projeto Hidráulico"]
[null,"2.23",25002140,"TUBO PVC PB JEI CL15 DN100X6M","M",60,"Conforme Projeto Hidráulico"]
[null,"2.24","ED-50810","JANELA TIPO VENEZIANA EM CHAPA 14 - PADRÃO SEDS","M2",1,"Conforme Projeto Hidráulico"]
[null,"3","","SUBSTAÇÃO ABRIGADA N° 5 CEMIG",""]
[null,"3.1",39891,"BUCHA DE REDUCAO DE COBRE (REF 600-2) SEM ANEL DE SOLDA, PONTA X BOLSA, 54 X 42 MM","UN",1,"Conforme Projeto elétrico"]
[null,"3.2",35001512,"CONECTOR PARAF FEND FURO 10MM2, 16-70MM2","UN",20,"Conforme Projeto elétrico"]
[null,"3.3","COT-016","CHAVE SECCIONADORA SOB CARGA TRIFÁSICA 200A/15KV, NBL MINÍMO 95KV","UN",1,"Conforme Projeto elétrico"]
[null,"3.4","COT-022","CAVALETE AÇO PINTADO ANTICORROSIVO PARA 3TP E 3 TC","UN",1,"Conforme Projeto elétrico"]
[null,"3.5",3394,"ISOLADOR DE PORCELANA, TIPO BUCHA, PARA TENSAO DE *15* KV","UN",1,"Conforme Projeto elétrico"]
[null,"3.6","COT-017","GRADE DE PROTEÇÃO COM TELA ZINCADA N12","UN",2,"Conforme Projeto elétrico"]
[null,"3.7","COT-018","TELA MECANICA TIPO VENEZIANAPARA VENTILAÇÃO INTERNA","UN",4,"Conforme Projeto elétrico"]
[null,"3.8","COT-019","MUFLA TERMINAL PARA CONDUTOR DE COBRE 15KV USO INTERNO","UN",3,"Conforme Projeto elétrico"]
[null,"3.9",35001847,"SUPORTE ACO GALV C/ BORRACHA CABO/MUFLA","UN",1,"Conforme Projeto elétrico"]
[null,"3.10",3406,"ISOLADOR DE PORCELANA, TIPO PINO MONOCORPO, PARA TENSAO DE *15* KV","UN",3,"Conforme Projeto elétrico"]
[null,"3.11",35001829,"BARRAMENTO COBRE VERGALHAO 3/8\" PC 3M","UN",10,"Conforme Projeto elétrico"]
[null,"3.12",35001522,"CAIXA MEDIDOR POLIF, P.CEMIG CM-3LVP","UN",1,"Conforme Projeto elétrico"]
[null,"3.13","ED-20649","CAIXA PARA MEDIÇÃO, TIPO CM-9, DIMENSÕES CONFORME PADRÃO CEMIG, EXCLUSIVE DISJUNTOR, INCLUSIVE INSTALAÇÃO","UN",1,"Conforme Projeto elétrico"]
[null,"3.14",986,"CABO DE COBRE, RIGIDO, CLASSE 2, ISOLACAO EM PVC/A, ANTICHAMA BWF-B, 1 CONDUTOR, 450/750 V, SECAO NOMINAL 25 MM2","M",30,"Conforme Projeto elétrico"]
[null,"3.15",864,"CABO DE COBRE NU 70 MM2 MEIO-DURO","M",20,"Conforme Projeto elétrico"]
[null,"3.16",2683,"ELETRODUTO DE PVC RIGIDO ROSCAVEL DE 4 \", SEM LUVA","M",6,"Conforme Projeto elétrico"]
[null,"3.17",1895,"LUVA EM PVC RIGIDO ROSCAVEL, DE 4\", PARA ELETRODUTO","UN",2,"Conforme Projeto elétrico"]
[null,"3.18",1878,"CURVA 90 GRAUS, LONGA, DE PVC RIGIDO ROSCAVEL, DE 4\", PARA ELETRODUTO","UN",2,"Conforme Projeto elétrico"]
[null,"3.19",35001416,"ELET ACO GALV 4\" BSP, 3,75MM NBR5598","UN",2,"Conforme Projeto elétrico"]
[null,"3.20",35000389,"LUVA SIMPLES F.G CL10 Ø4\"","UN",2,"Conforme Projeto elétrico"]
[null,"3.21",35001534,"BUCHA E ARRUELA PAR Ø50mm","CJ",1,"Conforme Projeto elétrico"]
[null,"3.22",35000166,"CURVA 90 GR RL PVC PBA JE DN100 DE110 MM","UN",1,"Conforme Projeto elétrico"]
[null,"3.23",10892,"EXTINTOR DE INCENDIO PORTATIL COM CARGA DE PO QUIMICO SECO (PQS) DE 6 KG, CLASSE BC","UN",1,"Conforme Projeto elétrico"]
[null,"3.24","COT-020","PLATAFORMA BASCULANTE DE MADEIRA","UN",1,"Conforme Projeto elétrico"]
[null,"3.25",35000136,"GRADE MODULAR SINALIZACAO-P-COPASA 177/-","UN",3,"Conforme Projeto elétrico"]
[null,"3.26",35001282,"PORTA VENEZIANA ALUMINIO S/ VENTILACAO","M2",1,"Conforme Projeto elétrico"]
[null,"3.27",35001582,"LAMPADA TUB T8 LED 1650 LUMENS 100-240V","UN",4,"Conforme Projeto elétrico"]
[null,"3.28",38774,"LUMINARIA DE EMERGENCIA 30 LEDS, POTENCIA 2 W, BATERIA DE LITIO, AUTONOMIA DE 6 HORAS","UN",1,"Conforme Projeto elétrico"]
[null,"3.29",2593,"CONDULETE DE ALUMINIO TIPO LR, PARA ELETRODUTO ROSCAVEL DE 3/4\", COM TAMPA CEGA","UN",2,"Conforme Projeto elétrico"]
[null,"3.30",2593,"CONDULETE DE ALUMINIO TIPO LR, PARA ELETRODUTO ROSCAVEL DE 3/4\", COM TAMPA CEGA","UN",1,"Conforme Projeto elétrico"]
[null,"3.31",2574,"CONDULETE DE ALUMINIO TIPO T, PARA ELETRODUTO ROSCAVEL DE 3/4\", COM TAMPA CEGA","UN",1,"Conforme Projeto elétrico"]
[null,"3.32",12128,"INTERRUPTOR SIMPLES 10A, 250V, CONJUNTO MONTADO PARA SOBREPOR 4\" X 2\" (CAIXA + MODULO)","UN",1,"Conforme Projeto elétrico"]
[null,"3.33",35001398,"ELET ACO GALV 3/4\" BSP, 2,25MM NBR5598","UN",1,"Conforme Projeto elétrico"]
[null,"3.34",35001407,"ELET ACO GALV 1 1/2\" BSP, 3,00MM NBR5598","UN",4,"Conforme Projeto elétrico"]
[null,"3.35",3939,"LUVA DE FERRO GALVANIZADO, COM ROSCA BSP, DE 1 1/2\"","UN",6,"Conforme Projeto elétrico"]
[null,"3.36",35001429,"CURVA 90G ACO GALV 1 1/2\" BSP NBR5598","UN",2,"Conforme Projeto elétrico"]
[null,"3.37",35001573,"TOMADA 2P+T 20A-250V C/TAMPA NBR-14136","CJ",1,"Conforme Projeto elétrico"]
[null,"3.38",35001590,"TOMADA 2P+T 10A-250V C/TAMPA NBR-14136","CJ",1,"Conforme Projeto elétrico"]
[null,"3.39",867,"CABO DE COBRE NU 50 MM2 MEIO-DURO","M",15,"Conforme Projeto elétrico"]
[null,"3.40",868,"CABO DE COBRE NU 25 MM2 MEIO-DURO","M",30,"Conforme Projeto elétrico"]
[null,"3.41",11862,"CONECTOR METALICO TIPO PARAFUSO FENDIDO (SPLIT BOLT), PARA CABOS ATE 50 MM2","UN",12,"Conforme Projeto elétrico"]
[null,"3.42",35001502,"CAIXA SUSPENSA INSP ATER.P/ELETODUTO Ø1\"","UN",4,"Conforme Projeto elétrico"]
[null,"3.43",11991,"HASTE DE ATERRAMENTO EM ACO GALVANIZADO TIPO CANTONEIRA COM 2,00 M DE COMPRIMENTO, 25 X 25 MM E CHAPA DE 3/16\"","UN",4,"Conforme Projeto elétrico"]
[null,"3.44",977,"CABO DE COBRE, FLEXIVEL, CLASSE 4 OU 5, ISOLACAO EM PVC/A, ANTICHAMA BWF-B, COBERTURA PVC-ST1, ANTICHAMA BWF-B, 1 CONDUTOR, 0,6/1 KV, SECAO NOMINAL 70 MM2","M",45,"Conforme Projeto elétrico"]
[null,"3.45",977,"CABO DE COBRE, FLEXIVEL, CLASSE 4 OU 5, ISOLACAO EM PVC/A, ANTICHAMA BWF-B, COBERTURA PVC-ST1, ANTICHAMA BWF-B, 1 CONDUTOR, 0,6/1 KV, SECAO NOMINAL 70 MM2","M",15,"Conforme Projeto elétrico"]
[null,"3.46",1019,"CABO DE COBRE, FLEXIVEL, CLASSE 4 OU 5, ISOLACAO EM PVC/A, ANTICHAMA BWF-B, COBERTURA PVC-ST1, ANTICHAMA BWF-B, 1 CONDUTOR, 0,6/1 KV, SECAO NOMINAL 35 MM2","M",15,"Conforme Projeto elétrico"]
[null,"3.47",1022,"CABO DE COBRE, FLEXIVEL, CLASSE 4 OU 5, ISOLACAO EM PVC/A, ANTICHAMA BWF-B, COBERTURA PVC-ST1, ANTICHAMA BWF-B, 1 CONDUTOR, 0,6/1 KV, SECAO NOMINAL 2,5 MM2","M",30,"Conforme Projeto elétrico"]
[null,"3.48",1022,"CABO DE COBRE, FLEXIVEL, CLASSE 4 OU 5, ISOLACAO EM PVC/A, ANTICHAMA BWF-B, COBERTURA PVC-ST1, ANTICHAMA BWF-B, 1 CONDUTOR, 0,6/1 KV, SECAO NOMINAL 2,5 MM2","M",20,"Conforme Projeto elétrico"]
[null,"3.49",1022,"CABO DE COBRE, FLEXIVEL, CLASSE 4 OU 5, ISOLACAO EM PVC/A, ANTICHAMA BWF-B, COBERTURA PVC-ST1, ANTICHAMA BWF-B, 1 CONDUTOR, 0,6/1 KV, SECAO NOMINAL 2,5 MM2","M",20,"Conforme Projeto elétrico"]
[null,"4","","DISTRIBUIÇÃO DE FORÇA E CONTROLE DE ILUMINAÇÃO EXTERNO",""]
[null,"4.1",39248,"ELETRODUTO/DUTO PEAD FLEXIVEL PAREDE SIMPLES, CORRUGACAO HELICOIDAL, COR PRETA, SEM ROSCA, DE 4\", PARA CABEAMENTO SUBTERRANEO (NBR 15715)","M",15,"Conforme Projeto elétrico"]
[null,"4.2",2446,"ELETRODUTO/DUTO PEAD FLEXIVEL PAREDE SIMPLES, CORRUGACAO HELICOIDAL, COR PRETA, SEM ROSCA, DE 2\",  PARA CABEAMENTO SUBTERRANEO (NBR 15715)","M",20,"Conforme Projeto elétrico"]
[null,"4.3",35001411,"ELET ACO GALV 2 1/2\" BSP, 3,35MM NBR5598","UN",5,"Conforme Projeto elétrico"]
[null,"4.4",35001401,"ELET ACO GALV 1\" BSP 2,65MM 3,0M NBR5598","UN",6,"Conforme Projeto elétrico"]
[null,"4.5",35001431,"CURVA 90G ACO GALV 2 1/2\" BSP NBR5598","UN",2,"Conforme Projeto elétrico"]
[null,"4.6",35001427,"CURVA 90G ACO GALV 1\" BSP NBR5598","UN",2,"Conforme Projeto elétrico"]
[null,"4.7",996,"CABO DE COBRE, FLEXIVEL, CLASSE 4 OU 5, ISOLACAO EM PVC/A, ANTICHAMA BWF-B, COBERTURA PVC-ST1, ANTICHAMA BWF-B, 1 CONDUTOR, 0,6/1 KV, SECAO NOMINAL 25 MM2","M",150,"Conforme Projeto elétrico"]
[null,"4.8",1017,"CABO DE COBRE, FLEXIVEL, CLASSE 4 OU 5, ISOLACAO EM PVC/A, ANTICHAMA BWF-B, COBERTURA PVC-ST1, ANTICHAMA BWF-B, 1 CONDUTOR, 0,6/1 KV, SECAO NOMINAL 120 MM2","M",50,"Conforme Projeto elétrico"]
[null,"4.9",1022,"CABO DE COBRE, FLEXIVEL, CLASSE 4 OU 5, ISOLACAO EM PVC/A, ANTICHAMA BWF-B, COBERTURA PVC-ST1, ANTICHAMA BWF-B, 1 CONDUTOR, 0,6/1 KV, SECAO NOMINAL 2,5 MM2","M",50,"Conforme Projeto elétrico"]
[null,"4.10",1022,"CABO DE COBRE, FLEXIVEL, CLASSE 4 OU 5, ISOLACAO EM PVC/A, ANTICHAMA BWF-B, COBERTURA PVC-ST1, ANTICHAMA BWF-B, 1 CONDUTOR, 0,6/1 KV, SECAO NOMINAL 2,5 MM2","M",25,"Conforme Projeto elétrico"]
[null,"4.11",35001382,"CABO INST BL IND 2Px1,0MM2 300V NBR10300","M",50,"Conforme Projeto elétrico"]
[null,"4.12",35001382,"CABO INST BL IND 2Px1,0MM2 300V NBR10300","M",20,"Conforme Projeto elétrico"]
[null,"4.13",35001382,"CABO INST BL IND 2Px1,0MM2 300V NBR10300","M",20,"Conforme Projeto elétrico"]
[null,"4.14",65004061,"CAIXA DE PASSAGEM 80X80X120 CM PARA REDE DE DUTOS ELETRICOS","UN",1,"Conforme Projeto elétrico"]
[null,"4.15",65004058,"CAIXA DE PASSAGEM 30X30X50 CM PARA REDE DE DUTOS ELETRICOS","UN",1,"Conforme Projeto elétrico"]
[null,"4.16",5052,"POSTE CONICO CONTINUO EM ACO GALVANIZADO, CURVO, BRACO SIMPLES, FLANGEADO, H = 7 M, DIAMETRO INFERIOR = *125* MM","UN",1,"Conforme Projeto elétrico"]
[null,"4.17",2510,"RELE FOTOELETRICO INTERNO E EXTERNO BIVOLT 1000 W, DE CONECTOR, SEM BASE","UN",1,"Conforme Projeto elétrico"]
[null,"4.18",2512,"BRACO P/ LUMINARIA PUBLICA 1 X 1,50M ROMAGNOLE OU EQUIV","UN",1,"Conforme Projeto elétrico"]
[null,"4.19",35001546,"CINTA ACO ZINCADO Ø127MM C/PARAFUSO","UN",1,"Conforme Projeto elétrico"]
[null,"4.20",3749,"LAMPADA VAPOR MERCURIO 250 W (BASE E40)","UN",1,"Conforme Projeto elétrico"]
[null,"4.21",35001598,"REFLETOR MULTILED 2900LM 90LM/W IP66","UN",2,"Conforme Projeto elétrico"]
[null,"4.22",38064,"INTERRUPTOR BIPOLAR 10A, 250V, CONJUNTO MONTADO PARA EMBUTIR 4\" X 2\" (PLACA + SUPORTE + MODULO)","UN",1,"Conforme Projeto elétrico"]
[null,"5","","DISTRIBUIÇÃO DE FORÇA E CONTROLE E ILUMINAÇÃO INTERNO (SALA ELÉTRICA)",""]
[null,"5.1",35001411,"ELET ACO GALV 2 1/2\" BSP, 3,35MM NBR5598","UN",10,"Conforme Projeto elétrico"]
[null,"5.2",3913,"LUVA DE FERRO GALVANIZADO, COM ROSCA BSP, DE 2 1/2\"","UN",8,"Conforme Projeto elétrico"]
[null,"5.3",35001431,"CURVA 90G ACO GALV 2 1/2\" BSP NBR5598","UN",4,"Conforme Projeto elétrico"]
[null,"5.4",35001409,"ELET ACO GALV 2\" BSP 3,0MM, 3,0M NBR5598","UN",5,"Conforme Projeto elétrico"]
[null,"5.5",3912,"LUVA DE FERRO GALVANIZADO, COM ROSCA BSP, DE 2\"","UN",5,"Conforme Projeto elétrico"]
[null,"5.6",35001430,"CURVA 90G ACO GALV 2\" BSP NBR5598","UN",2,"Conforme Projeto elétrico"]
[null,"5.7",35001401,"ELET ACO GALV 1\" BSP 2,65MM 3,0M NBR5598","UN",10,"Conforme Projeto elétrico"]
[null,"5.8",3910,"LUVA DE FERRO GALVANIZADO, COM ROSCA BSP, DE 1\"","UN",5,"Conforme Projeto elétrico"]
[null,"5.9",35001427,"CURVA 90G ACO GALV 1\" BSP NBR5598","UN",6,"Conforme Projeto elétrico"]
[null,"5.10",2681,"ELETRODUTO DE PVC RIGIDO ROSCAVEL DE 2 \", SEM LUVA","M",5,"Conforme Projeto elétrico"]
[null,"5.11",2674,"ELETRODUTO DE PVC RIGIDO ROSCAVEL DE 3/4 \", SEM LUVA","M",30,"Conforme Projeto elétrico"]
[null,"5.12",1894,"LUVA EM PVC RIGIDO ROSCAVEL, DE 2\", PARA ELETRODUTO","UN",2,"Conforme Projeto elétrico"]
[null,"5.13",1891,"LUVA EM PVC RIGIDO ROSCAVEL, DE 3/4\", PARA ELETRODUTO","UN",15,"Conforme Projeto elétrico"]
[null,"5.14",1876,"CURVA 90 GRAUS, LONGA, DE PVC RIGIDO ROSCAVEL, DE 2\", PARA ELETRODUTO","UN",1,"Conforme Projeto elétrico"]
[null,"5.15",1879,"CURVA 90 GRAUS, LONGA, DE PVC RIGIDO ROSCAVEL, DE 3/4\", PARA ELETRODUTO","UN",2,"Conforme Projeto elétrico"]
[null,"5.16",977,"CABO DE COBRE, FLEXIVEL, CLASSE 4 OU 5, ISOLACAO EM PVC/A, ANTICHAMA BWF-B, COBERTURA PVC-ST1, ANTICHAMA BWF-B, 1 CONDUTOR, 0,6/1 KV, SECAO NOMINAL 70 MM2","M",15,"Conforme Projeto elétrico"]
[null,"5.17",1019,"CABO DE COBRE, FLEXIVEL, CLASSE 4 OU 5, ISOLACAO EM PVC/A, ANTICHAMA BWF-B, COBERTURA PVC-ST1, ANTICHAMA BWF-B, 1 CONDUTOR, 0,6/1 KV, SECAO NOMINAL 35 MM2","M",5,"Conforme Projeto elétrico"]
[null,"5.18",996,"CABO DE COBRE, FLEXIVEL, CLASSE 4 OU 5, ISOLACAO EM PVC/A, ANTICHAMA BWF-B, COBERTURA PVC-ST1, ANTICHAMA BWF-B, 1 CONDUTOR, 0,6/1 KV, SECAO NOMINAL 25 MM2","M",30,"Conforme Projeto elétrico"]
[null,"5.19",995,"CABO DE COBRE, FLEXIVEL, CLASSE 4 OU 5, ISOLACAO EM PVC/A, ANTICHAMA BWF-B, COBERTURA PVC-ST1, ANTICHAMA BWF-B, 1 CONDUTOR, 0,6/1 KV, SECAO NOMINAL 16 MM2","M",30,"Conforme Projeto elétrico"]
[null,"5.20",995,"CABO DE COBRE, FLEXIVEL, CLASSE 4 OU 5, ISOLACAO EM PVC/A, ANTICHAMA BWF-B, COBERTURA PVC-ST1, ANTICHAMA BWF-B, 1 CONDUTOR, 0,6/1 KV, SECAO NOMINAL 16 MM2","M",5,"Conforme Projeto elétrico"]
[null,"5.21",995,"CABO DE COBRE, FLEXIVEL, CLASSE 4 OU 5, ISOLACAO EM PVC/A, ANTICHAMA BWF-B, COBERTURA PVC-ST1, ANTICHAMA BWF-B, 1 CONDUTOR, 0,6/1 KV, SECAO NOMINAL 16 MM2","M",15,"Conforme Projeto elétrico"]
[null,"5.22",35001382,"CABO INST BL IND 2Px1,0MM2 300V NBR10300","M",20,"Conforme Projeto elétrico"]
[null,"5.23",1022,"CABO DE COBRE, FLEXIVEL, CLASSE 4 OU 5, ISOLACAO EM PVC/A, ANTICHAMA BWF-B, COBERTURA PVC-ST1, ANTICHAMA BWF-B, 1 CONDUTOR, 0,6/1 KV, SECAO NOMINAL 2,5 MM2","M",100,"Conforme Projeto elétrico"]
[null,"5.24",1022,"CABO DE COBRE, FLEXIVEL, CLASSE 4 OU 5, ISOLACAO EM PVC/A, ANTICHAMA BWF-B, COBERTURA PVC-ST1, ANTICHAMA BWF-B, 1 CONDUTOR, 0,6/1 KV, SECAO NOMINAL 2,5 MM2","M",100,"Conforme Projeto elétrico"]
[null,"5.25",1022,"CABO DE COBRE, FLEXIVEL, CLASSE 4 OU 5, ISOLACAO EM PVC/A, ANTICHAMA BWF-B, COBERTURA PVC-ST1, ANTICHAMA BWF-B, 1 CONDUTOR, 0,6/1 KV, SECAO NOMINAL 2,5 MM2","M",50,"Conforme Projeto elétrico"]
[null,"5.26",2593,"CONDULETE DE ALUMINIO TIPO LR, PARA ELETRODUTO ROSCAVEL DE 3/4\", COM TAMPA CEGA","UN",4,"Conforme Projeto elétrico"]
[null,"5.27",2593,"CONDULETE DE ALUMINIO TIPO LR, PARA ELETRODUTO ROSCAVEL DE 3/4\", COM TAMPA CEGA","UN",4,"Conforme Projeto elétrico"]
[null,"5.28",2574,"CONDULETE DE ALUMINIO TIPO T, PARA ELETRODUTO ROSCAVEL DE 3/4\", COM TAMPA CEGA","UN",8,"Conforme Projeto elétrico"]
[null,"5.29",2580,"CONDULETE DE ALUMINIO TIPO X, PARA ELETRODUTO ROSCAVEL DE 3/4\", COM TAMPA CEGA","UN",2,"Conforme Projeto elétrico"]
[null,"5.30",2571,"CONDULETE DE ALUMINIO TIPO LR, PARA ELETRODUTO ROSCAVEL DE 2\", COM TAMPA CEGA","UN",2,"Conforme Projeto elétrico"]
[null,"5.31",2571,"CONDULETE DE ALUMINIO TIPO LR, PARA ELETRODUTO ROSCAVEL DE 2\", COM TAMPA CEGA","UN",2,"Conforme Projeto elétrico"]
[null,"5.32",12129,"INTERRUPTOR SIMPLES 10A, 250V, CONJUNTO MONTADO PARA SOBREPOR 4\" X 2\" (CAIXA + 2 MODULOS)","UN",2,"Conforme Projeto elétrico"]
[null,"5.33",35001582,"LAMPADA TUB T8 LED 1650 LUMENS 100-240V","UN",4,"Conforme Projeto elétrico"]
[null,"5.34",38774,"LUMINARIA DE EMERGENCIA 30 LEDS, POTENCIA 2 W, BATERIA DE LITIO, AUTONOMIA DE 6 HORAS","UN",1,"Conforme Projeto elétrico"]
[null,"5.35",38774,"LUMINARIA DE EMERGENCIA 30 LEDS, POTENCIA 2 W, BATERIA DE LITIO, AUTONOMIA DE 6 HORAS","UN",2,"Conforme Projeto elétrico"]
[null,"5.36",35001590,"TOMADA 2P+T 10A-250V C/TAMPA NBR-14136","CJ",2,"Conforme Projeto elétrico"]
[null,"5.37",35001593,"TOMADA INDUST SOBREPOR 3P 16A-500V IP44","UN",1,"Conforme Projeto elétrico"]
[null,"5.38",35001590,"TOMADA 2P+T 10A-250V C/TAMPA NBR-14136","CJ",5,"Conforme Projeto elétrico"]
[null,"5.39",35001590,"TOMADA 2P+T 10A-250V C/TAMPA NBR-14136","CJ",1,"Conforme Projeto elétrico"]
[null,"5.40",35001573,"TOMADA 2P+T 20A-250V C/TAMPA NBR-14136","CJ",1,"Conforme Projeto elétrico"]
[null,"5.41",35001585,"PERFILADO AÇO PERF 38X38X3000 16 PRE-ZI","UN",5,"Conforme Projeto elétrico"]
[null,"5.42",65000345,"CANALETA EM CONCRETO PARA PASSAGEM DE CABOS (0,50 X 0,50) M","M",5,"Conforme Projeto elétrico"]
[null,"6","","SISTEM DE ATERRAMENTO E SPDA (SALA ELÉTRICA E SUBESTAÇÃO)",""]
[null,"6.1",11854,"CONECTOR METALICO TIPO PARAFUSO FENDIDO (SPLIT BOLT), PARA CABOS ATE 35 MM2","UN",10,"Conforme Projeto elétrico"]
[null,"6.2",11862,"CONECTOR METALICO TIPO PARAFUSO FENDIDO (SPLIT BOLT), PARA CABOS ATE 50 MM2","UN",10,"Conforme Projeto elétrico"]
[null,"6.3",1597,"CONECTOR DE ALUMINIO TIPO PRENSA CABO, BITOLA 3/8\", PARA CABOS DE DIAMETRO DE 9 A 10 MM","UN",5,"Conforme Projeto elétrico"]
[null,"6.4",867,"CABO DE COBRE NU 50 MM2 MEIO-DURO","M",75,"Conforme Projeto elétrico"]
[null,"6.5",863,"CABO DE COBRE NU 35 MM2 MEIO-DURO","M",50,"Conforme Projeto elétrico"]
[null,"6.6",857,"CABO DE COBRE NU 16 MM2 MEIO-DURO","M",10,"Conforme Projeto elétrico"]
[null,"6.7",11991,"HASTE DE ATERRAMENTO EM ACO GALVANIZADO TIPO CANTONEIRA COM 2,00 M DE COMPRIMENTO, 25 X 25 MM E CHAPA DE 3/16\"","UN",10,"Conforme Projeto elétrico"]
[null,"6.8",34643,"CAIXA DE INSPECAO PARA ATERRAMENTO E PARA RAIOS, EM POLIPROPILENO,  DIAMETRO = 300 MM X ALTURA = 400 MM","UN",10,"Conforme Projeto elétrico"]
[null,"6.9","COT-021","TERMINAL AÉREO DE AÇO GALVANIZADO DIÂMETRO 3/8\", COMPRIMENTO 300MM","UN",4,"Conforme Projeto elétrico"]
[null,"6.10",3384,"SUPORTE GUIA SIMPLES COM ROLDANA EM POLIPROPILENO PARA CHUMBAR, H = 20 CM","UN",2,"Conforme Projeto elétrico"]
[null,"6.11",1602,"CONECTOR DE ALUMINIO TIPO PRENSA CABO, BITOLA 1 1/2\", PARA CABOS DE DIAMETRO DE 37 A 40 MM","UN",6,"Conforme Projeto elétrico"]
[null,"6.12","ED-51053","CAIXA DE EQUALIZAÇÃO PARA USO INTERNO COM 9 TERMINAIS 210X210X90MM EM AÇO","U",1,"Conforme Projeto elétrico"]
[null,"6.13",2681,"ELETRODUTO DE PVC RIGIDO ROSCAVEL DE 2 \", SEM LUVA","M",8,"Conforme Projeto elétrico"]
[null,"6.14",1894,"LUVA EM PVC RIGIDO ROSCAVEL, DE 2\", PARA ELETRODUTO","UN",8,"Conforme Projeto elétrico"]
[null,"6.15",39132,"ABRACADEIRA EM ACO PARA AMARRACAO DE ELETRODUTOS, TIPO D, COM 2\" E CUNHA DE FIXACAO","UN",16,"Conforme Projeto elétrico"]
[null,"7","","EQUIPAMENTOS (CONFORME RELAÇÃODE EQUIPAMENTOS E PROJETOS IPI INCLUSO)",""]
[null,"7.1","COT-001","QGBT 440V","UN",1,"Conforme Projeto elétrico"]
[null,"7.2","COT-002","QDC 220V","UN",1,"Conforme Projeto elétrico"]
[null,"7.3","COT-003","PDA (PAINEL DE AUTOMAÇÃO COM CLP)","UN",1,"Conforme Projeto elétrico"]
[null,"7.4","COT-004","QCM-01 50 CV/440V INVERSOR DE FREQUENCIA TRIFÁSICO 76A","UN",1,"Conforme Projeto elétrico"]
[null,"7.5","COT-005","QCM-02 50CV/440V - INVERSOR DE FREQUÊNCIA TRIFÁSICO 76A","UN",1,"Conforme Projeto elétrico"]
[null,"7.6","COT-006","SENSOR DE NÍVEL HIDROSTÁTICO 0~10 METROS, SAÍDA 4~20MA","UN",1,"Conforme Projeto elétrico"]
[null,"7.7","COT-007","SISTEMA DE RÁDIO ENLACE PARA COMUNICAÇÃO EAB/ETA","CJ",2,"Conforme Projeto elétrico"]
[null,"7.8","COT-008","TRANSFORMADOR 112,5 KVA - 13,8KV/0,44KV - 15KV","UN",1,"Conforme Projeto elétrico"]
[null,"7.9","COT-009","TRASFORMADOR 15 KVA - 0,44V/0,22KV - 1KV","UN",1,"Conforme Projeto elétrico"]
[null,"8","","MÃO DE OBRA REFERENTE AS INSTALAÇÕES",""]
[null,"8.1","","EQUIPAMENTOS E PAINÉIS ELÉTRICOS",""]
[null,"8.1.1",4083,"ENCARREGADO GERAL DE OBRAS (HORISTA)","H",160,"Conforme orçamento Projeto elétrico"]
[null,"8.1.2",2436,"ELETRICISTA (HORISTA)","H",160,"Conforme orçamento Projeto elétrico"]
[null,"8.1.3",247,"AJUDANTE DE ELETRICISTA (HORISTA)","H",160,"Conforme orçamento Projeto elétrico"]
[null,"8.1.4",6111,"SERVENTE DE OBRAS","H",160,"Conforme orçamento Projeto elétrico"]
[null,"8.2","","SUBESTAÇÃO ABRIGADA Nº 05 CEMIG",""]
[null,"8.2.1",4083,"ENCARREGADO GERAL DE OBRAS (HORISTA)","H",100,"Conforme orçamento Projeto elétrico"]
[null,"8.2.2",2436,"ELETRICISTA (HORISTA)","H",100,"Conforme orçamento Projeto elétrico"]
[null,"8.2.3",247,"AJUDANTE DE ELETRICISTA (HORISTA)","H",100,"Conforme orçamento Projeto elétrico"]
[null,"8.2.4",6111,"SERVENTE DE OBRAS","H",100,"Conforme orçamento Projeto elétrico"]
[null,"8.3",""," DISTRIBUIÇÃO DE FORÇA E CONTROLE E ILUMINAÇÃO EXTERNO",""]
[null,"8.3.1",4083,"ENCARREGADO GERAL DE OBRAS (HORISTA)","H",80,"Conforme orçamento Projeto elétrico"]
[null,"8.3.2",2436,"ELETRICISTA (HORISTA)","H",80,"Conforme orçamento Projeto elétrico"]
[null,"8.3.3",247,"AJUDANTE DE ELETRICISTA (HORISTA)","H",80,"Conforme orçamento Projeto elétrico"]
[null,"8.3.4",6111,"SERVENTE DE OBRAS","H",80,"Conforme orçamento Projeto elétrico"]
[null,"8.4","","DISTRIBUIÇÃO DE FORÇA E CONTROLE E ILUMINAÇÃO INTERNO (SALA ELÉTRICA)",""]
[null,"8.4.1",4083,"ENCARREGADO GERAL DE OBRAS (HORISTA)","H",48,"Conforme orçamento Projeto elétrico"]
[null,"8.4.2",2436,"ELETRICISTA (HORISTA)","H",48,"Conforme orçamento Projeto elétrico"]
[null,"8.4.3",247,"AJUDANTE DE ELETRICISTA (HORISTA)","H",48,"Conforme orçamento Projeto elétrico"]
[null,"8.4.4",6111,"SERVENTE DE OBRAS","H",48,"Conforme orçamento Projeto elétrico"]
[null,"8.5","","SISTEMA DE ATERRAMENTO E SPDA",""]
[null,"8.5.1",4083,"ENCARREGADO GERAL DE OBRAS (HORISTA)","H",60,"Conforme orçamento Projeto elétrico"]
[null,"8.5.2",2436,"ELETRICISTA (HORISTA)","H",60,"Conforme orçamento Projeto elétrico"]
[null,"8.5.3",247,"AJUDANTE DE ELETRICISTA (HORISTA)","H",60,"Conforme orçamento Projeto elétrico"]
[null,"8.5.4",6111,"SERVENTE DE OBRAS","H",60,"Conforme orçamento Projeto elétrico"]
[null,"9","","ESTRUTURAL E ALVENARIA SUBSTAÇÃO ELEVATÓRIA",""]
[null,"9.1","","IDENTIFICAÇÃO DA OBRA",""]
[null,"9.1.1","ED-28427","FORNECIMENTO E COLOCAÇÃO DE PLACA DE OBRA EM CHAPA GALVANIZADA #26, ESP. 0,45MM, DIMENSÃO (3X1,5)M, PLOTADA COM ADESIVO VINÍLICO, AFIXADA COM REBITES 4,8X40MM, EM ESTRUTURA METÁLICA DE METALON 20X20MM, ESP. 1,25MM, INCLUSIVE SUPORTE EM EUCALIPTO AUTOCLAVADO PINTADO COM TINTA PVA DUAS (2) DEMÃOS","UN",1,"1 placa"]
[null,"9.2","","INFRAESTRUTUA",""]
[null,"9.2.1","","ESTACAS/BROCAS",""]
[null,"9.2.1.1","ED-19753","MOBILIZAÇÃO E DESMOBILIZAÇÃO DE EQUIPAMENTO PARA ESTACA TIPO HÉLICE CONTÍNUA  (CUSTO FIXO), INCLUSIVE CARGA E DESGARGA, EXCLUSIVE TRANSPORTE EM QUILÔMETRO RODADO (CUSTO VARIÁVEL)","UN",1,"1 taxa "]
[null,"9.2.1.2",100651,"ESTACA HÉLICE CONTÍNUA, DIÂMETRO DE 30 CM, INCLUSO CONCRETO FCK=30MPA E ARMADURA MÍNIMA (EXCLUSIVE BOMBEAMENTO, MOBILIZAÇÃO E DESMOBILIZAÇÃO). AF_12/2019_PA","M",168,"14 estacas x 12,00m = 168,00m"]
[null,"9.2.1.3",92915,"ARMAÇÃO DE ESTRUTURAS DIVERSAS DE CONCRETO ARMADO, EXCETO VIGAS, PILARES, LAJES E FUNDAÇÕES, UTILIZANDO AÇO CA-60 DE 5,0 MM - MONTAGEM. AF_06/2022","KG",26.2,"Conforme Projeto Estrutural: "]
[null,"9.2.1.4",92919,"ARMAÇÃO DE ESTRUTURAS DIVERSAS DE CONCRETO ARMADO, EXCETO VIGAS, PILARES, LAJES E FUNDAÇÕES, UTILIZANDO AÇO CA-50 DE 10,0 MM - MONTAGEM. AF_06/2022","KG",114,"Conforme Projeto Estrutural: "]
[null,"9.2.1.5",100977,"CARGA, MANOBRA E DESCARGA DE SOLOS E MATERIAIS GRANULARES EM CAMINHÃO BASCULANTE 6 M³ - CARGA COM ESCAVADEIRA HIDRÁULICA (CAÇAMBA DE 1,20 M³ / 155 HP) E DESCARGA LIVRE (UNIDADE: M3). AF_07/2020","M3",11.88,"0,0707 m² x 168,00m = 11,88m³"]
[null,"9.2.1.6",97914,"TRANSPORTE COM CAMINHÃO BASCULANTE DE 6 M³, EM VIA URBANA PAVIMENTADA, DMT ATÉ 30 KM (UNIDADE: M3XKM). AF_07/2020","M3XKM",178.16,"11,88m³ x 15,00km = 178,16m³xkm"]
[null,"9.2.2","","BLOCOS DE FUNDAÇÃO",""]
[null,"9.2.2.1",96523,"ESCAVAÇÃO MANUAL PARA BLOCO DE COROAMENTO OU SAPATA (INCLUINDO ESCAVAÇÃO PARA COLOCAÇÃO DE FÔRMAS). AF_06/2017","M3",1.94,"Conforme Projeto Estrutural: "]
[null,"9.2.2.2",96540,"FABRICAÇÃO, MONTAGEM E DESMONTAGEM DE FÔRMA PARA BLOCO DE COROAMENTO, EM CHAPA DE MADEIRA COMPENSADA RESINADA, E=17 MM, 4 UTILIZAÇÕES. AF_06/2017","M2",11.52,"Conforme Projeto Estrutural: "]
[null,"9.2.2.3",100324,"LASTRO COM MATERIAL GRANULAR (PEDRA BRITADA N.1 E PEDRA BRITADA N.2), APLICADO EM PISOS OU LAJES SOBRE SOLO, ESPESSURA DE *10 CM*. AF_07/2019","M3",0.54,"5,40m² x 0,10m = 0,54m³"]
[null,"9.2.2.4",96545,"ARMAÇÃO DE BLOCO, VIGA BALDRAME OU SAPATA UTILIZANDO AÇO CA-50 DE 8 MM - MONTAGEM. AF_06/2017","KG",130.30000000000001,"Conforme Projeto Estrutural: "]
[null,"9.2.2.5",96557,"CONCRETAGEM DE BLOCOS DE COROAMENTO E VIGAS BALDRAMES, FCK 30 MPA, COM USO DE BOMBA \u0096 LANÇAMENTO, ADENSAMENTO E ACABAMENTO. AF_06/2017","M3",1.94,"Conforme Projeto Estrutural: "]
[null,"9.2.2.6",98562,"IMPERMEABILIZAÇÃO DE FLOREIRA OU VIGA BALDRAME COM ARGAMASSA DE CIMENTO E AREIA, COM ADITIVO IMPERMEABILIZANTE, E = 2 CM. AF_06/2018","M2",5.4,"6 blocos x 1,50m x 0,60m = 5,40m²"]
[null,"9.2.2.7",98557,"IMPERMEABILIZAÇÃO DE SUPERFÍCIE COM EMULSÃO ASFÁLTICA, 2 DEMÃOS AF_06/2018","M2",5.4,"6 blocos x 1,50m x 0,60m = 5,40m²"]
[null,"9.2.3","","VIGAS",""]
[null,"9.2.3.1",96527,"ESCAVAÇÃO MANUAL DE VALA PARA VIGA BALDRAME (INCLUINDO ESCAVAÇÃO PARA COLOCAÇÃO DE FÔRMAS). AF_06/2017","M3",1.45,"Conforme Projeto Estrutural: "]
[null,"9.2.3.2",96542,"FABRICAÇÃO, MONTAGEM E DESMONTAGEM DE FÔRMA PARA VIGA BALDRAME, EM CHAPA DE MADEIRA COMPENSADA RESINADA, E=17 MM, 4 UTILIZAÇÕES. AF_06/2017","M2",20.100000000000001,"Conforme Projeto Estrutural: "]
[null,"9.2.3.3",100324,"LASTRO COM MATERIAL GRANULAR (PEDRA BRITADA N.1 E PEDRA BRITADA N.2), APLICADO EM PISOS OU LAJES SOBRE SOLO, ESPESSURA DE *10 CM*. AF_07/2019","M3",0.48,"4,83m² x 0,10m = 0,48m³"]
[null,"9.2.3.4",96546,"ARMAÇÃO DE BLOCO, VIGA BALDRAME OU SAPATA UTILIZANDO AÇO CA-50 DE 10 MM - MONTAGEM. AF_06/2017","KG",60.6,"Conforme Projeto Estrutural: "]
[null,"9.2.3.5",96547,"ARMAÇÃO DE BLOCO, VIGA BALDRAME OU SAPATA UTILIZANDO AÇO CA-50 DE 12,5 MM - MONTAGEM. AF_06/2017","KG",29,"Conforme Projeto Estrutural: "]
[null,"9.2.3.6",96543,"ARMAÇÃO DE BLOCO, VIGA BALDRAME E SAPATA UTILIZANDO AÇO CA-60 DE 5 MM - MONTAGEM. AF_06/2017","KG",26.1,"Conforme Projeto Estrutural: "]
[null,"9.2.3.7",96557,"CONCRETAGEM DE BLOCOS DE COROAMENTO E VIGAS BALDRAMES, FCK 30 MPA, COM USO DE BOMBA \u0096 LANÇAMENTO, ADENSAMENTO E ACABAMENTO. AF_06/2017","M3",1.45,"Conforme Projeto Estrutural: "]
[null,"9.2.3.8",98557,"IMPERMEABILIZAÇÃO DE SUPERFÍCIE COM EMULSÃO ASFÁLTICA, 2 DEMÃOS AF_06/2018","M2",4.83,"1,45m³ / 0,30m = 4,83m²"]
[null,"9.2.3.9",98562,"IMPERMEABILIZAÇÃO DE FLOREIRA OU VIGA BALDRAME COM ARGAMASSA DE CIMENTO E AREIA, COM ADITIVO IMPERMEABILIZANTE, E = 2 CM. AF_06/2018","M2",4.83,"1,45m³ / 0,30m = 4,83m²"]
[null,"9.3","","SUPRAESTRUTURA",""]
[null,"9.3.1","","PILARES",""]
[null,"9.3.1.1",92443,"MONTAGEM E DESMONTAGEM DE FÔRMA DE PILARES RETANGULARES E ESTRUTURAS SIMILARES, PÉ-DIREITO SIMPLES, EM CHAPA DE MADEIRA COMPENSADA PLASTIFICADA, 18 UTILIZAÇÕES. AF_09/2020","M2",15.6,"Conforme Projeto Estrutural: "]
[null,"9.3.1.2",104108,"ARMAÇÃO DE PILAR OU VIGA DE ESTRUTURA DE CONCRETO ARMADO EMBUTIDA EM ALVENARIA DE VEDAÇÃO UTILIZANDO AÇO CA-50 DE 10,0 MM - MONTAGEM. AF_06/2022","KG",36.799999999999997,"Conforme Projeto Estrutural: "]
[null,"9.3.1.3",104107,"ARMAÇÃO DE PILAR OU VIGA DE ESTRUTURA DE CONCRETO ARMADO EMBUTIDA EM ALVENARIA DE VEDAÇÃO UTILIZANDO AÇO CA-50 DE 12,5 MM - MONTAGEM. AF_06/2022","KG",51,"Conforme Projeto Estrutural: "]
[null,"9.3.1.4",104106,"ARMAÇÃO DE PILAR OU VIGA DE ESTRUTURA DE CONCRETO ARMADO EMBUTIDA EM ALVENARIA DE VEDAÇÃO UTILIZANDO AÇO CA-50 DE 16,0 MM - MONTAGEM. AF_06/2022","KG",8,"Conforme Projeto Estrutural: "]
[null,"9.3.1.5",104111,"ARMAÇÃO DE PILAR OU VIGA DE ESTRUTURA DE CONCRETO ARMADO EMBUTIDA EM ALVENARIA DE VEDAÇÃO UTILIZANDO AÇO CA-60 DE 5,0 MM - MONTAGEM. AF_06/2022","KG",51,"Conforme Projeto Estrutural: "]
[null,"9.3.1.6","ED-49788","FORNECIMENTO DE CONCRETO ESTRUTURAL, PREPARADO EM OBRA COM BETONEIRA, COM FCK 30MPA, INCLUSIVE LANÇAMENTO, ADENSAMENTO E ACABAMENTO (FUNDAÇÃO)","M3",0.74,"Conforme Projeto Estrutural: "]
[null,"9.3.2","","VIGAS",""]
[null,"9.3.2.1",92480,"MONTAGEM E DESMONTAGEM DE FÔRMA DE VIGA, ESCORAMENTO METÁLICO, PÉ-DIREITO SIMPLES, EM CHAPA DE MADEIRA PLASTIFICADA, 18 UTILIZAÇÕES. AF_09/2020","M2",12.43,"Conforme Projeto Estrutural: "]
[null,"9.3.2.2",104108,"ARMAÇÃO DE PILAR OU VIGA DE ESTRUTURA DE CONCRETO ARMADO EMBUTIDA EM ALVENARIA DE VEDAÇÃO UTILIZANDO AÇO CA-50 DE 10,0 MM - MONTAGEM. AF_06/2022","KG",42.3,"Conforme Projeto Estrutural: "]
[null,"9.3.2.3",104107,"ARMAÇÃO DE PILAR OU VIGA DE ESTRUTURA DE CONCRETO ARMADO EMBUTIDA EM ALVENARIA DE VEDAÇÃO UTILIZANDO AÇO CA-50 DE 12,5 MM - MONTAGEM. AF_06/2022","KG",31.1,"Conforme Projeto Estrutural: "]
[null,"9.3.2.4",104111,"ARMAÇÃO DE PILAR OU VIGA DE ESTRUTURA DE CONCRETO ARMADO EMBUTIDA EM ALVENARIA DE VEDAÇÃO UTILIZANDO AÇO CA-60 DE 5,0 MM - MONTAGEM. AF_06/2022","KG",20.2,"Conforme Projeto Estrutural: "]
[null,"9.3.2.5","ED-49788","FORNECIMENTO DE CONCRETO ESTRUTURAL, PREPARADO EM OBRA COM BETONEIRA, COM FCK 30MPA, INCLUSIVE LANÇAMENTO, ADENSAMENTO E ACABAMENTO (FUNDAÇÃO)","M3",1.1200000000000001,"Conforme Projeto Estrutural: "]
[null,"9.3.3","","LAJE RESPALDO",""]
[null,"9.3.3.1","ED-50258","LAJE PRÉ-MOLDADA UNIDIRECIONAL COM ENCHIMENTO EM POLIESTIRENO EXPANDIDO (EPS), CAPEAMENTO DE 4CM, SOBRECARGA DE 250KG/M2, ALTURA TOTAL DE 11CM E VÃO LIVRE MÁXIMO DE 5M, INCLUSIVE CONCRETO ESTRUTURAL, USINADO BOMBEADO COM FCK DE 20MPA, EXCLUSIVE TELA ARMADA E CIMBRAMENTO","M2",24.5,"Conforme Projeto Estrutural: "]
[null,"9.3.3.2",92770,"ARMAÇÃO DE LAJE DE ESTRUTURA CONVENCIONAL DE CONCRETO ARMADO UTILIZANDO AÇO CA-50 DE 8,0 MM - MONTAGEM. AF_06/2022","KG",30.6,"Conforme Projeto Estrutural: "]
[null,"9.3.3.3",92771,"ARMAÇÃO DE LAJE DE ESTRUTURA CONVENCIONAL DE CONCRETO ARMADO UTILIZANDO AÇO CA-50 DE 10,0 MM - MONTAGEM. AF_06/2022","KG",4.5999999999999996,"Conforme Projeto Estrutural: "]
[null,"9.3.3.4",21141,"TELA DE ACO SOLDADA NERVURADA, CA-60, Q-92, (1,48 KG/M2), DIAMETRO DO FIO = 4,2 MM, LARGURA = 2,45 X 60 M DE COMPRIMENTO, ESPACAMENTO DA MALHA = 15  X 15 CM","M2",24.5,"Conforme Projeto Estrutural: "]
[null,"9.3.3.5","ED-19637","CIMBRAMENTO PARA LAJE PRÉ-MOLDADA COM ESCORAMENTO METÁLICO, TIPO \"A\", ALTURA DE (200 ATÉ 310)CM, INCLUSIVE DESCARGA, MONTAGEM, DESMONTAGEM E CARGA","M2XMÊS",68.599999999999994,"24,50m² x 2,80m = 68,60m²xmês"]
[null,"9.4","","ALVENARIA E PAINÉIS",""]
[null,"9.4.1","","ALVENARIA",""]
[null,"9.4.1.1",103327,"ALVENARIA DE VEDAÇÃO DE BLOCOS CERÂMICOS FURADOS NA VERTICAL DE 19X19X39 CM (ESPESSURA 19 CM) E ARGAMASSA DE ASSENTAMENTO COM PREPARO MANUAL. AF_12/2021","M2",93.14,"25,42m x 2,80m + 21,96m x 1,00m = 93,14m²"]
[null,"9.4.2","","IMPERMEABILIZAÇÃO",""]
[null,"9.4.2.1",98561,"IMPERMEABILIZAÇÃO DE PAREDES COM ARGAMASSA DE CIMENTO E AREIA, COM ADITIVO IMPERMEABILIZANTE, E = 2CM. AF_06/2018","M2",79.13,"(21,56m + 12,24m + 18,95m) x 1,50m = 79,13m²"]
[null,"9.5","","REVESTIMENTOS",""]
[null,"9.5.1","","PISO",""]
[null,"9.5.1.1",100577,"REGULARIZAÇÃO E COMPACTAÇÃO DE SUBLEITO DE SOLO PREDOMINANTEMENTE ARENOSO. AF_11/2019","M2",22.04,"Conforme Projeto Estrutural: "]
[null,"9.5.1.2",97087,"CAMADA SEPARADORA PARA EXECUÇÃO DE RADIER, PISO DE CONCRETO OU LAJE SOBRE SOLO, EM LONA PLÁSTICA. AF_09/2021","M2",22.04,"Conforme Projeto Estrutural: "]
[null,"9.5.1.3",96624,"LASTRO COM MATERIAL GRANULAR (PEDRA BRITADA N.2), APLICADO EM PISOS OU LAJES SOBRE SOLO, ESPESSURA DE *10 CM*. AF_08/2017","M3",2.2000000000000002,"22,04m² x 0,10m = 2,20m³"]
[null,"9.5.1.4","ED-9319","PISO EM CONCRETO, USINADO CONVENCIONAL, FCK 15MPA, COM TELA SOLDADA NERVURADA TIPO Q-61, ACABAMENTO POLIDO EM NÍVEL ZERO, ESP. 5CM, INCLUSIVE FORNECIMENTO, LANÇAMENTO, ADENSAMENTO, EXCLUSIVE JUNTA DE DILATAÇÃO","M2",22.04,"Conforme Projeto Estrutural: "]
[null,"9.5.1.5",88477,"CONTRAPISO COM ARGAMASSA AUTONIVELANTE, APLICADO SOBRE LAJE, ADERIDO, ESPESSURA 3CM. AF_07/2021","M2",22.04,"Conforme Projeto Estrutural: "]
[null,"9.5.2","","PAREDES",""]
[null,"9.5.2.1",87878,"CHAPISCO APLICADO EM ALVENARIAS E ESTRUTURAS DE CONCRETO INTERNAS, COM COLHER DE PEDREIRO.  ARGAMASSA TRAÇO 1:3 COM PREPARO MANUAL. AF_10/2022","M2",174.85,"((6,79+6,79+3,99+3,99)+(2,51+2,51+3,61+3,61)+(3,71+3,61+1,56+2,30+0,19+2,30+1,905+3,61))x3,3=174,85m²"]
[null,"9.5.2.2",87825,"EMBOÇO OU MASSA ÚNICA EM ARGAMASSA TRAÇO 1:2:8, PREPARO MECÂNICO COM BETONEIRA 400 L, APLICADA MANUALMENTE NAS PAREDES INTERNAS DA SACADA, ESPESSURA DE 25 MM, SEM USO DE TELA METÁLICA DE REFORÇO CONTRA FISSURAÇÃO. AF_08/2022","M2",174.85,"((6,79+6,79+3,99+3,99)+(2,51+2,51+3,61+3,61)+(3,71+3,61+1,56+2,30+0,19+2,30+1,905+3,61))x3,3=174,85m²"]
[null,"9.5.3","","TETO",""]
[null,"9.5.3.1",87886,"CHAPISCO APLICADO NO TETO OU EM ESTRUTURA, COM DESEMPENADEIRA DENTADA. ARGAMASSA INDUSTRIALIZADA COM PREPARO MANUAL. AF_10/2022","M2",22.04,"Conforme Projeto Estrutural: "]
[null,"9.5.3.2",90407,"MASSA ÚNICA, PARA RECEBIMENTO DE PINTURA, EM ARGAMASSA TRAÇO 1:2:8, PREPARO MANUAL, APLICADA MANUALMENTE EM TETO, ESPESSURA DE 20MM, COM EXECUÇÃO DE TALISCAS. AF_03/2015","M2",22.04,"Conforme Projeto Estrutural: "]
[null,"10","","ELEVATÓRIA",""]
[null,"10.1","","INFRAESTRUTURA",""]
[null,"10.1.1","","ESTACAS/BROCAS",""]
[null,"10.1.1.1",100651,"ESTACA HÉLICE CONTÍNUA, DIÂMETRO DE 30 CM, INCLUSO CONCRETO FCK=30MPA E ARMADURA MÍNIMA (EXCLUSIVE BOMBEAMENTO, MOBILIZAÇÃO E DESMOBILIZAÇÃO). AF_12/2019_PA","M",216,"18 estacas x 12,00m = 216,00m"]
[null,"10.1.1.2",92915,"ARMAÇÃO DE ESTRUTURAS DIVERSAS DE CONCRETO ARMADO, EXCETO VIGAS, PILARES, LAJES E FUNDAÇÕES, UTILIZANDO AÇO CA-60 DE 5,0 MM - MONTAGEM. AF_06/2022","KG",33.700000000000003,"Conforme Projeto Estrutural: "]
[null,"10.1.1.3",92919,"ARMAÇÃO DE ESTRUTURAS DIVERSAS DE CONCRETO ARMADO, EXCETO VIGAS, PILARES, LAJES E FUNDAÇÕES, UTILIZANDO AÇO CA-50 DE 10,0 MM - MONTAGEM. AF_06/2022","KG",147.6,"Conforme Projeto Estrutural: "]
[null,"10.1.1.4",100977,"CARGA, MANOBRA E DESCARGA DE SOLOS E MATERIAIS GRANULARES EM CAMINHÃO BASCULANTE 6 M³ - CARGA COM ESCAVADEIRA HIDRÁULICA (CAÇAMBA DE 1,20 M³ / 155 HP) E DESCARGA LIVRE (UNIDADE: M3). AF_07/2020","M3",15.27,"216,00m x 0,0707m = 15,27m³"]
[null,"10.1.1.5",97914,"TRANSPORTE COM CAMINHÃO BASCULANTE DE 6 M³, EM VIA URBANA PAVIMENTADA, DMT ATÉ 30 KM (UNIDADE: M3XKM). AF_07/2020","M3XKM",229.07,"15,27m³ x 15,00km = 229,07m³xkm"]
[null,"10.1.2","","BLOCOS DE FUNDAÇÃO",""]
[null,"10.1.2.1",96523,"ESCAVAÇÃO MANUAL PARA BLOCO DE COROAMENTO OU SAPATA (INCLUINDO ESCAVAÇÃO PARA COLOCAÇÃO DE FÔRMAS). AF_06/2017","M3",3.88,"Conforme Projeto Estrutural: "]
[null,"10.1.2.2",96540,"FABRICAÇÃO, MONTAGEM E DESMONTAGEM DE FÔRMA PARA BLOCO DE COROAMENTO, EM CHAPA DE MADEIRA COMPENSADA RESINADA, E=17 MM, 4 UTILIZAÇÕES. AF_06/2017","M2",11.52,"Conforme Projeto Estrutural: "]
[null,"10.1.2.3",100324,"LASTRO COM MATERIAL GRANULAR (PEDRA BRITADA N.1 E PEDRA BRITADA N.2), APLICADO EM PISOS OU LAJES SOBRE SOLO, ESPESSURA DE *10 CM*. AF_07/2019","M3",0.67,"6,66m² x 0,10m = 0,67m³"]
[null,"10.1.2.4",96544,"ARMAÇÃO DE BLOCO, VIGA BALDRAME OU SAPATA UTILIZANDO AÇO CA-50 DE 6,3 MM - MONTAGEM. AF_06/2017","KG",13.7,"Conforme Projeto Estrutural: "]
[null,"10.1.2.5",96545,"ARMAÇÃO DE BLOCO, VIGA BALDRAME OU SAPATA UTILIZANDO AÇO CA-50 DE 8 MM - MONTAGEM. AF_06/2017","KG",139.69999999999999,"Conforme Projeto Estrutural: "]
[null,"10.1.2.6",96546,"ARMAÇÃO DE BLOCO, VIGA BALDRAME OU SAPATA UTILIZANDO AÇO CA-50 DE 10 MM - MONTAGEM. AF_06/2017","KG",5.9,"Conforme Projeto Estrutural: "]
[null,"10.1.2.7",96557,"CONCRETAGEM DE BLOCOS DE COROAMENTO E VIGAS BALDRAMES, FCK 30 MPA, COM USO DE BOMBA \u0096 LANÇAMENTO, ADENSAMENTO E ACABAMENTO. AF_06/2017","M3",3.88,"Conforme Projeto Estrutural: "]
[null,"10.1.2.8",98562,"IMPERMEABILIZAÇÃO DE FLOREIRA OU VIGA BALDRAME COM ARGAMASSA DE CIMENTO E AREIA, COM ADITIVO IMPERMEABILIZANTE, E = 2 CM. AF_06/2018","M2",6.66,"3 blocos x 1,50m x 0,60m + 11 blocos x 0,60m x 0,60m = 6,66m²"]
[null,"10.1.2.9",98557,"IMPERMEABILIZAÇÃO DE SUPERFÍCIE COM EMULSÃO ASFÁLTICA, 2 DEMÃOS AF_06/2018","M2",6.66,"3 blocos x 1,50m x 0,60m + 11 blocos x 0,60m x 0,60m = 6,66m²"]
[null,"10.1.3","","RADIER",""]
[null,"10.1.3.1",100575,"REGULARIZAÇÃO DE SUPERFÍCIES COM MOTONIVELADORA. AF_11/2019","M2",25.97,"Conforme Projeto Estrutural: "]
[null,"10.1.3.2",96624,"LASTRO COM MATERIAL GRANULAR (PEDRA BRITADA N.2), APLICADO EM PISOS OU LAJES SOBRE SOLO, ESPESSURA DE *10 CM*. AF_08/2017","M3",2.6,"25,97m² x 0,10m= 2,60m³"]
[null,"10.1.3.3",97087,"CAMADA SEPARADORA PARA EXECUÇÃO DE RADIER, PISO DE CONCRETO OU LAJE SOBRE SOLO, EM LONA PLÁSTICA. AF_09/2021","M2",25.97,"Conforme Projeto Estrutural: "]
[null,"10.1.3.4",92770,"ARMAÇÃO DE LAJE DE ESTRUTURA CONVENCIONAL DE CONCRETO ARMADO UTILIZANDO AÇO CA-50 DE 8,0 MM - MONTAGEM. AF_06/2022","KG",496.5,"Conforme Projeto Estrutural: "]
[null,"10.1.3.5",7155,"TELA DE ACO SOLDADA NERVURADA, CA-60, Q-138, (2,20 KG/M2), DIAMETRO DO FIO = 4,2 MM, LARGURA = 2,45 M, ESPACAMENTO DA MALHA = 10  X 10 CM","M2",25.97,"Conforme Projeto Estrutural: "]
[null,"10.1.3.6",97102,"EXECUÇÃO DE RADIER, ESPESSURA DE 15 CM, FCK = 30 MPA, COM USO DE FORMAS EM MADEIRA SERRADA. AF_09/2021","M2",25.97,"Conforme Projeto Estrutural: "]
[null,"10.1.3.7",88477,"CONTRAPISO COM ARGAMASSA AUTONIVELANTE, APLICADO SOBRE LAJE, ADERIDO, ESPESSURA 3CM. AF_07/2021","M2",25.97,"Conforme Projeto Estrutural: "]
[null,"10.1.4","","CAIXA DE APOIO PARA MOTORES",""]
[null,"10.1.4.1","ED-9320","PISO EM CONCRETO, USINADO CONVENCIONAL, FCK 15MPA, COM TELA SOLDADA NERVURADA TIPO Q-138, ACABAMENTO POLÍDO EM NÍVEL ZERO, ESP. 10CM, INCLUSIVE FORNECIMENTO, LANÇAMENTO, ADENSAMENTO, EXCLUSIVE JUNTA DE DILATAÇÃO","M2",3,"1,00m x 1,50m x 2 caixas = 3,00m²"]
[null,"10.1.5","","VIGA",""]
[null,"10.1.5.1",96527,"ESCAVAÇÃO MANUAL DE VALA PARA VIGA BALDRAME (INCLUINDO ESCAVAÇÃO PARA COLOCAÇÃO DE FÔRMAS). AF_06/2017","M3",0.04,"Conforme Projeto Estrutural: "]
[null,"10.1.5.2",96542,"FABRICAÇÃO, MONTAGEM E DESMONTAGEM DE FÔRMA PARA VIGA BALDRAME, EM CHAPA DE MADEIRA COMPENSADA RESINADA, E=17 MM, 4 UTILIZAÇÕES. AF_06/2017","M2",0.56999999999999995,"Conforme Projeto Estrutural: "]
[null,"10.1.5.3",100324,"LASTRO COM MATERIAL GRANULAR (PEDRA BRITADA N.1 E PEDRA BRITADA N.2), APLICADO EM PISOS OU LAJES SOBRE SOLO, ESPESSURA DE *10 CM*. AF_07/2019","M3",0.01,"0,13m² x 0,10m = 0,01m³"]
[null,"10.1.5.4",96546,"ARMAÇÃO DE BLOCO, VIGA BALDRAME OU SAPATA UTILIZANDO AÇO CA-50 DE 10 MM - MONTAGEM. AF_06/2017","KG",3.9,"Conforme Projeto Estrutural: "]
[null,"10.1.5.5",96543,"ARMAÇÃO DE BLOCO, VIGA BALDRAME E SAPATA UTILIZANDO AÇO CA-60 DE 5 MM - MONTAGEM. AF_06/2017","KG",1.3,"Conforme Projeto Estrutural: "]
[null,"10.1.5.6",96557,"CONCRETAGEM DE BLOCOS DE COROAMENTO E VIGAS BALDRAMES, FCK 30 MPA, COM USO DE BOMBA \u0096 LANÇAMENTO, ADENSAMENTO E ACABAMENTO. AF_06/2017","M3",0.04,"Conforme Projeto Estrutural: "]
[null,"10.1.5.7",98557,"IMPERMEABILIZAÇÃO DE SUPERFÍCIE COM EMULSÃO ASFÁLTICA, 2 DEMÃOS AF_06/2018","M2",0.13,"0,04m³ / 0,30m = 0,13m²"]
[null,"10.1.5.8",98562,"IMPERMEABILIZAÇÃO DE FLOREIRA OU VIGA BALDRAME COM ARGAMASSA DE CIMENTO E AREIA, COM ADITIVO IMPERMEABILIZANTE, E = 2 CM. AF_06/2018","M2",0.13,"0,04m³ / 0,30m = 0,13m²"]
[null,"10.1.6","","PAREDES DE CONTENÇÃO",""]
[null,"10.1.6.1",96527,"ESCAVAÇÃO MANUAL DE VALA PARA VIGA BALDRAME (INCLUINDO ESCAVAÇÃO PARA COLOCAÇÃO DE FÔRMAS). AF_06/2017","M3",0.5,"4,98m² x 0,10m = 0,50m³"]
[null,"10.1.6.2",92269,"FABRICAÇÃO DE FÔRMA PARA PILARES E ESTRUTURAS SIMILARES, EM MADEIRA SERRADA, E=25 MM. AF_09/2020","M2",152.86000000000001,"Conforme Projeto Estrutural: "]
[null,"10.1.6.3",100324,"LASTRO COM MATERIAL GRANULAR (PEDRA BRITADA N.1 E PEDRA BRITADA N.2), APLICADO EM PISOS OU LAJES SOBRE SOLO, ESPESSURA DE *10 CM*. AF_07/2019","M3",0.5,"4,98m² x 0,10m = 0,50m³"]
[null,"10.1.6.4",92771,"ARMAÇÃO DE LAJE DE ESTRUTURA CONVENCIONAL DE CONCRETO ARMADO UTILIZANDO AÇO CA-50 DE 10,0 MM - MONTAGEM. AF_06/2022","KG",1238.9000000000001,"Conforme Projeto Estrutural: "]
[null,"10.1.6.5",96557,"CONCRETAGEM DE BLOCOS DE COROAMENTO E VIGAS BALDRAMES, FCK 30 MPA, COM USO DE BOMBA \u0096 LANÇAMENTO, ADENSAMENTO E ACABAMENTO. AF_06/2017","M3",14.04,"Conforme Projeto Estrutural: "]
[null,"10.1.6.6",98557,"IMPERMEABILIZAÇÃO DE SUPERFÍCIE COM EMULSÃO ASFÁLTICA, 2 DEMÃOS AF_06/2018","M2",4.9800000000000004,"Conforme Projeto Estrutural: "]
[null,"10.1.6.7",98562,"IMPERMEABILIZAÇÃO DE FLOREIRA OU VIGA BALDRAME COM ARGAMASSA DE CIMENTO E AREIA, COM ADITIVO IMPERMEABILIZANTE, E = 2 CM. AF_06/2018","M2",4.9800000000000004,"Conforme Projeto Estrutural: "]
[null,"10.2","","SUPRAESTRUTURA",""]
[null,"10.2.1","","PILARES",""]
[null,"10.2.1.1",92443,"MONTAGEM E DESMONTAGEM DE FÔRMA DE PILARES RETANGULARES E ESTRUTURAS SIMILARES, PÉ-DIREITO SIMPLES, EM CHAPA DE MADEIRA COMPENSADA PLASTIFICADA, 18 UTILIZAÇÕES. AF_09/2020","M2",45.54,"Conforme Projeto Estrutural: "]
[null,"10.2.1.2",92760,"ARMAÇÃO DE PILAR OU VIGA DE ESTRUTURA CONVENCIONAL DE CONCRETO ARMADO UTILIZANDO AÇO CA-50 DE 6,3 MM - MONTAGEM. AF_06/2022","KG",10.9,"Conforme Projeto Estrutural: "]
[null,"10.2.1.3",92762,"ARMAÇÃO DE PILAR OU VIGA DE ESTRUTURA CONVENCIONAL DE CONCRETO ARMADO UTILIZANDO AÇO CA-50 DE 10,0 MM - MONTAGEM. AF_06/2022","KG",166.4,"Conforme Projeto Estrutural: "]
[null,"10.2.1.4",92764,"ARMAÇÃO DE PILAR OU VIGA DE ESTRUTURA CONVENCIONAL DE CONCRETO ARMADO UTILIZANDO AÇO CA-50 DE 16,0 MM - MONTAGEM. AF_06/2022","KG",51.5,"Conforme Projeto Estrutural: "]
[null,"10.2.1.5",92765,"ARMAÇÃO DE PILAR OU VIGA DE ESTRUTURA CONVENCIONAL DE CONCRETO ARMADO UTILIZANDO AÇO CA-50 DE 20,0 MM - MONTAGEM. AF_06/2022","KG",83.2,"Conforme Projeto Estrutural: "]
[null,"10.2.1.6",92759,"ARMAÇÃO DE PILAR OU VIGA DE ESTRUTURA CONVENCIONAL DE CONCRETO ARMADO UTILIZANDO AÇO CA-60 DE 5,0 MM - MONTAGEM. AF_06/2022","KG",55.1,"Conforme Projeto Estrutural: "]
[null,"10.2.1.7","ED-49788","FORNECIMENTO DE CONCRETO ESTRUTURAL, PREPARADO EM OBRA COM BETONEIRA, COM FCK 30MPA, INCLUSIVE LANÇAMENTO, ADENSAMENTO E ACABAMENTO (FUNDAÇÃO)","M3",2.16,"Conforme Projeto Estrutural: "]
[null,"10.2.2","","VIGAS",""]
[null,"10.2.2.1",92480,"MONTAGEM E DESMONTAGEM DE FÔRMA DE VIGA, ESCORAMENTO METÁLICO, PÉ-DIREITO SIMPLES, EM CHAPA DE MADEIRA PLASTIFICADA, 18 UTILIZAÇÕES. AF_09/2020","M2",18.54,"Conforme Projeto Estrutural: "]
[null,"10.2.2.2",104108,"ARMAÇÃO DE PILAR OU VIGA DE ESTRUTURA DE CONCRETO ARMADO EMBUTIDA EM ALVENARIA DE VEDAÇÃO UTILIZANDO AÇO CA-50 DE 10,0 MM - MONTAGEM. AF_06/2022","KG",85,"Conforme Projeto Estrutural: "]
[null,"10.2.2.3",104107,"ARMAÇÃO DE PILAR OU VIGA DE ESTRUTURA DE CONCRETO ARMADO EMBUTIDA EM ALVENARIA DE VEDAÇÃO UTILIZANDO AÇO CA-50 DE 12,5 MM - MONTAGEM. AF_06/2022","KG",30.9,"Conforme Projeto Estrutural: "]
[null,"10.2.2.4",104111,"ARMAÇÃO DE PILAR OU VIGA DE ESTRUTURA DE CONCRETO ARMADO EMBUTIDA EM ALVENARIA DE VEDAÇÃO UTILIZANDO AÇO CA-60 DE 5,0 MM - MONTAGEM. AF_06/2022","KG",39,"Conforme Projeto Estrutural: "]
[null,"10.2.2.5","ED-49788","FORNECIMENTO DE CONCRETO ESTRUTURAL, PREPARADO EM OBRA COM BETONEIRA, COM FCK 30MPA, INCLUSIVE LANÇAMENTO, ADENSAMENTO E ACABAMENTO (FUNDAÇÃO)","M3",1.97,"Conforme Projeto Estrutural: "]
[null,"10.3","","LAJE DE PISO",""]
[null,"10.3.1",103760,"MONTAGEM E DESMONTAGEM DE FÔRMA DE LAJE MACIÇA, PÉ-DIREITO SIMPLES, EM CHAPA DE MADEIRA COMPENSADA RESINADA E CIMBRAMENTO DE MADEIRA, 2 UTILIZAÇÕES. AF_03/2022","M2",3.79,"Conforme Projeto Estrutural: "]
[null,"10.3.2",92770,"ARMAÇÃO DE LAJE DE ESTRUTURA CONVENCIONAL DE CONCRETO ARMADO UTILIZANDO AÇO CA-50 DE 8,0 MM - MONTAGEM. AF_06/2022","KG",30.6,"Conforme Projeto Estrutural: "]
[null,"10.3.3",92771,"ARMAÇÃO DE LAJE DE ESTRUTURA CONVENCIONAL DE CONCRETO ARMADO UTILIZANDO AÇO CA-50 DE 10,0 MM - MONTAGEM. AF_06/2022","KG",4.5999999999999996,"Conforme Projeto Estrutural: "]
[null,"10.3.4",7155,"TELA DE ACO SOLDADA NERVURADA, CA-60, Q-138, (2,20 KG/M2), DIAMETRO DO FIO = 4,2 MM, LARGURA = 2,45 M, ESPACAMENTO DA MALHA = 10  X 10 CM","M2",3.79,"Conforme Projeto Estrutural: "]
[null,"10.3.5","ED-49788","FORNECIMENTO DE CONCRETO ESTRUTURAL, PREPARADO EM OBRA COM BETONEIRA, COM FCK 30MPA, INCLUSIVE LANÇAMENTO, ADENSAMENTO E ACABAMENTO (FUNDAÇÃO)","M3",0.56000000000000005,"Conforme Projeto Estrutural: "]
[null,"10.3.6",88477,"CONTRAPISO COM ARGAMASSA AUTONIVELANTE, APLICADO SOBRE LAJE, ADERIDO, ESPESSURA 3CM. AF_07/2021","M2",3.79,"Conforme Projeto Estrutural: "]
[null,"10.4","","ESCADA",""]
[null,"10.4.1",103760,"MONTAGEM E DESMONTAGEM DE FÔRMA DE LAJE MACIÇA, PÉ-DIREITO SIMPLES, EM CHAPA DE MADEIRA COMPENSADA RESINADA E CIMBRAMENTO DE MADEIRA, 2 UTILIZAÇÕES. AF_03/2022","M2",10.82,"Conforme Projeto Estrutural: "]
[null,"10.4.2",92770,"ARMAÇÃO DE LAJE DE ESTRUTURA CONVENCIONAL DE CONCRETO ARMADO UTILIZANDO AÇO CA-50 DE 8,0 MM - MONTAGEM. AF_06/2022","KG",58.9,"Conforme Projeto Estrutural: "]
[null,"10.4.3",92771,"ARMAÇÃO DE LAJE DE ESTRUTURA CONVENCIONAL DE CONCRETO ARMADO UTILIZANDO AÇO CA-50 DE 10,0 MM - MONTAGEM. AF_06/2022","KG",3.6,"Conforme Projeto Estrutural: "]
[null,"10.4.4","ED-49788","FORNECIMENTO DE CONCRETO ESTRUTURAL, PREPARADO EM OBRA COM BETONEIRA, COM FCK 30MPA, INCLUSIVE LANÇAMENTO, ADENSAMENTO E ACABAMENTO (FUNDAÇÃO)","M3",0.94,"Conforme Projeto Estrutural: "]
[null,"10.5","","LAJE DE RESPALDO",""]
[null,"10.5.1","ED-50258","LAJE PRÉ-MOLDADA UNIDIRECIONAL COM ENCHIMENTO EM POLIESTIRENO EXPANDIDO (EPS), CAPEAMENTO DE 4CM, SOBRECARGA DE 250KG/M2, ALTURA TOTAL DE 11CM E VÃO LIVRE MÁXIMO DE 5M, INCLUSIVE CONCRETO ESTRUTURAL, USINADO BOMBEADO COM FCK DE 20MPA, EXCLUSIVE TELA ARMADA E CIMBRAMENTO","M2",38.79,"Conforme Projeto Estrutural: "]
[null,"10.5.2",92770,"ARMAÇÃO DE LAJE DE ESTRUTURA CONVENCIONAL DE CONCRETO ARMADO UTILIZANDO AÇO CA-50 DE 8,0 MM - MONTAGEM. AF_06/2022","KG",100.7,"Conforme Projeto Estrutural: "]
[null,"10.5.3",92771,"ARMAÇÃO DE LAJE DE ESTRUTURA CONVENCIONAL DE CONCRETO ARMADO UTILIZANDO AÇO CA-50 DE 10,0 MM - MONTAGEM. AF_06/2022","KG",4.8,"Conforme Projeto Estrutural: "]
[null,"10.5.4",21141,"TELA DE ACO SOLDADA NERVURADA, CA-60, Q-92, (1,48 KG/M2), DIAMETRO DO FIO = 4,2 MM, LARGURA = 2,45 X 60 M DE COMPRIMENTO, ESPACAMENTO DA MALHA = 15  X 15 CM","M2",38.79,"Conforme Projeto Estrutural: "]
[null,"10.5.5","ED-19637","CIMBRAMENTO PARA LAJE PRÉ-MOLDADA COM ESCORAMENTO METÁLICO, TIPO \"A\", ALTURA DE (200 ATÉ 310)CM, INCLUSIVE DESCARGA, MONTAGEM, DESMONTAGEM E CARGA","M2XMÊS",38.79,"38,79m² x 1 mês = 38,79m²xmês"]
[null,"10.6","","ALVENARIA E PAINÉIS",""]
[null,"10.6.1","","ALVENARIA",""]
[null,"10.6.1.1",103327,"ALVENARIA DE VEDAÇÃO DE BLOCOS CERÂMICOS FURADOS NA VERTICAL DE 19X19X39 CM (ESPESSURA 19 CM) E ARGAMASSA DE ASSENTAMENTO COM PREPARO MANUAL. AF_12/2021","M2",88.79,"(20,89m x 2,96m + 26,96m x 1,00m) = 88,79m²"]
[null,"10.6.2","","IMPERMEABILIZAÇÃO E DRENO EM ARRIMO",""]
[null,"10.6.2.1",98561,"IMPERMEABILIZAÇÃO DE PAREDES COM ARGAMASSA DE CIMENTO E AREIA, COM ADITIVO IMPERMEABILIZANTE, E = 2CM. AF_06/2018","M2",145.71,"(22,96m + 18,04m + 11,04m) x 2,80m = 145,71m²"]
[null,"10.6.2.2","ED-49813","LASTRO DE BRITA COM PEDRA BRITADA NÚMERO 2 E 3, INCLUSIVE ADENSAMENTO E APILOAMENTO MANUAL","M3",19.29,"(22,96m x 2,80m x 0,30m) = 19,29m³"]
[null,"10.6.2.3","RO-40980","MANTA GEOTÊXTIL NÃO TECIDA, A/180, OP/20 OU SIMILAR, RESISTÊNCIA À TRAÇÃO DE 12 KN/M2 (INCLUINDO FORNECIMENTO, TRANSPORTE E COLOCAÇÃO)","M2",142.35,"22,96m x (2,80m x 2 lados + 0,30m x 2 lados) = 142,35m²"]
[null,"10.6.2.4","ED-48689","FORNECIMENTO E ASSENTAMENTO DE TUBO PVC FLEXÍVEL CORRUGADO, PERFURADO, DN 100 MM (4\"), PARA DRENAGEM","M",27.96,"22,96m + 5,00m  = 27,96m"]
[null,"10.7","","REVESTIMENTOS",""]
[null,"10.7.1","","PAREDES",""]
[null,"10.7.1.1",87878,"CHAPISCO APLICADO EM ALVENARIAS E ESTRUTURAS DE CONCRETO INTERNAS, COM COLHER DE PEDREIRO.  ARGAMASSA TRAÇO 1:3 COM PREPARO MANUAL. AF_10/2022","M2",256.71199999999999,"(((7,09+7,09+4,39+4,39))+(5,01+5,01+4,01+4,01)+(1,51+1,51+4,01+4,01))2,8)+(((7,09+7,09+4,39+4,39)+(6,71+6,71+4,01+4,01)x2,5)=256,712m²"]
[null,"10.7.1.2",87825,"EMBOÇO OU MASSA ÚNICA EM ARGAMASSA TRAÇO 1:2:8, PREPARO MECÂNICO COM BETONEIRA 400 L, APLICADA MANUALMENTE NAS PAREDES INTERNAS DA SACADA, ESPESSURA DE 25 MM, SEM USO DE TELA METÁLICA DE REFORÇO CONTRA FISSURAÇÃO. AF_08/2022","M2",256.71199999999999,"(((7,09+7,09+4,39+4,39))+(5,01+5,01+4,01+4,01)+(1,51+1,51+4,01+4,01))2,8)+(((7,09+7,09+4,39+4,39)+(6,71+6,71+4,01+4,01)x2,5)=256,712m²"]
[null,"10.7.2","","TETO",""]
[null,"10.7.2.1",87886,"CHAPISCO APLICADO NO TETO OU EM ESTRUTURA, COM DESEMPENADEIRA DENTADA. ARGAMASSA INDUSTRIALIZADA COM PREPARO MANUAL. AF_10/2022","M2",39.39,"Conforme Projeto Estrutural: "]
[null,"10.7.2.2",90407,"MASSA ÚNICA, PARA RECEBIMENTO DE PINTURA, EM ARGAMASSA TRAÇO 1:2:8, PREPARO MANUAL, APLICADA MANUALMENTE EM TETO, ESPESSURA DE 20MM, COM EXECUÇÃO DE TALISCAS. AF_03/2015","M2",39.39,"Conforme Projeto Estrutural: "]

{"sheet":"Impressão - MDC Aditivo","index":52,"n_rows":102,"n_cols":7,"rows_kept":102,"cut":false,"hidden":false,"merged":[[1,1,1,6],[2,1,2,6]]}
[]
[null,"MEMÓRIA DE CÁLCULO"]
[null,"INFORMAÇÕES GERAIS"]
[null,"Município: Belo Horizonte",null,null,"Empresa Executora: Empresa de Pavimentações"]
[null,"Obra: Pavimentação da Avenida Teresa Cristina",null,null,"Nº do Contrato Licitado: 12345"]
[null,"Responsável Técnico Fiscal: Breno Oliveira Pierre de Souza",null,null,"Responsável Técnico Executor: Alan Pereira Neto Filho"]
[null,"Nº CREA/CAU: 123456-7",null,null,"Nº CREA/CAU: 789456-1"]
[null,"Contrato BDMG Nº: 256.563",null,null,"Nº do Termo Aditivo: 1"]
[null,"Data: 22/04/2020",null,null,"Tipo de Aditivo: Adição e/ou Supressão de Quantitativos, Prazo e Reajuste"]
[null,"Item","Código","Descrição","Unid.","Qtde Prevista","Memória de Cálculo"]
[null,1,null,"SERVIÇOS PRELIMINARES"]
[null,"1.1",null,"FORNECIMENTO E COLOCAÇÃO DE PLACA DE OBRA EM CHAPA GALVANIZADA (3,00 X 1,5 0 M) - EM CHAPA GALVANIZADA 0,26 AFIXADAS COM REBITES 540 E PARAFUSOS 3/8, EM ESTRUTURA METÁLICA VIGA U 2\" ENRIJECIDA COM METALON 20 X 20, SUPORTE EM EUCALIPTO AUTOCLAVADO PINTADAS","U",11,"A"]
[null,"1.2",null,"PLACA DE OBRA EM CHAPA DE ACO GALVANIZADO","M2",15,"A"]
[null,"1.3",null,"CONTAINER (6,0X2,3X2,5M) COM ISOLAMENTO TÉRMICO - DEPÓSITO E FERRAMENTARIA COM LAVATÓRIO","MÊS",4,"A"]
[null,"1.4",null,"DEMOLIÇÃO DE PASSEIO OU LAJE DE CONCRETO COM EQUIPAMENTO PNEUMÁTICO, INCLUSIVE AFASTAMENTO","M2",407.4,"A"]
[null,"1.5",null,"REGULARIZAÇÃO E COMPACTAÇÃO DE TERRENO COM PLACA VIBRATÓRIA","M2",1235.96,"A"]
[null,"1.6",null,"DEMOLIÇÃO DE PAVIMENTO PARALELEPÍPEDO REJUNTADOS COM AREIA INCLUSIVE AFASTAMENTO E EMPILHAMENTO","M2",828.56,"A"]
[null,"1.7",null,"TRANSPORTE DE MATERIAL DEMOLIDO EM CAÇAMBA","M3",123.596,"A"]
[null,2,null,"SINALIZAÇÃO HORIZONTAL"]
[null,"2.1",null,"SINALIZACAO HORIZONTAL COM TINTA RETRORREFLETIVA A BASE DE RESINA ACRILICA COM MICROESFERAS DE VIDRO","M2",877.67400000000009,"A"]
[null,"2.2",null,"SINALIZACAO HORIZONTAL COM TINTA RETRORREFLETIVA A BASE DE RESINA ACRILICA COM MICROESFERAS DE VIDRO","M2",285.69749999999999,"A"]
[null,"2.3",null,"SINALIZACAO HORIZONTAL COM TINTA RETRORREFLETIVA A BASE DE RESINA ACRILICA COM MICROESFERAS DE VIDRO","M2",1799.2,"A"]
[null,"2.4",null,"SINALIZACAO HORIZONTAL COM TINTA RETRORREFLETIVA A BASE DE RESINA ACRILICA COM MICROESFERAS DE VIDRO","M2",162.86400000000003,"A"]
[null,"2.5",null,"SINALIZACAO HORIZONTAL COM TINTA RETRORREFLETIVA A BASE DE RESINA ACRILICA COM MICROESFERAS DE VIDRO","M2",6.2880000000000003,"A"]
[null,3,null,"SINALIZAÇÃO VERTICAL"]
[null,"3.1",null,"ESCAVAÇÃO MANUAL DE VALAS H <= 1,50 M","M3",7.7399999999999993,"A"]
[null,"3.2",null,"ESCAVAÇÃO MANUAL DE VALAS H <= 1,50 M","M3",2.0699999999999998,"A"]
[null,"3.3",null,"APILOAMENTO DO FUNDO DE VALAS COM SOQUETE","M2",15.479999999999999,"A"]
[null,"3.4",null,"APILOAMENTO DO FUNDO DE VALAS COM SOQUETE","M2",4.1399999999999997,"A"]
[null,"3.5",null,"FORNECIMENTO DE CONCRETO ESTRUTURAL, PREPARADO EM OBRA, COM FCK 20 MPA, INCLUSIVE LANÇAMENTO, ADENSAMENTO E ACABAMENTO","M3",7.7399999999999993,"A"]
[null,"3.6",null,"FORNECIMENTO DE CONCRETO ESTRUTURAL, PREPARADO EM OBRA, COM FCK 20 MPA, INCLUSIVE LANÇAMENTO, ADENSAMENTO E ACABAMENTO","M3",2.0699999999999998,"A"]
[null,"3.7",null,"PLACA DE AÇO CARBONO COM PELÍCULA REFLETIVA GRAU TÉCNICO TIPO I DA ABNT - PLACA QUADRADA (EXECUÇÃO, INCLUINDO FORNECIMENTO E TRANSPORTE DE TODOS OS MATERIAIS, INCLUSIVE POSTE DE SUSTENTAÇÃO)","M2",39.75,"A"]
[null,"3.8",null,"PLACA DE AÇO CARBONO COM PELÍCULA REFLETIVA GRAU TÉCNICO TIPO I DA ABNT - PLACA QUADRADA (EXECUÇÃO, INCLUINDO FORNECIMENTO E TRANSPORTE DE TODOS OS MATERIAIS, INCLUSIVE POSTE DE SUSTENTAÇÃO)","M2",7.5,"A"]
[null,"3.9",null,"PLACA DE AÇO CARBONO COM PELÍCULA REFLETIVA GRAU TÉCNICO TIPO I DA ABNT - PLACA RETANGULAR (EXECUÇÃO, INCLUINDO FORNECIMENTO E TRANSPORTE DE TODOS OS MATERIAIS, INCLUSIVE POSTE DE SUSTENTAÇÃO)","M2",6.240000000000002,"A"]
[null,"3.10",null,"PLACA DE AÇO CARBONO COM PELÍCULA REFLETIVA GRAU TÉCNICO TIPO I DA ABNT - PLACA RETANGULAR (EXECUÇÃO, INCLUINDO FORNECIMENTO E TRANSPORTE DE TODOS OS MATERIAIS, INCLUSIVE POSTE DE SUSTENTAÇÃO)","M2",2.88,"A"]
[null,"3.11",null,"PLACA DE AÇO CARBONO COM PELÍCULA REFLETIVA GRAU TÉCNICO TIPO I DA ABNT - PLACA CIRCULAR (EXECUÇÃO, INCLUINDO FORNECIMENTO E TRANSPORTE DE TODOS OS MATERIAIS, INCLUSIVE POSTE DE SUSTENTAÇÃO)","M2",4.8,"A"]
[null,"3.12",null,"COLOCAÇÃO DE PLACAS","M2",45.99,"A"]
[null,"3.13",null,"COLOCAÇÃO DE PLACAS","M2",15.18,"A"]
[null,4,null,"PAVIMENTAÇÃO"]
[null,"4.1",null,"EXECUÇÃO DE CALÇAMENTO EM BLOQUETE - E = 8 CM - FCK = 35 MPA, INCLUINDO FORNECIMENTO E TRANSPORTE DE TODOS OS MATERIAIS, COLCHÃO DE ASSENTAMENTO E = 6 CM","M2",6869.0519999999997,"A"]
[null,"4.2",null,"MEIO-FIO COM SARJETA, EXECUTADO C/EXTRUSORA (SARJETA 30X8CM MEIO-FIO 15X10CM X H=23CM), INCLUI ESCAVAÇÃO E ACERTO FAIXA 0,45M","M",2370.9499999999998,"A"]
[null,5,null,"DRENAGEM"]
[null,"5.1",null,"GUIA (MEIO-FIO) E SARJETA CONJUGADOS DE CONCRETO, MOLDADA  IN LOCO  EM TRECHO RETO COM EXTRUSORA, 45 CM BASE (15 CM BASE DA GUIA + 30 CM BASE DA SARJETA) X 22 CM ALTURA. AF_06/2016","M",926.6,"A"]
[null,6,null,"PASSEIO / ACESSIBILIDADE "]
[null,"6.1",null,"EXECUÇÃO DE PASSEIO (CALÇADA) OU PISO DE CONCRETO COM CONCRETO MOLDADO IN LOCO, FEITO EM OBRA, ACABAMENTO CONVENCIONAL, NÃO ARMADO. AF_07/2016","M3",66.715199999999996,"A"]
[null,"6.2",null,"PISO PODOTÁTIL DE CONCRETO, DIRECIONAL, APLICADO EM PISO (40X40CM) COM JUNTA SECA, COR VERMELHO/AMARELO, ASSENTAMENTO COM ARGAMASSA INDUSTRIALIZADA, INCLUSIVE FORNECIMENTO E INSTALAÇÃO","M2",366.16,"A"]
[null,"6.3",null,"PISO PODOTÁTIL DE CONCRETO, ALERTA, APLICADO EM PISO (40X40CM) COM JUNTA SECA, COR VERMELHO/AMARELO, ASSENTAMENTO COM ARGAMASSA INDUSTRIALIZADA, INCLUSIVE FORNECIMENTO E INSTALAÇÃO","M2",4.4800000000000004,"A"]
[null,"6.4",null,"RAMPA PARA ACESSO DE DEFICIENTE, EM CONCRETO SIMPLES FCK = 25 MPA, DESEMPENADA, COM PINTURA INDICATIVA, 02 DEMÃOS","U",4,"A"]
[null,"6.5",null,"PISO INTERTRAVADO TIPO TANGRAM","m2",500.04025288211767,"A"]
[null,"6.6",null,"PISO DE CONCRETO PRÉ-MOLDADO INTERTRAVADO E = 8 CM - FCK = 35 MPA, INCLUINDO FORNECIMENTO E TRANSPORTE DE TODOS OS MATERIAIS, COLCHÃO DE ASSENTAMENTO E = 6 CM","M2",607,"A"]
[null,"6.7",null,"PISO PODOTÁTIL DE CONCRETO, DIRECIONAL, APLICADO EM PISO (40X40CM) COM JUNTA SECA, COR VERMELHO/AMARELO, ASSENTAMENTO COM ARGAMASSA INDUSTRIALIZADA, INCLUSIVE FORNECIMENTO E INSTALAÇÃO","M2",64.232000000000014,"A"]
[null,"6.8",null,"PISO PODOTÁTIL DE CONCRETO, ALERTA, APLICADO EM PISO (40X40CM) COM JUNTA SECA, COR VERMELHO/AMARELO, ASSENTAMENTO COM ARGAMASSA INDUSTRIALIZADA, INCLUSIVE FORNECIMENTO E INSTALAÇÃO","M2",2.5920000000000005,"A"]
[null,7,null,"CALÇAMENTO"]
[null,"7.1",null,"REGULARIZAÇÃO E COMPACTAÇÃO DE SUBLEITO DE SOLO  PREDOMINANTEMENTE ARGILOSO. AF_11/2019","M2",2845.28125,"A"]
[null,"7.2",null,"EXECUÇÃO DE VIA EM PISO INTERTRAVADO, COM BLOCO RETANGULAR DE 20 X 10 CM, ESPESSURA 10 CM. AF_12/2015","M2",2489.32125,"A"]
[null,8,null,"FONTE LUMINOSA"]
[null,"8.1",null,"ALVENARIA DE VEDAÇÃO COM BLOCO DE CONCRETO, ESP. 14CM, PARA REVESTIMENTO, INCLUSIVE ARGAMASSA PARA ASSENTAMENTO","M2",15.7,"A"]
[null,"8.2",null,"CHAPISCO COM ARGAMASSA, TRAÇO 1:3 (CIMENTO E AREIA), ESP. 5MM, APLICADO EM ALVENARIA COM PENEIRA, PREPARO MECÂNICO","M2",15.7,"A"]
[null,"8.3",null,"REBOCO COM ARGAMASSA, TRAÇO 1:2:8 (CIMENTO, CAL E AREIA), ESP. 20MM, APLICAÇÃO MANUAL, PREPARO MECÂNICO","M2",15.7,"A"]
[null,"8.4",null,"PINTURA ACRÍLICA EM PAREDE, DUAS (2) DEMÃOS, INCLUSIVE UMA (1) DEMÃO DE MASSA CORRIDA (PVA), EXCLUSIVE SELADOR ACRÍLICO","M2",9.42,"A"]
[null,"8.5",null,"JARDINAGEM E PAISAGISMO","m2",28.24,"A"]
[null,"8.6",null,"FORNECIMENTO DE CONCRETO NÃO ESTRUTURAL, PREPARADO EM OBRA COM BETONEIRA, COM FCK 9 MPA, INCLUSIVE LANÇAMENTO, ADENSAMENTO E ACABAMENTO","M3",12.56,"A"]
[null,"8.7",null,"CAMADA DE REGULARIZAÇÃO COM ARGAMASSA, TRAÇO 1:3 (CIMENTO E AREIA), ESP. 30MM, APLICAÇÃO MANUAL, PREPARO MECÂNICO","M2",0.37680000000000002,"A"]
[null,"8.8",null,"IMPERMEABILIZAÇÃO COM MANTA ASFÁLTICA PRÉ-FABRICADA, E = 4 MM","M2",18.84,"A"]
[null,"8.9",null,"PROTEÇÃO MECÂNICA COM ARGAMASSA, TRAÇO 1:3 (CIMENTO E AREIA), ESP. 15MM, APLICAÇÃO MANUAL, PREPARO MECÂNICO","M2",12.56,"A"]
[null,"8.10",null,"REVESTIMENTO COM PASTILHA DE VIDRO (VIDROTIL), ASSENTADO COM ARGAMASSA PRÉ-FABRICADA, INCLUSIVE REJUNTAMENTO","M2",18.84,"A"]
[null,"8.11",null,"MOTO-BOMBA 0,5 CV VM = 5M3/H 1 1/2\" R = 1 1/2\", TRIFÁSICA","U",2,"A"]
[null,"8.12",null,"QUADRO DE COMANDO PARA BOMBA P = 0,5 CV, RECALQUE","U",1,"A"]
[null,"8.13",null,"INSTALAÇÕES HIDRÁULICAS","un",1,"A"]
[null,"8.14",null,"BICO GEISER","un",2,"A"]
[null,"8.15",null,"BICO ARTICULADO","un",10,"A"]
[null,"8.16",null,"CASA DE MÁQUINAS (1,20X1,50X0,50)","un",1,"A"]
[null,9,null,"EDIFICAÇÃO PALCO"]
[null,"9.1",null,"LOCAÇÃO DA OBRA (GABARITO)","M2",86.61999999999999,"A"]
[null,"9.2",null,"ESCAVAÇÃO MANUAL DE VALAS H <= 1,50 M","M3",2.472,"A"]
[null,"9.3",null,"FORMA E DESFORMA DE TÁBUA E SARRAFO, REAPROVEITAMENTO (3X), EXCLUSIVE ESCORAMENTO","M2",21.63,"A"]
[null,"9.4",null,"CORTE, DOBRA E MONTAGEM DE AÇO CA-50 DIÂMETRO (6,3MM A 12,5MM)","KG",433.6,"AA"]
[null,"9.5",null,"PILAR EM CONCRETO APARENTE 20 MPA, INCLUSIVE ARMAÇÃO, FORMA PLASTIFICADA E DESFORMA","M3",0.48000000000000009,"A"]
[null,"9.6",null,"LAJE PRÉ-MOLDADA, A REVESTIR, INCLUSIVE CAPEAMENTO E = 4 CM, SC = 300 KG/M2, L = 5,00 M","M2",53.55,"A"]
[null,"9.7",null,"ARMADURA DE TELA DE AÇO CA-60 B SOLDADA TIPO Q-138 (DIÂMETRO DO FIO: 4,20 MM / DIMENSÕES DA TRAMA: 100 X 100 MM / TIPO DA MALHA: QUADRANGULAR )","KG",79.25,"A"]
[null,"9.8",null,"FORNECIMENTO DE CONCRETO ESTRUTURAL, PREPARADO EM OBRA, COM FCK 25 MPA, INCLUSIVE LANÇAMENTO, ADENSAMENTO E ACABAMENTO","M3",5.42,"A"]
[null,"9.9",null,"ALVENARIA DE VEDAÇÃO COM BLOCO DE CONCRETO, ESP. 9CM, PARA REVESTIMENTO, INCLUSIVE ARGAMASSA PARA ASSENTAMENTO","M2",61.8,"A"]
[null,"9.10",null,"CHAPISCO COM ARGAMASSA, TRAÇO 1:3 (CIMENTO E AREIA), ESP. 5MM, APLICADO EM ALVENARIA COM PENEIRA, PREPARO MECÂNICO","M2",61.8,"A"]
[null,"9.11",null,"REBOCO COM ARGAMASSA, TRAÇO 1:2:8 (CIMENTO, CAL E AREIA), ESP. 20MM, APLICAÇÃO MANUAL, PREPARO MECÂNICO","M2",61.8,"A"]
[null,"9.12",null,"PINTURA ACRÍLICA EM PAREDE, DUAS (2) DEMÃOS, INCLUSIVE UMA (1) DEMÃO DE MASSA CORRIDA (PVA), EXCLUSIVE SELADOR ACRÍLICO","M2",61.8,"A"]
[null,"9.13",null,"PISO EM CONCRETO, USINADO CONVENCIONAL, FCK 15MPA, COM TELA SOLDADA NERVURADA TIPO Q-138, ACABAMENTO POLÍDO EM NÍVEL ZERO, ESP. 10CM, INCLUSIVE FORNECIMENTO, LANÇAMENTO, ADENSAMENTO, EXCLUSIVE JUNTA DE DILATAÇÃO","M2",53.55,"A"]
[null,"9.14",null,"ESTRUTURA DE AÇO PARA COBERTURA EM ARCO , ESPAÇAMENTO ENTRE ARCOS 4 M, VÃO 15 M","M2",45.14,"A"]
[null,"9.15",null,"COBERTURA EM TELHA METÁLICA GALVANIZADA TRAPEZOIDAL, TIPO DUPLA TERMOACÚSTICA COM DUAS FACES TRAPEZOIDAIS, ESP. 0,43MM, PREENCHIMENTO EM POLIESTIRENO EXPANDIDO/ISOPOR COM ESP. 30MM, ACABAMENTO NATURAL, INCLUSIVE ACESSÓRIOS PARA FIXAÇÃO, FORNECIMENTO E INSTALAÇÃO","M2",45.14,"A"]
[null,10,null,"INSTALAÇÕES ELÉTRICAS"]
[null,"10.1",null,"PONTO DE LUZ EMBUTIDO, INCLUINDO ELETRODUTO DE PVC RÍGIDO E CAIXA COM ESPELHO (POR UNIDADE)","U",12,"A"]
[null,"10.2",null,"POSTE SOLAR GERADOR ENERGIA AUTONOMO COM LUMINÁRIA 12V","un",12,"A"]
[null,11,null,"URBANIZAÇÃO"]
[null,"11.1",null,"PLANTIO DE GRAMA ESMERALDA EM PLACAS, INCLUSIVE TERRA VEGETAL E CONSERVAÇÃO POR 30 DIAS","M2",28.24,"A"]
[null,"11.2",null,"CONJUNTO DE MESA E BANCOS DE CONCRETO PARA JOGOS (02 BANCOS EM ARCO COM D INTERNO = 130 CM E H = 43 CM E MESA COM D = 80 CM, E = 8 CM E H = 75 CM)","CJ",12,"A"]
[null,"11.3",null,"BANCO DE JARDIM EM CONCRETO APARENTE, ACABAMENTO EM VERNIZ, E = 8 CM, 200 X 40 X 55 CM, SEM ENCOSTO","U",22,"A"]
[null,"11.4",null,"LIXEIRA REDONDA EM TELA MOEDA - FORNECIMENTO E INSTALAÇÃO","un",19,"A"]
[null,12,null,"SERVIÇOS FINAIS"]
[null,"12.1",null,"LIMPEZA FINAL PARA ENTREGA DA OBRA","M2",1264.2,"A"]
[null,13,null,"NOVOS ITENS 1"]
[null,"13.1","IIO-PLA-005","FORNECIMENTO E COLOCAÇÃO DE PLACA DE OBRA EM CHAPA GALVANIZADA (3,00 X 1,5 0 M) - EM CHAPA GALVANIZADA 0,26 AFIXADAS COM REBITES 540 E PARAFUSOS 3/8, EM ESTRUTURA METÁLICA VIGA U 2\" ENRIJECIDA COM METALON 20 X 20, SUPORTE EM EUCALIPTO AUTOCLAVADO PINTADAS","U",1,"A"]
[null,14,null,"NOVOS ITENS 2"]
[null,"14.1","74209/1","PLACA DE OBRA EM CHAPA DE ACO GALVANIZADO","M2",2,"A"]

{"sheet":"Impressão - ORC","index":53,"n_rows":390,"n_cols":11,"rows_kept":390,"cut":false,"hidden":false,"merged":[[10,7,10,8],[10,9,10,10],[11,7,11,8],[11,9,11,10],[1,1,1,10],[2,1,2,10],[10,1,12,1],[10,2,12,2],[10,3,12,3],[10,4,12,4],[10,5,12,5],[10,6,12,6],[3,9,3,10]]}
[]
[null,"PLANILHA ORÇAMENTÁRIA"]
[null,"INFORMAÇÕES GERAIS"]
[null,"Município: Ouro Fino",null,null,null,null,null,null,null,"Referências de Preços"]
[null,"Projeto: Adutora de Água Bruta Barragem Gargatá",null,null,null,null,null,null,1,"SUDECAP 02_2023"]
[null,"Responsável Técnico: Ronaldo Pereira de Almeida",null,null,null,null,null,null,2,"SINAPI 05_2023"]
[null,"Nº CREA/CAU: 103382/D",null,null,null,null,null,null,3,"SEINFRA SUL 01_2023"]
[null,"BDI1: 24,67% - Construção de Redes de Abastecimento de Água, Coleta de Esgoto",null,null,null,null,null,null,4,"DNIT 01_2023"]
[null,"BDI2: 0,00% - ",null,null,null,null,null,null,5,"COPASA SUL 05_2023"]
[null,"Data: 04/08/2023"]
[null,"Item","Código","Descrição","Unid.","BDI\nREF.","Quantidade Prevista","Preço (R$)",null,"Preço (R$)"]
[null,null,null,null,null,null,null,"Sem BDI",null,"Com BDI"]
[null,null,null,null,null,null,null,"Unitário","Total","Unitário","Total"]
[null,null,null,"Adutora de Água Bruta Barragem Gargatá",null,null,null,null,1350730.53,null,1683941.32]
[null,"1","","REDE ADUTORA DE ÁGUA BRUTA ","",null,null,null,347126.4,null,432753.88]
[null,"1.1","","MOVIMENTAÇÃO DE SOLO E PAVIMENTOS","",null,null,null,128731.29000000001,null,160488.18]
[null,"1.1.1",65000037,"DEMOLICAO PAVIMENTO ASFALTICO COM FAIXAS MENORES OU IGUAIS A 2,00M","M2","BDI1",180,14.2,2556,17.7,3186]
[null,"1.1.2",65000038,"REMOCAO PAVIMENTO EM PARALELEPIPEDO, POLIEDRICO E PRE-MOLDADO DE CONCRETO","M2","BDI1",370,17.14,6341.8,21.37,7906.9]
[null,"1.1.3",65000160,"ESCAVACAO MECANICA DE VALAS (SOLO SECO), PROFUNDIDADE ATE 1,50 M","M3","BDI1",1310.4000000000001,12.75,16707.599999999999,15.9,20835.36]
[null,"1.1.4",65000152,"ESCAVACAO MANUAL DE VALAS (SOLO SECO), PROFUNDIDADE ATE 1.50 M","M3","BDI1",121.52,58.02,7050.59,72.33,8789.5400000000009]
[null,"1.1.5",65000174,"ATERRO DE VALAS E CAVAS DE FUNDACAO, C/ CONTROLE DO GRAU DE COMPACTACAO DE NO MINIMO 97% DO PROCTOR NORMAL","M3","BDI1",1310.4000000000001,32.24,42247.3,40.19,52664.98]
[null,"1.1.6",65000484,"RECOMPOSICAO DE PAVIMENTO EM POLIEDRICO, COM REAPROVEITAMENTO DO MATERIAL DEMOLIDO","M2","BDI1",370,95.84,35460.800000000003,119.48,44207.6]
[null,"1.1.7",65002965,"RECOMPOSICAO DE PAVIMENTO ASFALTICO EM AREAS ACIMA DE 1,0M2","M2","BDI1",180,102.04,18367.2,127.21,22897.8]
[null,"1.2","","FUNDAÇÕES E ESTRUTURAS","",null,null,null,4066.04,null,5069.1400000000003]
[null,"1.2.1",65003905,"CAIXA PARA PROTECAO DE APARELHOS (1,50X2,00)M EM BLOCOS CONCRETO PREENCHIDOS COM CONCRETO MAGRO - ADICIONAL DE ALTURA","M","BDI1",2,2033.02,4066.04,2534.5700000000002,5069.1400000000003]
[null,"1.3","","ASSENTAMENTO E INSTALAÇÕES ","",null,null,null,12905.45,null,16083.09]
[null,"1.3.1",65000378,"ASSENTAMENTO DE TUBOS E CONEXOES PVC JE DN 200","M","BDI1",1260,6.87,8656.2000000000007,8.56,10785.6]
[null,"1.3.2",65000394,"ASSENTAMENTO DE TUBOS E CONEXOES DE FERRO FUNDIDO, JUNTA ELASTICA, DN 200","M","BDI1",25,15.25,381.25,19.010000000000002,475.25]
[null,"1.3.3",65002365,"INSTALACAO DE CONJUNTO MOTOBOMBA COM POTENCIA ACIMA DE 25CV ATE 60CV","UN","BDI1",2,1934,3868,2411.12,4822.24]
[null,"1.4","","MATERIAIS ","",null,null,null,201423.62,null,251113.47000000003]
[null,"1.4.1",25002534,"TUBO PVC DEFOFO PB JE DN200X6M","M","BDI1",1260,144.35,181881,179.96,226749.6]
[null,"1.4.2",25040213,"TUBO FOFO PB EMIN 6,00MM DN 200XCMIN5,5M","M","BDI1",1,504.49,504.49,628.95000000000005,628.95000000000005]
[null,"1.4.3",25000067,"CURVA 22º30' FOFO BB JE DN 200","UN","BDI1",7,430.74,3015.18,537,3759]
[null,"1.4.4",25000078,"CURVA 45º FOFO BB JE DN 200","UN","BDI1",22,455.15,10013.299999999999,567.44000000000005,12483.68]
[null,"1.4.5",25000089,"CURVA 90º FOFO BB JE DN 200","UN","BDI1",4,588.16,2352.64,733.26,2933.04]
[null,"1.4.6",25000557,"TE RED.FOFO FFF PN16 DN 200X 150","UN","BDI1",1,1315.72,1315.72,1640.31,1640.31]
[null,"1.4.7",25043080,"VENTOSA TRIPLICE FUNC.AGUA FF PN40 DN100","UN","BDI1",1,2341.29,2341.29,2918.89,2918.89]
[null,"2","","ELEVATÓRIA E MATERIAIS ","",null,null,null,351787.64999999991,null,438573.12000000011]
[null,"2.1","COT-012","CONJUNTO MOTOBOMBA ANFÍBIA, ROTOR RADIAL MONOBLOCO, SELO MECÂNICO, IPW68, MOTOR 50CV, POTÊNCIA REQUERIDA 38CV","UN","BDI1",2,139284.25,278568.5,173645.67,347291.34]
[null,"2.2","COT-013","COMPORTA DESLIZANTE DE PAREDE","UN","BDI1",1,28980,28980,36129.370000000003,36129.370000000003]
[null,"2.3","COT-014","TOCO FD FF16 DN 150X1000","UN","BDI1",2,1566.7,3133.4,1953.2,3906.4]
[null,"2.4",25000030,"COLAR DE TOMADA FOFO DN125 X 1/2\"","UN","BDI1",2,65.95,131.9,82.22,164.44]
[null,"2.5","COT-010","JUNTA DE DESMONTAGEM TRAVADA AXIALMENTE C/ TIRANTES DN 200","UN","BDI1",2,1488.4,2976.8,1855.59,3711.18]
[null,"2.6",25003044,"VALVULA RET.FOFO PORT.UN.FF PN16 DN200","UN","BDI1",2,2035.59,4071.18,2537.77,5075.54]
[null,"2.7",25003283,"REGISTRO FOFO CBOR.FC S15 PN10 DN200","UN","BDI1",3,1876.24,5628.72,2339.11,7017.33]
[null,"2.8",25000110,"CURVA 45º FOFO FF PN16 DN 200","UN","BDI1",2,823.06,1646.12,1026.1099999999999,2052.2199999999998]
[null,"2.9",25004149,"TUBO FOFO FF EM 6,00 PN16 DN200X1,00","UN","BDI1",6,1771.99,10631.94,2209.14,13254.84]
[null,"2.10",25000290,"JUNCAO FOFO FFF PN16 DN 200","UN","BDI1",1,1423.22,1423.22,1774.33,1774.33]
[null,"2.11",25000189,"EXTREMIDADE FOFO BF JE PN16 DN 200","UN","BDI1",6,397.79,2386.7399999999998,495.92,2975.52]
[null,"2.12",25000477,"TE FOFO FFF PN25 DN 200","UN","BDI1",1,1060.52,1060.52,1322.15,1322.15]
[null,"2.13",25000181,"COLAR DE TOMADA FOFO DN200 X 1/2\"","UN","BDI1",2,106.54,213.08,132.82,265.64]
[null,"2.14","COT-015","TOCO FD FFF16 DN 100X1000","UN","BDI1",1,1289.48,1289.48,1607.59,1607.59]
[null,"2.15",25000135,"CURVA 90º FOFO FF PN16 DN 100","UN","BDI1",2,248.68,497.36,310.02999999999997,620.05999999999995]
[null,"2.16",25003281,"REGISTRO FOFO CBOR.FV S15 PN10/16 DN100","UN","BDI1",1,751.01,751.01,936.28,936.28]
[null,"2.17",25013794,"VIGA I  4\"X2.5/8\"X6,43MM","UN","BDI1",1,1572.73,1572.73,1960.72,1960.72]
[null,"2.18",25003566,"ARRUELA BORRACHA FLANGE PN10 DN100","UN","BDI1",5,3.25,16.25,4.05,20.25]
[null,"2.19",25003568,"ARRUELA BORRACHA FLANGE PN10 DN150","UN","BDI1",6,5.83,34.979999999999997,7.27,43.62]
[null,"2.20",25003569,"ARRUELA BORRACHA FLANGE PN10 DN200","UN","BDI1",15,6.35,95.25,7.92,118.8]
[null,"2.21",25025390,"PARAFUSO C/PORCAS P/FLANGE PN10 DN16x80","UN","BDI1",40,9.07,362.8,11.31,452.4]
[null,"2.22",35001037,"PARAFUSO C/PORCAS P/ FLANGES-PPF DN20x90","UN","BDI1",252,12.13,3056.76,15.12,3810.24]
[null,"2.23",25002140,"TUBO PVC PB JEI CL15 DN100X6M","M","BDI1",60,43.05,2583,53.67,3220.2]
[null,"2.24","ED-50810","JANELA TIPO VENEZIANA EM CHAPA 14 - PADRÃO SEDS","M2","BDI1",1,675.91,675.91,842.66,842.66]
[null,"3","","SUBSTAÇÃO ABRIGADA N° 5 CEMIG","",null,null,null,42171.080000000016,null,52574.5]
[null,"3.1",39891,"BUCHA DE REDUCAO DE COBRE (REF 600-2) SEM ANEL DE SOLDA, PONTA X BOLSA, 54 X 42 MM","UN","BDI1",1,48.06,48.06,59.92,59.92]
[null,"3.2",35001512,"CONECTOR PARAF FEND FURO 10MM2, 16-70MM2","UN","BDI1",20,4.99,99.8,6.22,124.4]
[null,"3.3","COT-016","CHAVE SECCIONADORA SOB CARGA TRIFÁSICA 200A/15KV, NBL MINÍMO 95KV","UN","BDI1",1,3187.9,3187.9,3974.35,3974.35]
[null,"3.4","COT-022","CAVALETE AÇO PINTADO ANTICORROSIVO PARA 3TP E 3 TC","UN","BDI1",1,2310,2310,2879.88,2879.88]
[null,"3.5",3394,"ISOLADOR DE PORCELANA, TIPO BUCHA, PARA TENSAO DE *15* KV","UN","BDI1",1,720.51,720.51,898.26,898.26]
[null,"3.6","COT-017","GRADE DE PROTEÇÃO COM TELA ZINCADA N12","UN","BDI1",2,4431.5,8863,5524.75,11049.5]
[null,"3.7","COT-018","TELA MECANICA TIPO VENEZIANAPARA VENTILAÇÃO INTERNA","UN","BDI1",4,1300,5200,1620.71,6482.84]
[null,"3.8","COT-019","MUFLA TERMINAL PARA CONDUTOR DE COBRE 15KV USO INTERNO","UN","BDI1",3,455.73,1367.19,568.16,1704.48]
[null,"3.9",35001847,"SUPORTE ACO GALV C/ BORRACHA CABO/MUFLA","UN","BDI1",1,55,55,68.569999999999993,68.569999999999993]
[null,"3.10",3406,"ISOLADOR DE PORCELANA, TIPO PINO MONOCORPO, PARA TENSAO DE *15* KV","UN","BDI1",3,41.78,125.34,52.09,156.27000000000001]
[null,"3.11",35001829,"BARRAMENTO COBRE VERGALHAO 3/8\" PC 3M","UN","BDI1",10,341.46,3414.6,425.7,4257]
[null,"3.12",35001522,"CAIXA MEDIDOR POLIF, P.CEMIG CM-3LVP","UN","BDI1",1,466.27,466.27,581.29999999999995,581.29999999999995]
[null,"3.13","ED-20649","CAIXA PARA MEDIÇÃO, TIPO CM-9, DIMENSÕES CONFORME PADRÃO CEMIG, EXCLUSIVE DISJUNTOR, INCLUSIVE INSTALAÇÃO","UN","BDI1",1,2636.08,2636.08,3286.4,3286.4]
[null,"3.14",986,"CABO DE COBRE, RIGIDO, CLASSE 2, ISOLACAO EM PVC/A, ANTICHAMA BWF-B, 1 CONDUTOR, 450/750 V, SECAO NOMINAL 25 MM2","M","BDI1",30,22.87,686.1,28.51,855.3]
[null,"3.15",864,"CABO DE COBRE NU 70 MM2 MEIO-DURO","M","BDI1",20,63.82,1276.4000000000001,79.56,1591.2]
[null,"3.16",2683,"ELETRODUTO DE PVC RIGIDO ROSCAVEL DE 4 \", SEM LUVA","M","BDI1",6,58.36,350.16,72.760000000000005,436.56]
[null,"3.17",1895,"LUVA EM PVC RIGIDO ROSCAVEL, DE 4\", PARA ELETRODUTO","UN","BDI1",2,31.11,62.22,38.78,77.56]
[null,"3.18",1878,"CURVA 90 GRAUS, LONGA, DE PVC RIGIDO ROSCAVEL, DE 4\", PARA ELETRODUTO","UN","BDI1",2,54.75,109.5,68.260000000000005,136.52000000000001]
[null,"3.19",35001416,"ELET ACO GALV 4\" BSP, 3,75MM NBR5598","UN","BDI1",2,331.85,663.7,413.72,827.44]
[null,"3.20",35000389,"LUVA SIMPLES F.G CL10 Ø4\"","UN","BDI1",2,98.32,196.64,122.58,245.16]
[null,"3.21",35001534,"BUCHA E ARRUELA PAR Ø50mm","CJ","BDI1",1,1.74,1.74,2.17,2.17]
[null,"3.22",35000166,"CURVA 90 GR RL PVC PBA JE DN100 DE110 MM","UN","BDI1",1,86.8,86.8,108.21,108.21]
[null,"3.23",10892,"EXTINTOR DE INCENDIO PORTATIL COM CARGA DE PO QUIMICO SECO (PQS) DE 6 KG, CLASSE BC","UN","BDI1",1,180,180,224.41,224.41]
[null,"3.24","COT-020","PLATAFORMA BASCULANTE DE MADEIRA","UN","BDI1",1,640,640,797.89,797.89]
[null,"3.25",35000136,"GRADE MODULAR SINALIZACAO-P-COPASA 177/-","UN","BDI1",3,481.5,1444.5,600.29,1800.87]
[null,"3.26",35001282,"PORTA VENEZIANA ALUMINIO S/ VENTILACAO","M2","BDI1",1,285.89,285.89,356.42,356.42]
[null,"3.27",35001582,"LAMPADA TUB T8 LED 1650 LUMENS 100-240V","UN","BDI1",4,16,64,19.95,79.8]
[null,"3.28",38774,"LUMINARIA DE EMERGENCIA 30 LEDS, POTENCIA 2 W, BATERIA DE LITIO, AUTONOMIA DE 6 HORAS","UN","BDI1",1,21.43,21.43,26.72,26.72]
[null,"3.29",2593,"CONDULETE DE ALUMINIO TIPO LR, PARA ELETRODUTO ROSCAVEL DE 3/4\", COM TAMPA CEGA","UN","BDI1",2,12.63,25.26,15.75,31.5]
[null,"3.30",2593,"CONDULETE DE ALUMINIO TIPO LR, PARA ELETRODUTO ROSCAVEL DE 3/4\", COM TAMPA CEGA","UN","BDI1",1,12.63,12.63,15.75,15.75]
[null,"3.31",2574,"CONDULETE DE ALUMINIO TIPO T, PARA ELETRODUTO ROSCAVEL DE 3/4\", COM TAMPA CEGA","UN","BDI1",1,14.57,14.57,18.16,18.16]
[null,"3.32",12128,"INTERRUPTOR SIMPLES 10A, 250V, CONJUNTO MONTADO PARA SOBREPOR 4\" X 2\" (CAIXA + MODULO)","UN","BDI1",1,9.69,9.69,12.08,12.08]
[null,"3.33",35001398,"ELET ACO GALV 3/4\" BSP, 2,25MM NBR5598","UN","BDI1",1,70,70,87.27,87.27]
[null,"3.34",35001407,"ELET ACO GALV 1 1/2\" BSP, 3,00MM NBR5598","UN","BDI1",4,124.31,497.24,154.97999999999999,619.91999999999996]
[null,"3.35",3939,"LUVA DE FERRO GALVANIZADO, COM ROSCA BSP, DE 1 1/2\"","UN","BDI1",6,20.9,125.4,26.06,156.36000000000001]
[null,"3.36",35001429,"CURVA 90G ACO GALV 1 1/2\" BSP NBR5598","UN","BDI1",2,35.72,71.44,44.53,89.06]
[null,"3.37",35001573,"TOMADA 2P+T 20A-250V C/TAMPA NBR-14136","CJ","BDI1",1,10.83,10.83,13.5,13.5]
[null,"3.38",35001590,"TOMADA 2P+T 10A-250V C/TAMPA NBR-14136","CJ","BDI1",1,4.9000000000000004,4.9000000000000004,6.11,6.11]
[null,"3.39",867,"CABO DE COBRE NU 50 MM2 MEIO-DURO","M","BDI1",15,48.32,724.8,60.24,903.6]
[null,"3.40",868,"CABO DE COBRE NU 25 MM2 MEIO-DURO","M","BDI1",30,23.03,690.9,28.71,861.3]
[null,"3.41",11862,"CONECTOR METALICO TIPO PARAFUSO FENDIDO (SPLIT BOLT), PARA CABOS ATE 50 MM2","UN","BDI1",12,17.28,207.36,21.54,258.48]
[null,"3.42",35001502,"CAIXA SUSPENSA INSP ATER.P/ELETODUTO Ø1\"","UN","BDI1",4,42.91,171.64,53.5,214]
[null,"3.43",11991,"HASTE DE ATERRAMENTO EM ACO GALVANIZADO TIPO CANTONEIRA COM 2,00 M DE COMPRIMENTO, 25 X 25 MM E CHAPA DE 3/16\"","UN","BDI1",4,119.51,478.04,148.99,595.96]
[null,"3.44",977,"CABO DE COBRE, FLEXIVEL, CLASSE 4 OU 5, ISOLACAO EM PVC/A, ANTICHAMA BWF-B, COBERTURA PVC-ST1, ANTICHAMA BWF-B, 1 CONDUTOR, 0,6/1 KV, SECAO NOMINAL 70 MM2","M","BDI1",45,64.290000000000006,2893.05,80.150000000000006,3606.75]
[null,"3.45",977,"CABO DE COBRE, FLEXIVEL, CLASSE 4 OU 5, ISOLACAO EM PVC/A, ANTICHAMA BWF-B, COBERTURA PVC-ST1, ANTICHAMA BWF-B, 1 CONDUTOR, 0,6/1 KV, SECAO NOMINAL 70 MM2","M","BDI1",15,64.290000000000006,964.35,80.150000000000006,1202.25]
[null,"3.46",1019,"CABO DE COBRE, FLEXIVEL, CLASSE 4 OU 5, ISOLACAO EM PVC/A, ANTICHAMA BWF-B, COBERTURA PVC-ST1, ANTICHAMA BWF-B, 1 CONDUTOR, 0,6/1 KV, SECAO NOMINAL 35 MM2","M","BDI1",15,31.07,466.05,38.729999999999997,580.95000000000005]
[null,"3.47",1022,"CABO DE COBRE, FLEXIVEL, CLASSE 4 OU 5, ISOLACAO EM PVC/A, ANTICHAMA BWF-B, COBERTURA PVC-ST1, ANTICHAMA BWF-B, 1 CONDUTOR, 0,6/1 KV, SECAO NOMINAL 2,5 MM2","M","BDI1",30,2.4300000000000002,72.900000000000006,3.03,90.9]
[null,"3.48",1022,"CABO DE COBRE, FLEXIVEL, CLASSE 4 OU 5, ISOLACAO EM PVC/A, ANTICHAMA BWF-B, COBERTURA PVC-ST1, ANTICHAMA BWF-B, 1 CONDUTOR, 0,6/1 KV, SECAO NOMINAL 2,5 MM2","M","BDI1",20,2.4300000000000002,48.6,3.03,60.6]
[null,"3.49",1022,"CABO DE COBRE, FLEXIVEL, CLASSE 4 OU 5, ISOLACAO EM PVC/A, ANTICHAMA BWF-B, COBERTURA PVC-ST1, ANTICHAMA BWF-B, 1 CONDUTOR, 0,6/1 KV, SECAO NOMINAL 2,5 MM2","M","BDI1",20,2.4300000000000002,48.6,3.03,60.6]
[null,"4","","DISTRIBUIÇÃO DE FORÇA E CONTROLE DE ILUMINAÇÃO EXTERNO","",null,null,null,14295.680000000002,null,17821.829999999998]
[null,"4.1",39248,"ELETRODUTO/DUTO PEAD FLEXIVEL PAREDE SIMPLES, CORRUGACAO HELICOIDAL, COR PRETA, SEM ROSCA, DE 4\", PARA CABEAMENTO SUBTERRANEO (NBR 15715)","M","BDI1",15,13.37,200.55,16.670000000000002,250.05]
[null,"4.2",2446,"ELETRODUTO/DUTO PEAD FLEXIVEL PAREDE SIMPLES, CORRUGACAO HELICOIDAL, COR PRETA, SEM ROSCA, DE 2\",  PARA CABEAMENTO SUBTERRANEO (NBR 15715)","M","BDI1",20,6.85,137,8.5399999999999991,170.8]
[null,"4.3",35001411,"ELET ACO GALV 2 1/2\" BSP, 3,35MM NBR5598","UN","BDI1",5,200.04,1000.2,249.39,1246.95]
[null,"4.4",35001401,"ELET ACO GALV 1\" BSP 2,65MM 3,0M NBR5598","UN","BDI1",6,92.99,557.94000000000005,115.93,695.58]
[null,"4.5",35001431,"CURVA 90G ACO GALV 2 1/2\" BSP NBR5598","UN","BDI1",2,174.31,348.62,217.31,434.62]
[null,"4.6",35001427,"CURVA 90G ACO GALV 1\" BSP NBR5598","UN","BDI1",2,9.1,18.2,11.34,22.68]
[null,"4.7",996,"CABO DE COBRE, FLEXIVEL, CLASSE 4 OU 5, ISOLACAO EM PVC/A, ANTICHAMA BWF-B, COBERTURA PVC-ST1, ANTICHAMA BWF-B, 1 CONDUTOR, 0,6/1 KV, SECAO NOMINAL 25 MM2","M","BDI1",150,21.99,3298.5,27.41,4111.5]
[null,"4.8",1017,"CABO DE COBRE, FLEXIVEL, CLASSE 4 OU 5, ISOLACAO EM PVC/A, ANTICHAMA BWF-B, COBERTURA PVC-ST1, ANTICHAMA BWF-B, 1 CONDUTOR, 0,6/1 KV, SECAO NOMINAL 120 MM2","M","BDI1",50,109.15,5457.5,136.08000000000001,6804]
[null,"4.9",1022,"CABO DE COBRE, FLEXIVEL, CLASSE 4 OU 5, ISOLACAO EM PVC/A, ANTICHAMA BWF-B, COBERTURA PVC-ST1, ANTICHAMA BWF-B, 1 CONDUTOR, 0,6/1 KV, SECAO NOMINAL 2,5 MM2","M","BDI1",50,2.4300000000000002,121.5,3.03,151.5]
[null,"4.10",1022,"CABO DE COBRE, FLEXIVEL, CLASSE 4 OU 5, ISOLACAO EM PVC/A, ANTICHAMA BWF-B, COBERTURA PVC-ST1, ANTICHAMA BWF-B, 1 CONDUTOR, 0,6/1 KV, SECAO NOMINAL 2,5 MM2","M","BDI1",25,2.4300000000000002,60.75,3.03,75.75]
[null,"4.11",35001382,"CABO INST BL IND 2Px1,0MM2 300V NBR10300","M","BDI1",50,3.65,182.5,4.55,227.5]
[null,"4.12",35001382,"CABO INST BL IND 2Px1,0MM2 300V NBR10300","M","BDI1",20,3.65,73,4.55,91]
[null,"4.13",35001382,"CABO INST BL IND 2Px1,0MM2 300V NBR10300","M","BDI1",20,3.65,73,4.55,91]
[null,"4.14",65004061,"CAIXA DE PASSAGEM 80X80X120 CM PARA REDE DE DUTOS ELETRICOS","UN","BDI1",1,919.84,919.84,1146.76,1146.76]
[null,"4.15",65004058,"CAIXA DE PASSAGEM 30X30X50 CM PARA REDE DE DUTOS ELETRICOS","UN","BDI1",1,159.69,159.69,199.09,199.09]
[null,"4.16",5052,"POSTE CONICO CONTINUO EM ACO GALVANIZADO, CURVO, BRACO SIMPLES, FLANGEADO, H = 7 M, DIAMETRO INFERIOR = *125* MM","UN","BDI1",1,1447.5,1447.5,1804.6,1804.6]
[null,"4.17",2510,"RELE FOTOELETRICO INTERNO E EXTERNO BIVOLT 1000 W, DE CONECTOR, SEM BASE","UN","BDI1",1,34.29,34.29,42.75,42.75]
[null,"4.18",2512,"BRACO P/ LUMINARIA PUBLICA 1 X 1,50M ROMAGNOLE OU EQUIV","UN","BDI1",1,37.71,37.71,47.01,47.01]
[null,"4.19",35001546,"CINTA ACO ZINCADO Ø127MM C/PARAFUSO","UN","BDI1",1,56.28,56.28,70.16,70.16]
[null,"4.20",3749,"LAMPADA VAPOR MERCURIO 250 W (BASE E40)","UN","BDI1",1,32,32,39.89,39.89]
[null,"4.21",35001598,"REFLETOR MULTILED 2900LM 90LM/W IP66","UN","BDI1",2,29.33,58.66,36.57,73.14]
[null,"4.22",38064,"INTERRUPTOR BIPOLAR 10A, 250V, CONJUNTO MONTADO PARA EMBUTIR 4\" X 2\" (PLACA + SUPORTE + MODULO)","UN","BDI1",1,20.45,20.45,25.5,25.5]
[null,"5","","DISTRIBUIÇÃO DE FORÇA E CONTROLE E ILUMINAÇÃO INTERNO (SALA ELÉTRICA)","",null,null,null,12106.4,null,15092.909999999996]
[null,"5.1",35001411,"ELET ACO GALV 2 1/2\" BSP, 3,35MM NBR5598","UN","BDI1",10,200.04,2000.4,249.39,2493.9]
[null,"5.2",3913,"LUVA DE FERRO GALVANIZADO, COM ROSCA BSP, DE 2 1/2\"","UN","BDI1",8,58.4,467.2,72.81,582.48]
[null,"5.3",35001431,"CURVA 90G ACO GALV 2 1/2\" BSP NBR5598","UN","BDI1",4,174.31,697.24,217.31,869.24]
[null,"5.4",35001409,"ELET ACO GALV 2\" BSP 3,0MM, 3,0M NBR5598","UN","BDI1",5,153.15,765.75,190.93,954.65]
[null,"5.5",3912,"LUVA DE FERRO GALVANIZADO, COM ROSCA BSP, DE 2\"","UN","BDI1",5,32.01,160.05000000000001,39.909999999999997,199.55]
[null,"5.6",35001430,"CURVA 90G ACO GALV 2\" BSP NBR5598","UN","BDI1",2,47.55,95.1,59.28,118.56]
[null,"5.7",35001401,"ELET ACO GALV 1\" BSP 2,65MM 3,0M NBR5598","UN","BDI1",10,92.99,929.9,115.93,1159.3]
[null,"5.8",3910,"LUVA DE FERRO GALVANIZADO, COM ROSCA BSP, DE 1\"","UN","BDI1",5,12.22,61.1,15.23,76.150000000000006]
[null,"5.9",35001427,"CURVA 90G ACO GALV 1\" BSP NBR5598","UN","BDI1",6,9.1,54.6,11.34,68.040000000000006]
[null,"5.10",2681,"ELETRODUTO DE PVC RIGIDO ROSCAVEL DE 2 \", SEM LUVA","M","BDI1",5,20.239999999999998,101.2,25.23,126.15]
[null,"5.11",2674,"ELETRODUTO DE PVC RIGIDO ROSCAVEL DE 3/4 \", SEM LUVA","M","BDI1",30,5.41,162.30000000000001,6.74,202.2]
[null,"5.12",1894,"LUVA EM PVC RIGIDO ROSCAVEL, DE 2\", PARA ELETRODUTO","UN","BDI1",2,5.93,11.86,7.39,14.78]
[null,"5.13",1891,"LUVA EM PVC RIGIDO ROSCAVEL, DE 3/4\", PARA ELETRODUTO","UN","BDI1",15,1.37,20.55,1.71,25.65]
[null,"5.14",1876,"CURVA 90 GRAUS, LONGA, DE PVC RIGIDO ROSCAVEL, DE 2\", PARA ELETRODUTO","UN","BDI1",1,10.66,10.66,13.29,13.29]
[null,"5.15",1879,"CURVA 90 GRAUS, LONGA, DE PVC RIGIDO ROSCAVEL, DE 3/4\", PARA ELETRODUTO","UN","BDI1",2,3.17,6.34,3.95,7.9]
[null,"5.16",977,"CABO DE COBRE, FLEXIVEL, CLASSE 4 OU 5, ISOLACAO EM PVC/A, ANTICHAMA BWF-B, COBERTURA PVC-ST1, ANTICHAMA BWF-B, 1 CONDUTOR, 0,6/1 KV, SECAO NOMINAL 70 MM2","M","BDI1",15,64.290000000000006,964.35,80.150000000000006,1202.25]
[null,"5.17",1019,"CABO DE COBRE, FLEXIVEL, CLASSE 4 OU 5, ISOLACAO EM PVC/A, ANTICHAMA BWF-B, COBERTURA PVC-ST1, ANTICHAMA BWF-B, 1 CONDUTOR, 0,6/1 KV, SECAO NOMINAL 35 MM2","M","BDI1",5,31.07,155.35,38.729999999999997,193.65]
[null,"5.18",996,"CABO DE COBRE, FLEXIVEL, CLASSE 4 OU 5, ISOLACAO EM PVC/A, ANTICHAMA BWF-B, COBERTURA PVC-ST1, ANTICHAMA BWF-B, 1 CONDUTOR, 0,6/1 KV, SECAO NOMINAL 25 MM2","M","BDI1",30,21.99,659.7,27.41,822.3]
[null,"5.19",995,"CABO DE COBRE, FLEXIVEL, CLASSE 4 OU 5, ISOLACAO EM PVC/A, ANTICHAMA BWF-B, COBERTURA PVC-ST1, ANTICHAMA BWF-B, 1 CONDUTOR, 0,6/1 KV, SECAO NOMINAL 16 MM2","M","BDI1",30,14.18,425.4,17.68,530.4]
[null,"5.20",995,"CABO DE COBRE, FLEXIVEL, CLASSE 4 OU 5, ISOLACAO EM PVC/A, ANTICHAMA BWF-B, COBERTURA PVC-ST1, ANTICHAMA BWF-B, 1 CONDUTOR, 0,6/1 KV, SECAO NOMINAL 16 MM2","M","BDI1",5,14.18,70.900000000000006,17.68,88.4]
[null,"5.21",995,"CABO DE COBRE, FLEXIVEL, CLASSE 4 OU 5, ISOLACAO EM PVC/A, ANTICHAMA BWF-B, COBERTURA PVC-ST1, ANTICHAMA BWF-B, 1 CONDUTOR, 0,6/1 KV, SECAO NOMINAL 16 MM2","M","BDI1",15,14.18,212.7,17.68,265.2]
[null,"5.22",35001382,"CABO INST BL IND 2Px1,0MM2 300V NBR10300","M","BDI1",20,3.65,73,4.55,91]
[null,"5.23",1022,"CABO DE COBRE, FLEXIVEL, CLASSE 4 OU 5, ISOLACAO EM PVC/A, ANTICHAMA BWF-B, COBERTURA PVC-ST1, ANTICHAMA BWF-B, 1 CONDUTOR, 0,6/1 KV, SECAO NOMINAL 2,5 MM2","M","BDI1",100,2.4300000000000002,243,3.03,303]
[null,"5.24",1022,"CABO DE COBRE, FLEXIVEL, CLASSE 4 OU 5, ISOLACAO EM PVC/A, ANTICHAMA BWF-B, COBERTURA PVC-ST1, ANTICHAMA BWF-B, 1 CONDUTOR, 0,6/1 KV, SECAO NOMINAL 2,5 MM2","M","BDI1",100,2.4300000000000002,243,3.03,303]
[null,"5.25",1022,"CABO DE COBRE, FLEXIVEL, CLASSE 4 OU 5, ISOLACAO EM PVC/A, ANTICHAMA BWF-B, COBERTURA PVC-ST1, ANTICHAMA BWF-B, 1 CONDUTOR, 0,6/1 KV, SECAO NOMINAL 2,5 MM2","M","BDI1",50,2.4300000000000002,121.5,3.03,151.5]
[null,"5.26",2593,"CONDULETE DE ALUMINIO TIPO LR, PARA ELETRODUTO ROSCAVEL DE 3/4\", COM TAMPA CEGA","UN","BDI1",4,12.63,50.52,15.75,63]
[null,"5.27",2593,"CONDULETE DE ALUMINIO TIPO LR, PARA ELETRODUTO ROSCAVEL DE 3/4\", COM TAMPA CEGA","UN","BDI1",4,12.63,50.52,15.75,63]
[null,"5.28",2574,"CONDULETE DE ALUMINIO TIPO T, PARA ELETRODUTO ROSCAVEL DE 3/4\", COM TAMPA CEGA","UN","BDI1",8,14.57,116.56,18.16,145.28]
[null,"5.29",2580,"CONDULETE DE ALUMINIO TIPO X, PARA ELETRODUTO ROSCAVEL DE 3/4\", COM TAMPA CEGA","UN","BDI1",2,19.23,38.46,23.97,47.94]
[null,"5.30",2571,"CONDULETE DE ALUMINIO TIPO LR, PARA ELETRODUTO ROSCAVEL DE 2\", COM TAMPA CEGA","UN","BDI1",2,58.94,117.88,73.48,146.96]
[null,"5.31",2571,"CONDULETE DE ALUMINIO TIPO LR, PARA ELETRODUTO ROSCAVEL DE 2\", COM TAMPA CEGA","UN","BDI1",2,58.94,117.88,73.48,146.96]
[null,"5.32",12129,"INTERRUPTOR SIMPLES 10A, 250V, CONJUNTO MONTADO PARA SOBREPOR 4\" X 2\" (CAIXA + 2 MODULOS)","UN","BDI1",2,12.8,25.6,15.96,31.92]
[null,"5.33",35001582,"LAMPADA TUB T8 LED 1650 LUMENS 100-240V","UN","BDI1",4,16,64,19.95,79.8]
[null,"5.34",38774,"LUMINARIA DE EMERGENCIA 30 LEDS, POTENCIA 2 W, BATERIA DE LITIO, AUTONOMIA DE 6 HORAS","UN","BDI1",1,21.43,21.43,26.72,26.72]
[null,"5.35",38774,"LUMINARIA DE EMERGENCIA 30 LEDS, POTENCIA 2 W, BATERIA DE LITIO, AUTONOMIA DE 6 HORAS","UN","BDI1",2,21.43,42.86,26.72,53.44]
[null,"5.36",35001590,"TOMADA 2P+T 10A-250V C/TAMPA NBR-14136","CJ","BDI1",2,4.9000000000000004,9.8000000000000007,6.11,12.22]
[null,"5.37",35001593,"TOMADA INDUST SOBREPOR 3P 16A-500V IP44","UN","BDI1",1,80.91,80.91,100.87,100.87]
[null,"5.38",35001590,"TOMADA 2P+T 10A-250V C/TAMPA NBR-14136","CJ","BDI1",5,4.9000000000000004,24.5,6.11,30.55]
[null,"5.39",35001590,"TOMADA 2P+T 10A-250V C/TAMPA NBR-14136","CJ","BDI1",1,4.9000000000000004,4.9000000000000004,6.11,6.11]
[null,"5.40",35001573,"TOMADA 2P+T 20A-250V C/TAMPA NBR-14136","CJ","BDI1",1,10.83,10.83,13.5,13.5]
[null,"5.41",35001585,"PERFILADO AÇO PERF 38X38X3000 16 PRE-ZI","UN","BDI1",5,38.950000000000003,194.75,48.56,242.8]
[null,"5.42",65000345,"CANALETA EM CONCRETO PARA PASSAGEM DE CABOS (0,50 X 0,50) M","M","BDI1",5,484.37,2421.85,603.86,3019.3]
[null,"6","","SISTEM DE ATERRAMENTO E SPDA (SALA ELÉTRICA E SUBESTAÇÃO)","",null,null,null,8539.3000000000029,null,10645.890000000003]
[null,"6.1",11854,"CONECTOR METALICO TIPO PARAFUSO FENDIDO (SPLIT BOLT), PARA CABOS ATE 35 MM2","UN","BDI1",10,12.31,123.1,15.35,153.5]
[null,"6.2",11862,"CONECTOR METALICO TIPO PARAFUSO FENDIDO (SPLIT BOLT), PARA CABOS ATE 50 MM2","UN","BDI1",10,17.28,172.8,21.54,215.4]
[null,"6.3",1597,"CONECTOR DE ALUMINIO TIPO PRENSA CABO, BITOLA 3/8\", PARA CABOS DE DIAMETRO DE 9 A 10 MM","UN","BDI1",5,14.77,73.849999999999994,18.41,92.05]
[null,"6.4",867,"CABO DE COBRE NU 50 MM2 MEIO-DURO","M","BDI1",75,48.32,3624,60.24,4518]
[null,"6.5",863,"CABO DE COBRE NU 35 MM2 MEIO-DURO","M","BDI1",50,33.92,1696,42.29,2114.5]
[null,"6.6",857,"CABO DE COBRE NU 16 MM2 MEIO-DURO","M","BDI1",10,16.16,161.6,20.149999999999999,201.5]
[null,"6.7",11991,"HASTE DE ATERRAMENTO EM ACO GALVANIZADO TIPO CANTONEIRA COM 2,00 M DE COMPRIMENTO, 25 X 25 MM E CHAPA DE 3/16\"","UN","BDI1",10,119.51,1195.0999999999999,148.99,1489.9]
[null,"6.8",34643,"CAIXA DE INSPECAO PARA ATERRAMENTO E PARA RAIOS, EM POLIPROPILENO,  DIAMETRO = 300 MM X ALTURA = 400 MM","UN","BDI1",10,36.36,363.6,45.33,453.3]
[null,"6.9","COT-021","TERMINAL AÉREO DE AÇO GALVANIZADO DIÂMETRO 3/8\", COMPRIMENTO 300MM","UN","BDI1",4,67.7,270.8,84.4,337.6]
[null,"6.10",3384,"SUPORTE GUIA SIMPLES COM ROLDANA EM POLIPROPILENO PARA CHUMBAR, H = 20 CM","UN","BDI1",2,12.21,24.42,15.22,30.44]
[null,"6.11",1602,"CONECTOR DE ALUMINIO TIPO PRENSA CABO, BITOLA 1 1/2\", PARA CABOS DE DIAMETRO DE 37 A 40 MM","UN","BDI1",6,59.57,357.42,74.27,445.62]
[null,"6.12","ED-51053","CAIXA DE EQUALIZAÇÃO PARA USO INTERNO COM 9 TERMINAIS 210X210X90MM EM AÇO","U","BDI1",1,200.21,200.21,249.6,249.6]
[null,"6.13",2681,"ELETRODUTO DE PVC RIGIDO ROSCAVEL DE 2 \", SEM LUVA","M","BDI1",8,20.239999999999998,161.91999999999999,25.23,201.84]
[null,"6.14",1894,"LUVA EM PVC RIGIDO ROSCAVEL, DE 2\", PARA ELETRODUTO","UN","BDI1",8,5.93,47.44,7.39,59.12]
[null,"6.15",39132,"ABRACADEIRA EM ACO PARA AMARRACAO DE ELETRODUTOS, TIPO D, COM 2\" E CUNHA DE FIXACAO","UN","BDI1",16,4.1900000000000004,67.040000000000006,5.22,83.52]
[null,"7","","EQUIPAMENTOS (CONFORME RELAÇÃODE EQUIPAMENTOS E PROJETOS IPI INCLUSO)","",null,null,null,223115,null,278157.46999999997]
[null,"7.1","COT-001","QGBT 440V","UN","BDI1",1,18100,18100,22565.27,22565.27]
[null,"7.2","COT-002","QDC 220V","UN","BDI1",1,2510,2510,3129.22,3129.22]
[null,"7.3","COT-003","PDA (PAINEL DE AUTOMAÇÃO COM CLP)","UN","BDI1",1,26850,26850,33473.89,33473.89]
[null,"7.4","COT-004","QCM-01 50 CV/440V INVERSOR DE FREQUENCIA TRIFÁSICO 76A","UN","BDI1",1,43380,43380,54081.85,54081.85]
[null,"7.5","COT-005","QCM-02 50CV/440V - INVERSOR DE FREQUÊNCIA TRIFÁSICO 76A","UN","BDI1",1,43380,43380,54081.85,54081.85]
[null,"7.6","COT-006","SENSOR DE NÍVEL HIDROSTÁTICO 0~10 METROS, SAÍDA 4~20MA","UN","BDI1",1,1838,1838,2291.4299999999998,2291.4299999999998]
[null,"7.7","COT-007","SISTEMA DE RÁDIO ENLACE PARA COMUNICAÇÃO EAB/ETA","CJ","BDI1",2,25915,51830,32308.23,64616.46]
[null,"7.8","COT-008","TRANSFORMADOR 112,5 KVA - 13,8KV/0,44KV - 15KV","UN","BDI1",1,29016,29016,36174.25,36174.25]
[null,"7.9","COT-009","TRASFORMADOR 15 KVA - 0,44V/0,22KV - 1KV","UN","BDI1",1,6211,6211,7743.25,7743.25]
[null,"8","","MÃO DE OBRA REFERENTE AS INSTALAÇÕES","",null,null,null,47250.559999999998,null,58907.520000000011]
[null,"8.1","","EQUIPAMENTOS E PAINÉIS ELÉTRICOS","",null,null,null,16875.2,null,21038.400000000001]
[null,"8.1.1",4083,"ENCARREGADO GERAL DE OBRAS (HORISTA)","H","BDI1",160,54.04,8646.4,67.37,10779.2]
[null,"8.1.2",2436,"ELETRICISTA (HORISTA)","H","BDI1",160,21.35,3416,26.62,4259.2]
[null,"8.1.3",247,"AJUDANTE DE ELETRICISTA (HORISTA)","H","BDI1",160,16.09,2574.4,20.059999999999999,3209.6]
[null,"8.1.4",6111,"SERVENTE DE OBRAS","H","BDI1",160,13.99,2238.4,17.440000000000001,2790.4]
[null,"8.2","","SUBESTAÇÃO ABRIGADA Nº 05 CEMIG","",null,null,null,10547,null,13149]
[null,"8.2.1",4083,"ENCARREGADO GERAL DE OBRAS (HORISTA)","H","BDI1",100,54.04,5404,67.37,6737]
[null,"8.2.2",2436,"ELETRICISTA (HORISTA)","H","BDI1",100,21.35,2135,26.62,2662]
[null,"8.2.3",247,"AJUDANTE DE ELETRICISTA (HORISTA)","H","BDI1",100,16.09,1609,20.059999999999999,2006]
[null,"8.2.4",6111,"SERVENTE DE OBRAS","H","BDI1",100,13.99,1399,17.440000000000001,1744]
[null,"8.3",""," DISTRIBUIÇÃO DE FORÇA E CONTROLE E ILUMINAÇÃO EXTERNO","",null,null,null,8437.6,null,10519.2]
[null,"8.3.1",4083,"ENCARREGADO GERAL DE OBRAS (HORISTA)","H","BDI1",80,54.04,4323.2,67.37,5389.6]
[null,"8.3.2",2436,"ELETRICISTA (HORISTA)","H","BDI1",80,21.35,1708,26.62,2129.6]
[null,"8.3.3",247,"AJUDANTE DE ELETRICISTA (HORISTA)","H","BDI1",80,16.09,1287.2,20.059999999999999,1604.8]
[null,"8.3.4",6111,"SERVENTE DE OBRAS","H","BDI1",80,13.99,1119.2,17.440000000000001,1395.2]
[null,"8.4","","DISTRIBUIÇÃO DE FORÇA E CONTROLE E ILUMINAÇÃO INTERNO (SALA ELÉTRICA)","",null,null,null,5062.5599999999995,null,6311.52]
[null,"8.4.1",4083,"ENCARREGADO GERAL DE OBRAS (HORISTA)","H","BDI1",48,54.04,2593.92,67.37,3233.76]
[null,"8.4.2",2436,"ELETRICISTA (HORISTA)","H","BDI1",48,21.35,1024.8,26.62,1277.76]
[null,"8.4.3",247,"AJUDANTE DE ELETRICISTA (HORISTA)","H","BDI1",48,16.09,772.32,20.059999999999999,962.88]
[null,"8.4.4",6111,"SERVENTE DE OBRAS","H","BDI1",48,13.99,671.52,17.440000000000001,837.12]
[null,"8.5","","SISTEMA DE ATERRAMENTO E SPDA","",null,null,null,6328.1999999999989,null,7889.4]
[null,"8.5.1",4083,"ENCARREGADO GERAL DE OBRAS (HORISTA)","H","BDI1",60,54.04,3242.4,67.37,4042.2]
[null,"8.5.2",2436,"ELETRICISTA (HORISTA)","H","BDI1",60,21.35,1281,26.62,1597.2]
[null,"8.5.3",247,"AJUDANTE DE ELETRICISTA (HORISTA)","H","BDI1",60,16.09,965.4,20.059999999999999,1203.5999999999999]
[null,"8.5.4",6111,"SERVENTE DE OBRAS","H","BDI1",60,13.99,839.4,17.440000000000001,1046.4000000000001]
[null,"9","","ESTRUTURAL E ALVENARIA SUBSTAÇÃO ELEVATÓRIA","",null,null,null,101837.90000000001,null,126960.88999999998]
[null,"9.1","","IDENTIFICAÇÃO DA OBRA","",null,null,null,1419.25,null,1769.38]
[null,"9.1.1","ED-28427","FORNECIMENTO E COLOCAÇÃO DE PLACA DE OBRA EM CHAPA GALVANIZADA #26, ESP. 0,45MM, DIMENSÃO (3X1,5)M, PLOTADA COM ADESIVO VINÍLICO, AFIXADA COM REBITES 4,8X40MM, EM ESTRUTURA METÁLICA DE METALON 20X20MM, ESP. 1,25MM, INCLUSIVE SUPORTE EM EUCALIPTO AUTOCLAVADO PINTADO COM TINTA PVA DUAS (2) DEMÃOS","UN","BDI1",1,1419.25,1419.25,1769.38,1769.38]
[null,"9.2","","INFRAESTRUTUA","",null,null,null,57598.83,null,71808.509999999995]
[null,"9.2.1","","ESTACAS/BROCAS","",null,null,null,46575.7,null,58065.56]
[null,"9.2.1.1","ED-19753","MOBILIZAÇÃO E DESMOBILIZAÇÃO DE EQUIPAMENTO PARA ESTACA TIPO HÉLICE CONTÍNUA  (CUSTO FIXO), INCLUSIVE CARGA E DESGARGA, EXCLUSIVE TRANSPORTE EM QUILÔMETRO RODADO (CUSTO VARIÁVEL)","UN","BDI1",1,19566.46,19566.46,24393.51,24393.51]
[null,"9.2.1.2",100651,"ESTACA HÉLICE CONTÍNUA, DIÂMETRO DE 30 CM, INCLUSO CONCRETO FCK=30MPA E ARMADURA MÍNIMA (EXCLUSIVE BOMBEAMENTO, MOBILIZAÇÃO E DESMOBILIZAÇÃO). AF_12/2019_PA","M","BDI1",168,146.27000000000001,24573.360000000001,182.35,30634.799999999999]
[null,"9.2.1.3",92915,"ARMAÇÃO DE ESTRUTURAS DIVERSAS DE CONCRETO ARMADO, EXCETO VIGAS, PILARES, LAJES E FUNDAÇÕES, UTILIZANDO AÇO CA-60 DE 5,0 MM - MONTAGEM. AF_06/2022","KG","BDI1",26.2,17.16,449.59,21.39,560.41999999999996]
[null,"9.2.1.4",92919,"ARMAÇÃO DE ESTRUTURAS DIVERSAS DE CONCRETO ARMADO, EXCETO VIGAS, PILARES, LAJES E FUNDAÇÕES, UTILIZANDO AÇO CA-50 DE 10,0 MM - MONTAGEM. AF_06/2022","KG","BDI1",114,12.61,1437.54,15.72,1792.08]
[null,"9.2.1.5",100977,"CARGA, MANOBRA E DESCARGA DE SOLOS E MATERIAIS GRANULARES EM CAMINHÃO BASCULANTE 6 M³ - CARGA COM ESCAVADEIRA HIDRÁULICA (CAÇAMBA DE 1,20 M³ / 155 HP) E DESCARGA LIVRE (UNIDADE: M3). AF_07/2020","M3","BDI1",11.88,6.9,81.97,8.6,102.17]
[null,"9.2.1.6",97914,"TRANSPORTE COM CAMINHÃO BASCULANTE DE 6 M³, EM VIA URBANA PAVIMENTADA, DMT ATÉ 30 KM (UNIDADE: M3XKM). AF_07/2020","M3XKM","BDI1",178.16,2.62,466.78,3.27,582.58000000000004]
[null,"9.2.2","","BLOCOS DE FUNDAÇÃO","",null,null,null,5810.54,null,7243.99]
[null,"9.2.2.1",96523,"ESCAVAÇÃO MANUAL PARA BLOCO DE COROAMENTO OU SAPATA (INCLUINDO ESCAVAÇÃO PARA COLOCAÇÃO DE FÔRMAS). AF_06/2017","M3","BDI1",1.94,92.95,180.32,115.88,224.81]
[null,"9.2.2.2",96540,"FABRICAÇÃO, MONTAGEM E DESMONTAGEM DE FÔRMA PARA BLOCO DE COROAMENTO, EM CHAPA DE MADEIRA COMPENSADA RESINADA, E=17 MM, 4 UTILIZAÇÕES. AF_06/2017","M2","BDI1",11.52,143.9,1657.73,179.4,2066.69]
[null,"9.2.2.3",100324,"LASTRO COM MATERIAL GRANULAR (PEDRA BRITADA N.1 E PEDRA BRITADA N.2), APLICADO EM PISOS OU LAJES SOBRE SOLO, ESPESSURA DE *10 CM*. AF_07/2019","M3","BDI1",0.54,158.05000000000001,85.35,197.04,106.4]
[null,"9.2.2.4",96545,"ARMAÇÃO DE BLOCO, VIGA BALDRAME OU SAPATA UTILIZANDO AÇO CA-50 DE 8 MM - MONTAGEM. AF_06/2017","KG","BDI1",130.30000000000001,15.2,1980.56,18.95,2469.1799999999998]
[null,"9.2.2.5",96557,"CONCRETAGEM DE BLOCOS DE COROAMENTO E VIGAS BALDRAMES, FCK 30 MPA, COM USO DE BOMBA \u0096 LANÇAMENTO, ADENSAMENTO E ACABAMENTO. AF_06/2017","M3","BDI1",1.94,747.04,1449.26,931.33,1806.78]
[null,"9.2.2.6",98562,"IMPERMEABILIZAÇÃO DE FLOREIRA OU VIGA BALDRAME COM ARGAMASSA DE CIMENTO E AREIA, COM ADITIVO IMPERMEABILIZANTE, E = 2 CM. AF_06/2018","M2","BDI1",5.4,43.18,233.17,53.83,290.68]
[null,"9.2.2.7",98557,"IMPERMEABILIZAÇÃO DE SUPERFÍCIE COM EMULSÃO ASFÁLTICA, 2 DEMÃOS AF_06/2018","M2","BDI1",5.4,41.51,224.15,51.75,279.45]
[null,"9.2.3","","VIGAS","",null,null,null,5212.5900000000011,null,6498.96]
[null,"9.2.3.1",96527,"ESCAVAÇÃO MANUAL DE VALA PARA VIGA BALDRAME (INCLUINDO ESCAVAÇÃO PARA COLOCAÇÃO DE FÔRMAS). AF_06/2017","M3","BDI1",1.45,121.8,176.61,151.85,220.18]
[null,"9.2.3.2",96542,"FABRICAÇÃO, MONTAGEM E DESMONTAGEM DE FÔRMA PARA VIGA BALDRAME, EM CHAPA DE MADEIRA COMPENSADA RESINADA, E=17 MM, 4 UTILIZAÇÕES. AF_06/2017","M2","BDI1",20.100000000000001,92.29,1855.03,115.06,2312.71]
[null,"9.2.3.3",100324,"LASTRO COM MATERIAL GRANULAR (PEDRA BRITADA N.1 E PEDRA BRITADA N.2), APLICADO EM PISOS OU LAJES SOBRE SOLO, ESPESSURA DE *10 CM*. AF_07/2019","M3","BDI1",0.48,158.05000000000001,75.86,197.04,94.58]
[null,"9.2.3.4",96546,"ARMAÇÃO DE BLOCO, VIGA BALDRAME OU SAPATA UTILIZANDO AÇO CA-50 DE 10 MM - MONTAGEM. AF_06/2017","KG","BDI1",60.6,13.44,814.46,16.760000000000002,1015.66]
[null,"9.2.3.5",96547,"ARMAÇÃO DE BLOCO, VIGA BALDRAME OU SAPATA UTILIZANDO AÇO CA-50 DE 12,5 MM - MONTAGEM. AF_06/2017","KG","BDI1",29,11.33,328.57,14.13,409.77]
[null,"9.2.3.6",96543,"ARMAÇÃO DE BLOCO, VIGA BALDRAME E SAPATA UTILIZANDO AÇO CA-60 DE 5 MM - MONTAGEM. AF_06/2017","KG","BDI1",26.1,18,469.8,22.44,585.67999999999995]
[null,"9.2.3.7",96557,"CONCRETAGEM DE BLOCOS DE COROAMENTO E VIGAS BALDRAMES, FCK 30 MPA, COM USO DE BOMBA \u0096 LANÇAMENTO, ADENSAMENTO E ACABAMENTO. AF_06/2017","M3","BDI1",1.45,747.04,1083.21,931.33,1350.43]
[null,"9.2.3.8",98557,"IMPERMEABILIZAÇÃO DE SUPERFÍCIE COM EMULSÃO ASFÁLTICA, 2 DEMÃOS AF_06/2018","M2","BDI1",4.83,41.51,200.49,51.75,249.95]
[null,"9.2.3.9",98562,"IMPERMEABILIZAÇÃO DE FLOREIRA OU VIGA BALDRAME COM ARGAMASSA DE CIMENTO E AREIA, COM ADITIVO IMPERMEABILIZANTE, E = 2 CM. AF_06/2018","M2","BDI1",4.83,43.18,208.56,53.83,260]
[null,"9.3","","SUPRAESTRUTURA","",null,null,null,13352.08,null,16646.599999999999]
[null,"9.3.1","","PILARES","",null,null,null,3499.5499999999997,null,4363.28]
[null,"9.3.1.1",92443,"MONTAGEM E DESMONTAGEM DE FÔRMA DE PILARES RETANGULARES E ESTRUTURAS SIMILARES, PÉ-DIREITO SIMPLES, EM CHAPA DE MADEIRA COMPENSADA PLASTIFICADA, 18 UTILIZAÇÕES. AF_09/2020","M2","BDI1",15.6,46.56,726.34,58.05,905.58]
[null,"9.3.1.2",104108,"ARMAÇÃO DE PILAR OU VIGA DE ESTRUTURA DE CONCRETO ARMADO EMBUTIDA EM ALVENARIA DE VEDAÇÃO UTILIZANDO AÇO CA-50 DE 10,0 MM - MONTAGEM. AF_06/2022","KG","BDI1",36.799999999999997,13.36,491.65,16.66,613.09]
[null,"9.3.1.3",104107,"ARMAÇÃO DE PILAR OU VIGA DE ESTRUTURA DE CONCRETO ARMADO EMBUTIDA EM ALVENARIA DE VEDAÇÃO UTILIZANDO AÇO CA-50 DE 12,5 MM - MONTAGEM. AF_06/2022","KG","BDI1",51,11.31,576.80999999999995,14.1,719.1]
[null,"9.3.1.4",104106,"ARMAÇÃO DE PILAR OU VIGA DE ESTRUTURA DE CONCRETO ARMADO EMBUTIDA EM ALVENARIA DE VEDAÇÃO UTILIZANDO AÇO CA-50 DE 16,0 MM - MONTAGEM. AF_06/2022","KG","BDI1",8,10.65,85.2,13.28,106.24]
[null,"9.3.1.5",104111,"ARMAÇÃO DE PILAR OU VIGA DE ESTRUTURA DE CONCRETO ARMADO EMBUTIDA EM ALVENARIA DE VEDAÇÃO UTILIZANDO AÇO CA-60 DE 5,0 MM - MONTAGEM. AF_06/2022","KG","BDI1",51,20.7,1055.7,25.81,1316.31]
[null,"9.3.1.6","ED-49788","FORNECIMENTO DE CONCRETO ESTRUTURAL, PREPARADO EM OBRA COM BETONEIRA, COM FCK 30MPA, INCLUSIVE LANÇAMENTO, ADENSAMENTO E ACABAMENTO (FUNDAÇÃO)","M3","BDI1",0.74,761.96,563.85,949.94,702.96]
[null,"9.3.2","","VIGAS","",null,null,null,3220.8500000000004,null,4015.6500000000005]
[null,"9.3.2.1",92480,"MONTAGEM E DESMONTAGEM DE FÔRMA DE VIGA, ESCORAMENTO METÁLICO, PÉ-DIREITO SIMPLES, EM CHAPA DE MADEIRA PLASTIFICADA, 18 UTILIZAÇÕES. AF_09/2020","M2","BDI1",12.43,83.06,1032.44,103.55,1287.1300000000001]
[null,"9.3.2.2",104108,"ARMAÇÃO DE PILAR OU VIGA DE ESTRUTURA DE CONCRETO ARMADO EMBUTIDA EM ALVENARIA DE VEDAÇÃO UTILIZANDO AÇO CA-50 DE 10,0 MM - MONTAGEM. AF_06/2022","KG","BDI1",42.3,13.36,565.13,16.66,704.72]
[null,"9.3.2.3",104107,"ARMAÇÃO DE PILAR OU VIGA DE ESTRUTURA DE CONCRETO ARMADO EMBUTIDA EM ALVENARIA DE VEDAÇÃO UTILIZANDO AÇO CA-50 DE 12,5 MM - MONTAGEM. AF_06/2022","KG","BDI1",31.1,11.31,351.74,14.1,438.51]
[null,"9.3.2.4",104111,"ARMAÇÃO DE PILAR OU VIGA DE ESTRUTURA DE CONCRETO ARMADO EMBUTIDA EM ALVENARIA DE VEDAÇÃO UTILIZANDO AÇO CA-60 DE 5,0 MM - MONTAGEM. AF_06/2022","KG","BDI1",20.2,20.7,418.14,25.81,521.36]
[null,"9.3.2.5","ED-49788","FORNECIMENTO DE CONCRETO ESTRUTURAL, PREPARADO EM OBRA COM BETONEIRA, COM FCK 30MPA, INCLUSIVE LANÇAMENTO, ADENSAMENTO E ACABAMENTO (FUNDAÇÃO)","M3","BDI1",1.1200000000000001,761.96,853.4,949.94,1063.93]
[null,"9.3.3","","LAJE RESPALDO","",null,null,null,6631.68,null,8267.67]
[null,"9.3.3.1","ED-50258","LAJE PRÉ-MOLDADA UNIDIRECIONAL COM ENCHIMENTO EM POLIESTIRENO EXPANDIDO (EPS), CAPEAMENTO DE 4CM, SOBRECARGA DE 250KG/M2, ALTURA TOTAL DE 11CM E VÃO LIVRE MÁXIMO DE 5M, INCLUSIVE CONCRETO ESTRUTURAL, USINADO BOMBEADO COM FCK DE 20MPA, EXCLUSIVE TELA ARMADA E CIMBRAMENTO","M2","BDI1",24.5,189.44,4641.28,236.17,5786.16]
[null,"9.3.3.2",92770,"ARMAÇÃO DE LAJE DE ESTRUTURA CONVENCIONAL DE CONCRETO ARMADO UTILIZANDO AÇO CA-50 DE 8,0 MM - MONTAGEM. AF_06/2022","KG","BDI1",30.6,12.53,383.42,15.62,477.97]
[null,"9.3.3.3",92771,"ARMAÇÃO DE LAJE DE ESTRUTURA CONVENCIONAL DE CONCRETO ARMADO UTILIZANDO AÇO CA-50 DE 10,0 MM - MONTAGEM. AF_06/2022","KG","BDI1",4.5999999999999996,11.2,51.52,13.96,64.22]
[null,"9.3.3.4",21141,"TELA DE ACO SOLDADA NERVURADA, CA-60, Q-92, (1,48 KG/M2), DIAMETRO DO FIO = 4,2 MM, LARGURA = 2,45 X 60 M DE COMPRIMENTO, ESPACAMENTO DA MALHA = 15  X 15 CM","M2","BDI1",24.5,15.16,371.42,18.899999999999999,463.05]
[null,"9.3.3.5","ED-19637","CIMBRAMENTO PARA LAJE PRÉ-MOLDADA COM ESCORAMENTO METÁLICO, TIPO \"A\", ALTURA DE (200 ATÉ 310)CM, INCLUSIVE DESCARGA, MONTAGEM, DESMONTAGEM E CARGA","M2XMÊS","BDI1",68.599999999999994,17.260000000000002,1184.04,21.52,1476.27]
[null,"9.4","","ALVENARIA E PAINÉIS","",null,null,null,11973.17,null,14926.779999999999]
[null,"9.4.1","","ALVENARIA","",null,null,null,8522.31,null,10624.48]
[null,"9.4.1.1",103327,"ALVENARIA DE VEDAÇÃO DE BLOCOS CERÂMICOS FURADOS NA VERTICAL DE 19X19X39 CM (ESPESSURA 19 CM) E ARGAMASSA DE ASSENTAMENTO COM PREPARO MANUAL. AF_12/2021","M2","BDI1",93.14,91.5,8522.31,114.07,10624.48]
[null,"9.4.2","","IMPERMEABILIZAÇÃO","",null,null,null,3450.86,null,4302.3]
[null,"9.4.2.1",98561,"IMPERMEABILIZAÇÃO DE PAREDES COM ARGAMASSA DE CIMENTO E AREIA, COM ADITIVO IMPERMEABILIZANTE, E = 2CM. AF_06/2018","M2","BDI1",79.13,43.61,3450.86,54.37,4302.3]
[null,"9.5","","REVESTIMENTOS","",null,null,null,17494.570000000003,null,21809.62]
[null,"9.5.1","","PISO","",null,null,null,3176.6099999999997,null,3960.3500000000004]
[null,"9.5.1.1",100577,"REGULARIZAÇÃO E COMPACTAÇÃO DE SUBLEITO DE SOLO PREDOMINANTEMENTE ARENOSO. AF_11/2019","M2","BDI1",22.04,1.1100000000000001,24.46,1.38,30.42]
[null,"9.5.1.2",97087,"CAMADA SEPARADORA PARA EXECUÇÃO DE RADIER, PISO DE CONCRETO OU LAJE SOBRE SOLO, EM LONA PLÁSTICA. AF_09/2021","M2","BDI1",22.04,2.66,58.63,3.32,73.17]
[null,"9.5.1.3",96624,"LASTRO COM MATERIAL GRANULAR (PEDRA BRITADA N.2), APLICADO EM PISOS OU LAJES SOBRE SOLO, ESPESSURA DE *10 CM*. AF_08/2017","M3","BDI1",2.2000000000000002,158.38,348.44,197.45,434.39]
[null,"9.5.1.4","ED-9319","PISO EM CONCRETO, USINADO CONVENCIONAL, FCK 15MPA, COM TELA SOLDADA NERVURADA TIPO Q-61, ACABAMENTO POLIDO EM NÍVEL ZERO, ESP. 5CM, INCLUSIVE FORNECIMENTO, LANÇAMENTO, ADENSAMENTO, EXCLUSIVE JUNTA DE DILATAÇÃO","M2","BDI1",22.04,91.85,2024.37,114.51,2523.8000000000002]
[null,"9.5.1.5",88477,"CONTRAPISO COM ARGAMASSA AUTONIVELANTE, APLICADO SOBRE LAJE, ADERIDO, ESPESSURA 3CM. AF_07/2021","M2","BDI1",22.04,32.700000000000003,720.71,40.770000000000003,898.57]
[null,"9.5.2","","PAREDES","",null,null,null,12832.240000000002,null,15997.029999999999]
[null,"9.5.2.1",87878,"CHAPISCO APLICADO EM ALVENARIAS E ESTRUTURAS DE CONCRETO INTERNAS, COM COLHER DE PEDREIRO.  ARGAMASSA TRAÇO 1:3 COM PREPARO MANUAL. AF_10/2022","M2","BDI1",174.85,4.72,825.29,5.88,1028.1199999999999]
[null,"9.5.2.2",87825,"EMBOÇO OU MASSA ÚNICA EM ARGAMASSA TRAÇO 1:2:8, PREPARO MECÂNICO COM BETONEIRA 400 L, APLICADA MANUALMENTE NAS PAREDES INTERNAS DA SACADA, ESPESSURA DE 25 MM, SEM USO DE TELA METÁLICA DE REFORÇO CONTRA FISSURAÇÃO. AF_08/2022","M2","BDI1",174.85,68.67,12006.95,85.61,14968.91]
[null,"9.5.3","","TETO","",null,null,null,1485.72,null,1852.24]
[null,"9.5.3.1",87886,"CHAPISCO APLICADO NO TETO OU EM ESTRUTURA, COM DESEMPENADEIRA DENTADA. ARGAMASSA INDUSTRIALIZADA COM PREPARO MANUAL. AF_10/2022","M2","BDI1",22.04,15.26,336.33,19.02,419.2]
[null,"9.5.3.2",90407,"MASSA ÚNICA, PARA RECEBIMENTO DE PINTURA, EM ARGAMASSA TRAÇO 1:2:8, PREPARO MANUAL, APLICADA MANUALMENTE EM TETO, ESPESSURA DE 20MM, COM EXECUÇÃO DE TALISCAS. AF_03/2015","M2","BDI1",22.04,52.15,1149.3900000000001,65.02,1433.04]
[null,"10","","ELEVATÓRIA","",null,null,null,202500.56,null,252453.30999999997]
[null,"10.1","","INFRAESTRUTURA","",null,null,null,133978.56,null,167027.24]
[null,"10.1.1","","ESTACAS/BROCAS","",null,null,null,34739.370000000003,null,43309.089999999989]
[null,"10.1.1.1",100651,"ESTACA HÉLICE CONTÍNUA, DIÂMETRO DE 30 CM, INCLUSO CONCRETO FCK=30MPA E ARMADURA MÍNIMA (EXCLUSIVE BOMBEAMENTO, MOBILIZAÇÃO E DESMOBILIZAÇÃO). AF_12/2019_PA","M","BDI1",216,146.27000000000001,31594.32,182.35,39387.599999999999]
[null,"10.1.1.2",92915,"ARMAÇÃO DE ESTRUTURAS DIVERSAS DE CONCRETO ARMADO, EXCETO VIGAS, PILARES, LAJES E FUNDAÇÕES, UTILIZANDO AÇO CA-60 DE 5,0 MM - MONTAGEM. AF_06/2022","KG","BDI1",33.700000000000003,17.16,578.29,21.39,720.84]
[null,"10.1.1.3",92919,"ARMAÇÃO DE ESTRUTURAS DIVERSAS DE CONCRETO ARMADO, EXCETO VIGAS, PILARES, LAJES E FUNDAÇÕES, UTILIZANDO AÇO CA-50 DE 10,0 MM - MONTAGEM. AF_06/2022","KG","BDI1",147.6,12.61,1861.24,15.72,2320.27]
[null,"10.1.1.4",100977,"CARGA, MANOBRA E DESCARGA DE SOLOS E MATERIAIS GRANULARES EM CAMINHÃO BASCULANTE 6 M³ - CARGA COM ESCAVADEIRA HIDRÁULICA (CAÇAMBA DE 1,20 M³ / 155 HP) E DESCARGA LIVRE (UNIDADE: M3). AF_07/2020","M3","BDI1",15.27,6.9,105.36,8.6,131.32]
[null,"10.1.1.5",97914,"TRANSPORTE COM CAMINHÃO BASCULANTE DE 6 M³, EM VIA URBANA PAVIMENTADA, DMT ATÉ 30 KM (UNIDADE: M3XKM). AF_07/2020","M3XKM","BDI1",229.07,2.62,600.16,3.27,749.06]
[null,"10.1.2","","BLOCOS DE FUNDAÇÃO","",null,null,null,8016.03,null,9993.6]
[null,"10.1.2.1",96523,"ESCAVAÇÃO MANUAL PARA BLOCO DE COROAMENTO OU SAPATA (INCLUINDO ESCAVAÇÃO PARA COLOCAÇÃO DE FÔRMAS). AF_06/2017","M3","BDI1",3.88,92.95,360.65,115.88,449.61]
[null,"10.1.2.2",96540,"FABRICAÇÃO, MONTAGEM E DESMONTAGEM DE FÔRMA PARA BLOCO DE COROAMENTO, EM CHAPA DE MADEIRA COMPENSADA RESINADA, E=17 MM, 4 UTILIZAÇÕES. AF_06/2017","M2","BDI1",11.52,143.9,1657.73,179.4,2066.69]
[null,"10.1.2.3",100324,"LASTRO COM MATERIAL GRANULAR (PEDRA BRITADA N.1 E PEDRA BRITADA N.2), APLICADO EM PISOS OU LAJES SOBRE SOLO, ESPESSURA DE *10 CM*. AF_07/2019","M3","BDI1",0.67,158.05000000000001,105.89,197.04,132.02000000000001]
[null,"10.1.2.4",96544,"ARMAÇÃO DE BLOCO, VIGA BALDRAME OU SAPATA UTILIZANDO AÇO CA-50 DE 6,3 MM - MONTAGEM. AF_06/2017","KG","BDI1",13.7,16.53,226.46,20.61,282.36]
[null,"10.1.2.5",96545,"ARMAÇÃO DE BLOCO, VIGA BALDRAME OU SAPATA UTILIZANDO AÇO CA-50 DE 8 MM - MONTAGEM. AF_06/2017","KG","BDI1",139.69999999999999,15.2,2123.44,18.95,2647.31]
[null,"10.1.2.6",96546,"ARMAÇÃO DE BLOCO, VIGA BALDRAME OU SAPATA UTILIZANDO AÇO CA-50 DE 10 MM - MONTAGEM. AF_06/2017","KG","BDI1",5.9,13.44,79.3,16.760000000000002,98.88]
[null,"10.1.2.7",96557,"CONCRETAGEM DE BLOCOS DE COROAMENTO E VIGAS BALDRAMES, FCK 30 MPA, COM USO DE BOMBA \u0096 LANÇAMENTO, ADENSAMENTO E ACABAMENTO. AF_06/2017","M3","BDI1",3.88,747.04,2898.52,931.33,3613.56]
[null,"10.1.2.8",98562,"IMPERMEABILIZAÇÃO DE FLOREIRA OU VIGA BALDRAME COM ARGAMASSA DE CIMENTO E AREIA, COM ADITIVO IMPERMEABILIZANTE, E = 2 CM. AF_06/2018","M2","BDI1",6.66,43.18,287.58,53.83,358.51]
[null,"10.1.2.9",98557,"IMPERMEABILIZAÇÃO DE SUPERFÍCIE COM EMULSÃO ASFÁLTICA, 2 DEMÃOS AF_06/2018","M2","BDI1",6.66,41.51,276.45999999999998,51.75,344.66]
[null,"10.1.3","","RADIER","",null,null,null,14424.449999999999,null,17982.78]
[null,"10.1.3.1",100575,"REGULARIZAÇÃO DE SUPERFÍCIES COM MOTONIVELADORA. AF_11/2019","M2","BDI1",25.97,0.12,3.12,0.15,3.9]
[null,"10.1.3.2",96624,"LASTRO COM MATERIAL GRANULAR (PEDRA BRITADA N.2), APLICADO EM PISOS OU LAJES SOBRE SOLO, ESPESSURA DE *10 CM*. AF_08/2017","M3","BDI1",2.6,158.38,411.79,197.45,513.37]
[null,"10.1.3.3",97087,"CAMADA SEPARADORA PARA EXECUÇÃO DE RADIER, PISO DE CONCRETO OU LAJE SOBRE SOLO, EM LONA PLÁSTICA. AF_09/2021","M2","BDI1",25.97,2.66,69.08,3.32,86.22]
[null,"10.1.3.4",92770,"ARMAÇÃO DE LAJE DE ESTRUTURA CONVENCIONAL DE CONCRETO ARMADO UTILIZANDO AÇO CA-50 DE 8,0 MM - MONTAGEM. AF_06/2022","KG","BDI1",496.5,12.53,6221.14,15.62,7755.33]
[null,"10.1.3.5",7155,"TELA DE ACO SOLDADA NERVURADA, CA-60, Q-138, (2,20 KG/M2), DIAMETRO DO FIO = 4,2 MM, LARGURA = 2,45 M, ESPACAMENTO DA MALHA = 10  X 10 CM","M2","BDI1",25.97,22.6,586.91999999999996,28.18,731.83]
[null,"10.1.3.6",97102,"EXECUÇÃO DE RADIER, ESPESSURA DE 15 CM, FCK = 30 MPA, COM USO DE FORMAS EM MADEIRA SERRADA. AF_09/2021","M2","BDI1",25.97,241.94,6283.18,301.63,7833.33]
[null,"10.1.3.7",88477,"CONTRAPISO COM ARGAMASSA AUTONIVELANTE, APLICADO SOBRE LAJE, ADERIDO, ESPESSURA 3CM. AF_07/2021","M2","BDI1",25.97,32.700000000000003,849.22,40.770000000000003,1058.8]
[null,"10.1.4","","CAIXA DE APOIO PARA MOTORES","",null,null,null,420.24,null,523.91999999999996]
[null,"10.1.4.1","ED-9320","PISO EM CONCRETO, USINADO CONVENCIONAL, FCK 15MPA, COM TELA SOLDADA NERVURADA TIPO Q-138, ACABAMENTO POLÍDO EM NÍVEL ZERO, ESP. 10CM, INCLUSIVE FORNECIMENTO, LANÇAMENTO, ADENSAMENTO, EXCLUSIVE JUNTA DE DILATAÇÃO","M2","BDI1",3,140.08000000000001,420.24,174.64,523.91999999999996]
[null,"10.1.5","","VIGA","",null,null,null,175.77,null,219.13000000000002]
[null,"10.1.5.1",96527,"ESCAVAÇÃO MANUAL DE VALA PARA VIGA BALDRAME (INCLUINDO ESCAVAÇÃO PARA COLOCAÇÃO DE FÔRMAS). AF_06/2017","M3","BDI1",0.04,121.8,4.87,151.85,6.07]
[null,"10.1.5.2",96542,"FABRICAÇÃO, MONTAGEM E DESMONTAGEM DE FÔRMA PARA VIGA BALDRAME, EM CHAPA DE MADEIRA COMPENSADA RESINADA, E=17 MM, 4 UTILIZAÇÕES. AF_06/2017","M2","BDI1",0.56999999999999995,92.29,52.61,115.06,65.58]
[null,"10.1.5.3",100324,"LASTRO COM MATERIAL GRANULAR (PEDRA BRITADA N.1 E PEDRA BRITADA N.2), APLICADO EM PISOS OU LAJES SOBRE SOLO, ESPESSURA DE *10 CM*. AF_07/2019","M3","BDI1",0.01,158.05000000000001,1.58,197.04,1.97]
[null,"10.1.5.4",96546,"ARMAÇÃO DE BLOCO, VIGA BALDRAME OU SAPATA UTILIZANDO AÇO CA-50 DE 10 MM - MONTAGEM. AF_06/2017","KG","BDI1",3.9,13.44,52.42,16.760000000000002,65.36]
[null,"10.1.5.5",96543,"ARMAÇÃO DE BLOCO, VIGA BALDRAME E SAPATA UTILIZANDO AÇO CA-60 DE 5 MM - MONTAGEM. AF_06/2017","KG","BDI1",1.3,18,23.4,22.44,29.17]
[null,"10.1.5.6",96557,"CONCRETAGEM DE BLOCOS DE COROAMENTO E VIGAS BALDRAMES, FCK 30 MPA, COM USO DE BOMBA \u0096 LANÇAMENTO, ADENSAMENTO E ACABAMENTO. AF_06/2017","M3","BDI1",0.04,747.04,29.88,931.33,37.25]
[null,"10.1.5.7",98557,"IMPERMEABILIZAÇÃO DE SUPERFÍCIE COM EMULSÃO ASFÁLTICA, 2 DEMÃOS AF_06/2018","M2","BDI1",0.13,41.51,5.4,51.75,6.73]
[null,"10.1.5.8",98562,"IMPERMEABILIZAÇÃO DE FLOREIRA OU VIGA BALDRAME COM ARGAMASSA DE CIMENTO E AREIA, COM ADITIVO IMPERMEABILIZANTE, E = 2 CM. AF_06/2018","M2","BDI1",0.13,43.18,5.61,53.83,7]
[null,"10.1.6","","PAREDES DE CONTENÇÃO","",null,null,null,76202.7,null,94998.720000000001]
[null,"10.1.6.1",96527,"ESCAVAÇÃO MANUAL DE VALA PARA VIGA BALDRAME (INCLUINDO ESCAVAÇÃO PARA COLOCAÇÃO DE FÔRMAS). AF_06/2017","M3","BDI1",0.5,121.8,60.9,151.85,75.92]
[null,"10.1.6.2",92269,"FABRICAÇÃO DE FÔRMA PARA PILARES E ESTRUTURAS SIMILARES, EM MADEIRA SERRADA, E=25 MM. AF_09/2020","M2","BDI1",152.86000000000001,335.45,51276.89,418.21,63927.58]
[null,"10.1.6.3",100324,"LASTRO COM MATERIAL GRANULAR (PEDRA BRITADA N.1 E PEDRA BRITADA N.2), APLICADO EM PISOS OU LAJES SOBRE SOLO, ESPESSURA DE *10 CM*. AF_07/2019","M3","BDI1",0.5,158.05000000000001,79.03,197.04,98.52]
[null,"10.1.6.4",92771,"ARMAÇÃO DE LAJE DE ESTRUTURA CONVENCIONAL DE CONCRETO ARMADO UTILIZANDO AÇO CA-50 DE 10,0 MM - MONTAGEM. AF_06/2022","KG","BDI1",1238.9000000000001,11.2,13875.68,13.96,17295.04]
[null,"10.1.6.5",96557,"CONCRETAGEM DE BLOCOS DE COROAMENTO E VIGAS BALDRAMES, FCK 30 MPA, COM USO DE BOMBA \u0096 LANÇAMENTO, ADENSAMENTO E ACABAMENTO. AF_06/2017","M3","BDI1",14.04,747.04,10488.44,931.33,13075.87]
[null,"10.1.6.6",98557,"IMPERMEABILIZAÇÃO DE SUPERFÍCIE COM EMULSÃO ASFÁLTICA, 2 DEMÃOS AF_06/2018","M2","BDI1",4.9800000000000004,41.51,206.72,51.75,257.72000000000003]
[null,"10.1.6.7",98562,"IMPERMEABILIZAÇÃO DE FLOREIRA OU VIGA BALDRAME COM ARGAMASSA DE CIMENTO E AREIA, COM ADITIVO IMPERMEABILIZANTE, E = 2 CM. AF_06/2018","M2","BDI1",4.9800000000000004,43.18,215.04,53.83,268.07]
[null,"10.2","","SUPRAESTRUTURA","",null,null,null,13379.73,null,16681.239999999998]
[null,"10.2.1","","PILARES","",null,null,null,8046.3600000000006,null,10031.66]
[null,"10.2.1.1",92443,"MONTAGEM E DESMONTAGEM DE FÔRMA DE PILARES RETANGULARES E ESTRUTURAS SIMILARES, PÉ-DIREITO SIMPLES, EM CHAPA DE MADEIRA COMPENSADA PLASTIFICADA, 18 UTILIZAÇÕES. AF_09/2020","M2","BDI1",45.54,46.56,2120.34,58.05,2643.6]
[null,"10.2.1.2",92760,"ARMAÇÃO DE PILAR OU VIGA DE ESTRUTURA CONVENCIONAL DE CONCRETO ARMADO UTILIZANDO AÇO CA-50 DE 6,3 MM - MONTAGEM. AF_06/2022","KG","BDI1",10.9,13.81,150.53,17.22,187.7]
[null,"10.2.1.3",92762,"ARMAÇÃO DE PILAR OU VIGA DE ESTRUTURA CONVENCIONAL DE CONCRETO ARMADO UTILIZANDO AÇO CA-50 DE 10,0 MM - MONTAGEM. AF_06/2022","KG","BDI1",166.4,11.63,1935.23,14.5,2412.8000000000002]
[null,"10.2.1.4",92764,"ARMAÇÃO DE PILAR OU VIGA DE ESTRUTURA CONVENCIONAL DE CONCRETO ARMADO UTILIZANDO AÇO CA-50 DE 16,0 MM - MONTAGEM. AF_06/2022","KG","BDI1",51.5,9.52,490.28,11.87,611.29999999999995]
[null,"10.2.1.5",92765,"ARMAÇÃO DE PILAR OU VIGA DE ESTRUTURA CONVENCIONAL DE CONCRETO ARMADO UTILIZANDO AÇO CA-50 DE 20,0 MM - MONTAGEM. AF_06/2022","KG","BDI1",83.2,10.86,903.55,13.54,1126.53]
[null,"10.2.1.6",92759,"ARMAÇÃO DE PILAR OU VIGA DE ESTRUTURA CONVENCIONAL DE CONCRETO ARMADO UTILIZANDO AÇO CA-60 DE 5,0 MM - MONTAGEM. AF_06/2022","KG","BDI1",55.1,14.53,800.6,18.11,997.86]
[null,"10.2.1.7","ED-49788","FORNECIMENTO DE CONCRETO ESTRUTURAL, PREPARADO EM OBRA COM BETONEIRA, COM FCK 30MPA, INCLUSIVE LANÇAMENTO, ADENSAMENTO E ACABAMENTO (FUNDAÇÃO)","M3","BDI1",2.16,761.96,1645.83,949.94,2051.87]
[null,"10.2.2","","VIGAS","",null,null,null,5333.369999999999,null,6649.58]
[null,"10.2.2.1",92480,"MONTAGEM E DESMONTAGEM DE FÔRMA DE VIGA, ESCORAMENTO METÁLICO, PÉ-DIREITO SIMPLES, EM CHAPA DE MADEIRA PLASTIFICADA, 18 UTILIZAÇÕES. AF_09/2020","M2","BDI1",18.54,83.06,1539.93,103.55,1919.82]
[null,"10.2.2.2",104108,"ARMAÇÃO DE PILAR OU VIGA DE ESTRUTURA DE CONCRETO ARMADO EMBUTIDA EM ALVENARIA DE VEDAÇÃO UTILIZANDO AÇO CA-50 DE 10,0 MM - MONTAGEM. AF_06/2022","KG","BDI1",85,13.36,1135.5999999999999,16.66,1416.1]
[null,"10.2.2.3",104107,"ARMAÇÃO DE PILAR OU VIGA DE ESTRUTURA DE CONCRETO ARMADO EMBUTIDA EM ALVENARIA DE VEDAÇÃO UTILIZANDO AÇO CA-50 DE 12,5 MM - MONTAGEM. AF_06/2022","KG","BDI1",30.9,11.31,349.48,14.1,435.69]
[null,"10.2.2.4",104111,"ARMAÇÃO DE PILAR OU VIGA DE ESTRUTURA DE CONCRETO ARMADO EMBUTIDA EM ALVENARIA DE VEDAÇÃO UTILIZANDO AÇO CA-60 DE 5,0 MM - MONTAGEM. AF_06/2022","KG","BDI1",39,20.7,807.3,25.81,1006.59]
[null,"10.2.2.5","ED-49788","FORNECIMENTO DE CONCRETO ESTRUTURAL, PREPARADO EM OBRA COM BETONEIRA, COM FCK 30MPA, INCLUSIVE LANÇAMENTO, ADENSAMENTO E ACABAMENTO (FUNDAÇÃO)","M3","BDI1",1.97,761.96,1501.06,949.94,1871.38]
[null,"10.3","","LAJE DE PISO","",null,null,null,1595.2600000000002,null,1988.8]
[null,"10.3.1",103760,"MONTAGEM E DESMONTAGEM DE FÔRMA DE LAJE MACIÇA, PÉ-DIREITO SIMPLES, EM CHAPA DE MADEIRA COMPENSADA RESINADA E CIMBRAMENTO DE MADEIRA, 2 UTILIZAÇÕES. AF_03/2022","M2","BDI1",3.79,138.27000000000001,524.04,172.38,653.32000000000005]
[null,"10.3.2",92770,"ARMAÇÃO DE LAJE DE ESTRUTURA CONVENCIONAL DE CONCRETO ARMADO UTILIZANDO AÇO CA-50 DE 8,0 MM - MONTAGEM. AF_06/2022","KG","BDI1",30.6,12.53,383.42,15.62,477.97]
[null,"10.3.3",92771,"ARMAÇÃO DE LAJE DE ESTRUTURA CONVENCIONAL DE CONCRETO ARMADO UTILIZANDO AÇO CA-50 DE 10,0 MM - MONTAGEM. AF_06/2022","KG","BDI1",4.5999999999999996,11.2,51.52,13.96,64.22]
[null,"10.3.4",7155,"TELA DE ACO SOLDADA NERVURADA, CA-60, Q-138, (2,20 KG/M2), DIAMETRO DO FIO = 4,2 MM, LARGURA = 2,45 M, ESPACAMENTO DA MALHA = 10  X 10 CM","M2","BDI1",3.79,22.6,85.65,28.18,106.8]
[null,"10.3.5","ED-49788","FORNECIMENTO DE CONCRETO ESTRUTURAL, PREPARADO EM OBRA COM BETONEIRA, COM FCK 30MPA, INCLUSIVE LANÇAMENTO, ADENSAMENTO E ACABAMENTO (FUNDAÇÃO)","M3","BDI1",0.56000000000000005,761.96,426.7,949.94,531.97]
[null,"10.3.6",88477,"CONTRAPISO COM ARGAMASSA AUTONIVELANTE, APLICADO SOBRE LAJE, ADERIDO, ESPESSURA 3CM. AF_07/2021","M2","BDI1",3.79,32.700000000000003,123.93,40.770000000000003,154.52000000000001]
[null,"10.4","","ESCADA","",null,null,null,2990.66,null,3728.3700000000003]
[null,"10.4.1",103760,"MONTAGEM E DESMONTAGEM DE FÔRMA DE LAJE MACIÇA, PÉ-DIREITO SIMPLES, EM CHAPA DE MADEIRA COMPENSADA RESINADA E CIMBRAMENTO DE MADEIRA, 2 UTILIZAÇÕES. AF_03/2022","M2","BDI1",10.82,138.27000000000001,1496.08,172.38,1865.15]
[null,"10.4.2",92770,"ARMAÇÃO DE LAJE DE ESTRUTURA CONVENCIONAL DE CONCRETO ARMADO UTILIZANDO AÇO CA-50 DE 8,0 MM - MONTAGEM. AF_06/2022","KG","BDI1",58.9,12.53,738.02,15.62,920.02]
[null,"10.4.3",92771,"ARMAÇÃO DE LAJE DE ESTRUTURA CONVENCIONAL DE CONCRETO ARMADO UTILIZANDO AÇO CA-50 DE 10,0 MM - MONTAGEM. AF_06/2022","KG","BDI1",3.6,11.2,40.32,13.96,50.26]
[null,"10.4.4","ED-49788","FORNECIMENTO DE CONCRETO ESTRUTURAL, PREPARADO EM OBRA COM BETONEIRA, COM FCK 30MPA, INCLUSIVE LANÇAMENTO, ADENSAMENTO E ACABAMENTO (FUNDAÇÃO)","M3","BDI1",0.94,761.96,716.24,949.94,892.94]
[null,"10.5","","LAJE DE RESPALDO","",null,null,null,9921.49,null,12368.86]
[null,"10.5.1","ED-50258","LAJE PRÉ-MOLDADA UNIDIRECIONAL COM ENCHIMENTO EM POLIESTIRENO EXPANDIDO (EPS), CAPEAMENTO DE 4CM, SOBRECARGA DE 250KG/M2, ALTURA TOTAL DE 11CM E VÃO LIVRE MÁXIMO DE 5M, INCLUSIVE CONCRETO ESTRUTURAL, USINADO BOMBEADO COM FCK DE 20MPA, EXCLUSIVE TELA ARMADA E CIMBRAMENTO","M2","BDI1",38.79,189.44,7348.38,236.17,9161.0300000000007]
[null,"10.5.2",92770,"ARMAÇÃO DE LAJE DE ESTRUTURA CONVENCIONAL DE CONCRETO ARMADO UTILIZANDO AÇO CA-50 DE 8,0 MM - MONTAGEM. AF_06/2022","KG","BDI1",100.7,12.53,1261.77,15.62,1572.93]
[null,"10.5.3",92771,"ARMAÇÃO DE LAJE DE ESTRUTURA CONVENCIONAL DE CONCRETO ARMADO UTILIZANDO AÇO CA-50 DE 10,0 MM - MONTAGEM. AF_06/2022","KG","BDI1",4.8,11.2,53.76,13.96,67.010000000000005]
[null,"10.5.4",21141,"TELA DE ACO SOLDADA NERVURADA, CA-60, Q-92, (1,48 KG/M2), DIAMETRO DO FIO = 4,2 MM, LARGURA = 2,45 X 60 M DE COMPRIMENTO, ESPACAMENTO DA MALHA = 15  X 15 CM","M2","BDI1",38.79,15.16,588.05999999999995,18.899999999999999,733.13]
[null,"10.5.5","ED-19637","CIMBRAMENTO PARA LAJE PRÉ-MOLDADA COM ESCORAMENTO METÁLICO, TIPO \"A\", ALTURA DE (200 ATÉ 310)CM, INCLUSIVE DESCARGA, MONTAGEM, DESMONTAGEM E CARGA","M2XMÊS","BDI1",38.79,17.260000000000002,669.52,21.52,834.76]
[null,"10.6","","ALVENARIA E PAINÉIS","",null,null,null,19139.490000000002,null,23861.88]
[null,"10.6.1","","ALVENARIA","",null,null,null,8124.29,null,10128.280000000001]
[null,"10.6.1.1",103327,"ALVENARIA DE VEDAÇÃO DE BLOCOS CERÂMICOS FURADOS NA VERTICAL DE 19X19X39 CM (ESPESSURA 19 CM) E ARGAMASSA DE ASSENTAMENTO COM PREPARO MANUAL. AF_12/2021","M2","BDI1",88.79,91.5,8124.29,114.07,10128.280000000001]
[null,"10.6.2","","IMPERMEABILIZAÇÃO E DRENO EM ARRIMO","",null,null,null,11015.2,null,13733.6]
[null,"10.6.2.1",98561,"IMPERMEABILIZAÇÃO DE PAREDES COM ARGAMASSA DE CIMENTO E AREIA, COM ADITIVO IMPERMEABILIZANTE, E = 2CM. AF_06/2018","M2","BDI1",145.71,43.61,6354.41,54.37,7922.25]
[null,"10.6.2.2","ED-49813","LASTRO DE BRITA COM PEDRA BRITADA NÚMERO 2 E 3, INCLUSIVE ADENSAMENTO E APILOAMENTO MANUAL","M3","BDI1",19.29,178.95,3451.95,223.1,4303.6000000000004]
[null,"10.6.2.3","RO-40980","MANTA GEOTÊXTIL NÃO TECIDA, A/180, OP/20 OU SIMILAR, RESISTÊNCIA À TRAÇÃO DE 12 KN/M2 (INCLUINDO FORNECIMENTO, TRANSPORTE E COLOCAÇÃO)","M2","BDI1",142.35,4.4400000000000004,632.03,5.54,788.62]
[null,"10.6.2.4","ED-48689","FORNECIMENTO E ASSENTAMENTO DE TUBO PVC FLEXÍVEL CORRUGADO, PERFURADO, DN 100 MM (4\"), PARA DRENAGEM","M","BDI1",27.96,20.63,576.80999999999995,25.72,719.13]
[null,"10.7","","REVESTIMENTOS","",null,null,null,21495.37,null,26796.920000000002]
[null,"10.7.1","","PAREDES","",null,null,null,18840.09,null,23486.58]
[null,"10.7.1.1",87878,"CHAPISCO APLICADO EM ALVENARIAS E ESTRUTURAS DE CONCRETO INTERNAS, COM COLHER DE PEDREIRO.  ARGAMASSA TRAÇO 1:3 COM PREPARO MANUAL. AF_10/2022","M2","BDI1",256.71199999999999,4.72,1211.68,5.88,1509.47]
[null,"10.7.1.2",87825,"EMBOÇO OU MASSA ÚNICA EM ARGAMASSA TRAÇO 1:2:8, PREPARO MECÂNICO COM BETONEIRA 400 L, APLICADA MANUALMENTE NAS PAREDES INTERNAS DA SACADA, ESPESSURA DE 25 MM, SEM USO DE TELA METÁLICA DE REFORÇO CONTRA FISSURAÇÃO. AF_08/2022","M2","BDI1",256.71199999999999,68.67,17628.41,85.61,21977.11]
[null,"10.7.2","","TETO","",null,null,null,2655.28,null,3310.34]
[null,"10.7.2.1",87886,"CHAPISCO APLICADO NO TETO OU EM ESTRUTURA, COM DESEMPENADEIRA DENTADA. ARGAMASSA INDUSTRIALIZADA COM PREPARO MANUAL. AF_10/2022","M2","BDI1",39.39,15.26,601.09,19.02,749.2]
[null,"10.7.2.2",90407,"MASSA ÚNICA, PARA RECEBIMENTO DE PINTURA, EM ARGAMASSA TRAÇO 1:2:8, PREPARO MANUAL, APLICADA MANUALMENTE EM TETO, ESPESSURA DE 20MM, COM EXECUÇÃO DE TALISCAS. AF_03/2015","M2","BDI1",39.39,52.15,2054.19,65.02,2561.14]

{"sheet":"Impressão - ORC Aditivo","index":54,"n_rows":103,"n_cols":15,"rows_kept":103,"cut":false,"hidden":false,"merged":[[1,1,1,14],[2,1,2,14]]}
[]
[null,"PLANILHA ORÇAMENTÁRIA"]
[null,"INFORMAÇÕES GERAIS"]
[null,"Município: Belo Horizonte",null,null,null,null,"Empresa Executora: Empresa de Pavimentações",null,null,null,null,null,"BDIs Utilizados:",null,"BDI1 = 24,00%"]
[null,"Obra: Pavimentação da Avenida Teresa Cristina",null,null,null,null,"Nº do Contrato Licitado: 12345",null,null,null,null,null,"(BDIs utilizados na planilha licitada)",null,"BDI2 = 22,49%"]
[null,"Responsável Técnico Fiscal: Breno Oliveira Pierre de Souza",null,null,null,null,"Responsável Técnico Executor: Alan Pereira Neto Filho"]
[null,"Nº CREA/CAU: 123456-7",null,null,null,null,"Nº CREA/CAU: 789456-1",null,null,null,null,null,"Índice de Reajuste:",null,"100,00%"]
[null,"Contrato BDMG Nº: 256.563",null,null,null,null,"Nº do Termo Aditivo: 1",null,null,null,null,null,"(Somente quando houver)"]
[null,"Data: 13/04/2020",null,null,null,null,"Tipo de Aditivo: Adição e/ou Supressão de Quantitativos, Prazo e Reajuste"]
[null,"Item","Código","Discriminação\nConforme Planilha Orçamentária Licitada e suas alterações","Unid.","Quantidade\nPrevista\nAnterior\nA","Quantidade\nAdicionada / \nSuprimida\nB","Quantidade\nPrevista\nTotal\nC","Quantidade\nExecutada\n\nD","Quantidade\na Executar\n\nE","Valor Unitário\nsem BDI (R$)\n\nF","Valor Unitário\ncom BDI (R$)\n\nG","Valor Unitário\ncom Reajuste\n(R$)\nH","Valor Total\nPrevisto\nAnterior (R$)\nI","Valor Total\nPrevisto\nAtual (R$)\nJ"]
[null,null,null,"Pavimentação da Avenida Teresa Cristina",null,null,null,null,null,null,null,null,null,1132061.9914110813,2252045.6028221631]
[null,1,null,"SERVIÇOS PRELIMINARES",null,null,null,null,null,null,null,null,null,47468.465600000003,83919.251200000013]
[null,"1.1",null,"FORNECIMENTO E COLOCAÇÃO DE PLACA DE OBRA EM CHAPA GALVANIZADA (3,00 X 1,5 0 M) - EM CHAPA GALVANIZADA 0,26 AFIXADAS COM REBITES 540 E PARAFUSOS 3/8, EM ESTRUTURA METÁLICA VIGA U 2\" ENRIJECIDA COM METALON 20 X 20, SUPORTE EM EUCALIPTO AUTOCLAVADO PINTADAS","U",11,0,11,8,3,null,1377.21,2754.42,15149.310000000001,19280.940000000002]
[null,"1.2",null,"PLACA DE OBRA EM CHAPA DE ACO GALVANIZADO","M2",15,0,15,0,15,null,375.03,750.06,5625.45,11250.9]
[null,"1.3",null,"CONTAINER (6,0X2,3X2,5M) COM ISOLAMENTO TÉRMICO - DEPÓSITO E FERRAMENTARIA COM LAVATÓRIO","MÊS",4,0,4,0,4,null,924.06,1848.12,3696.24,7392.48]
[null,"1.4",null,"DEMOLIÇÃO DE PASSEIO OU LAJE DE CONCRETO COM EQUIPAMENTO PNEUMÁTICO, INCLUSIVE AFASTAMENTO","M2",407.4,0,407.4,0,407.4,null,9.25,18.5,3768.45,7536.9]
[null,"1.5",null,"REGULARIZAÇÃO E COMPACTAÇÃO DE TERRENO COM PLACA VIBRATÓRIA","M2",1235.96,0,1235.96,0,1235.96,null,3.21,6.42,3967.4315999999999,7934.8631999999998]
[null,"1.6",null,"DEMOLIÇÃO DE PAVIMENTO PARALELEPÍPEDO REJUNTADOS COM AREIA INCLUSIVE AFASTAMENTO E EMPILHAMENTO","M2",828.56,0,828.56,0,828.56,null,14.72,29.44,12196.403199999999,24392.806399999998]
[null,"1.7",null,"TRANSPORTE DE MATERIAL DEMOLIDO EM CAÇAMBA","M3",123.596,0,123.596,0,123.596,null,24.8,49.6,3065.1808000000001,6130.3616000000002]
[null,2,null,"SINALIZAÇÃO HORIZONTAL",null,null,null,null,null,null,null,null,null,56057.63167000001,112115.26334000002]
[null,"2.1",null,"SINALIZACAO HORIZONTAL COM TINTA RETRORREFLETIVA A BASE DE RESINA ACRILICA COM MICROESFERAS DE VIDRO","M2",877.67400000000009,0,877.67400000000009,0,877.67400000000009,null,17.920000000000002,35.840000000000003,15727.918080000003,31455.836160000006]
[null,"2.2",null,"SINALIZACAO HORIZONTAL COM TINTA RETRORREFLETIVA A BASE DE RESINA ACRILICA COM MICROESFERAS DE VIDRO","M2",285.69749999999999,0,285.69749999999999,0,285.69749999999999,null,17.7,35.4,5056.8457499999995,10113.691499999999]
[null,"2.3",null,"SINALIZACAO HORIZONTAL COM TINTA RETRORREFLETIVA A BASE DE RESINA ACRILICA COM MICROESFERAS DE VIDRO","M2",1799.2,0,1799.2,0,1799.2,null,17.920000000000002,35.840000000000003,32241.664000000004,64483.328000000009]
[null,"2.4",null,"SINALIZACAO HORIZONTAL COM TINTA RETRORREFLETIVA A BASE DE RESINA ACRILICA COM MICROESFERAS DE VIDRO","M2",162.86400000000003,0,162.86400000000003,0,162.86400000000003,null,17.920000000000002,35.840000000000003,2918.5228800000009,5837.0457600000018]
[null,"2.5",null,"SINALIZACAO HORIZONTAL COM TINTA RETRORREFLETIVA A BASE DE RESINA ACRILICA COM MICROESFERAS DE VIDRO","M2",6.2880000000000003,0,6.2880000000000003,0,6.2880000000000003,null,17.920000000000002,35.840000000000003,112.68096000000001,225.36192000000003]
[null,3,null,"SINALIZAÇÃO VERTICAL",null,null,null,null,null,null,null,null,null,36161.310899999997,72322.621799999994]
[null,"3.1",null,"ESCAVAÇÃO MANUAL DE VALAS H <= 1,50 M","M3",7.7399999999999993,0,7.7399999999999993,0,7.7399999999999993,null,62.73,125.46,485.53019999999992,971.06039999999985]
[null,"3.2",null,"ESCAVAÇÃO MANUAL DE VALAS H <= 1,50 M","M3",2.0699999999999998,0,2.0699999999999998,0,2.0699999999999998,null,61.97,123.94,128.27789999999999,256.55579999999998]
[null,"3.3",null,"APILOAMENTO DO FUNDO DE VALAS COM SOQUETE","M2",15.479999999999999,0,15.479999999999999,0,15.479999999999999,null,21.22,42.44,328.48559999999998,656.97119999999995]
[null,"3.4",null,"APILOAMENTO DO FUNDO DE VALAS COM SOQUETE","M2",4.1399999999999997,0,4.1399999999999997,0,4.1399999999999997,null,20.96,41.92,86.7744,173.5488]
[null,"3.5",null,"FORNECIMENTO DE CONCRETO ESTRUTURAL, PREPARADO EM OBRA, COM FCK 20 MPA, INCLUSIVE LANÇAMENTO, ADENSAMENTO E ACABAMENTO","M3",7.7399999999999993,0,7.7399999999999993,0,7.7399999999999993,null,542.25,1084.5,4197.0149999999994,8394.0299999999988]
[null,"3.6",null,"FORNECIMENTO DE CONCRETO ESTRUTURAL, PREPARADO EM OBRA, COM FCK 20 MPA, INCLUSIVE LANÇAMENTO, ADENSAMENTO E ACABAMENTO","M3",2.0699999999999998,0,2.0699999999999998,0,2.0699999999999998,null,535.65,1071.3,1108.7954999999999,2217.5909999999999]
[null,"3.7",null,"PLACA DE AÇO CARBONO COM PELÍCULA REFLETIVA GRAU TÉCNICO TIPO I DA ABNT - PLACA QUADRADA (EXECUÇÃO, INCLUINDO FORNECIMENTO E TRANSPORTE DE TODOS OS MATERIAIS, INCLUSIVE POSTE DE SUSTENTAÇÃO)","M2",39.75,0,39.75,0,39.75,null,405.16,810.32,16105.11,32210.22]
[null,"3.8",null,"PLACA DE AÇO CARBONO COM PELÍCULA REFLETIVA GRAU TÉCNICO TIPO I DA ABNT - PLACA QUADRADA (EXECUÇÃO, INCLUINDO FORNECIMENTO E TRANSPORTE DE TODOS OS MATERIAIS, INCLUSIVE POSTE DE SUSTENTAÇÃO)","M2",7.5,0,7.5,0,7.5,null,400.22,800.44,3001.65,6003.3]
[null,"3.9",null,"PLACA DE AÇO CARBONO COM PELÍCULA REFLETIVA GRAU TÉCNICO TIPO I DA ABNT - PLACA RETANGULAR (EXECUÇÃO, INCLUINDO FORNECIMENTO E TRANSPORTE DE TODOS OS MATERIAIS, INCLUSIVE POSTE DE SUSTENTAÇÃO)","M2",6.240000000000002,0,6.240000000000002,0,6.240000000000002,null,428.49,856.98,2673.7776000000008,5347.5552000000016]
[null,"3.10",null,"PLACA DE AÇO CARBONO COM PELÍCULA REFLETIVA GRAU TÉCNICO TIPO I DA ABNT - PLACA RETANGULAR (EXECUÇÃO, INCLUINDO FORNECIMENTO E TRANSPORTE DE TODOS OS MATERIAIS, INCLUSIVE POSTE DE SUSTENTAÇÃO)","M2",2.88,0,2.88,0,2.88,null,423.28,846.56,1219.0463999999999,2438.0927999999999]
[null,"3.11",null,"PLACA DE AÇO CARBONO COM PELÍCULA REFLETIVA GRAU TÉCNICO TIPO I DA ABNT - PLACA CIRCULAR (EXECUÇÃO, INCLUINDO FORNECIMENTO E TRANSPORTE DE TODOS OS MATERIAIS, INCLUSIVE POSTE DE SUSTENTAÇÃO)","M2",4.8,0,4.8,0,4.8,null,413.06,826.12,1982.6879999999999,3965.3759999999997]
[null,"3.12",null,"COLOCAÇÃO DE PLACAS","M2",45.99,0,45.99,0,45.99,null,79.430000000000007,158.86000000000001,3652.9857000000006,7305.9714000000013]
[null,"3.13",null,"COLOCAÇÃO DE PLACAS","M2",15.18,0,15.18,0,15.18,null,78.47,156.94,1191.1746000000001,2382.3492000000001]
[null,4,null,"PAVIMENTAÇÃO",null,null,null,null,null,null,null,null,null,481972.83540000004,963945.67080000008]
[null,"4.1",null,"EXECUÇÃO DE CALÇAMENTO EM BLOQUETE - E = 8 CM - FCK = 35 MPA, INCLUINDO FORNECIMENTO E TRANSPORTE DE TODOS OS MATERIAIS, COLCHÃO DE ASSENTAMENTO E = 6 CM","M2",6869.0519999999997,0,6869.0519999999997,0,6869.0519999999997,null,57.45,114.9,394627.03740000003,789254.07480000006]
[null,"4.2",null,"MEIO-FIO COM SARJETA, EXECUTADO C/EXTRUSORA (SARJETA 30X8CM MEIO-FIO 15X10CM X H=23CM), INCLUI ESCAVAÇÃO E ACERTO FAIXA 0,45M","M",2370.9499999999998,0,2370.9499999999998,0,2370.9499999999998,null,36.840000000000003,73.680000000000007,87345.797999999995,174691.59599999999]
[null,5,null,"DRENAGEM",null,null,null,null,null,null,null,null,null,36600.700000000004,73201.400000000009]
[null,"5.1",null,"GUIA (MEIO-FIO) E SARJETA CONJUGADOS DE CONCRETO, MOLDADA  IN LOCO  EM TRECHO RETO COM EXTRUSORA, 45 CM BASE (15 CM BASE DA GUIA + 30 CM BASE DA SARJETA) X 22 CM ALTURA. AF_06/2016","M",926.6,0,926.6,0,926.6,null,39.5,79,36600.700000000004,73201.400000000009]
[null,6,null,"PASSEIO / ACESSIBILIDADE ",null,null,null,null,null,null,null,null,null,126844.14626158126,253688.29252316253]
[null,"6.1",null,"EXECUÇÃO DE PASSEIO (CALÇADA) OU PISO DE CONCRETO COM CONCRETO MOLDADO IN LOCO, FEITO EM OBRA, ACABAMENTO CONVENCIONAL, NÃO ARMADO. AF_07/2016","M3",66.715199999999996,0,66.715199999999996,0,66.715199999999996,null,624.39,1248.78,41656.303727999999,83312.607455999998]
[null,"6.2",null,"PISO PODOTÁTIL DE CONCRETO, DIRECIONAL, APLICADO EM PISO (40X40CM) COM JUNTA SECA, COR VERMELHO/AMARELO, ASSENTAMENTO COM ARGAMASSA INDUSTRIALIZADA, INCLUSIVE FORNECIMENTO E INSTALAÇÃO","M2",366.16,0,366.16,0,366.16,null,85.35,170.7,31251.756000000001,62503.512000000002]
[null,"6.3",null,"PISO PODOTÁTIL DE CONCRETO, ALERTA, APLICADO EM PISO (40X40CM) COM JUNTA SECA, COR VERMELHO/AMARELO, ASSENTAMENTO COM ARGAMASSA INDUSTRIALIZADA, INCLUSIVE FORNECIMENTO E INSTALAÇÃO","M2",4.4800000000000004,0,4.4800000000000004,0,4.4800000000000004,null,85.35,170.7,382.36799999999999,764.73599999999999]
[null,"6.4",null,"RAMPA PARA ACESSO DE DEFICIENTE, EM CONCRETO SIMPLES FCK = 25 MPA, DESEMPENADA, COM PINTURA INDICATIVA, 02 DEMÃOS","U",4,0,4,0,4,null,354.64,709.28,1418.56,2837.12]
[null,"6.5",null,"PISO INTERTRAVADO TIPO TANGRAM","m2",500.04025288211767,0,500.04025288211767,0,500.04025288211767,null,2.11,4.22,1055.0849335812682,2110.1698671625363]
[null,"6.6",null,"PISO DE CONCRETO PRÉ-MOLDADO INTERTRAVADO E = 8 CM - FCK = 35 MPA, INCLUINDO FORNECIMENTO E TRANSPORTE DE TODOS OS MATERIAIS, COLCHÃO DE ASSENTAMENTO E = 6 CM","M2",607,0,607,0,607,null,74.64,149.28,45306.48,90612.96]
[null,"6.7",null,"PISO PODOTÁTIL DE CONCRETO, DIRECIONAL, APLICADO EM PISO (40X40CM) COM JUNTA SECA, COR VERMELHO/AMARELO, ASSENTAMENTO COM ARGAMASSA INDUSTRIALIZADA, INCLUSIVE FORNECIMENTO E INSTALAÇÃO","M2",64.232000000000014,0,64.232000000000014,0,64.232000000000014,null,86.4,172.8,5549.6448000000019,11099.289600000004]
[null,"6.8",null,"PISO PODOTÁTIL DE CONCRETO, ALERTA, APLICADO EM PISO (40X40CM) COM JUNTA SECA, COR VERMELHO/AMARELO, ASSENTAMENTO COM ARGAMASSA INDUSTRIALIZADA, INCLUSIVE FORNECIMENTO E INSTALAÇÃO","M2",2.5920000000000005,0,2.5920000000000005,0,2.5920000000000005,null,86.4,172.8,223.94880000000006,447.89760000000012]
[null,7,null,"CALÇAMENTO",null,null,null,null,null,null,null,null,null,199757.97518750001,399515.95037500001]
[null,"7.1",null,"REGULARIZAÇÃO E COMPACTAÇÃO DE SUBLEITO DE SOLO  PREDOMINANTEMENTE ARGILOSO. AF_11/2019","M2",2845.28125,0,2845.28125,0,2845.28125,null,1.79,3.58,5093.0534374999997,10186.106874999999]
[null,"7.2",null,"EXECUÇÃO DE VIA EM PISO INTERTRAVADO, COM BLOCO RETANGULAR DE 20 X 10 CM, ESPESSURA 10 CM. AF_12/2015","M2",2489.32125,0,2489.32125,0,2489.32125,null,78.2,156.4,194664.92175000001,389329.84350000002]
[null,8,null,"FONTE LUMINOSA",null,null,null,null,null,null,null,null,null,32601.727832,65203.455664000001]
[null,"8.1",null,"ALVENARIA DE VEDAÇÃO COM BLOCO DE CONCRETO, ESP. 14CM, PARA REVESTIMENTO, INCLUSIVE ARGAMASSA PARA ASSENTAMENTO","M2",15.7,0,15.7,0,15.7,null,51.05,102.1,801.4849999999999,1602.9699999999998]
[null,"8.2",null,"CHAPISCO COM ARGAMASSA, TRAÇO 1:3 (CIMENTO E AREIA), ESP. 5MM, APLICADO EM ALVENARIA COM PENEIRA, PREPARO MECÂNICO","M2",15.7,0,15.7,0,15.7,null,11.21,22.42,175.99700000000001,351.99400000000003]
[null,"8.3",null,"REBOCO COM ARGAMASSA, TRAÇO 1:2:8 (CIMENTO, CAL E AREIA), ESP. 20MM, APLICAÇÃO MANUAL, PREPARO MECÂNICO","M2",15.7,0,15.7,0,15.7,null,29.65,59.3,465.50499999999994,931.00999999999988]
[null,"8.4",null,"PINTURA ACRÍLICA EM PAREDE, DUAS (2) DEMÃOS, INCLUSIVE UMA (1) DEMÃO DE MASSA CORRIDA (PVA), EXCLUSIVE SELADOR ACRÍLICO","M2",9.42,0,9.42,0,9.42,null,24.66,49.32,232.2972,464.59440000000001]
[null,"8.5",null,"JARDINAGEM E PAISAGISMO","m2",28.24,0,28.24,0,28.24,null,99.2,198.4,2801.4079999999999,5602.8159999999998]
[null,"8.6",null,"FORNECIMENTO DE CONCRETO NÃO ESTRUTURAL, PREPARADO EM OBRA COM BETONEIRA, COM FCK 9 MPA, INCLUSIVE LANÇAMENTO, ADENSAMENTO E ACABAMENTO","M3",12.56,0,12.56,0,12.56,null,512.08000000000004,1024.1600000000001,6431.7248000000009,12863.449600000002]
[null,"8.7",null,"CAMADA DE REGULARIZAÇÃO COM ARGAMASSA, TRAÇO 1:3 (CIMENTO E AREIA), ESP. 30MM, APLICAÇÃO MANUAL, PREPARO MECÂNICO","M2",0.37680000000000002,0,0.37680000000000002,0,0.37680000000000002,null,35.24,70.48,13.278432000000002,26.556864000000004]
[null,"8.8",null,"IMPERMEABILIZAÇÃO COM MANTA ASFÁLTICA PRÉ-FABRICADA, E = 4 MM","M2",18.84,0,18.84,0,18.84,null,71.75,143.5,1351.77,2703.54]
[null,"8.9",null,"PROTEÇÃO MECÂNICA COM ARGAMASSA, TRAÇO 1:3 (CIMENTO E AREIA), ESP. 15MM, APLICAÇÃO MANUAL, PREPARO MECÂNICO","M2",12.56,0,12.56,0,12.56,null,21.13,42.26,265.39280000000002,530.78560000000004]
[null,"8.10",null,"REVESTIMENTO COM PASTILHA DE VIDRO (VIDROTIL), ASSENTADO COM ARGAMASSA PRÉ-FABRICADA, INCLUSIVE REJUNTAMENTO","M2",18.84,0,18.84,0,18.84,null,358.19,716.38,6748.2996000000003,13496.599200000001]
[null,"8.11",null,"MOTO-BOMBA 0,5 CV VM = 5M3/H 1 1/2\" R = 1 1/2\", TRIFÁSICA","U",2,0,2,0,2,null,1565.74,3131.48,3131.48,6262.96]
[null,"8.12",null,"QUADRO DE COMANDO PARA BOMBA P = 0,5 CV, RECALQUE","U",1,0,1,0,1,null,263.08999999999997,526.17999999999995,263.08999999999997,526.17999999999995]
[null,"8.13",null,"INSTALAÇÕES HIDRÁULICAS","un",1,0,1,0,1,null,1240,2480,1240,2480]
[null,"8.14",null,"BICO GEISER","un",2,0,2,0,2,null,1240,2480,2480,4960]
[null,"8.15",null,"BICO ARTICULADO","un",10,0,10,0,10,null,496,992,4960,9920]
[null,"8.16",null,"CASA DE MÁQUINAS (1,20X1,50X0,50)","un",1,0,1,0,1,null,1240,2480,1240,2480]
[null,9,null,"EDIFICAÇÃO PALCO",null,null,null,null,null,null,null,null,null,43795.109360000002,87590.218720000004]
[null,"9.1",null,"LOCAÇÃO DA OBRA (GABARITO)","M2",86.61999999999999,0,86.61999999999999,0,86.61999999999999,null,8.83,17.66,764.85459999999989,1529.7091999999998]
[null,"9.2",null,"ESCAVAÇÃO MANUAL DE VALAS H <= 1,50 M","M3",2.472,0,2.472,0,2.472,null,62.73,125.46,155.06855999999999,310.13711999999998]
[null,"9.3",null,"FORMA E DESFORMA DE TÁBUA E SARRAFO, REAPROVEITAMENTO (3X), EXCLUSIVE ESCORAMENTO","M2",21.63,0,21.63,0,21.63,null,52.48,104.96,1135.1424,2270.2847999999999]
[null,"9.4",null,"CORTE, DOBRA E MONTAGEM DE AÇO CA-50 DIÂMETRO (6,3MM A 12,5MM)","KG",433.6,0,433.6,0,433.6,null,9.57,19.14,4149.5520000000006,8299.1040000000012]
[null,"9.5",null,"PILAR EM CONCRETO APARENTE 20 MPA, INCLUSIVE ARMAÇÃO, FORMA PLASTIFICADA E DESFORMA","M3",0.48000000000000009,0,0.48000000000000009,0,0.48000000000000009,null,2274.1799999999998,4548.3599999999997,1091.6064000000001,2183.2128000000002]
[null,"9.6",null,"LAJE PRÉ-MOLDADA, A REVESTIR, INCLUSIVE CAPEAMENTO E = 4 CM, SC = 300 KG/M2, L = 5,00 M","M2",53.55,0,53.55,0,53.55,null,119.81,239.62,6415.8254999999999,12831.651]
[null,"9.7",null,"ARMADURA DE TELA DE AÇO CA-60 B SOLDADA TIPO Q-138 (DIÂMETRO DO FIO: 4,20 MM / DIMENSÕES DA TRAMA: 100 X 100 MM / TIPO DA MALHA: QUADRANGULAR )","KG",79.25,0,79.25,0,79.25,null,11.66,23.32,924.05500000000006,1848.1100000000001]
[null,"9.8",null,"FORNECIMENTO DE CONCRETO ESTRUTURAL, PREPARADO EM OBRA, COM FCK 25 MPA, INCLUSIVE LANÇAMENTO, ADENSAMENTO E ACABAMENTO","M3",5.42,0,5.42,0,5.42,null,559.24,1118.48,3031.0808000000002,6062.1616000000004]
[null,"9.9",null,"ALVENARIA DE VEDAÇÃO COM BLOCO DE CONCRETO, ESP. 9CM, PARA REVESTIMENTO, INCLUSIVE ARGAMASSA PARA ASSENTAMENTO","M2",61.8,0,61.8,0,61.8,null,43.6,87.2,2694.48,5388.96]
[null,"9.10",null,"CHAPISCO COM ARGAMASSA, TRAÇO 1:3 (CIMENTO E AREIA), ESP. 5MM, APLICADO EM ALVENARIA COM PENEIRA, PREPARO MECÂNICO","M2",61.8,0,61.8,0,61.8,null,11.21,22.42,692.77800000000002,1385.556]
[null,"9.11",null,"REBOCO COM ARGAMASSA, TRAÇO 1:2:8 (CIMENTO, CAL E AREIA), ESP. 20MM, APLICAÇÃO MANUAL, PREPARO MECÂNICO","M2",61.8,0,61.8,0,61.8,null,29.65,59.3,1832.37,3664.74]
[null,"9.12",null,"PINTURA ACRÍLICA EM PAREDE, DUAS (2) DEMÃOS, INCLUSIVE UMA (1) DEMÃO DE MASSA CORRIDA (PVA), EXCLUSIVE SELADOR ACRÍLICO","M2",61.8,0,61.8,0,61.8,null,24.66,49.32,1523.9879999999998,3047.9759999999997]
[null,"9.13",null,"PISO EM CONCRETO, USINADO CONVENCIONAL, FCK 15MPA, COM TELA SOLDADA NERVURADA TIPO Q-138, ACABAMENTO POLÍDO EM NÍVEL ZERO, ESP. 10CM, INCLUSIVE FORNECIMENTO, LANÇAMENTO, ADENSAMENTO, EXCLUSIVE JUNTA DE DILATAÇÃO","M2",53.55,0,53.55,0,53.55,null,96.97,193.94,5192.7434999999996,10385.486999999999]
[null,"9.14",null,"ESTRUTURA DE AÇO PARA COBERTURA EM ARCO , ESPAÇAMENTO ENTRE ARCOS 4 M, VÃO 15 M","M2",45.14,0,45.14,0,45.14,null,168.39,336.78,7601.1245999999992,15202.249199999998]
[null,"9.15",null,"COBERTURA EM TELHA METÁLICA GALVANIZADA TRAPEZOIDAL, TIPO DUPLA TERMOACÚSTICA COM DUAS FACES TRAPEZOIDAIS, ESP. 0,43MM, PREENCHIMENTO EM POLIESTIRENO EXPANDIDO/ISOPOR COM ESP. 30MM, ACABAMENTO NATURAL, INCLUSIVE ACESSÓRIOS PARA FIXAÇÃO, FORNECIMENTO E INSTALAÇÃO","M2",45.14,0,45.14,0,45.14,null,146,292,6590.4400000000005,13180.880000000001]
[null,10,null,"INSTALAÇÕES ELÉTRICAS",null,null,null,null,null,null,null,null,null,41355.120000000003,82710.240000000005]
[null,"10.1",null,"PONTO DE LUZ EMBUTIDO, INCLUINDO ELETRODUTO DE PVC RÍGIDO E CAIXA COM ESPELHO (POR UNIDADE)","U",12,0,12,0,12,null,222.26,444.52,2667.12,5334.24]
[null,"10.2",null,"POSTE SOLAR GERADOR ENERGIA AUTONOMO COM LUMINÁRIA 12V","un",12,0,12,0,12,null,3224,6448,38688,77376]
[null,11,null,"URBANIZAÇÃO",null,null,null,null,null,null,null,null,null,20434.4512,40868.902399999999]
[null,"11.1",null,"PLANTIO DE GRAMA ESMERALDA EM PLACAS, INCLUSIVE TERRA VEGETAL E CONSERVAÇÃO POR 30 DIAS","M2",28.24,0,28.24,0,28.24,null,21.63,43.26,610.83119999999997,1221.6623999999999]
[null,"11.2",null,"CONJUNTO DE MESA E BANCOS DE CONCRETO PARA JOGOS (02 BANCOS EM ARCO COM D INTERNO = 130 CM E H = 43 CM E MESA COM D = 80 CM, E = 8 CM E H = 75 CM)","CJ",12,0,12,0,12,null,890.93,1781.86,10691.16,21382.32]
[null,"11.3",null,"BANCO DE JARDIM EM CONCRETO APARENTE, ACABAMENTO EM VERNIZ, E = 8 CM, 200 X 40 X 55 CM, SEM ENCOSTO","U",22,0,22,0,22,null,200.93,401.86,4420.46,8840.92]
[null,"11.4",null,"LIXEIRA REDONDA EM TELA MOEDA - FORNECIMENTO E INSTALAÇÃO","un",19,0,19,0,19,null,248,496,4712,9424]
[null,12,null,"SERVIÇOS FINAIS",null,null,null,null,null,null,null,null,null,7951.8180000000002,15903.636]
[null,"12.1",null,"LIMPEZA FINAL PARA ENTREGA DA OBRA","M2",1264.2,0,1264.2,0,1264.2,null,6.29,12.58,7951.8180000000002,15903.636]
[null,13,null,"NOVOS ITENS 1",null,null,null,null,null,null,null,null,null,497.24,497.24]
[null,"13.1","IIO-PLA-005","FORNECIMENTO E COLOCAÇÃO DE PLACA DE OBRA EM CHAPA GALVANIZADA (3,00 X 1,5 0 M) - EM CHAPA GALVANIZADA 0,26 AFIXADAS COM REBITES 540 E PARAFUSOS 3/8, EM ESTRUTURA METÁLICA VIGA U 2\" ENRIJECIDA COM METALON 20 X 20, SUPORTE EM EUCALIPTO AUTOCLAVADO PINTADAS","U",1,0,1,0,1,401,497.24,497.24,497.24,497.24]
[null,14,null,"NOVOS ITENS 2",null,null,null,null,null,null,null,null,null,563.46,563.46]
[null,"14.1","74209/1","PLACA DE OBRA EM CHAPA DE ACO GALVANIZADO","M2",2,0,2,0,2,230,281.73,281.73,563.46,563.46]

{"sheet":"Impressão - ORC Licitação","index":55,"n_rows":63,"n_cols":7,"rows_kept":63,"cut":false,"hidden":false,"merged":[[7,5,7,6],[8,5,8,6],[1,1,1,6],[2,1,2,6],[7,1,9,1],[7,2,9,2],[7,3,9,3],[7,4,9,4]]}
[]
[null,"PLANILHA ORÇAMENTÁRIA"]
[null,"INFORMAÇÕES GERAIS"]
[null,"Município: Belo Horizonte",null,"Empresa Vencedora: Empresa que venceu"]
[null,"Obra: Pavimentação do Bairro Horto",null,"Nº do Contrato Licitado: 123456"]
[null,"Data: 16/05/2020",null,"Representante da Empresa: Fulano de Tal"]
[null,"Representante do Município: Alexandre Kalil",null,"BDI1: 14,87%"]
[null,"Item","Descrição","Unid.","Quantidade","Preço (R$)"]
[null,null,null,null,null,"Com BDI"]
[null,null,null,null,null,"Unitário","Total"]
[null,null,"c2",null,null,null,1424202.7860000001]
[null,1,"SERVIÇOS PRELIMINARES ","",null,null,11943.115]
[null,"1.1","PLACA DE OBRA EM CHAPA DE ACO GALVANIZADO","M2",4.5,381.91,1718.595]
[null,"1.2","BARRACÃO DE OBRA PARA DEPÓSITO E FERRAMENTARIA TIPO-I, ÁREA INTERNA 14,52M2, EM CHAPA DE COMPENSADO RESINADO, INCLUSIVE MOBILIÁRIO (OBRA DE PEQUENO PORTE, EFETIVO ATÉ 30 HOMENS), PADRÃO DEER-MG","UN",1,6508.18,6508.18]
[null,"1.3","BANHEIRO QUÍMICO 110 X 120 X 230 CM COM MANUTENÇÃO","MÊS",6,619.39,3716.34]
[null,2,"ADMINISTRAÇÃO","",null,null,81569.040000000008]
[null,"2.1"," ADMINISTRAÇÃO LOCAL","MÊS",6,13594.84,81569.040000000008]
[null,3,"PAVIMENTAÇÃO","",null,null,719508.66929999995]
[null,"3.1","REGULARIZAÇÃO E COMPACTAÇÃO DE SUBLEITO DE SOLO  PREDOMINANTEMENTE ARGILOSO. AF_11/2019","M2",10609.19,1.68,17823.439200000001]
[null,"3.2","ASSENTAMENTO DE GUIA (MEIO-FIO) EM TRECHO RETO, CONFECCIONADA EM CONCRETO PRÉ-FABRICADO, DIMENSÕES 100X15X13X30 CM (COMPRIMENTO X BASE INFERIOR X BASE SUPERIOR X ALTURA), PARA VIAS URBANAS (USO VIÁRIO). AF_06/2016","M",3286.62,42.32,139089.75839999999]
[null,"3.3","EXECUÇÃO DE PAVIMENTO EM PISO INTERTRAVADO, COM BLOCO SEXTAVADO DE 25 X 25 CM, ESPESSURA 8 CM. AF_12/2015","M2",9346.08,56.6,528988.12800000003]
[null,"3.4","CALÇAMENTO EM BLOQUETE, RETIRADA E REASSENTAMENTO SOBRE COXIM DE AREIA","M2",1116.23,29.23,32627.402900000001]
[null,"3.5","ALVENARIA POLIÉDRICA, RETIRADA E REASSENTAMENTO SOBRE COXIM DE AREIA","M2",40.36,24.28,979.94080000000008]
[null,4,"DRENAGEM ","",null,null,499643.71950000006]
[null,"4.1","EXECUÇÃO DE SARJETA DE CONCRETO USINADO, MOLDADA  IN LOCO  EM TRECHO RETO, 30 CM BASE X 15 CM ALTURA. AF_06/2016","M",2923.8,41.04,119992.75200000001]
[null,"4.2","ESCAVAÇÃO MECANIZADA DE VALA COM PROFUNDIDADE MAIOR QUE 1,5 M ATÉ 3,0 M (MÉDIA ENTRE MONTANTE E JUSANTE/UMA COMPOSIÇÃO POR TRECHO) COM RETROESCAVADEIRA (CAPACIDADE DA CAÇAMBA DA RETRO: 0,26 M3 / POTÊNCIA: 88 HP), LARGURA DE 0,8 M A 1,5 M, EM SOLO DE 1A CATEGORIA, LOCAIS COM BAIXO NÍVEL DE INTERFERÊNCIA. AF_01/2015","M3",1192.5999999999999,5.42,6463.8919999999998]
[null,"4.3","CONCRETO MAGRO PARA LASTRO, TRAÇO 1:4,5:4,5 (CIMENTO/ AREIA MÉDIA/ BRITA 1)  - PREPARO MECÂNICO COM BETONEIRA 600 L. AF_07/2016","M3",47.32,279.95999999999998,13247.707199999999]
[null,"4.4","ASSENTAMENTO E FORNECIMENTO DE TUBO DE CONCRETO PARA REDES COLETORAS DE ÁGUAS PLUVIAIS, DIÂMETRO DE 400 MM, JUNTA RÍGIDA, INSTALADO EM LOCAL COM ALTO NÍVEL DE INTERFERÊNCIAS","M",769.84,112.46,86576.206399999995]
[null,"4.5","ASSENTAMENTO E FORNECIMENTO DE TUBO DE CONCRETO PARA REDES COLETORAS DE ÁGUAS PLUVIAIS, DIÂMETRO DE 600 MM, JUNTA RÍGIDA, INSTALADO EM LOCAL COM ALTO NÍVEL DE INTERFERÊNCIAS","M",349.09,171.61,59907.334900000002]
[null,"4.6","ASSENTAMENTO E FORNECIMENTO DE TUBO DE CONCRETO PARA REDES COLETORAS DE ÁGUAS PLUVIAIS, DIÂMETRO DE 800 MM, JUNTA RÍGIDA, INSTALADO EM LOCAL COM ALTO NÍVEL DE INTERFERÊNCIAS","M",100.83,267.97000000000003,27019.415100000002]
[null,"4.7","REATERRO MECANIZADO DE VALA COM RETROESCAVADEIRA (CAPACIDADE DA CAÇAMBA DA RETRO: 0,26 M³ / POTÊNCIA: 88 HP), LARGURA DE 0,8 A 1,5 M, PROFUNDIDADE DE 1,5 A 3,0 M, COM SOLO (SEM SUBSTITUIÇÃO) DE 1ª CATEGORIA EM LOCAIS COM BAIXO NÍVEL DE INTERFERÊNCIA. AF_04/2016","M3",758.77,8.2899999999999991,6290.2032999999992]
[null,"4.8","COMPACTACAO MECANICA, SEM CONTROLE DO GC (C/COMPACTADOR PLACA 400 KG)","M3",758.77,5.62,4264.2874000000002]
[null,"4.9","BOCA DE LOBO EM ALVENARIA TIJOLO MACICO, REVESTIDA C/ ARGAMASSA DE CIMENTO E AREIA 1:3, SOBRE LASTRO DE CONCRETO 10CM E TAMPA DE CONCRETO ARMADO","UN",79,850.89,67220.31]
[null,"4.10","POCO DE VISITA PARA DRENAGEM PLUVIAL, EM CONCRETO ESTRUTURAL, DIMENSOES INTERNAS DE 90X150X80CM (LARGXCOMPXALT), PARA REDE DE 600 MM, EXCLUSOS TAMPAO E CHAMINE.","UN",28,1570.59,43976.52]
[null,"4.11","CHAMINÉ CIRCULAR PARA POÇO DE VISITA PARA DRENAGEM, EM CONCRETO PRÉ-MOLDADO, DIÂMETRO INTERNO = 0,6 M. AF_05/2018","M",33.85,188.26,6372.6009999999997]
[null,"4.12","TAMPAO FOFO ARTICULADO, CLASSE B125 CARGA MAX 12,5 T, REDONDO TAMPA 600 MM, REDE PLUVIAL/ESGOTO, P = CHAMINE CX AREIA / POCO VISITA ASSENTADO COM ARG CIM/AREIA 1:4, FORNECIMENTO E ASSENTAMENTO","UN",28,454.89,12736.92]
[null,"4.13","CAIXA DE ESGOTO DE INSPEÇÃO/PASSAGEM EM ALVENARIA (60X60X100CM), REVESTIMENTO EM ARGAMASSA COM ADITIVO IMPERMEABILIZANTE, COM TAMPA DE CONCRETO, INCLUSIVE ESCAVAÇÃO, REATERRO E TRANSPORTE E RETIRADA DO MATERIAL ESCAVADO (EM CAÇAMBA)","UN",4,443.19,1772.76]
[null,"4.14","PERFURAÇÃO DE ESTACA BROCA A TRADO MANUAL D = 200 MM","M",34,26.12,888.08]
[null,"4.15","ESCAVAÇÃO MANUAL DE VALAS H <= 1,50 M","M3",26.36,59.21,1560.7755999999999]
[null,"4.16","CORTE, DOBRA E MONTAGEM DE AÇO CA-50 DIÂMETRO (6,3MM A 12,5MM)","KG",564.73,9.1999999999999993,5195.5159999999996]
[null,"4.17","FORNECIMENTO DE CONCRETO ESTRUTURAL, PREPARADO EM OBRA COM BETONEIRA, COM FCK 20 MPA, INCLUSIVE LANÇAMENTO, ADENSAMENTO E ACABAMENTO (FUNDAÇÃO)","M3",10.16,467.27,4747.4632000000001]
[null,"4.18","ALVENARIA DE BLOCO DE CONCRETO CHEIO SEM ARMAÇÃO, EM CONCRETO COM FCK DE 20MPA , ESP. 9CM, PARA REVESTIMENTO, INCLUSIVE ARGAMASSA PARA ASSENTAMENTO (DETALHE D - CADERNO SEDS)","M2",93.2,65.37,6092.4840000000004]
[null,"4.19","CHAPISCO COM ARGAMASSA, TRAÇO 1:3 (CIMENTO E AREIA), ESP. 5MM, APLICADO EM ALVENARIA/ESTRUTURA DE CONCRETO COM COLHER, PREPARO MECÂNICO","M2",93.2,7.23,673.83600000000001]
[null,"4.20","EMBOÇO COM ARGAMASSA, TRAÇO 1:6 (CIMENTO E AREIA), ESP. 20MM, APLICAÇÃO MANUAL, PREPARO MECÂNICO","M2",93.2,27.04,2520.1280000000002]
[null,"4.21","FORMA E DESFORMA DE COMPENSADO RESINADO, ESP. 12MM, REAPROVEITAMENTO (3X), EXCLUSIVE ESCORAMENTO","M2",15.3,49.49,757.19700000000012]
[null,"4.22","SARJETA DE CONCRETO URBANO (SCU), TIPO 1, COM FCK 15 MPA, LARGURA DE 50CM COM INCLINAÇÃO DE 3%, ESP. 7CM, PADRÃO DEER-MG, EXCLUSIVE MEIO-FIO, INCLUSIVE ESCAVAÇÃO, APILAOMENTO E TRANSPORTE COM RETIRADA DO MATERIAL ESCAVADO (EM CAÇAMBA)","M",432.94,26.66,11542.180399999999]
[null,"4.23","CORTE, DOBRA E MONTAGEM DE AÇO CA-50 DIÂMETRO (16,0MM A 25,0MM)","KG",1155.9000000000001,8.5,9825.1500000000015]
[null,5,"CONTENÇÃO","",null,null,99608.992199999993]
[null,"5.1","ESCAVAÇÃO MECANIZADA DE VALA COM PROFUNDIDADE MAIOR QUE 1,5 M ATÉ 3,0 M (MÉDIA ENTRE MONTANTE E JUSANTE/UMA COMPOSIÇÃO POR TRECHO) COM RETROESCAVADEIRA (CAPACIDADE DA CAÇAMBA DA RETRO: 0,26 M3 / POTÊNCIA: 88 HP), LARGURA DE 0,8 M A 1,5 M, EM SOLO DE 1A CATEGORIA, LOCAIS COM BAIXO NÍVEL DE INTERFERÊNCIA. AF_01/2015","M3",78.75,5.42,426.82499999999999]
[null,"5.2","ESCAVAÇÃO MANUAL DE VALAS H <= 1,50 M","M3",34.92,59.21,2067.6132000000002]
[null,"5.3","FORMA E DESFORMA DE COMPENSADO RESINADO, ESP. 12MM, REAPROVEITAMENTO (3X), EXCLUSIVE ESCORAMENTO","M2",250.2,49.49,12382.397999999999]
[null,"5.4","CORTE, DOBRA E MONTAGEM DE AÇO CA-50 DIÂMETRO (6,3MM A 12,5MM)","KG",5006.4400000000005,9.1999999999999993,46059.248]
[null,"5.5","FORNECIMENTO DE CONCRETO ESTRUTURAL, PREPARADO EM OBRA, COM FCK 20 MPA, INCLUSIVE LANÇAMENTO, ADENSAMENTO E ACABAMENTO","M3",65.94,491.06,32380.4964]
[null,"5.6","BUZINOTE PARA LAJES - DRENO COM TUBO DE 2\" EMBUTIDO NO CONCRETO","M",41.6,22.88,951.80799999999999]
[null,"5.7","FORNECIMENTO E LANÇAMENTO DE AREIA EM DRENO E PÁTIO","M3",12.51,114.94,1437.8994]
[null,"5.8","FORNECIMENTO E LANÇAMENTO DE BRITA EM DRENO E PÁTIO","M3",12.51,107.82,1348.8281999999999]
[null,"5.9","REATERRO MECANIZADO DE VALA COM RETROESCAVADEIRA (CAPACIDADE DA CAÇAMBA DA RETRO: 0,26 M³ / POTÊNCIA: 88 HP), LARGURA DE 0,8 A 1,5 M, PROFUNDIDADE DE 1,5 A 3,0 M, COM SOLO (SEM SUBSTITUIÇÃO) DE 1ª CATEGORIA EM LOCAIS COM BAIXO NÍVEL DE INTERFERÊNCIA. AF_04/2016","M3",183.6,8.2899999999999991,1522.0439999999999]
[null,"5.10","COMPACTACAO MECANICA, SEM CONTROLE DO GC (C/COMPACTADOR PLACA 400 KG)","M3",183.6,5.62,1031.8319999999999]
[null,6,"SINALIZAÇÃO","",null,null,11929.25]
[null,"6.1","FORNECIMENTO E IMPLANTAÇÃO DE PLACA DE REGULAMENTAÇÃO EM AÇO","UN",13,271.02,3523.2599999999998]
[null,"6.2","FORNECIMENTO E IMPLANTAÇÃO DE SUPORTE METÁLICO GALVANIZADO","UN",27,238.87,6449.49]
[null,"6.3","PLACA DE ALUMÍNIO ANODIZADO 25 X 25 CM PARA IDENTIFICAÇÃO","UN",28,40.47,1133.1599999999999]
[null,"6.4","PLACA DE INAUGURAÇÃO EM ALUMÍNIO FUNDIDO 85 X 50 CM","UN",1,823.34,823.34]

{"sheet":"Impressão - ORC Medição","index":56,"n_rows":98,"n_cols":11,"rows_kept":98,"cut":false,"hidden":false,"merged":[[1,1,1,10],[2,1,2,8]]}
[]
[null,"PLANILHA DE MEDIÇÃO"]
[null,"INFORMAÇÕES GERAIS"]
[null,"Município: Belo Horizonte",null,null,"Empresa Executora: Engesolo Engenharia LTDA",null,null,null,null,"Medição Nº : 1"]
[null,"Obra: Pavimentação da Avenida Cristina",null,null,"Nº do Contrato Licitado: 001/2020",null,null,null,null,"Período: 01/01/2020 A 01/02/2020"]
[null,"Responsável Técnico Fiscal: Breno Oliveira Pierre de Souza",null,null,"Responsável Técnico Executor: Alan Pereira Neto Filho",null,null,null,null,"Data: 10/03/2020"]
[null,"Nº CREA/CAU: 123456-7",null,null,"Nº CREA/CAU: 789456-1"]
[null,"Contrato BDMG Nº: 256.563",null,null,"Quantidade de Aditivos Realizados: 03",null,null,null,null,"Venc. do Contrato: 01/12/2020"]
[null,"Item","Discriminação\nConforme Planilha Orçamentária Licitada e suas alterações","Unid.","Preço\nUnitário\n\nA","Quantidade\nPrevista\nTotal\nB","Quantidade\nExecutada\nNesta Medição\nC","Quantidade\nExecutada\nAcumulada\nD","Valor (R$)\nPrevisto\nTotal\nAxB","Valor (R$)\nExecutado\nNesta Medição\nAxC","Valor (R$)\nExecutado\nAcumulado\nAxD"]
[null,null,"Pavimentação da Avenida Cristina",null,null,null,null,null,1146662.0564110815,63125.530599999998,63125.530599999998]
[null,1,"SERVIÇOS PRELIMINARES",null,null,null,null,null,63129.230599999995,63125.530599999998,63125.530599999998]
[null,"1.1","FORNECIMENTO E COLOCAÇÃO DE PLACA DE OBRA EM CHAPA GALVANIZADA (3,00 X 1,5 0 M) - EM CHAPA GALVANIZADA 0,26 AFIXADAS COM REBITES 540 E PARAFUSOS 3/8, EM ESTRUTURA METÁLICA VIGA U 2\" ENRIJECIDA COM METALON 20 X 20, SUPORTE EM EUCALIPTO AUTOCLAVADO PINTADAS","U",1377.21,21,21,21,28921.41,28921.41,28921.41]
[null,"1.2","PLACA DE OBRA EM CHAPA DE ACO GALVANIZADO","M2",375.03,22.5,22.5,22.5,8438.1749999999993,8438.1749999999993,8438.1749999999993]
[null,"1.3","CONTAINER (6,0X2,3X2,5M) COM ISOLAMENTO TÉRMICO - DEPÓSITO E FERRAMENTARIA COM LAVATÓRIO","MÊS",924.06,3,3,3,2772.18,2772.18,2772.18]
[null,"1.4","DEMOLIÇÃO DE PASSEIO OU LAJE DE CONCRETO COM EQUIPAMENTO PNEUMÁTICO, INCLUSIVE AFASTAMENTO","M2",9.25,407.4,407,407,3768.45,3764.75,3764.75]
[null,"1.5","REGULARIZAÇÃO E COMPACTAÇÃO DE TERRENO COM PLACA VIBRATÓRIA","M2",3.21,1235.96,1235.96,1235.96,3967.4315999999999,3967.4315999999999,3967.4315999999999]
[null,"1.6","DEMOLIÇÃO DE PAVIMENTO PARALELEPÍPEDO REJUNTADOS COM AREIA INCLUSIVE AFASTAMENTO E EMPILHAMENTO","M2",14.72,828.56,828.56,828.56,12196.403199999999,12196.403199999999,12196.403199999999]
[null,"1.7","TRANSPORTE DE MATERIAL DEMOLIDO EM CAÇAMBA","M3",24.8,123.596,123.596,123.596,3065.1808000000001,3065.1808000000001,3065.1808000000001]
[null,2,"SINALIZAÇÃO HORIZONTAL",null,null,null,null,null,56057.63167000001,0,0]
[null,"2.1","SINALIZACAO HORIZONTAL COM TINTA RETRORREFLETIVA A BASE DE RESINA ACRILICA COM MICROESFERAS DE VIDRO","M2",17.920000000000002,877.67400000000009,0,0,15727.918080000003,0,0]
[null,"2.2","SINALIZACAO HORIZONTAL COM TINTA RETRORREFLETIVA A BASE DE RESINA ACRILICA COM MICROESFERAS DE VIDRO","M2",17.7,285.69749999999999,0,0,5056.8457499999995,0,0]
[null,"2.3","SINALIZACAO HORIZONTAL COM TINTA RETRORREFLETIVA A BASE DE RESINA ACRILICA COM MICROESFERAS DE VIDRO","M2",17.920000000000002,1799.2,0,0,32241.664000000004,0,0]
[null,"2.4","SINALIZACAO HORIZONTAL COM TINTA RETRORREFLETIVA A BASE DE RESINA ACRILICA COM MICROESFERAS DE VIDRO","M2",17.920000000000002,162.86400000000003,0,0,2918.5228800000009,0,0]
[null,"2.5","SINALIZACAO HORIZONTAL COM TINTA RETRORREFLETIVA A BASE DE RESINA ACRILICA COM MICROESFERAS DE VIDRO","M2",17.920000000000002,6.2880000000000003,0,0,112.68096000000001,0,0]
[null,3,"SINALIZAÇÃO VERTICAL",null,null,null,null,null,36161.310899999997,0,0]
[null,"3.1","ESCAVAÇÃO MANUAL DE VALAS H <= 1,50 M","M3",62.73,7.7399999999999993,0,0,485.53019999999992,0,0]
[null,"3.2","ESCAVAÇÃO MANUAL DE VALAS H <= 1,50 M","M3",61.97,2.0699999999999998,0,0,128.27789999999999,0,0]
[null,"3.3","APILOAMENTO DO FUNDO DE VALAS COM SOQUETE","M2",21.22,15.479999999999999,0,0,328.48559999999998,0,0]
[null,"3.4","APILOAMENTO DO FUNDO DE VALAS COM SOQUETE","M2",20.96,4.1399999999999997,0,0,86.7744,0,0]
[null,"3.5","FORNECIMENTO DE CONCRETO ESTRUTURAL, PREPARADO EM OBRA, COM FCK 20 MPA, INCLUSIVE LANÇAMENTO, ADENSAMENTO E ACABAMENTO","M3",542.25,7.7399999999999993,0,0,4197.0149999999994,0,0]
[null,"3.6","FORNECIMENTO DE CONCRETO ESTRUTURAL, PREPARADO EM OBRA, COM FCK 20 MPA, INCLUSIVE LANÇAMENTO, ADENSAMENTO E ACABAMENTO","M3",535.65,2.0699999999999998,0,0,1108.7954999999999,0,0]
[null,"3.7","PLACA DE AÇO CARBONO COM PELÍCULA REFLETIVA GRAU TÉCNICO TIPO I DA ABNT - PLACA QUADRADA (EXECUÇÃO, INCLUINDO FORNECIMENTO E TRANSPORTE DE TODOS OS MATERIAIS, INCLUSIVE POSTE DE SUSTENTAÇÃO)","M2",405.16,39.75,0,0,16105.11,0,0]
[null,"3.8","PLACA DE AÇO CARBONO COM PELÍCULA REFLETIVA GRAU TÉCNICO TIPO I DA ABNT - PLACA QUADRADA (EXECUÇÃO, INCLUINDO FORNECIMENTO E TRANSPORTE DE TODOS OS MATERIAIS, INCLUSIVE POSTE DE SUSTENTAÇÃO)","M2",400.22,7.5,0,0,3001.65,0,0]
[null,"3.9","PLACA DE AÇO CARBONO COM PELÍCULA REFLETIVA GRAU TÉCNICO TIPO I DA ABNT - PLACA RETANGULAR (EXECUÇÃO, INCLUINDO FORNECIMENTO E TRANSPORTE DE TODOS OS MATERIAIS, INCLUSIVE POSTE DE SUSTENTAÇÃO)","M2",428.49,6.240000000000002,0,0,2673.7776000000008,0,0]
[null,"3.10","PLACA DE AÇO CARBONO COM PELÍCULA REFLETIVA GRAU TÉCNICO TIPO I DA ABNT - PLACA RETANGULAR (EXECUÇÃO, INCLUINDO FORNECIMENTO E TRANSPORTE DE TODOS OS MATERIAIS, INCLUSIVE POSTE DE SUSTENTAÇÃO)","M2",423.28,2.88,0,0,1219.0463999999999,0,0]
[null,"3.11","PLACA DE AÇO CARBONO COM PELÍCULA REFLETIVA GRAU TÉCNICO TIPO I DA ABNT - PLACA CIRCULAR (EXECUÇÃO, INCLUINDO FORNECIMENTO E TRANSPORTE DE TODOS OS MATERIAIS, INCLUSIVE POSTE DE SUSTENTAÇÃO)","M2",413.06,4.8,0,0,1982.6879999999999,0,0]
[null,"3.12","COLOCAÇÃO DE PLACAS","M2",79.430000000000007,45.99,0,0,3652.9857000000006,0,0]
[null,"3.13","COLOCAÇÃO DE PLACAS","M2",78.47,15.18,0,0,1191.1746000000001,0,0]
[null,4,"PAVIMENTAÇÃO",null,null,null,null,null,481972.83540000004,0,0]
[null,"4.1","EXECUÇÃO DE CALÇAMENTO EM BLOQUETE - E = 8 CM - FCK = 35 MPA, INCLUINDO FORNECIMENTO E TRANSPORTE DE TODOS OS MATERIAIS, COLCHÃO DE ASSENTAMENTO E = 6 CM","M2",57.45,6869.0519999999997,0,0,394627.03740000003,0,0]
[null,"4.2","MEIO-FIO COM SARJETA, EXECUTADO C/EXTRUSORA (SARJETA 30X8CM MEIO-FIO 15X10CM X H=23CM), INCLUI ESCAVAÇÃO E ACERTO FAIXA 0,45M","M",36.840000000000003,2370.9499999999998,0,0,87345.797999999995,0,0]
[null,5,"DRENAGEM",null,null,null,null,null,36600.700000000004,0,0]
[null,"5.1","GUIA (MEIO-FIO) E SARJETA CONJUGADOS DE CONCRETO, MOLDADA  IN LOCO  EM TRECHO RETO COM EXTRUSORA, 45 CM BASE (15 CM BASE DA GUIA + 30 CM BASE DA SARJETA) X 22 CM ALTURA. AF_06/2016","M",39.5,926.6,0,0,36600.700000000004,0,0]
[null,6,"PASSEIO / ACESSIBILIDADE ",null,null,null,null,null,126844.14626158126,0,0]
[null,"6.1","EXECUÇÃO DE PASSEIO (CALÇADA) OU PISO DE CONCRETO COM CONCRETO MOLDADO IN LOCO, FEITO EM OBRA, ACABAMENTO CONVENCIONAL, NÃO ARMADO. AF_07/2016","M3",624.39,66.715199999999996,0,0,41656.303727999999,0,0]
[null,"6.2","PISO PODOTÁTIL DE CONCRETO, DIRECIONAL, APLICADO EM PISO (40X40CM) COM JUNTA SECA, COR VERMELHO/AMARELO, ASSENTAMENTO COM ARGAMASSA INDUSTRIALIZADA, INCLUSIVE FORNECIMENTO E INSTALAÇÃO","M2",85.35,366.16,0,0,31251.756000000001,0,0]
[null,"6.3","PISO PODOTÁTIL DE CONCRETO, ALERTA, APLICADO EM PISO (40X40CM) COM JUNTA SECA, COR VERMELHO/AMARELO, ASSENTAMENTO COM ARGAMASSA INDUSTRIALIZADA, INCLUSIVE FORNECIMENTO E INSTALAÇÃO","M2",85.35,4.4800000000000004,0,0,382.36799999999999,0,0]
[null,"6.4","RAMPA PARA ACESSO DE DEFICIENTE, EM CONCRETO SIMPLES FCK = 25 MPA, DESEMPENADA, COM PINTURA INDICATIVA, 02 DEMÃOS","U",354.64,4,0,0,1418.56,0,0]
[null,"6.5","PISO INTERTRAVADO TIPO TANGRAM","m2",2.11,500.04025288211767,0,0,1055.0849335812682,0,0]
[null,"6.6","PISO DE CONCRETO PRÉ-MOLDADO INTERTRAVADO E = 8 CM - FCK = 35 MPA, INCLUINDO FORNECIMENTO E TRANSPORTE DE TODOS OS MATERIAIS, COLCHÃO DE ASSENTAMENTO E = 6 CM","M2",74.64,607,0,0,45306.48,0,0]
[null,"6.7","PISO PODOTÁTIL DE CONCRETO, DIRECIONAL, APLICADO EM PISO (40X40CM) COM JUNTA SECA, COR VERMELHO/AMARELO, ASSENTAMENTO COM ARGAMASSA INDUSTRIALIZADA, INCLUSIVE FORNECIMENTO E INSTALAÇÃO","M2",86.4,64.232000000000014,0,0,5549.6448000000019,0,0]
[null,"6.8","PISO PODOTÁTIL DE CONCRETO, ALERTA, APLICADO EM PISO (40X40CM) COM JUNTA SECA, COR VERMELHO/AMARELO, ASSENTAMENTO COM ARGAMASSA INDUSTRIALIZADA, INCLUSIVE FORNECIMENTO E INSTALAÇÃO","M2",86.4,2.5920000000000005,0,0,223.94880000000006,0,0]
[null,7,"CALÇAMENTO",null,null,null,null,null,199757.97518750001,0,0]
[null,"7.1","REGULARIZAÇÃO E COMPACTAÇÃO DE SUBLEITO DE SOLO  PREDOMINANTEMENTE ARGILOSO. AF_11/2019","M2",1.79,2845.28125,0,0,5093.0534374999997,0,0]
[null,"7.2","EXECUÇÃO DE VIA EM PISO INTERTRAVADO, COM BLOCO RETANGULAR DE 20 X 10 CM, ESPESSURA 10 CM. AF_12/2015","M2",78.2,2489.32125,0,0,194664.92175000001,0,0]
[null,8,"FONTE LUMINOSA",null,null,null,null,null,32601.727832,0,0]
[null,"8.1","ALVENARIA DE VEDAÇÃO COM BLOCO DE CONCRETO, ESP. 14CM, PARA REVESTIMENTO, INCLUSIVE ARGAMASSA PARA ASSENTAMENTO","M2",51.05,15.7,0,0,801.4849999999999,0,0]
[null,"8.2","CHAPISCO COM ARGAMASSA, TRAÇO 1:3 (CIMENTO E AREIA), ESP. 5MM, APLICADO EM ALVENARIA COM PENEIRA, PREPARO MECÂNICO","M2",11.21,15.7,0,0,175.99700000000001,0,0]
[null,"8.3","REBOCO COM ARGAMASSA, TRAÇO 1:2:8 (CIMENTO, CAL E AREIA), ESP. 20MM, APLICAÇÃO MANUAL, PREPARO MECÂNICO","M2",29.65,15.7,0,0,465.50499999999994,0,0]
[null,"8.4","PINTURA ACRÍLICA EM PAREDE, DUAS (2) DEMÃOS, INCLUSIVE UMA (1) DEMÃO DE MASSA CORRIDA (PVA), EXCLUSIVE SELADOR ACRÍLICO","M2",24.66,9.42,0,0,232.2972,0,0]
[null,"8.5","JARDINAGEM E PAISAGISMO","m2",99.2,28.24,0,0,2801.4079999999999,0,0]
[null,"8.6","FORNECIMENTO DE CONCRETO NÃO ESTRUTURAL, PREPARADO EM OBRA COM BETONEIRA, COM FCK 9 MPA, INCLUSIVE LANÇAMENTO, ADENSAMENTO E ACABAMENTO","M3",512.08000000000004,12.56,0,0,6431.7248000000009,0,0]
[null,"8.7","CAMADA DE REGULARIZAÇÃO COM ARGAMASSA, TRAÇO 1:3 (CIMENTO E AREIA), ESP. 30MM, APLICAÇÃO MANUAL, PREPARO MECÂNICO","M2",35.24,0.37680000000000002,0,0,13.278432000000002,0,0]
[null,"8.8","IMPERMEABILIZAÇÃO COM MANTA ASFÁLTICA PRÉ-FABRICADA, E = 4 MM","M2",71.75,18.84,0,0,1351.77,0,0]
[null,"8.9","PROTEÇÃO MECÂNICA COM ARGAMASSA, TRAÇO 1:3 (CIMENTO E AREIA), ESP. 15MM, APLICAÇÃO MANUAL, PREPARO MECÂNICO","M2",21.13,12.56,0,0,265.39280000000002,0,0]
[null,"8.10","REVESTIMENTO COM PASTILHA DE VIDRO (VIDROTIL), ASSENTADO COM ARGAMASSA PRÉ-FABRICADA, INCLUSIVE REJUNTAMENTO","M2",358.19,18.84,0,0,6748.2996000000003,0,0]
[null,"8.11","MOTO-BOMBA 0,5 CV VM = 5M3/H 1 1/2\" R = 1 1/2\", TRIFÁSICA","U",1565.74,2,0,0,3131.48,0,0]
[null,"8.12","QUADRO DE COMANDO PARA BOMBA P = 0,5 CV, RECALQUE","U",263.08999999999997,1,0,0,263.08999999999997,0,0]
[null,"8.13","INSTALAÇÕES HIDRÁULICAS","un",1240,1,0,0,1240,0,0]
[null,"8.14","BICO GEISER","un",1240,2,0,0,2480,0,0]
[null,"8.15","BICO ARTICULADO","un",496,10,0,0,4960,0,0]
[null,"8.16","CASA DE MÁQUINAS (1,20X1,50X0,50)","un",1240,1,0,0,1240,0,0]
[null,9,"EDIFICAÇÃO PALCO",null,null,null,null,null,43795.109360000002,0,0]
[null,"9.1","LOCAÇÃO DA OBRA (GABARITO)","M2",8.83,86.61999999999999,0,0,764.85459999999989,0,0]
[null,"9.2","ESCAVAÇÃO MANUAL DE VALAS H <= 1,50 M","M3",62.73,2.472,0,0,155.06855999999999,0,0]
[null,"9.3","FORMA E DESFORMA DE TÁBUA E SARRAFO, REAPROVEITAMENTO (3X), EXCLUSIVE ESCORAMENTO","M2",52.48,21.63,0,0,1135.1424,0,0]
[null,"9.4","CORTE, DOBRA E MONTAGEM DE AÇO CA-50 DIÂMETRO (6,3MM A 12,5MM)","KG",9.57,433.6,0,0,4149.5520000000006,0,0]
[null,"9.5","PILAR EM CONCRETO APARENTE 20 MPA, INCLUSIVE ARMAÇÃO, FORMA PLASTIFICADA E DESFORMA","M3",2274.1799999999998,0.48000000000000009,0,0,1091.6064000000001,0,0]
[null,"9.6","LAJE PRÉ-MOLDADA, A REVESTIR, INCLUSIVE CAPEAMENTO E = 4 CM, SC = 300 KG/M2, L = 5,00 M","M2",119.81,53.55,0,0,6415.8254999999999,0,0]
[null,"9.7","ARMADURA DE TELA DE AÇO CA-60 B SOLDADA TIPO Q-138 (DIÂMETRO DO FIO: 4,20 MM / DIMENSÕES DA TRAMA: 100 X 100 MM / TIPO DA MALHA: QUADRANGULAR )","KG",11.66,79.25,0,0,924.05500000000006,0,0]
[null,"9.8","FORNECIMENTO DE CONCRETO ESTRUTURAL, PREPARADO EM OBRA, COM FCK 25 MPA, INCLUSIVE LANÇAMENTO, ADENSAMENTO E ACABAMENTO","M3",559.24,5.42,0,0,3031.0808000000002,0,0]
[null,"9.9","ALVENARIA DE VEDAÇÃO COM BLOCO DE CONCRETO, ESP. 9CM, PARA REVESTIMENTO, INCLUSIVE ARGAMASSA PARA ASSENTAMENTO","M2",43.6,61.8,0,0,2694.48,0,0]
[null,"9.10","CHAPISCO COM ARGAMASSA, TRAÇO 1:3 (CIMENTO E AREIA), ESP. 5MM, APLICADO EM ALVENARIA COM PENEIRA, PREPARO MECÂNICO","M2",11.21,61.8,0,0,692.77800000000002,0,0]
[null,"9.11","REBOCO COM ARGAMASSA, TRAÇO 1:2:8 (CIMENTO, CAL E AREIA), ESP. 20MM, APLICAÇÃO MANUAL, PREPARO MECÂNICO","M2",29.65,61.8,0,0,1832.37,0,0]
[null,"9.12","PINTURA ACRÍLICA EM PAREDE, DUAS (2) DEMÃOS, INCLUSIVE UMA (1) DEMÃO DE MASSA CORRIDA (PVA), EXCLUSIVE SELADOR ACRÍLICO","M2",24.66,61.8,0,0,1523.9879999999998,0,0]
[null,"9.13","PISO EM CONCRETO, USINADO CONVENCIONAL, FCK 15MPA, COM TELA SOLDADA NERVURADA TIPO Q-138, ACABAMENTO POLÍDO EM NÍVEL ZERO, ESP. 10CM, INCLUSIVE FORNECIMENTO, LANÇAMENTO, ADENSAMENTO, EXCLUSIVE JUNTA DE DILATAÇÃO","M2",96.97,53.55,0,0,5192.7434999999996,0,0]
[null,"9.14","ESTRUTURA DE AÇO PARA COBERTURA EM ARCO , ESPAÇAMENTO ENTRE ARCOS 4 M, VÃO 15 M","M2",168.39,45.14,0,0,7601.1245999999992,0,0]
[null,"9.15","COBERTURA EM TELHA METÁLICA GALVANIZADA TRAPEZOIDAL, TIPO DUPLA TERMOACÚSTICA COM DUAS FACES TRAPEZOIDAIS, ESP. 0,43MM, PREENCHIMENTO EM POLIESTIRENO EXPANDIDO/ISOPOR COM ESP. 30MM, ACABAMENTO NATURAL, INCLUSIVE ACESSÓRIOS PARA FIXAÇÃO, FORNECIMENTO E INSTALAÇÃO","M2",146,45.14,0,0,6590.4400000000005,0,0]
[null,10,"INSTALAÇÕES ELÉTRICAS",null,null,null,null,null,41355.120000000003,0,0]
[null,"10.1","PONTO DE LUZ EMBUTIDO, INCLUINDO ELETRODUTO DE PVC RÍGIDO E CAIXA COM ESPELHO (POR UNIDADE)","U",222.26,12,0,0,2667.12,0,0]
[null,"10.2","POSTE SOLAR GERADOR ENERGIA AUTONOMO COM LUMINÁRIA 12V","un",3224,12,0,0,38688,0,0]
[null,11,"URBANIZAÇÃO",null,null,null,null,null,20434.4512,0,0]
[null,"11.1","PLANTIO DE GRAMA ESMERALDA EM PLACAS, INCLUSIVE TERRA VEGETAL E CONSERVAÇÃO POR 30 DIAS","M2",21.63,28.24,0,0,610.83119999999997,0,0]
[null,"11.2","CONJUNTO DE MESA E BANCOS DE CONCRETO PARA JOGOS (02 BANCOS EM ARCO COM D INTERNO = 130 CM E H = 43 CM E MESA COM D = 80 CM, E = 8 CM E H = 75 CM)","CJ",890.93,12,0,0,10691.16,0,0]
[null,"11.3","BANCO DE JARDIM EM CONCRETO APARENTE, ACABAMENTO EM VERNIZ, E = 8 CM, 200 X 40 X 55 CM, SEM ENCOSTO","U",200.93,22,0,0,4420.46,0,0]
[null,"11.4","LIXEIRA REDONDA EM TELA MOEDA - FORNECIMENTO E INSTALAÇÃO","un",248,19,0,0,4712,0,0]
[null,12,"SERVIÇOS FINAIS",null,null,null,null,null,7951.8180000000002,0,0]
[null,"12.1","LIMPEZA FINAL PARA ENTREGA DA OBRA","M2",6.29,1264.2,0,0,7951.8180000000002,0,0]

{"sheet":"Controle","index":57,"n_rows":1048576,"n_cols":12,"rows_kept":4500,"cut":true,"hidden":false,"merged":[],"bounds":{"rows_first":2000,"rows_last":500,"rows_between":2000,"halvings":0}}
["Modos","Modo Ativo:","P",null,"Versão:","2.3.4","Data Vencimento Contrato Licitado:"]
["P - Projeto"]
["L - Licitação"]
["M - Medição"]
[]
["Medição","De","Até",null,"Aditivo","Data","Tipo","Reajuste","Prazo",null,null,"Tipos de Aditivos"]
[null,null,null,null,null,null,null,null,null,null,0,"Adição e/ou Supressão de Quantitativos, Prazo e Reajuste"]
[null,null,null,null,null,null,null,null,null,null,1,"Adição e/ou Supressão de Quantitativos e Prazo"]
[null,null,null,null,null,null,null,null,null,null,2,"Adição e/ou Supressão de Quantitativos e Reajuste"]
[null,null,null,null,null,null,null,null,null,null,3,"Adição e/ou Supressão de Quantitativos"]
[null,null,null,null,null,null,null,null,null,null,4,"Prazo e Reajuste"]
[null,null,null,null,null,null,null,null,null,null,5,"Prazo"]
[null,null,null,null,null,null,null,null,null,null,6,"Reajuste"]
[null,null,null,null,null,null,null,null,null,null,7,"Outros"]
[]
[]
[]
[]
[]
[]
[]
[]
[]
[]
[]
[]
[]
[]
[]
[]
[]
[]
[]
[]
[]
[]
[]
[]
[]
[]
[]
[]
[]
[]
[]
[]
[]
[]
[]
[]
[]
[]
[]
[]
[]
[]
[]
[]
[]
[]
[]
[]
[]
[]
[]
[]
[]
[]
[]
[]
[]
[]
[]
[]
[]
[]
[]
[]
[]
[]
[]
[]
[]
[]
[]
[]
[]
[]
[]
[]
[]
[]
[]
[]
[]
[]
[]
[]
[]
[]
[]
[]
[]
[]
[]
[]
[]
[]
[]
[]
[]
[]
[]
[]
[]
[]
[]
[]
[]
[]
[]
[]
[]
[]
[]
[]
[]
[]
[]
[]
[]
[]
[]
[]
[]
[]
[]
[]
[]
[]
[]
[]
[]
[]
[]
[]
[]
[]
[]
[]
[]
[]
[]
[]
[]
[]
[]
[]
[]
[]
[]
[]
[]
[]
[]
[]
[]
[]
[]
[]
[]
[]
[]
[]
[]
[]
[]
[]
[]
[]
[]
[]
[]
[]
[]
[]
[]
[]
[]
[]
[]
[]
[]
[]
[]
[]
[]
[]
[]
[]
[]
[]
[]
[]
[]
[]
[]
[]
[]
[]
[]
[]
[]
[]
[]
[]
[]
[]
[]
[]
[]
[]
[]
[]
[]
[]
[]
[]
[]
[]
[]
[]
[]
[]
[]
[]
[]
[]
[]
[]
[]
[]
[]
[]
[]
[]
[]
[]
[]
[]
[]
[]
[]
[]
[]
[]
[]
[]
[]
[]
[]
[]
[]
[]
[]
[]
[]
[]
[]
[]
[]
[]
[]
[]
[]
[]
[]
[]
[]
[]
[]
[]
[]
[]
[]
[]
[]
[]
[]
[]
[]
[]
[]
[]
[]
[]
[]
[]
[]
[]
[]
[]
[]
[]
[]
[]
[]
[]
[]
[]
[]
[]
[]
[]
[]
[]
[]
[]
[]
[]
[]
[]
[]
[]
[]
[]
[]
[]
[]
[]
[]
[]
[]
[]
[]
[]
[]
[]
[]
[]
[]
[]
[]
[]
[]
[]
[]
[]
[]
[]
[]
[]
[]
[]
[]
[]
[]
[]
[]
[]
[]
[]
[]
[]
[]
[]
[]
[]
[]
[]
[]
[]
[]
[]
[]
[]
[]
[]
[]
[]
[]
[]
[]
[]
[]
[]
[]
[]
[]
[]
[]
[]
[]
[]
[]
[]
[]
[]
[]
[]
[]
[]
[]
[]
[]
[]
[]
[]
[]
[]
[]
[]
[]
[]
[]
[]
[]
[]
[]
[]
[]
[]
[]
[]
[]
[]
[]
[]
[]
[]
[]
[]
[]
[]
[]
[]
[]
[]
[]
[]
[]
[]
[]
[]
[]
[]
[]
[]
[]
[]
[]
[]
[]
[]
[]
[]
[]
[]
[]
[]
[]
[]
[]
[]
[]
[]
[]
[]
[]
[]
[]
[]
[]
[]
[]
[]
[]
[]
[]
[]
[]
[]
[]
[]
[]
[]
[]
[]
[]
[]
[]
[]
[]
[]
[]
[]
[]
[]
[]
[]
[]
[]
[]
[]
[]
[]
[]
[]
[]
[]
[]
[]
[]
[]
[]
[]
[]
[]
[]
[]
[]
[]
[]
[]
[]
[]
[]
[]
[]
[]
[]
[]
[]
[]
[]
[]
[]
[]
[]
[]
[]
[]
[]
[]
[]
[]
[]
[]
[]
[]
[]
[]
[]
[]
[]
[]
[]
[]
[]
[]
[]
[]
[]
[]
[]
[]
[]
[]
[]
[]
[]
[]
[]
[]
[]
[]
[]
[]
[]
[]
[]
[]
[]
[]
[]
[]
[]
[]
[]
[]
[]
[]
[]
[]
[]
[]
[]
[]
[]
[]
[]
[]
[]
[]
[]
[]
[]
[]
[]
[]
[]
[]
[]
[]
[]
[]
[]
[]
[]
[]
[]
[]
[]
[]
[]
[]
[]
[]
[]
[]
[]
[]
[]
[]
[]
[]
[]
[]
[]
[]
[]
[]
[]
[]
[]
[]
[]
[]
[]
[]
[]
[]
[]
[]
[]
[]
[]
[]
[]
[]
[]
[]
[]
[]
[]
[]
[]
[]
[]
[]
[]
[]
[]
[]
[]
[]
[]
[]
[]
[]
[]
[]
[]
[]
[]
[]
[]
[]
[]
[]
[]
[]
[]
[]
[]
[]
[]
[]
[]
[]
[]
[]
[]
[]
[]
[]
[]
[]
[]
[]
[]
[]
[]
[]
[]
[]
[]
[]
[]
[]
[]
[]
[]
[]
[]
[]
[]
[]
[]
[]
[]
[]
[]
[]
[]
[]
[]
[]
[]
[]
[]
[]
[]
[]
[]
[]
[]
[]
[]
[]
[]
[]
[]
[]
[]
[]
[]
[]
[]
[]
[]
[]
[]
[]
[]
[]
[]
[]
[]
[]
[]
[]
[]
[]
[]
[]
[]
[]
[]
[]
[]
[]
[]
[]
[]
[]
[]
[]
[]
[]
[]
[]
[]
[]
[]
[]
[]
[]
[]
[]
[]
[]
[]
[]
[]
[]
[]
[]
[]
[]
[]
[]
[]
[]
[]
[]
[]
[]
[]
[]
[]
[]
[]
[]
[]
[]
[]
[]
[]
[]
[]
[]
[]
[]
[]
[]
[]
[]
[]
[]
[]
[]
[]
[]
[]
[]
[]
[]
[]
[]
[]
[]
[]
[]
[]
[]
[]
[]
[]
[]
[]
[]
[]
[]
[]
[]
[]
[]
[]
[]
[]
[]
[]
[]
[]
[]
[]
[]
[]
[]
[]
[]
[]
[]
[]
[]
[]
[]
[]
[]
[]
[]
[]
[]
[]
[]
[]
[]
[]
[]
[]
[]
[]
[]
[]
[]
[]
[]
[]
[]
[]
[]
[]
[]
[]
[]
[]
[]
[]
[]
[]
[]
[]
[]
[]
[]
[]
[]
[]
[]
[]
[]
[]
[]
[]
[]
[]
[]
[]
[]
[]
[]
[]
[]
[]
[]
[]
[]
[]
[]
[]
[]
[]
[]
[]
[]
[]
[]
[]
[]
[]
[]
[]
[]
[]
[]
[]
[]
[]
[]
[]
[]
[]
[]
[]
[]
[]
[]
[]
[]
[]
[]
[]
[]
[]
[]
[]
[]
[]
[]
[]
[]
[]
[]
[]
[]
[]
[]
[]
[]
[]
[]
[]
[]
[]
[]
[]
[]
[]
[]
[]
[]
[]
[]
[]
[]
[]
[]
[]
[]
[]
[]
[]
[]
[]
[]
[]
[]
[]
[]
[]
[]
[]
[]
[]
[]
[]
[]
[]
[]
[]
[]
[]
[]
[]
[]
[]
[]
[]
[]
[]
[]
[]
[]
[]
[]
[]
[]
[]
[]
[]
[]
[]
[]
[]
[]
[]
[]
[]
[]
[]
[]
[]
[]
[]
[]
[]
[]
[]
[]
[]
[]
[]
[]
[]
[]
[]
[]
[]
[]
[]
[]
[]
[]
[]
[]
[]
[]
[]
[]
[]
[]
[]
[]
[]
[]
[]
[]
[]
[]
[]
[]
[]
[]
[]
[]
[]
[]
[]
[]
[]
[]
[]
[]
[]
[]
[]
[]
[]
[]
[]
[]
[]
[]
[]
[]
[]
[]
[]
[]
[]
[]
[]
[]
[]
[]
[]
[]
[]
[]
[]
[]
[]
[]
[]
[]
[]
[]
[]
[]
[]
[]
[]
[]
[]
[]
[]
[]
[]
[]
[]
[]
[]
[]
[]
[]
[]
[]
[]
[]
[]
[]
[]
[]
[]
[]
[]
[]
[]
[]
[]
[]
[]
[]
[]
[]
[]
[]
[]
[]
[]
[]
[]
[]
[]
[]
[]
[]
[]
[]
[]
[]
[]
[]
[]
[]
[]
[]
[]
[]
[]
[]
[]
[]
[]
[]
[]
[]
[]
[]
[]
[]
[]
[]
[]
[]
[]
[]
[]
[]
[]
[]
[]
[]
[]
[]
[]
[]
[]
[]
[]
[]
[]
[]
[]
[]
[]
[]
[]
[]
[]
[]
[]
[]
[]
[]
[]
[]
[]
[]
[]
[]
[]
[]
[]
[]
[]
[]
[]
[]
[]
[]
[]
[]
[]
[]
[]
[]
[]
[]
[]
[]
[]
[]
[]
[]
[]
[]
[]
[]
[]
[]
[]
[]
[]
[]
[]
[]
[]
[]
[]
[]
[]
[]
[]
[]
[]
[]
[]
[]
[]
[]
[]
[]
[]
[]
[]
[]
[]
[]
[]
[]
[]
[]
[]
[]
[]
[]
[]
[]
[]
[]
[]
[]
[]
[]
[]
[]
[]
[]
[]
[]
[]
[]
[]
[]
[]
[]
[]
[]
[]
[]
[]
[]
[]
[]
[]
[]
[]
[]
[]
[]
[]
[]
[]
[]
[]
[]
[]
[]
[]
[]
[]
[]
[]
[]
[]
[]
[]
[]
[]
[]
[]
[]
[]
[]
[]
[]
[]
[]
[]
[]
[]
[]
[]
[]
[]
[]
[]
[]
[]
[]
[]
[]
[]
[]
[]
[]
[]
[]
[]
[]
[]
[]
[]
[]
[]
[]
[]
[]
[]
[]
[]
[]
[]
[]
[]
[]
[]
[]
[]
[]
[]
[]
[]
[]
[]
[]
[]
[]
[]
[]
[]
[]
[]
[]
[]
[]
[]
[]
[]
[]
[]
[]
[]
[]
[]
[]
[]
[]
[]
[]
[]
[]
[]
[]
[]
[]
[]
[]
[]
[]
[]
[]
[]
[]
[]
[]
[]
[]
[]
[]
[]
[]
[]
[]
[]
[]
[]
[]
[]
[]
[]
[]
[]
[]
[]
[]
[]
[]
[]
[]
[]
[]
[]
[]
[]
[]
[]
[]
[]
[]
[]
[]
[]
[]
[]
[]
[]
[]
[]
[]
[]
[]
[]
[]
[]
[]
[]
[]
[]
[]
[]
[]
[]
[]
[]
[]
[]
[]
[]
[]
[]
[]
[]
[]
[]
[]
[]
[]
[]
[]
[]
[]
[]
[]
[]
[]
[]
[]
[]
[]
[]
[]
[]
[]
[]
[]
[]
[]
[]
[]
[]
[]
[]
[]
[]
[]
[]
[]
[]
[]
[]
[]
[]
[]
[]
[]
[]
[]
[]
[]
[]
[]
[]
[]
[]
[]
[]
[]
[]
[]
[]
[]
[]
[]
[]
[]
[]
[]
[]
[]
[]
[]
[]
[]
[]
[]
[]
[]
[]
[]
[]
[]
[]
[]
[]
[]
[]
[]
[]
[]
[]
[]
[]
[]
[]
[]
[]
[]
[]
[]
[]
[]
[]
[]
[]
[]
[]
[]
[]
[]
[]
[]
[]
[]
[]
[]
[]
[]
[]
[]
[]
[]
[]
[]
[]
[]
[]
[]
[]
[]
[]
[]
[]
[]
[]
[]
[]
[]
[]
[]
[]
[]
[]
[]
[]
[]
[]
[]
[]
[]
[]
[]
[]
[]
[]
[]
[]
[]
[]
[]
[]
[]
[]
[]
[]
[]
[]
[]
[]
[]
[]
[]
[]
[]
[]
[]
[]
[]
[]
[]
[]
[]
[]
[]
[]
[]
[]
[]
[]
[]
[]
[]
[]
[]
[]
[]
[]
[]
[]
[]
[]
[]
[]
[]
[]
[]
[]
[]
[]
[]
[]
[]
[]
[]
[]
[]
[]
[]
[]
[]
[]
[]
[]
[]
[]
[]
[]
[]
[]
[]
[]
[]
[]
[]
[]
[]
[]
[]
[]
[]
[]
[]
[]
[]
[]
[]
[]
[]
[]
[]
[]
[]
[]
[]
[]
[]
[]
[]
[]
[]
[]
[]
[]
[]
[]
[]
[]
[]
[]
[]
[]
[]
[]
[]
[]
[]
[]
[]
[]
[]
[]
[]
[]
[]
[]
[]
[]
[]
[]
[]
[]
[]
[]
[]
[]
[]
[]
[]
[]
[]
[]
[]
[]
[]
[]
[]
[]
[]
[]
[]
[]
[]
[]
[]
[]
[]
[]
[]
[]
[]
[]
[]
[]
[]
[]
[]
[]
[]
[]
[]
[]
[]
[]
[]
[]
[]
[]
[]
[]
[]
[]
[]
[]
[]
[]
[]
[]
[]
[]
[]
[]
[]
[]
[]
[]
[]
[]
[]
[]
[]
[]
[]
[]
[]
[]
[]
[]
[]
[]
[]
[]
[]
[]
[]
[]
[]
[]
[]
[]
[]
[]
[]
[]
[]
[]
[]
[]
[]
[]
[]
[]
[]
[]
[]
[]
[]
[]
[]
[]
[]
[]
[]
[]
[]
[]
[]
[]
[]
[]
[]
[]
[]
[]
[]
[]
[]
[]
[]
[]
[]
[]
[]
[]
[]
[]
[]
[]
[]
[]
[]
[]
[]
[]
[]
[]
[]
[]
[]
[]
[]
[]
[]
[]
[]
[]
[]
[]
[]
[]
[]
[]
[]
[]
[]
[]
[]
[]
[]
[]
[]
[]
[]
[]
[]
[]
[]
[]
[]
[]
[]
[]
[]
[]
[]
[]
[]
[]
[]
[]
[]
[]
[]
[]
[]
[]
[]
[]
[]
[]
[]
[]
[]
[]
[]
[]
[]
[]
[]
[]
[]
[]
[]
[]
[]
[]
[]
[]
[]
[]
[]
[]
[]
[]
[]
[]
[]
[]
[]
[]
[]
[]
[]
[]
[]
[]
[]
[]
[]
[]
[]
[]
[]
[]
[]
[]
[]
[]
[]
[]
[]
[]
[]
[]
[]
[]
[]
[]
[]
[]
[]
[]
[]
[]
[]
[]
[]
[]
[]
[]
[]
[]
[]
[]
[]
[]
[]
[]
[]
[]
[]
[]
[]
[]
[]
[]
[]
[]
[]
[]
[]
[]
[]
[]
[]
[]
[]
[]
[]
[]
[]
[]
[]
[]
[]
[]
[]
[]
[]
[]
[]
[]
[]
[]
[]
[]
[]
[]
[]
[]
[]
[]
[]
[]
[]
[]
[]
[]
[]
[]
[]
[]
[]
[]
[]
[]
[]
[]
[]
[]
[]
[]
[]
[]
[]
[]
[]
[]
[]
[]
[]
[]
[]
[]
[]
[]
[]
[]
[]
[]
[]
[]
[]
[]
[]
[]
[]
[]
[]
[]
[]
[]
[]
[]
[]
[]
[]
[]
[]
[]
[]
[]
[]
[]
[]
[]
[]
[]
[]
[]
[]
[]
[]
[]
[]
[]
[]
[]
[]
[]
[]
[]
[]
[]
[]
[]
[]
[]
[]
[]
[]
[]
[]
[]
[]
[]
[]
[]
[]
[]
[]
[]
[]
[]
[]
[]
[]
[]
[]
[]
[]
[]
[]
[]
[]
[]
[]
[]
[]
[]
[]
[]
[]
[]
[]
[]
[]
[]
[]
[]
[]
[]
[]
[]
[]
[]
[]
[]
[]
[]
[]
[]
[]
[]
[]
[]
[]
[]
[]
[]
[]
[]
[]
[]
[]
[]
[]
[]
[]
[]
[]
[]
[]
[]
[]
[]
[]
[]
[]
[]
[]
[]
[]
[]
[]
[]
[]
[]
[]
[]
[]
[]
[]
[]
[]
[]
[]
[]
[]
[]
[]
[]
[]
[]
[]
[]
[]
[]
[]
[]
[]
[]
[]
[]
[]
[]
[]
[]
[]
[]
[]
[]
[]
[]
[]
[]
[]
[]
[]
[]
[]
[]
[]
[]
[]
[]
[]
[]
[]
[]
[]
[]
[]
[]
[]
[]
[]
[]
[]
[]
[]
[]
[]
[]
[]
[]
[]
[]
[]
[]
[]
[]
[]
[]
[]
[]
[]
[]
[]
[]
[]
[]
[]
[]
[]
[]
[]
[]
[]
[]
[]
[]
[]
[]
[]
[]
[]
[]
[]
[]
[]
[]
[]
[]
[]
[]
[]
[]
[]
[]
[]
[]
[]
[]
[]
[]
[]
[]
[]
[]
[]
[]
[]
[]
[]
[]
[]
[]
[]
[]
[]
[]
[]
[]
[]
[]
[]
[]
[]
[]
[]
[]
[]
[]
[]
[]
[]
[]
[]
[]
[]
[]
[]
[]
[]
[]
[]
[]
[]
[]
[]
[]
[]
[]
[]
[]
[]
[]
[]
[]
[]
[]
[]
[]
[]
[]
[]
[]
[]
[]
[]
[]
[]
[]
[]
[]
[]
[]
[]
[]
[]
[]
[]
[]
[]
[]
[]
[]
[]
[]
[]
[]
[]
[]
[]
[]
[]
[]
[]
[]
[]
[]
[]
[]
[]
[]
[]
[]
[]
[]
[]
[]
[]
[]
[]
[]
[]
[]
[]
[]
[]
[]
[]
[]
[]
[]
[]
[]
[]
[]
[]
[]
[]
[]
[]
[]
[]
[]
[]
[]
[]
[]
[]
[]
[]
[]
[]
[]
[]
[]
[]
[]
[]
[]
[]
[]
[]
[]
[]
[]
[]
[]
[]
[]
[]
[]
[]
[]
[]
[]
[]
[]
[]
[]
[]
[]
[]
[]
[]
[]
[]
[]
[]
[]
[]
[]
[]
[]
[]
[]
[]
[]
[]
[]
[]
[]
[]
[]
[]
[]
[]
[]
[]
[]
[]
[]
[]
[]
[]
[]
[]
[]
[]
[]
[]
[]
[]
[]
[]
[]
[]
[]
[]
[]
[]
[]
[]
[]
[]
[]
[]
[]
[]
[]
[]
[]
[]
[]
[]
[]
[]
[]
[]
[]
[]
[]
[]
[]
[]
[]
[]
[]
[]
[]
[]
[]
[]
[]
[]
[]
[]
[]
[]
[]
[]
[]
[]
[]
[]
[]
[]
[]
[]
[]
[]
[]
[]
[]
[]
[]
[]
[]
[]
[]
[]
[]
[]
[]
[]
[]
[]
[]
[]
[]
[]
[]
[]
[]
[]
[]
[]
[]
[]
[]
[]
[]
[]
[]
[]
[]
[]
[]
[]
[]
[]
[]
[]
[]
[]
[]
[]
[]
[]
[]
[]
[]
[]
[]
[]
[]
[]
[]
[]
[]
[]
[]
[]
[]
[]
[]
[]
[]
[]
[]
[]
[]
[]
[]
[]
[]
[]
[]
[]
[]
[]
[]
[]
[]
[]
[]
[]
[]
[]
[]
[]
[]
[]
[]
[]
[]
[]
[]
[]
[]
[]
[]
[]
[]
[]
[]
[]
[]
[]
[]
[]
[]
[]
[]
[]
[]
[]
[]
[]
[]
[]
[]
[]
[]
[]
[]
[]
[]
[]
[]
[]
[]
[]
[]
[]
[]
[]
[]
[]
[]
[]
[]
[]
[]
[]
[]
[]
[]
[]
[]
[]
[]
[]
[]
[]
[]
[]
[]
[]
[]
[]
[]
[]
[]
[]
[]
[]
[]
[]
[]
[]
[]
[]
[]
[]
[]
[]
[]
[]
[]
[]
[]
[]
[]
[]
[]
[]
[]
[]
[]
[]
[]
[]
[]
[]
[]
[]
[]
[]
[]
[]
[]
[]
[]
[]
[]
[]
[]
[]
[]
[]
[]
[]
[]
[]
[]
[]
[]
[]
[]
[]
[]
[]
[]
[]
[]
[]
[]
[]
[]
[]
[]
[]
[]
[]
[]
[]
[]
[]
[]
[]
[]
[]
[]
[]
[]
[]
[]
[]
[]
[]
[]
[]
[]
[]
[]
[]
[]
[]
[]
[]
[]
[]
[]
[]
[]
[]
[]
[]
[]
[]
[]
[]
[]
[]
[]
[]
[]
[]
[]
[]
[]
[]
[]
[]
[]
[]
[]
[]
[]
[]
[]
[]
[]
[]
[]
[]
[]
[]
[]
[]
[]
[]
[]
[]
[]
[]
[]
[]
[]
[]
[]
[]
[]
[]
[]
[]
[]
[]
[]
[]
[]
[]
[]
[]
[]
[]
[]
[]
[]
[]
[]
[]
[]
[]
[]
[]
[]
[]
[]
[]
[]
[]
[]
[]
[]
[]
[]
[]
[]
[]
[]
[]
[]
[]
[]
[]
[]
[]
[]
[]
[]
[]
[]
[]
[]
[]
[]
[]
[]
[]
[]
[]
[]
[]
[]
[]
[]
[]
[]
[]
[]
[]
[]
[]
[]
[]
[]
[]
[]
[]
[]
[]
[]
[]
[]
[]
[]
[]
[]
[]
[]
[]
[]
[]
[]
[]
[]
[]
[]
[]
[]
[]
[]
[]
[]
[]
[]
[]
[]
[]
[]
[]
[]
[]
[]
[]
[]
[]
[]
[]
[]
[]
[]
[]
[]
[]
[]
[]
[]
[]
[]
[]
[]
[]
[]
[]
[]
[]
[]
[]
[]
[]
[]
[]
[]
[]
[]
[]
[]
[]
[]
[]
[]
[]
[]
[]
[]
[]
[]
[]
[]
[]
[]
[]
[]
[]
[]
[]
[]
[]
[]
[]
[]
[]
[]
[]
[]
[]
[]
[]
[]
[]
[]
[]
[]
[]
[]
[]
[]
[]
[]
[]
[]
[]
[]
[]
[]
[]
[]
[]
[]
[]
[]
[]
[]
[]
[]
[]
[]
[]
[]
[]
[]
[]
[]
[]
[]
[]
[]
[]
[]
[]
[]
[]
[]
[]
[]
[]
[]
[]
[]
[]
[]
[]
[]
[]
[]
[]
[]
[]
[]
[]
[]
[]
[]
[]
[]
[]
[]
[]
[]
[]
[]
[]
[]
[]
[]
[]
[]
[]
[]
[]
[]
[]
[]
[]
[]
[]
[]
[]
[]
[]
[]
[]
[]
[]
[]
[]
[]
[]
[]
[]
[]
[]
[]
[]
[]
[]
[]
[]
[]
[]
[]
[]
[]
[]
[]
[]
[]
[]
[]
[]
[]
[]
[]
[]
[]
[]
[]
[]
[]
[]
[]
[]
[]
[]
[]
[]
[]
[]
[]
[]
[]
[]
[]
[]
[]
[]
[]
[]
[]
[]
[]
[]
[]
[]
[]
[]
[]
[]
[]
[]
[]
[]
[]
[]
[]
[]
[]
[]
[]
[]
[]
[]
[]
[]
[]
[]
[]
[]
[]
[]
[]
[]
[]
[]
[]
[]
[]
[]
[]
[]
[]
[]
[]
[]
[]
[]
[]
[]
[]
[]
[]
[]
[]
[]
[]
[]
[]
[]
[]
[]
[]
[]
[]
[]
[]
[]
[]
[]
[]
[]
[]
[]
[]
[]
[]
[]
[]
[]
[]
[]
[]
[]
[]
[]
[]
[]
[]
[]
[]
[]
[]
[]
[]
[]
[]
[]
[]
[]
[]
[]
[]
[]
[]
[]
[]
[]
[]
[]
[]
[]
[]
[]
[]
[]
[]
[]
[]
[]
[]
[]
[]
[]
[]
[]
[]
[]
[]
[]
[]
[]
[]
[]
[]
[]
[]
[]
[]
[]
[]
[]
[]
[]
[]
[]
[]
[]
[]
[]
[]
[]
[]
[]
[]
[]
[]
[]
[]
[]
[]
[]
[]
[]
[]
[]
[]
[]
[]
[]
[]
[]
[]
[]
[]
[]
[]
[]
[]
[]
[]
[]
[]
[]
[]
[]
[]
[]
[]
[]
[]
[]
[]
[]
[]
[]
[]
[]
[]
[]
[]
[]
[]
[]
[]
[]
[]
[]
[]
[]
[]
[]
[]
[]
[]
[]
[]
[]
[]
[]
[]
[]
[]
[]
[]
[]
[]
[]
[]
[]
[]
[]
[]
[]
[]
[]
[]
[]
[]
[]
[]
[]
[]
[]
[]
[]
[]
[]
[]
[]
[]
[]
[]
[]
[]
[]
[]
[]
[]
[]
[]
[]
[]
[]
[]
[]
[]
[]
[]
[]
[]
[]
[]
[]
[]
[]
[]
[]
[]
[]
[]
[]
[]
[]
[]
[]
[]
[]
[]
[]
[]
[]
[]
[]
[]
[]
[]
[]
[]
[]
[]
[]
[]
[]
[]
[]
[]
[]
[]
[]
[]
[]
[]
[]
[]
[]
[]
[]
[]
[]
[]
[]
[]
[]
[]
[]
[]
[]
[]
[]
[]
[]
[]
[]
[]
[]
[]
[]
[]
[]
[]
[]
[]
[]
[]
[]
[]
[]
[]
[]
[]
[]
[]
[]
[]
[]
[]
[]
[]
[]
[]
[]
[]
[]
[]
[]
[]
[]
[]
[]
[]
[]
[]
[]
[]
[]
[]
[]
[]
[]
[]
[]
[]
[]
[]
[]
[]
[]
[]
[]
[]
[]
[]
[]
[]
[]
[]
[]
[]
[]
[]
[]
[]
[]
[]
[]
[]
[]
[]
[]
[]
[]
[]
[]
[]
[]
[]
[]
[]
[]
[]
[]
[]
[]
[]
[]
[]
[]
[]
[]
[]
[]
[]
[]
[]
[]
[]
[]
[]
[]
[]
[]
[]
[]
[]
[]
[]
[]
[]
[]
[]
[]
[]
[]
[]
[]
[]
[]
[]
[]
[]
[]
[]
[]
[]
[]
[]
[]
[]
[]
[]
[]
[]
[]
[]
[]
[]
[]
[]
[]
[]
[]
[]
[]
[]
[]
[]
[]
[]
[]
[]
[]
[]
[]
[]
[]
[]
[]
[]
[]
[]
[]
[]
[]
[]
[]
[]
[]
[]
[]
[]
[]
[]
[]
[]
[]
[]
[]
[]
[]
[]
[]
[]
[]
[]
[]
[]
[]
[]
[]
[]
[]
[]
[]
[]
[]
[]
[]
[]
[]
[]
[]
[]
[]
[]
[]
[]
[]
[]
[]
[]
[]
[]
[]
[]
[]
[]
[]
[]
[]
[]
[]
[]
[]
[]
[]
[]
[]
[]
[]
[]
[]
[]
[]
[]
[]
[]
[]
[]
[]
[]
[]
[]
[]
[]
[]
[]
[]
[]
[]
[]
[]
[]
[]
[]
[]
[]
[]
[]
[]
[]
[]
[]
[]
[]
[]
[]
[]
[]
[]
[]
[]
[]
[]
[]
[]
[]
[]
[]
[]
[]
[]
[]
[]
[]
[]
[]
[]
[]
[]
[]
[]
[]
[]
[]
[]
[]
[]
[]
[]
[]
[]
[]
[]
[]
[]
[]
[]
[]
[]
[]
[]
[]
[]
[]
[]
[]
[]
[]
[]
[]
[]
[]
[]
[]
[]
[]
[]
[]
[]
[]
[]
[]
[]
[]
[]
[]
[]
[]
[]
[]
[]
[]
[]
[]
[]
[]
[]
[]
[]
[]
[]
[]
[]
[]
[]
[]
[]
[]
[]
[]
[]
[]
[]
[]
[]
[]
[]
[]
[]
[]
[]
[]
[]
[]
[]
[]
[]
[]
[]
[]
[]
[]
[]
[]
[]
[]
[]
[]
[]
[]
[]
[]
[]
[]
[]
[]
[]
[]
[]
[]
[]
[]
[]
[]
[]
[]
[]
[]
[]
[]
[]
[]
[]
[]
[]
[]
[]
[]
[]
[]
[]
[]
[]
[]
[]
[]
[]
[]
[]
[]
[]
[]
[]
[]
[]
[]
[]
[]
[]
[]
[]
[]
[]
[]
[]
[]
[]
[]
[]
[]
[]
[]
[]
[]
[]
[]
[]
[]
[]
[]
[]
[]
[]
[]
[]
[]
[]
[]
[]
[]
[]
[]
[]
[]
[]
[]
[]
[]
[]
[]
[]
[]
[]
[]
[]
[]
[]
[]
[]
[]
[]
[]
[]
[]
[]
[]
[]
[]
[]
[]
[]
[]
[]
[]
[]
[]
[]
[]
[]
[]
[]
[]
[]
[]
[]
[]
[]
[]
[]
[]
[]
[]
[]
[]
[]
[]
[]
[]
[]
[]
[]
[]
[]
[]
[]
[]
[]
[]
[]
[]
[]
[]
[]
[]
[]
[]
[]
[]
[]
[]
[]
[]
[]
[]
[]
[]
[]
[]
[]
[]
[]
[]
[]
[]
[]
[]
[]
[]
[]
[]
[]
[]
[]
[]
[]
[]
[]
[]
[]
[]
[]
[]
[]
[]
[]
[]
[]
[]
[]
[]
[]
[]
[]
[]
[]
[]
[]
[]
[]
[]
[]
[]
[]
[]
[]
[]
[]
[]
[]
[]
[]
[]
[]
[]
[]
[]
[]
[]
[]
[]
[]
[]
[]
[]
[]
[]
[]
[]
[]
[]
[]
[]
[]
[]
[]
[]
[]
[]
[]
[]
[]
[]
[]
[]
[]
[]
[]
[]
[]
[]
[]
[]
[]
[]
[]
[]
[]
[]
[]
[]
[]
[]
[]
[]
[]
[]
[]
[]
[]
[]
[]
[]
[]
[]
[]
[]
[]
[]
[]
[]
[]
[]
[]
[]
[]
[]
[]
[]
[]
[]
[]
[]
[]
[]
[]
[]
[]
[]
[]
[]
[]
[]
[]
[]
[]
[]
[]
[]
[]
[]
[]
[]
[]
[]
[]
[]
[]
[]
[]
[]
[]
[]
[]
[]
[]
[]
[]
[]
[]
[]
[]
[]
[]
[]
[]
[]
[]
[]
[]
[]
[]
[]
[]
[]
[]
[]
[]
[]
[]
[]
[]
[]
[]
[]
[]
[]
[]
[]
[]
[]
[]
[]
[]
[]
[]
[]
[]
[]
[]
[]
[]
[]
[]
[]
[]
[]
[]
[]
[]
[]
[]
[]
[]
[]
[]
[]
[]
[]
[]
[]
[]
[]
["SPBDMGV2.0","ABC2022BDMG"]

{"sheet":"Municípios","index":58,"n_rows":855,"n_cols":15,"rows_kept":855,"cut":false,"hidden":false,"merged":[]}
["ITEM","MUNICÍPIO","ÁREA DO MUNICIPIO (KM2)","POPULAÇÃO EM 2010","CNPJ","IDH 2010","DINAMISMO","REGIÃO DE PLANEJAMENTO","MICRORREGIÃO","CÓDIGO","TERRITÓRIO","CND VÁLIDA ATÉ","SIAFI","CADIP","DATA CONSULTA"]
[1,"Abadia dos Dourados",894.52,6704,18593111000114,0.68899999999999995,{"$f":"IF(F2<0.668,\"BAIXO\",\"ALTO\")","v":"ALTO"},"Alto Paranaíba","Patrocínio",310010,"16 - Triângulo Norte","2018-02-20"]
[2,"Abaeté",1814.59,22700,18296632000100,0.69799999999999995,"ALTO","Central","Três Marias",310020,"06 - Central"]
[3,"Abre Campo",470.38,13311,18837278000183,0.65400000000000003,"BAIXO","Zona da Mata","Manhuaçu",310030,"11 - Caparaó","2019-08-24","Normal","Adimplente","2018-03-02"]
[4,"Acaiaca",102.27,3924,18295287000190,0.63,"BAIXO","Zona da Mata","Ponte Nova",310040,"11 - Caparaó"]
[5,"Açucena",811.59,10298,17005216000142,0.61,"BAIXO","Rio Doce","Ipatinga",310050,"08 - Vale do Aço","2019-10-26"]
[6,"Água Boa",1322.31,15193,18085563000195,0.57599999999999996,"BAIXO","Rio Doce","Peçanha",310060,"07 - Vale do Rio Doce"]
[7,"Água Comprida",492.57,2020,18428953000110,0.67500000000000004,"ALTO","Triângulo","Uberaba",310070,"17 - Triângulo Sul"]
[8,"Aguanil",232.61,4049,17888108000165,0.66300000000000003,"BAIXO","Centro Oeste de Minas","Campo Belo",310080,"10 - Oeste"]
[9,"Águas Formosas",817.93,18482,18404749000160,0.64500000000000002,"BAIXO","Jequitinhonha/Mucuri","Nanuque",310090,"04 - Mucuri"]
[10,"Águas Vermelhas",1258.04,12718,18414581000173,0.60099999999999998,"BAIXO","Norte de Minas","Salinas",310100,"03 - Médio e Baixo Jequitinhonha"]
[11,"Aimorés",1353.06,24969,18348094000150,0.68400000000000005,"ALTO","Rio Doce","Aimorés",310110,"07 - Vale do Rio Doce"]
[12,"Aiuruoca",649.49,6173,18008896000110,0.66800000000000004,"ALTO","Sul de Minas","Andrelândia",310120,"14 - Sul"]
[13,"Alagoa",161.96,2709,18186346000191,0.64900000000000002,"BAIXO","Sul de Minas","São Lourenço",310130,"14 - Sul"]
[14,"Albertina",58.06,2913,17912015000129,0.67300000000000004,"ALTO","Sul de Minas","Poços de Caldas",310140,"14 - Sul"]
[15,"Além Paraíba",509.98,34341,17709197000135,0.72599999999999998,"ALTO","Zona da Mata","Cataguases",310150,"12 - Mata","2018-07-03"]
[16,"Alfenas",851.33,79722,18243220000101,0.76100000000000001,"ALTO","Sul de Minas","Alfenas",310160,"14 - Sul","2019-11-30"]
[17,"Alfredo Vasconcelos",130.52000000000001,6078,26130617000115,0.67500000000000004,"ALTO","Central","Barbacena",310163,"13 - Vertentes"]
[18,"Almenara",2291.4,38779,18349894000195,0.64200000000000002,"BAIXO","Jequitinhonha/Mucuri","Almenara",310170,"03 - Médio e Baixo Jequitinhonha"]
[19,"Alpercata",166.79,7172,18332627000105,0.64600000000000002,"BAIXO","Rio Doce","Governador Valadares",310180,"07 - Vale do Rio Doce","2020-02-03"]
[20,"Alpinópolis",454.36,18490,18241752000100,0.72499999999999998,"ALTO","Sul de Minas","Passos",310190,"15 - Sudoeste"]
[21,"Alterosa",362.37,13714,18243238000103,0.66800000000000004,"ALTO","Sul de Minas","Alfenas",310200,"15 - Sudoeste","2018-05-21"]
[22,"Alto Caparaó",104.58,5297,1616270000194,0.66100000000000003,"BAIXO","Zona da Mata","Manhuaçu",310205,"11 - Caparaó"]
[23,"Alto Jequitibá",151.47,8323,18392506000159,0.66,"BAIXO","Zona da Mata","Manhuaçu",315350,"11 - Caparaó"]
[24,"Alto Rio Doce",517.09,12158,18094748000166,0.62,"BAIXO","Zona da Mata","Viçosa",310210,"13 - Vertentes"]
[25,"Alvarenga",296.06,4443,19770288000101,0.59199999999999997,"BAIXO","Rio Doce","Aimorés",310220,"07 - Vale do Rio Doce","2020-01-19","Normal","Adimplente","2019-07-26"]
[26,"Alvinópolis",599.79,15263,16725392000196,0.67600000000000005,"ALTO","Central","Itabira",310230,"11 - Caparaó","2020-01-06","Normal","Adimplente","2018-12-18"]
[27,"Alvorada de Minas",374.04,3548,18303164000153,0.57199999999999995,"BAIXO","Central","Conceição do Mato dentro",310240,"05 - Alto Jequitinhonha"]
[28,"Amparo do Serra",136.04,5052,18316174000123,0.64100000000000001,"BAIXO","Zona da Mata","Viçosa",310250,"11 - Caparaó"]
[29,"Andradas",467,37302,17884412000134,0.73399999999999999,"ALTO","Sul de Minas","Poços de Caldas",310260,"14 - Sul","2019-10-22","Normal","Normal","2018-05-15"]
[30,"Andrelândia",1005.16,12146,18682930000138,0.7,"ALTO","Sul de Minas","Andrelândia",310280,"12 - Mata"]
[31,"Angelândia",184.16,8003,1113937000136,0.59699999999999998,"BAIXO","Jequitinhonha/Mucuri","Capelinha",310285,"04 - Mucuri"]
[32,"Antônio Carlos",529.94000000000005,11112,18094763000104,0.68300000000000005,"ALTO","Central","Barbacena",310290,"13 - Vertentes"]
[33,"Antônio Dias",787.07,9573,16796575000100,0.64500000000000002,"BAIXO","Rio Doce","Ipatinga",310300,"08 - Vale do Aço"]
[34,"Antônio Prado de Minas",85.14,1673,17947631000115,0.68400000000000005,"ALTO","Zona da Mata","Muriaé",310310,"12 - Mata"]
[35,"Araçaí",185.38,2247,18116111000123,0.69499999999999995,"ALTO","Central","Sete Lagoas",310320,"09 - Metropolitana","2018-08-04","Normal","Adimplente","2018-03-02"]
[36,"Aracitaba",106.14,2057,17747940000141,0.66100000000000003,"BAIXO","Zona da Mata","Juiz de Fora",310330,"12 - Mata"]
[37,"Araçuaí",2229.16,36041,17963083000117,0.66300000000000003,"BAIXO","Jequitinhonha/Mucuri","Araçuaí",310340,"03 - Médio e Baixo Jequitinhonha","2018-10-31",null,null,"2018-06-06"]
[38,"Araguari",2745.85,109779,16829640000149,0.77300000000000002,"ALTO","Triângulo","Uberlândia",310350,"16 - Triângulo Norte","2020-03-30","Normal","Adimplente","2019-03-01"]
[39,"Arantina",89.54,2823,17952508000192,0.69699999999999995,"ALTO","Sul de Minas","Andrelândia",310360,"12 - Mata"]
[40,"Araponga",303.68,8165,18132167000171,0.53600000000000003,"BAIXO","Zona da Mata","Viçosa",310370,"11 - Caparaó"]
[41,"Araporã",295.12,6233,23098510000149,0.70799999999999996,"ALTO","Triângulo","Uberlândia",310375,"16 - Triângulo Norte"]
[42,"Arapuá",171.87,2772,19942895000101,0.72399999999999998,"ALTO","Alto Paranaíba","Patos de Minas",310380,"01 - Noroeste"]
[43,"Araújos",244.83,7884,18300996000116,0.69799999999999995,"ALTO","Centro Oeste de Minas","Bom despacho",310390,"10 - Oeste"]
[44,"Araxá",1166.96,93683,18140756000100,0.77200000000000002,"ALTO","Alto Paranaíba","Araxá",310400,"17 - Triângulo Sul"]
[45,"Arceburgo",162.13999999999999,9509,17899717000110,0.68300000000000005,"ALTO","Sul de Minas","São Sebastião do Paraíso",310410,"15 - Sudoeste","2019-11-30"]
[46,"Arcos",509.8,36582,18306662000150,0.749,"ALTO","Centro Oeste de Minas","Formiga",310420,"10 - Oeste","2020-03-09"]
[47,"Areado",281.62,13729,18243246000150,0.72699999999999998,"ALTO","Sul de Minas","Alfenas",310430,"14 - Sul"]
[48,"Argirita",159.63,2901,17730011000120,0.64300000000000002,"BAIXO","Zona da Mata","Cataguases",310440,"12 - Mata"]
[49,"Aricanduva",243.86,4770,1608511000153,0.58199999999999996,"BAIXO","Jequitinhonha/Mucuri","Capelinha",310445,"05 - Alto Jequitinhonha"]
[50,"Arinos",5273.47,17674,18125120000180,0.65600000000000003,"BAIXO","Noroeste de Minas","Unaí",310450,"01 - Noroeste"]
[51,"Astolfo Dutra",159.21,13049,17702507000190,0.69399999999999995,"ALTO","Zona da Mata","Ubá",310460,"12 - Mata"]
[52,"Ataléia",1833.43,14451,16971376000183,0.58799999999999997,"BAIXO","Jequitinhonha/Mucuri","Teófilo Otoni",310470,"04 - Mucuri"]
[53,"Augusto de Lima",1250.3499999999999,4962,17694845000127,0.65600000000000003,"BAIXO","Central","Curvelo",310480,"06 - Central"]
[54,"Baependi",751.05,18292,18008862000126,0.68100000000000005,"ALTO","Sul de Minas","São Lourenço",310490,"14 - Sul"]
[55,"Baldim",556.44000000000005,7917,18116129000125,0.67100000000000004,"ALTO","Central","Sete Lagoas",310500,"09 - Metropolitana"]
[56,"Bambuí",1453.99,22709,20920567000193,0.74099999999999999,"ALTO","Centro Oeste de Minas","Piuí",310510,"10 - Oeste"]
[57,"Bandeira",485.02,4988,18349902000101,0.59899999999999998,"BAIXO","Jequitinhonha/Mucuri","Almenara",310520,"03 - Médio e Baixo Jequitinhonha"]
[58,"Bandeira do Sul",47.07,5340,18175794000190,0.69199999999999995,"ALTO","Sul de Minas","Poços de Caldas",310530,"14 - Sul"]
[59,"Barão de Cocais",340.56,28432,18317685000160,0.72199999999999998,"ALTO","Central","Itabira",310540,"09 - Metropolitana","2020-01-14","Normal","Adimplente","2019-07-22"]
[60,"Barão de Monte Alto",199.23,5727,17947649000117,0.64900000000000002,"BAIXO","Zona da Mata","Muriaé",310550,"12 - Mata"]
[61,"Barbacena",758.37,126325,17095043000109,0.76900000000000002,"ALTO","Central","Barbacena",310560,"13 - Vertentes"]
[62,"Barra Longa",383.97,6147,18316182000170,0.624,"BAIXO","Zona da Mata","Ponte Nova",310570,"11 - Caparaó","2020-02-16"]
[63,"Barroso",82.33,19623,18094755000168,0.73399999999999999,"ALTO","Central","Barbacena",310590,"13 - Vertentes"]
[64,"Bela Vista de Minas",108.52,10012,18311043000153,0.67400000000000004,"ALTO","Central","Itabira",310600,"09 - Metropolitana","2018-12-01"]
[65,"Belmiro Braga",392.11,3404,18338129000170,0.66,{"$f":"IF(F66<0.668,\"BAIXO\",\"ALTO\")","v":"BAIXO"},"Zona da Mata","Juiz de Fora",310610,"12 - Mata"]
[66,"Belo Horizonte",330.23,2375444,18715383000140,0.81,"ALTO","Central","Belo Horizonte",310620,"09 - Metropolitana","2020-03-01"]
[67,"Belo Oriente",335.31,23397,17005653000166,0.68600000000000005,"ALTO","Rio Doce","Ipatinga",310630,"08 - Vale do Aço"]
[68,"Belo Vale",367.17,7536,18363937000197,0.65500000000000003,"BAIXO","Central","Itaguara",310640,"09 - Metropolitana"]
[69,"Berilo",584.85,12307,17700758000135,0.628,"BAIXO","Jequitinhonha/Mucuri","Capelinha",310650,"05 - Alto Jequitinhonha","2018-06-05","Normal","Adimplente","2018-03-02"]
[70,"Berizal",488.89,4371,1614602000100,0.60399999999999998,"BAIXO","Norte de Minas","Salinas",310665,"02 - Norte"]
[71,"Bertópolis",427.38,4498,18404897000184,0.59399999999999997,"BAIXO","Jequitinhonha/Mucuri","Nanuque",310660,"04 - Mucuri"]
[72,"Betim",346.26,377547,18715391000196,0.749,"ALTO","Central","Belo Horizonte",310670,"09 - Metropolitana"]
[73,"Bias Fortes",285.3,3796,18094771000150,0.62,"BAIXO","Zona da Mata","Juiz de Fora",310680,"12 - Mata"]
[74,"Bicas",139.69999999999999,13653,17722935000184,0.74399999999999999,"ALTO","Zona da Mata","Juiz de Fora",310690,"12 - Mata"]
[75,"Biquinhas",458.95,2634,18296640000156,0.68799999999999994,"ALTO","Central","Três Marias",310700,"06 - Central"]
[76,"Boa Esperança",861.09,38509,18239590000175,0.70399999999999996,"ALTO","Sul de Minas","Varginha",310710,"14 - Sul","2019-03-17"]
[77,"Bocaina de Minas",502.79,5000,18194076000160,0.64500000000000002,"BAIXO","Sul de Minas","Andrelândia",310720,"12 - Mata"]
[78,"Bocaiúva",3231.56,46595,18803072000132,0.7,"ALTO","Norte de Minas","Bocaiúva",310730,"02 - Norte","2019-11-13"]
[79,"Bom Despacho",1218.1199999999999,45626,18301002000186,0.75,"ALTO","Centro Oeste de Minas","Bom despacho",310740,"10 - Oeste"]
[80,"Bom Jardim de Minas",411.87,6513,18684217000123,0.67300000000000004,"ALTO","Sul de Minas","Andrelândia",310750,"12 - Mata"]
[81,"Bom Jesus da Penha",208.02,3882,18187815000197,0.73499999999999999,"ALTO","Sul de Minas","Passos",310760,"15 - Sudoeste"]
[82,"Bom Jesus do Amparo",195.16,5495,18317693000106,0.68300000000000005,"ALTO","Central","Itabira",310770,"09 - Metropolitana"]
[83,"Bom Jesus do Galho",593.12,15376,18334276000171,0.623,"BAIXO","Rio Doce","Caratinga",310780,"08 - Vale do Aço","2019-09-11"]
[84,"Bom Repouso",229.77,10457,18675892000196,0.65300000000000002,"BAIXO","Sul de Minas","Pouso Alegre",310790,"14 - Sul","2019-10-26"]
[85,"Bom Sucesso",705.02,17244,18244368000160,0.69199999999999995,"ALTO","Centro Oeste de Minas","Oliveira",310800,"10 - Oeste"]
[86,"Bonfim",301.63,6816,18363945000133,0.63700000000000001,"BAIXO","Central","Itaguara",310810,"09 - Metropolitana","2018-08-18"]
[87,"Bonfinópolis de Minas",1789.44,5867,18125138000182,0.67800000000000005,"ALTO","Noroeste de Minas","Unaí",310820,"01 - Noroeste","2020-03-09"]
[88,"Bonito de Minas",3911.42,9671,1612493000183,0.53700000000000003,"BAIXO","Norte de Minas","Januária",310825,"02 - Norte","2019-05-11"]
[89,"Borda da Mata",300,17129,17912023000175,0.73,"ALTO","Sul de Minas","Pouso Alegre",310830,"14 - Sul","2019-10-20"]
[90,"Botelhos",341.75,14935,17847641000189,0.70199999999999996,"ALTO","Sul de Minas","Poços de Caldas",310840,"14 - Sul"]
[91,"Botumirim",1569.17,6497,18017418000177,0.60199999999999998,"BAIXO","Norte de Minas","Grão Mogol",310850,"02 - Norte"]
[92,"Brás Pires",222.64,4650,18128272000137,0.625,"BAIXO","Zona da Mata","Viçosa",310870,"12 - Mata","2018-06-18","Normal","Adimplente","2018-03-02"]
[93,"Brasilândia de Minas",2512.4899999999998,14226,1602009000135,0.67400000000000004,"ALTO","Noroeste de Minas","Paracatu",310855,"01 - Noroeste"]
[94,"Brasília de Minas",1394.2,31221,18017442000106,0.65600000000000003,"BAIXO","Norte de Minas","Montes Claros",310860,"02 - Norte"]
[95,"Brasópolis",365.97,14663,18025890000151,0.69199999999999995,"ALTO","Sul de Minas","Itajubá",310890,"14 - Sul"]
[96,"Braúnas",376.23,5034,18307389000188,0.624,"BAIXO","Rio Doce","Guanhães",310880,"09 - Metropolitana"]
[97,"Brumadinho",640.08000000000004,34013,18363929000140,0.747,"ALTO","Central","Belo Horizonte",310900,"09 - Metropolitana"]
[98,"Bueno Brandão",355.45,10892,18940098000122,0.65800000000000003,"BAIXO","Sul de Minas","Pouso Alegre",310910,"14 - Sul","2019-12-03","Normal","Adimplente","2018-12-19"]
[99,"Buenópolis",1601.85,10291,17694852000129,0.66900000000000004,"ALTO","Central","Curvelo",310920,"06 - Central","2020-01-31"]
[100,"Bugre",161.62,3990,1613126000102,0.627,"BAIXO","Rio Doce","Caratinga",310925,"08 - Vale do Aço","2020-03-01","Normal","Adimplente","2018-12-12"]
[101,"Buritis",5219.91,22729,18125146000129,0.67200000000000004,"ALTO","Noroeste de Minas","Unaí",310930,"01 - Noroeste"]
[102,"Buritizeiro",7236.21,26921,18279067000172,0.624,"BAIXO","Norte de Minas","Pirapora",310940,"02 - Norte"]
[103,"Cabeceira Grande",1032.5,6453,1603707000155,0.64800000000000002,"BAIXO","Noroeste de Minas","Unaí",310945,"01 - Noroeste","2018-10-14"]
[104,"Cabo Verde",368.92,13823,17909599000183,0.67400000000000004,"ALTO","Sul de Minas","São Sebastião do Paraíso",310950,"14 - Sul"]
[105,"Cachoeira da Prata",60.39,3654,25004532000128,0.74099999999999999,"ALTO","Central","Sete Lagoas",310960,"09 - Metropolitana"]
[106,"Cachoeira de Minas",304.87,11034,18675959000192,0.70599999999999996,"ALTO","Sul de Minas","Santa Rita do Sapucaí",310970,"14 - Sul"]
[107,"Cachoeira de Pajeú",694.17,8962,18414599000175,0.57799999999999996,"BAIXO","Jequitinhonha/Mucuri","Pedra Azul",310270,"03 - Médio e Baixo Jequitinhonha"]
[108,"Cachoeira Dourada",202.83,2506,18457267000178,0.72599999999999998,"ALTO","Triângulo","Ituiutaba",310980,"16 - Triângulo Norte"]
[109,"Caetanópolis",155.79,10227,23221351000128,0.70599999999999996,"ALTO","Central","Sete Lagoas",310990,"09 - Metropolitana"]
[110,"Caeté",542.24,40786,18302299000102,0.72799999999999998,"ALTO","Central","Belo Horizonte",311000,"09 - Metropolitana"]
[111,"Caiana",107.07,4970,18114256000195,0.63300000000000001,"BAIXO","Zona da Mata","Muriaé",311010,"12 - Mata"]
[112,"Cajuri",83,4047,18132456000170,0.61699999999999999,"BAIXO","Zona da Mata","Viçosa",311020,"11 - Caparaó"]
[113,"Caldas",712.1,13630,18625129000150,0.68700000000000006,"ALTO","Sul de Minas","Poços de Caldas",311030,"14 - Sul","2020-04-12"]
[114,"Camacho",222.18,3154,18308726000151,0.69,"ALTO","Centro Oeste de Minas","Formiga",311040,"10 - Oeste"]
[115,"Camanducaia",527.96,21074,17935396000161,0.68899999999999995,"ALTO","Sul de Minas","Pouso Alegre",311050,"14 - Sul","2018-08-19","Normal","Adimplente","2018-03-02"]
[116,"Cambuí",244.01,26491,18675975000185,0.751,"ALTO","Sul de Minas","Pouso Alegre",311060,"14 - Sul","2019-03-25"]
[117,"Cambuquira",245.44,12658,17955386000198,0.69899999999999995,"ALTO","Sul de Minas","São Lourenço",311070,"14 - Sul","2019-02-24"]
[118,"Campanário",442.81,3559,18404905000192,0.61599999999999999,"BAIXO","Rio Doce","Governador Valadares",311080,"04 - Mucuri"]
[119,"Campanha",335.24,15435,18712174000142,0.70899999999999996,"ALTO","Sul de Minas","Varginha",311090,"14 - Sul","2019-10-06"]
[120,"Campestre",576.94000000000005,20701,18178400000157,0.69799999999999995,"ALTO","Sul de Minas","Poços de Caldas",311100,"14 - Sul","2018-08-18"]
[121,"Campina Verde",3652.37,19285,18457291000107,0.70399999999999996,"ALTO","Triângulo","Frutal",311110,"16 - Triângulo Norte","2018-10-17"]
[122,"Campo Azul",510.37,3685,1612551000179,0.621,"BAIXO","Norte de Minas","Montes Claros",311115,"02 - Norte"]
[123,"Campo Belo",527.9,51509,18659334000137,0.71099999999999997,"ALTO","Centro Oeste de Minas","Campo Belo",311120,"10 - Oeste"]
[124,"Campo do Meio",274.10000000000002,11518,18239582000129,0.68300000000000005,"ALTO","Sul de Minas","Varginha",311130,"14 - Sul","2019-08-05","Normal","Adimplente","2018-05-25"]
[125,"Campo Florido",1268.3900000000001,6870,18428862000185,0.70599999999999996,"ALTO","Triângulo","Uberaba",311140,"17 - Triângulo Sul","2020-10-03","Bloqueado","Adimplente","2018-03-02"]
[126,"Campos Altos",708.84,14213,18298190000130,0.70199999999999996,"ALTO","Alto Paranaíba","Araxá",311150,"17 - Triângulo Sul"]
[127,"Campos Gerais",770.3,27623,18245175000124,0.68200000000000005,"ALTO","Sul de Minas","Varginha",311160,"14 - Sul"]
[128,"Cana Verde",213.04,5589,18244426000156,0.65,"BAIXO","Centro Oeste de Minas","Campo Belo",311190,"10 - Oeste","2019-09-29","Normal","Adimplente","2018-12-03"]
[129,"Canaã",175.84,4631,18132712000120,0.64900000000000002,{"$f":"IF(F130<0.668,\"BAIXO\",\"ALTO\")","v":"BAIXO"},"Zona da Mata","Viçosa",311170,"11 - Caparaó","2020-01-15"]
[130,"Canápolis",844.17,11357,18457200000133,0.72199999999999998,"ALTO","Triângulo","Uberlândia",311180,"16 - Triângulo Norte"]
[131,"Candeias",720.67,14592,17888090000100,0.67800000000000005,"ALTO","Centro Oeste de Minas","Campo Belo",311200,"10 - Oeste"]
[132,"Cantagalo",141.88,4190,1617441000108,0.63100000000000001,"BAIXO","Rio Doce","Peçanha",311205,"07 - Vale do Rio Doce"]
[133,"Caparaó",130.72999999999999,5209,18114249000193,0.624,"BAIXO","Zona da Mata","Manhuaçu",311210,"11 - Caparaó"]
[134,"Capela Nova",110.8,4758,19259951000108,0.64800000000000002,"BAIXO","Central","Barbacena",311220,"13 - Vertentes","2019-10-07","Normal","Adimplente","2019-04-29"]
[135,"Capelinha",964.89,34796,19229921000159,0.65300000000000002,"BAIXO","Jequitinhonha/Mucuri","Capelinha",311230,"05 - Alto Jequitinhonha","2019-07-01"]
[136,"Capetinga",296.95,7089,17894031000136,0.67500000000000004,"ALTO","Sul de Minas","Passos",311240,"15 - Sudoeste","2019-02-18","Normal","Adimplente","2018-12-18"]
[137,"Capim Branco",94.72,8880,18314617000147,0.69499999999999995,"ALTO","Central","Sete Lagoas",311250,"09 - Metropolitana"]
[138,"Capinópolis",623.29,15297,18457234000128,0.72299999999999998,"ALTO","Triângulo","Ituiutaba",311260,"16 - Triângulo Norte"]
[139,"Capitão Andrade",279.27,4929,66229105000125,0.624,"BAIXO","Rio Doce","Governador Valadares",311265,"07 - Vale do Rio Doce"]
[140,"Capitão Enéas",972.92,14206,18017426000113,0.63900000000000001,"BAIXO","Norte de Minas","Montes Claros",311270,"02 - Norte"]
[141,"Capitólio",520.89,8185,16726028000140,0.71,"ALTO","Sul de Minas","Passos",311280,"15 - Sudoeste","2020-02-02","Normal","Adimplente","2018-05-28"]
[142,"Caputira",187.84,9033,18385138000111,0.61499999999999999,"BAIXO","Zona da Mata","Manhuaçu",311290,"11 - Caparaó"]
[143,"Caraí",1243.51,22343,18404848000141,0.55800000000000005,"BAIXO","Jequitinhonha/Mucuri","Araçuaí",311300,"03 - Médio e Baixo Jequitinhonha"]
[144,"Caranaíba",159.82,3288,18094789000152,0.63400000000000001,"BAIXO","Central","Barbacena",311310,"13 - Vertentes","2019-07-27"]
[145,"Carandaí",486.45,23341,18094797000107,0.69699999999999995,"ALTO","Central","Barbacena",311320,"13 - Vertentes"]
[146,"Carangola",353.44,32321,19279827000104,0.69499999999999995,"ALTO","Zona da Mata","Muriaé",311330,"12 - Mata","2019-08-27","Normal","Adimplente","2018-05-17"]
[147,"Caratinga",1258.69,85322,18334268000125,0.70599999999999996,"ALTO","Rio Doce","Caratinga",311340,"08 - Vale do Aço","2019-11-04"]
[148,"Carbonita",1457.59,9158,21154174000189,0.63800000000000001,"BAIXO","Jequitinhonha/Mucuri","Capelinha",311350,"05 - Alto Jequitinhonha"]
[149,"Careaçu",180.72,6302,17935388000115,0.68300000000000005,"ALTO","Sul de Minas","Santa Rita do Sapucaí",311360,"14 - Sul","2019-12-09","Normal","Adimplente","2018-11-28"]
[150,"Carlos Chagas",3199.5,20087,19388107000187,0.64800000000000002,"BAIXO","Jequitinhonha/Mucuri","Nanuque",311370,"04 - Mucuri"]
[151,"Carmésia",259.32,2460,18303172000108,0.65,"BAIXO","Rio Doce","Guanhães",311380,"09 - Metropolitana"]
[152,"Carmo da Cachoeira",506.89,11836,18240135000190,0.65500000000000003,"BAIXO","Sul de Minas","Varginha",311390,"14 - Sul"]
[153,"Carmo da Mata",359.1,10927,18312967000174,0.68899999999999995,"ALTO","Centro Oeste de Minas","Oliveira",311400,"10 - Oeste"]
[154,"Carmo de Minas",322.54000000000002,13752,18188243000160,0.68200000000000005,"ALTO","Sul de Minas","São Lourenço",311410,"14 - Sul"]
[155,"Carmo do Cajuru",454.77,20018,18291377000102,0.71,"ALTO","Centro Oeste de Minas","Divinópolis",311420,"10 - Oeste"]
[156,"Carmo do Paranaíba",1306.92,29752,18602029000109,0.70499999999999996,"ALTO","Alto Paranaíba","Patos de Minas",311430,"01 - Noroeste"]
[157,"Carmo do Rio Claro",1064.33,20426,18243287000146,0.73299999999999998,"ALTO","Sul de Minas","Alfenas",311440,"15 - Sudoeste","2019-02-18"]
[158,"Carmópolis de Minas",400.9,17050,18312983000167,0.7,"ALTO","Centro Oeste de Minas","Oliveira",311450,"10 - Oeste","2019-04-06"]
[159,"Carneirinho",2068.46,9467,26042515000148,0.74099999999999999,"ALTO","Triângulo","Frutal",311455,"17 - Triângulo Sul"]
[160,"Carrancas",728.5,3952,17953332000193,0.72499999999999998,"ALTO","Sul de Minas","Lavras",311460,"14 - Sul"]
[161,"Carvalhópolis",80.709999999999994,3350,18242800000184,0.72399999999999998,"ALTO","Sul de Minas","Alfenas",311470,"14 - Sul"]
[162,"Carvalhos",282.32,4555,18194217000145,0.64600000000000002,"BAIXO","Sul de Minas","Andrelândia",311480,"14 - Sul"]
[163,"Casa Grande",157.61000000000001,2242,18667477000190,0.65200000000000002,"BAIXO","Central","Conselheiro Lafaiete",311490,"13 - Vertentes"]
[164,"Cascalho Rico",368.1,2857,18259374000191,0.72099999999999997,"ALTO","Triângulo","Uberlândia",311500,"16 - Triângulo Norte"]
[165,"Cássia",666.67,17428,17894049000138,0.70399999999999996,"ALTO","Sul de Minas","Passos",311510,"15 - Sudoeste","2019-06-10","Normal","Adimplente","2018-12-12"]
[166,"Cataguases",491.36,69810,17702499000181,0.751,"ALTO","Zona da Mata","Cataguases",311530,"12 - Mata"]
[167,"Catas Altas",238.21,4839,1612370000142,0.68400000000000005,"ALTO","Central","Itabira",311535,"09 - Metropolitana"]
[168,"Catas Altas da Noruega",142.33000000000001,3462,19718378000153,0.6,"BAIXO","Central","Conselheiro Lafaiete",311540,"13 - Vertentes"]
[169,"Catuji",418.25,6705,26218636000106,0.54,"BAIXO","Jequitinhonha/Mucuri","Teófilo Otoni",311545,"04 - Mucuri","2019-12-02","Normal","Adimplente","2018-12-12"]
[170,"Catuti",286.55,5102,1612502000136,0.621,"BAIXO","Norte de Minas","Janaúba",311547,"02 - Norte","2020-03-16"]
[171,"Caxambu",101.06,21719,18008870000172,0.74299999999999999,"ALTO","Sul de Minas","São Lourenço",311550,"14 - Sul"]
[172,"Cedro do Abaeté",281.56,1212,18296657000103,0.67800000000000005,"ALTO","Central","Três Marias",311560,"06 - Central"]
[173,"Central de Minas",204.8,6774,17990714000197,0.66500000000000004,"BAIXO","Rio Doce","Mantena",311570,"07 - Vale do Rio Doce","2018-12-08","Normal","Adimplente","2018-03-02"]
[174,"Centralina",324.62,10270,18260497000142,0.67800000000000005,"ALTO","Triângulo","Uberlândia",311580,"16 - Triângulo Norte"]
[175,"Chácara",152.88,2792,18338137000116,0.66400000000000003,"BAIXO","Zona da Mata","Juiz de Fora",311590,"12 - Mata"]
[176,"Chalé",213.32,5647,18392548000190,0.65500000000000003,"BAIXO","Zona da Mata","Manhuaçu",311600,"11 - Caparaó"]
[177,"Chapada do Norte",829,15165,16886608000103,0.59799999999999998,"BAIXO","Jequitinhonha/Mucuri","Capelinha",311610,"05 - Alto Jequitinhonha","2018-08-15","Normal"]
[178,"Chapada Gaúcha",3252.63,10792,1563351000173,0.63500000000000001,"BAIXO","Norte de Minas","Januária",311615,"01 - Noroeste","2020-02-15","Bloqueado","Adimplente","2018-12-03"]
[179,"Chiador",252.64,2785,18338145000162,0.71099999999999997,"ALTO","Zona da Mata","Juiz de Fora",311620,"12 - Mata"]
[180,"Cipotânea",153.61000000000001,6547,18094805000107,0.57899999999999996,"BAIXO","Zona da Mata","Viçosa",311630,"13 - Vertentes","2018-06-16","Bloqueado","Adimplente","2018-03-02"]
[181,"Claraval",226.11,4544,17894056000130,0.69799999999999995,"ALTO","Sul de Minas","Passos",311640,"15 - Sudoeste"]
[182,"Claro dos Poções",720.23,7781,21498274000122,0.67,"ALTO","Norte de Minas","Montes Claros",311650,"02 - Norte"]
[183,"Cláudio",631.11,25777,18308775000194,0.70899999999999996,"ALTO","Centro Oeste de Minas","Divinópolis",311660,"10 - Oeste"]
[184,"Coimbra",106.54,7054,18132464000117,0.66900000000000004,"ALTO","Zona da Mata","Viçosa",311670,"12 - Mata","2019-10-26"]
[185,"Coluna",348.28,9024,18307397000124,0.58299999999999996,"BAIXO","Rio Doce","Guanhães",311680,"05 - Alto Jequitinhonha"]
[186,"Comendador Gomes",1040.31,2972,18449173000157,0.69699999999999995,"ALTO","Triângulo","Frutal",311690,"17 - Triângulo Sul","2020-01-26","Normal","Adimplente","2019-08-06"]
[187,"Comercinho",654.66,8309,18414615000120,0.59299999999999997,"BAIXO","Jequitinhonha/Mucuri","Pedra Azul",311700,"03 - Médio e Baixo Jequitinhonha"]
[188,"Conceição da Aparecida",352.4,9814,18243295000192,0.69099999999999995,"ALTO","Sul de Minas","Alfenas",311710,"15 - Sudoeste","2019-09-03","Normal","Adimplente","2018-07-05"]
[189,"Conceição da Barra de Minas",273.18,3961,18557587000108,0.68500000000000005,"ALTO","Central","São João del Rei",311520,"13 - Vertentes"]
[190,"Conceição das Alagoas",1335.34,23055,18428854000139,0.71199999999999997,"ALTO","Triângulo","Uberaba",311730,"17 - Triângulo Sul","2019-11-28"]
[191,"Conceição das Pedras",102.26,2749,18025908000115,0.66800000000000004,"ALTO","Sul de Minas","Santa Rita do Sapucaí",311720,"14 - Sul"]
[192,"Conceição de Ipanema",254.11,4467,18334300000172,0.67600000000000005,"ALTO","Rio Doce","Aimorés",311740,"11 - Caparaó"]
[193,"Conceição do Mato Dentro",1725.56,17914,18303156000107,0.63400000000000001,{"$f":"IF(F194<0.668,\"BAIXO\",\"ALTO\")","v":"BAIXO"},"Central","Conceição do Mato dentro",311750,"09 - Metropolitana"]
[194,"Conceição do Pará",247.28,5162,18315200000107,0.7,"ALTO","Centro Oeste de Minas","Divinópolis",311760,"10 - Oeste"]
[195,"Conceição do Rio Verde",370.34,12950,18008888000174,0.66500000000000004,"BAIXO","Sul de Minas","São Lourenço",311770,"14 - Sul"]
[196,"Conceição dos Ouros",183.43,10388,18677609000165,0.70299999999999996,"ALTO","Sul de Minas","Santa Rita do Sapucaí",311780,"14 - Sul"]
[197,"Cônego Marinho",1640.2,7089,1612492000139,0.621,"BAIXO","Norte de Minas","Januária",311783,"02 - Norte"]
[198,"Confins",41.67,5943,1006232000110,0.747,"ALTO","Central","Belo Horizonte",311787,"09 - Metropolitana"]
[199,"Congonhal",206.01,10480,18675967000139,0.71199999999999997,"ALTO","Sul de Minas","Pouso Alegre",311790,"14 - Sul"]
[200,"Congonhas",305.08999999999997,48550,16752446000102,0.753,"ALTO","Central","Conselheiro Lafaiete",311800,"13 - Vertentes"]
[201,"Congonhas do Norte",399.52,4947,18303180000146,0.56799999999999995,"BAIXO","Central","Conceição do Mato dentro",311810,"09 - Metropolitana"]
[202,"Conquista",618.36,6527,18428888000123,0.72899999999999998,"ALTO","Triângulo","Uberaba",311820,"17 - Triângulo Sul"]
[203,"Conselheiro Lafaiete",369.31,116527,19718360000151,0.76100000000000001,"ALTO","Central","Conselheiro Lafaiete",311830,"13 - Vertentes"]
[204,"Conselheiro Pena",1466.74,22232,19769660000160,0.66200000000000003,"BAIXO","Rio Doce","Aimorés",311840,"07 - Vale do Rio Doce","2019-12-02"]
[205,"Consolação",86.27,1727,18025916000161,0.67300000000000004,"ALTO","Sul de Minas","Itajubá",311850,"14 - Sul","2019-08-18"]
[206,"Contagem",194.38,603048,18715508000131,0.75600000000000001,"ALTO","Central","Belo Horizonte",311860,"09 - Metropolitana","2020-01-07","Normal","Adimplente","2019-07-18"]
[207,"Coqueiral",296.41000000000003,9287,18239624000121,0.69399999999999995,"ALTO","Sul de Minas","Varginha",311870,"14 - Sul"]
[208,"Coração de Jesus",2227.5100000000002,26035,22680672000128,0.64200000000000002,"BAIXO","Norte de Minas","Montes Claros",311880,"02 - Norte"]
[209,"Cordisburgo",822.65,8667,18116137000171,0.65600000000000003,"BAIXO","Central","Sete Lagoas",311890,"09 - Metropolitana"]
[210,"Cordislândia",179.6,3435,18712166000104,0.66,"BAIXO","Sul de Minas","Santa Rita do Sapucaí",311900,"14 - Sul","2018-10-17","Normal","Adimplente","2018-07-05"]
[211,"Corinto",2522.92,23901,17695016000169,0.68,"ALTO","Central","Curvelo",311910,"06 - Central"]
[212,"Coroaci",576.66,10274,18085647000129,0.626,"BAIXO","Rio Doce","Governador Valadares",311920,"07 - Vale do Rio Doce"]
[213,"Coromandel",3310.07,27551,18591149000158,0.70799999999999996,"ALTO","Alto Paranaíba","Patrocínio",311930,"16 - Triângulo Norte"]
[214,"Coronel Fabriciano",222.08,103797,19875046000182,0.755,"ALTO","Rio Doce","Ipatinga",311940,"08 - Vale do Aço","2019-11-06"]
[215,"Coronel Murta",814.4,9117,18348722000105,0.627,"BAIXO","Jequitinhonha/Mucuri","Araçuaí",311950,"03 - Médio e Baixo Jequitinhonha"]
[216,"Coronel Pacheco",131.12,2983,18338152000164,0.66900000000000004,"ALTO","Zona da Mata","Juiz de Fora",311960,"12 - Mata"]
[217,"Coronel Xavier Chaves",140.36000000000001,3301,18557546000103,0.67700000000000005,"ALTO","Central","São João del Rei",311970,"13 - Vertentes"]
[218,"Córrego Danta",656.88,3391,18298174000148,0.69199999999999995,"ALTO","Centro Oeste de Minas","Piuí",311980,"10 - Oeste"]
[219,"Córrego do Bom Jesus",123.32,3732,18677633000102,0.69199999999999995,"ALTO","Sul de Minas","Pouso Alegre",311990,"14 - Sul"]
[220,"Córrego Fundo",101.75,5821,1614862000177,0.67800000000000005,"ALTO","Centro Oeste de Minas","Formiga",311995,"10 - Oeste","2018-10-08","Normal","Adimplente","2018-03-02"]
[221,"Córrego Novo",206.45,3129,18334284000118,0.63200000000000001,"BAIXO","Rio Doce","Caratinga",312000,"08 - Vale do Aço","2020-02-03"]
[222,"Couto de Magalhães de Minas",485.96,4204,17754177000186,0.65900000000000003,"BAIXO","Central","Diamantina",312010,"05 - Alto Jequitinhonha"]
[223,"Crisólita",966.38,6040,1614283000124,0.58499999999999996,"BAIXO","Jequitinhonha/Mucuri","Nanuque",312015,"04 - Mucuri","2020-01-26","Normal","Adimplente","2019-07-30"]
[224,"Cristais",627.77,11301,17888082000155,0.69199999999999995,"ALTO","Centro Oeste de Minas","Campo Belo",312020,"10 - Oeste"]
[225,"Cristália",838.93,5760,18017434000160,0.58299999999999996,"BAIXO","Norte de Minas","Grão Mogol",312030,"02 - Norte"]
[226,"Cristiano Otoni",132.44,5007,19718402000154,0.69499999999999995,"ALTO","Central","Conselheiro Lafaiete",312040,"13 - Vertentes"]
[227,"Cristina",311.67,10214,18188250000162,0.66800000000000004,"ALTO","Sul de Minas","Itajubá",312050,"14 - Sul","2020-01-29","Normal","Adimplente","2018-12-03"]
[228,"Crucilândia",166.85,4749,18313007000129,0.65100000000000002,"BAIXO","Central","Itaguara",312060,"09 - Metropolitana"]
[229,"Cruzeiro da Fortaleza",187.92,3934,18468041000172,0.69599999999999995,"ALTO","Alto Paranaíba","Patrocínio",312070,"16 - Triângulo Norte","2018-07-30","Normal","Adimplente","2018-05-25"]
[230,"Cruzília",523.17999999999995,14596,18008904000129,0.69499999999999995,"ALTO","Sul de Minas","Andrelândia",312080,"14 - Sul"]
[231,"Cuparaque",228.88,4680,1615422000134,0.627,"BAIXO","Rio Doce","Aimorés",312083,"07 - Vale do Rio Doce"]
[232,"Curral de Dentro",569.99,6930,1613076000155,0.58499999999999996,"BAIXO","Norte de Minas","Salinas",312087,"02 - Norte"]
[233,"Curvelo",3295.85,74184,17695024000105,0.71299999999999997,"ALTO","Central","Curvelo",312090,"06 - Central","2019-10-12","Normal","Adimplente","2018-06-21"]
[234,"Datas",310.43,5210,17754193000179,0.61599999999999999,"BAIXO","Central","Diamantina",312100,"05 - Alto Jequitinhonha"]
[235,"Delfim Moreira",408.5,7971,18025924000108,0.66900000000000004,"ALTO","Sul de Minas","Itajubá",312110,"14 - Sul"]
[236,"Delfinópolis",1403.13,6830,17894064000186,0.74,"ALTO","Sul de Minas","Passos",312120,"15 - Sudoeste"]
[237,"Delta",102.14,8107,1020881000175,0.63900000000000001,"BAIXO","Triângulo","Uberaba",312125,"17 - Triângulo Sul"]
[238,"Descoberto",213.62,4757,18558098000162,0.68,"ALTO","Zona da Mata","Juiz de Fora",312130,"12 - Mata"]
[239,"Desterro de Entre Rios",376.97,7002,20356762000132,0.63900000000000001,"BAIXO","Central","Conselheiro Lafaiete",312140,"13 - Vertentes"]
[240,"Desterro do Melo",143.05000000000001,3009,18094813000153,0.63100000000000001,"BAIXO","Central","Barbacena",312150,"13 - Vertentes"]
[241,"Diamantina",3893.62,45884,17754136000190,0.71599999999999997,"ALTO","Central","Diamantina",312160,"05 - Alto Jequitinhonha","2020-04-08"]
[242,"Diogo de Vasconcelos",165.23,3848,18295311000190,0.60099999999999998,"BAIXO","Central","Ouro Preto",312170,"11 - Caparaó","2019-11-16","Normal","Adimplente","2018-12-27"]
[243,"Dionísio",345.33,8739,20126439000172,0.70199999999999996,"ALTO","Central","Itabira",312180,"09 - Metropolitana","2019-12-02","Normal","Adimplente","2019-09-02"]
[244,"Divinésia",117.35,3292,18128280000183,0.65700000000000003,"BAIXO","Zona da Mata","Ubá",312190,"12 - Mata"]
[245,"Divino",337.63,19131,18114272000188,0.60499999999999998,"BAIXO","Zona da Mata","Muriaé",312200,"12 - Mata","2018-07-17"]
[246,"Divino das Laranjeiras",341.13,4937,18357079000178,0.66100000000000003,"BAIXO","Rio Doce","Governador Valadares",312210,"07 - Vale do Rio Doce"]
[247,"Divinolândia de Minas",132,7036,18307405000132,0.623,"BAIXO","Rio Doce","Guanhães",312220,"09 - Metropolitana","2019-10-17","Normal","adimplente","2018-06-18"]
[248,"Divinópolis",709.73,213076,18291351000164,0.76400000000000001,"ALTO","Centro Oeste de Minas","Divinópolis",312230,"10 - Oeste","2020-03-09"]
[249,"Divisa Alegre",121.46,5884,1613073000111,0.60799999999999998,"BAIXO","Norte de Minas","Salinas",312235,"03 - Médio e Baixo Jequitinhonha"]
[250,"Divisa Nova",216.98,5760,18243279000108,0.67,"ALTO","Sul de Minas","Alfenas",312240,"14 - Sul"]
[251,"Divisópolis",565.88,8970,66234311000123,0.60899999999999999,"BAIXO","Jequitinhonha/Mucuri","Almenara",312245,"03 - Médio e Baixo Jequitinhonha"]
[252,"Dom Bosco",814.99,3817,1602782000100,0.67300000000000004,"ALTO","Noroeste de Minas","Unaí",312247,"01 - Noroeste"]
[253,"Dom Cavati",59.41,5210,18080283000194,0.68799999999999994,"ALTO","Rio Doce","Caratinga",312250,"08 - Vale do Aço","2019-09-09"]
[254,"Dom Joaquim",398.71,4535,18303198000148,0.622,"BAIXO","Central","Conceição do Mato dentro",312260,"09 - Metropolitana"]
[255,"Dom Silvério",195.34,5193,18297226000161,0.70899999999999996,"ALTO","Zona da Mata","Ponte Nova",312270,"11 - Caparaó"]
[256,"Dom Viçoso",114.08,2994,18188268000164,0.68700000000000006,"ALTO","Sul de Minas","Itajubá",312280,"14 - Sul","2019-09-04"]
[257,"Dona Euzébia",70.209999999999994,6001,17706656000127,0.70099999999999996,{"$f":"IF(F258<0.668,\"BAIXO\",\"ALTO\")","v":"ALTO"},"Zona da Mata","Cataguases",312290,"12 - Mata"]
[258,"Dores de Campos",124.62,9303,18094821000108,0.68600000000000005,"ALTO","Central","São João del Rei",312300,"13 - Vertentes"]
[259,"Dores de Guanhães",381.73,5223,18307413000189,0.63600000000000001,"BAIXO","Rio Doce","Guanhães",312310,"09 - Metropolitana"]
[260,"Dores do Indaiá",1116.1500000000001,13781,18301010000122,0.71899999999999997,"ALTO","Centro Oeste de Minas","Bom despacho",312320,"10 - Oeste","2020-01-13"]
[261,"Dores do Turvo",230.38,4439,18128249000142,0.629,"BAIXO","Zona da Mata","Ubá",312330,"12 - Mata"]
[262,"Doresópolis",153.49,1440,18306647000101,0.69199999999999995,"ALTO","Centro Oeste de Minas","Piuí",312340,"15 - Sudoeste"]
[263,"Douradoquara",315.42,1841,18158261000108,0.70599999999999996,"ALTO","Alto Paranaíba","Patrocínio",312350,"16 - Triângulo Norte","2019-12-09"]
[264,"Durandé",217.8,7402,66232547000120,0.64500000000000002,"BAIXO","Zona da Mata","Manhuaçu",312352,"11 - Caparaó"]
[265,"Elói Mendes",498.69,25266,20347225000126,0.68500000000000005,"ALTO","Sul de Minas","Varginha",312360,"14 - Sul","2019-10-08"]
[266,"Engenheiro Caldas",189.36,10276,18080655000182,0.64400000000000002,"BAIXO","Rio Doce","Governador Valadares",312370,"07 - Vale do Rio Doce"]
[267,"Engenheiro Navarro",606.45000000000005,7125,17697152000198,0.65500000000000003,"BAIXO","Norte de Minas","Bocaiúva",312380,"02 - Norte"]
[268,"Entre Folhas",86.47,5172,66229626000182,0.63400000000000001,"BAIXO","Rio Doce","Caratinga",312385,"08 - Vale do Aço","2019-02-26"]
[269,"Entre Rios de Minas",457.31,14262,20356747000194,0.67200000000000004,"ALTO","Central","Conselheiro Lafaiete",312390,"13 - Vertentes"]
[270,"Ervália",356.87,17958,18133306000181,0.625,"BAIXO","Zona da Mata","Viçosa",312400,"12 - Mata"]
[271,"Esmeraldas",909.98,60153,18715466000139,0.67100000000000004,"ALTO","Central","Belo Horizonte",312410,"09 - Metropolitana"]
[272,"Espera Feliz",325.60000000000002,22859,18114264000131,0.66300000000000003,"BAIXO","Zona da Mata","Muriaé",312420,"12 - Mata","2019-11-07","Normal","Adimplente","2019-05-10"]
[273,"Espinosa",1877.04,31113,18650952000116,0.627,"BAIXO","Norte de Minas","Janaúba",312430,"02 - Norte","2019-07-07"]
[274,"Espírito Santo do Dourado",264.39,4429,18675900000102,0.68500000000000005,"ALTO","Sul de Minas","Pouso Alegre",312440,"14 - Sul","2019-10-14"]
[275,"Estiva",243.61,10844,18675918000104,0.69099999999999995,"ALTO","Sul de Minas","Pouso Alegre",312450,"14 - Sul"]
[276,"Estrela Dalva",131.54,2470,18592162000121,0.71,"ALTO","Zona da Mata","Cataguases",312460,"12 - Mata"]
[277,"Estrela do Indaiá",637.19000000000005,3515,17710096000184,0.67600000000000005,"ALTO","Centro Oeste de Minas","Bom despacho",312470,"10 - Oeste"]
[278,"Estrela do Sul",818.67,7457,18301028000124,0.69599999999999995,"ALTO","Alto Paranaíba","Patrocínio",312480,"16 - Triângulo Norte"]
[279,"Eugenópolis",309.72000000000003,10541,17947656000119,0.67500000000000004,"ALTO","Zona da Mata","Muriaé",312490,"12 - Mata"]
[280,"Ewbank da Câmara",102.8,3752,17747932000103,0.67600000000000005,"ALTO","Zona da Mata","Juiz de Fora",312500,"12 - Mata"]
[281,"Extrema",241.9,28564,18677591000100,0.73199999999999998,"ALTO","Sul de Minas","Pouso Alegre",312510,"14 - Sul"]
[282,"Fama",86.79,2348,18243253000151,0.71699999999999997,"ALTO","Sul de Minas","Alfenas",312520,"14 - Sul"]
[283,"Faria Lemos",165.61,3377,18114280000124,0.68700000000000006,"ALTO","Zona da Mata","Muriaé",312530,"12 - Mata"]
[284,"Felício dos Santos",356.84,5137,17754201000187,0.60599999999999998,"BAIXO","Central","Diamantina",312540,"05 - Alto Jequitinhonha","2018-06-17"]
[285,"Felisburgo",596.52,6887,18083071000160,0.58299999999999996,"BAIXO","Jequitinhonha/Mucuri","Almenara",312560,"03 - Médio e Baixo Jequitinhonha"]
[286,"Felixlândia",1554.51,14121,17695032000151,0.64800000000000002,"BAIXO","Central","Curvelo",312570,"06 - Central"]
[287,"Fernandes Tourinho",151.13,3033,18080887000130,0.64600000000000002,"BAIXO","Rio Doce","Governador Valadares",312580,"07 - Vale do Rio Doce"]
[288,"Ferros",1094.24,10837,18299529000113,0.60299999999999998,"BAIXO","Central","Itabira",312590,"09 - Metropolitana"]
[289,"Fervedouro",357.52,10351,26139790000184,0.57999999999999996,"BAIXO","Zona da Mata","Muriaé",312595,"12 - Mata"]
[290,"Florestal",195.85,6603,18313833000178,0.72399999999999998,"ALTO","Central","Pará de Minas",312600,"09 - Metropolitana"]
[291,"Formiga",1501.02,65064,16784720000125,0.755,"ALTO","Centro Oeste de Minas","Formiga",312610,"10 - Oeste","2019-11-16","Normal","Adimplente","2019-06-06"]
[292,"Formoso",3880.85,8173,18125153000120,0.64,"BAIXO","Noroeste de Minas","Unaí",312620,"01 - Noroeste"]
[293,"Fortaleza de Minas",219.05,4098,18241760000156,0.67,"ALTO","Sul de Minas","Passos",312630,"15 - Sudoeste"]
[294,"Fortuna de Minas",196.08,2701,18116145000118,0.69599999999999995,"ALTO","Central","Sete Lagoas",312640,"09 - Metropolitana","2020-01-12"]
[295,"Francisco Badaró",459.75,10244,18051524000177,0.622,"BAIXO","Jequitinhonha/Mucuri","Capelinha",312650,"05 - Alto Jequitinhonha"]
[296,"Francisco Dumont",1589.37,4867,16885485000188,0.625,"BAIXO","Norte de Minas","Bocaiúva",312660,"02 - Norte","2019-06-11","Normal","adimplente","2018-12-13"]
[297,"Francisco Sá",2744.33,24918,22681423000157,0.65400000000000003,"BAIXO","Norte de Minas","Montes Claros",312670,"02 - Norte"]
[298,"Franciscópolis",712.7,5803,1613394000116,0.60299999999999998,"BAIXO","Jequitinhonha/Mucuri","Teófilo Otoni",312675,"04 - Mucuri"]
[299,"Frei Gaspar",626.28,5880,18404913000139,0.59,"BAIXO","Jequitinhonha/Mucuri","Teófilo Otoni",312680,"04 - Mucuri"]
[300,"Frei Inocêncio",469.64,8924,16945990000170,0.64800000000000002,"BAIXO","Rio Doce","Governador Valadares",312690,"07 - Vale do Rio Doce","2019-11-03"]
[301,"Frei Lagonegro",167.1,3329,1615008000125,0.54300000000000004,"BAIXO","Rio Doce","Peçanha",312695,"07 - Vale do Rio Doce"]
[302,"Fronteira",201.79,14047,18449140000107,0.68400000000000005,"ALTO","Triângulo","Frutal",312700,"17 - Triângulo Sul"]
[303,"Fronteira dos Vales",319.83,4687,18404954000125,0.59199999999999997,"BAIXO","Jequitinhonha/Mucuri","Nanuque",312705,"04 - Mucuri"]
[304,"Fruta de Leite",759.9,5940,1612483000148,0.54400000000000004,"BAIXO","Norte de Minas","Salinas",312707,"02 - Norte"]
[305,"Frutal",2418.69,53474,18449132000160,0.73,"ALTO","Triângulo","Frutal",312710,"17 - Triângulo Sul"]
[306,"Funilândia",200.66,3854,18062414000100,0.65500000000000003,"BAIXO","Central","Sete Lagoas",312720,"09 - Metropolitana","2019-07-29","Normal","Adimplente","2018-07-05"]
[307,"Galiléia",720.65,6966,17005000000187,0.65400000000000003,"BAIXO","Rio Doce","Governador Valadares",312730,"07 - Vale do Rio Doce","2019-10-22"]
[308,"Gameleiras",1735.8,5139,1612482000101,0.65,"BAIXO","Norte de Minas","Janaúba",312733,"02 - Norte","2020-02-22","Normal","Adimplente","2019-09-11"]
[309,"Glaucilândia",145.58000000000001,2964,1612496000117,0.67900000000000005,"ALTO","Norte de Minas","Montes Claros",312735,"02 - Norte"]
[310,"Goiabeira",112.46,3054,1615421000190,0.64700000000000002,"BAIXO","Rio Doce","Aimorés",312737,"07 - Vale do Rio Doce"]
[311,"Goianá",152.03,3659,1611137000145,0.71599999999999997,"ALTO","Zona da Mata","Juiz de Fora",312738,"12 - Mata"]
[312,"Gonçalves",189.37,4220,18025932000154,0.68300000000000005,"ALTO","Sul de Minas","Pouso Alegre",312740,"14 - Sul","2018-07-21","Normal","Adimplente","2018-06-20"]
[313,"Gonzaga",208.96,5919,18307421000125,0.60599999999999998,"BAIXO","Rio Doce","Guanhães",312750,"07 - Vale do Rio Doce","2019-11-04"]
[314,"Gouveia",864.77,11687,17754144000136,0.68100000000000005,"ALTO","Central","Diamantina",312760,"05 - Alto Jequitinhonha"]
[315,"Governador Valadares",2348.9,263594,20622890000180,0.72699999999999998,"ALTO","Rio Doce","Governador Valadares",312770,"07 - Vale do Rio Doce","2019-12-29"]
[316,"Grão Mogol",3888.59,15026,20716627000150,0.60399999999999998,"BAIXO","Norte de Minas","Grão Mogol",312780,"02 - Norte"]
[317,"Grupiara",193.2,1373,17827858000127,0.73099999999999998,"ALTO","Alto Paranaíba","Patrocínio",312790,"16 - Triângulo Norte"]
[318,"Guanhães",1076.82,31266,18307439000127,0.68600000000000005,"ALTO","Rio Doce","Guanhães",312800,"09 - Metropolitana","2018-12-16"]
[319,"Guapé",935.34,13838,18239616000185,0.67900000000000005,"ALTO","Sul de Minas","Varginha",312810,"14 - Sul","2019-12-24"]
[320,"Guaraciaba",348.66,10223,19382647000153,0.623,"BAIXO","Zona da Mata","Ponte Nova",312820,"11 - Caparaó","2018-10-21"]
[321,"Guaraciama",391.78,4719,1612549000108,0.67700000000000005,{"$f":"IF(F322<0.668,\"BAIXO\",\"ALTO\")","v":"ALTO"},"Norte de Minas","Bocaiúva",312825,"02 - Norte"]
[322,"Guaranésia",298.23,18714,17900473000148,0.70099999999999996,"ALTO","Sul de Minas","São Sebastião do Paraíso",312830,"15 - Sudoeste","2020-03-15","Normal","Adimplente","2019-09-17"]
[323,"Guarani",263.64,8688,18338160000100,0.67700000000000005,"ALTO","Zona da Mata","Ubá",312840,"12 - Mata"]
[324,"Guarará",88.73,3932,17723172000196,0.65200000000000002,"BAIXO","Zona da Mata","Juiz de Fora",312850,"12 - Mata"]
[325,"Guarda-Mor",2063.08,6569,18277947000100,0.69,"ALTO","Noroeste de Minas","Paracatu",312860,"01 - Noroeste","2019-09-16","Normal","Adimplente","2019-07-17"]
[326,"Guaxupé",285.39,49491,18663401000197,0.751,"ALTO","Sul de Minas","São Sebastião do Paraíso",312870,"15 - Sudoeste","2020-01-27","Normal","Adimplente","2019-08-06"]
[327,"Guidoval",158.72999999999999,7210,18128215000158,0.68300000000000005,"ALTO","Zona da Mata","Ubá",312880,"12 - Mata"]
[328,"Guimarânia",368.67,7290,18602052000101,0.69299999999999995,"ALTO","Alto Paranaíba","Patos de Minas",312890,"16 - Triângulo Norte"]
[329,"Guiricema",294.22000000000003,8697,18137943000126,0.67400000000000004,"ALTO","Zona da Mata","Ubá",312900,"12 - Mata"]
[330,"Gurinhatã",1848.99,6137,18457192000125,0.68,"ALTO","Triângulo","Ituiutaba",312910,"16 - Triângulo Norte"]
[331,"Heliodora",153.44999999999999,6120,18712133000156,0.65700000000000003,"BAIXO","Sul de Minas","Santa Rita do Sapucaí",312920,"14 - Sul"]
[332,"Iapu",342.75,10331,18338830000199,0.65400000000000003,"BAIXO","Rio Doce","Caratinga",312930,"08 - Vale do Aço","2020-01-29"]
[333,"Ibertioga",347.36,5029,18094839000100,0.65700000000000003,"BAIXO","Central","Barbacena",312940,"13 - Vertentes","2019-10-12"]
[334,"Ibiá",2701.54,23265,18584961000156,0.71799999999999997,"ALTO","Alto Paranaíba","Araxá",312950,"17 - Triângulo Sul"]
[335,"Ibiaí",873.27,7839,16899700000108,0.61399999999999999,"BAIXO","Norte de Minas","Pirapora",312960,"02 - Norte","2019-05-14","Bloqueado","Adimplente","2018-03-02"]
[336,"Ibiracatu",351.1,6155,1612477000190,0.59099999999999997,"BAIXO","Norte de Minas","Montes Claros",312965,"02 - Norte"]
[337,"Ibiraci",560.6,12177,17894072000122,0.70599999999999996,"ALTO","Sul de Minas","Passos",312970,"15 - Sudoeste"]
[338,"Ibirité",73.22,159026,18715490000178,0.70399999999999996,"ALTO","Central","Belo Horizonte",312980,"09 - Metropolitana","2020-02-25","Normal","Adimplente","2018-12-12"]
[339,"Ibitiúra de Minas",68.900000000000006,3406,18178962000109,0.67400000000000004,"ALTO","Sul de Minas","Poços de Caldas",312990,"14 - Sul"]
[340,"Ibituruna",153.58000000000001,2866,18244418000100,0.67500000000000004,"ALTO","Centro Oeste de Minas","Oliveira",313000,"13 - Vertentes"]
[341,"Icaraí de Minas",627.19000000000005,10737,25224304000163,0.624,"BAIXO","Norte de Minas","Januária",313005,"02 - Norte"]
[342,"Igarapé",110.08,34879,18715474000185,0.69799999999999995,"ALTO","Central","Belo Horizonte",313010,"09 - Metropolitana","2019-11-16"]
[343,"Igaratinga",216.27,9265,18313825000121,0.65100000000000002,"BAIXO","Centro Oeste de Minas","Divinópolis",313020,"10 - Oeste"]
[344,"Iguatama",627.97,8031,18306688000106,0.70699999999999996,"ALTO","Centro Oeste de Minas","Piuí",313030,"10 - Oeste"]
[345,"Ijaci",105.93,5863,18244400000108,0.71399999999999997,"ALTO","Sul de Minas","Lavras",313040,"14 - Sul"]
[346,"Ilicínea",375.74,11488,18239608000139,0.68,"ALTO","Sul de Minas","Varginha",313050,"14 - Sul"]
[347,"Imbé de Minas",192.77,6412,1613233000122,0.55300000000000005,"BAIXO","Rio Doce","Caratinga",313055,"08 - Vale do Aço"]
[348,"Inconfidentes",149.69999999999999,6904,18028829000168,0.69199999999999995,"ALTO","Sul de Minas","Poços de Caldas",313060,"14 - Sul","2018-12-17","Normal","Adimplente","2018-03-02"]
[349,"Indaiabira",1007.35,7327,1614599000116,0.61,"BAIXO","Norte de Minas","Salinas",313065,"02 - Norte"]
[350,"Indianópolis",838.32,6181,18259390000184,0.67400000000000004,"ALTO","Triângulo","Uberlândia",313070,"16 - Triângulo Norte"]
[351,"Ingaí",306.39,2636,18244319000128,0.69699999999999995,"ALTO","Sul de Minas","Lavras",313080,"14 - Sul"]
[352,"Inhapim",860.65,24269,20905865000104,0.65800000000000003,"BAIXO","Rio Doce","Caratinga",313090,"08 - Vale do Aço"]
[353,"Inhaúma",245.51,5781,18116152000110,0.70199999999999996,"ALTO","Central","Sete Lagoas",313100,"09 - Metropolitana"]
[354,"Inimutaba",527.5,6729,17694860000175,0.66400000000000003,"BAIXO","Central","Curvelo",313110,"06 - Central","2020-01-20","Normal","Adimplente","2019-07-30"]
[355,"Ipaba",113.77,16692,66229543000193,0.66500000000000004,"BAIXO","Rio Doce","Caratinga",313115,"08 - Vale do Aço","2020-02-02"]
[356,"Ipanema",457.61,18169,18334292000164,0.69299999999999995,"ALTO","Rio Doce","Aimorés",313120,"11 - Caparaó","2019-10-14","Normal","adimplente","2019-08-16"]
[357,"Ipatinga",166.09,239177,19876424000142,0.77100000000000002,"ALTO","Rio Doce","Ipatinga",313130,"08 - Vale do Aço","2019-12-21"]
[358,"Ipiaçu",469.24,4106,18457259000121,0.69599999999999995,"ALTO","Triângulo","Ituiutaba",313140,"16 - Triângulo Norte"]
[359,"Ipuiúna",298.39999999999998,9522,18179226000167,0.68600000000000005,"ALTO","Sul de Minas","Pouso Alegre",313150,"14 - Sul"]
[360,"Iraí de Minas",357.93,6464,18158642000189,0.69499999999999995,"ALTO","Alto Paranaíba","Patrocínio",313160,"16 - Triângulo Norte"]
[361,"Itabira",1254.49,109551,18299446000124,0.75600000000000001,"ALTO","Central","Itabira",313170,"09 - Metropolitana","2019-11-27","Normal","Adimplente","2019-03-08"]
[362,"Itabirinha",209.84,10692,17125444000156,0.65300000000000002,"BAIXO","Rio Doce","Mantena",313180,"07 - Vale do Rio Doce"]
[363,"Itabirito",541.92999999999995,45484,18307835000154,0.73,"ALTO","Central","Ouro Preto",313190,"09 - Metropolitana","2019-12-09","Normal","Adimplente","2018-12-13"]
[364,"Itacambira",1785.49,4982,18017400000175,0.628,"BAIXO","Norte de Minas","Grão Mogol",313200,"02 - Norte"]
[365,"Itacarambi",1224.98,17739,18283101000182,0.64100000000000001,"BAIXO","Norte de Minas","Januária",313210,"02 - Norte"]
[366,"Itaguara",410.62,12371,18313015000175,0.69099999999999995,"ALTO","Central","Itaguara",313220,"10 - Oeste"]
[367,"Itaipé",481.72,11798,18404756000161,0.55200000000000005,"BAIXO","Jequitinhonha/Mucuri","Teófilo Otoni",313230,"04 - Mucuri","2019-10-20","Normal","Adimplente","2019-05-08"]
[368,"Itajubá",295.2,90679,18025940000109,0.78700000000000003,"ALTO","Sul de Minas","Itajubá",313240,"14 - Sul","2019-08-03"]
[369,"Itamarandiba",2735.23,32177,16886871000194,0.64600000000000002,"BAIXO","Jequitinhonha/Mucuri","Capelinha",313250,"05 - Alto Jequitinhonha","2020-03-15","Normal","Adimplente","2019-09-17"]
[370,"Itamarati de Minas",94.49,4079,17706813000102,0.68799999999999994,"ALTO","Zona da Mata","Cataguases",313260,"12 - Mata"]
[371,"Itambacuri",1423.33,22797,18404855000143,0.63400000000000001,"BAIXO","Rio Doce","Governador Valadares",313270,"04 - Mucuri","2019-08-06"]
[372,"Itambé do Mato Dentro",380.65,2283,18299537000160,0.63400000000000001,"BAIXO","Central","Conceição do Mato dentro",313280,"09 - Metropolitana"]
[373,"Itamogi",242.63,10349,18241380000111,0.67400000000000004,"ALTO","Sul de Minas","São Sebastião do Paraíso",313290,"15 - Sudoeste","2018-08-04"]
[374,"Itamonte",430.99,14007,18666750000162,0.70499999999999996,"ALTO","Sul de Minas","São Lourenço",313300,"14 - Sul","2020-03-03","Normal","Adimplente","2018-12-03"]
[375,"Itanhandu",143.58000000000001,14183,18186718000180,0.73899999999999999,"ALTO","Sul de Minas","São Lourenço",313310,"14 - Sul","2018-12-12","Normal","Adimplente","2018-11-29"]
[376,"Itanhomi",487.25,11850,18493239000106,0.65,"BAIXO","Rio Doce","Governador Valadares",313320,"07 - Vale do Rio Doce"]
[377,"Itaobim",679.26,21001,18414573000127,0.629,"BAIXO","Jequitinhonha/Mucuri","Pedra Azul",313330,"03 - Médio e Baixo Jequitinhonha"]
[378,"Itapagipe",1797.48,13669,21226840000147,0.72299999999999998,"ALTO","","Frutal",313340,"17 - Triângulo Sul","2019-11-17"]
[379,"Itapecerica",1043.1400000000001,21377,18308742000144,0.71299999999999997,"ALTO","Centro Oeste de Minas","Formiga",313350,"10 - Oeste"]
[380,"Itapeva",177.79,8673,18677625000158,0.72,"ALTO","Sul de Minas","Pouso Alegre",313360,"14 - Sul","2018-04-29"]
[381,"Itatiaiuçu",295.64,9938,18691766000125,0.67700000000000005,"ALTO","Central","Itaguara",313370,"10 - Oeste"]
[382,"Itaú de Minas",154.1,14950,23767031000178,0.77600000000000002,"ALTO","Sul de Minas","Passos",313375,"15 - Sudoeste"]
[383,"Itaúna",495.75,85396,18309724000187,0.75800000000000001,"ALTO","Centro Oeste de Minas","Divinópolis",313380,"10 - Oeste","2019-08-13","Normal","Adimplente","2019-03-20"]
[384,"Itaverava",284.17,5798,19718386000108,0.627,"BAIXO","Central","Conselheiro Lafaiete",313390,"13 - Vertentes","2020-03-25"]
[385,"Itinga",1653.69,14407,18348748000145,0.6,{"$f":"IF(F386<0.668,\"BAIXO\",\"ALTO\")","v":"BAIXO"},"Jequitinhonha/Mucuri","Araçuaí",313400,"03 - Médio e Baixo Jequitinhonha"]
[386,"Itueta",454.03,5836,18413179000174,0.63500000000000001,"BAIXO","Rio Doce","Aimorés",313410,"07 - Vale do Rio Doce","2019-11-28"]
[387,"Ituiutaba",2596.6799999999998,97159,18457218000135,0.73899999999999999,"ALTO","Triângulo","Ituiutaba",313420,"16 - Triângulo Norte"]
[388,"Itumirim",234.11,6139,18244392000108,0.72599999999999998,"ALTO","Sul de Minas","Lavras",313430,"14 - Sul"]
[389,"Iturama",1399.07,34440,18457242000174,0.747,"ALTO","Triângulo","Frutal",313440,"17 - Triângulo Sul","2020-01-21"]
[390,"Itutinga",372.01,3913,18244384000153,0.72699999999999998,"ALTO","Sul de Minas","Lavras",313450,"14 - Sul","2019-11-26","Normal","Adimplente","2019-07-16"]
[391,"Jaboticatubas",1116.77,17119,18715417000104,0.68100000000000005,"ALTO","Central","Sete Lagoas",313460,"09 - Metropolitana"]
[392,"Jacinto",1391.11,12134,18349910000140,0.62,"BAIXO","Jequitinhonha/Mucuri","Almenara",313470,"03 - Médio e Baixo Jequitinhonha"]
[393,"Jacuí",409.56,7502,18186056000148,0.66800000000000004,"ALTO","Sul de Minas","São Sebastião do Paraíso",313480,"15 - Sudoeste","2018-09-29","Normal","Adimplente","2018-06-21"]
[394,"Jacutinga",347.11,22797,17914128000163,0.71499999999999997,"ALTO","Sul de Minas","Poços de Caldas",313490,"14 - Sul","2019-08-18","Normal","Adimplente","2019-02-22"]
[395,"Jaguaraçu",163.16999999999999,2982,16816522000104,0.67900000000000005,"ALTO","Rio Doce","Ipatinga",313500,"08 - Vale do Aço","2018-07-30","Normal","Adimplente"]
[396,"Jaíba",2625.94,33587,25209149000106,0.63800000000000001,"BAIXO","Norte de Minas","Janaúba",313505,"02 - Norte","2019-08-24"]
[397,"Jampruca",519.67999999999995,5068,66230384000147,0.60899999999999999,"BAIXO","Rio Doce","Governador Valadares",313507,"07 - Vale do Rio Doce"]
[398,"Janaúba",2180.56,66803,18017392000167,0.69599999999999995,"ALTO","Norte de Minas","Janaúba",313510,"02 - Norte"]
[399,"Januária",6670.41,65464,21461546000110,0.65800000000000003,"BAIXO","Norte de Minas","Januária",313520,"02 - Norte"]
[400,"Japaraíba",171.95,3950,18306654000103,0.72099999999999997,"ALTO","Centro Oeste de Minas","Bom despacho",313530,"10 - Oeste","2019-11-19"]
[401,"Japonvar",377.17,8305,1612476000146,0.60799999999999998,"BAIXO","Norte de Minas","Montes Claros",313535,"02 - Norte","2019-03-25"]
[402,"Jeceaba",235.55,5396,20356739000148,0.66100000000000003,"BAIXO","Central","Itaguara",313540,"13 - Vertentes","2019-05-21","Normal","Adimplente","2018-05-25"]
[403,"Jenipapo de Minas",284.63,7117,1613376000134,0.624,"BAIXO","Jequitinhonha/Mucuri","Capelinha",313545,"05 - Alto Jequitinhonha"]
[404,"Jequeri",548.45000000000005,12845,18316166000187,0.60099999999999998,"BAIXO","Zona da Mata","Ponte Nova",313550,"11 - Caparaó","24/06/2019","Normal","Adimplente"]
[405,"Jequitaí",1252.56,8010,18279083000165,0.64300000000000002,"BAIXO","Norte de Minas","Pirapora",313560,"02 - Norte"]
[406,"Jequitibá",445.3,5153,18062208000109,0.68899999999999995,"ALTO","Central","Sete Lagoas",313570,"09 - Metropolitana","2019-09-10"]
[407,"Jequitinhonha",3510.96,24179,18083659000114,0.61499999999999999,"BAIXO","Jequitinhonha/Mucuri","Almenara",313580,"03 - Médio e Baixo Jequitinhonha"]
[408,"Jesuânia",154.54,4768,18188227000178,0.65800000000000003,"BAIXO","Sul de Minas","São Lourenço",313590,"14 - Sul"]
[409,"Joaíma",1665.76,14930,18495812000110,0.58699999999999997,"BAIXO","Jequitinhonha/Mucuri","Almenara",313600,"03 - Médio e Baixo Jequitinhonha"]
[410,"Joanésia",232.69,5427,17111626000178,0.626,"BAIXO","Rio Doce","Ipatinga",313610,"08 - Vale do Aço","2019-04-15"]
[411,"João Monlevade",99.65,73451,18401059000157,0.75800000000000001,"ALTO","Central","Itabira",313620,"09 - Metropolitana","2020-03-20","Normal","Adimplente","2019-03-20"]
[412,"João Pinheiro",10711.57,45260,16930299000113,0.69699999999999995,"ALTO","Noroeste de Minas","Paracatu",313630,"01 - Noroeste","2018-05-21"]
[413,"Joaquim Felício",787.94,4305,17694878000177,0.63700000000000001,"BAIXO","Central","Curvelo",313640,"02 - Norte","2019-12-29","Normal","Adimplente","2018-12-13"]
[414,"Jordânia",547.47,10319,18349928000141,0.628,"BAIXO","Jequitinhonha/Mucuri","Almenara",313650,"03 - Médio e Baixo Jequitinhonha"]
[415,"José Gonçalves de Minas",381.09,4577,1613372000156,0.63200000000000001,"BAIXO","Jequitinhonha/Mucuri","Capelinha",313652,"05 - Alto Jequitinhonha","2019-11-13"]
[416,"José Raydan",180.81,4376,1613072000177,0.61699999999999999,"BAIXO","Rio Doce","Peçanha",313655,"07 - Vale do Rio Doce","2019-06-05"]
[417,"Josenópolis",540.66,4566,1612503000180,0.56399999999999995,"BAIXO","Norte de Minas","Grão Mogol",313657,"02 - Norte"]
[418,"Juatuba",97.14,22221,64487614000122,0.71699999999999997,"ALTO","Central","Belo Horizonte",313665,"09 - Metropolitana"]
[419,"Juiz de Fora",1433.87,517872,18338178000102,0.77800000000000002,"ALTO","Zona da Mata","Juiz de Fora",313670,"12 - Mata"," 03/07/2019","Normal","Adimplente","2018-12-12"]
[420,"Juramento",431.11,4110,18017368000128,0.66900000000000004,"ALTO","Norte de Minas","Montes Claros",313680,"02 - Norte","2019-10-23","Normal","Adimplente","2019-04-26"]
[421,"Juruaia",220.69,9238,18668368000198,0.72299999999999998,"ALTO","Sul de Minas","São Sebastião do Paraíso",313690,"15 - Sudoeste"]
[422,"Juvenília",1021.15,5708,1612485000137,0.59199999999999997,"BAIXO","Norte de Minas","Januária",313695,"02 - Norte","2020-02-08"]
[423,"Ladainha",868.62,16999,18404863000190,0.54100000000000004,"BAIXO","Jequitinhonha/Mucuri","Teófilo Otoni",313700,"04 - Mucuri","2019-01-21"]
[424,"Lagamar",1473.71,7598,18192260000171,0.71799999999999997,"ALTO","Noroeste de Minas","Paracatu",313710,"01 - Noroeste"]
[425,"Lagoa da Prata",442.26,45999,18318618000160,0.73199999999999998,"ALTO","Centro Oeste de Minas","Bom despacho",313720,"10 - Oeste"]
[426,"Lagoa dos Patos",600.27,4227,16901381000110,0.63400000000000001,"BAIXO","Norte de Minas","Pirapora",313730,"02 - Norte","2019-10-14"]
[427,"Lagoa Dourada",476.76,12267,18557595000146,0.67600000000000005,"ALTO","Central","São João del Rei",313740,"13 - Vertentes"]
[428,"Lagoa Formosa",839.97,17136,18602078000141,0.70299999999999996,"ALTO","Alto Paranaíba","Patos de Minas",313750,"01 - Noroeste"]
[429,"Lagoa Grande",1236.44,8631,23097454000128,0.67900000000000005,"ALTO","Noroeste de Minas","Paracatu",313753,"01 - Noroeste"]
[430,"Lagoa Santa",229.45,52526,73357469000156,0.77700000000000002,"ALTO","Central","Belo Horizonte",313760,"09 - Metropolitana","2018-08-05","Normal","Adimplente","2018-05-25"]
[431,"Lajinha",430.86,19616,18392522000141,0.66100000000000003,"BAIXO","Zona da Mata","Manhuaçu",313770,"11 - Caparaó"]
[432,"Lambari",213.34,19569,17877200000120,0.71099999999999997,"ALTO","Sul de Minas","São Lourenço",313780,"14 - Sul","2019-09-06"]
[433,"Lamim",118.47,3456,24179426000112,0.65500000000000003,"BAIXO","Zona da Mata","Viçosa",313790,"13 - Vertentes","2019-12-30"]
[434,"Laranjal",204.63,6465,17947615000122,0.71399999999999997,"ALTO","Zona da Mata","Cataguases",313800,"12 - Mata"]
[435,"Lassance",3207.9,6490,18279125000168,0.629,"BAIXO","Norte de Minas","Pirapora",313810,"02 - Norte"]
[436,"Lavras",564.46,92171,18244376000107,0.78200000000000003,"ALTO","Sul de Minas","Lavras",313820,"14 - Sul"]
[437,"Leandro Ferreira",352.68,3205,18315218000109,0.71,"ALTO","Centro Oeste de Minas","Bom despacho",313830,"10 - Oeste"]
[438,"Leme do Prado",280.92,4814,1587109000130,0.67,"ALTO","Jequitinhonha/Mucuri","Capelinha",313835,"05 - Alto Jequitinhonha"]
[439,"Leopoldina",942.74,51136,17733643000147,0.72599999999999998,"ALTO","Zona da Mata","Cataguases",313840,"12 - Mata","28/09/2019"]
[440,"Liberdade",402.7,5347,18029165000151,0.67200000000000004,"ALTO","Sul de Minas","Andrelândia",313850,"12 - Mata"]
[441,"Lima Duarte",848.04,16166,18338186000159,0.71,"ALTO","Zona da Mata","Juiz de Fora",313860,"12 - Mata"]
[442,"Limeira do Oeste",1317.69,6890,26042556000134,0.71,"ALTO","Triângulo","Frutal",313862,"17 - Triângulo Sul","2020-03-01","Normal","Adimplente","2019-09-12"]
[443,"Lontra",257.52,8401,25223009000192,0.64600000000000002,"BAIXO","Norte de Minas","Montes Claros",313865,"02 - Norte"]
[444,"Luisburgo",145.41999999999999,6236,1615423000189,0.60799999999999998,"BAIXO","Zona da Mata","Manhuaçu",313867,"11 - Caparaó"]
[445,"Luislândia",410.05,6405,1612887000131,0.61399999999999999,"BAIXO","Norte de Minas","Montes Claros",313868,"02 - Norte","2019-10-01"]
[446,"Luminárias",499.68,5425,18244301000126,0.67800000000000005,"ALTO","Sul de Minas","Lavras",313870,"14 - Sul","2019-12-14"]
[447,"Luz",1169.44,17492,18301036000170,0.72399999999999998,"ALTO","Centro Oeste de Minas","Bom despacho",313880,"10 - Oeste"]
[448,"Machacalis",330.47,6974,18404921000185,0.64,"BAIXO","Jequitinhonha/Mucuri","Nanuque",313890,"04 - Mucuri"]
[449,"Machado",587.14,38684,18242784000120,0.71499999999999997,{"$f":"IF(F450<0.668,\"BAIXO\",\"ALTO\")","v":"ALTO"},"Sul de Minas","Alfenas",313900,"14 - Sul","2018-10-31"]
[450,"Madre de Deus de Minas",493.26,4898,18029371000161,0.69899999999999995,"ALTO","Central","São João del Rei",313910,"13 - Vertentes"]
[451,"Malacacheta",706.58,18787,18404871000136,0.61799999999999999,"BAIXO","Jequitinhonha/Mucuri","Teófilo Otoni",313920,"04 - Mucuri"]
[452,"Mamonas",291.77999999999997,6321,25212242000170,0.61799999999999999,"BAIXO","Norte de Minas","Janaúba",313925,"02 - Norte"]
[453,"Manga",1949.69,19846,18270447000146,0.64200000000000002,"BAIXO","Norte de Minas","Januária",313930,"02 - Norte"]
[454,"Manhuaçu",628.42999999999995,79635,18385088000172,0.68899999999999995,"ALTO","Zona da Mata","Manhuaçu",313940,"11 - Caparaó","2019-10-29","Normal","Adimplente","2019-07-25"]
[455,"Manhumirim",176.34,21366,18392530000198,0.69699999999999995,"ALTO","Zona da Mata","Manhuaçu",313950,"11 - Caparaó"]
[456,"Mantena",685.11,27115,18504167000155,0.67500000000000004,"ALTO","Rio Doce","Mantena",313960,"07 - Vale do Rio Doce"]
[457,"Mar de Espanha",371.76,11758,18535658000163,0.68400000000000005,"ALTO","Zona da Mata","Juiz de Fora",313980,"12 - Mata"]
[458,"Maravilhas",258.77,7156,18313841000114,0.67200000000000004,"ALTO","Central","Sete Lagoas",313970,"09 - Metropolitana"]
[459,"Maria da Fé",202,14216,18025957000158,0.70199999999999996,"ALTO","Sul de Minas","Itajubá",313990,"14 - Sul"]
[460,"Mariana",1193.8599999999999,54179,18295303000144,0.74199999999999999,"ALTO","Central","Ouro Preto",314000,"09 - Metropolitana","2019-12-16"]
[461,"Marilac",158.22999999999999,4219,18409193000102,0.61499999999999999,"BAIXO","Rio Doce","Governador Valadares",314010,"07 - Vale do Rio Doce"]
[462,"Mário Campos",35.06,13214,1612508000103,0.69899999999999995,"ALTO","Central","Belo Horizonte",314015,"09 - Metropolitana","2018-10-02"]
[463,"Maripá de Minas",77.89,2788,17724162000175,0.68,"ALTO","Zona da Mata","Juiz de Fora",314020,"12 - Mata"]
[464,"Marliéria",543.67999999999995,4021,16796872000148,0.65700000000000003,"BAIXO","Rio Doce","Ipatinga",314030,"08 - Vale do Aço","2020-01-25"]
[465,"Marmelópolis",107.84,2968,18026021000141,0.65,"BAIXO","Sul de Minas","Itajubá",314040,"14 - Sul","2019-12-02"]
[466,"Martinho Campos",1050.03,12589,18315234000193,0.66900000000000004,"ALTO","Centro Oeste de Minas","Bom despacho",314050,"10 - Oeste"]
[467,"Martins Soares",113.69,7173,1615420000145,0.63500000000000001,"BAIXO","Zona da Mata","Manhuaçu",314053,"11 - Caparaó"]
[468,"Mata Verde",230.4,7880,66234360000166,0.58099999999999996,"BAIXO","Jequitinhonha/Mucuri","Almenara",314055,"03 - Médio e Baixo Jequitinhonha"]
[469,"Materlândia",280.92,4595,18303206000156,0.59699999999999998,"BAIXO","Rio Doce","Guanhães",314060,"09 - Metropolitana"]
[470,"Mateus Leme",303.13,27856,18715433000199,0.70399999999999996,"ALTO","Central","Belo Horizonte",314070,"09 - Metropolitana"]
[471,"Mathias Lobato",171.74,3371,18332619000169,0.61199999999999999,"BAIXO","Rio Doce","Governador Valadares",317150,"07 - Vale do Rio Doce","2019-11-26"]
[472,"Matias Barbosa",156.55000000000001,13435,18338194000103,0.72,"ALTO","Zona da Mata","Juiz de Fora",314080,"12 - Mata"]
[473,"Matias Cardoso",1952.01,9977,25209115000111,0.61599999999999999,"BAIXO","Norte de Minas","Januária",314085,"02 - Norte","2020-02-01"]
[474,"Matipó",267.10000000000002,17639,18385104000127,0.63100000000000001,"BAIXO","Zona da Mata","Manhuaçu",314090,"11 - Caparaó","2019-01-07"]
[475,"Mato Verde",474.34,12685,17782616000164,0.66200000000000003,"BAIXO","Norte de Minas","Janaúba",314100,"02 - Norte","2020-01-28","Normal","Adimplente","2019-08-06"]
[476,"Matozinhos",253.11,32973,18771238000186,0.73099999999999998,"ALTO","Central","Sete Lagoas",314110,"09 - Metropolitana"]
[477,"Matutina",259.01,3763,18602102000142,0.70699999999999996,"ALTO","Alto Paranaíba","Patos de Minas",314120,"01 - Noroeste"]
[478,"Medeiros",947.09,3444,18298182000194,0.71099999999999997,"ALTO","Centro Oeste de Minas","Piuí",314130,"10 - Oeste"]
[479,"Medina",1435.18,21037,18414607000183,0.624,"BAIXO","Jequitinhonha/Mucuri","Pedra Azul",314140,"03 - Médio e Baixo Jequitinhonha"]
[480,"Mendes Pimentel",305.29000000000002,6329,18505347000151,0.626,"BAIXO","Rio Doce","Mantena",314150,"07 - Vale do Rio Doce","2019-10-20"]
[481,"Mercês",348.63,10372,17744442000145,0.66400000000000003,"BAIXO","Zona da Mata","Ubá",314160,"12 - Mata"]
[482,"Mesquita",274.99,6072,17112061000143,0.65600000000000003,"BAIXO","Rio Doce","Ipatinga",314170,"08 - Vale do Aço","2019-11-25","Normal","Adimplente","2018-05-17"]
[483,"Minas Novas",1815.93,30803,22516405000110,0.63300000000000001,"BAIXO","Jequitinhonha/Mucuri","Capelinha",314180,"05 - Alto Jequitinhonha","2019-05-22","Normal","Adimplente","2018-05-11"]
[484,"Minduri",220.61,3840,17954041000110,0.65800000000000003,"BAIXO","Sul de Minas","Andrelândia",314190,"14 - Sul"]
[485,"Mirabela",721.94,13043,18017376000174,0.66500000000000004,"BAIXO","Norte de Minas","Montes Claros",314200,"02 - Norte"]
[486,"Miradouro",301.52,10251,17947623000179,0.66300000000000003,"BAIXO","Zona da Mata","Muriaé",314210,"12 - Mata","2019-09-12"]
[487,"Miraí",320.92,13800,17966201000140,0.68,"ALTO","Zona da Mata","Muriaé",314220,"12 - Mata"]
[488,"Miravânia",601.35,4561,1612491000194,0.59299999999999997,"BAIXO","Norte de Minas","Januária",314225,"02 - Norte","2019-06-17"]
[489,"Moeda",154.49,4700,18363952000135,0.63800000000000001,"BAIXO","Central","Itaguara",314230,"09 - Metropolitana"]
[490,"Moema",202.72,7028,18301044000117,0.72099999999999997,"ALTO","Centro Oeste de Minas","Bom despacho",314240,"10 - Oeste"]
[491,"Monjolos",655.53,2360,17754169000130,0.65,"BAIXO","Central","Curvelo",314250,"06 - Central"]
[492,"Monsenhor Paulo",217.48,8168,22541874000199,0.72099999999999997,"ALTO","Sul de Minas","Varginha",314260,"14 - Sul"]
[493,"Montalvânia",1553.59,15859,17097791000112,0.61299999999999999,"BAIXO","Norte de Minas","Januária",314270,"02 - Norte"]
[494,"Monte Alegre de Minas",2596.38,19616,18431155000148,0.67400000000000004,"ALTO","Triângulo","Uberlândia",314280,"16 - Triângulo Norte","2020-02-29"]
[495,"Monte Azul",996.33,22000,18650945000114,0.65900000000000003,"BAIXO","Norte de Minas","Janaúba",314290,"02 - Norte"]
[496,"Monte Belo",421.76,13061,18668376000134,0.68799999999999994,"ALTO","Sul de Minas","São Sebastião do Paraíso",314300,"15 - Sudoeste","2019-12-22"]
[497,"Monte Carmelo",1343.79,45799,18593103000178,0.72799999999999998,"ALTO","Alto Paranaíba","Patrocínio",314310,"16 - Triângulo Norte","2018-07-09","Normal","Adimplente","2018-05-17"]
[498,"Monte Formoso",385.69,4664,1615007000180,0.54100000000000004,"BAIXO","Jequitinhonha/Mucuri","Almenara",314315,"03 - Médio e Baixo Jequitinhonha","2020-02-03","Normal","Adimplente","2019-08-29"]
[499,"Monte Santo de Minas",592.46,21246,18241372000175,0.71,"ALTO","Sul de Minas","São Sebastião do Paraíso",314320,"15 - Sudoeste","2018-12-22","Normal","Adimplente"]
[500,"Monte Sião",290.36,21203,22646525000131,0.72399999999999998,"ALTO","Sul de Minas","Poços de Caldas",314340,"14 - Sul","2019-05-15"]
[501,"Montes Claros",3564.72,361971,22678874000135,0.77,"ALTO","Norte de Minas","Montes Claros",314330,"02 - Norte"]
[502,"Montezuma",1130.7,7472,25223983000156,0.58699999999999997,"BAIXO","Norte de Minas","Salinas",314345,"02 - Norte"]
[503,"Morada Nova de Minas",2081.58,8256,18296665000150,0.69599999999999995,"ALTO","Central","Três Marias",314350,"06 - Central"]
[504,"Morro da Garça",413.43,2661,17695040000106,0.64800000000000002,"BAIXO","Central","Curvelo",314360,"06 - Central"]
[505,"Morro do Pilar",476.62,3399,18303214000100,0.59699999999999998,"BAIXO","Central","Conceição do Mato dentro",314370,"09 - Metropolitana"]
[506,"Munhoz",190.72,6257,18675934000199,0.64700000000000002,"BAIXO","Sul de Minas","Pouso Alegre",314380,"14 - Sul","2018-07-17","Normal","Adimplente"]
[507,"Muriaé",842.15,100861,17947581000176,0.73399999999999999,"ALTO","Zona da Mata","Muriaé",314390,"12 - Mata","2019-12-24","Normal","Adimplente","2019-09-09"]
[508,"Mutum",1253.1199999999999,26672,18348086000103,0.64400000000000002,"BAIXO","Rio Doce","Aimorés",314400,"11 - Caparaó","2019-04-20","Normal","Adimplente"]
[509,"Muzambinho",409.93,20432,18668624000147,0.74,"ALTO","Sul de Minas","São Sebastião do Paraíso",314410,"15 - Sudoeste","2018-12-01","Normal","Adimplente","2018-12-19"]
[510,"Nacip Raydan",232.61,3154,18507079000107,0.58499999999999996,"BAIXO","Rio Doce","Governador Valadares",314420,"07 - Vale do Rio Doce","2019-08-04","Normal","Adimplente","2019-02-06"]
[511,"Nanuque",1542.97,40816,18398974000130,0.70099999999999996,"ALTO","Jequitinhonha/Mucuri","Nanuque",314430,"04 - Mucuri"]
[512,"Naque",126.44,6341,1613208000149,0.67500000000000004,"ALTO","Rio Doce","Ipatinga",314435,"08 - Vale do Aço"]
[513,"Natalândia",471.37,3288,1593752000176,0.67100000000000004,{"$f":"IF(F514<0.668,\"BAIXO\",\"ALTO\")","v":"ALTO"},"Noroeste de Minas","Unaí",314437,"01 - Noroeste"]
[514,"Natércia",189.35,4650,17935412000116,0.69299999999999995,"ALTO","Sul de Minas","Santa Rita do Sapucaí",314440,"14 - Sul"]
[515,"Nazareno",329.02,7953,18557561000151,0.69,"ALTO","Central","São João del Rei",314450,"13 - Vertentes"]
[516,"Nepomuceno",582.23,25721,18244350000169,0.66700000000000004,"BAIXO","Sul de Minas","Lavras",314460,"14 - Sul","2020-01-06"]
[517,"Ninheira",1109.1099999999999,9795,1612495000172,0.55600000000000005,"BAIXO","Norte de Minas","Salinas",314465,"02 - Norte"]
[518,"Nova Belém",175.16,3732,1613169000180,0.59199999999999997,"BAIXO","Rio Doce","Mantena",314467,"07 - Vale do Rio Doce","2019-08-11"]
[519,"Nova Era",360.01,17540,16819831000120,0.70899999999999996,"ALTO","Central","Itabira",314470,"09 - Metropolitana"]
[520,"Nova Lima",428.45,81162,22934889000117,0.81299999999999994,"ALTO","Central","Belo Horizonte",314480,"09 - Metropolitana"]
[521,"Nova Módica",375.43,3793,18404939000187,0.63,"BAIXO","Rio Doce","Governador Valadares",314490,"04 - Mucuri","2019-12-15","Normal","Adimplente"]
[522,"Nova Ponte",1105.77,12823,18159905000174,0.70099999999999996,"ALTO","Alto Paranaíba","Araxá",314500,"16 - Triângulo Norte"]
[523,"Nova Porteirinha",122.3,7398,1612499000150,0.64100000000000001,"BAIXO","Norte de Minas","Janaúba",314505,"02 - Norte"]
[524,"Nova Resende",390.09,15373,18187823000133,0.67100000000000004,"ALTO","Sul de Minas","São Sebastião do Paraíso",314510,"15 - Sudoeste","2019-06-10"]
[525,"Nova Serrana",281.24,73719,18291385000159,0.71499999999999997,"ALTO","Centro Oeste de Minas","Divinópolis",314520,"10 - Oeste","2019-12-08","Normal","Adimplente","2018-12-07"]
[526,"Nova União",171.78,5554,18302307000102,0.66200000000000003,"BAIXO","Central","Itabira",313660,"09 - Metropolitana"]
[527,"Novo Cruzeiro",1703.52,30726,18404889000138,0.57099999999999995,"BAIXO","Jequitinhonha/Mucuri","Araçuaí",314530,"03 - Médio e Baixo Jequitinhonha","2019-07-07"]
[528,"Novo Oriente de Minas",754.37,10342,1613373000109,0.55500000000000005,"BAIXO","Jequitinhonha/Mucuri","Teófilo Otoni",314535,"04 - Mucuri"]
[529,"Novorizonte",272.73,4953,1616420000160,0.61599999999999999,"BAIXO","Norte de Minas","Salinas",314537,"02 - Norte","2019-04-02"]
[530,"Olaria",178.42,1981,18338202000103,0.63600000000000001,"BAIXO","Zona da Mata","Juiz de Fora",314540,"12 - Mata"]
[531,"Olhos-d'Água",2091.4299999999998,5264,1612547000100,0.626,"BAIXO","Norte de Minas","Bocaiúva",314545,"02 - Norte"]
[532,"Olímpio Noronha",54.29,2533,18188276000100,0.67400000000000004,"ALTO","Sul de Minas","São Lourenço",314550,"14 - Sul","2019-05-03"]
[533,"Oliveira",896.96,39469,16854531000181,0.69899999999999995,"ALTO","Centro Oeste de Minas","Oliveira",314560,"10 - Oeste","2018-08-08"]
[534,"Oliveira Fortes",110.97,2123,17747957000107,0.63500000000000001,"BAIXO","Zona da Mata","Juiz de Fora",314570,"12 - Mata"]
[535,"Onça de Pitangui",243.13,3197,18313858000171,0.66300000000000003,"BAIXO","Central","Pará de Minas",314580,"10 - Oeste"]
[536,"Oratórios",89.22,4486,1616836000188,0.63700000000000001,"BAIXO","Zona da Mata","Ponte Nova",314585,"11 - Caparaó"]
[537,"Orizânia",121.84,7284,1616271000139,0.56200000000000006,"BAIXO","Zona da Mata","Muriaé",314587,"12 - Mata"]
[538,"Ouro Branco",258.79000000000002,35260,18295329000192,0.76400000000000001,"ALTO","Central","Conselheiro Lafaiete",314590,"13 - Vertentes","2020-02-08","Normal","Adimplente","2019-08-23"]
[539,"Ouro Fino",533.49,31580,18671271000134,0.72199999999999998,"ALTO","Sul de Minas","Poços de Caldas",314600,"14 - Sul"]
[540,"Ouro Preto",1246.53,70227,18295295000136,0.74099999999999999,"ALTO","Central","Ouro Preto",314610,"09 - Metropolitana","2019-10-12","Normal","Adimplente","2018-12-07"]
[541,"Ouro Verde de Minas",176.21,6021,18404947000123,0.59499999999999997,"BAIXO","Jequitinhonha/Mucuri","Teófilo Otoni",314620,"04 - Mucuri"]
[542,"Padre Carvalho",446.86,5834,1612490000140,0.59899999999999998,"BAIXO","Norte de Minas","Grão Mogol",314625,"02 - Norte","2019-10-23","Normal","Adimplente","2018-06-20"]
[543,"Padre Paraíso",544.37,18852,18404764000108,0.59599999999999997,"BAIXO","Jequitinhonha/Mucuri","Araçuaí",314630,"03 - Médio e Baixo Jequitinhonha","2019-07-02"]
[544,"Pai Pedro",840.13,5934,1612479000180,0.59,"BAIXO","Norte de Minas","Janaúba",314655,"02 - Norte"]
[545,"Paineiras",638.70000000000005,4631,18296673000104,0.66900000000000004,"ALTO","Central","Três Marias",314640,"06 - Central"]
[546,"Pains",421.6,8015,20920575000130,0.72799999999999998,"ALTO","Centro Oeste de Minas","Formiga",314650,"10 - Oeste","2019-05-27","Normal","Adimplente","2018-12-03"]
[547,"Paiva",58.66,1560,17747965000145,0.72,"ALTO","Zona da Mata","Juiz de Fora",314660,"13 - Vertentes"]
[548,"Palma",316.73,6545,17734906000132,0.70299999999999996,"ALTO","Zona da Mata","Cataguases",314670,"12 - Mata"]
[549,"Palmópolis",433.48,6925,66234345000118,0.56499999999999995,"BAIXO","Jequitinhonha/Mucuri","Almenara",314675,"03 - Médio e Baixo Jequitinhonha"]
[550,"Papagaios",552.79999999999995,14171,18313866000118,0.66600000000000004,"BAIXO","Central","Sete Lagoas",314690,"09 - Metropolitana","2019-10-22"]
[551,"Pará de Minas",543.57000000000005,84252,18313817000185,0.72499999999999998,"ALTO","Central","Pará de Minas",314710,"10 - Oeste","22/12/2019","Normal","Adimplente","2018-12-07"]
[552,"Paracatu",8229.11,84687,18278051000145,0.74399999999999999,"ALTO","Noroeste de Minas","Paracatu",314700,"01 - Noroeste","2019-05-11"]
[553,"Paraguaçu",425.65,20241,18008193000192,0.71499999999999997,"ALTO","Sul de Minas","Alfenas",314720,"14 - Sul","2019-12-02","Normal","Normal","2019-08-29"]
[554,"Paraisópolis",330.66,19392,18025965000102,0.72899999999999998,"ALTO","Sul de Minas","Itajubá",314730,"14 - Sul"]
[555,"Paraopeba",624.05999999999995,22571,18116160000166,0.69399999999999995,"ALTO","Central","Sete Lagoas",314740,"09 - Metropolitana"]
[556,"Passa Quatro",275.44,15584,18039503000136,0.71499999999999997,"ALTO","Sul de Minas","São Lourenço",314760,"14 - Sul"]
[557,"Passa Tempo",430.13,8199,18338210000150,0.68700000000000006,"ALTO","Centro Oeste de Minas","Oliveira",314770,"10 - Oeste"]
[558,"Passa Vinte",246.91,2084,18299511000111,0.64800000000000002,"BAIXO","Sul de Minas","Andrelândia",314780,"12 - Mata"]
[559,"Passabém",94.51,1766,23245806000145,0.64200000000000002,"BAIXO","Central","Conceição do Mato dentro",314750,"09 - Metropolitana"]
[560,"Passos",1337.52,106313,18241745000108,0.75600000000000001,"ALTO","Sul de Minas","Passos",314790,"15 - Sudoeste","2019-10-12"]
[561,"Patis",443.38,5594,1612478000135,0.61399999999999999,"BAIXO","Norte de Minas","Montes Claros",314795,"02 - Norte"]
[562,"Patos de Minas",3187.53,138836,18602011000107,0.76500000000000001,"ALTO","Alto Paranaíba","Patos de Minas",314800,"01 - Noroeste","2019-09-24"]
[563,"Patrocínio",2875.01,82541,18468033000126,0.72899999999999998,"ALTO","Alto Paranaíba","Patrocínio",314810,"16 - Triângulo Norte"]
[564,"Patrocínio do Muriaé",108.76,5298,17947607000186,0.68200000000000005,"ALTO","Zona da Mata","Muriaé",314820,"12 - Mata"]
[565,"Paula Cândido",268.39,9269,17763715000107,0.63700000000000001,"BAIXO","Zona da Mata","Viçosa",314830,"11 - Caparaó"]
[566,"Paulistas",220.97,4918,18307447000173,0.625,"BAIXO","Rio Doce","Guanhães",314840,"07 - Vale do Rio Doce"]
[567,"Pavão",599.33000000000004,8589,18404772000154,0.627,"BAIXO","Jequitinhonha/Mucuri","Teófilo Otoni",314850,"04 - Mucuri"]
[568,"Peçanha",996.05,17270,18409227000150,0.627,"BAIXO","Rio Doce","Peçanha",314860,"07 - Vale do Rio Doce"]
[569,"Pedra Azul",1592.79,23843,18414565000180,0.627,"BAIXO","Jequitinhonha/Mucuri","Pedra Azul",314870,"03 - Médio e Baixo Jequitinhonha","2019-10-22"]
[570,"Pedra Bonita",173.79,6673,1640429000106,0.57299999999999995,"BAIXO","Zona da Mata","Manhuaçu",314875,"12 - Mata","2019-08-08"]
[571,"Pedra do Anta",173.08,3365,18133439000158,0.624,"BAIXO","Zona da Mata","Viçosa",314880,"11 - Caparaó","2019-06-24","Normal","Adimplente","2018-12-19"]
[572,"Pedra do Indaiá",348.66,3878,18308759000100,0.70799999999999996,"ALTO","Centro Oeste de Minas","Formiga",314890,"10 - Oeste"]
[573,"Pedra Dourada",70.12,2187,18114215000107,0.65500000000000003,"BAIXO","Zona da Mata","Muriaé",314900,"12 - Mata"]
[574,"Pedralva",218.52,11467,18025973000140,0.67500000000000004,"ALTO","Sul de Minas","Santa Rita do Sapucaí",314910,"14 - Sul"]
[575,"Pedras de Maria da Cruz",1525.43,10310,25209156000108,0.61399999999999999,"BAIXO","Norte de Minas","Januária",314915,"02 - Norte"]
[576,"Pedrinópolis",359.69,3490,18140335000170,0.72899999999999998,"ALTO","Alto Paranaíba","Araxá",314920,"17 - Triângulo Sul"]
[577,"Pedro Leopoldo",292.56,58696,23456650000141,0.75700000000000001,{"$f":"IF(F578<0.668,\"BAIXO\",\"ALTO\")","v":"ALTO"},"Central","Belo Horizonte",314930,"09 - Metropolitana","2019-02-06"]
[578,"Pedro Teixeira",112.54,1789,18338228000151,0.63700000000000001,"BAIXO","Zona da Mata","Juiz de Fora",314940,"12 - Mata"]
[579,"Pequeri",90.91,3165,17724360000139,0.69399999999999995,"ALTO","Zona da Mata","Juiz de Fora",314950,"12 - Mata","2020-01-06","Normal","Adimplente","2019-02-08"]
[580,"Pequi",201.01,4075,18313874000164,0.67400000000000004,"ALTO","Central","Sete Lagoas",314960,"09 - Metropolitana"]
[581,"Perdigão",251.94,8912,18301051000119,0.70299999999999996,"ALTO","Centro Oeste de Minas","Divinópolis",314970,"10 - Oeste"]
[582,"Perdizes",2446.0500000000002,14391,18140772000194,0.72299999999999998,"ALTO","Alto Paranaíba","Araxá",314980,"17 - Triângulo Sul"]
[583,"Perdões",270.38,20140,18244343000167,0.74399999999999999,"ALTO","Centro Oeste de Minas","Campo Belo",314990,"14 - Sul"]
[584,"Periquito",227.66,7030,1613077000108,0.65100000000000002,"BAIXO","Rio Doce","Ipatinga",314995,"08 - Vale do Aço"]
[585,"Pescador",318.22000000000003,4129,18404962000171,0.65600000000000003,"BAIXO","Rio Doce","Governador Valadares",315000,"04 - Mucuri"]
[586,"Piau",192.03,2844,18338236000106,0.629,"BAIXO","Zona da Mata","Juiz de Fora",315010,"12 - Mata"]
[587,"Piedade de Caratinga",109.22,7101,1613130000162,0.61199999999999999,"BAIXO","Rio Doce","Caratinga",315015,"08 - Vale do Aço"]
[588,"Piedade de Ponte Nova",83.57,4063,18316257000112,0.63900000000000001,"BAIXO","Zona da Mata","Ponte Nova",315020,"11 - Caparaó"]
[589,"Piedade do Rio Grande",323.14,4709,18685438000116,0.67800000000000005,"ALTO","Central","São João del Rei",315030,"13 - Vertentes","2019-09-16","Normal","Adimplente","2019-04-24"]
[590,"Piedade dos Gerais",259.76,4645,18363960000181,0.626,"BAIXO","Central","Itaguara",315040,"09 - Metropolitana"]
[591,"Pimenta",415.61,8236,16725962000148,0.68600000000000005,"ALTO","Centro Oeste de Minas","Formiga",315050,"10 - Oeste","2020-01-15"]
[592,"Pingo d'Água",66.849999999999994,4420,1613204000160,0.61899999999999999,"BAIXO","Rio Doce","Caratinga",315053,"08 - Vale do Aço"]
[593,"Pintópolis",1228.4000000000001,7215,1612481000159,0.59399999999999997,"BAIXO","Norte de Minas","Januária",315057,"02 - Norte"]
[594,"Piracema",280.45,6406,17980392000103,0.64600000000000002,"BAIXO","Centro Oeste de Minas","Oliveira",315060,"10 - Oeste"]
[595,"Pirajuba",335.95,4664,18428847000137,0.72299999999999998,"ALTO","Triângulo","Frutal",315070,"17 - Triângulo Sul","2019-05-11","Normal","Adimplente","2018-11-14"]
[596,"Piranga",659.15,17230,23515687000101,0.6,"BAIXO","Zona da Mata","Viçosa",315080,"13 - Vertentes"]
[597,"Piranguçu",201.87,5219,18025981000197,0.68500000000000005,"ALTO","Sul de Minas","Itajubá",315090,"14 - Sul"]
[598,"Piranguinho",125.19,8016,18192906000110,0.71699999999999997,"ALTO","Sul de Minas","Itajubá",315100,"14 - Sul","2019-11-19"]
[599,"Pirapetinga",193.68,10366,18092825000149,0.70899999999999996,"ALTO","Zona da Mata","Cataguases",315110,"12 - Mata"]
[600,"Pirapora",549.27,53379,23539463000121,0.73099999999999998,"ALTO","Norte de Minas","Pirapora",315120,"02 - Norte","2019-07-23"]
[601,"Piraúba",144.09,10866,18554147000199,0.68400000000000005,"ALTO","Zona da Mata","Ubá",315130,"12 - Mata"]
[602,"Pitangui",563.23,25339,18315226000147,0.72499999999999998,"ALTO","Central","Pará de Minas",315140,"10 - Oeste"]
[603,"Piumhi",902.92,31885,16781346000104,0.73699999999999999,"ALTO","Centro Oeste de Minas","Piuí",315150,"15 - Sudoeste","2018-11-20"]
[604,"Planura",315.62,10393,18449157000164,0.71199999999999997,"ALTO","Triângulo","Frutal",315160,"17 - Triângulo Sul","2020-01-04","Normal","Adimplente","2018-05-25"]
[605,"Poço Fundo",474.55,15961,18242792000176,0.69099999999999995,"ALTO","Sul de Minas","Alfenas",315170,"14 - Sul","2020-01-13"]
[606,"Poços de Caldas",540.87,152496,18629840000183,0.77900000000000003,"ALTO","Sul de Minas","Poços de Caldas",315180,"14 - Sul","2019-06-18","Normal","Adimplente","2018-04-06"]
[607,"Pocrane",690.06,8998,18334318000174,0.626,"BAIXO","Rio Doce","Aimorés",315190,"11 - Caparaó"]
[608,"Pompéu",2557.48,29083,18296681000142,0.68899999999999995,"ALTO","Central","Três Marias",315200,"06 - Central","2019-09-22","Normal","Adimplente","2019-04-01"]
[609,"Ponte Nova",471.07,57361,23804149000129,0.71699999999999997,"ALTO","Zona da Mata","Ponte Nova",315210,"11 - Caparaó"]
[610,"Ponto Chique",606.95000000000005,3966,1612500000147,0.60599999999999998,"BAIXO","Norte de Minas","Montes Claros",315213,"02 - Norte"]
[611,"Ponto dos Volantes",1215.47,11345,1613377000189,0.59499999999999997,"BAIXO","Jequitinhonha/Mucuri","Araçuaí",315217,"03 - Médio e Baixo Jequitinhonha","2020-02-24","Normal","Adimplente","2019-08-29"]
[612,"Porteirinha",1745.15,37638,18013326000119,0.65100000000000002,"BAIXO","Norte de Minas","Janaúba",315220,"02 - Norte"]
[613,"Porto Firme",285.20999999999998,10410,18567354000188,0.63400000000000001,"BAIXO","Zona da Mata","Viçosa",315230,"11 - Caparaó","2019-07-24"]
[614,"Poté",642.63,15668,18404970000118,0.624,"BAIXO","Jequitinhonha/Mucuri","Teófilo Otoni",315240,"04 - Mucuri"]
[615,"Pouso Alegre",543.46,130586,18675983000121,0.77400000000000002,"ALTO","Sul de Minas","Pouso Alegre",315250,"14 - Sul","2019-07-22"]
[616,"Pouso Alto",262.02,6213,18667212000192,0.71,"ALTO","Sul de Minas","São Lourenço",315260,"14 - Sul"]
[617,"Prados",263.98,8395,18557538000167,0.68899999999999995,"ALTO","Central","São João del Rei",315270,"13 - Vertentes"]
[618,"Prata",4851.43,25805,18260505000150,0.69499999999999995,"ALTO","Triângulo","Uberlândia",315280,"16 - Triângulo Norte","2018-09-17","Normal","Adimplente","2018-05-09"]
[619,"Pratápolis",214.57,8808,18241356000182,0.72899999999999998,"ALTO","Sul de Minas","Passos",315290,"15 - Sudoeste","2020-01-15","Normal","Adimplente","2019-07-22"]
[620,"Pratinha",620.95000000000005,3285,18585570000156,0.72099999999999997,"ALTO","Alto Paranaíba","Araxá",315300,"17 - Triângulo Sul"]
[621,"Presidente Bernardes",236.7,5537,23515695000140,0.63200000000000001,"BAIXO","Zona da Mata","Viçosa",315310,"12 - Mata"]
[622,"Presidente Juscelino",693.51,3907,17695057000155,0.61399999999999999,"BAIXO","Central","Curvelo",315320,"06 - Central","2019-08-18"]
[623,"Presidente Kubitschek",188.87,2959,17754185000122,0.59499999999999997,"BAIXO","Central","Diamantina",315330,"05 - Alto Jequitinhonha"]
[624,"Presidente Olegário",3518.61,18546,18602060000140,0.70099999999999996,"ALTO","Noroeste de Minas","Paracatu",315340,"01 - Noroeste"]
[625,"Prudente de Morais",124.81,9576,18314625000193,0.69,"ALTO","Central","Sete Lagoas",315360,"09 - Metropolitana"]
[626,"Quartel Geral",557.45000000000005,3315,18296699000144,0.68300000000000005,"ALTO","Centro Oeste de Minas","Bom despacho",315370,"10 - Oeste"]
[627,"Queluzito",153.62,1866,19718410000109,0.68200000000000005,"ALTO","Central","Conselheiro Lafaiete",315380,"13 - Vertentes","2019-06-23"]
[628,"Raposos",71.59,15345,18312132000114,0.73,"ALTO","Central","Belo Horizonte",315390,"09 - Metropolitana","2018-09-03","Normal","Adimplente","2018-05-17"]
[629,"Raul Soares",765.89,23818,18836965000184,0.65500000000000003,"BAIXO","Zona da Mata","Ponte Nova",315400,"11 - Caparaó"]
[630,"Recreio",233.72,10301,17735754000192,0.69199999999999995,"ALTO","Zona da Mata","Cataguases",315410,"12 - Mata"]
[631,"Reduto",151.96,6561,1614977000161,0.629,"BAIXO","Zona da Mata","Manhuaçu",315415,"11 - Caparaó"]
[632,"Resende Costa",618.27,10918,17749912000163,0.68500000000000005,"ALTO","Central","São João del Rei",315420,"13 - Vertentes"]
[633,"Resplendor",1083.8399999999999,17099,18413161000172,0.67,"ALTO","Rio Doce","Aimorés",315430,"07 - Vale do Rio Doce"]
[634,"Ressaquinha",185.9,4686,18094847000148,0.68300000000000005,"ALTO","Central","Barbacena",315440,"13 - Vertentes"]
[635,"Riachinho",1778.48,8007,25222118000195,0.63200000000000001,"BAIXO","Norte de Minas","Pirapora",315445,"01 - Noroeste"]
[636,"Riacho dos Machados",1313.83,9360,16925208000151,0.627,"BAIXO","Norte de Minas","Janaúba",315450,"02 - Norte"]
[637,"Ribeirão das Neves",154.66999999999999,296376,18314609000109,0.68400000000000005,"ALTO","Central","Belo Horizonte",315460,"09 - Metropolitana"]
[638,"Ribeirão Vermelho",49.57,3826,18244087000108,0.73699999999999999,"ALTO","Sul de Minas","Lavras",315470,"14 - Sul"]
[639,"Rio Acima",230.06,9095,18312108000185,0.67300000000000004,"ALTO","Central","Belo Horizonte",315480,"09 - Metropolitana"]
[640,"Rio Casca",383.35,14198,18836957000138,0.65,"BAIXO","Zona da Mata","Ponte Nova",315490,"11 - Caparaó","2019-12-14","Normal","Adimplente","2019-02-13"]
[641,"Rio do Prado",478.97,5213,18349936000198,0.60499999999999998,{"$f":"IF(F642<0.668,\"BAIXO\",\"ALTO\")","v":"BAIXO"},"Jequitinhonha/Mucuri","Almenara",315510,"03 - Médio e Baixo Jequitinhonha"]
[642,"Rio Doce",112.91,2468,18316265000169,0.66400000000000003,"BAIXO","Zona da Mata","Ponte Nova",315500,"11 - Caparaó","2020-01-26"]
[643,"Rio Espera",239.03,6078,24179665000172,0.60199999999999998,"BAIXO","Zona da Mata","Viçosa",315520,"13 - Vertentes"]
[644,"Rio Manso",231.45,5267,18363978000183,0.64800000000000002,"BAIXO","Central","Itaguara",315530,"09 - Metropolitana","2020-02-08","Normal","Adimplente","2019-08-19"]
[645,"Rio Novo",209.6,8715,18338244000144,0.70699999999999996,"ALTO","Zona da Mata","Juiz de Fora",315540,"12 - Mata"]
[646,"Rio Paranaíba",1352.71,11898,18602045000100,0.70899999999999996,"ALTO","Alto Paranaíba","Patos de Minas",315550,"01 - Noroeste"]
[647,"Rio Pardo de Minas",3121.33,29075,24212862000146,0.624,"BAIXO","Norte de Minas","Salinas",315560,"02 - Norte","2019-05-13"]
[648,"Rio Piracicaba",373.17,14167,18400945000166,0.68500000000000005,"ALTO","Central","Itabira",315570,"09 - Metropolitana"]
[649,"Rio Pomba",251.89,17123,17744434000107,0.71399999999999997,"ALTO","Zona da Mata","Ubá",315580,"12 - Mata"]
[650,"Rio Preto",346.15,5292,18338251000146,0.67900000000000005,"ALTO","Zona da Mata","Juiz de Fora",315590,"12 - Mata"]
[651,"Rio Vermelho",986.2,13648,18303255000199,0.55800000000000005,"BAIXO","Central","Conceição do Mato dentro",315600,"09 - Metropolitana"]
[652,"Ritápolis",404.38,4931,18557553000105,0.65300000000000002,"BAIXO","Central","São João del Rei",315610,"13 - Vertentes"]
[653,"Rochedo de Minas",79.209999999999994,2116,18558080000160,0.68400000000000005,"ALTO","Zona da Mata","Juiz de Fora",315620,"12 - Mata"]
[654,"Rodeiro",72.55,6863,18128256000144,0.66800000000000004,"ALTO","Zona da Mata","Ubá",315630,"12 - Mata"]
[655,"Romaria",406.66,3601,18160044000144,0.70799999999999996,"ALTO","Alto Paranaíba","Patrocínio",315640,"16 - Triângulo Norte"]
[656,"Rosário da Limeira",111.81,4242,1616837000122,0.66200000000000003,"BAIXO","Zona da Mata","Muriaé",315645,"12 - Mata"]
[657,"Rubelita",1111.01,7777,24363590000185,0.58199999999999996,"BAIXO","Norte de Minas","Salinas",315650,"02 - Norte","2018-11-17","Normal","Adimplente","2018-05-25"]
[658,"Rubim",965.86,9908,18349944000134,0.60899999999999999,"BAIXO","Jequitinhonha/Mucuri","Almenara",315660,"03 - Médio e Baixo Jequitinhonha"]
[659,"Sabará",302.54000000000002,126219,18715441000135,0.73099999999999998,"ALTO","Central","Belo Horizonte",315670,"09 - Metropolitana","2018-05-16"]
[660,"Sabinópolis",919.49,15707,18307454000175,0.63800000000000001,"BAIXO","Rio Doce","Guanhães",315680,"09 - Metropolitana"]
[661,"Sacramento",3050.2,23880,18140764000148,0.73199999999999998,"ALTO","Alto Paranaíba","Araxá",315690,"17 - Triângulo Sul"]
[662,"Salinas",1891.33,39182,24359333000170,0.67900000000000005,"ALTO","Norte de Minas","Salinas",315700,"02 - Norte"]
[663,"Salto da Divisa",939.83,6862,18347401000188,0.60799999999999998,"BAIXO","Jequitinhonha/Mucuri","Almenara",315710,"03 - Médio e Baixo Jequitinhonha"]
[664,"Santa Bárbara",684.71,27850,19391945000100,0.70699999999999996,"ALTO","Central","Itabira",315720,"09 - Metropolitana","2019-10-19","Normal","Adimplente","2019-01-07"]
[665,"Santa Bárbara do Leste",106.5,7679,66229634000129,0.61299999999999999,"BAIXO","Rio Doce","Caratinga",315725,"08 - Vale do Aço","2019-08-21","Normal","Adimplente","2018-05-10"]
[666,"Santa Bárbara do Monte Verde",418.72,2789,1611138000190,0.60599999999999998,"BAIXO","Zona da Mata","Juiz de Fora",315727,"12 - Mata","2019-05-22"]
[667,"Santa Bárbara do Tugúrio",195.2,4603,18094854000140,0.63700000000000001,"BAIXO","Central","Barbacena",315730,"13 - Vertentes"]
[668,"Santa Cruz de Minas",3.11,7870,1615371000140,0.70599999999999996,"ALTO","Central","São João del Rei",315733,"13 - Vertentes","2019-10-14"]
[669,"Santa Cruz de Salinas",591.66999999999996,4397,1612497000161,0.57699999999999996,"BAIXO","Norte de Minas","Salinas",315737,"02 - Norte"]
[670,"Santa Cruz do Escalvado",258.33999999999997,4996,18316273000105,0.625,"BAIXO","Zona da Mata","Ponte Nova",315740,"11 - Caparaó"]
[671,"Santa Efigênia de Minas",131.93,4610,18307462000111,0.60699999999999998,"BAIXO","Rio Doce","Guanhães",315750,"07 - Vale do Rio Doce"]
[672,"Santa Fé de Minas",2913.79,3979,18279075000119,0.61499999999999999,"BAIXO","Norte de Minas","Pirapora",315760,"02 - Norte","2019-09-03"]
[673,"Santa Helena de Minas",276.76,6055,1613395000160,0.56699999999999995,"BAIXO","Jequitinhonha/Mucuri","Nanuque",315765,"04 - Mucuri"]
[674,"Santa Juliana",726.83,11343,18140780000130,0.70599999999999996,"ALTO","Alto Paranaíba","Araxá",315770,"17 - Triângulo Sul","2019-10-22","Normal","Adimplente","2018-11-28"]
[675,"Santa Luzia",234.52,203184,18715409000150,0.71499999999999997,"ALTO","Central","Belo Horizonte",315780,"09 - Metropolitana"]
[676,"Santa Margarida",256.33,15011,18385112000173,0.61,"BAIXO","Zona da Mata","Manhuaçu",315790,"11 - Caparaó"]
[677,"Santa Maria de Itabira",599.80999999999995,10561,18299453000126,0.64800000000000002,"BAIXO","Central","Itabira",315800,"09 - Metropolitana",null,null,null,"2019-03-08"]
[678,"Santa Maria do Salto",437.09,5293,18347419000180,0.61299999999999999,"BAIXO","Jequitinhonha/Mucuri","Almenara",315810,"03 - Médio e Baixo Jequitinhonha"]
[679,"Santa Maria do Suaçuí",623.24,14399,18409219000104,0.64,"BAIXO","Rio Doce","Peçanha",315820,"07 - Vale do Rio Doce"]
[680,"Santa Rita de Caldas",502.45,9031,17857442000151,0.69,"ALTO","Sul de Minas","Poços de Caldas",315920,"14 - Sul"]
[681,"Santa Rita de Ibitipoca",323.2,3583,18094862000196,0.63,"BAIXO","Zona da Mata","Juiz de Fora",315940,"13 - Vertentes"]
[682,"Santa Rita de Jacutinga",419.62,4996,18338269000148,0.68200000000000005,"ALTO","Zona da Mata","Juiz de Fora",315930,"12 - Mata"]
[683,"Santa Rita de Minas",68.760000000000005,6552,66229584000180,0.61299999999999999,"BAIXO","Rio Doce","Caratinga",315935,"08 - Vale do Aço","2020-03-17","Normal","Adimplente"]
[684,"Santa Rita do Itueto",486.91,5700,18413187000110,0.60699999999999998,"BAIXO","Rio Doce","Aimorés",315950,"07 - Vale do Rio Doce","2019-10-13","Normal","Adimplente","2019-01-03"]
[685,"Santa Rita do Sapucaí",353.36,37784,18192898000102,0.72099999999999997,"ALTO","Sul de Minas","Santa Rita do Sapucaí",315960,"14 - Sul"]
[686,"Santa Rosa da Serra",286.14999999999998,3224,18192252000125,0.70499999999999996,"ALTO","Alto Paranaíba","Patos de Minas",315970,"01 - Noroeste","2018-08-01"]
[687,"Santa Vitória",3001.97,18157,18457226000181,0.71,"ALTO","Triângulo","Ituiutaba",315980,"16 - Triângulo Norte","2019-11-10","Normal","Adimplente"]
[688,"Santana da Vargem",172.7,7239,18245183000170,0.69799999999999995,"ALTO","Sul de Minas","Varginha",315830,"14 - Sul"]
[689,"Santana de Cataguases",161.65,3622,17702515000136,0.69399999999999995,"ALTO","Zona da Mata","Cataguases",315840,"12 - Mata"]
[690,"Santana de Pirapama",1257.81,8004,18116178000168,0.628,"BAIXO","Central","Sete Lagoas",315850,"09 - Metropolitana"]
[691,"Santana do Deserto",182.44,3854,18338277000194,0.65100000000000002,"BAIXO","Zona da Mata","Juiz de Fora",315860,"12 - Mata"]
[692,"Santana do Garambéu",202.93,2235,18338285000130,0.66700000000000004,"BAIXO","Central","São João del Rei",315870,"13 - Vertentes"]
[693,"Santana do Jacaré",105.87,4613,17888116000101,0.64700000000000002,"BAIXO","Centro Oeste de Minas","Campo Belo",315880,"10 - Oeste"]
[694,"Santana do Manhuaçu",348.2,8603,18385146000168,0.621,"BAIXO","Zona da Mata","Manhuaçu",315890,"11 - Caparaó"]
[695,"Santana do Paraíso",275.27,27258,38515573000120,0.68500000000000005,"ALTO","Rio Doce","Ipatinga",315895,"08 - Vale do Aço","2019-06-17"]
[696,"Santana do Riacho",677.3,4023,18715458000192,0.66500000000000004,"BAIXO","Central","Sete Lagoas",315900,"09 - Metropolitana"]
[697,"Santana dos Montes",196.21,3822,19718394000146,0.64700000000000002,"BAIXO","Central","Conselheiro Lafaiete",315910,"13 - Vertentes"]
[698,"Santo Antônio do Amparo",489.18,17349,18244335000110,0.67200000000000004,"ALTO","Centro Oeste de Minas","Oliveira",315990,"10 - Oeste","2019-10-17"]
[699,"Santo Antônio do Aventureiro",202.12,3534,17710476000119,0.67100000000000004,"ALTO","Zona da Mata","Cataguases",316000,"12 - Mata"]
[700,"Santo Antônio do Grama",130.11000000000001,4090,18836973000120,0.63300000000000001,"BAIXO","Zona da Mata","Ponte Nova",316010,"11 - Caparaó"]
[701,"Santo Antônio do Itambé",304.97000000000003,4135,18303222000149,0.55800000000000005,"BAIXO","Central","Conceição do Mato dentro",316020,"09 - Metropolitana",null,"Normal","Adimplente"]
[702,"Santo Antônio do Jacinto",504.73,11780,18349951000136,0.57399999999999995,"BAIXO","Jequitinhonha/Mucuri","Almenara",316030,"03 - Médio e Baixo Jequitinhonha"]
[703,"Santo Antônio do Monte",1128.0899999999999,25989,16870974000166,0.72399999999999998,"ALTO","Centro Oeste de Minas","Divinópolis",316040,"10 - Oeste",null,"Normal","Adimplente"]
[704,"Santo Antônio do Retiro",796.04,6938,1612484000192,0.56999999999999995,"BAIXO","Norte de Minas","Salinas",316045,"02 - Norte"]
[705,"Santo Antônio do Rio Abaixo",107.09,1777,18303248000197,0.66900000000000004,{"$f":"IF(F706<0.668,\"BAIXO\",\"ALTO\")","v":"ALTO"},"Central","Conceição do Mato dentro",316050,"09 - Metropolitana"]
[706,"Santo Hipólito",432.88,3240,17694886000113,0.65700000000000003,"BAIXO","Central","Curvelo",316060,"06 - Central"]
[707,"Santos Dumont",638.22,46289,17747924000159,0.74099999999999999,"ALTO","Zona da Mata","Juiz de Fora",316070,"12 - Mata"]
[708,"São Bento Abade",80.290000000000006,4577,17877176000129,0.67200000000000004,"ALTO","Sul de Minas","Varginha",316080,"14 - Sul"]
[709,"São Brás do Suaçuí",110.11,3512,20356754000196,0.66400000000000003,"BAIXO","Central","Conselheiro Lafaiete",316090,"13 - Vertentes"]
[710,"São Domingos das Dores",60.9,5396,1613129000138,0.63800000000000001,"BAIXO","Rio Doce","Caratinga",316095,"08 - Vale do Aço"]
[711,"São Domingos do Prata",746.37,17352,18401018000160,0.69,"ALTO","Central","Itabira",316100,"09 - Metropolitana","2019-11-11"]
[712,"São Félix de Minas",163.04,3382,1613121000171,0.62,"BAIXO","Rio Doce","Mantena",316105,"07 - Vale do Rio Doce"]
[713,"São Francisco",3299.87,53898,22679153000140,0.63800000000000001,"BAIXO","Norte de Minas","Januária",316110,"02 - Norte"]
[714,"São Francisco de Paula",318.19,6487,18312975000110,0.66,"BAIXO","Centro Oeste de Minas","Oliveira",316120,"10 - Oeste"]
[715,"São Francisco de Sales",1126.6600000000001,5800,18457283000160,0.68799999999999994,"ALTO","Triângulo","Frutal",316130,"17 - Triângulo Sul","2019-09-17"]
[716,"São Francisco do Glória",164.91,5184,18114231000191,0.66300000000000003,"BAIXO","Zona da Mata","Muriaé",316140,"12 - Mata"]
[717,"São Geraldo",185.25,10246,18137935000180,0.65100000000000002,"BAIXO","Zona da Mata","Ubá",316150,"12 - Mata"]
[718,"São Geraldo da Piedade",153.75,4389,18307470000168,0.6,"BAIXO","Rio Doce","Governador Valadares",316160,"07 - Vale do Rio Doce"]
[719,"São Geraldo do Baixio",281.18,3487,1613075000100,0.63,"BAIXO","Rio Doce","Governador Valadares",316165,"07 - Vale do Rio Doce"]
[720,"São Gonçalo do Abaeté",2695.45,6252,18602086000198,0.67,"ALTO","Noroeste de Minas","Paracatu",316170,"01 - Noroeste"]
[721,"São Gonçalo do Pará",265.41000000000003,10405,18291369000166,0.68899999999999995,"ALTO","Centro Oeste de Minas","Divinópolis",316180,"10 - Oeste"]
[722,"São Gonçalo do Rio Abaixo",364.75,9782,24380651000112,0.66700000000000004,"BAIXO","Central","Itabira",316190,"09 - Metropolitana"]
[723,"São Gonçalo do Rio Preto",314.49,3039,17754151000138,0.64,"BAIXO","Central","Diamantina",312550,"05 - Alto Jequitinhonha"]
[724,"São Gonçalo do Sapucaí",517.16,23909,18712158000150,0.71499999999999997,"ALTO","Sul de Minas","Santa Rita do Sapucaí",316200,"14 - Sul"]
[725,"São Gotardo",867.81,31807,18602037000155,0.73599999999999999,"ALTO","Alto Paranaíba","Patos de Minas",316210,"01 - Noroeste","2018-07-31","Normal","Adimplente","2018-05-17"]
[726,"São João Batista do Glória",548.77,6890,18241778000158,0.72399999999999998,"ALTO","Sul de Minas","Passos",316220,"15 - Sudoeste"]
[727,"São João da Lagoa",1000.3,4659,1612494000128,0.63400000000000001,"BAIXO","Norte de Minas","Montes Claros",316225,"02 - Norte"]
[728,"São João da Mata",120.79,2732,17935206000106,0.65300000000000002,"BAIXO","Sul de Minas","Santa Rita do Sapucaí",316230,"14 - Sul"]
[729,"São João da Ponte",1853.9,25362,16928483000129,0.56899999999999995,"BAIXO","Norte de Minas","Montes Claros",316240,"02 - Norte"]
[730,"São João das Missões",679.89,11715,1612486000181,0.52900000000000003,"BAIXO","Norte de Minas","Januária",316245,"02 - Norte","2020-02-16"]
[731,"São João del Rei",1465.78,84404,17749896000109,0.75800000000000001,"ALTO","Central","São João del Rei",316250,"13 - Vertentes"]
[732,"São João do Manhuaçu",143.13999999999999,10245,66232521000182,0.65,"BAIXO","Zona da Mata","Manhuaçu",316255,"11 - Caparaó"]
[733,"São João do Manteninha",139.47,5183,22705248000190,0.64,"BAIXO","Rio Doce","Mantena",316257,"07 - Vale do Rio Doce"]
[734,"São João do Oriente",120.82,7874,18338848000190,0.64800000000000002,"BAIXO","Rio Doce","Caratinga",316260,"08 - Vale do Aço"]
[735,"São João do Pacuí",416.42,4066,1612474000157,0.625,"BAIXO","Norte de Minas","Montes Claros",316265,"02 - Norte","2019-08-30","Normal","Adimplente","2019-02-20"]
[736,"São João do Paraíso",1917.36,22334,24791154000107,0.61499999999999999,"BAIXO","Norte de Minas","Salinas",316270,"02 - Norte"]
[737,"São João Evangelista",478.29,15538,18307488000160,0.63800000000000001,"BAIXO","Rio Doce","Guanhães",316280,"07 - Vale do Rio Doce","2018-06-02"]
[738,"São João Nepomuceno",407.23,25062,18558072000114,0.70799999999999996,"ALTO","Zona da Mata","Juiz de Fora",316290,"12 - Mata"]
[739,"São Joaquim de Bicas",72.03,25619,1612516000150,0.66200000000000003,"BAIXO","Central","Belo Horizonte",316292,"09 - Metropolitana"]
[740,"São José da Barra",315.06,6778,1616458000132,0.73899999999999999,"ALTO","Sul de Minas","Passos",316294,"15 - Sudoeste"]
[741,"São José da Lapa",48.89,19801,42774281000180,0.72899999999999998,"ALTO","Central","Belo Horizonte",316295,"09 - Metropolitana","2019-10-12","Normal","Adimplente","2019-04-22"]
[742,"São José da Safira",214.86,4075,18409235000105,0.58299999999999996,"BAIXO","Rio Doce","Governador Valadares",316300,"07 - Vale do Rio Doce"]
[743,"São José da Varginha",201.46,4201,18313882000100,0.70399999999999996,"ALTO","Central","Pará de Minas",316310,"10 - Oeste"]
[744,"São José do Alegre",88.73,3996,18025999000199,0.71699999999999997,"ALTO","Sul de Minas","Santa Rita do Sapucaí",316320,"14 - Sul","2019-08-19","Normal","Adimplente","2019-03-13"]
[745,"São José do Divino",328.43,3837,18404988000110,0.65800000000000003,"BAIXO","Rio Doce","Governador Valadares",316330,"04 - Mucuri","2018-09-18","Normal","Adimplente","2018-05-25"]
[746,"São José do Goiabal",185.07,5636,18402552000191,0.66600000000000004,"BAIXO","Central","Itabira",316340,"11 - Caparaó","2020-01-19","Normal","Adimplente","2019-07-24"]
[747,"São José do Jacuri",344.97,6553,18409201000102,0.56599999999999995,"BAIXO","Rio Doce","Peçanha",316350,"07 - Vale do Rio Doce"]
[748,"São José do Mantimento",54.48,2592,18392514000103,0.65700000000000003,"BAIXO","Zona da Mata","Manhuaçu",316360,"11 - Caparaó"]
[749,"São Lourenço",57.84,41664,18188219000121,0.75900000000000001,"ALTO","Sul de Minas","São Lourenço",316370,"14 - Sul","2019-12-15","Normal","Adimplente","2018-12-13"]
[750,"São Miguel do Anta",152.06,6750,18133926000110,0.64400000000000002,"BAIXO","Zona da Mata","Viçosa",316380,"11 - Caparaó"]
[751,"São Pedro da União",260.13,5040,18666172000164,0.67400000000000004,"ALTO","Sul de Minas","São Sebastião do Paraíso",316390,"15 - Sudoeste","2018-05-23","Normal","Adimplente","2018-05-10"]
[752,"São Pedro do Suaçuí",309.32,5570,18409243000143,0.622,"BAIXO","Rio Doce","Peçanha",316410,"07 - Vale do Rio Doce","2019-12-21","Normal","Adimplente","2018-12-17"]
[753,"São Pedro dos Ferros",401.25,8353,19243500000182,0.65900000000000003,"BAIXO","Zona da Mata","Ponte Nova",316400,"11 - Caparaó"]
[754,"São Romão",2440.94,10285,24891418000102,0.64,"BAIXO","Norte de Minas","Pirapora",316420,"02 - Norte"]
[755,"São Roque de Minas",2096.7600000000002,6686,18306670000104,0.67200000000000004,"ALTO","Centro Oeste de Minas","Piuí",316430,"15 - Sudoeste","2019-11-20","Normal","Adimplente","2018-11-29"]
[756,"São Sebastião da Bela Vista",167.17,4948,17935370000113,0.69199999999999995,"ALTO","Sul de Minas","Santa Rita do Sapucaí",316440,"14 - Sul","2020-02-16"]
[757,"São Sebastião da Vargem Alegre",73.709999999999994,2798,1616854000160,0.66,"BAIXO","Zona da Mata","Muriaé",316443,"12 - Mata","2020-01-27","Normal","Adimplente","2019-08-16"]
[758,"São Sebastião do Anta",80.08,5739,1613123000160,0.60699999999999998,"BAIXO","Rio Doce","Caratinga",316447,"08 - Vale do Aço"]
[759,"São Sebastião do Maranhão",516.67999999999995,10647,18409177000101,0.58099999999999996,"BAIXO","Rio Doce","Peçanha",316450,"07 - Vale do Rio Doce"]
[760,"São Sebastião do Oeste",407.89,5805,18308734000106,0.626,"BAIXO","Centro Oeste de Minas","Divinópolis",316460,"10 - Oeste"]
[761,"São Sebastião do Paraíso",813.72,65034,18241349000180,0.72199999999999998,"ALTO","Sul de Minas","São Sebastião do Paraíso",316470,"15 - Sudoeste"]
[762,"São Sebastião do Rio Preto",127.89,1616,18303263000135,0.63200000000000001,"BAIXO","Central","Conceição do Mato dentro",316480,"09 - Metropolitana"]
[763,"São Sebastião do Rio Verde",92.14,2110,17906314000150,0.67600000000000005,"ALTO","Sul de Minas","São Lourenço",316490,"14 - Sul"]
[764,"São Thomé das Letras",370.96,6655,18008920000111,0.66700000000000004,"BAIXO","Sul de Minas","Varginha",316520,"14 - Sul","2019-07-07","Normal","Adimplente"]
[765,"São Tiago",572.33000000000004,10553,17749904000117,0.66200000000000003,"BAIXO","Central","São João del Rei",316500,"13 - Vertentes"]
[766,"São Tomás de Aquino",278.33999999999997,7093,18241364000129,0.7,"ALTO","Sul de Minas","São Sebastião do Paraíso",316510,"15 - Sudoeste"]
[767,"São Vicente de Minas",392.56,7008,17954546000184,0.71499999999999997,"ALTO","Sul de Minas","Andrelândia",316530,"13 - Vertentes","2018-09-23"]
[768,"Sapucaí-Mirim",285.85000000000002,6241,18026005000159,0.68,"ALTO","Sul de Minas","Pouso Alegre",316540,"14 - Sul","2020-03-11","Normal","Adimplente","2018-12-17"]
[769,"Sardoá",141.79,5597,18307496000106,0.63600000000000001,{"$f":"IF(F770<0.668,\"BAIXO\",\"ALTO\")","v":"BAIXO"},"Rio Doce","Guanhães",316550,"07 - Vale do Rio Doce"]
[770,"Sarzedo",62.34,25798,1612509000158,0.73399999999999999,"ALTO","Central","Belo Horizonte",316553,"09 - Metropolitana","2020-02-02"]
[771,"Sem-Peixe",176.21,2847,1625189000170,0.65400000000000003,"BAIXO","Zona da Mata","Ponte Nova",316556,"11 - Caparaó","2020-03-02"]
[772,"Senador Amaral",151.5,5225,41778556000190,0.66100000000000003,"BAIXO","Sul de Minas","Pouso Alegre",316557,"14 - Sul"]
[773,"Senador Cortes",97.98,1980,17724576000102,0.67400000000000004,"ALTO","Zona da Mata","Juiz de Fora",316560,"12 - Mata"]
[774,"Senador Firmino",166.69,7230,18128231000140,0.64400000000000002,"BAIXO","Zona da Mata","Ubá",316570,"12 - Mata","2019-11-28"]
[775,"Senador José Bento",94.02,1868,18675926000142,0.68400000000000005,"ALTO","Sul de Minas","Pouso Alegre",316580,"14 - Sul"]
[776,"Senador Modestino Gonçalves",951.51,4574,17754110000141,0.62,"BAIXO","Central","Diamantina",316590,"05 - Alto Jequitinhonha"]
[777,"Senhora de Oliveira",170.63,5689,23515703000158,0.63100000000000001,"BAIXO","Zona da Mata","Viçosa",316600,"13 - Vertentes"]
[778,"Senhora do Porto",382.2,3493,18307504000114,0.56499999999999995,"BAIXO","Rio Doce","Guanhães",316610,"09 - Metropolitana"]
[779,"Senhora dos Remédios",235.56,10202,18094870000132,0.626,"BAIXO","Central","Barbacena",316620,"13 - Vertentes","2018-06-25","Normal","Adimplente","2018-05-10"]
[780,"Sericita",165.98,7125,19243518000184,0.56000000000000005,"BAIXO","Zona da Mata","Ponte Nova",316630,"11 - Caparaó","2020-02-13"]
[781,"Seritinga",114.59,1790,18008854000180,0.66,"BAIXO","Sul de Minas","Andrelândia",316640,"14 - Sul"]
[782,"Serra Azul de Minas",218.67,4220,18303230000195,0.55700000000000005,"BAIXO","Central","Conceição do Mato dentro",316650,"09 - Metropolitana"]
[783,"Serra da Saudade",334.56,815,18301069000110,0.67700000000000005,"ALTO","Centro Oeste de Minas","Bom despacho",316660,"10 - Oeste"]
[784,"Serra do Salitre",1293.97,10541,18468058000120,0.69599999999999995,"ALTO","Alto Paranaíba","Patrocínio",316680,"16 - Triângulo Norte"]
[785,"Serra dos Aimorés",247.16,8419,18398966000194,0.65100000000000002,"BAIXO","Jequitinhonha/Mucuri","Nanuque",316670,"04 - Mucuri"]
[786,"Serrania",208.04,7540,18243261000106,0.67700000000000005,"ALTO","Sul de Minas","Alfenas",316690,"14 - Sul"]
[787,"Serranópolis de Minas",552.84,4425,1612501000191,0.63300000000000001,"BAIXO","Norte de Minas","Janaúba",316695,"02 - Norte"]
[788,"Serranos",211.97,1996,18008912000175,0.64300000000000002,"BAIXO","Sul de Minas","Andrelândia",316700,"14 - Sul"]
[789,"Serro",1214.94,20833,18303271000181,0.65600000000000003,"BAIXO","Central","Conceição do Mato dentro",316710,"05 - Alto Jequitinhonha","2018-08-25"]
[790,"Sete Lagoas",539.54999999999995,214071,24996969000122,0.76,"ALTO","Central","Sete Lagoas",316720,"09 - Metropolitana","2018-11-05"]
[791,"Setubinha",532.19000000000005,10885,1613375000190,0.54200000000000004,"BAIXO","Jequitinhonha/Mucuri","Teófilo Otoni",316555,"04 - Mucuri"]
[792,"Silveirânia",157.84,2192,17744558000184,0.65200000000000002,"BAIXO","Zona da Mata","Ubá",316730,"12 - Mata"]
[793,"Silvianópolis",311.19,6029,18675942000135,0.69899999999999995,"ALTO","Sul de Minas","Santa Rita do Sapucaí",316740,"14 - Sul"]
[794,"Simão Pereira",135.56,2537,18338293000187,0.63800000000000001,"BAIXO","Zona da Mata","Juiz de Fora",316750,"12 - Mata"]
[795,"Simonésia",487.33,18302,18385120000110,0.63200000000000001,"BAIXO","Zona da Mata","Manhuaçu",316760,"11 - Caparaó","2018-11-05","Normal","Adimplente","2018-05-10"]
[796,"Sobrália",206.35,5828,18083055000178,0.63100000000000001,"BAIXO","Rio Doce","Governador Valadares",316770,"07 - Vale do Rio Doce"]
[797,"Soledade de Minas",196.71,5678,18188235000114,0.69699999999999995,"ALTO","Sul de Minas","São Lourenço",316780,"14 - Sul"]
[798,"Tabuleiro",210.65,4076,17744798000189,0.68100000000000005,"ALTO","Zona da Mata","Ubá",316790,"12 - Mata"]
[799,"Taiobeiras",1193.8499999999999,30894,18017384000110,0.67,"ALTO","Norte de Minas","Salinas",316800,"02 - Norte","2019-11-03","Bloqueado","Adimplente","2019-02-14"]
[800,"Taparuba",193.43,3137,1616741000164,0.64500000000000002,"BAIXO","Rio Doce","Aimorés",316805,"11 - Caparaó"]
[801,"Tapira",1182.78,4102,18140806000140,0.71199999999999997,"ALTO","Alto Paranaíba","Araxá",316810,"17 - Triângulo Sul"]
[802,"Tapiraí",409.76,1873,17033507000144,0.66700000000000004,"BAIXO","Centro Oeste de Minas","Piuí",316820,"10 - Oeste"]
[803,"Taquaraçu de Minas",329.01,3792,18302315000159,0.65100000000000002,"BAIXO","Central","Itabira",316830,"09 - Metropolitana"]
[804,"Tarumirim",731.19,14294,18338855000192,0.63300000000000001,"BAIXO","Rio Doce","Caratinga",316840,"08 - Vale do Aço","2019-12-24","Normal","Adimplente","2019-07-24"]
[805,"Teixeiras",166.09,11346,18134056000102,0.67500000000000004,"ALTO","Zona da Mata","Viçosa",316850,"11 - Caparaó"]
[806,"Teófilo Otoni",3242.36,134733,18404780000109,0.70099999999999996,"ALTO","Jequitinhonha/Mucuri","Teófilo Otoni",316860,"04 - Mucuri","2019-10-23"]
[807,"Timóteo",143.99,81119,19875020000134,0.77,"ALTO","Rio Doce","Ipatinga",316870,"08 - Vale do Aço"]
[808,"Tiradentes",83.25,7002,18557579000153,0.74,"ALTO","Central","São João del Rei",316880,"13 - Vertentes"]
[809,"Tiros",2090.9,6906,18602094000134,0.68300000000000005,"ALTO","Alto Paranaíba","Patos de Minas",316890,"01 - Noroeste"]
[810,"Tocantins",174.2,15839,18128223000102,0.68799999999999994,"ALTO","Zona da Mata","Ubá",316900,"12 - Mata"]
[811,"Tocos do Moji",114.85,3950,1601656000122,0.69599999999999995,"ALTO","Sul de Minas","Pouso Alegre",316905,"14 - Sul"]
[812,"Toledo",135.86000000000001,5761,18677617000101,0.66100000000000003,"BAIXO","Sul de Minas","Pouso Alegre",316910,"14 - Sul"]
[813,"Tombos",282.89999999999998,9542,18114223000145,0.71799999999999997,"ALTO","Zona da Mata","Muriaé",316920,"12 - Mata"]
[814,"Três Corações",826.59,72796,17955535000119,0.74399999999999999,"ALTO","Sul de Minas","Varginha",316930,"14 - Sul","2019-03-20"]
[815,"Três Marias",2681.61,28315,17695008000112,0.752,"ALTO","Central","Três Marias",316935,"06 - Central"]
[816,"Três Pontas",689.62,53825,18245167000188,0.73099999999999998,"ALTO","Sul de Minas","Varginha",316940,"14 - Sul","2018-07-03"]
[817,"Tumiritinga",500.11,6291,21078563000172,0.626,"BAIXO","Rio Doce","Governador Valadares",316950,"07 - Vale do Rio Doce","2018-04-20"]
[818,"Tupaciguara",1818.19,24185,18260489000104,0.71899999999999997,"ALTO","Triângulo","Uberlândia",316960,"16 - Triângulo Norte","2020-02-22"]
[819,"Turmalina",1152.6300000000001,18046,25324187000100,0.68200000000000005,"ALTO","Jequitinhonha/Mucuri","Capelinha",316970,"05 - Alto Jequitinhonha"]
[820,"Turvolândia",220.94,4658,18712141000100,0.69599999999999995,"ALTO","Sul de Minas","Santa Rita do Sapucaí",316980,"14 - Sul","2020-02-08","Normal","Adimplente","2018-12-13"]
[821,"Ubá",407.44,101466,18128207000101,0.72399999999999998,"ALTO","Zona da Mata","Ubá",316990,"12 - Mata","2019-05-26","Normal","Adimplente","2018-12-18"]
[822,"Ubaí",823.95,11677,18017459000163,0.60899999999999999,"BAIXO","Norte de Minas","Montes Claros",317000,"02 - Norte"]
[823,"Ubaporanga",191.39,12040,66229717000118,0.61399999999999999,"BAIXO","Rio Doce","Caratinga",317005,"08 - Vale do Aço"]
[824,"Uberaba",4540.51,296000,18428839000190,0.77200000000000002,"ALTO","Triângulo","Uberaba",317010,"17 - Triângulo Sul"]
[825,"Uberlândia",4117.3100000000004,600285,18431312000115,0.78900000000000003,"ALTO","Triângulo","Uberlândia",317020,"16 - Triângulo Norte","2019-09-22"]
[826,"Umburatiba",409.54,2700,18404996000166,0.63800000000000001,"BAIXO","Jequitinhonha/Mucuri","Nanuque",317030,"04 - Mucuri"]
[827,"Unaí",8438.43,77590,18125161000177,0.73599999999999999,"ALTO","Noroeste de Minas","Unaí",317040,"01 - Noroeste","2020-02-28"]
[828,"União de Minas",1149.77,4424,1051819000140,0.67200000000000004,"ALTO","Triângulo","Frutal",317043,"17 - Triângulo Sul"]
[829,"Uruana de Minas",603.39,3238,1609942000134,0.66400000000000003,"BAIXO","Noroeste de Minas","Unaí",317047,"01 - Noroeste","2019-07-22","Normal","Adimplente","2018-05-17"]
[830,"Urucânia",138.83000000000001,10291,18316281000151,0.63300000000000001,"BAIXO","Zona da Mata","Ponte Nova",317050,"11 - Caparaó"]
[831,"Urucuia",2081.39,13605,25223850000180,0.61899999999999999,"BAIXO","Norte de Minas","Januária",317052,"02 - Norte"]
[832,"Vargem Alegre",115.97,6457,1613128000193,0.63100000000000001,"BAIXO","Rio Doce","Caratinga",317057,"08 - Vale do Aço"]
[833,"Vargem Bonita",408.96,2163,16788309000128,0.69599999999999995,{"$f":"IF(F834<0.668,\"BAIXO\",\"ALTO\")","v":"ALTO"},"Centro Oeste de Minas","Piuí",317060,"15 - Sudoeste","2019-12-04"]
[834,"Vargem Grande do Rio Pardo",494.8,4733,1612885000142,0.63400000000000001,"BAIXO","Norte de Minas","Salinas",317065,"02 - Norte"]
[835,"Varginha",395.35,123120,18240119000105,0.77800000000000002,"ALTO","Sul de Minas","Varginha",317070,"14 - Sul","2018-11-14"]
[836,"Varjão de MInas",652.28,6065,1609780000134,0.71099999999999997,"ALTO","Noroeste de Minas","Paracatu",317075,"01 - Noroeste"]
[837,"Várzea da Palma",2222.77,35804,18279059000126,0.66600000000000004,"BAIXO","Norte de Minas","Pirapora",317080,"02 - Norte","2019-07-15","Normal","Adimplente","2018-12-07"]
[838,"Varzelândia",815.86,19126,18017467000100,0.59399999999999997,"BAIXO","Norte de Minas","Montes Claros",317090,"02 - Norte","2019-09-15","Normal","Adimplente","2018-12-07"]
[839,"Vazante",1908.55,19721,18278069000147,0.74199999999999999,"ALTO","Noroeste de Minas","Paracatu",317100,"01 - Noroeste"]
[840,"Verdelândia",1572.21,8350,1612505000170,0.58399999999999996,"BAIXO","Norte de Minas","Montes Claros",317103,"02 - Norte"]
[841,"Veredinha",635.23,5533,1614685000129,0.63200000000000001,"BAIXO","Jequitinhonha/Mucuri","Capelinha",317107,"05 - Alto Jequitinhonha"]
[842,"Veríssimo",1030.6400000000001,3466,18428946000119,0.66700000000000004,"BAIXO","Triângulo","Uberaba",317110,"17 - Triângulo Sul"]
[843,"Vermelho Novo",113.79,4689,1620744000171,0.61199999999999999,"BAIXO","Zona da Mata","Ponte Nova",317115,"11 - Caparaó"]
[844,"Vespasiano",70.98,104612,18715425000142,0.68799999999999994,"ALTO","Central","Belo Horizonte",317120,"09 - Metropolitana"]
[845,"Viçosa",300.14999999999998,72244,18132449000179,0.77500000000000002,"ALTO","Zona da Mata","Viçosa",317130,"11 - Caparaó","2019-09-23"]
[846,"Vieiras",112.99,3732,17947599000178,0.66800000000000004,"ALTO","Zona da Mata","Muriaé",317140,"12 - Mata"]
[847,"Virgem da Lapa",871.03,13625,18348730000143,0.61,"BAIXO","Jequitinhonha/Mucuri","Araçuaí",317160,"03 - Médio e Baixo Jequitinhonha"]
[848,"Virgínia",327.27,8626,25970260000110,0.65100000000000002,"BAIXO","Sul de Minas","Itajubá",317170,"14 - Sul"]
[849,"Virginópolis",440.02,10572,18307512000160,0.67500000000000004,"ALTO","Rio Doce","Guanhães",317180,"09 - Metropolitana"]
[850,"Virgolândia",281.97000000000003,5659,18409185000158,0.62,"BAIXO","Rio Doce","Governador Valadares",317190,"07 - Vale do Rio Doce","2018-12-15"]
[851,"Visconde do Rio Branco",244.11,37952,18137927000133,0.70899999999999996,"ALTO","Zona da Mata","Ubá",317200,"12 - Mata"]
[852,"Volta Grande",207.96,5063,17710690000175,0.66900000000000004,"ALTO","Zona da Mata","Cataguases",317210,"12 - Mata","2019-09-25"]
[853,"Wenceslau Braz",102.17,2553,18026013000103,0.67800000000000005,"ALTO","Sul de Minas","Itajubá",317220,"14 - Sul"]
[854,"CESAMA","-","-",null,"-","-","-","-","-","-","2018-11-05","Normal","Adimplente","2018-05-18"]

{"sheet":"Tipos de Obra","index":59,"n_rows":47,"n_cols":8,"rows_kept":47,"cut":false,"hidden":false,"merged":[]}
["Lista de Tipos de Obra","Tipo de Obra  - Itens - Siglas","Tipo de Obra  - % Adotado BDI","Tipo de Obra","Sigla","MIN","MED","MAX"]
["Construção e Reforma de Edifícios","Estudos e Projetos, Planos e Gerenciamento e outros correlatos","Fornecimento de Materiais e Equipamentos (aquisição direta)","Construção e Reforma de Edifícios","AC",0.03,0.04,5.5E-2]
["Construção de Praças Urbanas, Rodovias, Ferrovias e recapeamento e pavimentação de vias urbanas",null,null,"Construção e Reforma de Edifícios","SG",8.0000000000000002E-3,8.0000000000000002E-3,0.01]
["Construção de Redes de Abastecimento de Água, Coleta de Esgoto",null,null,"Construção e Reforma de Edifícios","R",9.7000000000000003E-3,1.2699999999999999E-2,1.2699999999999999E-2]
["Construção e Manutenção de Estações e Redes de Distribuição de Energia Elétrica",null,null,"Construção e Reforma de Edifícios","DF",5.8999999999999999E-3,1.23E-2,1.3899999999999999E-2]
["Obras Portuárias, Marítimas e Fluviais",null,null,"Construção e Reforma de Edifícios","L",6.1600000000000002E-2,7.400000000000001E-2,8.9600000000000013E-2]
["Fornecimento de Materiais e Equipamentos (aquisição indireta - em conjunto com licitação de obras)",null,null,"Construção e Reforma de Edifícios","BDI PAD",0.2034,0.22120000000000001,0.25]
["Fornecimento de Materiais e Equipamentos (aquisição direta)",null,null,"Construção de Praças Urbanas, Rodovias, Ferrovias e recapeamento e pavimentação de vias urbanas","AC",3.7999999999999999E-2,4.0099999999999997E-2,4.6699999999999998E-2]
["Estudos e Projetos, Planos e Gerenciamento e outros correlatos",null,null,"Construção de Praças Urbanas, Rodovias, Ferrovias e recapeamento e pavimentação de vias urbanas","SG",3.2000000000000002E-3,4.0000000000000001E-3,7.4000000000000003E-3]
[null,null,null,"Construção de Praças Urbanas, Rodovias, Ferrovias e recapeamento e pavimentação de vias urbanas","R",5.0000000000000001E-3,5.6000000000000008E-3,9.7000000000000003E-3]
[null,null,null,"Construção de Praças Urbanas, Rodovias, Ferrovias e recapeamento e pavimentação de vias urbanas","DF",1.0200000000000001E-2,1.11E-2,1.21E-2]
[null,null,null,"Construção de Praças Urbanas, Rodovias, Ferrovias e recapeamento e pavimentação de vias urbanas","L",6.6400000000000001E-2,7.2999999999999995E-2,8.6899999999999991E-2]
[null,null,null,"Construção de Praças Urbanas, Rodovias, Ferrovias e recapeamento e pavimentação de vias urbanas","BDI PAD",0.19600000000000001,0.2097,0.24230000000000002]
[null,null,null,"Construção de Redes de Abastecimento de Água, Coleta de Esgoto","AC",3.4300000000000004E-2,4.9299999999999997E-2,6.7099999999999993E-2]
[null,null,null,"Construção de Redes de Abastecimento de Água, Coleta de Esgoto","SG",2.8000000000000004E-3,4.8999999999999998E-3,7.4999999999999997E-3]
[null,null,null,"Construção de Redes de Abastecimento de Água, Coleta de Esgoto","R",0.01,1.3899999999999999E-2,1.7399999999999999E-2]
[null,null,null,"Construção de Redes de Abastecimento de Água, Coleta de Esgoto","DF",9.3999999999999986E-3,9.8999999999999991E-3,1.1699999999999999E-2]
[null,null,null,"Construção de Redes de Abastecimento de Água, Coleta de Esgoto","L",6.7400000000000002E-2,8.0399999999999985E-2,9.4E-2]
[null,null,null,"Construção de Redes de Abastecimento de Água, Coleta de Esgoto","BDI PAD",0.20760000000000001,0.24179999999999999,0.26440000000000002]
[null,null,null,"Construção e Manutenção de Estações e Redes de Distribuição de Energia Elétrica","AC",5.2900000000000003E-2,5.9200000000000003E-2,7.9299999999999995E-2]
[null,null,null,"Construção e Manutenção de Estações e Redes de Distribuição de Energia Elétrica","SG",2.5000000000000001E-3,5.1000000000000004E-3,5.6000000000000008E-3]
[null,null,null,"Construção e Manutenção de Estações e Redes de Distribuição de Energia Elétrica","R",0.01,1.4800000000000001E-2,1.9699999999999999E-2]
[null,null,null,"Construção e Manutenção de Estações e Redes de Distribuição de Energia Elétrica","DF",1.01E-2,1.0700000000000001E-2,1.11E-2]
[null,null,null,"Construção e Manutenção de Estações e Redes de Distribuição de Energia Elétrica","L",0.08,8.3100000000000007E-2,9.5100000000000004E-2]
[null,null,null,"Construção e Manutenção de Estações e Redes de Distribuição de Energia Elétrica","BDI PAD",0.24,0.25840000000000002,0.27860000000000001]
[null,null,null,"Obras Portuárias, Marítimas e Fluviais","AC",0.04,5.5199999999999999E-2,7.85E-2]
[null,null,null,"Obras Portuárias, Marítimas e Fluviais","SG",8.1000000000000013E-3,1.2199999999999999E-2,1.9900000000000001E-2]
[null,null,null,"Obras Portuárias, Marítimas e Fluviais","R",1.46E-2,2.3199999999999998E-2,3.1600000000000003E-2]
[null,null,null,"Obras Portuárias, Marítimas e Fluviais","DF",9.3999999999999986E-3,1.0200000000000001E-2,1.3300000000000001E-2]
[null,null,null,"Obras Portuárias, Marítimas e Fluviais","L",7.1399999999999991E-2,8.4000000000000005E-2,0.1043]
[null,null,null,"Obras Portuárias, Marítimas e Fluviais","BDI PAD",0.22800000000000001,0.27479999999999999,0.3095]
[null,null,null,"Fornecimento de Materiais e Equipamentos (aquisição indireta - em conjunto com licitação de obras)","AC",1.4999999999999999E-2,3.4500000000000003E-2,4.4900000000000002E-2]
[null,null,null,"Fornecimento de Materiais e Equipamentos (aquisição indireta - em conjunto com licitação de obras)","SG",3.0000000000000001E-3,4.7999999999999996E-3,8.199999999999999E-3]
[null,null,null,"Fornecimento de Materiais e Equipamentos (aquisição indireta - em conjunto com licitação de obras)","R",5.6000000000000008E-3,8.5000000000000006E-3,8.8999999999999999E-3]
[null,null,null,"Fornecimento de Materiais e Equipamentos (aquisição indireta - em conjunto com licitação de obras)","DF",8.5000000000000006E-3,8.5000000000000006E-3,1.11E-2]
[null,null,null,"Fornecimento de Materiais e Equipamentos (aquisição indireta - em conjunto com licitação de obras)","L",3.5000000000000003E-2,5.1100000000000007E-2,6.2199999999999998E-2]
[null,null,null,"Fornecimento de Materiais e Equipamentos (aquisição indireta - em conjunto com licitação de obras)","BDI PAD",0.111,0.14019999999999999,0.16800000000000001]
[null,null,null,"Fornecimento de Materiais e Equipamentos (aquisição direta)","AC"]
[null,null,null,"Fornecimento de Materiais e Equipamentos (aquisição direta)","SG"]
[null,null,null,"Fornecimento de Materiais e Equipamentos (aquisição direta)","R"]
[null,null,null,"Fornecimento de Materiais e Equipamentos (aquisição direta)","DF"]
[null,null,null,"Fornecimento de Materiais e Equipamentos (aquisição direta)","L"]
[null,null,null,"Fornecimento de Materiais e Equipamentos (aquisição direta)","BDI PAD"]
[null,null,null,"Estudos e Projetos, Planos e Gerenciamento e outros correlatos","K1"]
[null,null,null,"Estudos e Projetos, Planos e Gerenciamento e outros correlatos","K2",null,0.2]
[null,null,null,"Estudos e Projetos, Planos e Gerenciamento e outros correlatos","K3",null,0.12]
[null,null,null,"Estudos e Projetos, Planos e Gerenciamento e outros correlatos","BDI PAD"]

{"sheet":"Menu Geral","index":60,"n_rows":0,"n_cols":0,"rows_kept":0,"cut":false,"hidden":true,"merged":[]}

{"sheet":"Menu Secundário","index":61,"n_rows":0,"n_cols":0,"rows_kept":0,"cut":false,"hidden":true,"merged":[]}